{"text_format":"3","workbook":"xlsx","n_sheets":16,"sheets":["MENU","TIPOLOGIA","1. DADOS OPERACIONAIS","2. COEFICIENTES","3. PREÇOS INSUMOS","4. CUSTOS VARIÁVEIS","5. CUSTOS FIXOS (PESSOAL)","6. CUSTOS ADMINISTRATIVOS","7. INVESTIMENTO FROTA","8. DEPRECIAÇÃO DE FROTA","9. ENCARGOS SOCIAIS","10. TRIBUTAÇÃO E IMPOSTOS","11. RECEITA ACESSORIA","12. FLUXO DE CAIXA","Gráf1 - IDADE MÉDIA","REAJUSTE FÓMULA"],"not_rendered":{"charts":2,"images":1,"external_links":1,"defined_names":24},"unopened":[{"sheet":"Gráf1 - IDADE MÉDIA","index":14,"reason":"not_a_worksheet"}],"read":"whole","date_system":"1900"}

{"sheet":"MENU","index":0,"n_rows":134,"n_cols":3,"rows_kept":134,"merged":[[9,1,13,1],[14,1,37,1],[38,1,61,1],[62,1,71,1],[72,1,80,1],[81,1,90,1],[91,1,119,1],[120,1,124,1],[126,1,128,1]]}
[]
[null,null,"ESTUDO TÉCNICO DE VIABILIDADE ECONÔMICA DA OPERAÇÃO DO SERVIÇO DE TRANSPORTE COLETIVO DA CIDADE DE AMPARO"]
[null,"CONCORRÊNCIA Nº 003/18","ANEXO IV.1 - ESTUDO TÉCNICO DE VIABILIDADE ECONÔMICA - ORÇAMENTO ESTIMADO"]
[]
[null,null,"DATA BASE DE CÁLCULO: MARÇO 2020"]
[null,"ESTE ESTUDO TÉCNICO CONTEM AS SEGUINTES ABAS E ITENS:"]
[]
[null,"ABA","ITEM"]
[null,"TIPOLOGIA","TIPOLOGIA DA FROTA"]
[null,"1. DADOS OPERACIONAIS","1. - DADOS OPERACIONAIS"]
[null,null,"1.1. - COMPOSIÇÃO DA FROTA"]
[null,null,"1.2. - COMPOSIÇÃO DA QUILOMETRAGEM"]
[null,null,"1.2.1 - PERCURSO MÉDIO MENSAL - PMM"]
[null,null,"1.3. - PASSAGEIROS TRANSPORTADOS"]
[null,"2. COEFICIENTES","2. - COEFICIENTES DE CONSUMOS E PARÂMETROS ADOTADOS"]
[null,null,"2.1. - COEFICIENTES DE CONSUMO DE COMBUSTÍVEIS"]
[null,null,"2.1.1. - COEFICIENTES DE CONSUMO DE ÓLEO DIESEL"]
[null,null,"2.1.2. - COEFICIENTES DE CONSUMO DE ARLA32"]
[null,null,"2.2. - COEFICIENTE DE CONSUMO DE LUBRIFICANTES"]
[null,null,"2.3. - PARÂMETROS DE MATERIAL DE RODAGEM"]
[null,null,"2.3.1. - VIDA ÚTIL DE PNEU"]
[null,null,"2.3.2. - NÚMERO DE PNEU POR JOGOS"]
[null,null,"2.3.3. - NÚMERO DE RECAPAGEM"]
[null,null,"2.4. - COEFICIENTE PEÇAS E ACESSÓRIOS"]
[null,null,"2.5. - CAPITAL INVESTIDO EM VEÍCULOS"]
[null,null,"2.5.1. - VIDA ECONOMICAMENTE ÚTIL DE VEÍCULOS DA FROTA"]
[null,null,"2.5.2. - VALOR RESIDUAL DE VEÍCULOS DA FROTA"]
[null,null,"2.6. - FATOR DE UTILIZAÇÃO, PARÂMETROS, QUANTITATIVO DE BENEFÍCIOS E ENCARGOS SOCIAIS"]
[null,null,"2.6.1. - FATOR DE UTILIZAÇÃO DO PESSOAL DE OPERAÇÃO"]
[null,null,"2.6.2. - FATOR DE UTILIZAÇÃO DO PESSOAL DE OPERAÇÃO (FÍSICO) PARA CÁLCULOS DOS BENEFÍCIOS"]
[null,null,"2.6.3. - PARÂMETRO PESSOAL DE MANUTEÇÃO"]
[null,null,"2.6.4. - PARÂMETRO PESSOAL DE ADMINISTRATIVO"]
[null,null,"2.6.5. - QUANTITATIVO DE BENEFÍCIOS"]
[null,null,"2.7. - TOTAL DE ENCARGOS SOCIAIS"]
[null,null,"2.8. - DESPESAS ADMINISTRATIVAS"]
[null,null,"2.8.1 - DESPESAS GERAIS"]
[null,null,"2.8.2 - CUSTEIOS COM PRÓ-LABORE"]
[null,null,"2.8.3 - REMUNERAÇÃO DO ALMOXARIFADO"]
[null,"3. PREÇOS INSUMOS","3. - PREÇOS DE INSUMOS, SALÁRIOS E BENEFÍCIOS"]
[null,null,"3.1. - PREÇOS DE COMBUSTÍVEIS"]
[null,null,"3.2. - PREÇO DE LUBRIFICANTES"]
[null,null,"3.3. - PREÇOS DE MATERIAL DE RODAGEM"]
[null,null,"3.3.1. - PREÇOS DE PNEU NOVO"]
[null,null,"3.3.2. - PREÇOS DE RECAPAGEM"]
[null,null,"3.4. - PREÇOS DE VEÍCULOS"]
[null,null,"3.4.1. - PREÇO DE VEÍCULO NOVO COMPLETO COM RODAGEM"]
[null,null,{"$f":"\"3.4.1.1 - PREÇO DE VEÍCULO COM FATOR DE DEPRECIAÇÃO -  \"&TIPOLOGIA!$E$10","v":"3.4.1.1 - PREÇO DE VEÍCULO COM FATOR DE DEPRECIAÇÃO -  MICROÔNIBUS"}]
[null,null,{"$f":"\"3.4.1.2 - PREÇO DE VEÍCULO COM FATOR DE DEPRECIAÇÃO -  \"&TIPOLOGIA!$E$11","v":"3.4.1.2 - PREÇO DE VEÍCULO COM FATOR DE DEPRECIAÇÃO -  CONVENCIONAL"}]
[null,null,{"$f":"\"3.4.1.3 - PREÇO DE VEÍCULO COM FATOR DE DEPRECIAÇÃO -  \"&TIPOLOGIA!$E$12","v":"3.4.1.3 - PREÇO DE VEÍCULO COM FATOR DE DEPRECIAÇÃO -  -"}]
[null,null,"3.4.2. - PREÇO DE VEÍCULO NOVO COMPLETO SEM RODAGEM"]
[null,null,{"$f":"\"3.4.2.1 - PREÇO DE VEÍCULO COM FATOR DE DEPRECIAÇÃO DE VEÍCULO S/ RODAGEM - \"&TIPOLOGIA!$E$10","v":"3.4.2.1 - PREÇO DE VEÍCULO COM FATOR DE DEPRECIAÇÃO DE VEÍCULO S/ RODAGEM - MICROÔNIBUS"}]
[null,null,{"$f":"\"3.4.2.2 - PREÇO DE VEÍCULO COM FATOR DE DEPRECIAÇÃO DE VEÍCULO S/ RODAGEM - \"&TIPOLOGIA!$E$11","v":"3.4.2.2 - PREÇO DE VEÍCULO COM FATOR DE DEPRECIAÇÃO DE VEÍCULO S/ RODAGEM - CONVENCIONAL"}]
[null,null,{"$f":"\"3.4.2.3 - PREÇO DE VEÍCULO COM FATOR DE DEPRECIAÇÃO DE VEÍCULO S/ RODAGEM - \"&TIPOLOGIA!$E$12","v":"3.4.2.3 - PREÇO DE VEÍCULO COM FATOR DE DEPRECIAÇÃO DE VEÍCULO S/ RODAGEM - -"}]
[null,null,"3.5. - PEÇAS E ACESSÓRIOS"]
[null,null,"3.6. - SEGUROS"]
[null,null,"3.6.1. - SEGURO OBRIGATÓRIO + LICENCIAMENTO"]
[null,null,"3.6.2. - SEGURO DE RESPONSABILIDADE CIVIL"]
[null,null,"3.7. - SALÁRIOS E BENEFÍCIOS"]
[null,null,"3.7.1. - SALÁRIOS BASE"]
[null,null,"3.7.2. - BENEFÍCIOS"]
[null,null,"3.8. - SISTEMA DE BILHETAGEM ELETRÔNICA, ITS E CÂMERAS E MONITORAMENTO"]
[null,null,"3.9. - LOCAÇÃO DE GARAGEM"]
[null,"4. CUSTOS VARIÁVEIS","4. - CÁLCULO DOS CUSTOS VARIÁVEIS"]
[null,null,"4.1. - CÁLCULO DOS CUSTEIOS COM COMBUSTÍVEIS"]
[null,null,"4.1.1. - CUSTEIOS COM ÓLEO DIESEL"]
[null,null,"4.1.2. - CUSTEIOS COM ARLA32"]
[null,null,"4.2. - CÁLCULO DOS CUSTEIOS COM LUBRIFICANTES"]
[null,null,"4.3. - CÁLCULO DOS CUSTEIOS COM RODAGEM"]
[null,null,"4.3.1. - CUSTEIOS COM PNEU NOVO"]
[null,null,"4.3.2. - CUSTEIOS COM RECAPAGEM"]
[null,null,"4.4. - CÁLCULO DOS CUSTEIOS COM PEÇAS E ACESSÓRIOS"]
[null,null,"4.5. - TOTALIZAÇÃO DOS CUSTOS VARIÁVEIS"]
[null,"5. CUSTOS FIXOS (PESSOAL)","5. - CÁLCULO DOS CUSTOS FIXOS (COM PESSOAL)"]
[null,null,"5.1. - CÁLCULO DOS CUSTEIOS COM PESSOAL DE OPERAÇÃO"]
[null,null,"5.1.1. - CUSTEIOS COM MOTORISTAS"]
[null,null,"5.1.2. - CUSTEIOS COM PESSOAL DE FISCALIZAÇÃO"]
[null,null,"5.1.3. - CUSTEIOS COM COBRADOR"]
[null,null,"5.2. - CÁLCULO DOS CUSTEIOS COM PESSOAL DE MANUTENÇÃO"]
[null,null,"5.3. - CÁLCULO DOS CUSTEIOS COM PESSOAL ADMINISTRATIVO"]
[null,null,"5.4. - CÁLCULO DOS CUSTEIOS COM BENEFÍCIOS"]
[null,null,"5.5. - RESUMO DA TOTALIZAÇÃO DOS CUSTOS FIXOS (PESSOAL)"]
[null,"6. CUSTOS ADMINISTRATIVOS","6. - CÁLCULO DOS CUSTOS ADMINISTRATIVOS"]
[null,null,"6.1. - CÁLCULO DOS CUSTEIOS COM SEGUROS"]
[null,null,"6.1.1. - CÁLCULO DOS CUSTEIOS COM SEGURO OBRIGATÓRIO"]
[null,null,"6.1.2. - CÁLCULO DOS CUSTEIOS COM SEGURO RESPONSABILIDADE CIVIL"]
[null,null,"6.2. - CÁLCULO DAS DESPESAS GERAIS"]
[null,null,"6.3. - CÁLCULO DOS CUSTEIOS COM PRÓ-LABORE"]
[null,null,"6.4. - CÁLCULO DA REMUNERAÇÃO DO ALMOXARIFADO"]
[null,null,"6.5. - CÁLCULO PARA MANUTENÇÃO DOS CUSTEIOS DO SISTEMA DE BILHETAGEM ELETRÔNICA, ITS, CÂMERAS E MONITORAMENTO"]
[null,null,"6.6. - CÁLCULO DE LOCAÇÃO DE GARAGEM"]
[null,null,"6.7. - RESUMO DA TOTALIZAÇÃO DOS CUSTEIOS ADMINISTRATIVOS"]
[null,"7. INVESTIMENTO FROTA","7. - INVESTIMENTOS EM FROTA"]
[null,null,"7.1. - AQUISIÇÃO, REVENDA E MOVIMENTAÇÃO DA FROTA (QUANTITATIVO)"]
[null,null,"7.1.1. - AQUISIÇÃO DE VEÍCULOS DA FROTA"]
[null,null,{"$f":"\"7.1.1.1 - \"&TIPOLOGIA!$E$10","v":"7.1.1.1 - MICROÔNIBUS"}]
[null,null,{"$f":"\"7.1.1.2 - \"&TIPOLOGIA!$E$11","v":"7.1.1.2 - CONVENCIONAL"}]
[null,null,{"$f":"\"7.1.1.3 - \"&TIPOLOGIA!$E$12","v":"7.1.1.3 - -"}]
[null,null,"7.1.2. - REVENDA DE VEÍCULOS DA FROTA"]
[null,null,{"$f":"\"7.1.2.1 - \"&TIPOLOGIA!$E$10","v":"7.1.2.1 - MICROÔNIBUS"}]
[null,null,{"$f":"\"7.1.2.2 - \"&TIPOLOGIA!$E$11","v":"7.1.2.2 - CONVENCIONAL"}]
[null,null,{"$f":"\"7.1.2.3 - \"&TIPOLOGIA!$E$12","v":"7.1.2.3 - -"}]
[null,null,"7.1.3. - MOVIMENTAÇÃO DE VEÍCULOS DA FROTA"]
[null,null,{"$f":"\"7.1.3.1 - \"&TIPOLOGIA!$E$10","v":"7.1.3.1 - MICROÔNIBUS"}]
[null,null,{"$f":"\"7.1.3.2 - \"&TIPOLOGIA!$E$11","v":"7.1.3.2 - CONVENCIONAL"}]
[null,null,{"$f":"\"7.1.3.3 - \"&TIPOLOGIA!$E$12","v":"7.1.3.3 - -"}]
[null,null,"7.1.3.4 - TOTALIZAÇÃO DE VEÍCULOS DA FROTA"]
[null,null,"7.2. - AQUISIÇÃO, REVENDA E MOVIMENTAÇÃO DA FROTA (INVESTIMENTO VALORES EM REAIS - R$)"]
[null,null,"7.2.1. - INVESTIMENTOS EM VEÍCULOS DA FROTA (valores em Reais - R$)"]
[null,null,{"$f":"\"7.2.1.1 - \"&TIPOLOGIA!$E$10","v":"7.2.1.1 - MICROÔNIBUS"}]
[null,null,{"$f":"\"7.2.1.2 - \"&TIPOLOGIA!$E$11","v":"7.2.1.2 - CONVENCIONAL"}]
[null,null,{"$f":"\"7.2.1.3 - \"&TIPOLOGIA!$E$12","v":"7.2.1.3 - -"}]
[null,null,"7.2.2. - REVENDA DE VEÍCULOS DA FROTA (valores em Reais - R$)"]
[null,null,{"$f":"\"7.2.2.1 - \"&TIPOLOGIA!$E$10","v":"7.2.2.1 - MICROÔNIBUS"}]
[null,null,{"$f":"\"7.2.2.2 - \"&TIPOLOGIA!$E$11","v":"7.2.2.2 - CONVENCIONAL"}]
[null,null,{"$f":"\"7.2.2.3 - \"&TIPOLOGIA!$E$12","v":"7.2.2.3 - -"}]
[null,null,"7.2.3. - MOVIMENTAÇÃO DE VEÍCULOS DA FROTA (valores em Reais - R$)"]
[null,null,{"$f":"\"7.2.3.1 - \"&TIPOLOGIA!$E$10","v":"7.2.3.1 - MICROÔNIBUS"}]
[null,null,{"$f":"\"7.2.3.2 - \"&TIPOLOGIA!$E$11","v":"7.2.3.2 - CONVENCIONAL"}]
[null,null,{"$f":"\"7.2.3.3 - \"&TIPOLOGIA!$E$12","v":"7.2.3.3 - -"}]
[null,null,"7.2.3.4 - TOTALIZAÇÃO DE VEÍCULOS DA FROTA"]
[null,"8. DEPRECIAÇÃO FROTA","8. - CÁLCULO DA DEPRECIAÇÃO DE VEÍCULOS DA FROTA"]
[null,null,{"$f":"\"8.1. - \"&TIPOLOGIA!$E$10","v":"8.1. - MICROÔNIBUS"}]
[null,null,{"$f":"\"8.2. - \"&TIPOLOGIA!$E$11","v":"8.2. - CONVENCIONAL"}]
[null,null,{"$f":"\"8.3. - \"&TIPOLOGIA!$E$12","v":"8.3. - -"}]
[null,null,"8.4. - RESUMO DAS DEPRECIAÇÕES DE VEÍCULOS (CONTÁBIL)"]
[null,"9. ENCARGOS SOCIAIS","9. - DETALHAMENTO DOS ENCARGOS SOCIAIS"]
[null,"10. TRIBUTAÇÃO E IMPOSTOS","10. - TRIBUTAÇÃO e IMPOSTOS"]
[null,null,"10.1 - TRIBUTAÇÃO INCIDENTE SOBRE FATURAMENTO"]
[null,null,"10.2 - IMPOSTOS"]
[null,"11. RECEITAS ACESSÓRIAS","11. - RECEITAS ACESSÓRIAS"]
[null,"12. FLUXO DE CAIXA","12. - FLUXO DE CAIXA DE INVESTIMENTO"]
[null,"13. REFERÊNCIAS","13. - ANEXO DE REFERÊNCIAS DE LIMITES MÍNIMOS E MÁXIMOS"]
[null,"GRÁFICO - IDADE MÉDIA","GRÁFICO COMPARATIVO DE IDADE MÉDIA DA FROTA"]
[null,"REAJUSTE - FÓRMULA ","ORÇAMENTO BÁSICO E FÓRMULA PARAMÉTRICA"]

{"sheet":"TIPOLOGIA","index":1,"n_rows":34,"n_cols":16,"rows_kept":34,"merged":[[8,10,8,15],[9,10,9,11],[10,10,10,11],[11,10,11,11],[12,10,12,11],[13,10,13,11],[14,10,14,11],[16,1,16,5],[16,6,16,8],[17,1,19,5],[17,6,19,8],[34,10,34,11]]}
[]
[{"$nulls":4},"SECRETARIA MUNICIPAL DE DESENVOLVIMENTO URBANO"]
[{"$nulls":4},{"$f":"MENU!$B$3&\"  -  \"&+MENU!$B$4","v":"CONCORRÊNCIA Nº 003/18  -  "}]
[{"$nulls":4},{"$f":"+MENU!$C$2","v":"ESTUDO TÉCNICO DE VIABILIDADE ECONÔMICA DA OPERAÇÃO DO SERVIÇO DE TRANSPORTE COLETIVO DA CIDADE DE AMPARO"}]
[{"$nulls":4},{"$f":"+MENU!$C$3","v":"ANEXO IV.1 - ESTUDO TÉCNICO DE VIABILIDADE ECONÔMICA - ORÇAMENTO ESTIMADO"},{"$nulls":10},{"$f":"+MENU!$C$5","v":"DATA BASE DE CÁLCULO: MARÇO 2020"}]
[]
[null,{"$f":"+MENU!C9","v":"TIPOLOGIA DA FROTA"}]
[]
[{"$nulls":3},"FROTA","TERMINOLOGIA",{"$nulls":5},"LEGENDAS"]
[{"$nulls":3},1,"MICROÔNIBUS",{"$nulls":5},"(Veíc./Mês)",null,"Veículo por mês"]
[{"$nulls":3},2,"CONVENCIONAL",{"$nulls":5},"(km/Mês)",null,"Quilômetargem Mensal"]
[{"$nulls":3},3,"-",{"$nulls":5},"(km/ANUAL)",null,"Quilômetargem Anual"]
[{"$nulls":10},"(Passag./Mês)",null,"Passageiro Mensal"]
[{"$nulls":10},"(ℓ/km.)",null,"Litro por Quilômetro"]
[null,"CAMPOS A SEREM PREENCHIDOS NESTE ARQUIVO",{"$nulls":8},"(%/Mês)",null,"Coeficiente Percentual Mensal "]
[{"$nulls":10},"(km/Mês/pneu)",null,"Quilômetargem Mensal por Pneu"]
[null,"ELEMENTO",{"$nulls":4},"CAMPO A SER DIGITADO",{"$nulls":3},"(un./jogos)",null,"Unidade por jogos de Pneu"]
[null,"Campos NA COR AMARELA deverão ser Prenchidos (Entrada de dados)",{"$nulls":8},"(% a.m.)",null,"Coeficiente Percentual Mensal "]
[{"$nulls":10},"(%/Veíc.)",null,"Coeficiente Percentual por Veículo"]
[{"$nulls":10},"(Func./Veíc. Op.)",null,"Funcionário por Veículo Operacional"]
[{"$nulls":10},"(%/P. Op.)",null,"Coeficiente Percentual sobre Pessoal de Operação"]
[{"$nulls":10},"(Un./Mês)",null,"Unidade Mensal"]
[{"$nulls":10},"(Ticket/Mês)",null,"Quantitativo de Ticket por Mês"]
[{"$nulls":10},"(R$/ℓ)",null,"Valor em Reais por Litro"]
[{"$nulls":10},"(R$/un.)",null,"Valor em Reais por Unidade"]
[{"$nulls":10},"(R$/Veíc.)",null,"Valor em Reais por Veículo"]
[{"$nulls":10},"(R$/km)",null,"Valor em Reais por Quilômetro"]
[{"$nulls":10},"(R$/Veíc./ano)",null,"Valor em Reais por Veículo Ano"]
[{"$nulls":10},"(R$/Func./Mês)",null,"Valor em Reais por Funciónario por Mês"]
[{"$nulls":10},"(R$/Dia/Func.)",null,"Valor em Reais Diário por Funciónario"]
[{"$nulls":10},"(R$/mês)",null,"Valor em Reais por Mês"]
[{"$nulls":10},"(R$/Anual)",null,"Valor em Reais por Ano"]
[{"$nulls":10},"(Veíc. Op/mês)",null,"Veículo Operacional por Mês"]
[{"$nulls":10},"(Func./Veíc. Op.)",null,"Funcionário por Veículo Operacional"]

{"sheet":"1. DADOS OPERACIONAIS","index":2,"n_rows":60,"n_cols":20,"rows_kept":60}
[]
[{"$nulls":4},"SECRETARIA MUNICIPAL DE DESENVOLVIMENTO URBANO"]
[{"$nulls":4},{"$f":"MENU!$B$3&\"  -  \"&+MENU!$B$4","v":"CONCORRÊNCIA Nº 003/18  -  "}]
[{"$nulls":4},{"$f":"+MENU!$C$2","v":"ESTUDO TÉCNICO DE VIABILIDADE ECONÔMICA DA OPERAÇÃO DO SERVIÇO DE TRANSPORTE COLETIVO DA CIDADE DE AMPARO"}]
[{"$nulls":4},{"$f":"+MENU!$C$3","v":"ANEXO IV.1 - ESTUDO TÉCNICO DE VIABILIDADE ECONÔMICA - ORÇAMENTO ESTIMADO"},{"$nulls":14},{"$f":"+MENU!$C$5","v":"DATA BASE DE CÁLCULO: MARÇO 2020"}]
[]
[null,{"$f":"+MENU!C10","v":"1. - DADOS OPERACIONAIS"}]
[]
[null,null,{"$f":"+MENU!$C$11","v":"1.1. - COMPOSIÇÃO DA FROTA"}]
[]
[{"$nulls":3},"FROTA","Un.",1,{"$f":"+F11+1","v":2},3,4,5,6,7,8,9,10,11,12,13,14,15]
[1,null,null,{"$f":"VLOOKUP(A12,TIPOLOGIA!$D$10:$E$12,2,0)","v":"MICROÔNIBUS"},"(Veíc./Mês)",4,{"$f":"+F12","v":4},{"$f":"+G12","v":4},4,4,4,4,4,4,4,4,4,4,4,4]
[2,null,null,{"$f":"VLOOKUP(A13,TIPOLOGIA!$D$10:$E$12,2,0)","v":"CONVENCIONAL"},"(Veíc./Mês)",8,{"$f":"+F13","v":8},8,8,8,8,8,8,8,8,8,8,8,8,8]
[3,null,null,{"$f":"VLOOKUP(A14,TIPOLOGIA!$D$10:$E$12,2,0)","v":"-"},"(Veíc./Mês)",0,{"$f":"+F14","v":0},0,0,0,0,0,0,0,0,0,0,0,0,0]
[null,null,"FROTA OPERACIONAL",null,{"$f":"E14","v":"(Veíc./Mês)"},{"$f":"SUM(F12:F14)","v":12},12,12,12,12,12,12,12,12,12,12,12,12,12,12]
[1,null,null,{"$f":"VLOOKUP(A16,TIPOLOGIA!$D$10:$E$12,2,0)","v":"MICROÔNIBUS"},"(Veíc./Mês)",0,{"$f":"+F16","v":0},{"$f":"+G16","v":0},0,0,0,0,0,0,0,0,0,0,0,0]
[2,null,null,{"$f":"VLOOKUP(A17,TIPOLOGIA!$D$10:$E$12,2,0)","v":"CONVENCIONAL"},"(Veíc./Mês)",2,{"$f":"+F17","v":2},2,2,2,2,2,2,2,2,2,2,2,2,2]
[3,null,null,{"$f":"VLOOKUP(A18,TIPOLOGIA!$D$10:$E$12,2,0)","v":"-"},"(Veíc./Mês)",0,{"$f":"+F18","v":0},0,0,0,0,0,0,0,0,0,0,0,0,0]
[null,null,"FROTA RESERVA",null,{"$f":"E18","v":"(Veíc./Mês)"},{"$f":"SUM(F16:F18)","v":2},2,2,2,2,2,2,2,2,2,2,2,2,2,2]
[1,null,null,{"$f":"VLOOKUP(A20,TIPOLOGIA!$D$10:$E$12,2,0)","v":"MICROÔNIBUS"},"(Veíc./Mês)",{"$f":"SUM(F12,F16)","v":4},4,4,4,4,4,4,4,4,4,4,4,4,4,4]
[2,null,null,{"$f":"VLOOKUP(A21,TIPOLOGIA!$D$10:$E$12,2,0)","v":"CONVENCIONAL"},"(Veíc./Mês)",{"$f":"SUM(F13,F17)","v":10},10,10,10,10,10,10,10,10,10,10,10,10,10,10]
[3,null,null,{"$f":"VLOOKUP(A22,TIPOLOGIA!$D$10:$E$12,2,0)","v":"-"},"(Veíc./Mês)",{"$f":"SUM(F14,F18)","v":0},0,0,0,0,0,0,0,0,0,0,0,0,0,0]
[null,null,"FROTA TOTAL",null,{"$f":"E22","v":"(Veíc./Mês)"},{"$f":"SUM(F20:F22)","v":14},14,14,14,14,14,14,14,14,14,14,14,14,14,14]
[]
[]
[null,null,{"$f":"+MENU!$C$12","v":"1.2. - COMPOSIÇÃO DA QUILOMETRAGEM"},null,null,5935.99355223782,{"$nulls":12},"PERCENTUAL ADOTADO DE OCIOSIDADE DE QUILOMETRAGEM:",{"v":0.05,"d":"5.00%"}]
[]
[{"$nulls":3},"QUILOMETRAGEM",null,1,{"$f":"+F28+1","v":2},3,4,5,6,7,8,9,10,11,12,13,14,15]
[1,null,null,{"$f":"VLOOKUP(A29,TIPOLOGIA!$D$10:$E$12,2,0)","v":"MICROÔNIBUS"},"(km/Mês)",{"$f":"+F26*F12","v":{"v":23743.97420895128,"d":"23,743.97"}},{"$f":"F29","v":{"v":23743.97420895128,"d":"23,743.97"}},{"$f":"G29","v":{"v":23743.97420895128,"d":"23,743.97"}},{"v":23743.97420895128,"d":"23,743.97"},{"v":23743.97420895128,"d":"23,743.97"},{"v":23743.97420895128,"d":"23,743.97"},{"v":23743.97420895128,"d":"23,743.97"},{"v":23743.97420895128,"d":"23,743.97"},{"v":23743.97420895128,"d":"23,743.97"},{"v":23743.97420895128,"d":"23,743.97"},{"v":23743.97420895128,"d":"23,743.97"},{"v":23743.97420895128,"d":"23,743.97"},{"v":23743.97420895128,"d":"23,743.97"},{"v":23743.97420895128,"d":"23,743.97"},{"$f":"S29","v":{"v":23743.97420895128,"d":"23,743.97"}}]
[2,null,null,{"$f":"VLOOKUP(A30,TIPOLOGIA!$D$10:$E$12,2,0)","v":"CONVENCIONAL"},"(km/Mês)",{"$f":"+F13*F26","v":{"v":47487.94841790256,"d":"47,487.95"}},{"$f":"F30","v":{"v":47487.94841790256,"d":"47,487.95"}},{"$f":"G30","v":{"v":47487.94841790256,"d":"47,487.95"}},{"v":47487.94841790256,"d":"47,487.95"},{"v":47487.94841790256,"d":"47,487.95"},{"v":47487.94841790256,"d":"47,487.95"},{"v":47487.94841790256,"d":"47,487.95"},{"v":47487.94841790256,"d":"47,487.95"},{"v":47487.94841790256,"d":"47,487.95"},{"v":47487.94841790256,"d":"47,487.95"},{"v":47487.94841790256,"d":"47,487.95"},{"v":47487.94841790256,"d":"47,487.95"},{"v":47487.94841790256,"d":"47,487.95"},{"v":47487.94841790256,"d":"47,487.95"},{"$f":"S30","v":{"v":47487.94841790256,"d":"47,487.95"}}]
[3,null,null,{"$f":"VLOOKUP(A31,TIPOLOGIA!$D$10:$E$12,2,0)","v":"-"},"(km/Mês)",{"v":0,"d":"0.00"},{"$f":"F31","v":{"v":0,"d":"0.00"}},{"$f":"G31","v":{"v":0,"d":"0.00"}},{"v":0,"d":"0.00"},{"v":0,"d":"0.00"},{"v":0,"d":"0.00"},{"v":0,"d":"0.00"},{"v":0,"d":"0.00"},{"v":0,"d":"0.00"},{"v":0,"d":"0.00"},{"v":0,"d":"0.00"},{"v":0,"d":"0.00"},{"v":0,"d":"0.00"},{"v":0,"d":"0.00"},{"$f":"S31","v":{"v":0,"d":"0.00"}}]
[null,null,"QUILOMETRAGEM EFETIVA",null,"(km/Mês)",{"$f":"SUM(F29:F31)","v":{"v":71231.92262685383,"d":"71,231.92"}},{"v":71231.92262685383,"d":"71,231.92"},{"v":71231.92262685383,"d":"71,231.92"},{"v":71231.92262685383,"d":"71,231.92"},{"v":71231.92262685383,"d":"71,231.92"},{"v":71231.92262685383,"d":"71,231.92"},{"v":71231.92262685383,"d":"71,231.92"},{"v":71231.92262685383,"d":"71,231.92"},{"v":71231.92262685383,"d":"71,231.92"},{"v":71231.92262685383,"d":"71,231.92"},{"v":71231.92262685383,"d":"71,231.92"},{"v":71231.92262685383,"d":"71,231.92"},{"v":71231.92262685383,"d":"71,231.92"},{"v":71231.92262685383,"d":"71,231.92"},{"v":71231.92262685383,"d":"71,231.92"}]
[1,null,null,{"$f":"VLOOKUP(A33,TIPOLOGIA!$D$10:$E$12,2,0)","v":"MICROÔNIBUS"},"(km/Mês)",{"$f":"+F29*$T$26","v":{"v":1187.198710447564,"d":"1,187.20"}},{"$f":"+G29*$T$26","v":{"v":1187.198710447564,"d":"1,187.20"}},{"v":1187.198710447564,"d":"1,187.20"},{"v":1187.198710447564,"d":"1,187.20"},{"v":1187.198710447564,"d":"1,187.20"},{"v":1187.198710447564,"d":"1,187.20"},{"v":1187.198710447564,"d":"1,187.20"},{"v":1187.198710447564,"d":"1,187.20"},{"v":1187.198710447564,"d":"1,187.20"},{"v":1187.198710447564,"d":"1,187.20"},{"v":1187.198710447564,"d":"1,187.20"},{"v":1187.198710447564,"d":"1,187.20"},{"v":1187.198710447564,"d":"1,187.20"},{"v":1187.198710447564,"d":"1,187.20"},{"v":1187.198710447564,"d":"1,187.20"}]
[2,null,null,{"$f":"VLOOKUP(A34,TIPOLOGIA!$D$10:$E$12,2,0)","v":"CONVENCIONAL"},"(km/Mês)",{"$f":"+F30*$T$26","v":{"v":2374.397420895128,"d":"2,374.40"}},{"v":2374.397420895128,"d":"2,374.40"},{"v":2374.397420895128,"d":"2,374.40"},{"v":2374.397420895128,"d":"2,374.40"},{"v":2374.397420895128,"d":"2,374.40"},{"v":2374.397420895128,"d":"2,374.40"},{"v":2374.397420895128,"d":"2,374.40"},{"v":2374.397420895128,"d":"2,374.40"},{"v":2374.397420895128,"d":"2,374.40"},{"v":2374.397420895128,"d":"2,374.40"},{"v":2374.397420895128,"d":"2,374.40"},{"v":2374.397420895128,"d":"2,374.40"},{"v":2374.397420895128,"d":"2,374.40"},{"v":2374.397420895128,"d":"2,374.40"},{"v":2374.397420895128,"d":"2,374.40"}]
[3,null,null,{"$f":"VLOOKUP(A35,TIPOLOGIA!$D$10:$E$12,2,0)","v":"-"},"(km/Mês)",{"$f":"+F31*$T$26","v":{"v":0,"d":"0.00"}},{"v":0,"d":"0.00"},{"v":0,"d":"0.00"},{"v":0,"d":"0.00"},{"v":0,"d":"0.00"},{"v":0,"d":"0.00"},{"v":0,"d":"0.00"},{"v":0,"d":"0.00"},{"v":0,"d":"0.00"},{"v":0,"d":"0.00"},{"v":0,"d":"0.00"},{"v":0,"d":"0.00"},{"v":0,"d":"0.00"},{"v":0,"d":"0.00"},{"v":0,"d":"0.00"}]
[null,null,"QUILOMETRAGEM OCIOSA",null,"(km/Mês)",{"$f":"SUM(F33:F35)","v":{"v":3561.5961313426924,"d":"3,561.60"}},{"v":3561.5961313426924,"d":"3,561.60"},{"v":3561.5961313426924,"d":"3,561.60"},{"v":3561.5961313426924,"d":"3,561.60"},{"v":3561.5961313426924,"d":"3,561.60"},{"v":3561.5961313426924,"d":"3,561.60"},{"v":3561.5961313426924,"d":"3,561.60"},{"v":3561.5961313426924,"d":"3,561.60"},{"v":3561.5961313426924,"d":"3,561.60"},{"v":3561.5961313426924,"d":"3,561.60"},{"v":3561.5961313426924,"d":"3,561.60"},{"v":3561.5961313426924,"d":"3,561.60"},{"v":3561.5961313426924,"d":"3,561.60"},{"v":3561.5961313426924,"d":"3,561.60"},{"v":3561.5961313426924,"d":"3,561.60"}]
[1,null,null,{"$f":"VLOOKUP(A37,TIPOLOGIA!$D$10:$E$12,2,0)","v":"MICROÔNIBUS"},"(km/Mês)",{"$f":"SUM(F29,F33)","v":{"v":24931.172919398843,"d":"24,931.17"}},{"v":24931.172919398843,"d":"24,931.17"},{"v":24931.172919398843,"d":"24,931.17"},{"v":24931.172919398843,"d":"24,931.17"},{"v":24931.172919398843,"d":"24,931.17"},{"v":24931.172919398843,"d":"24,931.17"},{"v":24931.172919398843,"d":"24,931.17"},{"v":24931.172919398843,"d":"24,931.17"},{"v":24931.172919398843,"d":"24,931.17"},{"v":24931.172919398843,"d":"24,931.17"},{"v":24931.172919398843,"d":"24,931.17"},{"v":24931.172919398843,"d":"24,931.17"},{"v":24931.172919398843,"d":"24,931.17"},{"v":24931.172919398843,"d":"24,931.17"},{"v":24931.172919398843,"d":"24,931.17"}]
[2,null,null,{"$f":"VLOOKUP(A38,TIPOLOGIA!$D$10:$E$12,2,0)","v":"CONVENCIONAL"},"(km/Mês)",{"$f":"SUM(F30,F34)","v":{"v":49862.345838797686,"d":"49,862.35"}},{"v":49862.345838797686,"d":"49,862.35"},{"v":49862.345838797686,"d":"49,862.35"},{"v":49862.345838797686,"d":"49,862.35"},{"v":49862.345838797686,"d":"49,862.35"},{"v":49862.345838797686,"d":"49,862.35"},{"v":49862.345838797686,"d":"49,862.35"},{"v":49862.345838797686,"d":"49,862.35"},{"v":49862.345838797686,"d":"49,862.35"},{"v":49862.345838797686,"d":"49,862.35"},{"v":49862.345838797686,"d":"49,862.35"},{"v":49862.345838797686,"d":"49,862.35"},{"v":49862.345838797686,"d":"49,862.35"},{"v":49862.345838797686,"d":"49,862.35"},{"v":49862.345838797686,"d":"49,862.35"}]
[3,null,null,{"$f":"VLOOKUP(A39,TIPOLOGIA!$D$10:$E$12,2,0)","v":"-"},"(km/Mês)",{"$f":"SUM(F31,F35)","v":{"v":0,"d":"0.00"}},{"v":0,"d":"0.00"},{"v":0,"d":"0.00"},{"v":0,"d":"0.00"},{"v":0,"d":"0.00"},{"v":0,"d":"0.00"},{"v":0,"d":"0.00"},{"v":0,"d":"0.00"},{"v":0,"d":"0.00"},{"v":0,"d":"0.00"},{"v":0,"d":"0.00"},{"v":0,"d":"0.00"},{"v":0,"d":"0.00"},{"v":0,"d":"0.00"},{"v":0,"d":"0.00"}]
[null,null,"QUILOMETRAGEM MENSAL TOTAL",null,"(km/Mês)",{"$f":"SUM(F37:F39)","v":{"v":74793.51875819653,"d":"74,793.52"}},{"v":74793.51875819653,"d":"74,793.52"},{"v":74793.51875819653,"d":"74,793.52"},{"v":74793.51875819653,"d":"74,793.52"},{"v":74793.51875819653,"d":"74,793.52"},{"v":74793.51875819653,"d":"74,793.52"},{"v":74793.51875819653,"d":"74,793.52"},{"v":74793.51875819653,"d":"74,793.52"},{"v":74793.51875819653,"d":"74,793.52"},{"v":74793.51875819653,"d":"74,793.52"},{"v":74793.51875819653,"d":"74,793.52"},{"v":74793.51875819653,"d":"74,793.52"},{"v":74793.51875819653,"d":"74,793.52"},{"v":74793.51875819653,"d":"74,793.52"},{"v":74793.51875819653,"d":"74,793.52"}]
[null,null,"QUILOMETRAGEM ANUAL TOTAL",null,"(km/ANUAL)",{"$f":"+F40*12","v":{"v":897522.2250983584,"d":"897,522.23"}},{"$f":"+G40*12","v":{"v":897522.2250983584,"d":"897,522.23"}},{"v":897522.2250983584,"d":"897,522.23"},{"v":897522.2250983584,"d":"897,522.23"},{"v":897522.2250983584,"d":"897,522.23"},{"v":897522.2250983584,"d":"897,522.23"},{"v":897522.2250983584,"d":"897,522.23"},{"v":897522.2250983584,"d":"897,522.23"},{"v":897522.2250983584,"d":"897,522.23"},{"v":897522.2250983584,"d":"897,522.23"},{"v":897522.2250983584,"d":"897,522.23"},{"v":897522.2250983584,"d":"897,522.23"},{"v":897522.2250983584,"d":"897,522.23"},{"v":897522.2250983584,"d":"897,522.23"},{"v":897522.2250983584,"d":"897,522.23"}]
[]
[null,null,{"$f":"+MENU!$C$13","v":"1.2.1 - PERCURSO MÉDIO MENSAL - PMM"}]
[]
[{"$nulls":3},"QUILOMETRAGEM",null,1,{"$f":"+F45+1","v":2},3,4,5,6,7,8,9,10,11,12,13,14,15]
[1,null,null,{"$f":"VLOOKUP(A46,TIPOLOGIA!$D$10:$E$12,2,0)","v":"MICROÔNIBUS"},"(km/Mês)",{"$f":"IFERROR(F37/F12,0)","v":{"v":6232.793229849711,"d":"6,232.79"}},{"$f":"IFERROR(G37/G12,0)","v":{"v":6232.793229849711,"d":"6,232.79"}},{"v":6232.793229849711,"d":"6,232.79"},{"v":6232.793229849711,"d":"6,232.79"},{"v":6232.793229849711,"d":"6,232.79"},{"v":6232.793229849711,"d":"6,232.79"},{"v":6232.793229849711,"d":"6,232.79"},{"v":6232.793229849711,"d":"6,232.79"},{"v":6232.793229849711,"d":"6,232.79"},{"v":6232.793229849711,"d":"6,232.79"},{"v":6232.793229849711,"d":"6,232.79"},{"v":6232.793229849711,"d":"6,232.79"},{"v":6232.793229849711,"d":"6,232.79"},{"v":6232.793229849711,"d":"6,232.79"},{"v":6232.793229849711,"d":"6,232.79"}]
[2,null,null,{"$f":"VLOOKUP(A47,TIPOLOGIA!$D$10:$E$12,2,0)","v":"CONVENCIONAL"},"(km/Mês)",{"$f":"IFERROR(F38/F13,2)","v":{"v":6232.793229849711,"d":"6,232.79"}},{"$f":"IFERROR(G38/G13,2)","v":{"v":6232.793229849711,"d":"6,232.79"}},{"v":6232.793229849711,"d":"6,232.79"},{"v":6232.793229849711,"d":"6,232.79"},{"v":6232.793229849711,"d":"6,232.79"},{"v":6232.793229849711,"d":"6,232.79"},{"v":6232.793229849711,"d":"6,232.79"},{"v":6232.793229849711,"d":"6,232.79"},{"v":6232.793229849711,"d":"6,232.79"},{"v":6232.793229849711,"d":"6,232.79"},{"v":6232.793229849711,"d":"6,232.79"},{"v":6232.793229849711,"d":"6,232.79"},{"v":6232.793229849711,"d":"6,232.79"},{"v":6232.793229849711,"d":"6,232.79"},{"v":6232.793229849711,"d":"6,232.79"}]
[3,null,null,{"$f":"VLOOKUP(A48,TIPOLOGIA!$D$10:$E$12,2,0)","v":"-"},"(km/Mês)",{"$f":"IFERROR(F39/F14,0)","v":{"v":0,"d":"0.00"}},{"$f":"IFERROR(G39/G14,0)","v":{"v":0,"d":"0.00"}},{"v":0,"d":"0.00"},{"v":0,"d":"0.00"},{"v":0,"d":"0.00"},{"v":0,"d":"0.00"},{"v":0,"d":"0.00"},{"v":0,"d":"0.00"},{"v":0,"d":"0.00"},{"v":0,"d":"0.00"},{"v":0,"d":"0.00"},{"v":0,"d":"0.00"},{"v":0,"d":"0.00"},{"v":0,"d":"0.00"},{"v":0,"d":"0.00"}]
[]
[null,null,{"$f":"+MENU!$C$14","v":"1.3. - PASSAGEIROS TRANSPORTADOS"}]
[]
[{"$nulls":3},"PASSAGEIROS",null,1,{"$f":"+F52+1","v":2},3,4,5,6,7,8,9,10,11,12,13,14,15]
[null,null,"PASSAGEIROS TRANSPORTADOS",null,"Un.",{"$f":"SUM(F54,F55,F57)","v":{"v":118377,"d":"118,377"}},{"$f":"SUM(G54,G55,G57)","v":{"v":118377,"d":"118,377"}},{"v":118377,"d":"118,377"},{"v":118377,"d":"118,377"},{"v":118377,"d":"118,377"},{"v":118377,"d":"118,377"},{"v":118377,"d":"118,377"},{"v":118377,"d":"118,377"},{"v":118377,"d":"118,377"},{"v":118377,"d":"118,377"},{"v":118377,"d":"118,377"},{"v":118377,"d":"118,377"},{"v":118377,"d":"118,377"},{"v":118377,"d":"118,377"},{"v":118377,"d":"118,377"}]
[{"$nulls":3},"Média Passageiros Transportados Pagantes *","(Passag./Mês)",{"v":92078,"d":"92,078"},{"$f":"F54","v":{"v":92078,"d":"92,078"}},{"$f":"G54","v":{"v":92078,"d":"92,078"}},{"v":92078,"d":"92,078"},{"v":92078,"d":"92,078"},{"v":92078,"d":"92,078"},{"v":92078,"d":"92,078"},{"v":92078,"d":"92,078"},{"v":92078,"d":"92,078"},{"v":92078,"d":"92,078"},{"v":92078,"d":"92,078"},{"v":92078,"d":"92,078"},{"v":92078,"d":"92,078"},{"v":92078,"d":"92,078"},{"v":92078,"d":"92,078"}]
[{"$nulls":3},"Média Passageiros Transportados Estudantes","(Passag./Mês)",{"v":1291,"d":"1,291"},{"$f":"F55","v":{"v":1291,"d":"1,291"}},{"$f":"G55","v":{"v":1291,"d":"1,291"}},{"v":1291,"d":"1,291"},{"v":1291,"d":"1,291"},{"v":1291,"d":"1,291"},{"v":1291,"d":"1,291"},{"v":1291,"d":"1,291"},{"v":1291,"d":"1,291"},{"v":1291,"d":"1,291"},{"v":1291,"d":"1,291"},{"v":1291,"d":"1,291"},{"v":1291,"d":"1,291"},{"v":1291,"d":"1,291"},{"v":1291,"d":"1,291"}]
[{"$nulls":3},"Média Passageiros Transportados Estudantes (Equivalentes) 50%","(Passag./Mês)",{"$f":"ROUNDUP(F55*0.5,0)","v":646},{"$f":"ROUNDUP(G55*0.5,0)","v":646},646,646,646,646,646,646,646,646,646,646,646,646,646]
[{"$nulls":3},"Média Passageiros Transportados Gratuidade","(Passag./Mês)",{"v":25008,"d":"25,008"},{"$f":"F57","v":{"v":25008,"d":"25,008"}},{"$f":"G57","v":{"v":25008,"d":"25,008"}},{"v":25008,"d":"25,008"},{"v":25008,"d":"25,008"},{"v":25008,"d":"25,008"},{"v":25008,"d":"25,008"},{"v":25008,"d":"25,008"},{"v":25008,"d":"25,008"},{"v":25008,"d":"25,008"},{"v":25008,"d":"25,008"},{"v":25008,"d":"25,008"},{"v":25008,"d":"25,008"},{"v":25008,"d":"25,008"},{"$f":"+S57","v":{"v":25008,"d":"25,008"}}]
[{"$nulls":3},"Média Passageiros Equivalentes MENSAL","(Passag./Mês)",{"$f":"+F54+F56","v":{"v":92724,"d":"92,724"}},{"$f":"+G54+G56","v":{"v":92724,"d":"92,724"}},{"v":92724,"d":"92,724"},{"v":92724,"d":"92,724"},{"v":92724,"d":"92,724"},{"v":92724,"d":"92,724"},{"v":92724,"d":"92,724"},{"v":92724,"d":"92,724"},{"v":92724,"d":"92,724"},{"v":92724,"d":"92,724"},{"v":92724,"d":"92,724"},{"v":92724,"d":"92,724"},{"v":92724,"d":"92,724"},{"v":92724,"d":"92,724"},{"v":92724,"d":"92,724"}]
[{"$nulls":3},"Média Passageiros Equivalentes ANUAL","(Passag./ANUAL)",{"$f":"+F58*12","v":{"v":1112688,"d":"1,112,688"}},{"$f":"+G58*12","v":{"v":1112688,"d":"1,112,688"}},{"v":1112688,"d":"1,112,688"},{"v":1112688,"d":"1,112,688"},{"v":1112688,"d":"1,112,688"},{"v":1112688,"d":"1,112,688"},{"v":1112688,"d":"1,112,688"},{"v":1112688,"d":"1,112,688"},{"v":1112688,"d":"1,112,688"},{"v":1112688,"d":"1,112,688"},{"v":1112688,"d":"1,112,688"},{"v":1112688,"d":"1,112,688"},{"v":1112688,"d":"1,112,688"},{"v":1112688,"d":"1,112,688"},{"v":1112688,"d":"1,112,688"}]
[{"$nulls":3},"* - Pagantes + Comum + Vale Transporte"]

{"sheet":"2. COEFICIENTES","index":3,"n_rows":137,"n_cols":20,"rows_kept":137,"merged":[[12,2,12,3],[19,2,19,3],[25,2,25,3],[33,2,33,3],[40,2,40,3],[47,2,47,3],[63,2,63,3],[70,2,70,3],[80,2,80,3],[87,2,87,3],[95,2,95,3],[101,2,101,3],[107,2,107,3],[117,2,117,3],[125,2,125,3],[130,2,130,3],[135,2,135,3]]}
[]
[{"$nulls":4},"SECRETARIA MUNICIPAL DE DESENVOLVIMENTO URBANO"]
[{"$nulls":4},{"$f":"MENU!$B$3&\"  -  \"&+MENU!$B$4","v":"CONCORRÊNCIA Nº 003/18  -  "}]
[{"$nulls":4},{"$f":"+MENU!$C$2","v":"ESTUDO TÉCNICO DE VIABILIDADE ECONÔMICA DA OPERAÇÃO DO SERVIÇO DE TRANSPORTE COLETIVO DA CIDADE DE AMPARO"}]
[{"$nulls":4},{"$f":"+MENU!$C$3","v":"ANEXO IV.1 - ESTUDO TÉCNICO DE VIABILIDADE ECONÔMICA - ORÇAMENTO ESTIMADO"},{"$nulls":14},{"$f":"+MENU!$C$5","v":"DATA BASE DE CÁLCULO: MARÇO 2020"}]
[]
[null,{"$f":"+MENU!$C$15","v":"2. - COEFICIENTES DE CONSUMOS E PARÂMETROS ADOTADOS"}]
[]
[null,null,{"$f":"+MENU!$C$16","v":"2.1. - COEFICIENTES DE CONSUMO DE COMBUSTÍVEIS"}]
[]
[null,null,{"$f":"+MENU!$C$17","v":"2.1.1. - COEFICIENTES DE CONSUMO DE ÓLEO DIESEL"}]
[]
[null,null,"ÓLEO DIESEL",null,"Un.",1,{"$f":"+F13+1","v":2},3,4,5,6,7,8,9,10,11,12,13,14,15]
[1,null,null,{"$f":"VLOOKUP(A14,TIPOLOGIA!$D$10:$E$12,2,0)","v":"MICROÔNIBUS"},"(ℓ/km.)",0.2505,{"$f":"+F14","v":0.2505},{"$f":"+G14","v":0.2505},0.2505,0.2505,0.2505,0.2505,0.2505,0.2505,0.2505,0.2505,0.2505,0.2505,0.2505,{"$f":"+S14","v":0.2505}]
[2,null,null,{"$f":"VLOOKUP(A15,TIPOLOGIA!$D$10:$E$12,2,0)","v":"CONVENCIONAL"},{"$f":"+E14","v":"(ℓ/km.)"},0.4102,{"$f":"+F15","v":0.4102},{"$f":"+G15","v":0.4102},0.4102,0.4102,0.4102,0.4102,0.4102,0.4102,0.4102,0.4102,0.4102,0.4102,0.4102,{"$f":"+S15","v":0.4102}]
[3,null,null,{"$f":"VLOOKUP(A16,TIPOLOGIA!$D$10:$E$12,2,0)","v":"-"},{"$f":"+E15","v":"(ℓ/km.)"},{"v":0,"d":"0.0000"},{"$f":"+F16","v":{"v":0,"d":"0.0000"}},{"$f":"+G16","v":{"v":0,"d":"0.0000"}},{"v":0,"d":"0.0000"},{"v":0,"d":"0.0000"},{"v":0,"d":"0.0000"},{"v":0,"d":"0.0000"},{"v":0,"d":"0.0000"},{"v":0,"d":"0.0000"},{"v":0,"d":"0.0000"},{"v":0,"d":"0.0000"},{"v":0,"d":"0.0000"},{"v":0,"d":"0.0000"},{"v":0,"d":"0.0000"},{"$f":"+S16","v":{"v":0,"d":"0.0000"}}]
[]
[null,null,{"$f":"+MENU!$C$18","v":"2.1.2. - COEFICIENTES DE CONSUMO DE ARLA32"}]
[]
[null,null,"ARLA32",null,"Un.",1,{"$f":"+F20+1","v":2},3,4,5,6,7,8,9,10,11,12,13,14,15]
[1,null,null,"Coeficiente de correlação de consumo do Arla32 relacionado ao consumo de diesel","(%/Mês)",{"v":0.032,"d":"0.0320"},{"$f":"+F21","v":{"v":0.032,"d":"0.0320"}},{"$f":"+G21","v":{"v":0.032,"d":"0.0320"}},{"v":0.032,"d":"0.0320"},{"v":0.032,"d":"0.0320"},{"v":0.032,"d":"0.0320"},{"v":0.032,"d":"0.0320"},{"v":0.032,"d":"0.0320"},{"v":0.032,"d":"0.0320"},{"v":0.032,"d":"0.0320"},{"v":0.032,"d":"0.0320"},{"v":0.032,"d":"0.0320"},{"v":0.032,"d":"0.0320"},{"v":0.032,"d":"0.0320"},{"$f":"+S21","v":{"v":0.032,"d":"0.0320"}}]
[]
[]
[null,null,{"$f":"+MENU!$C$19","v":"2.2. - COEFICIENTE DE CONSUMO DE LUBRIFICANTES"}]
[]
[null,null,"LUBRIFICANTES",null,"Un.",1,{"$f":"+F26+1","v":2},3,4,5,6,7,8,9,10,11,12,13,14,15]
[{"$nulls":3},"Coef. % sobre Preço de Óleo Diesel","(%/Mês)",{"v":0.045,"d":"0.0450"},{"$f":"+F27","v":{"v":0.045,"d":"0.0450"}},{"$f":"+G27","v":{"v":0.045,"d":"0.0450"}},{"v":0.045,"d":"0.0450"},{"v":0.045,"d":"0.0450"},{"v":0.045,"d":"0.0450"},{"v":0.045,"d":"0.0450"},{"v":0.045,"d":"0.0450"},{"v":0.045,"d":"0.0450"},{"v":0.045,"d":"0.0450"},{"v":0.045,"d":"0.0450"},{"v":0.045,"d":"0.0450"},{"v":0.045,"d":"0.0450"},{"v":0.045,"d":"0.0450"},{"$f":"S27","v":{"v":0.045,"d":"0.0450"}}]
[]
[]
[null,null,{"$f":"+MENU!$C$20","v":"2.3. - PARÂMETROS DE MATERIAL DE RODAGEM"}]
[]
[null,null,{"$f":"+MENU!$C$21","v":"2.3.1. - VIDA ÚTIL DE PNEU"}]
[]
[null,null,"VIDA ÚTIL PNEU",null,"Un.",1,{"$f":"+F34+1","v":2},3,4,5,6,7,8,9,10,11,12,13,14,15]
[1,null,null,{"$f":"VLOOKUP(A35,TIPOLOGIA!$D$10:$E$12,2,0)","v":"MICROÔNIBUS"},"(km/Mês/pneu)",{"v":105000,"d":"105,000"},{"$f":"F35","v":{"v":105000,"d":"105,000"}},{"$f":"G35","v":{"v":105000,"d":"105,000"}},{"v":105000,"d":"105,000"},{"v":105000,"d":"105,000"},{"v":105000,"d":"105,000"},{"v":105000,"d":"105,000"},{"v":105000,"d":"105,000"},{"v":105000,"d":"105,000"},{"v":105000,"d":"105,000"},{"v":105000,"d":"105,000"},{"v":105000,"d":"105,000"},{"v":105000,"d":"105,000"},{"v":105000,"d":"105,000"},{"$f":"S35","v":{"v":105000,"d":"105,000"}}]
[2,null,null,{"$f":"VLOOKUP(A36,TIPOLOGIA!$D$10:$E$12,2,0)","v":"CONVENCIONAL"},{"$f":"+E35","v":"(km/Mês/pneu)"},{"v":105000,"d":"105,000"},{"$f":"F36","v":{"v":105000,"d":"105,000"}},{"v":105000,"d":"105,000"},{"v":105000,"d":"105,000"},{"v":105000,"d":"105,000"},{"v":105000,"d":"105,000"},{"v":105000,"d":"105,000"},{"v":105000,"d":"105,000"},{"v":105000,"d":"105,000"},{"v":105000,"d":"105,000"},{"v":105000,"d":"105,000"},{"v":105000,"d":"105,000"},{"v":105000,"d":"105,000"},{"v":105000,"d":"105,000"},{"$f":"S36","v":{"v":105000,"d":"105,000"}}]
[3,null,null,{"$f":"VLOOKUP(A37,TIPOLOGIA!$D$10:$E$12,2,0)","v":"-"},{"$f":"+E36","v":"(km/Mês/pneu)"},0,{"$f":"F37","v":0},0,0,0,0,0,0,0,0,0,0,0,0,{"$f":"S37","v":0}]
[]
[null,null,{"$f":"+MENU!$C$22","v":"2.3.2. - NÚMERO DE PNEU POR JOGOS"}]
[]
[null,null,"NÚMERO DE PNEUS POR JOGOS",null,"Un.",1,{"$f":"+F41+1","v":2},3,4,5,6,7,8,9,10,11,12,13,14,15]
[1,null,null,{"$f":"VLOOKUP(A42,TIPOLOGIA!$D$10:$E$12,2,0)","v":"MICROÔNIBUS"},"(un./jogos)",4,{"$f":"F42","v":4},4,4,4,4,4,4,4,4,4,4,4,4,4]
[2,null,null,{"$f":"VLOOKUP(A43,TIPOLOGIA!$D$10:$E$12,2,0)","v":"CONVENCIONAL"},{"$f":"+E42","v":"(un./jogos)"},6,{"$f":"F43","v":6},6,6,6,6,6,6,6,6,6,6,6,6,6]
[3,null,null,{"$f":"VLOOKUP(A44,TIPOLOGIA!$D$10:$E$12,2,0)","v":"-"},{"$f":"+E43","v":"(un./jogos)"},0,{"$f":"F44","v":0},0,0,0,0,0,0,0,0,0,0,0,0,0]
[]
[null,null,{"$f":"+MENU!$C$23","v":"2.3.3. - NÚMERO DE RECAPAGEM"}]
[]
[null,null,"NÚMERO DE RECAPAGEM",null,"Un.",1,{"$f":"+F48+1","v":2},3,4,5,6,7,8,9,10,11,12,13,14,15]
[1,null,null,{"$f":"VLOOKUP(A49,TIPOLOGIA!$D$10:$E$12,2,0)","v":"MICROÔNIBUS"},"(un./jogos)",{"v":1,"d":"1.00"},{"$f":"F49","v":{"v":1,"d":"1.00"}},{"$f":"G49","v":{"v":1,"d":"1.00"}},{"v":1,"d":"1.00"},{"v":1,"d":"1.00"},{"v":1,"d":"1.00"},{"v":1,"d":"1.00"},{"v":1,"d":"1.00"},{"v":1,"d":"1.00"},{"v":1,"d":"1.00"},{"v":1,"d":"1.00"},{"v":1,"d":"1.00"},{"v":1,"d":"1.00"},{"v":1,"d":"1.00"},{"$f":"S49","v":{"v":1,"d":"1.00"}}]
[2,null,null,{"$f":"VLOOKUP(A50,TIPOLOGIA!$D$10:$E$12,2,0)","v":"CONVENCIONAL"},{"$f":"+E49","v":"(un./jogos)"},{"v":2,"d":"2.00"},{"$f":"F50","v":{"v":2,"d":"2.00"}},{"v":2,"d":"2.00"},{"v":2,"d":"2.00"},{"v":2,"d":"2.00"},{"v":2,"d":"2.00"},{"v":2,"d":"2.00"},{"v":2,"d":"2.00"},{"v":2,"d":"2.00"},{"v":2,"d":"2.00"},{"v":2,"d":"2.00"},{"v":2,"d":"2.00"},{"v":2,"d":"2.00"},{"v":2,"d":"2.00"},{"$f":"S50","v":{"v":2,"d":"2.00"}}]
[3,null,null,{"$f":"VLOOKUP(A51,TIPOLOGIA!$D$10:$E$12,2,0)","v":"-"},{"$f":"+E50","v":"(un./jogos)"},{"v":0,"d":"0.00"},{"$f":"F51","v":{"v":0,"d":"0.00"}},{"v":0,"d":"0.00"},{"v":0,"d":"0.00"},{"v":0,"d":"0.00"},{"v":0,"d":"0.00"},{"v":0,"d":"0.00"},{"v":0,"d":"0.00"},{"v":0,"d":"0.00"},{"v":0,"d":"0.00"},{"v":0,"d":"0.00"},{"v":0,"d":"0.00"},{"v":0,"d":"0.00"},{"v":0,"d":"0.00"},{"$f":"S51","v":{"v":0,"d":"0.00"}}]
[]
[]
[null,null,{"$f":"+MENU!$C$24","v":"2.4. - COEFICIENTE PEÇAS E ACESSÓRIOS"}]
[]
[{"$nulls":3},"PEÇAS E ACESSÓRIOS","Un.",1,{"$f":"+F56+1","v":2},3,4,5,6,7,8,9,10,11,12,13,14,15]
[{"$nulls":3},"Coeficiente Anual sobre preço de Veículo Novo ponderado","(% a.m.)",{"$f":"ROUND(((4%+5%)/2)/12,4)","v":{"v":3.8E-3,"d":"0.0038"}},{"$f":"F57","v":{"v":3.8E-3,"d":"0.0038"}},{"v":3.8E-3,"d":"0.0038"},{"v":3.8E-3,"d":"0.0038"},{"v":3.8E-3,"d":"0.0038"},{"v":3.8E-3,"d":"0.0038"},{"v":3.8E-3,"d":"0.0038"},{"v":3.8E-3,"d":"0.0038"},{"v":3.8E-3,"d":"0.0038"},{"v":3.8E-3,"d":"0.0038"},{"v":3.8E-3,"d":"0.0038"},{"v":3.8E-3,"d":"0.0038"},{"v":3.8E-3,"d":"0.0038"},{"v":3.8E-3,"d":"0.0038"},{"v":3.8E-3,"d":"0.0038"}]
[]
[]
[null,null,{"$f":"+MENU!$C$25","v":"2.5. - CAPITAL INVESTIDO EM VEÍCULOS"}]
[]
[null,null,{"$f":"+MENU!$C$26","v":"2.5.1. - VIDA ECONOMICAMENTE ÚTIL DE VEÍCULOS DA FROTA"}]
[]
[null,null,"VIDA ÚTIL VEÍCULO DA FROTA",null,"Un.",1,{"$f":"+F64+1","v":2},3,4,5,6,7,8,9,10,11,12,13,14,15]
[1,null,null,{"$f":"VLOOKUP(A65,TIPOLOGIA!$D$10:$E$12,2,0)","v":"MICROÔNIBUS"},"(ano)",8,{"$f":"F65","v":8},{"$f":"G65","v":8},8,8,8,8,8,8,8,8,8,8,8,8]
[2,null,null,{"$f":"VLOOKUP(A66,TIPOLOGIA!$D$10:$E$12,2,0)","v":"CONVENCIONAL"},{"$f":"+E65","v":"(ano)"},8,{"$f":"F66","v":8},8,8,8,8,8,8,8,8,8,8,8,8,8]
[3,null,null,{"$f":"VLOOKUP(A67,TIPOLOGIA!$D$10:$E$12,2,0)","v":"-"},{"$f":"+E66","v":"(ano)"},0,0,0,0,0,0,0,0,0,0,0,0,0,0,0]
[]
[null,null,{"$f":"+MENU!$C$27","v":"2.5.2. - VALOR RESIDUAL DE VEÍCULOS DA FROTA"}]
[]
[null,null,"VALOR RESIDUAL",null,"Un.",1,{"$f":"+F71+1","v":2},3,4,5,6,7,8,9,10,11,12,13,14,15]
[1,null,null,{"$f":"VLOOKUP(A72,TIPOLOGIA!$D$10:$E$12,2,0)","v":"MICROÔNIBUS"},"(%/Veíc.)",{"v":0.15,"d":"15.00%"},{"$f":"F72","v":{"v":0.15,"d":"15.00%"}},{"$f":"G72","v":{"v":0.15,"d":"15.00%"}},{"v":0.15,"d":"15.00%"},{"v":0.15,"d":"15.00%"},{"v":0.15,"d":"15.00%"},{"v":0.15,"d":"15.00%"},{"v":0.15,"d":"15.00%"},{"v":0.15,"d":"15.00%"},{"v":0.15,"d":"15.00%"},{"v":0.15,"d":"15.00%"},{"v":0.15,"d":"15.00%"},{"v":0.15,"d":"15.00%"},{"v":0.15,"d":"15.00%"},{"v":0.15,"d":"15.00%"}]
[2,null,null,{"$f":"VLOOKUP(A73,TIPOLOGIA!$D$10:$E$12,2,0)","v":"CONVENCIONAL"},{"$f":"+E72","v":"(%/Veíc.)"},{"v":0.1,"d":"10.00%"},{"$f":"F73","v":{"v":0.1,"d":"10.00%"}},{"v":0.1,"d":"10.00%"},{"v":0.1,"d":"10.00%"},{"v":0.1,"d":"10.00%"},{"v":0.1,"d":"10.00%"},{"v":0.1,"d":"10.00%"},{"v":0.1,"d":"10.00%"},{"v":0.1,"d":"10.00%"},{"v":0.1,"d":"10.00%"},{"v":0.1,"d":"10.00%"},{"v":0.1,"d":"10.00%"},{"v":0.1,"d":"10.00%"},{"v":0.1,"d":"10.00%"},{"v":0.1,"d":"10.00%"}]
[3,null,null,{"$f":"VLOOKUP(A74,TIPOLOGIA!$D$10:$E$12,2,0)","v":"-"},{"$f":"+E73","v":"(%/Veíc.)"},{"v":0,"d":"0.00%"},{"$f":"F74","v":{"v":0,"d":"0.00%"}},{"v":0,"d":"0.00%"},{"v":0,"d":"0.00%"},{"v":0,"d":"0.00%"},{"v":0,"d":"0.00%"},{"v":0,"d":"0.00%"},{"v":0,"d":"0.00%"},{"v":0,"d":"0.00%"},{"v":0,"d":"0.00%"},{"v":0,"d":"0.00%"},{"v":0,"d":"0.00%"},{"v":0,"d":"0.00%"},{"v":0,"d":"0.00%"},{"v":0,"d":"0.00%"}]
[]
[]
[null,null,{"$f":"+MENU!$C$28","v":"2.6. - FATOR DE UTILIZAÇÃO, PARÂMETROS, QUANTITATIVO DE BENEFÍCIOS E ENCARGOS SOCIAIS"}]
[]
[null,null,{"$f":"+MENU!$C$29","v":"2.6.1. - FATOR DE UTILIZAÇÃO DO PESSOAL DE OPERAÇÃO"}]
[]
[null,null,"FATOR DE UTILIZAÇÃO",null,"Un.",1,{"$f":"+F81+1","v":2},3,4,5,6,7,8,9,10,11,12,13,14,15]
[1,null,null,"Motorista","(Func./Veíc. Op.)",2.21,{"$f":"F82","v":2.21},{"$f":"G82","v":2.21},2.21,2.21,2.21,2.21,2.21,2.21,2.21,2.21,2.21,2.21,2.21,{"$f":"S82","v":2.21}]
[2,null,null,"Pessoal de Fiscalização",{"$f":"+E82","v":"(Func./Veíc. Op.)"},{"v":0.2,"d":"0.20"},{"$f":"+F83","v":{"v":0.2,"d":"0.20"}},{"$f":"+G83","v":{"v":0.2,"d":"0.20"}},{"v":0.2,"d":"0.20"},{"v":0.2,"d":"0.20"},{"v":0.2,"d":"0.20"},{"v":0.2,"d":"0.20"},{"v":0.2,"d":"0.20"},{"v":0.2,"d":"0.20"},{"v":0.2,"d":"0.20"},{"v":0.2,"d":"0.20"},{"v":0.2,"d":"0.20"},{"v":0.2,"d":"0.20"},{"v":0.2,"d":"0.20"},{"$f":"S83","v":{"v":0.2,"d":"0.20"}}]
[3,null,null,"Cobrador",{"$f":"+E83","v":"(Func./Veíc. Op.)"},{"v":0.2,"d":"0.20"},{"$f":"+F84","v":{"v":0.2,"d":"0.20"}},{"v":0.2,"d":"0.20"},{"v":0.2,"d":"0.20"},{"v":0.2,"d":"0.20"},{"v":0.2,"d":"0.20"},{"v":0.2,"d":"0.20"},{"v":0.2,"d":"0.20"},{"v":0.2,"d":"0.20"},{"v":0.2,"d":"0.20"},{"v":0.2,"d":"0.20"},{"v":0.2,"d":"0.20"},{"v":0.2,"d":"0.20"},{"v":0.2,"d":"0.20"},{"$f":"S84","v":{"v":0.2,"d":"0.20"}}]
[]
[null,null,{"$f":"+MENU!$C$30","v":"2.6.2. - FATOR DE UTILIZAÇÃO DO PESSOAL DE OPERAÇÃO (FÍSICO) PARA CÁLCULOS DOS BENEFÍCIOS"}]
[]
[null,null,"FATOR DE UTILIZAÇÃO PARA CÁLCULO DOS CUSTEIOS COM BENEFICIOS",null,"Un.",1,{"$f":"+F88+1","v":2},3,4,5,6,7,8,9,10,11,12,13,14,15]
[1,null,null,"Motorista",{"$f":"+E82","v":"(Func./Veíc. Op.)"},2.21,{"$f":"F89","v":2.21},2.21,2.21,2.21,2.21,2.21,2.21,2.21,2.21,2.21,2.21,2.21,2.21,2.21]
[2,null,null,"Pessoal de Fiscalização",{"$f":"+E89","v":"(Func./Veíc. Op.)"},{"v":0.2,"d":"0.20"},{"$f":"+F90","v":{"v":0.2,"d":"0.20"}},{"v":0.2,"d":"0.20"},{"v":0.2,"d":"0.20"},{"v":0.2,"d":"0.20"},{"v":0.2,"d":"0.20"},{"v":0.2,"d":"0.20"},{"v":0.2,"d":"0.20"},{"v":0.2,"d":"0.20"},{"v":0.2,"d":"0.20"},{"v":0.2,"d":"0.20"},{"v":0.2,"d":"0.20"},{"v":0.2,"d":"0.20"},{"v":0.2,"d":"0.20"},{"$f":"S90","v":{"v":0.2,"d":"0.20"}}]
[3,null,null,"Cobrador",{"$f":"+E90","v":"(Func./Veíc. Op.)"},{"v":0.2,"d":"0.20"},{"$f":"+F91","v":{"v":0.2,"d":"0.20"}},{"v":0.2,"d":"0.20"},{"v":0.2,"d":"0.20"},{"v":0.2,"d":"0.20"},{"v":0.2,"d":"0.20"},{"v":0.2,"d":"0.20"},{"v":0.2,"d":"0.20"},{"v":0.2,"d":"0.20"},{"v":0.2,"d":"0.20"},{"v":0.2,"d":"0.20"},{"v":0.2,"d":"0.20"},{"v":0.2,"d":"0.20"},{"v":0.2,"d":"0.20"},{"$f":"S91","v":{"v":0.2,"d":"0.20"}}]
[]
[]
[null,null,{"$f":"+MENU!$C$31","v":"2.6.3. - PARÂMETRO PESSOAL DE MANUTEÇÃO"}]
[]
[null,null,"PESSOAL DE MANUTENÇÃO",null,"Un.",1,{"$f":"+F96+1","v":2},3,4,5,6,7,8,9,10,11,12,13,14,15]
[1,null,null,"% sobre pessoal de operação","(%/P. Op.)",{"$f":"ROUND((12%+13%)/2,4)","v":{"v":0.125,"d":"0.1250"}},{"$f":"F97","v":{"v":0.125,"d":"0.1250"}},{"v":0.125,"d":"0.1250"},{"v":0.125,"d":"0.1250"},{"v":0.125,"d":"0.1250"},{"v":0.125,"d":"0.1250"},{"v":0.125,"d":"0.1250"},{"v":0.125,"d":"0.1250"},{"v":0.125,"d":"0.1250"},{"v":0.125,"d":"0.1250"},{"v":0.125,"d":"0.1250"},{"v":0.125,"d":"0.1250"},{"v":0.125,"d":"0.1250"},{"v":0.125,"d":"0.1250"},{"v":0.125,"d":"0.1250"}]
[]
[]
[null,null,{"$f":"+MENU!$C$32","v":"2.6.4. - PARÂMETRO PESSOAL DE ADMINISTRATIVO"}]
[]
[null,null,"PESSOAL ADMINISTRATIVO",null,"Un.",1,{"$f":"+F102+1","v":2},3,4,5,6,7,8,9,10,11,12,13,14,15]
[{"$nulls":3},"% sobre pessoal de operação","(%/P. Op.)",{"$f":"ROUND((8%+9%)/2,4)","v":{"v":0.085,"d":"0.0850"}},{"$f":"F103","v":{"v":0.085,"d":"0.0850"}},{"v":0.085,"d":"0.0850"},{"v":0.085,"d":"0.0850"},{"v":0.085,"d":"0.0850"},{"v":0.085,"d":"0.0850"},{"v":0.085,"d":"0.0850"},{"v":0.085,"d":"0.0850"},{"v":0.085,"d":"0.0850"},{"v":0.085,"d":"0.0850"},{"v":0.085,"d":"0.0850"},{"v":0.085,"d":"0.0850"},{"v":0.085,"d":"0.0850"},{"v":0.085,"d":"0.0850"},{"v":0.085,"d":"0.0850"}]
[]
[]
[null,null,{"$f":"+MENU!$C$33","v":"2.6.5. - QUANTITATIVO DE BENEFÍCIOS"}]
[]
[null,null,"QUANTITATIVO DE BENEFÍCIOS",null,"Un.",1,{"$f":"+F108+1","v":2},3,4,5,6,7,8,9,10,11,12,13,14,15]
[1,null,null,"Cesta Básica","(Un./Mês)",1,{"$f":"+F109","v":1},1,1,1,1,1,1,1,1,1,1,1,1,{"$f":"S109","v":1}]
[2,null,null,"Vale Refeição","(Ticket/Mês)",30,30,30,30,30,30,30,30,30,30,30,30,30,30,{"$f":"S110","v":30}]
[3,null,null,"Convenio Médico",{"$f":"+E109","v":"(Un./Mês)"},0,0,0,0,0,0,0,0,0,0,0,0,0,0,{"$f":"S111","v":0}]
[3,null,null,"Participação nos Lucros e Resultados",{"$f":"+E111","v":"(Un./Mês)"},0,0,0,0,0,0,0,0,0,0,0,0,0,0,{"$f":"S112","v":0}]
[3,null,null,"Cafe da Manhã",{"$f":"+E112","v":"(Un./Mês)"},0,0,0,0,0,0,0,0,0,0,0,0,0,0,{"$f":"S113","v":0}]
[]
[]
[null,null,{"$f":"+MENU!$C$34","v":"2.7. - TOTAL DE ENCARGOS SOCIAIS"}]
[]
[null,null,"ENCARGOS SOCIAIS",null,"Un.",1,{"$f":"+F118+1","v":2},3,4,5,6,7,8,9,10,11,12,13,14,15]
[1,null,null,"Total de Encargos Sociais","(%/mês)",{"$f":"+'9. ENCARGOS SOCIAIS'!C42","v":{"v":0.42713,"d":"42.71%"}},{"$f":"+'9. ENCARGOS SOCIAIS'!D42","v":{"v":0.65419,"d":"65.42%"}},{"$f":"+'9. ENCARGOS SOCIAIS'!E42","v":{"v":0.65419,"d":"65.42%"}},{"$f":"+'9. ENCARGOS SOCIAIS'!F42","v":{"v":0.65419,"d":"65.42%"}},{"$f":"+'9. ENCARGOS SOCIAIS'!G42","v":{"v":0.65419,"d":"65.42%"}},{"$f":"+'9. ENCARGOS SOCIAIS'!H42","v":{"v":0.65419,"d":"65.42%"}},{"$f":"+'9. ENCARGOS SOCIAIS'!I42","v":{"v":0.65419,"d":"65.42%"}},{"$f":"+'9. ENCARGOS SOCIAIS'!J42","v":{"v":0.65419,"d":"65.42%"}},{"$f":"+'9. ENCARGOS SOCIAIS'!K42","v":{"v":0.65419,"d":"65.42%"}},{"$f":"+'9. ENCARGOS SOCIAIS'!L42","v":{"v":0.65419,"d":"65.42%"}},{"$f":"+'9. ENCARGOS SOCIAIS'!M42","v":{"v":0.65419,"d":"65.42%"}},{"$f":"+'9. ENCARGOS SOCIAIS'!N42","v":{"v":0.65419,"d":"65.42%"}},{"$f":"+'9. ENCARGOS SOCIAIS'!O42","v":{"v":0.65419,"d":"65.42%"}},{"$f":"+'9. ENCARGOS SOCIAIS'!P42","v":{"v":0.65419,"d":"65.42%"}},{"$f":"+'9. ENCARGOS SOCIAIS'!Q42","v":{"v":0.65419,"d":"65.42%"}}]
[]
[]
[null,null,{"$f":"+MENU!$C$35","v":"2.8. - DESPESAS ADMINISTRATIVAS"}]
[]
[null,null,{"$f":"+MENU!$C$36","v":"2.8.1 - DESPESAS GERAIS"}]
[]
[null,null,"DESPESAS GERAIS",null,"Un.",1,{"$f":"+F126+1","v":2},3,4,5,6,7,8,9,10,11,12,13,14,15]
[1,null,null,"% Desp. Gerais sobre preço Veículo Leve Novo Completo","(%/mês)",{"$f":"2.2%/12","v":{"v":1.8333333333333335E-3,"d":"0.0018"}},{"$f":"+F127","v":{"v":1.8333333333333335E-3,"d":"0.0018"}},{"$f":"+G127","v":{"v":1.8333333333333335E-3,"d":"0.0018"}},{"v":1.8333333333333335E-3,"d":"0.0018"},{"v":1.8333333333333335E-3,"d":"0.0018"},{"v":1.8333333333333335E-3,"d":"0.0018"},{"v":1.8333333333333335E-3,"d":"0.0018"},{"v":1.8333333333333335E-3,"d":"0.0018"},{"v":1.8333333333333335E-3,"d":"0.0018"},{"v":1.8333333333333335E-3,"d":"0.0018"},{"v":1.8333333333333335E-3,"d":"0.0018"},{"v":1.8333333333333335E-3,"d":"0.0018"},{"v":1.8333333333333335E-3,"d":"0.0018"},{"v":1.8333333333333335E-3,"d":"0.0018"},{"v":1.8333333333333335E-3,"d":"0.0018"}]
[]
[null,null,{"$f":"+MENU!$C$37","v":"2.8.2 - CUSTEIOS COM PRÓ-LABORE"}]
[]
[null,null,"PRÓ-LABORE",null,"Un.",1,{"$f":"+F131+1","v":2},3,4,5,6,7,8,9,10,11,12,13,14,15]
[1,null,null,"% Sobre Pessoal de Operação","(%/mês)",{"v":0.1,"d":"10.00%"},{"$f":"+F132","v":{"v":0.1,"d":"10.00%"}},{"$f":"+G132","v":{"v":0.1,"d":"10.00%"}},{"v":0.1,"d":"10.00%"},{"v":0.1,"d":"10.00%"},{"v":0.1,"d":"10.00%"},{"v":0.1,"d":"10.00%"},{"v":0.1,"d":"10.00%"},{"v":0.1,"d":"10.00%"},{"v":0.1,"d":"10.00%"},{"v":0.1,"d":"10.00%"},{"v":0.1,"d":"10.00%"},{"v":0.1,"d":"10.00%"},{"v":0.1,"d":"10.00%"},{"v":0.1,"d":"10.00%"}]
[]
[null,null,{"$f":"+MENU!$C$38","v":"2.8.3 - REMUNERAÇÃO DO ALMOXARIFADO"}]
[]
[null,null,"ALMOXARIFADO",null,"Un.",1,{"$f":"+F136+1","v":2},3,4,5,6,7,8,9,10,11,12,13,14,15]
[1,null,null,"% sobre preço Veículo Novo Ponderado Completo","(%/mês)",0.0003,{"$f":"+F137","v":0.0003},{"$f":"+G137","v":0.0003},0.0003,0.0003,0.0003,0.0003,0.0003,0.0003,0.0003,0.0003,0.0003,0.0003,0.0003,0.0003]

{"sheet":"3. PREÇOS INSUMOS","index":4,"n_rows":201,"n_cols":21,"rows_kept":201,"merged":[[10,2,10,4],[11,3,11,4],[12,3,12,4],[17,2,17,4],[25,2,25,4],[32,2,32,4],[42,2,42,4],[49,2,49,3],[64,2,64,3],[79,2,79,3],[102,2,102,3],[117,2,117,3],[132,2,132,3],[148,3,148,4],[158,2,158,4],[166,2,166,4],[176,2,176,4],[183,2,183,4],[193,2,193,4],[199,2,199,4]]}
[]
[{"$nulls":5},"SECRETARIA MUNICIPAL DE DESENVOLVIMENTO URBANO"]
[{"$nulls":5},{"$f":"MENU!$B$3&\"  -  \"&+MENU!$B$4","v":"CONCORRÊNCIA Nº 003/18  -  "}]
[{"$nulls":5},{"$f":"+MENU!$C$2","v":"ESTUDO TÉCNICO DE VIABILIDADE ECONÔMICA DA OPERAÇÃO DO SERVIÇO DE TRANSPORTE COLETIVO DA CIDADE DE AMPARO"}]
[{"$nulls":5},{"$f":"+MENU!$C$3","v":"ANEXO IV.1 - ESTUDO TÉCNICO DE VIABILIDADE ECONÔMICA - ORÇAMENTO ESTIMADO"},{"$nulls":14},{"$f":"+MENU!$C$5","v":"DATA BASE DE CÁLCULO: MARÇO 2020"}]
[]
[null,{"$f":"+MENU!$C$39","v":"3. - PREÇOS DE INSUMOS, SALÁRIOS E BENEFÍCIOS"}]
[]
[null,null,{"$f":"+MENU!$C$40","v":"3.1. - PREÇOS DE COMBUSTÍVEIS"}]
[]
[null,null,"COMBUSTÍVEIS",null,null,"Un.",1,{"$f":"+G11+1","v":2},3,4,5,6,7,8,9,10,11,12,13,14,15]
[{"$nulls":3},"Preço de Óleo Diesel",null,"(R$/ℓ)",{"v":2.659,"d":"2.6590"},{"$f":"+G12","v":{"v":2.659,"d":"2.6590"}},{"$f":"+H12","v":{"v":2.659,"d":"2.6590"}},{"v":2.659,"d":"2.6590"},{"v":2.659,"d":"2.6590"},{"v":2.659,"d":"2.6590"},{"v":2.659,"d":"2.6590"},{"v":2.659,"d":"2.6590"},{"v":2.659,"d":"2.6590"},{"v":2.659,"d":"2.6590"},{"v":2.659,"d":"2.6590"},{"v":2.659,"d":"2.6590"},{"v":2.659,"d":"2.6590"},{"v":2.659,"d":"2.6590"},{"v":2.659,"d":"2.6590"}]
[{"$nulls":3},"Preço de Arla32",null,"(R$/ℓ)",{"v":1.2,"d":"1.2000"},{"$f":"+G13","v":{"v":1.2,"d":"1.2000"}},{"v":1.2,"d":"1.2000"},{"v":1.2,"d":"1.2000"},{"v":1.2,"d":"1.2000"},{"v":1.2,"d":"1.2000"},{"v":1.2,"d":"1.2000"},{"v":1.2,"d":"1.2000"},{"v":1.2,"d":"1.2000"},{"v":1.2,"d":"1.2000"},{"v":1.2,"d":"1.2000"},{"v":1.2,"d":"1.2000"},{"v":1.2,"d":"1.2000"},{"v":1.2,"d":"1.2000"},{"v":1.2,"d":"1.2000"}]
[]
[]
[null,null,{"$f":"+MENU!$C$41","v":"3.2. - PREÇO DE LUBRIFICANTES"}]
[]
[null,null,"LUBRIFICANTES",null,null,"Un.",1,{"$f":"+G18+1","v":2},3,4,5,6,7,8,9,10,11,12,13,14,15]
[{"$nulls":3},"Valor de Lubrificantes por Litro",null,"(R$/ℓ)",{"$f":"ROUND('2. COEFICIENTES'!F27*G12,4)","v":0.1197},{"$f":"ROUND('2. COEFICIENTES'!G27*H12,4)","v":0.1197},{"$f":"ROUND('2. COEFICIENTES'!H27*I12,4)","v":0.1197},{"$f":"ROUND('2. COEFICIENTES'!I27*J12,4)","v":0.1197},{"$f":"ROUND('2. COEFICIENTES'!J27*K12,4)","v":0.1197},{"$f":"ROUND('2. COEFICIENTES'!K27*L12,4)","v":0.1197},{"$f":"ROUND('2. COEFICIENTES'!L27*M12,4)","v":0.1197},{"$f":"ROUND('2. COEFICIENTES'!M27*N12,4)","v":0.1197},{"$f":"ROUND('2. COEFICIENTES'!N27*O12,4)","v":0.1197},{"$f":"ROUND('2. COEFICIENTES'!O27*P12,4)","v":0.1197},{"$f":"ROUND('2. COEFICIENTES'!P27*Q12,4)","v":0.1197},{"$f":"ROUND('2. COEFICIENTES'!Q27*R12,4)","v":0.1197},{"$f":"ROUND('2. COEFICIENTES'!R27*S12,4)","v":0.1197},{"$f":"ROUND('2. COEFICIENTES'!S27*T12,4)","v":0.1197},{"$f":"ROUND('2. COEFICIENTES'!T27*U12,4)","v":0.1197}]
[]
[]
[null,null,{"$f":"+MENU!$C$42","v":"3.3. - PREÇOS DE MATERIAL DE RODAGEM"}]
[]
[null,null,{"$f":"+MENU!$C$43","v":"3.3.1. - PREÇOS DE PNEU NOVO"}]
[]
[null,null,"PNEU NOVO",null,null,"Un.",1,{"$f":"+G26+1","v":2},3,4,5,6,7,8,9,10,11,12,13,14,15]
[1,null,null,{"$f":"VLOOKUP(A27,TIPOLOGIA!$D$10:$E$12,2,0)","v":"MICROÔNIBUS"},null,"(R$/un.)",512.56,{"$f":"G27","v":512.56},{"$f":"H27","v":512.56},512.56,512.56,512.56,512.56,512.56,512.56,512.56,512.56,512.56,512.56,512.56,{"$f":"T27","v":512.56}]
[2,null,null,{"$f":"VLOOKUP(A28,TIPOLOGIA!$D$10:$E$12,2,0)","v":"CONVENCIONAL"},null,{"$f":"+F27","v":"(R$/un.)"},{"v":1252.15,"d":"1,252.15"},{"$f":"G28","v":{"v":1252.15,"d":"1,252.15"}},{"$f":"H28","v":{"v":1252.15,"d":"1,252.15"}},{"v":1252.15,"d":"1,252.15"},{"v":1252.15,"d":"1,252.15"},{"v":1252.15,"d":"1,252.15"},{"v":1252.15,"d":"1,252.15"},{"v":1252.15,"d":"1,252.15"},{"v":1252.15,"d":"1,252.15"},{"v":1252.15,"d":"1,252.15"},{"v":1252.15,"d":"1,252.15"},{"v":1252.15,"d":"1,252.15"},{"v":1252.15,"d":"1,252.15"},{"v":1252.15,"d":"1,252.15"},{"$f":"T28","v":{"v":1252.15,"d":"1,252.15"}}]
[3,null,null,{"$f":"VLOOKUP(A29,TIPOLOGIA!$D$10:$E$12,2,0)","v":"-"},null,{"$f":"+F28","v":"(R$/un.)"},{"v":0,"d":"0.00"},{"$f":"G29","v":{"v":0,"d":"0.00"}},{"$f":"H29","v":{"v":0,"d":"0.00"}},{"v":0,"d":"0.00"},{"v":0,"d":"0.00"},{"v":0,"d":"0.00"},{"v":0,"d":"0.00"},{"v":0,"d":"0.00"},{"v":0,"d":"0.00"},{"v":0,"d":"0.00"},{"v":0,"d":"0.00"},{"v":0,"d":"0.00"},{"v":0,"d":"0.00"},{"v":0,"d":"0.00"},{"$f":"T29","v":{"v":0,"d":"0.00"}}]
[]
[null,null,{"$f":"+MENU!$C$44","v":"3.3.2. - PREÇOS DE RECAPAGEM"}]
[]
[null,null,"RECAPAGEM",null,null,"Un.",1,{"$f":"+G33+1","v":2},3,4,5,6,7,8,9,10,11,12,13,14,15]
[1,null,null,{"$f":"VLOOKUP(A34,TIPOLOGIA!$D$10:$E$12,2,0)","v":"MICROÔNIBUS"},null,"(R$/un.)",{"v":298,"d":"298.00"},{"$f":"G34","v":{"v":298,"d":"298.00"}},{"$f":"H34","v":{"v":298,"d":"298.00"}},{"v":298,"d":"298.00"},{"v":298,"d":"298.00"},{"v":298,"d":"298.00"},{"v":298,"d":"298.00"},{"v":298,"d":"298.00"},{"v":298,"d":"298.00"},{"v":298,"d":"298.00"},{"v":298,"d":"298.00"},{"v":298,"d":"298.00"},{"v":298,"d":"298.00"},{"v":298,"d":"298.00"},{"$f":"T34","v":{"v":298,"d":"298.00"}}]
[2,null,null,{"$f":"VLOOKUP(A35,TIPOLOGIA!$D$10:$E$12,2,0)","v":"CONVENCIONAL"},null,"(R$/un.)",{"v":457,"d":"457.00"},{"$f":"G35","v":{"v":457,"d":"457.00"}},{"$f":"H35","v":{"v":457,"d":"457.00"}},{"v":457,"d":"457.00"},{"v":457,"d":"457.00"},{"v":457,"d":"457.00"},{"v":457,"d":"457.00"},{"v":457,"d":"457.00"},{"v":457,"d":"457.00"},{"v":457,"d":"457.00"},{"v":457,"d":"457.00"},{"v":457,"d":"457.00"},{"v":457,"d":"457.00"},{"v":457,"d":"457.00"},{"$f":"T35","v":{"v":457,"d":"457.00"}}]
[3,null,null,{"$f":"VLOOKUP(A36,TIPOLOGIA!$D$10:$E$12,2,0)","v":"-"},null,"(R$/un.)",{"v":0,"d":"0.00"},{"$f":"G36","v":{"v":0,"d":"0.00"}},{"$f":"H36","v":{"v":0,"d":"0.00"}},{"v":0,"d":"0.00"},{"v":0,"d":"0.00"},{"v":0,"d":"0.00"},{"v":0,"d":"0.00"},{"v":0,"d":"0.00"},{"v":0,"d":"0.00"},{"v":0,"d":"0.00"},{"v":0,"d":"0.00"},{"v":0,"d":"0.00"},{"v":0,"d":"0.00"},{"v":0,"d":"0.00"},{"$f":"T36","v":{"v":0,"d":"0.00"}}]
[]
[]
[null,null,{"$f":"+MENU!$C$45","v":"3.4. - PREÇOS DE VEÍCULOS"}]
[]
[null,null,{"$f":"+MENU!$C$46","v":"3.4.1. - PREÇO DE VEÍCULO NOVO COMPLETO COM RODAGEM"}]
[]
[null,null,"Preço de Veículo Novo Completo",null,null,"Un.",1,{"$f":"+G43+1","v":2},3,4,5,6,7,8,9,10,11,12,13,14,15]
[1,null,null,{"$f":"\"Preço de 1 Veíc. \"&VLOOKUP(A44,TIPOLOGIA!$D$10:$E$12,2,0)","v":"Preço de 1 Veíc. MICROÔNIBUS"},null,"(R$/Veíc.)",{"v":309000,"d":"309,000.00"},{"$f":"G44","v":{"v":309000,"d":"309,000.00"}},{"$f":"H44","v":{"v":309000,"d":"309,000.00"}},{"v":309000,"d":"309,000.00"},{"v":309000,"d":"309,000.00"},{"v":309000,"d":"309,000.00"},{"v":309000,"d":"309,000.00"},{"v":309000,"d":"309,000.00"},{"v":309000,"d":"309,000.00"},{"v":309000,"d":"309,000.00"},{"v":309000,"d":"309,000.00"},{"v":309000,"d":"309,000.00"},{"v":309000,"d":"309,000.00"},{"v":309000,"d":"309,000.00"},{"v":309000,"d":"309,000.00"}]
[2,null,null,{"$f":"\"Preço de 1 Veíc. \"&VLOOKUP(A45,TIPOLOGIA!$D$10:$E$12,2,0)","v":"Preço de 1 Veíc. CONVENCIONAL"},null,{"$f":"+F44","v":"(R$/Veíc.)"},{"v":388000,"d":"388,000.00"},{"$f":"G45","v":{"v":388000,"d":"388,000.00"}},{"v":388000,"d":"388,000.00"},{"v":388000,"d":"388,000.00"},{"v":388000,"d":"388,000.00"},{"v":388000,"d":"388,000.00"},{"v":388000,"d":"388,000.00"},{"v":388000,"d":"388,000.00"},{"v":388000,"d":"388,000.00"},{"v":388000,"d":"388,000.00"},{"v":388000,"d":"388,000.00"},{"v":388000,"d":"388,000.00"},{"v":388000,"d":"388,000.00"},{"v":388000,"d":"388,000.00"},{"v":388000,"d":"388,000.00"}]
[3,null,null,{"$f":"\"Preço de 1 Veíc. \"&VLOOKUP(A46,TIPOLOGIA!$D$10:$E$12,2,0)","v":"Preço de 1 Veíc. -"},null,{"$f":"+F45","v":"(R$/Veíc.)"},{"v":0,"d":"0.00"},{"$f":"G46","v":{"v":0,"d":"0.00"}},{"v":0,"d":"0.00"},{"v":0,"d":"0.00"},{"v":0,"d":"0.00"},{"v":0,"d":"0.00"},{"v":0,"d":"0.00"},{"v":0,"d":"0.00"},{"v":0,"d":"0.00"},{"v":0,"d":"0.00"},{"v":0,"d":"0.00"},{"v":0,"d":"0.00"},{"v":0,"d":"0.00"},{"v":0,"d":"0.00"},{"v":0,"d":"0.00"}]
[]
[1,null,{"$f":"+MENU!$C$47","v":"3.4.1.1 - PREÇO DE VEÍCULO COM FATOR DE DEPRECIAÇÃO -  MICROÔNIBUS"}]
[]
[null,null,"FAIXA ETÁRIA",null,"Fator de depreciação","% valor do veíc. novo",1,{"$f":"+G50+1","v":2},3,4,5,6,7,8,9,10,11,12,13,14,15]
[null,null,0,"00 a 01 ano",{"$f":"(1-'2. COEFICIENTES'!$F$72)*('2. COEFICIENTES'!$F$65/SUM($C$51:$C$59))","v":{"v":0.18888888888888888,"d":"0.1889"}},{"v":1,"d":"1.0000"},{"$f":"G$44*$F51","v":{"v":309000,"d":"309,000.00"}},{"$f":"H$44*$F51","v":{"v":309000,"d":"309,000.00"}},{"v":309000,"d":"309,000.00"},{"v":309000,"d":"309,000.00"},{"v":309000,"d":"309,000.00"},{"v":309000,"d":"309,000.00"},{"v":309000,"d":"309,000.00"},{"v":309000,"d":"309,000.00"},{"v":309000,"d":"309,000.00"},{"v":309000,"d":"309,000.00"},{"v":309000,"d":"309,000.00"},{"v":309000,"d":"309,000.00"},{"v":309000,"d":"309,000.00"},{"v":309000,"d":"309,000.00"},{"v":309000,"d":"309,000.00"}]
[null,null,1,"01 a 02 ano",{"$f":"(1-'2. COEFICIENTES'!$F$72)*(('2. COEFICIENTES'!$F$65-MAX($C$51:C52))/SUM($C$51:$C$59))","v":{"v":0.16527777777777777,"d":"0.1653"}},{"$f":"F51-E51","v":{"v":0.8111111111111111,"d":"0.8111"}},{"$f":"G$44*$F52","v":{"v":250633.33333333334,"d":"250,633.33"}},{"v":250633.33333333334,"d":"250,633.33"},{"v":250633.33333333334,"d":"250,633.33"},{"v":250633.33333333334,"d":"250,633.33"},{"v":250633.33333333334,"d":"250,633.33"},{"v":250633.33333333334,"d":"250,633.33"},{"v":250633.33333333334,"d":"250,633.33"},{"v":250633.33333333334,"d":"250,633.33"},{"v":250633.33333333334,"d":"250,633.33"},{"v":250633.33333333334,"d":"250,633.33"},{"v":250633.33333333334,"d":"250,633.33"},{"v":250633.33333333334,"d":"250,633.33"},{"v":250633.33333333334,"d":"250,633.33"},{"v":250633.33333333334,"d":"250,633.33"},{"v":250633.33333333334,"d":"250,633.33"}]
[null,null,2,"02 a 03 ano",{"$f":"(1-'2. COEFICIENTES'!$F$72)*(('2. COEFICIENTES'!$F$65-MAX($C$51:C53))/SUM($C$51:$C$59))","v":{"v":0.14166666666666666,"d":"0.1417"}},{"v":0.6458333333333334,"d":"0.6458"},{"v":199562.5,"d":"199,562.50"},{"v":199562.5,"d":"199,562.50"},{"v":199562.5,"d":"199,562.50"},{"v":199562.5,"d":"199,562.50"},{"v":199562.5,"d":"199,562.50"},{"v":199562.5,"d":"199,562.50"},{"v":199562.5,"d":"199,562.50"},{"v":199562.5,"d":"199,562.50"},{"v":199562.5,"d":"199,562.50"},{"v":199562.5,"d":"199,562.50"},{"v":199562.5,"d":"199,562.50"},{"v":199562.5,"d":"199,562.50"},{"v":199562.5,"d":"199,562.50"},{"v":199562.5,"d":"199,562.50"},{"v":199562.5,"d":"199,562.50"}]
[null,null,3,"03 a 04 ano",{"$f":"(1-'2. COEFICIENTES'!$F$72)*(('2. COEFICIENTES'!$F$65-MAX($C$51:C54))/SUM($C$51:$C$59))","v":{"v":0.11805555555555555,"d":"0.1181"}},{"v":0.5041666666666667,"d":"0.5042"},{"v":155787.5,"d":"155,787.50"},{"v":155787.5,"d":"155,787.50"},{"v":155787.5,"d":"155,787.50"},{"v":155787.5,"d":"155,787.50"},{"v":155787.5,"d":"155,787.50"},{"v":155787.5,"d":"155,787.50"},{"v":155787.5,"d":"155,787.50"},{"v":155787.5,"d":"155,787.50"},{"v":155787.5,"d":"155,787.50"},{"v":155787.5,"d":"155,787.50"},{"v":155787.5,"d":"155,787.50"},{"v":155787.5,"d":"155,787.50"},{"v":155787.5,"d":"155,787.50"},{"v":155787.5,"d":"155,787.50"},{"v":155787.5,"d":"155,787.50"}]
[null,null,4,"04 a 05 ano",{"$f":"(1-'2. COEFICIENTES'!$F$72)*(('2. COEFICIENTES'!$F$65-MAX($C$51:C55))/SUM($C$51:$C$59))","v":{"v":0.09444444444444444,"d":"0.0944"}},{"v":0.38611111111111107,"d":"0.3861"},{"v":119308.33333333331,"d":"119,308.33"},{"v":119308.33333333331,"d":"119,308.33"},{"v":119308.33333333331,"d":"119,308.33"},{"v":119308.33333333331,"d":"119,308.33"},{"v":119308.33333333331,"d":"119,308.33"},{"v":119308.33333333331,"d":"119,308.33"},{"v":119308.33333333331,"d":"119,308.33"},{"v":119308.33333333331,"d":"119,308.33"},{"v":119308.33333333331,"d":"119,308.33"},{"v":119308.33333333331,"d":"119,308.33"},{"v":119308.33333333331,"d":"119,308.33"},{"v":119308.33333333331,"d":"119,308.33"},{"v":119308.33333333331,"d":"119,308.33"},{"v":119308.33333333331,"d":"119,308.33"},{"v":119308.33333333331,"d":"119,308.33"}]
[null,null,5,"05 a 06 ano",{"$f":"(1-'2. COEFICIENTES'!$F$72)*(('2. COEFICIENTES'!$F$65-MAX($C$51:C56))/SUM($C$51:$C$59))","v":{"v":0.07083333333333333,"d":"0.0708"}},{"v":0.29166666666666663,"d":"0.2917"},{"v":90124.99999999999,"d":"90,125.00"},{"v":90124.99999999999,"d":"90,125.00"},{"v":90124.99999999999,"d":"90,125.00"},{"v":90124.99999999999,"d":"90,125.00"},{"v":90124.99999999999,"d":"90,125.00"},{"v":90124.99999999999,"d":"90,125.00"},{"v":90124.99999999999,"d":"90,125.00"},{"v":90124.99999999999,"d":"90,125.00"},{"v":90124.99999999999,"d":"90,125.00"},{"v":90124.99999999999,"d":"90,125.00"},{"v":90124.99999999999,"d":"90,125.00"},{"v":90124.99999999999,"d":"90,125.00"},{"v":90124.99999999999,"d":"90,125.00"},{"v":90124.99999999999,"d":"90,125.00"},{"v":90124.99999999999,"d":"90,125.00"}]
[null,null,6,"06 a 07 ano",{"$f":"(1-'2. COEFICIENTES'!$F$72)*(('2. COEFICIENTES'!$F$65-MAX($C$51:C57))/SUM($C$51:$C$59))","v":{"v":0.04722222222222222,"d":"0.0472"}},{"v":0.2208333333333333,"d":"0.2208"},{"v":68237.49999999999,"d":"68,237.50"},{"v":68237.49999999999,"d":"68,237.50"},{"v":68237.49999999999,"d":"68,237.50"},{"v":68237.49999999999,"d":"68,237.50"},{"v":68237.49999999999,"d":"68,237.50"},{"v":68237.49999999999,"d":"68,237.50"},{"v":68237.49999999999,"d":"68,237.50"},{"v":68237.49999999999,"d":"68,237.50"},{"v":68237.49999999999,"d":"68,237.50"},{"v":68237.49999999999,"d":"68,237.50"},{"v":68237.49999999999,"d":"68,237.50"},{"v":68237.49999999999,"d":"68,237.50"},{"v":68237.49999999999,"d":"68,237.50"},{"v":68237.49999999999,"d":"68,237.50"},{"v":68237.49999999999,"d":"68,237.50"}]
[null,null,7,"07 a 08 ano",{"$f":"(1-'2. COEFICIENTES'!$F$72)*(('2. COEFICIENTES'!$F$65-MAX($C$51:C58))/SUM($C$51:$C$59))","v":{"v":0.02361111111111111,"d":"0.0236"}},{"v":0.17361111111111108,"d":"0.1736"},{"v":53645.83333333332,"d":"53,645.83"},{"v":53645.83333333332,"d":"53,645.83"},{"v":53645.83333333332,"d":"53,645.83"},{"v":53645.83333333332,"d":"53,645.83"},{"v":53645.83333333332,"d":"53,645.83"},{"v":53645.83333333332,"d":"53,645.83"},{"v":53645.83333333332,"d":"53,645.83"},{"v":53645.83333333332,"d":"53,645.83"},{"v":53645.83333333332,"d":"53,645.83"},{"v":53645.83333333332,"d":"53,645.83"},{"v":53645.83333333332,"d":"53,645.83"},{"v":53645.83333333332,"d":"53,645.83"},{"v":53645.83333333332,"d":"53,645.83"},{"v":53645.83333333332,"d":"53,645.83"},{"v":53645.83333333332,"d":"53,645.83"}]
[null,null,8,"08 a 09 ano",{"$f":"IF(C59>'2. COEFICIENTES'!$F$65,0,(1-'2. COEFICIENTES'!$F$72)*(('2. COEFICIENTES'!$F$65-MAX($C$51:C59))/SUM($C$51:$C$59)))","v":{"v":0,"d":"0.0000"}},{"$f":"F58-E58","v":{"v":0.14999999999999997,"d":"0.1500"}},{"v":46349.99999999999,"d":"46,350.00"},{"v":46349.99999999999,"d":"46,350.00"},{"v":46349.99999999999,"d":"46,350.00"},{"v":46349.99999999999,"d":"46,350.00"},{"v":46349.99999999999,"d":"46,350.00"},{"v":46349.99999999999,"d":"46,350.00"},{"v":46349.99999999999,"d":"46,350.00"},{"v":46349.99999999999,"d":"46,350.00"},{"v":46349.99999999999,"d":"46,350.00"},{"v":46349.99999999999,"d":"46,350.00"},{"v":46349.99999999999,"d":"46,350.00"},{"v":46349.99999999999,"d":"46,350.00"},{"v":46349.99999999999,"d":"46,350.00"},{"v":46349.99999999999,"d":"46,350.00"},{"v":46349.99999999999,"d":"46,350.00"}]
[null,null,9,"09 a 10 ano",{"$f":"IF(C60>'2. COEFICIENTES'!$F$65,0,(1-'2. COEFICIENTES'!$F$72)*(('2. COEFICIENTES'!$F$65-MAX($C$51:C60))/SUM($C$51:$C$59)))","v":{"v":0,"d":"0.0000"}},{"$f":"IF(E59=0,0,F59-E59)","v":{"v":0,"d":"0.0000"}},{"v":0,"d":"0.00"},{"v":0,"d":"0.00"},{"v":0,"d":"0.00"},{"v":0,"d":"0.00"},{"v":0,"d":"0.00"},{"v":0,"d":"0.00"},{"v":0,"d":"0.00"},{"v":0,"d":"0.00"},{"v":0,"d":"0.00"},{"v":0,"d":"0.00"},{"v":0,"d":"0.00"},{"v":0,"d":"0.00"},{"v":0,"d":"0.00"},{"v":0,"d":"0.00"},{"v":0,"d":"0.00"}]
[null,null,10,"+10 anos",{"$f":"IF(C61>'2. COEFICIENTES'!$F$65,0,(1-'2. COEFICIENTES'!$F$72)*(('2. COEFICIENTES'!$F$65-MAX($C$51:C61))/SUM($C$51:$C$59)))","v":{"v":0,"d":"0.0000"}},{"$f":"IF(E60=0,0,F60-E60)","v":{"v":0,"d":"0.0000"}},{"v":0,"d":"0.00"},{"v":0,"d":"0.00"},{"v":0,"d":"0.00"},{"v":0,"d":"0.00"},{"v":0,"d":"0.00"},{"v":0,"d":"0.00"},{"v":0,"d":"0.00"},{"v":0,"d":"0.00"},{"v":0,"d":"0.00"},{"v":0,"d":"0.00"},{"v":0,"d":"0.00"},{"v":0,"d":"0.00"},{"v":0,"d":"0.00"},{"v":0,"d":"0.00"},{"v":0,"d":"0.00"}]
[]
[2,null,{"$f":"+MENU!$C$48","v":"3.4.1.2 - PREÇO DE VEÍCULO COM FATOR DE DEPRECIAÇÃO -  CONVENCIONAL"}]
[]
[null,null,"FAIXA ETÁRIA",null,"Fator de depreciação","% valor do veíc. novo",1,{"$f":"+G65+1","v":2},3,4,5,6,7,8,9,10,11,12,13,14,15]
[null,null,0,"00 a 01 ano",{"$f":"(1-'2. COEFICIENTES'!$F$73)*('2. COEFICIENTES'!$F$66/SUM($C$51:$C$59))","v":{"v":0.19999999999999998,"d":"0.2000"}},{"v":1,"d":"1.0000"},{"$f":"G$45*$F66","v":{"v":388000,"d":"388,000.00"}},{"$f":"H$45*$F66","v":{"v":388000,"d":"388,000.00"}},{"v":388000,"d":"388,000.00"},{"v":388000,"d":"388,000.00"},{"v":388000,"d":"388,000.00"},{"v":388000,"d":"388,000.00"},{"v":388000,"d":"388,000.00"},{"v":388000,"d":"388,000.00"},{"v":388000,"d":"388,000.00"},{"v":388000,"d":"388,000.00"},{"v":388000,"d":"388,000.00"},{"v":388000,"d":"388,000.00"},{"v":388000,"d":"388,000.00"},{"v":388000,"d":"388,000.00"},{"v":388000,"d":"388,000.00"}]
[null,null,1,"01 a 02 ano",{"$f":"IF(C67>'2. COEFICIENTES'!$F$66,0,(1-'2. COEFICIENTES'!$F$73)*(('2. COEFICIENTES'!$F$66-MAX($C$66:C67))/SUM($C$66:$C$74)))","v":{"v":0.17500000000000002,"d":"0.1750"}},{"$f":"F66-E66","v":{"v":0.8,"d":"0.8000"}},{"$f":"G$45*$F67","v":{"v":310400,"d":"310,400.00"}},{"v":310400,"d":"310,400.00"},{"v":310400,"d":"310,400.00"},{"v":310400,"d":"310,400.00"},{"v":310400,"d":"310,400.00"},{"v":310400,"d":"310,400.00"},{"v":310400,"d":"310,400.00"},{"v":310400,"d":"310,400.00"},{"v":310400,"d":"310,400.00"},{"v":310400,"d":"310,400.00"},{"v":310400,"d":"310,400.00"},{"v":310400,"d":"310,400.00"},{"v":310400,"d":"310,400.00"},{"v":310400,"d":"310,400.00"},{"v":310400,"d":"310,400.00"}]
[null,null,2,"02 a 03 ano",{"$f":"IF(C68>'2. COEFICIENTES'!$F$66,0,(1-'2. COEFICIENTES'!$F$73)*(('2. COEFICIENTES'!$F$66-MAX($C$66:C68))/SUM($C$66:$C$74)))","v":{"v":0.15,"d":"0.1500"}},{"v":0.625,"d":"0.6250"},{"v":242500,"d":"242,500.00"},{"v":242500,"d":"242,500.00"},{"v":242500,"d":"242,500.00"},{"v":242500,"d":"242,500.00"},{"v":242500,"d":"242,500.00"},{"v":242500,"d":"242,500.00"},{"v":242500,"d":"242,500.00"},{"v":242500,"d":"242,500.00"},{"v":242500,"d":"242,500.00"},{"v":242500,"d":"242,500.00"},{"v":242500,"d":"242,500.00"},{"v":242500,"d":"242,500.00"},{"v":242500,"d":"242,500.00"},{"v":242500,"d":"242,500.00"},{"v":242500,"d":"242,500.00"}]
[null,null,3,"03 a 04 ano",{"$f":"IF(C69>'2. COEFICIENTES'!$F$66,0,(1-'2. COEFICIENTES'!$F$73)*(('2. COEFICIENTES'!$F$66-MAX($C$66:C69))/SUM($C$66:$C$74)))","v":{"v":0.125,"d":"0.1250"}},{"v":0.475,"d":"0.4750"},{"v":184300,"d":"184,300.00"},{"v":184300,"d":"184,300.00"},{"v":184300,"d":"184,300.00"},{"v":184300,"d":"184,300.00"},{"v":184300,"d":"184,300.00"},{"v":184300,"d":"184,300.00"},{"v":184300,"d":"184,300.00"},{"v":184300,"d":"184,300.00"},{"v":184300,"d":"184,300.00"},{"v":184300,"d":"184,300.00"},{"v":184300,"d":"184,300.00"},{"v":184300,"d":"184,300.00"},{"v":184300,"d":"184,300.00"},{"v":184300,"d":"184,300.00"},{"v":184300,"d":"184,300.00"}]
[null,null,4,"04 a 05 ano",{"$f":"IF(C70>'2. COEFICIENTES'!$F$66,0,(1-'2. COEFICIENTES'!$F$73)*(('2. COEFICIENTES'!$F$66-MAX($C$66:C70))/SUM($C$66:$C$74)))","v":{"v":0.09999999999999999,"d":"0.1000"}},{"v":0.35,"d":"0.3500"},{"v":135800,"d":"135,800.00"},{"v":135800,"d":"135,800.00"},{"v":135800,"d":"135,800.00"},{"v":135800,"d":"135,800.00"},{"v":135800,"d":"135,800.00"},{"v":135800,"d":"135,800.00"},{"v":135800,"d":"135,800.00"},{"v":135800,"d":"135,800.00"},{"v":135800,"d":"135,800.00"},{"v":135800,"d":"135,800.00"},{"v":135800,"d":"135,800.00"},{"v":135800,"d":"135,800.00"},{"v":135800,"d":"135,800.00"},{"v":135800,"d":"135,800.00"},{"v":135800,"d":"135,800.00"}]
[null,null,5,"05 a 06 ano",{"$f":"IF(C71>'2. COEFICIENTES'!$F$66,0,(1-'2. COEFICIENTES'!$F$73)*(('2. COEFICIENTES'!$F$66-MAX($C$66:C71))/SUM($C$66:$C$74)))","v":{"v":0.075,"d":"0.0750"}},{"v":0.25,"d":"0.2500"},{"v":97000,"d":"97,000.00"},{"v":97000,"d":"97,000.00"},{"v":97000,"d":"97,000.00"},{"v":97000,"d":"97,000.00"},{"v":97000,"d":"97,000.00"},{"v":97000,"d":"97,000.00"},{"v":97000,"d":"97,000.00"},{"v":97000,"d":"97,000.00"},{"v":97000,"d":"97,000.00"},{"v":97000,"d":"97,000.00"},{"v":97000,"d":"97,000.00"},{"v":97000,"d":"97,000.00"},{"v":97000,"d":"97,000.00"},{"v":97000,"d":"97,000.00"},{"v":97000,"d":"97,000.00"}]
[null,null,6,"06 a 07 ano",{"$f":"IF(C72>'2. COEFICIENTES'!$F$66,0,(1-'2. COEFICIENTES'!$F$73)*(('2. COEFICIENTES'!$F$66-MAX($C$66:C72))/SUM($C$66:$C$74)))","v":{"v":0.049999999999999996,"d":"0.0500"}},{"v":0.175,"d":"0.1750"},{"v":67900,"d":"67,900.00"},{"v":67900,"d":"67,900.00"},{"v":67900,"d":"67,900.00"},{"v":67900,"d":"67,900.00"},{"v":67900,"d":"67,900.00"},{"v":67900,"d":"67,900.00"},{"v":67900,"d":"67,900.00"},{"v":67900,"d":"67,900.00"},{"v":67900,"d":"67,900.00"},{"v":67900,"d":"67,900.00"},{"v":67900,"d":"67,900.00"},{"v":67900,"d":"67,900.00"},{"v":67900,"d":"67,900.00"},{"v":67900,"d":"67,900.00"},{"v":67900,"d":"67,900.00"}]
[null,null,7,"07 a 08 ano",{"$f":"IF(C73>'2. COEFICIENTES'!$F$66,0,(1-'2. COEFICIENTES'!$F$73)*(('2. COEFICIENTES'!$F$66-MAX($C$66:C73))/SUM($C$66:$C$74)))","v":{"v":0.024999999999999998,"d":"0.0250"}},{"v":0.125,"d":"0.1250"},{"v":48500,"d":"48,500.00"},{"v":48500,"d":"48,500.00"},{"v":48500,"d":"48,500.00"},{"v":48500,"d":"48,500.00"},{"v":48500,"d":"48,500.00"},{"v":48500,"d":"48,500.00"},{"v":48500,"d":"48,500.00"},{"v":48500,"d":"48,500.00"},{"v":48500,"d":"48,500.00"},{"v":48500,"d":"48,500.00"},{"v":48500,"d":"48,500.00"},{"v":48500,"d":"48,500.00"},{"v":48500,"d":"48,500.00"},{"v":48500,"d":"48,500.00"},{"v":48500,"d":"48,500.00"}]
[null,null,8,"08 a 09 ano",{"$f":"IF(C74>'2. COEFICIENTES'!$F$66,0,(1-'2. COEFICIENTES'!$F$73)*(('2. COEFICIENTES'!$F$66-MAX($C$66:C74))/SUM($C$66:$C$74)))","v":{"v":0,"d":"0.0000"}},{"$f":"F73-E73","v":{"v":0.1,"d":"0.1000"}},{"v":38800,"d":"38,800.00"},{"v":38800,"d":"38,800.00"},{"v":38800,"d":"38,800.00"},{"v":38800,"d":"38,800.00"},{"v":38800,"d":"38,800.00"},{"v":38800,"d":"38,800.00"},{"v":38800,"d":"38,800.00"},{"v":38800,"d":"38,800.00"},{"v":38800,"d":"38,800.00"},{"v":38800,"d":"38,800.00"},{"v":38800,"d":"38,800.00"},{"v":38800,"d":"38,800.00"},{"v":38800,"d":"38,800.00"},{"v":38800,"d":"38,800.00"},{"v":38800,"d":"38,800.00"}]
[null,null,9,"09 a 10 ano",{"$f":"IF(C75>'2. COEFICIENTES'!$F$66,0,(1-'2. COEFICIENTES'!$F$73)*(('2. COEFICIENTES'!$F$66-MAX($C$66:C75))/SUM($C$66:$C$74)))","v":{"v":0,"d":"0.0000"}},{"$f":"IF(E74=0,0,F74-E74)","v":{"v":0,"d":"0.0000"}},{"v":0,"d":"0.00"},{"v":0,"d":"0.00"},{"v":0,"d":"0.00"},{"v":0,"d":"0.00"},{"v":0,"d":"0.00"},{"v":0,"d":"0.00"},{"v":0,"d":"0.00"},{"v":0,"d":"0.00"},{"v":0,"d":"0.00"},{"v":0,"d":"0.00"},{"v":0,"d":"0.00"},{"v":0,"d":"0.00"},{"v":0,"d":"0.00"},{"v":0,"d":"0.00"},{"v":0,"d":"0.00"}]
[null,null,10,"+10 anos",{"$f":"IF(C76>'2. COEFICIENTES'!$F$66,0,(1-'2. COEFICIENTES'!$F$73)*(('2. COEFICIENTES'!$F$66-MAX($C$66:C76))/SUM($C$66:$C$74)))","v":{"v":0,"d":"0.0000"}},{"$f":"IF(E75=0,0,F75-E75)","v":{"v":0,"d":"0.0000"}},{"v":0,"d":"0.00"},{"v":0,"d":"0.00"},{"v":0,"d":"0.00"},{"v":0,"d":"0.00"},{"v":0,"d":"0.00"},{"v":0,"d":"0.00"},{"v":0,"d":"0.00"},{"v":0,"d":"0.00"},{"v":0,"d":"0.00"},{"v":0,"d":"0.00"},{"v":0,"d":"0.00"},{"v":0,"d":"0.00"},{"v":0,"d":"0.00"},{"v":0,"d":"0.00"},{"v":0,"d":"0.00"}]
[]
[3,null,{"$f":"+MENU!$C$49","v":"3.4.1.3 - PREÇO DE VEÍCULO COM FATOR DE DEPRECIAÇÃO -  -"}]
[]
[null,null,"FAIXA ETÁRIA",null,"Fator de depreciação","% valor do veíc. novo",1,{"$f":"+G80+1","v":2},3,4,5,6,7,8,9,10,11,12,13,14,15]
[null,null,0,"00 a 01 ano",{"$f":"(1-'2. COEFICIENTES'!$F$74)*('2. COEFICIENTES'!$F$67/SUM($C$81:$C$91))","v":{"v":0,"d":"0.0000"}},{"v":1,"d":"1.0000"},{"$f":"G$46*$F81","v":{"v":0,"d":"0.00"}},{"$f":"H$46*$F81","v":{"v":0,"d":"0.00"}},{"v":0,"d":"0.00"},{"v":0,"d":"0.00"},{"v":0,"d":"0.00"},{"v":0,"d":"0.00"},{"v":0,"d":"0.00"},{"v":0,"d":"0.00"},{"v":0,"d":"0.00"},{"v":0,"d":"0.00"},{"v":0,"d":"0.00"},{"v":0,"d":"0.00"},{"v":0,"d":"0.00"},{"v":0,"d":"0.00"},{"v":0,"d":"0.00"}]
[null,null,1,"01 a 02 ano",{"$f":"IF(C82>'2. COEFICIENTES'!$F$67,0,(1-'2. COEFICIENTES'!$F$74)*(('2. COEFICIENTES'!$F$67-MAX($C$81:C82))/SUM($C$81:$C$91)))","v":{"v":0,"d":"0.0000"}},{"$f":"F81-E81","v":{"v":1,"d":"1.0000"}},{"$f":"G$46*$F82","v":{"v":0,"d":"0.00"}},{"v":0,"d":"0.00"},{"v":0,"d":"0.00"},{"v":0,"d":"0.00"},{"v":0,"d":"0.00"},{"v":0,"d":"0.00"},{"v":0,"d":"0.00"},{"v":0,"d":"0.00"},{"v":0,"d":"0.00"},{"v":0,"d":"0.00"},{"v":0,"d":"0.00"},{"v":0,"d":"0.00"},{"v":0,"d":"0.00"},{"v":0,"d":"0.00"},{"v":0,"d":"0.00"}]
[null,null,2,"02 a 03 ano",{"$f":"IF(C83>'2. COEFICIENTES'!$F$67,0,(1-'2. COEFICIENTES'!$F$74)*(('2. COEFICIENTES'!$F$67-MAX($C$81:C83))/SUM($C$81:$C$91)))","v":{"v":0,"d":"0.0000"}},{"v":1,"d":"1.0000"},{"v":0,"d":"0.00"},{"v":0,"d":"0.00"},{"v":0,"d":"0.00"},{"v":0,"d":"0.00"},{"v":0,"d":"0.00"},{"v":0,"d":"0.00"},{"v":0,"d":"0.00"},{"v":0,"d":"0.00"},{"v":0,"d":"0.00"},{"v":0,"d":"0.00"},{"v":0,"d":"0.00"},{"v":0,"d":"0.00"},{"v":0,"d":"0.00"},{"v":0,"d":"0.00"},{"v":0,"d":"0.00"}]
[null,null,3,"03 a 04 ano",{"$f":"IF(C84>'2. COEFICIENTES'!$F$67,0,(1-'2. COEFICIENTES'!$F$74)*(('2. COEFICIENTES'!$F$67-MAX($C$81:C84))/SUM($C$81:$C$91)))","v":{"v":0,"d":"0.0000"}},{"v":1,"d":"1.0000"},{"v":0,"d":"0.00"},{"v":0,"d":"0.00"},{"v":0,"d":"0.00"},{"v":0,"d":"0.00"},{"v":0,"d":"0.00"},{"v":0,"d":"0.00"},{"v":0,"d":"0.00"},{"v":0,"d":"0.00"},{"v":0,"d":"0.00"},{"v":0,"d":"0.00"},{"v":0,"d":"0.00"},{"v":0,"d":"0.00"},{"v":0,"d":"0.00"},{"v":0,"d":"0.00"},{"v":0,"d":"0.00"}]
[null,null,4,"04 a 05 ano",{"$f":"IF(C85>'2. COEFICIENTES'!$F$67,0,(1-'2. COEFICIENTES'!$F$74)*(('2. COEFICIENTES'!$F$67-MAX($C$81:C85))/SUM($C$81:$C$91)))","v":{"v":0,"d":"0.0000"}},{"v":1,"d":"1.0000"},{"v":0,"d":"0.00"},{"v":0,"d":"0.00"},{"v":0,"d":"0.00"},{"v":0,"d":"0.00"},{"v":0,"d":"0.00"},{"v":0,"d":"0.00"},{"v":0,"d":"0.00"},{"v":0,"d":"0.00"},{"v":0,"d":"0.00"},{"v":0,"d":"0.00"},{"v":0,"d":"0.00"},{"v":0,"d":"0.00"},{"v":0,"d":"0.00"},{"v":0,"d":"0.00"},{"v":0,"d":"0.00"}]
[null,null,5,"05 a 06 ano",{"$f":"IF(C86>'2. COEFICIENTES'!$F$67,0,(1-'2. COEFICIENTES'!$F$74)*(('2. COEFICIENTES'!$F$67-MAX($C$81:C86))/SUM($C$81:$C$91)))","v":{"v":0,"d":"0.0000"}},{"v":1,"d":"1.0000"},{"v":0,"d":"0.00"},{"v":0,"d":"0.00"},{"v":0,"d":"0.00"},{"v":0,"d":"0.00"},{"v":0,"d":"0.00"},{"v":0,"d":"0.00"},{"v":0,"d":"0.00"},{"v":0,"d":"0.00"},{"v":0,"d":"0.00"},{"v":0,"d":"0.00"},{"v":0,"d":"0.00"},{"v":0,"d":"0.00"},{"v":0,"d":"0.00"},{"v":0,"d":"0.00"},{"v":0,"d":"0.00"}]
[null,null,6,"06 a 07 ano",{"$f":"IF(C87>'2. COEFICIENTES'!$F$67,0,(1-'2. COEFICIENTES'!$F$74)*(('2. COEFICIENTES'!$F$67-MAX($C$81:C87))/SUM($C$81:$C$91)))","v":{"v":0,"d":"0.0000"}},{"v":1,"d":"1.0000"},{"v":0,"d":"0.00"},{"v":0,"d":"0.00"},{"v":0,"d":"0.00"},{"v":0,"d":"0.00"},{"v":0,"d":"0.00"},{"v":0,"d":"0.00"},{"v":0,"d":"0.00"},{"v":0,"d":"0.00"},{"v":0,"d":"0.00"},{"v":0,"d":"0.00"},{"v":0,"d":"0.00"},{"v":0,"d":"0.00"},{"v":0,"d":"0.00"},{"v":0,"d":"0.00"},{"v":0,"d":"0.00"}]
[null,null,7,"07 a 08 ano",{"$f":"IF(C88>'2. COEFICIENTES'!$F$67,0,(1-'2. COEFICIENTES'!$F$74)*(('2. COEFICIENTES'!$F$67-MAX($C$81:C88))/SUM($C$81:$C$91)))","v":{"v":0,"d":"0.0000"}},{"v":1,"d":"1.0000"},{"v":0,"d":"0.00"},{"v":0,"d":"0.00"},{"v":0,"d":"0.00"},{"v":0,"d":"0.00"},{"v":0,"d":"0.00"},{"v":0,"d":"0.00"},{"v":0,"d":"0.00"},{"v":0,"d":"0.00"},{"v":0,"d":"0.00"},{"v":0,"d":"0.00"},{"v":0,"d":"0.00"},{"v":0,"d":"0.00"},{"v":0,"d":"0.00"},{"v":0,"d":"0.00"},{"v":0,"d":"0.00"}]
[null,null,8,"08 a 09 ano",{"$f":"IF(C89>'2. COEFICIENTES'!$F$67,0,(1-'2. COEFICIENTES'!$F$74)*(('2. COEFICIENTES'!$F$67-MAX($C$81:C89))/SUM($C$81:$C$91)))","v":{"v":0,"d":"0.0000"}},{"$f":"F88-E88","v":{"v":1,"d":"1.0000"}},{"v":0,"d":"0.00"},{"v":0,"d":"0.00"},{"v":0,"d":"0.00"},{"v":0,"d":"0.00"},{"v":0,"d":"0.00"},{"v":0,"d":"0.00"},{"v":0,"d":"0.00"},{"v":0,"d":"0.00"},{"v":0,"d":"0.00"},{"v":0,"d":"0.00"},{"v":0,"d":"0.00"},{"v":0,"d":"0.00"},{"v":0,"d":"0.00"},{"v":0,"d":"0.00"},{"v":0,"d":"0.00"}]
[null,null,9,"09 a 10 ano",{"$f":"IF(C90>'2. COEFICIENTES'!$F$67,0,(1-'2. COEFICIENTES'!$F$74)*(('2. COEFICIENTES'!$F$67-MAX($C$81:C90))/SUM($C$81:$C$91)))","v":{"v":0,"d":"0.0000"}},{"$f":"IF(E89=0,0,F89-E89)","v":{"v":0,"d":"0.0000"}},{"v":0,"d":"0.00"},{"v":0,"d":"0.00"},{"v":0,"d":"0.00"},{"v":0,"d":"0.00"},{"v":0,"d":"0.00"},{"v":0,"d":"0.00"},{"v":0,"d":"0.00"},{"v":0,"d":"0.00"},{"v":0,"d":"0.00"},{"v":0,"d":"0.00"},{"v":0,"d":"0.00"},{"v":0,"d":"0.00"},{"v":0,"d":"0.00"},{"v":0,"d":"0.00"},{"v":0,"d":"0.00"}]
[null,null,10,"+10 anos",{"$f":"IF(C91>'2. COEFICIENTES'!$F$67,0,(1-'2. COEFICIENTES'!$F$74)*(('2. COEFICIENTES'!$F$67-MAX($C$81:C91))/SUM($C$81:$C$91)))","v":{"v":0,"d":"0.0000"}},{"$f":"IF(E90=0,0,F90-E90)","v":{"v":0,"d":"0.0000"}},{"v":0,"d":"0.00"},{"v":0,"d":"0.00"},{"v":0,"d":"0.00"},{"v":0,"d":"0.00"},{"v":0,"d":"0.00"},{"v":0,"d":"0.00"},{"v":0,"d":"0.00"},{"v":0,"d":"0.00"},{"v":0,"d":"0.00"},{"v":0,"d":"0.00"},{"v":0,"d":"0.00"},{"v":0,"d":"0.00"},{"v":0,"d":"0.00"},{"v":0,"d":"0.00"},{"v":0,"d":"0.00"}]
[]
[]
[null,null,{"$f":"+MENU!$C$50","v":"3.4.2. - PREÇO DE VEÍCULO NOVO COMPLETO SEM RODAGEM"}]
[]
[null,null,"Preço de Veículo Sem Rodagem",null,null,"Un.",1,{"$f":"+G96+1","v":2},3,4,5,6,7,8,9,10,11,12,13,14,15]
[1,null,null,{"$f":"\"Preço de 1 Veíc. \"&VLOOKUP(A97,TIPOLOGIA!$D$10:$E$12,2,0)","v":"Preço de 1 Veíc. MICROÔNIBUS"},null,"(R$/Veíc.)",{"$f":"G44-(('3. PREÇOS INSUMOS'!G27*'2. COEFICIENTES'!F42)+('3. PREÇOS INSUMOS'!G34*'2. COEFICIENTES'!F42*'2. COEFICIENTES'!F49))","v":{"v":305757.76,"d":"305,757.76"}},{"$f":"H44-(('3. PREÇOS INSUMOS'!H27*'2. COEFICIENTES'!G42)+('3. PREÇOS INSUMOS'!H34*'2. COEFICIENTES'!G42*'2. COEFICIENTES'!G49))","v":{"v":305757.76,"d":"305,757.76"}},{"$f":"I44-(('3. PREÇOS INSUMOS'!I27*'2. COEFICIENTES'!H42)+('3. PREÇOS INSUMOS'!I34*'2. COEFICIENTES'!H42*'2. COEFICIENTES'!H49))","v":{"v":305757.76,"d":"305,757.76"}},{"$f":"J44-(('3. PREÇOS INSUMOS'!J27*'2. COEFICIENTES'!I42)+('3. PREÇOS INSUMOS'!J34*'2. COEFICIENTES'!I42*'2. COEFICIENTES'!I49))","v":{"v":305757.76,"d":"305,757.76"}},{"$f":"K44-(('3. PREÇOS INSUMOS'!K27*'2. COEFICIENTES'!J42)+('3. PREÇOS INSUMOS'!K34*'2. COEFICIENTES'!J42*'2. COEFICIENTES'!J49))","v":{"v":305757.76,"d":"305,757.76"}},{"$f":"L44-(('3. PREÇOS INSUMOS'!L27*'2. COEFICIENTES'!K42)+('3. PREÇOS INSUMOS'!L34*'2. COEFICIENTES'!K42*'2. COEFICIENTES'!K49))","v":{"v":305757.76,"d":"305,757.76"}},{"$f":"M44-(('3. PREÇOS INSUMOS'!M27*'2. COEFICIENTES'!L42)+('3. PREÇOS INSUMOS'!M34*'2. COEFICIENTES'!L42*'2. COEFICIENTES'!L49))","v":{"v":305757.76,"d":"305,757.76"}},{"$f":"N44-(('3. PREÇOS INSUMOS'!N27*'2. COEFICIENTES'!M42)+('3. PREÇOS INSUMOS'!N34*'2. COEFICIENTES'!M42*'2. COEFICIENTES'!M49))","v":{"v":305757.76,"d":"305,757.76"}},{"$f":"O44-(('3. PREÇOS INSUMOS'!O27*'2. COEFICIENTES'!N42)+('3. PREÇOS INSUMOS'!O34*'2. COEFICIENTES'!N42*'2. COEFICIENTES'!N49))","v":{"v":305757.76,"d":"305,757.76"}},{"$f":"P44-(('3. PREÇOS INSUMOS'!P27*'2. COEFICIENTES'!O42)+('3. PREÇOS INSUMOS'!P34*'2. COEFICIENTES'!O42*'2. COEFICIENTES'!O49))","v":{"v":305757.76,"d":"305,757.76"}},{"$f":"Q44-(('3. PREÇOS INSUMOS'!Q27*'2. COEFICIENTES'!P42)+('3. PREÇOS INSUMOS'!Q34*'2. COEFICIENTES'!P42*'2. COEFICIENTES'!P49))","v":{"v":305757.76,"d":"305,757.76"}},{"$f":"R44-(('3. PREÇOS INSUMOS'!R27*'2. COEFICIENTES'!Q42)+('3. PREÇOS INSUMOS'!R34*'2. COEFICIENTES'!Q42*'2. COEFICIENTES'!Q49))","v":{"v":305757.76,"d":"305,757.76"}},{"$f":"S44-(('3. PREÇOS INSUMOS'!S27*'2. COEFICIENTES'!R42)+('3. PREÇOS INSUMOS'!S34*'2. COEFICIENTES'!R42*'2. COEFICIENTES'!R49))","v":{"v":305757.76,"d":"305,757.76"}},{"$f":"T44-(('3. PREÇOS INSUMOS'!T27*'2. COEFICIENTES'!S42)+('3. PREÇOS INSUMOS'!T34*'2. COEFICIENTES'!S42*'2. COEFICIENTES'!S49))","v":{"v":305757.76,"d":"305,757.76"}},{"$f":"U44-(('3. PREÇOS INSUMOS'!U27*'2. COEFICIENTES'!T42)+('3. PREÇOS INSUMOS'!U34*'2. COEFICIENTES'!T42*'2. COEFICIENTES'!T49))","v":{"v":305757.76,"d":"305,757.76"}}]
[2,null,null,{"$f":"\"Preço de 1 Veíc. \"&VLOOKUP(A98,TIPOLOGIA!$D$10:$E$12,2,0)","v":"Preço de 1 Veíc. CONVENCIONAL"},null,{"$f":"+F97","v":"(R$/Veíc.)"},{"$f":"G45-(('3. PREÇOS INSUMOS'!G28*'2. COEFICIENTES'!F43)+('3. PREÇOS INSUMOS'!G35*'2. COEFICIENTES'!F43*'2. COEFICIENTES'!F50))","v":{"v":375003.1,"d":"375,003.10"}},{"$f":"H45-(('3. PREÇOS INSUMOS'!H28*'2. COEFICIENTES'!G43)+('3. PREÇOS INSUMOS'!H35*'2. COEFICIENTES'!G43*'2. COEFICIENTES'!G50))","v":{"v":375003.1,"d":"375,003.10"}},{"$f":"I45-(('3. PREÇOS INSUMOS'!I28*'2. COEFICIENTES'!H43)+('3. PREÇOS INSUMOS'!I35*'2. COEFICIENTES'!H43*'2. COEFICIENTES'!H50))","v":{"v":375003.1,"d":"375,003.10"}},{"$f":"J45-(('3. PREÇOS INSUMOS'!J28*'2. COEFICIENTES'!I43)+('3. PREÇOS INSUMOS'!J35*'2. COEFICIENTES'!I43*'2. COEFICIENTES'!I50))","v":{"v":375003.1,"d":"375,003.10"}},{"$f":"K45-(('3. PREÇOS INSUMOS'!K28*'2. COEFICIENTES'!J43)+('3. PREÇOS INSUMOS'!K35*'2. COEFICIENTES'!J43*'2. COEFICIENTES'!J50))","v":{"v":375003.1,"d":"375,003.10"}},{"$f":"L45-(('3. PREÇOS INSUMOS'!L28*'2. COEFICIENTES'!K43)+('3. PREÇOS INSUMOS'!L35*'2. COEFICIENTES'!K43*'2. COEFICIENTES'!K50))","v":{"v":375003.1,"d":"375,003.10"}},{"$f":"M45-(('3. PREÇOS INSUMOS'!M28*'2. COEFICIENTES'!L43)+('3. PREÇOS INSUMOS'!M35*'2. COEFICIENTES'!L43*'2. COEFICIENTES'!L50))","v":{"v":375003.1,"d":"375,003.10"}},{"$f":"N45-(('3. PREÇOS INSUMOS'!N28*'2. COEFICIENTES'!M43)+('3. PREÇOS INSUMOS'!N35*'2. COEFICIENTES'!M43*'2. COEFICIENTES'!M50))","v":{"v":375003.1,"d":"375,003.10"}},{"$f":"O45-(('3. PREÇOS INSUMOS'!O28*'2. COEFICIENTES'!N43)+('3. PREÇOS INSUMOS'!O35*'2. COEFICIENTES'!N43*'2. COEFICIENTES'!N50))","v":{"v":375003.1,"d":"375,003.10"}},{"$f":"P45-(('3. PREÇOS INSUMOS'!P28*'2. COEFICIENTES'!O43)+('3. PREÇOS INSUMOS'!P35*'2. COEFICIENTES'!O43*'2. COEFICIENTES'!O50))","v":{"v":375003.1,"d":"375,003.10"}},{"$f":"Q45-(('3. PREÇOS INSUMOS'!Q28*'2. COEFICIENTES'!P43)+('3. PREÇOS INSUMOS'!Q35*'2. COEFICIENTES'!P43*'2. COEFICIENTES'!P50))","v":{"v":375003.1,"d":"375,003.10"}},{"$f":"R45-(('3. PREÇOS INSUMOS'!R28*'2. COEFICIENTES'!Q43)+('3. PREÇOS INSUMOS'!R35*'2. COEFICIENTES'!Q43*'2. COEFICIENTES'!Q50))","v":{"v":375003.1,"d":"375,003.10"}},{"$f":"S45-(('3. PREÇOS INSUMOS'!S28*'2. COEFICIENTES'!R43)+('3. PREÇOS INSUMOS'!S35*'2. COEFICIENTES'!R43*'2. COEFICIENTES'!R50))","v":{"v":375003.1,"d":"375,003.10"}},{"$f":"T45-(('3. PREÇOS INSUMOS'!T28*'2. COEFICIENTES'!S43)+('3. PREÇOS INSUMOS'!T35*'2. COEFICIENTES'!S43*'2. COEFICIENTES'!S50))","v":{"v":375003.1,"d":"375,003.10"}},{"$f":"U45-(('3. PREÇOS INSUMOS'!U28*'2. COEFICIENTES'!T43)+('3. PREÇOS INSUMOS'!U35*'2. COEFICIENTES'!T43*'2. COEFICIENTES'!T50))","v":{"v":375003.1,"d":"375,003.10"}}]
[3,null,null,{"$f":"\"Preço de 1 Veíc. \"&VLOOKUP(A99,TIPOLOGIA!$D$10:$E$12,2,0)","v":"Preço de 1 Veíc. -"},null,{"$f":"+F98","v":"(R$/Veíc.)"},{"$f":"G46-(('3. PREÇOS INSUMOS'!G29*'2. COEFICIENTES'!F44)+('3. PREÇOS INSUMOS'!G36*'2. COEFICIENTES'!F44*'2. COEFICIENTES'!F51))","v":{"v":0,"d":"0.00"}},{"$f":"H46-(('3. PREÇOS INSUMOS'!H29*'2. COEFICIENTES'!G44)+('3. PREÇOS INSUMOS'!H36*'2. COEFICIENTES'!G44*'2. COEFICIENTES'!G51))","v":{"v":0,"d":"0.00"}},{"$f":"I46-(('3. PREÇOS INSUMOS'!I29*'2. COEFICIENTES'!H44)+('3. PREÇOS INSUMOS'!I36*'2. COEFICIENTES'!H44*'2. COEFICIENTES'!H51))","v":{"v":0,"d":"0.00"}},{"$f":"J46-(('3. PREÇOS INSUMOS'!J29*'2. COEFICIENTES'!I44)+('3. PREÇOS INSUMOS'!J36*'2. COEFICIENTES'!I44*'2. COEFICIENTES'!I51))","v":{"v":0,"d":"0.00"}},{"$f":"K46-(('3. PREÇOS INSUMOS'!K29*'2. COEFICIENTES'!J44)+('3. PREÇOS INSUMOS'!K36*'2. COEFICIENTES'!J44*'2. COEFICIENTES'!J51))","v":{"v":0,"d":"0.00"}},{"$f":"L46-(('3. PREÇOS INSUMOS'!L29*'2. COEFICIENTES'!K44)+('3. PREÇOS INSUMOS'!L36*'2. COEFICIENTES'!K44*'2. COEFICIENTES'!K51))","v":{"v":0,"d":"0.00"}},{"$f":"M46-(('3. PREÇOS INSUMOS'!M29*'2. COEFICIENTES'!L44)+('3. PREÇOS INSUMOS'!M36*'2. COEFICIENTES'!L44*'2. COEFICIENTES'!L51))","v":{"v":0,"d":"0.00"}},{"$f":"N46-(('3. PREÇOS INSUMOS'!N29*'2. COEFICIENTES'!M44)+('3. PREÇOS INSUMOS'!N36*'2. COEFICIENTES'!M44*'2. COEFICIENTES'!M51))","v":{"v":0,"d":"0.00"}},{"$f":"O46-(('3. PREÇOS INSUMOS'!O29*'2. COEFICIENTES'!N44)+('3. PREÇOS INSUMOS'!O36*'2. COEFICIENTES'!N44*'2. COEFICIENTES'!N51))","v":{"v":0,"d":"0.00"}},{"$f":"P46-(('3. PREÇOS INSUMOS'!P29*'2. COEFICIENTES'!O44)+('3. PREÇOS INSUMOS'!P36*'2. COEFICIENTES'!O44*'2. COEFICIENTES'!O51))","v":{"v":0,"d":"0.00"}},{"$f":"Q46-(('3. PREÇOS INSUMOS'!Q29*'2. COEFICIENTES'!P44)+('3. PREÇOS INSUMOS'!Q36*'2. COEFICIENTES'!P44*'2. COEFICIENTES'!P51))","v":{"v":0,"d":"0.00"}},{"$f":"R46-(('3. PREÇOS INSUMOS'!R29*'2. COEFICIENTES'!Q44)+('3. PREÇOS INSUMOS'!R36*'2. COEFICIENTES'!Q44*'2. COEFICIENTES'!Q51))","v":{"v":0,"d":"0.00"}},{"$f":"S46-(('3. PREÇOS INSUMOS'!S29*'2. COEFICIENTES'!R44)+('3. PREÇOS INSUMOS'!S36*'2. COEFICIENTES'!R44*'2. COEFICIENTES'!R51))","v":{"v":0,"d":"0.00"}},{"$f":"T46-(('3. PREÇOS INSUMOS'!T29*'2. COEFICIENTES'!S44)+('3. PREÇOS INSUMOS'!T36*'2. COEFICIENTES'!S44*'2. COEFICIENTES'!S51))","v":{"v":0,"d":"0.00"}},{"$f":"U46-(('3. PREÇOS INSUMOS'!U29*'2. COEFICIENTES'!T44)+('3. PREÇOS INSUMOS'!U36*'2. COEFICIENTES'!T44*'2. COEFICIENTES'!T51))","v":{"v":0,"d":"0.00"}}]
[]
[1,null,{"$f":"+MENU!$C$51","v":"3.4.2.1 - PREÇO DE VEÍCULO COM FATOR DE DEPRECIAÇÃO DE VEÍCULO S/ RODAGEM - MICROÔNIBUS"}]
[]
[null,null,"FAIXA ETÁRIA",null,"Fator de depreciação","% valor do veíc. novo",1,{"$f":"+G103+1","v":2},3,4,5,6,7,8,9,10,11,12,13,14,15]
[null,null,0,"00 a 01 ano",{"$f":"+E51","v":{"v":0.18888888888888888,"d":"0.1889"}},{"v":1,"d":"1.0000"},{"$f":"G$97*$F104","v":{"v":305757.76,"d":"305,757.76"}},{"$f":"H$97*$F104","v":{"v":305757.76,"d":"305,757.76"}},{"v":305757.76,"d":"305,757.76"},{"v":305757.76,"d":"305,757.76"},{"v":305757.76,"d":"305,757.76"},{"v":305757.76,"d":"305,757.76"},{"v":305757.76,"d":"305,757.76"},{"v":305757.76,"d":"305,757.76"},{"v":305757.76,"d":"305,757.76"},{"v":305757.76,"d":"305,757.76"},{"v":305757.76,"d":"305,757.76"},{"v":305757.76,"d":"305,757.76"},{"v":305757.76,"d":"305,757.76"},{"v":305757.76,"d":"305,757.76"},{"v":305757.76,"d":"305,757.76"}]
[null,null,1,"01 a 02 ano",{"v":0.16527777777777777,"d":"0.1653"},{"$f":"F104-E104","v":{"v":0.8111111111111111,"d":"0.8111"}},{"$f":"G$97*$F105","v":{"v":248003.51644444445,"d":"248,003.52"}},{"v":248003.51644444445,"d":"248,003.52"},{"v":248003.51644444445,"d":"248,003.52"},{"v":248003.51644444445,"d":"248,003.52"},{"v":248003.51644444445,"d":"248,003.52"},{"v":248003.51644444445,"d":"248,003.52"},{"v":248003.51644444445,"d":"248,003.52"},{"v":248003.51644444445,"d":"248,003.52"},{"v":248003.51644444445,"d":"248,003.52"},{"v":248003.51644444445,"d":"248,003.52"},{"v":248003.51644444445,"d":"248,003.52"},{"v":248003.51644444445,"d":"248,003.52"},{"v":248003.51644444445,"d":"248,003.52"},{"v":248003.51644444445,"d":"248,003.52"},{"v":248003.51644444445,"d":"248,003.52"}]
[null,null,2,"02 a 03 ano",{"v":0.14166666666666666,"d":"0.1417"},{"v":0.6458333333333334,"d":"0.6458"},{"v":197468.55333333334,"d":"197,468.55"},{"v":197468.55333333334,"d":"197,468.55"},{"v":197468.55333333334,"d":"197,468.55"},{"v":197468.55333333334,"d":"197,468.55"},{"v":197468.55333333334,"d":"197,468.55"},{"v":197468.55333333334,"d":"197,468.55"},{"v":197468.55333333334,"d":"197,468.55"},{"v":197468.55333333334,"d":"197,468.55"},{"v":197468.55333333334,"d":"197,468.55"},{"v":197468.55333333334,"d":"197,468.55"},{"v":197468.55333333334,"d":"197,468.55"},{"v":197468.55333333334,"d":"197,468.55"},{"v":197468.55333333334,"d":"197,468.55"},{"v":197468.55333333334,"d":"197,468.55"},{"v":197468.55333333334,"d":"197,468.55"}]
[null,null,3,"03 a 04 ano",{"v":0.11805555555555555,"d":"0.1181"},{"v":0.5041666666666667,"d":"0.5042"},{"v":154152.87066666665,"d":"154,152.87"},{"v":154152.87066666665,"d":"154,152.87"},{"v":154152.87066666665,"d":"154,152.87"},{"v":154152.87066666665,"d":"154,152.87"},{"v":154152.87066666665,"d":"154,152.87"},{"v":154152.87066666665,"d":"154,152.87"},{"v":154152.87066666665,"d":"154,152.87"},{"v":154152.87066666665,"d":"154,152.87"},{"v":154152.87066666665,"d":"154,152.87"},{"v":154152.87066666665,"d":"154,152.87"},{"v":154152.87066666665,"d":"154,152.87"},{"v":154152.87066666665,"d":"154,152.87"},{"v":154152.87066666665,"d":"154,152.87"},{"v":154152.87066666665,"d":"154,152.87"},{"v":154152.87066666665,"d":"154,152.87"}]
[null,null,4,"04 a 05 ano",{"v":0.09444444444444444,"d":"0.0944"},{"v":0.38611111111111107,"d":"0.3861"},{"v":118056.46844444444,"d":"118,056.47"},{"v":118056.46844444444,"d":"118,056.47"},{"v":118056.46844444444,"d":"118,056.47"},{"v":118056.46844444444,"d":"118,056.47"},{"v":118056.46844444444,"d":"118,056.47"},{"v":118056.46844444444,"d":"118,056.47"},{"v":118056.46844444444,"d":"118,056.47"},{"v":118056.46844444444,"d":"118,056.47"},{"v":118056.46844444444,"d":"118,056.47"},{"v":118056.46844444444,"d":"118,056.47"},{"v":118056.46844444444,"d":"118,056.47"},{"v":118056.46844444444,"d":"118,056.47"},{"v":118056.46844444444,"d":"118,056.47"},{"v":118056.46844444444,"d":"118,056.47"},{"v":118056.46844444444,"d":"118,056.47"}]
[null,null,5,"05 a 06 ano",{"v":0.07083333333333333,"d":"0.0708"},{"v":0.29166666666666663,"d":"0.2917"},{"v":89179.34666666666,"d":"89,179.35"},{"v":89179.34666666666,"d":"89,179.35"},{"v":89179.34666666666,"d":"89,179.35"},{"v":89179.34666666666,"d":"89,179.35"},{"v":89179.34666666666,"d":"89,179.35"},{"v":89179.34666666666,"d":"89,179.35"},{"v":89179.34666666666,"d":"89,179.35"},{"v":89179.34666666666,"d":"89,179.35"},{"v":89179.34666666666,"d":"89,179.35"},{"v":89179.34666666666,"d":"89,179.35"},{"v":89179.34666666666,"d":"89,179.35"},{"v":89179.34666666666,"d":"89,179.35"},{"v":89179.34666666666,"d":"89,179.35"},{"v":89179.34666666666,"d":"89,179.35"},{"v":89179.34666666666,"d":"89,179.35"}]
[null,null,6,"06 a 07 ano",{"v":0.04722222222222222,"d":"0.0472"},{"v":0.2208333333333333,"d":"0.2208"},{"v":67521.50533333332,"d":"67,521.51"},{"v":67521.50533333332,"d":"67,521.51"},{"v":67521.50533333332,"d":"67,521.51"},{"v":67521.50533333332,"d":"67,521.51"},{"v":67521.50533333332,"d":"67,521.51"},{"v":67521.50533333332,"d":"67,521.51"},{"v":67521.50533333332,"d":"67,521.51"},{"v":67521.50533333332,"d":"67,521.51"},{"v":67521.50533333332,"d":"67,521.51"},{"v":67521.50533333332,"d":"67,521.51"},{"v":67521.50533333332,"d":"67,521.51"},{"v":67521.50533333332,"d":"67,521.51"},{"v":67521.50533333332,"d":"67,521.51"},{"v":67521.50533333332,"d":"67,521.51"},{"v":67521.50533333332,"d":"67,521.51"}]
[null,null,7,"07 a 08 ano",{"v":0.02361111111111111,"d":"0.0236"},{"v":0.17361111111111108,"d":"0.1736"},{"v":53082.94444444444,"d":"53,082.94"},{"v":53082.94444444444,"d":"53,082.94"},{"v":53082.94444444444,"d":"53,082.94"},{"v":53082.94444444444,"d":"53,082.94"},{"v":53082.94444444444,"d":"53,082.94"},{"v":53082.94444444444,"d":"53,082.94"},{"v":53082.94444444444,"d":"53,082.94"},{"v":53082.94444444444,"d":"53,082.94"},{"v":53082.94444444444,"d":"53,082.94"},{"v":53082.94444444444,"d":"53,082.94"},{"v":53082.94444444444,"d":"53,082.94"},{"v":53082.94444444444,"d":"53,082.94"},{"v":53082.94444444444,"d":"53,082.94"},{"v":53082.94444444444,"d":"53,082.94"},{"v":53082.94444444444,"d":"53,082.94"}]
[null,null,8,"08 a 09 ano",{"v":0,"d":"0.0000"},{"$f":"F111-E111","v":{"v":0.14999999999999997,"d":"0.1500"}},{"v":45863.66399999999,"d":"45,863.66"},{"v":45863.66399999999,"d":"45,863.66"},{"v":45863.66399999999,"d":"45,863.66"},{"v":45863.66399999999,"d":"45,863.66"},{"v":45863.66399999999,"d":"45,863.66"},{"v":45863.66399999999,"d":"45,863.66"},{"v":45863.66399999999,"d":"45,863.66"},{"v":45863.66399999999,"d":"45,863.66"},{"v":45863.66399999999,"d":"45,863.66"},{"v":45863.66399999999,"d":"45,863.66"},{"v":45863.66399999999,"d":"45,863.66"},{"v":45863.66399999999,"d":"45,863.66"},{"v":45863.66399999999,"d":"45,863.66"},{"v":45863.66399999999,"d":"45,863.66"},{"v":45863.66399999999,"d":"45,863.66"}]
[null,null,9,"09 a 10 ano",{"v":0,"d":"0.0000"},{"$f":"IF(E112=0,0,F112-E112)","v":{"v":0,"d":"0.0000"}},{"v":0,"d":"0.00"},{"v":0,"d":"0.00"},{"v":0,"d":"0.00"},{"v":0,"d":"0.00"},{"v":0,"d":"0.00"},{"v":0,"d":"0.00"},{"v":0,"d":"0.00"},{"v":0,"d":"0.00"},{"v":0,"d":"0.00"},{"v":0,"d":"0.00"},{"v":0,"d":"0.00"},{"v":0,"d":"0.00"},{"v":0,"d":"0.00"},{"v":0,"d":"0.00"},{"v":0,"d":"0.00"}]
[null,null,10,"+10 anos",{"v":0,"d":"0.0000"},{"$f":"IF(E113=0,0,F113-E113)","v":{"v":0,"d":"0.0000"}},{"v":0,"d":"0.00"},{"v":0,"d":"0.00"},{"v":0,"d":"0.00"},{"v":0,"d":"0.00"},{"v":0,"d":"0.00"},{"v":0,"d":"0.00"},{"v":0,"d":"0.00"},{"v":0,"d":"0.00"},{"v":0,"d":"0.00"},{"v":0,"d":"0.00"},{"v":0,"d":"0.00"},{"v":0,"d":"0.00"},{"v":0,"d":"0.00"},{"v":0,"d":"0.00"},{"v":0,"d":"0.00"}]
[]
[2,null,{"$f":"+MENU!$C$52","v":"3.4.2.2 - PREÇO DE VEÍCULO COM FATOR DE DEPRECIAÇÃO DE VEÍCULO S/ RODAGEM - CONVENCIONAL"}]
[]
[null,null,"FAIXA ETÁRIA",null,"Fator de depreciação","% valor do veíc. novo",1,{"$f":"+G118+1","v":2},3,4,5,6,7,8,9,10,11,12,13,14,15]
[null,null,0,"00 a 01 ano",{"$f":"+E66","v":{"v":0.19999999999999998,"d":"0.2000"}},{"v":1,"d":"1.0000"},{"$f":"G$98*$F119","v":{"v":375003.1,"d":"375,003.10"}},{"$f":"H$98*$F119","v":{"v":375003.1,"d":"375,003.10"}},{"v":375003.1,"d":"375,003.10"},{"v":375003.1,"d":"375,003.10"},{"v":375003.1,"d":"375,003.10"},{"v":375003.1,"d":"375,003.10"},{"v":375003.1,"d":"375,003.10"},{"v":375003.1,"d":"375,003.10"},{"v":375003.1,"d":"375,003.10"},{"v":375003.1,"d":"375,003.10"},{"v":375003.1,"d":"375,003.10"},{"v":375003.1,"d":"375,003.10"},{"v":375003.1,"d":"375,003.10"},{"v":375003.1,"d":"375,003.10"},{"v":375003.1,"d":"375,003.10"}]
[null,null,1,"01 a 02 ano",{"v":0.17500000000000002,"d":"0.1750"},{"$f":"F119-E119","v":{"v":0.8,"d":"0.8000"}},{"$f":"G$98*$F120","v":{"v":300002.48,"d":"300,002.48"}},{"v":300002.48,"d":"300,002.48"},{"v":300002.48,"d":"300,002.48"},{"v":300002.48,"d":"300,002.48"},{"v":300002.48,"d":"300,002.48"},{"v":300002.48,"d":"300,002.48"},{"v":300002.48,"d":"300,002.48"},{"v":300002.48,"d":"300,002.48"},{"v":300002.48,"d":"300,002.48"},{"v":300002.48,"d":"300,002.48"},{"v":300002.48,"d":"300,002.48"},{"v":300002.48,"d":"300,002.48"},{"v":300002.48,"d":"300,002.48"},{"v":300002.48,"d":"300,002.48"},{"v":300002.48,"d":"300,002.48"}]
[null,null,2,"02 a 03 ano",{"v":0.15,"d":"0.1500"},{"v":0.625,"d":"0.6250"},{"v":234376.9375,"d":"234,376.94"},{"v":234376.9375,"d":"234,376.94"},{"v":234376.9375,"d":"234,376.94"},{"v":234376.9375,"d":"234,376.94"},{"v":234376.9375,"d":"234,376.94"},{"v":234376.9375,"d":"234,376.94"},{"v":234376.9375,"d":"234,376.94"},{"v":234376.9375,"d":"234,376.94"},{"v":234376.9375,"d":"234,376.94"},{"v":234376.9375,"d":"234,376.94"},{"v":234376.9375,"d":"234,376.94"},{"v":234376.9375,"d":"234,376.94"},{"v":234376.9375,"d":"234,376.94"},{"v":234376.9375,"d":"234,376.94"},{"v":234376.9375,"d":"234,376.94"}]
[null,null,3,"03 a 04 ano",{"v":0.125,"d":"0.1250"},{"v":0.475,"d":"0.4750"},{"v":178126.47249999997,"d":"178,126.47"},{"v":178126.47249999997,"d":"178,126.47"},{"v":178126.47249999997,"d":"178,126.47"},{"v":178126.47249999997,"d":"178,126.47"},{"v":178126.47249999997,"d":"178,126.47"},{"v":178126.47249999997,"d":"178,126.47"},{"v":178126.47249999997,"d":"178,126.47"},{"v":178126.47249999997,"d":"178,126.47"},{"v":178126.47249999997,"d":"178,126.47"},{"v":178126.47249999997,"d":"178,126.47"},{"v":178126.47249999997,"d":"178,126.47"},{"v":178126.47249999997,"d":"178,126.47"},{"v":178126.47249999997,"d":"178,126.47"},{"v":178126.47249999997,"d":"178,126.47"},{"v":178126.47249999997,"d":"178,126.47"}]
[null,null,4,"04 a 05 ano",{"v":0.09999999999999999,"d":"0.1000"},{"v":0.35,"d":"0.3500"},{"v":131251.085,"d":"131,251.09"},{"v":131251.085,"d":"131,251.09"},{"v":131251.085,"d":"131,251.09"},{"v":131251.085,"d":"131,251.09"},{"v":131251.085,"d":"131,251.09"},{"v":131251.085,"d":"131,251.09"},{"v":131251.085,"d":"131,251.09"},{"v":131251.085,"d":"131,251.09"},{"v":131251.085,"d":"131,251.09"},{"v":131251.085,"d":"131,251.09"},{"v":131251.085,"d":"131,251.09"},{"v":131251.085,"d":"131,251.09"},{"v":131251.085,"d":"131,251.09"},{"v":131251.085,"d":"131,251.09"},{"v":131251.085,"d":"131,251.09"}]
[null,null,5,"05 a 06 ano",{"v":0.075,"d":"0.0750"},{"v":0.25,"d":"0.2500"},{"v":93750.775,"d":"93,750.78"},{"v":93750.775,"d":"93,750.78"},{"v":93750.775,"d":"93,750.78"},{"v":93750.775,"d":"93,750.78"},{"v":93750.775,"d":"93,750.78"},{"v":93750.775,"d":"93,750.78"},{"v":93750.775,"d":"93,750.78"},{"v":93750.775,"d":"93,750.78"},{"v":93750.775,"d":"93,750.78"},{"v":93750.775,"d":"93,750.78"},{"v":93750.775,"d":"93,750.78"},{"v":93750.775,"d":"93,750.78"},{"v":93750.775,"d":"93,750.78"},{"v":93750.775,"d":"93,750.78"},{"v":93750.775,"d":"93,750.78"}]
[null,null,6,"06 a 07 ano",{"v":0.049999999999999996,"d":"0.0500"},{"v":0.175,"d":"0.1750"},{"v":65625.5425,"d":"65,625.54"},{"v":65625.5425,"d":"65,625.54"},{"v":65625.5425,"d":"65,625.54"},{"v":65625.5425,"d":"65,625.54"},{"v":65625.5425,"d":"65,625.54"},{"v":65625.5425,"d":"65,625.54"},{"v":65625.5425,"d":"65,625.54"},{"v":65625.5425,"d":"65,625.54"},{"v":65625.5425,"d":"65,625.54"},{"v":65625.5425,"d":"65,625.54"},{"v":65625.5425,"d":"65,625.54"},{"v":65625.5425,"d":"65,625.54"},{"v":65625.5425,"d":"65,625.54"},{"v":65625.5425,"d":"65,625.54"},{"v":65625.5425,"d":"65,625.54"}]
[null,null,7,"07 a 08 ano",{"v":0.024999999999999998,"d":"0.0250"},{"v":0.125,"d":"0.1250"},{"v":46875.3875,"d":"46,875.39"},{"v":46875.3875,"d":"46,875.39"},{"v":46875.3875,"d":"46,875.39"},{"v":46875.3875,"d":"46,875.39"},{"v":46875.3875,"d":"46,875.39"},{"v":46875.3875,"d":"46,875.39"},{"v":46875.3875,"d":"46,875.39"},{"v":46875.3875,"d":"46,875.39"},{"v":46875.3875,"d":"46,875.39"},{"v":46875.3875,"d":"46,875.39"},{"v":46875.3875,"d":"46,875.39"},{"v":46875.3875,"d":"46,875.39"},{"v":46875.3875,"d":"46,875.39"},{"v":46875.3875,"d":"46,875.39"},{"v":46875.3875,"d":"46,875.39"}]
[null,null,8,"08 a 09 ano",{"v":0,"d":"0.0000"},{"$f":"F126-E126","v":{"v":0.1,"d":"0.1000"}},{"v":37500.31,"d":"37,500.31"},{"v":37500.31,"d":"37,500.31"},{"v":37500.31,"d":"37,500.31"},{"v":37500.31,"d":"37,500.31"},{"v":37500.31,"d":"37,500.31"},{"v":37500.31,"d":"37,500.31"},{"v":37500.31,"d":"37,500.31"},{"v":37500.31,"d":"37,500.31"},{"v":37500.31,"d":"37,500.31"},{"v":37500.31,"d":"37,500.31"},{"v":37500.31,"d":"37,500.31"},{"v":37500.31,"d":"37,500.31"},{"v":37500.31,"d":"37,500.31"},{"v":37500.31,"d":"37,500.31"},{"v":37500.31,"d":"37,500.31"}]
[null,null,9,"09 a 10 ano",{"v":0,"d":"0.0000"},{"$f":"IF(E127=0,0,F127-E127)","v":{"v":0,"d":"0.0000"}},{"v":0,"d":"0.00"},{"v":0,"d":"0.00"},{"v":0,"d":"0.00"},{"v":0,"d":"0.00"},{"v":0,"d":"0.00"},{"v":0,"d":"0.00"},{"v":0,"d":"0.00"},{"v":0,"d":"0.00"},{"v":0,"d":"0.00"},{"v":0,"d":"0.00"},{"v":0,"d":"0.00"},{"v":0,"d":"0.00"},{"v":0,"d":"0.00"},{"v":0,"d":"0.00"},{"v":0,"d":"0.00"}]
[null,null,10,"+10 anos",{"v":0,"d":"0.0000"},{"$f":"IF(E128=0,0,F128-E128)","v":{"v":0,"d":"0.0000"}},{"v":0,"d":"0.00"},{"v":0,"d":"0.00"},{"v":0,"d":"0.00"},{"v":0,"d":"0.00"},{"v":0,"d":"0.00"},{"v":0,"d":"0.00"},{"v":0,"d":"0.00"},{"v":0,"d":"0.00"},{"v":0,"d":"0.00"},{"v":0,"d":"0.00"},{"v":0,"d":"0.00"},{"v":0,"d":"0.00"},{"v":0,"d":"0.00"},{"v":0,"d":"0.00"},{"v":0,"d":"0.00"}]
[]
[3,null,{"$f":"+MENU!$C$53","v":"3.4.2.3 - PREÇO DE VEÍCULO COM FATOR DE DEPRECIAÇÃO DE VEÍCULO S/ RODAGEM - -"}]
[]
[null,null,"FAIXA ETÁRIA",null,"Fator de depreciação","% valor do veíc. novo",1,{"$f":"+G133+1","v":2},3,4,5,6,7,8,9,10,11,12,13,14,15]
[null,null,0,"00 a 01 ano",{"$f":"+E81","v":{"v":0,"d":"0.0000"}},{"v":1,"d":"1.0000"},{"$f":"G$99*$F134","v":{"v":0,"d":"0.00"}},{"$f":"H$99*$F134","v":{"v":0,"d":"0.00"}},{"v":0,"d":"0.00"},{"v":0,"d":"0.00"},{"v":0,"d":"0.00"},{"v":0,"d":"0.00"},{"v":0,"d":"0.00"},{"v":0,"d":"0.00"},{"v":0,"d":"0.00"},{"v":0,"d":"0.00"},{"v":0,"d":"0.00"},{"v":0,"d":"0.00"},{"v":0,"d":"0.00"},{"v":0,"d":"0.00"},{"v":0,"d":"0.00"}]
[null,null,1,"01 a 02 ano",{"v":0,"d":"0.0000"},{"$f":"F134-E134","v":{"v":1,"d":"1.0000"}},{"$f":"G$99*$F135","v":{"v":0,"d":"0.00"}},{"v":0,"d":"0.00"},{"v":0,"d":"0.00"},{"v":0,"d":"0.00"},{"v":0,"d":"0.00"},{"v":0,"d":"0.00"},{"v":0,"d":"0.00"},{"v":0,"d":"0.00"},{"v":0,"d":"0.00"},{"v":0,"d":"0.00"},{"v":0,"d":"0.00"},{"v":0,"d":"0.00"},{"v":0,"d":"0.00"},{"v":0,"d":"0.00"},{"v":0,"d":"0.00"}]
[null,null,2,"02 a 03 ano",{"v":0,"d":"0.0000"},{"v":1,"d":"1.0000"},{"v":0,"d":"0.00"},{"v":0,"d":"0.00"},{"v":0,"d":"0.00"},{"v":0,"d":"0.00"},{"v":0,"d":"0.00"},{"v":0,"d":"0.00"},{"v":0,"d":"0.00"},{"v":0,"d":"0.00"},{"v":0,"d":"0.00"},{"v":0,"d":"0.00"},{"v":0,"d":"0.00"},{"v":0,"d":"0.00"},{"v":0,"d":"0.00"},{"v":0,"d":"0.00"},{"v":0,"d":"0.00"}]
[null,null,3,"03 a 04 ano",{"v":0,"d":"0.0000"},{"v":1,"d":"1.0000"},{"v":0,"d":"0.00"},{"v":0,"d":"0.00"},{"v":0,"d":"0.00"},{"v":0,"d":"0.00"},{"v":0,"d":"0.00"},{"v":0,"d":"0.00"},{"v":0,"d":"0.00"},{"v":0,"d":"0.00"},{"v":0,"d":"0.00"},{"v":0,"d":"0.00"},{"v":0,"d":"0.00"},{"v":0,"d":"0.00"},{"v":0,"d":"0.00"},{"v":0,"d":"0.00"},{"v":0,"d":"0.00"}]
[null,null,4,"04 a 05 ano",{"v":0,"d":"0.0000"},{"v":1,"d":"1.0000"},{"v":0,"d":"0.00"},{"v":0,"d":"0.00"},{"v":0,"d":"0.00"},{"v":0,"d":"0.00"},{"v":0,"d":"0.00"},{"v":0,"d":"0.00"},{"v":0,"d":"0.00"},{"v":0,"d":"0.00"},{"v":0,"d":"0.00"},{"v":0,"d":"0.00"},{"v":0,"d":"0.00"},{"v":0,"d":"0.00"},{"v":0,"d":"0.00"},{"v":0,"d":"0.00"},{"v":0,"d":"0.00"}]
[null,null,5,"05 a 06 ano",{"v":0,"d":"0.0000"},{"v":1,"d":"1.0000"},{"v":0,"d":"0.00"},{"v":0,"d":"0.00"},{"v":0,"d":"0.00"},{"v":0,"d":"0.00"},{"v":0,"d":"0.00"},{"v":0,"d":"0.00"},{"v":0,"d":"0.00"},{"v":0,"d":"0.00"},{"v":0,"d":"0.00"},{"v":0,"d":"0.00"},{"v":0,"d":"0.00"},{"v":0,"d":"0.00"},{"v":0,"d":"0.00"},{"v":0,"d":"0.00"},{"v":0,"d":"0.00"}]
[null,null,6,"06 a 07 ano",{"v":0,"d":"0.0000"},{"v":1,"d":"1.0000"},{"v":0,"d":"0.00"},{"v":0,"d":"0.00"},{"v":0,"d":"0.00"},{"v":0,"d":"0.00"},{"v":0,"d":"0.00"},{"v":0,"d":"0.00"},{"v":0,"d":"0.00"},{"v":0,"d":"0.00"},{"v":0,"d":"0.00"},{"v":0,"d":"0.00"},{"v":0,"d":"0.00"},{"v":0,"d":"0.00"},{"v":0,"d":"0.00"},{"v":0,"d":"0.00"},{"v":0,"d":"0.00"}]
[null,null,7,"07 a 08 ano",{"v":0,"d":"0.0000"},{"v":1,"d":"1.0000"},{"v":0,"d":"0.00"},{"v":0,"d":"0.00"},{"v":0,"d":"0.00"},{"v":0,"d":"0.00"},{"v":0,"d":"0.00"},{"v":0,"d":"0.00"},{"v":0,"d":"0.00"},{"v":0,"d":"0.00"},{"v":0,"d":"0.00"},{"v":0,"d":"0.00"},{"v":0,"d":"0.00"},{"v":0,"d":"0.00"},{"v":0,"d":"0.00"},{"v":0,"d":"0.00"},{"v":0,"d":"0.00"}]
[null,null,8,"08 a 09 ano",{"v":0,"d":"0.0000"},{"$f":"F141-E141","v":{"v":1,"d":"1.0000"}},{"v":0,"d":"0.00"},{"v":0,"d":"0.00"},{"v":0,"d":"0.00"},{"v":0,"d":"0.00"},{"v":0,"d":"0.00"},{"v":0,"d":"0.00"},{"v":0,"d":"0.00"},{"v":0,"d":"0.00"},{"v":0,"d":"0.00"},{"v":0,"d":"0.00"},{"v":0,"d":"0.00"},{"v":0,"d":"0.00"},{"v":0,"d":"0.00"},{"v":0,"d":"0.00"},{"v":0,"d":"0.00"}]
[null,null,9,"09 a 10 ano",{"v":0,"d":"0.0000"},{"$f":"IF(E142=0,0,F142-E142)","v":{"v":0,"d":"0.0000"}},{"v":0,"d":"0.00"},{"v":0,"d":"0.00"},{"v":0,"d":"0.00"},{"v":0,"d":"0.00"},{"v":0,"d":"0.00"},{"v":0,"d":"0.00"},{"v":0,"d":"0.00"},{"v":0,"d":"0.00"},{"v":0,"d":"0.00"},{"v":0,"d":"0.00"},{"v":0,"d":"0.00"},{"v":0,"d":"0.00"},{"v":0,"d":"0.00"},{"v":0,"d":"0.00"},{"v":0,"d":"0.00"}]
[null,null,10,"+10 anos",{"v":0,"d":"0.0000"},{"$f":"IF(E143=0,0,F143-E143)","v":{"v":0,"d":"0.0000"}},{"v":0,"d":"0.00"},{"v":0,"d":"0.00"},{"v":0,"d":"0.00"},{"v":0,"d":"0.00"},{"v":0,"d":"0.00"},{"v":0,"d":"0.00"},{"v":0,"d":"0.00"},{"v":0,"d":"0.00"},{"v":0,"d":"0.00"},{"v":0,"d":"0.00"},{"v":0,"d":"0.00"},{"v":0,"d":"0.00"},{"v":0,"d":"0.00"},{"v":0,"d":"0.00"},{"v":0,"d":"0.00"}]
[]
[]
[null,null,{"$f":"+MENU!$C$54","v":"3.5. - PEÇAS E ACESSÓRIOS"}]
[]
[{"$nulls":3},"PEÇAS E ACESSÓRIOS",null,"Un.",1,{"$f":"+G149+1","v":2},3,4,5,6,7,8,9,10,11,12,13,14,15]
[1,null,null,{"$f":"\"Valor por Veíc. - \"&VLOOKUP(A150,TIPOLOGIA!$D$10:$E$12,2,0)","v":"Valor por Veíc. - MICROÔNIBUS"},null,"(R$/km)",{"$f":"IFERROR(ROUND(+G44*'2. COEFICIENTES'!F$57/'1. DADOS OPERACIONAIS'!F46,4),0)","v":0.1884},{"$f":"IFERROR(ROUND(+H44*'2. COEFICIENTES'!G$57/'1. DADOS OPERACIONAIS'!G46,4),0)","v":0.1884},{"$f":"IFERROR(ROUND(+I44*'2. COEFICIENTES'!H$57/'1. DADOS OPERACIONAIS'!H46,4),0)","v":0.1884},{"$f":"IFERROR(ROUND(+J44*'2. COEFICIENTES'!I$57/'1. DADOS OPERACIONAIS'!I46,4),0)","v":0.1884},{"$f":"IFERROR(ROUND(+K44*'2. COEFICIENTES'!J$57/'1. DADOS OPERACIONAIS'!J46,4),0)","v":0.1884},{"$f":"IFERROR(ROUND(+L44*'2. COEFICIENTES'!K$57/'1. DADOS OPERACIONAIS'!K46,4),0)","v":0.1884},{"$f":"IFERROR(ROUND(+M44*'2. COEFICIENTES'!L$57/'1. DADOS OPERACIONAIS'!L46,4),0)","v":0.1884},{"$f":"IFERROR(ROUND(+N44*'2. COEFICIENTES'!M$57/'1. DADOS OPERACIONAIS'!M46,4),0)","v":0.1884},{"$f":"IFERROR(ROUND(+O44*'2. COEFICIENTES'!N$57/'1. DADOS OPERACIONAIS'!N46,4),0)","v":0.1884},{"$f":"IFERROR(ROUND(+P44*'2. COEFICIENTES'!O$57/'1. DADOS OPERACIONAIS'!O46,4),0)","v":0.1884},{"$f":"IFERROR(ROUND(+Q44*'2. COEFICIENTES'!P$57/'1. DADOS OPERACIONAIS'!P46,4),0)","v":0.1884},{"$f":"IFERROR(ROUND(+R44*'2. COEFICIENTES'!Q$57/'1. DADOS OPERACIONAIS'!Q46,4),0)","v":0.1884},{"$f":"IFERROR(ROUND(+S44*'2. COEFICIENTES'!R$57/'1. DADOS OPERACIONAIS'!R46,4),0)","v":0.1884},{"$f":"IFERROR(ROUND(+T44*'2. COEFICIENTES'!S$57/'1. DADOS OPERACIONAIS'!S46,4),0)","v":0.1884},{"$f":"IFERROR(ROUND(+U44*'2. COEFICIENTES'!T$57/'1. DADOS OPERACIONAIS'!T46,4),0)","v":0.1884}]
[2,null,null,{"$f":"\"Valor por Veíc. - \"&VLOOKUP(A151,TIPOLOGIA!$D$10:$E$12,2,0)","v":"Valor por Veíc. - CONVENCIONAL"},null,{"$f":"F150","v":"(R$/km)"},{"$f":"IFERROR(ROUND(+G45*'2. COEFICIENTES'!F$57/'1. DADOS OPERACIONAIS'!F47,4),0)","v":0.2366},{"$f":"IFERROR(ROUND(+H45*'2. COEFICIENTES'!G$57/'1. DADOS OPERACIONAIS'!G47,4),0)","v":0.2366},{"$f":"IFERROR(ROUND(+I45*'2. COEFICIENTES'!H$57/'1. DADOS OPERACIONAIS'!H47,4),0)","v":0.2366},{"$f":"IFERROR(ROUND(+J45*'2. COEFICIENTES'!I$57/'1. DADOS OPERACIONAIS'!I47,4),0)","v":0.2366},{"$f":"IFERROR(ROUND(+K45*'2. COEFICIENTES'!J$57/'1. DADOS OPERACIONAIS'!J47,4),0)","v":0.2366},{"$f":"IFERROR(ROUND(+L45*'2. COEFICIENTES'!K$57/'1. DADOS OPERACIONAIS'!K47,4),0)","v":0.2366},{"$f":"IFERROR(ROUND(+M45*'2. COEFICIENTES'!L$57/'1. DADOS OPERACIONAIS'!L47,4),0)","v":0.2366},{"$f":"IFERROR(ROUND(+N45*'2. COEFICIENTES'!M$57/'1. DADOS OPERACIONAIS'!M47,4),0)","v":0.2366},{"$f":"IFERROR(ROUND(+O45*'2. COEFICIENTES'!N$57/'1. DADOS OPERACIONAIS'!N47,4),0)","v":0.2366},{"$f":"IFERROR(ROUND(+P45*'2. COEFICIENTES'!O$57/'1. DADOS OPERACIONAIS'!O47,4),0)","v":0.2366},{"$f":"IFERROR(ROUND(+Q45*'2. COEFICIENTES'!P$57/'1. DADOS OPERACIONAIS'!P47,4),0)","v":0.2366},{"$f":"IFERROR(ROUND(+R45*'2. COEFICIENTES'!Q$57/'1. DADOS OPERACIONAIS'!Q47,4),0)","v":0.2366},{"$f":"IFERROR(ROUND(+S45*'2. COEFICIENTES'!R$57/'1. DADOS OPERACIONAIS'!R47,4),0)","v":0.2366},{"$f":"IFERROR(ROUND(+T45*'2. COEFICIENTES'!S$57/'1. DADOS OPERACIONAIS'!S47,4),0)","v":0.2366},{"$f":"IFERROR(ROUND(+U45*'2. COEFICIENTES'!T$57/'1. DADOS OPERACIONAIS'!T47,4),0)","v":0.2366}]
[3,{"$nulls":4},{"$f":"F151","v":"(R$/km)"},{"$f":"IFERROR(ROUND(+G46*'2. COEFICIENTES'!F$57/'1. DADOS OPERACIONAIS'!F48,4),0)","v":{"v":0,"d":"0.0000"}},{"$f":"IFERROR(ROUND(+H46*'2. COEFICIENTES'!G$57/'1. DADOS OPERACIONAIS'!G48,4),0)","v":{"v":0,"d":"0.0000"}},{"$f":"IFERROR(ROUND(+I46*'2. COEFICIENTES'!H$57/'1. DADOS OPERACIONAIS'!H48,4),0)","v":{"v":0,"d":"0.0000"}},{"$f":"IFERROR(ROUND(+J46*'2. COEFICIENTES'!I$57/'1. DADOS OPERACIONAIS'!I48,4),0)","v":{"v":0,"d":"0.0000"}},{"$f":"IFERROR(ROUND(+K46*'2. COEFICIENTES'!J$57/'1. DADOS OPERACIONAIS'!J48,4),0)","v":{"v":0,"d":"0.0000"}},{"$f":"IFERROR(ROUND(+L46*'2. COEFICIENTES'!K$57/'1. DADOS OPERACIONAIS'!K48,4),0)","v":{"v":0,"d":"0.0000"}},{"$f":"IFERROR(ROUND(+M46*'2. COEFICIENTES'!L$57/'1. DADOS OPERACIONAIS'!L48,4),0)","v":{"v":0,"d":"0.0000"}},{"$f":"IFERROR(ROUND(+N46*'2. COEFICIENTES'!M$57/'1. DADOS OPERACIONAIS'!M48,4),0)","v":{"v":0,"d":"0.0000"}},{"$f":"IFERROR(ROUND(+O46*'2. COEFICIENTES'!N$57/'1. DADOS OPERACIONAIS'!N48,4),0)","v":{"v":0,"d":"0.0000"}},{"$f":"IFERROR(ROUND(+P46*'2. COEFICIENTES'!O$57/'1. DADOS OPERACIONAIS'!O48,4),0)","v":{"v":0,"d":"0.0000"}},{"$f":"IFERROR(ROUND(+Q46*'2. COEFICIENTES'!P$57/'1. DADOS OPERACIONAIS'!P48,4),0)","v":{"v":0,"d":"0.0000"}},{"$f":"IFERROR(ROUND(+R46*'2. COEFICIENTES'!Q$57/'1. DADOS OPERACIONAIS'!Q48,4),0)","v":{"v":0,"d":"0.0000"}},{"$f":"IFERROR(ROUND(+S46*'2. COEFICIENTES'!R$57/'1. DADOS OPERACIONAIS'!R48,4),0)","v":{"v":0,"d":"0.0000"}},{"$f":"IFERROR(ROUND(+T46*'2. COEFICIENTES'!S$57/'1. DADOS OPERACIONAIS'!S48,4),0)","v":{"v":0,"d":"0.0000"}},{"$f":"IFERROR(ROUND(+U46*'2. COEFICIENTES'!T$57/'1. DADOS OPERACIONAIS'!T48,4),0)","v":{"v":0,"d":"0.0000"}}]
[]
[]
[null,null,{"$f":"+MENU!$C$55","v":"3.6. - SEGUROS"}]
[]
[null,null,{"$f":"+MENU!$C$56","v":"3.6.1. - SEGURO OBRIGATÓRIO + LICENCIAMENTO"}]
[]
[null,null,"SEGURO OBRIGATÓRIO",null,null,"Un.",1,{"$f":"+G159+1","v":2},3,4,5,6,7,8,9,10,11,12,13,14,15]
[1,null,null,{"$f":"\"Preço de 1 Veíc. \"&VLOOKUP(A160,TIPOLOGIA!$D$10:$E$12,2,0)","v":"Preço de 1 Veíc. MICROÔNIBUS"},null,"(R$/Veíc./ano)",{"$f":"10.57+94","v":104.57},{"$f":"G160","v":104.57},104.57,104.57,104.57,104.57,104.57,104.57,104.57,104.57,104.57,104.57,104.57,104.57,104.57]
[2,null,null,{"$f":"\"Preço de 1 Veíc. \"&VLOOKUP(A161,TIPOLOGIA!$D$10:$E$12,2,0)","v":"Preço de 1 Veíc. CONVENCIONAL"},null,{"$f":"+F160","v":"(R$/Veíc./ano)"},{"$f":"+G160","v":104.57},{"$f":"G161","v":104.57},104.57,104.57,104.57,104.57,104.57,104.57,104.57,104.57,104.57,104.57,104.57,104.57,104.57]
[3,{"$nulls":4},{"$f":"+F161","v":"(R$/Veíc./ano)"},{"v":0,"d":"0.00"},{"$f":"G162","v":{"v":0,"d":"0.00"}},{"v":0,"d":"0.00"},{"v":0,"d":"0.00"},{"v":0,"d":"0.00"},{"v":0,"d":"0.00"},{"v":0,"d":"0.00"},{"v":0,"d":"0.00"},{"v":0,"d":"0.00"},{"v":0,"d":"0.00"},{"v":0,"d":"0.00"},{"v":0,"d":"0.00"},{"v":0,"d":"0.00"},{"v":0,"d":"0.00"},{"v":0,"d":"0.00"}]
[]
[]
[null,null,{"$f":"+MENU!$C$57","v":"3.6.2. - SEGURO DE RESPONSABILIDADE CIVIL"}]
[]
[null,null,"SEGURO RESP. CIVIL",null,null,"Un.",1,{"$f":"+G167+1","v":2},3,4,5,6,7,8,9,10,11,12,13,14,15]
[1,null,null,{"$f":"\"Preço de 1 Veíc. \"&VLOOKUP(A168,TIPOLOGIA!$D$10:$E$12,2,0)","v":"Preço de 1 Veíc. MICROÔNIBUS"},null,"(R$/Veíc./ano)",850.08,{"$f":"G168","v":850.08},850.08,850.08,850.08,850.08,850.08,850.08,850.08,850.08,850.08,850.08,850.08,850.08,850.08]
[2,null,null,{"$f":"\"Preço de 1 Veíc. \"&VLOOKUP(A169,TIPOLOGIA!$D$10:$E$12,2,0)","v":"Preço de 1 Veíc. CONVENCIONAL"},null,{"$f":"+F168","v":"(R$/Veíc./ano)"},850.08,{"$f":"G169","v":850.08},850.08,850.08,850.08,850.08,850.08,850.08,850.08,850.08,850.08,850.08,850.08,850.08,850.08]
[3,{"$nulls":4},{"$f":"+F169","v":"(R$/Veíc./ano)"},{"v":0,"d":"0.00"},{"$f":"G170","v":{"v":0,"d":"0.00"}},{"v":0,"d":"0.00"},{"v":0,"d":"0.00"},{"v":0,"d":"0.00"},{"v":0,"d":"0.00"},{"v":0,"d":"0.00"},{"v":0,"d":"0.00"},{"v":0,"d":"0.00"},{"v":0,"d":"0.00"},{"v":0,"d":"0.00"},{"v":0,"d":"0.00"},{"v":0,"d":"0.00"},{"v":0,"d":"0.00"},{"v":0,"d":"0.00"}]
[]
[]
[null,null,{"$f":"+MENU!$C$58","v":"3.7. - SALÁRIOS E BENEFÍCIOS"}]
[]
[null,null,{"$f":"+MENU!$C$59","v":"3.7.1. - SALÁRIOS BASE"}]
[]
[null,null,"SALÁRIOS",null,null,"Un.",1,{"$f":"+G177+1","v":2},3,4,5,6,7,8,9,10,11,12,13,14,15]
[1,null,null,"Salário Base Motorista",null,"(R$/Func./Mês)",{"v":1919.66,"d":"1,919.66"},{"$f":"G178","v":{"v":1919.66,"d":"1,919.66"}},{"$f":"H178","v":{"v":1919.66,"d":"1,919.66"}},{"v":1919.66,"d":"1,919.66"},{"v":1919.66,"d":"1,919.66"},{"v":1919.66,"d":"1,919.66"},{"v":1919.66,"d":"1,919.66"},{"v":1919.66,"d":"1,919.66"},{"v":1919.66,"d":"1,919.66"},{"v":1919.66,"d":"1,919.66"},{"v":1919.66,"d":"1,919.66"},{"v":1919.66,"d":"1,919.66"},{"v":1919.66,"d":"1,919.66"},{"v":1919.66,"d":"1,919.66"},{"$f":"T178","v":{"v":1919.66,"d":"1,919.66"}}]
[2,null,null,"Salário Médio de P. de Fiscalização",null,{"$f":"+F178","v":"(R$/Func./Mês)"},{"v":2204.99,"d":"2,204.99"},{"$f":"+G179","v":{"v":2204.99,"d":"2,204.99"}},{"$f":"+H179","v":{"v":2204.99,"d":"2,204.99"}},{"v":2204.99,"d":"2,204.99"},{"v":2204.99,"d":"2,204.99"},{"v":2204.99,"d":"2,204.99"},{"v":2204.99,"d":"2,204.99"},{"v":2204.99,"d":"2,204.99"},{"v":2204.99,"d":"2,204.99"},{"v":2204.99,"d":"2,204.99"},{"v":2204.99,"d":"2,204.99"},{"v":2204.99,"d":"2,204.99"},{"v":2204.99,"d":"2,204.99"},{"v":2204.99,"d":"2,204.99"},{"$f":"T179","v":{"v":2204.99,"d":"2,204.99"}}]
[3,null,null,"Salário Base Cobrador",null,{"$f":"+F179","v":"(R$/Func./Mês)"},{"v":1200.56,"d":"1,200.56"},{"$f":"+G180","v":{"v":1200.56,"d":"1,200.56"}},{"$f":"+H180","v":{"v":1200.56,"d":"1,200.56"}},{"v":1200.56,"d":"1,200.56"},{"v":1200.56,"d":"1,200.56"},{"v":1200.56,"d":"1,200.56"},{"v":1200.56,"d":"1,200.56"},{"v":1200.56,"d":"1,200.56"},{"v":1200.56,"d":"1,200.56"},{"v":1200.56,"d":"1,200.56"},{"v":1200.56,"d":"1,200.56"},{"v":1200.56,"d":"1,200.56"},{"v":1200.56,"d":"1,200.56"},{"v":1200.56,"d":"1,200.56"},{"$f":"T180","v":{"v":1200.56,"d":"1,200.56"}}]
[]
[null,null,{"$f":"+MENU!$C$60","v":"3.7.2. - BENEFÍCIOS"}]
[]
[null,null,"BENEFÍCIOS",null,null,"Un.",1,{"$f":"+G184+1","v":2},3,4,5,6,7,8,9,10,11,12,13,14,15]
[1,null,null,"Cesta Básica",null,"(R$/Func./Mês)",150.09,{"$f":"+G185","v":150.09},150.09,150.09,150.09,150.09,150.09,150.09,150.09,150.09,150.09,150.09,150.09,150.09,{"$f":"T185","v":150.09}]
[2,null,null,"Vale Refeição",null,"(R$/Dia/Func.)",{"$f":"203.49/25","v":{"v":8.1396,"d":"8.14"}},{"$f":"+G186","v":{"v":8.1396,"d":"8.14"}},{"v":8.1396,"d":"8.14"},{"v":8.1396,"d":"8.14"},{"v":8.1396,"d":"8.14"},{"v":8.1396,"d":"8.14"},{"v":8.1396,"d":"8.14"},{"v":8.1396,"d":"8.14"},{"v":8.1396,"d":"8.14"},{"v":8.1396,"d":"8.14"},{"v":8.1396,"d":"8.14"},{"v":8.1396,"d":"8.14"},{"v":8.1396,"d":"8.14"},{"v":8.1396,"d":"8.14"},{"$f":"T186","v":{"v":8.1396,"d":"8.14"}}]
[3,null,null,"Convenio Médico",null,{"$f":"+F185","v":"(R$/Func./Mês)"},{"v":0,"d":"0.00"},{"$f":"+G187","v":{"v":0,"d":"0.00"}},{"v":0,"d":"0.00"},{"v":0,"d":"0.00"},{"v":0,"d":"0.00"},{"v":0,"d":"0.00"},{"v":0,"d":"0.00"},{"v":0,"d":"0.00"},{"v":0,"d":"0.00"},{"v":0,"d":"0.00"},{"v":0,"d":"0.00"},{"v":0,"d":"0.00"},{"v":0,"d":"0.00"},{"v":0,"d":"0.00"},{"$f":"T187","v":{"v":0,"d":"0.00"}}]
[3,null,null,"Participação nos Lucros e Resultados",null,{"$f":"+F187","v":"(R$/Func./Mês)"},{"v":0,"d":"0.00"},{"$f":"+G188","v":{"v":0,"d":"0.00"}},{"v":0,"d":"0.00"},{"v":0,"d":"0.00"},{"v":0,"d":"0.00"},{"v":0,"d":"0.00"},{"v":0,"d":"0.00"},{"v":0,"d":"0.00"},{"v":0,"d":"0.00"},{"v":0,"d":"0.00"},{"v":0,"d":"0.00"},{"v":0,"d":"0.00"},{"v":0,"d":"0.00"},{"v":0,"d":"0.00"},{"$f":"T188","v":{"v":0,"d":"0.00"}}]
[3,null,null,"Cafe da Manhã",null,"(R$/Dia/Func.)",{"v":0,"d":"0.00"},{"$f":"+G189","v":{"v":0,"d":"0.00"}},{"v":0,"d":"0.00"},{"v":0,"d":"0.00"},{"v":0,"d":"0.00"},{"v":0,"d":"0.00"},{"v":0,"d":"0.00"},{"v":0,"d":"0.00"},{"v":0,"d":"0.00"},{"v":0,"d":"0.00"},{"v":0,"d":"0.00"},{"v":0,"d":"0.00"},{"v":0,"d":"0.00"},{"v":0,"d":"0.00"},{"$f":"T189","v":{"v":0,"d":"0.00"}}]
[]
[]
[null,null,{"$f":"+MENU!$C$61","v":"3.8. - SISTEMA DE BILHETAGEM ELETRÔNICA, ITS E CÂMERAS E MONITORAMENTO"}]
[]
[null,null,"BILHETAGEM ELETÔNICA, ITS",null,null,"Un.",1,{"$f":"+G194+1","v":2},3,4,5,6,7,8,9,10,11,12,13,14,15]
[{"$nulls":3},"Valor por Veículo",null,"(R$/Veíc/mês)",{"v":705,"d":"705.00"},{"$f":"G195","v":{"v":705,"d":"705.00"}},{"v":705,"d":"705.00"},{"v":705,"d":"705.00"},{"v":705,"d":"705.00"},{"v":705,"d":"705.00"},{"v":705,"d":"705.00"},{"v":705,"d":"705.00"},{"v":705,"d":"705.00"},{"v":705,"d":"705.00"},{"v":705,"d":"705.00"},{"v":705,"d":"705.00"},{"v":705,"d":"705.00"},{"v":705,"d":"705.00"},{"v":705,"d":"705.00"}]
[]
[{"$nulls":6},{"$f":"G195*12","v":8460}]
[null,null,{"$f":"+MENU!$C$62","v":"3.9. - LOCAÇÃO DE GARAGEM"}]
[]
[null,null,"ALUGUEL DE GARAGEM",null,null,"Un.",1,{"$f":"+G200+1","v":2},3,4,5,6,7,8,9,10,11,12,13,14,15]
[{"$nulls":3},"Valor Mensal",null,"(R$/Mês)",{"v":10000,"d":"10,000.00"},{"$f":"G201","v":{"v":10000,"d":"10,000.00"}},{"v":10000,"d":"10,000.00"},{"v":10000,"d":"10,000.00"},{"v":10000,"d":"10,000.00"},{"v":10000,"d":"10,000.00"},{"v":10000,"d":"10,000.00"},{"v":10000,"d":"10,000.00"},{"v":10000,"d":"10,000.00"},{"v":10000,"d":"10,000.00"},{"v":10000,"d":"10,000.00"},{"v":10000,"d":"10,000.00"},{"v":10000,"d":"10,000.00"},{"v":10000,"d":"10,000.00"},{"v":10000,"d":"10,000.00"}]

{"sheet":"4. CUSTOS VARIÁVEIS","index":5,"n_rows":80,"n_cols":20,"rows_kept":80,"merged":[[12,2,12,3],[21,2,21,3],[31,2,31,3],[43,2,43,3],[52,2,52,3],[62,2,62,3],[72,2,72,3]]}
[]
[{"$nulls":4},"SECRETARIA MUNICIPAL DE DESENVOLVIMENTO URBANO"]
[{"$nulls":4},{"$f":"MENU!$B$3&\"  -  \"&+MENU!$B$4","v":"CONCORRÊNCIA Nº 003/18  -  "}]
[{"$nulls":4},{"$f":"+MENU!$C$2","v":"ESTUDO TÉCNICO DE VIABILIDADE ECONÔMICA DA OPERAÇÃO DO SERVIÇO DE TRANSPORTE COLETIVO DA CIDADE DE AMPARO"}]
[{"$nulls":4},{"$f":"+MENU!$C$3","v":"ANEXO IV.1 - ESTUDO TÉCNICO DE VIABILIDADE ECONÔMICA - ORÇAMENTO ESTIMADO"},{"$nulls":14},{"$f":"+MENU!$C$5","v":"DATA BASE DE CÁLCULO: MARÇO 2020"}]
[]
[null,{"$f":"+MENU!$C$63","v":"4. - CÁLCULO DOS CUSTOS VARIÁVEIS"}]
[]
[null,null,{"$f":"+MENU!$C$64","v":"4.1. - CÁLCULO DOS CUSTEIOS COM COMBUSTÍVEIS"}]
[]
[null,null,{"$f":"+MENU!$C$65","v":"4.1.1. - CUSTEIOS COM ÓLEO DIESEL"}]
[]
[null,null,"ÓLEO DIESEL",null,"Un.",1,{"$f":"+F13+1","v":2},3,4,5,6,7,8,9,10,11,12,13,14,15]
[1,null,null,{"$f":"VLOOKUP(A14,TIPOLOGIA!$D$10:$E$12,2,0)","v":"MICROÔNIBUS"},"(R$/mês)",{"$f":"'3. PREÇOS INSUMOS'!G$12*'2. COEFICIENTES'!F14*'1. DADOS OPERACIONAIS'!F37","v":{"v":16606.14319256672,"d":"16,606.14"}},{"$f":"'3. PREÇOS INSUMOS'!H$12*'2. COEFICIENTES'!G14*'1. DADOS OPERACIONAIS'!G37","v":{"v":16606.14319256672,"d":"16,606.14"}},{"$f":"'3. PREÇOS INSUMOS'!I$12*'2. COEFICIENTES'!H14*'1. DADOS OPERACIONAIS'!H37","v":{"v":16606.14319256672,"d":"16,606.14"}},{"$f":"'3. PREÇOS INSUMOS'!J$12*'2. COEFICIENTES'!I14*'1. DADOS OPERACIONAIS'!I37","v":{"v":16606.14319256672,"d":"16,606.14"}},{"$f":"'3. PREÇOS INSUMOS'!K$12*'2. COEFICIENTES'!J14*'1. DADOS OPERACIONAIS'!J37","v":{"v":16606.14319256672,"d":"16,606.14"}},{"$f":"'3. PREÇOS INSUMOS'!L$12*'2. COEFICIENTES'!K14*'1. DADOS OPERACIONAIS'!K37","v":{"v":16606.14319256672,"d":"16,606.14"}},{"$f":"'3. PREÇOS INSUMOS'!M$12*'2. COEFICIENTES'!L14*'1. DADOS OPERACIONAIS'!L37","v":{"v":16606.14319256672,"d":"16,606.14"}},{"$f":"'3. PREÇOS INSUMOS'!N$12*'2. COEFICIENTES'!M14*'1. DADOS OPERACIONAIS'!M37","v":{"v":16606.14319256672,"d":"16,606.14"}},{"$f":"'3. PREÇOS INSUMOS'!O$12*'2. COEFICIENTES'!N14*'1. DADOS OPERACIONAIS'!N37","v":{"v":16606.14319256672,"d":"16,606.14"}},{"$f":"'3. PREÇOS INSUMOS'!P$12*'2. COEFICIENTES'!O14*'1. DADOS OPERACIONAIS'!O37","v":{"v":16606.14319256672,"d":"16,606.14"}},{"$f":"'3. PREÇOS INSUMOS'!Q$12*'2. COEFICIENTES'!P14*'1. DADOS OPERACIONAIS'!P37","v":{"v":16606.14319256672,"d":"16,606.14"}},{"$f":"'3. PREÇOS INSUMOS'!R$12*'2. COEFICIENTES'!Q14*'1. DADOS OPERACIONAIS'!Q37","v":{"v":16606.14319256672,"d":"16,606.14"}},{"$f":"'3. PREÇOS INSUMOS'!S$12*'2. COEFICIENTES'!R14*'1. DADOS OPERACIONAIS'!R37","v":{"v":16606.14319256672,"d":"16,606.14"}},{"$f":"'3. PREÇOS INSUMOS'!T$12*'2. COEFICIENTES'!S14*'1. DADOS OPERACIONAIS'!S37","v":{"v":16606.14319256672,"d":"16,606.14"}},{"$f":"'3. PREÇOS INSUMOS'!U$12*'2. COEFICIENTES'!T14*'1. DADOS OPERACIONAIS'!T37","v":{"v":16606.14319256672,"d":"16,606.14"}}]
[2,null,null,{"$f":"VLOOKUP(A15,TIPOLOGIA!$D$10:$E$12,2,0)","v":"CONVENCIONAL"},{"$f":"+E14","v":"(R$/mês)"},{"$f":"'3. PREÇOS INSUMOS'!G$12*'2. COEFICIENTES'!F15*'1. DADOS OPERACIONAIS'!F38","v":{"v":54385.94760551592,"d":"54,385.95"}},{"$f":"'3. PREÇOS INSUMOS'!H$12*'2. COEFICIENTES'!G15*'1. DADOS OPERACIONAIS'!G38","v":{"v":54385.94760551592,"d":"54,385.95"}},{"$f":"'3. PREÇOS INSUMOS'!I$12*'2. COEFICIENTES'!H15*'1. DADOS OPERACIONAIS'!H38","v":{"v":54385.94760551592,"d":"54,385.95"}},{"$f":"'3. PREÇOS INSUMOS'!J$12*'2. COEFICIENTES'!I15*'1. DADOS OPERACIONAIS'!I38","v":{"v":54385.94760551592,"d":"54,385.95"}},{"$f":"'3. PREÇOS INSUMOS'!K$12*'2. COEFICIENTES'!J15*'1. DADOS OPERACIONAIS'!J38","v":{"v":54385.94760551592,"d":"54,385.95"}},{"$f":"'3. PREÇOS INSUMOS'!L$12*'2. COEFICIENTES'!K15*'1. DADOS OPERACIONAIS'!K38","v":{"v":54385.94760551592,"d":"54,385.95"}},{"$f":"'3. PREÇOS INSUMOS'!M$12*'2. COEFICIENTES'!L15*'1. DADOS OPERACIONAIS'!L38","v":{"v":54385.94760551592,"d":"54,385.95"}},{"$f":"'3. PREÇOS INSUMOS'!N$12*'2. COEFICIENTES'!M15*'1. DADOS OPERACIONAIS'!M38","v":{"v":54385.94760551592,"d":"54,385.95"}},{"$f":"'3. PREÇOS INSUMOS'!O$12*'2. COEFICIENTES'!N15*'1. DADOS OPERACIONAIS'!N38","v":{"v":54385.94760551592,"d":"54,385.95"}},{"$f":"'3. PREÇOS INSUMOS'!P$12*'2. COEFICIENTES'!O15*'1. DADOS OPERACIONAIS'!O38","v":{"v":54385.94760551592,"d":"54,385.95"}},{"$f":"'3. PREÇOS INSUMOS'!Q$12*'2. COEFICIENTES'!P15*'1. DADOS OPERACIONAIS'!P38","v":{"v":54385.94760551592,"d":"54,385.95"}},{"$f":"'3. PREÇOS INSUMOS'!R$12*'2. COEFICIENTES'!Q15*'1. DADOS OPERACIONAIS'!Q38","v":{"v":54385.94760551592,"d":"54,385.95"}},{"$f":"'3. PREÇOS INSUMOS'!S$12*'2. COEFICIENTES'!R15*'1. DADOS OPERACIONAIS'!R38","v":{"v":54385.94760551592,"d":"54,385.95"}},{"$f":"'3. PREÇOS INSUMOS'!T$12*'2. COEFICIENTES'!S15*'1. DADOS OPERACIONAIS'!S38","v":{"v":54385.94760551592,"d":"54,385.95"}},{"$f":"'3. PREÇOS INSUMOS'!U$12*'2. COEFICIENTES'!T15*'1. DADOS OPERACIONAIS'!T38","v":{"v":54385.94760551592,"d":"54,385.95"}}]
[3,null,null,{"$f":"VLOOKUP(A16,TIPOLOGIA!$D$10:$E$12,2,0)","v":"-"},{"$f":"+E15","v":"(R$/mês)"},{"$f":"'3. PREÇOS INSUMOS'!G$12*'2. COEFICIENTES'!F16*'1. DADOS OPERACIONAIS'!F39","v":{"v":0,"d":"0.00"}},{"$f":"'3. PREÇOS INSUMOS'!H$12*'2. COEFICIENTES'!G16*'1. DADOS OPERACIONAIS'!G39","v":{"v":0,"d":"0.00"}},{"$f":"'3. PREÇOS INSUMOS'!I$12*'2. COEFICIENTES'!H16*'1. DADOS OPERACIONAIS'!H39","v":{"v":0,"d":"0.00"}},{"$f":"'3. PREÇOS INSUMOS'!J$12*'2. COEFICIENTES'!I16*'1. DADOS OPERACIONAIS'!I39","v":{"v":0,"d":"0.00"}},{"$f":"'3. PREÇOS INSUMOS'!K$12*'2. COEFICIENTES'!J16*'1. DADOS OPERACIONAIS'!J39","v":{"v":0,"d":"0.00"}},{"$f":"'3. PREÇOS INSUMOS'!L$12*'2. COEFICIENTES'!K16*'1. DADOS OPERACIONAIS'!K39","v":{"v":0,"d":"0.00"}},{"$f":"'3. PREÇOS INSUMOS'!M$12*'2. COEFICIENTES'!L16*'1. DADOS OPERACIONAIS'!L39","v":{"v":0,"d":"0.00"}},{"$f":"'3. PREÇOS INSUMOS'!N$12*'2. COEFICIENTES'!M16*'1. DADOS OPERACIONAIS'!M39","v":{"v":0,"d":"0.00"}},{"$f":"'3. PREÇOS INSUMOS'!O$12*'2. COEFICIENTES'!N16*'1. DADOS OPERACIONAIS'!N39","v":{"v":0,"d":"0.00"}},{"$f":"'3. PREÇOS INSUMOS'!P$12*'2. COEFICIENTES'!O16*'1. DADOS OPERACIONAIS'!O39","v":{"v":0,"d":"0.00"}},{"$f":"'3. PREÇOS INSUMOS'!Q$12*'2. COEFICIENTES'!P16*'1. DADOS OPERACIONAIS'!P39","v":{"v":0,"d":"0.00"}},{"$f":"'3. PREÇOS INSUMOS'!R$12*'2. COEFICIENTES'!Q16*'1. DADOS OPERACIONAIS'!Q39","v":{"v":0,"d":"0.00"}},{"$f":"'3. PREÇOS INSUMOS'!S$12*'2. COEFICIENTES'!R16*'1. DADOS OPERACIONAIS'!R39","v":{"v":0,"d":"0.00"}},{"$f":"'3. PREÇOS INSUMOS'!T$12*'2. COEFICIENTES'!S16*'1. DADOS OPERACIONAIS'!S39","v":{"v":0,"d":"0.00"}},{"$f":"'3. PREÇOS INSUMOS'!U$12*'2. COEFICIENTES'!T16*'1. DADOS OPERACIONAIS'!T39","v":{"v":0,"d":"0.00"}}]
[3,null,null,"total de custeios com Óleo Diesel",{"$f":"+E16","v":"(R$/mês)"},{"$f":"SUM(F14:F16)","v":{"v":70992.09079808265,"d":"70,992.09"}},{"$f":"SUM(G14:G16)","v":{"v":70992.09079808265,"d":"70,992.09"}},{"v":70992.09079808265,"d":"70,992.09"},{"v":70992.09079808265,"d":"70,992.09"},{"v":70992.09079808265,"d":"70,992.09"},{"v":70992.09079808265,"d":"70,992.09"},{"v":70992.09079808265,"d":"70,992.09"},{"v":70992.09079808265,"d":"70,992.09"},{"v":70992.09079808265,"d":"70,992.09"},{"v":70992.09079808265,"d":"70,992.09"},{"v":70992.09079808265,"d":"70,992.09"},{"v":70992.09079808265,"d":"70,992.09"},{"v":70992.09079808265,"d":"70,992.09"},{"v":70992.09079808265,"d":"70,992.09"},{"v":70992.09079808265,"d":"70,992.09"}]
[3,null,null,"total de custeios com Óleo Diesel","(R$/ANUAL)",{"$f":"+F17*12","v":{"v":851905.0895769917,"d":"851,905.09"}},{"$f":"+G17*12","v":{"v":851905.0895769917,"d":"851,905.09"}},{"$f":"+H17*12","v":{"v":851905.0895769917,"d":"851,905.09"}},{"v":851905.0895769917,"d":"851,905.09"},{"v":851905.0895769917,"d":"851,905.09"},{"v":851905.0895769917,"d":"851,905.09"},{"v":851905.0895769917,"d":"851,905.09"},{"v":851905.0895769917,"d":"851,905.09"},{"v":851905.0895769917,"d":"851,905.09"},{"v":851905.0895769917,"d":"851,905.09"},{"v":851905.0895769917,"d":"851,905.09"},{"v":851905.0895769917,"d":"851,905.09"},{"v":851905.0895769917,"d":"851,905.09"},{"v":851905.0895769917,"d":"851,905.09"},{"v":851905.0895769917,"d":"851,905.09"}]
[]
[null,null,{"$f":"+MENU!$C$66","v":"4.1.2. - CUSTEIOS COM ARLA32"}]
[]
[null,null,"ARLA32",null,"Un.",1,{"$f":"+F22+1","v":2},3,4,5,6,7,8,9,10,11,12,13,14,15]
[1,null,null,{"$f":"VLOOKUP(A23,TIPOLOGIA!$D$10:$E$12,2,0)","v":"MICROÔNIBUS"},"(R$/mês)",{"$f":"+'2. COEFICIENTES'!F14*'2. COEFICIENTES'!F$21*'3. PREÇOS INSUMOS'!G$13*'1. DADOS OPERACIONAIS'!F37","v":{"v":239.81793854628134,"d":"239.82"}},{"$f":"+'2. COEFICIENTES'!G14*'2. COEFICIENTES'!G$21*'3. PREÇOS INSUMOS'!H$13*'1. DADOS OPERACIONAIS'!G37","v":{"v":239.81793854628134,"d":"239.82"}},{"$f":"+'2. COEFICIENTES'!H14*'2. COEFICIENTES'!H$21*'3. PREÇOS INSUMOS'!I$13*'1. DADOS OPERACIONAIS'!H37","v":{"v":239.81793854628134,"d":"239.82"}},{"$f":"+'2. COEFICIENTES'!I14*'2. COEFICIENTES'!I$21*'3. PREÇOS INSUMOS'!J$13*'1. DADOS OPERACIONAIS'!I37","v":{"v":239.81793854628134,"d":"239.82"}},{"$f":"+'2. COEFICIENTES'!J14*'2. COEFICIENTES'!J$21*'3. PREÇOS INSUMOS'!K$13*'1. DADOS OPERACIONAIS'!J37","v":{"v":239.81793854628134,"d":"239.82"}},{"$f":"+'2. COEFICIENTES'!K14*'2. COEFICIENTES'!K$21*'3. PREÇOS INSUMOS'!L$13*'1. DADOS OPERACIONAIS'!K37","v":{"v":239.81793854628134,"d":"239.82"}},{"$f":"+'2. COEFICIENTES'!L14*'2. COEFICIENTES'!L$21*'3. PREÇOS INSUMOS'!M$13*'1. DADOS OPERACIONAIS'!L37","v":{"v":239.81793854628134,"d":"239.82"}},{"$f":"+'2. COEFICIENTES'!M14*'2. COEFICIENTES'!M$21*'3. PREÇOS INSUMOS'!N$13*'1. DADOS OPERACIONAIS'!M37","v":{"v":239.81793854628134,"d":"239.82"}},{"$f":"+'2. COEFICIENTES'!N14*'2. COEFICIENTES'!N$21*'3. PREÇOS INSUMOS'!O$13*'1. DADOS OPERACIONAIS'!N37","v":{"v":239.81793854628134,"d":"239.82"}},{"$f":"+'2. COEFICIENTES'!O14*'2. COEFICIENTES'!O$21*'3. PREÇOS INSUMOS'!P$13*'1. DADOS OPERACIONAIS'!O37","v":{"v":239.81793854628134,"d":"239.82"}},{"$f":"+'2. COEFICIENTES'!P14*'2. COEFICIENTES'!P$21*'3. PREÇOS INSUMOS'!Q$13*'1. DADOS OPERACIONAIS'!P37","v":{"v":239.81793854628134,"d":"239.82"}},{"$f":"+'2. COEFICIENTES'!Q14*'2. COEFICIENTES'!Q$21*'3. PREÇOS INSUMOS'!R$13*'1. DADOS OPERACIONAIS'!Q37","v":{"v":239.81793854628134,"d":"239.82"}},{"$f":"+'2. COEFICIENTES'!R14*'2. COEFICIENTES'!R$21*'3. PREÇOS INSUMOS'!S$13*'1. DADOS OPERACIONAIS'!R37","v":{"v":239.81793854628134,"d":"239.82"}},{"$f":"+'2. COEFICIENTES'!S14*'2. COEFICIENTES'!S$21*'3. PREÇOS INSUMOS'!T$13*'1. DADOS OPERACIONAIS'!S37","v":{"v":239.81793854628134,"d":"239.82"}},{"$f":"+'2. COEFICIENTES'!T14*'2. COEFICIENTES'!T$21*'3. PREÇOS INSUMOS'!U$13*'1. DADOS OPERACIONAIS'!T37","v":{"v":239.81793854628134,"d":"239.82"}}]
[2,null,null,{"$f":"VLOOKUP(A24,TIPOLOGIA!$D$10:$E$12,2,0)","v":"CONVENCIONAL"},{"$f":"+E23","v":"(R$/mês)"},{"$f":"+'2. COEFICIENTES'!F15*'2. COEFICIENTES'!F$21*'3. PREÇOS INSUMOS'!G$13*'1. DADOS OPERACIONAIS'!F38","v":{"v":785.4157157020728,"d":"785.42"}},{"$f":"+'2. COEFICIENTES'!G15*'2. COEFICIENTES'!G$21*'3. PREÇOS INSUMOS'!H$13*'1. DADOS OPERACIONAIS'!G38","v":{"v":785.4157157020728,"d":"785.42"}},{"$f":"+'2. COEFICIENTES'!H15*'2. COEFICIENTES'!H$21*'3. PREÇOS INSUMOS'!I$13*'1. DADOS OPERACIONAIS'!H38","v":{"v":785.4157157020728,"d":"785.42"}},{"$f":"+'2. COEFICIENTES'!I15*'2. COEFICIENTES'!I$21*'3. PREÇOS INSUMOS'!J$13*'1. DADOS OPERACIONAIS'!I38","v":{"v":785.4157157020728,"d":"785.42"}},{"$f":"+'2. COEFICIENTES'!J15*'2. COEFICIENTES'!J$21*'3. PREÇOS INSUMOS'!K$13*'1. DADOS OPERACIONAIS'!J38","v":{"v":785.4157157020728,"d":"785.42"}},{"$f":"+'2. COEFICIENTES'!K15*'2. COEFICIENTES'!K$21*'3. PREÇOS INSUMOS'!L$13*'1. DADOS OPERACIONAIS'!K38","v":{"v":785.4157157020728,"d":"785.42"}},{"$f":"+'2. COEFICIENTES'!L15*'2. COEFICIENTES'!L$21*'3. PREÇOS INSUMOS'!M$13*'1. DADOS OPERACIONAIS'!L38","v":{"v":785.4157157020728,"d":"785.42"}},{"$f":"+'2. COEFICIENTES'!M15*'2. COEFICIENTES'!M$21*'3. PREÇOS INSUMOS'!N$13*'1. DADOS OPERACIONAIS'!M38","v":{"v":785.4157157020728,"d":"785.42"}},{"$f":"+'2. COEFICIENTES'!N15*'2. COEFICIENTES'!N$21*'3. PREÇOS INSUMOS'!O$13*'1. DADOS OPERACIONAIS'!N38","v":{"v":785.4157157020728,"d":"785.42"}},{"$f":"+'2. COEFICIENTES'!O15*'2. COEFICIENTES'!O$21*'3. PREÇOS INSUMOS'!P$13*'1. DADOS OPERACIONAIS'!O38","v":{"v":785.4157157020728,"d":"785.42"}},{"$f":"+'2. COEFICIENTES'!P15*'2. COEFICIENTES'!P$21*'3. PREÇOS INSUMOS'!Q$13*'1. DADOS OPERACIONAIS'!P38","v":{"v":785.4157157020728,"d":"785.42"}},{"$f":"+'2. COEFICIENTES'!Q15*'2. COEFICIENTES'!Q$21*'3. PREÇOS INSUMOS'!R$13*'1. DADOS OPERACIONAIS'!Q38","v":{"v":785.4157157020728,"d":"785.42"}},{"$f":"+'2. COEFICIENTES'!R15*'2. COEFICIENTES'!R$21*'3. PREÇOS INSUMOS'!S$13*'1. DADOS OPERACIONAIS'!R38","v":{"v":785.4157157020728,"d":"785.42"}},{"$f":"+'2. COEFICIENTES'!S15*'2. COEFICIENTES'!S$21*'3. PREÇOS INSUMOS'!T$13*'1. DADOS OPERACIONAIS'!S38","v":{"v":785.4157157020728,"d":"785.42"}},{"$f":"+'2. COEFICIENTES'!T15*'2. COEFICIENTES'!T$21*'3. PREÇOS INSUMOS'!U$13*'1. DADOS OPERACIONAIS'!T38","v":{"v":785.4157157020728,"d":"785.42"}}]
[3,null,null,{"$f":"VLOOKUP(A25,TIPOLOGIA!$D$10:$E$12,2,0)","v":"-"},{"$f":"+E24","v":"(R$/mês)"},{"$f":"+'2. COEFICIENTES'!F16*'2. COEFICIENTES'!F$21*'3. PREÇOS INSUMOS'!G$13*'1. DADOS OPERACIONAIS'!F39","v":{"v":0,"d":"0.00"}},{"$f":"+'2. COEFICIENTES'!G16*'2. COEFICIENTES'!G$21*'3. PREÇOS INSUMOS'!H$13*'1. DADOS OPERACIONAIS'!G39","v":{"v":0,"d":"0.00"}},{"$f":"+'2. COEFICIENTES'!H16*'2. COEFICIENTES'!H$21*'3. PREÇOS INSUMOS'!I$13*'1. DADOS OPERACIONAIS'!H39","v":{"v":0,"d":"0.00"}},{"$f":"+'2. COEFICIENTES'!I16*'2. COEFICIENTES'!I$21*'3. PREÇOS INSUMOS'!J$13*'1. DADOS OPERACIONAIS'!I39","v":{"v":0,"d":"0.00"}},{"$f":"+'2. COEFICIENTES'!J16*'2. COEFICIENTES'!J$21*'3. PREÇOS INSUMOS'!K$13*'1. DADOS OPERACIONAIS'!J39","v":{"v":0,"d":"0.00"}},{"$f":"+'2. COEFICIENTES'!K16*'2. COEFICIENTES'!K$21*'3. PREÇOS INSUMOS'!L$13*'1. DADOS OPERACIONAIS'!K39","v":{"v":0,"d":"0.00"}},{"$f":"+'2. COEFICIENTES'!L16*'2. COEFICIENTES'!L$21*'3. PREÇOS INSUMOS'!M$13*'1. DADOS OPERACIONAIS'!L39","v":{"v":0,"d":"0.00"}},{"$f":"+'2. COEFICIENTES'!M16*'2. COEFICIENTES'!M$21*'3. PREÇOS INSUMOS'!N$13*'1. DADOS OPERACIONAIS'!M39","v":{"v":0,"d":"0.00"}},{"$f":"+'2. COEFICIENTES'!N16*'2. COEFICIENTES'!N$21*'3. PREÇOS INSUMOS'!O$13*'1. DADOS OPERACIONAIS'!N39","v":{"v":0,"d":"0.00"}},{"$f":"+'2. COEFICIENTES'!O16*'2. COEFICIENTES'!O$21*'3. PREÇOS INSUMOS'!P$13*'1. DADOS OPERACIONAIS'!O39","v":{"v":0,"d":"0.00"}},{"$f":"+'2. COEFICIENTES'!P16*'2. COEFICIENTES'!P$21*'3. PREÇOS INSUMOS'!Q$13*'1. DADOS OPERACIONAIS'!P39","v":{"v":0,"d":"0.00"}},{"$f":"+'2. COEFICIENTES'!Q16*'2. COEFICIENTES'!Q$21*'3. PREÇOS INSUMOS'!R$13*'1. DADOS OPERACIONAIS'!Q39","v":{"v":0,"d":"0.00"}},{"$f":"+'2. COEFICIENTES'!R16*'2. COEFICIENTES'!R$21*'3. PREÇOS INSUMOS'!S$13*'1. DADOS OPERACIONAIS'!R39","v":{"v":0,"d":"0.00"}},{"$f":"+'2. COEFICIENTES'!S16*'2. COEFICIENTES'!S$21*'3. PREÇOS INSUMOS'!T$13*'1. DADOS OPERACIONAIS'!S39","v":{"v":0,"d":"0.00"}},{"$f":"+'2. COEFICIENTES'!T16*'2. COEFICIENTES'!T$21*'3. PREÇOS INSUMOS'!U$13*'1. DADOS OPERACIONAIS'!T39","v":{"v":0,"d":"0.00"}}]
[{"$nulls":3},"total de custeios com Arla32",{"$f":"+E25","v":"(R$/mês)"},{"$f":"SUM(F23:F25)","v":{"v":1025.2336542483542,"d":"1,025.23"}},{"v":1025.2336542483542,"d":"1,025.23"},{"v":1025.2336542483542,"d":"1,025.23"},{"v":1025.2336542483542,"d":"1,025.23"},{"v":1025.2336542483542,"d":"1,025.23"},{"v":1025.2336542483542,"d":"1,025.23"},{"v":1025.2336542483542,"d":"1,025.23"},{"v":1025.2336542483542,"d":"1,025.23"},{"v":1025.2336542483542,"d":"1,025.23"},{"v":1025.2336542483542,"d":"1,025.23"},{"v":1025.2336542483542,"d":"1,025.23"},{"v":1025.2336542483542,"d":"1,025.23"},{"v":1025.2336542483542,"d":"1,025.23"},{"v":1025.2336542483542,"d":"1,025.23"},{"v":1025.2336542483542,"d":"1,025.23"}]
[{"$nulls":3},"total de custeios com Arla32","(R$/ANUAL)",{"$f":"+F26*12","v":{"v":12302.80385098025,"d":"12,302.80"}},{"v":12302.80385098025,"d":"12,302.80"},{"v":12302.80385098025,"d":"12,302.80"},{"v":12302.80385098025,"d":"12,302.80"},{"v":12302.80385098025,"d":"12,302.80"},{"v":12302.80385098025,"d":"12,302.80"},{"v":12302.80385098025,"d":"12,302.80"},{"v":12302.80385098025,"d":"12,302.80"},{"v":12302.80385098025,"d":"12,302.80"},{"v":12302.80385098025,"d":"12,302.80"},{"v":12302.80385098025,"d":"12,302.80"},{"v":12302.80385098025,"d":"12,302.80"},{"v":12302.80385098025,"d":"12,302.80"},{"v":12302.80385098025,"d":"12,302.80"},{"v":12302.80385098025,"d":"12,302.80"}]
[]
[]
[null,null,{"$f":"+MENU!$C$67","v":"4.2. - CÁLCULO DOS CUSTEIOS COM LUBRIFICANTES"}]
[]
[null,null,"LUBRIFICANTES",null,"Un.",1,{"$f":"+F32+1","v":2},3,4,5,6,7,8,9,10,11,12,13,14,15]
[1,null,null,{"$f":"VLOOKUP(A33,TIPOLOGIA!$D$10:$E$12,2,0)","v":"MICROÔNIBUS"},"(R$/mês)",{"$f":"+'3. PREÇOS INSUMOS'!G$19*'1. DADOS OPERACIONAIS'!F37","v":{"v":2984.2613984520417,"d":"2,984.26"}},{"$f":"+'3. PREÇOS INSUMOS'!H$19*'1. DADOS OPERACIONAIS'!G37","v":{"v":2984.2613984520417,"d":"2,984.26"}},{"$f":"+'3. PREÇOS INSUMOS'!I$19*'1. DADOS OPERACIONAIS'!H37","v":{"v":2984.2613984520417,"d":"2,984.26"}},{"$f":"+'3. PREÇOS INSUMOS'!J$19*'1. DADOS OPERACIONAIS'!I37","v":{"v":2984.2613984520417,"d":"2,984.26"}},{"$f":"+'3. PREÇOS INSUMOS'!K$19*'1. DADOS OPERACIONAIS'!J37","v":{"v":2984.2613984520417,"d":"2,984.26"}},{"$f":"+'3. PREÇOS INSUMOS'!L$19*'1. DADOS OPERACIONAIS'!K37","v":{"v":2984.2613984520417,"d":"2,984.26"}},{"$f":"+'3. PREÇOS INSUMOS'!M$19*'1. DADOS OPERACIONAIS'!L37","v":{"v":2984.2613984520417,"d":"2,984.26"}},{"$f":"+'3. PREÇOS INSUMOS'!N$19*'1. DADOS OPERACIONAIS'!M37","v":{"v":2984.2613984520417,"d":"2,984.26"}},{"$f":"+'3. PREÇOS INSUMOS'!O$19*'1. DADOS OPERACIONAIS'!N37","v":{"v":2984.2613984520417,"d":"2,984.26"}},{"$f":"+'3. PREÇOS INSUMOS'!P$19*'1. DADOS OPERACIONAIS'!O37","v":{"v":2984.2613984520417,"d":"2,984.26"}},{"$f":"+'3. PREÇOS INSUMOS'!Q$19*'1. DADOS OPERACIONAIS'!P37","v":{"v":2984.2613984520417,"d":"2,984.26"}},{"$f":"+'3. PREÇOS INSUMOS'!R$19*'1. DADOS OPERACIONAIS'!Q37","v":{"v":2984.2613984520417,"d":"2,984.26"}},{"$f":"+'3. PREÇOS INSUMOS'!S$19*'1. DADOS OPERACIONAIS'!R37","v":{"v":2984.2613984520417,"d":"2,984.26"}},{"$f":"+'3. PREÇOS INSUMOS'!T$19*'1. DADOS OPERACIONAIS'!S37","v":{"v":2984.2613984520417,"d":"2,984.26"}},{"$f":"+'3. PREÇOS INSUMOS'!U$19*'1. DADOS OPERACIONAIS'!T37","v":{"v":2984.2613984520417,"d":"2,984.26"}}]
[2,null,null,{"$f":"VLOOKUP(A34,TIPOLOGIA!$D$10:$E$12,2,0)","v":"CONVENCIONAL"},{"$f":"+E33","v":"(R$/mês)"},{"$f":"+'3. PREÇOS INSUMOS'!G$19*'1. DADOS OPERACIONAIS'!F38","v":{"v":5968.522796904083,"d":"5,968.52"}},{"$f":"+'3. PREÇOS INSUMOS'!H$19*'1. DADOS OPERACIONAIS'!G38","v":{"v":5968.522796904083,"d":"5,968.52"}},{"$f":"+'3. PREÇOS INSUMOS'!I$19*'1. DADOS OPERACIONAIS'!H38","v":{"v":5968.522796904083,"d":"5,968.52"}},{"$f":"+'3. PREÇOS INSUMOS'!J$19*'1. DADOS OPERACIONAIS'!I38","v":{"v":5968.522796904083,"d":"5,968.52"}},{"$f":"+'3. PREÇOS INSUMOS'!K$19*'1. DADOS OPERACIONAIS'!J38","v":{"v":5968.522796904083,"d":"5,968.52"}},{"$f":"+'3. PREÇOS INSUMOS'!L$19*'1. DADOS OPERACIONAIS'!K38","v":{"v":5968.522796904083,"d":"5,968.52"}},{"$f":"+'3. PREÇOS INSUMOS'!M$19*'1. DADOS OPERACIONAIS'!L38","v":{"v":5968.522796904083,"d":"5,968.52"}},{"$f":"+'3. PREÇOS INSUMOS'!N$19*'1. DADOS OPERACIONAIS'!M38","v":{"v":5968.522796904083,"d":"5,968.52"}},{"$f":"+'3. PREÇOS INSUMOS'!O$19*'1. DADOS OPERACIONAIS'!N38","v":{"v":5968.522796904083,"d":"5,968.52"}},{"$f":"+'3. PREÇOS INSUMOS'!P$19*'1. DADOS OPERACIONAIS'!O38","v":{"v":5968.522796904083,"d":"5,968.52"}},{"$f":"+'3. PREÇOS INSUMOS'!Q$19*'1. DADOS OPERACIONAIS'!P38","v":{"v":5968.522796904083,"d":"5,968.52"}},{"$f":"+'3. PREÇOS INSUMOS'!R$19*'1. DADOS OPERACIONAIS'!Q38","v":{"v":5968.522796904083,"d":"5,968.52"}},{"$f":"+'3. PREÇOS INSUMOS'!S$19*'1. DADOS OPERACIONAIS'!R38","v":{"v":5968.522796904083,"d":"5,968.52"}},{"$f":"+'3. PREÇOS INSUMOS'!T$19*'1. DADOS OPERACIONAIS'!S38","v":{"v":5968.522796904083,"d":"5,968.52"}},{"$f":"+'3. PREÇOS INSUMOS'!U$19*'1. DADOS OPERACIONAIS'!T38","v":{"v":5968.522796904083,"d":"5,968.52"}}]
[3,null,null,{"$f":"VLOOKUP(A35,TIPOLOGIA!$D$10:$E$12,2,0)","v":"-"},{"$f":"+E34","v":"(R$/mês)"},{"$f":"+'3. PREÇOS INSUMOS'!G$19*'1. DADOS OPERACIONAIS'!F39","v":{"v":0,"d":"0.00"}},{"$f":"+'3. PREÇOS INSUMOS'!H$19*'1. DADOS OPERACIONAIS'!G39","v":{"v":0,"d":"0.00"}},{"$f":"+'3. PREÇOS INSUMOS'!I$19*'1. DADOS OPERACIONAIS'!H39","v":{"v":0,"d":"0.00"}},{"$f":"+'3. PREÇOS INSUMOS'!J$19*'1. DADOS OPERACIONAIS'!I39","v":{"v":0,"d":"0.00"}},{"$f":"+'3. PREÇOS INSUMOS'!K$19*'1. DADOS OPERACIONAIS'!J39","v":{"v":0,"d":"0.00"}},{"$f":"+'3. PREÇOS INSUMOS'!L$19*'1. DADOS OPERACIONAIS'!K39","v":{"v":0,"d":"0.00"}},{"$f":"+'3. PREÇOS INSUMOS'!M$19*'1. DADOS OPERACIONAIS'!L39","v":{"v":0,"d":"0.00"}},{"$f":"+'3. PREÇOS INSUMOS'!N$19*'1. DADOS OPERACIONAIS'!M39","v":{"v":0,"d":"0.00"}},{"$f":"+'3. PREÇOS INSUMOS'!O$19*'1. DADOS OPERACIONAIS'!N39","v":{"v":0,"d":"0.00"}},{"$f":"+'3. PREÇOS INSUMOS'!P$19*'1. DADOS OPERACIONAIS'!O39","v":{"v":0,"d":"0.00"}},{"$f":"+'3. PREÇOS INSUMOS'!Q$19*'1. DADOS OPERACIONAIS'!P39","v":{"v":0,"d":"0.00"}},{"$f":"+'3. PREÇOS INSUMOS'!R$19*'1. DADOS OPERACIONAIS'!Q39","v":{"v":0,"d":"0.00"}},{"$f":"+'3. PREÇOS INSUMOS'!S$19*'1. DADOS OPERACIONAIS'!R39","v":{"v":0,"d":"0.00"}},{"$f":"+'3. PREÇOS INSUMOS'!T$19*'1. DADOS OPERACIONAIS'!S39","v":{"v":0,"d":"0.00"}},{"$f":"+'3. PREÇOS INSUMOS'!U$19*'1. DADOS OPERACIONAIS'!T39","v":{"v":0,"d":"0.00"}}]
[{"$nulls":3},"total de custeios com Lubrificantes",{"$f":"+E35","v":"(R$/mês)"},{"$f":"SUM(F33:F35)","v":{"v":8952.784195356126,"d":"8,952.78"}},{"v":8952.784195356126,"d":"8,952.78"},{"v":8952.784195356126,"d":"8,952.78"},{"v":8952.784195356126,"d":"8,952.78"},{"v":8952.784195356126,"d":"8,952.78"},{"v":8952.784195356126,"d":"8,952.78"},{"v":8952.784195356126,"d":"8,952.78"},{"v":8952.784195356126,"d":"8,952.78"},{"v":8952.784195356126,"d":"8,952.78"},{"v":8952.784195356126,"d":"8,952.78"},{"v":8952.784195356126,"d":"8,952.78"},{"v":8952.784195356126,"d":"8,952.78"},{"v":8952.784195356126,"d":"8,952.78"},{"v":8952.784195356126,"d":"8,952.78"},{"v":8952.784195356126,"d":"8,952.78"}]
[{"$nulls":3},"total de custeios com Lubrificantes","(R$/ANUAL)",{"$f":"+F36*12","v":{"v":107433.4103442735,"d":"107,433.41"}},{"v":107433.4103442735,"d":"107,433.41"},{"v":107433.4103442735,"d":"107,433.41"},{"v":107433.4103442735,"d":"107,433.41"},{"v":107433.4103442735,"d":"107,433.41"},{"v":107433.4103442735,"d":"107,433.41"},{"v":107433.4103442735,"d":"107,433.41"},{"v":107433.4103442735,"d":"107,433.41"},{"v":107433.4103442735,"d":"107,433.41"},{"v":107433.4103442735,"d":"107,433.41"},{"v":107433.4103442735,"d":"107,433.41"},{"v":107433.4103442735,"d":"107,433.41"},{"v":107433.4103442735,"d":"107,433.41"},{"v":107433.4103442735,"d":"107,433.41"},{"v":107433.4103442735,"d":"107,433.41"}]
[]
[]
[null,null,{"$f":"+MENU!$C$68","v":"4.3. - CÁLCULO DOS CUSTEIOS COM RODAGEM"}]
[]
[null,null,{"$f":"+MENU!$C$69","v":"4.3.1. - CUSTEIOS COM PNEU NOVO"}]
[]
[null,null,"PNEU NOVO",null,"Un.",1,{"$f":"+F44+1","v":2},3,4,5,6,7,8,9,10,11,12,13,14,15]
[1,null,null,{"$f":"VLOOKUP(A45,TIPOLOGIA!$D$10:$E$12,2,0)","v":"MICROÔNIBUS"},"(R$/mês)",{"$f":"IFERROR(('2. COEFICIENTES'!F42*'3. PREÇOS INSUMOS'!G$27*'1. DADOS OPERACIONAIS'!F37)/'2. COEFICIENTES'!F35,0)","v":{"v":486.80845682160265,"d":"486.81"}},{"$f":"IFERROR(('2. COEFICIENTES'!G42*'3. PREÇOS INSUMOS'!H$27*'1. DADOS OPERACIONAIS'!G37)/'2. COEFICIENTES'!G35,0)","v":{"v":486.80845682160265,"d":"486.81"}},{"$f":"IFERROR(('2. COEFICIENTES'!H42*'3. PREÇOS INSUMOS'!I$27*'1. DADOS OPERACIONAIS'!H37)/'2. COEFICIENTES'!H35,0)","v":{"v":486.80845682160265,"d":"486.81"}},{"$f":"IFERROR(('2. COEFICIENTES'!I42*'3. PREÇOS INSUMOS'!J$27*'1. DADOS OPERACIONAIS'!I37)/'2. COEFICIENTES'!I35,0)","v":{"v":486.80845682160265,"d":"486.81"}},{"$f":"IFERROR(('2. COEFICIENTES'!J42*'3. PREÇOS INSUMOS'!K$27*'1. DADOS OPERACIONAIS'!J37)/'2. COEFICIENTES'!J35,0)","v":{"v":486.80845682160265,"d":"486.81"}},{"$f":"IFERROR(('2. COEFICIENTES'!K42*'3. PREÇOS INSUMOS'!L$27*'1. DADOS OPERACIONAIS'!K37)/'2. COEFICIENTES'!K35,0)","v":{"v":486.80845682160265,"d":"486.81"}},{"$f":"IFERROR(('2. COEFICIENTES'!L42*'3. PREÇOS INSUMOS'!M$27*'1. DADOS OPERACIONAIS'!L37)/'2. COEFICIENTES'!L35,0)","v":{"v":486.80845682160265,"d":"486.81"}},{"$f":"IFERROR(('2. COEFICIENTES'!M42*'3. PREÇOS INSUMOS'!N$27*'1. DADOS OPERACIONAIS'!M37)/'2. COEFICIENTES'!M35,0)","v":{"v":486.80845682160265,"d":"486.81"}},{"$f":"IFERROR(('2. COEFICIENTES'!N42*'3. PREÇOS INSUMOS'!O$27*'1. DADOS OPERACIONAIS'!N37)/'2. COEFICIENTES'!N35,0)","v":{"v":486.80845682160265,"d":"486.81"}},{"$f":"IFERROR(('2. COEFICIENTES'!O42*'3. PREÇOS INSUMOS'!P$27*'1. DADOS OPERACIONAIS'!O37)/'2. COEFICIENTES'!O35,0)","v":{"v":486.80845682160265,"d":"486.81"}},{"$f":"IFERROR(('2. COEFICIENTES'!P42*'3. PREÇOS INSUMOS'!Q$27*'1. DADOS OPERACIONAIS'!P37)/'2. COEFICIENTES'!P35,0)","v":{"v":486.80845682160265,"d":"486.81"}},{"$f":"IFERROR(('2. COEFICIENTES'!Q42*'3. PREÇOS INSUMOS'!R$27*'1. DADOS OPERACIONAIS'!Q37)/'2. COEFICIENTES'!Q35,0)","v":{"v":486.80845682160265,"d":"486.81"}},{"$f":"IFERROR(('2. COEFICIENTES'!R42*'3. PREÇOS INSUMOS'!S$27*'1. DADOS OPERACIONAIS'!R37)/'2. COEFICIENTES'!R35,0)","v":{"v":486.80845682160265,"d":"486.81"}},{"$f":"IFERROR(('2. COEFICIENTES'!S42*'3. PREÇOS INSUMOS'!T$27*'1. DADOS OPERACIONAIS'!S37)/'2. COEFICIENTES'!S35,0)","v":{"v":486.80845682160265,"d":"486.81"}},{"$f":"IFERROR(('2. COEFICIENTES'!T42*'3. PREÇOS INSUMOS'!U$27*'1. DADOS OPERACIONAIS'!T37)/'2. COEFICIENTES'!T35,0)","v":{"v":486.80845682160265,"d":"486.81"}}]
[2,null,null,{"$f":"VLOOKUP(A46,TIPOLOGIA!$D$10:$E$12,2,0)","v":"CONVENCIONAL"},{"$f":"+E45","v":"(R$/mês)"},{"$f":"IFERROR(('2. COEFICIENTES'!F43*'3. PREÇOS INSUMOS'!G$27*'1. DADOS OPERACIONAIS'!F38)/'2. COEFICIENTES'!F36,0)","v":{"v":1460.425370464808,"d":"1,460.43"}},{"$f":"IFERROR(('2. COEFICIENTES'!G43*'3. PREÇOS INSUMOS'!H$27*'1. DADOS OPERACIONAIS'!G38)/'2. COEFICIENTES'!G36,0)","v":{"v":1460.425370464808,"d":"1,460.43"}},{"$f":"IFERROR(('2. COEFICIENTES'!H43*'3. PREÇOS INSUMOS'!I$27*'1. DADOS OPERACIONAIS'!H38)/'2. COEFICIENTES'!H36,0)","v":{"v":1460.425370464808,"d":"1,460.43"}},{"$f":"IFERROR(('2. COEFICIENTES'!I43*'3. PREÇOS INSUMOS'!J$27*'1. DADOS OPERACIONAIS'!I38)/'2. COEFICIENTES'!I36,0)","v":{"v":1460.425370464808,"d":"1,460.43"}},{"$f":"IFERROR(('2. COEFICIENTES'!J43*'3. PREÇOS INSUMOS'!K$27*'1. DADOS OPERACIONAIS'!J38)/'2. COEFICIENTES'!J36,0)","v":{"v":1460.425370464808,"d":"1,460.43"}},{"$f":"IFERROR(('2. COEFICIENTES'!K43*'3. PREÇOS INSUMOS'!L$27*'1. DADOS OPERACIONAIS'!K38)/'2. COEFICIENTES'!K36,0)","v":{"v":1460.425370464808,"d":"1,460.43"}},{"$f":"IFERROR(('2. COEFICIENTES'!L43*'3. PREÇOS INSUMOS'!M$27*'1. DADOS OPERACIONAIS'!L38)/'2. COEFICIENTES'!L36,0)","v":{"v":1460.425370464808,"d":"1,460.43"}},{"$f":"IFERROR(('2. COEFICIENTES'!M43*'3. PREÇOS INSUMOS'!N$27*'1. DADOS OPERACIONAIS'!M38)/'2. COEFICIENTES'!M36,0)","v":{"v":1460.425370464808,"d":"1,460.43"}},{"$f":"IFERROR(('2. COEFICIENTES'!N43*'3. PREÇOS INSUMOS'!O$27*'1. DADOS OPERACIONAIS'!N38)/'2. COEFICIENTES'!N36,0)","v":{"v":1460.425370464808,"d":"1,460.43"}},{"$f":"IFERROR(('2. COEFICIENTES'!O43*'3. PREÇOS INSUMOS'!P$27*'1. DADOS OPERACIONAIS'!O38)/'2. COEFICIENTES'!O36,0)","v":{"v":1460.425370464808,"d":"1,460.43"}},{"$f":"IFERROR(('2. COEFICIENTES'!P43*'3. PREÇOS INSUMOS'!Q$27*'1. DADOS OPERACIONAIS'!P38)/'2. COEFICIENTES'!P36,0)","v":{"v":1460.425370464808,"d":"1,460.43"}},{"$f":"IFERROR(('2. COEFICIENTES'!Q43*'3. PREÇOS INSUMOS'!R$27*'1. DADOS OPERACIONAIS'!Q38)/'2. COEFICIENTES'!Q36,0)","v":{"v":1460.425370464808,"d":"1,460.43"}},{"$f":"IFERROR(('2. COEFICIENTES'!R43*'3. PREÇOS INSUMOS'!S$27*'1. DADOS OPERACIONAIS'!R38)/'2. COEFICIENTES'!R36,0)","v":{"v":1460.425370464808,"d":"1,460.43"}},{"$f":"IFERROR(('2. COEFICIENTES'!S43*'3. PREÇOS INSUMOS'!T$27*'1. DADOS OPERACIONAIS'!S38)/'2. COEFICIENTES'!S36,0)","v":{"v":1460.425370464808,"d":"1,460.43"}},{"$f":"IFERROR(('2. COEFICIENTES'!T43*'3. PREÇOS INSUMOS'!U$27*'1. DADOS OPERACIONAIS'!T38)/'2. COEFICIENTES'!T36,0)","v":{"v":1460.425370464808,"d":"1,460.43"}}]
[3,null,null,{"$f":"VLOOKUP(A47,TIPOLOGIA!$D$10:$E$12,2,0)","v":"-"},{"$f":"+E46","v":"(R$/mês)"},{"$f":"IFERROR(('2. COEFICIENTES'!F44*'3. PREÇOS INSUMOS'!G$27*'1. DADOS OPERACIONAIS'!F39)/'2. COEFICIENTES'!F37,0)","v":{"v":0,"d":"0.00"}},{"$f":"IFERROR(('2. COEFICIENTES'!G44*'3. PREÇOS INSUMOS'!H$27*'1. DADOS OPERACIONAIS'!G39)/'2. COEFICIENTES'!G37,0)","v":{"v":0,"d":"0.00"}},{"$f":"IFERROR(('2. COEFICIENTES'!H44*'3. PREÇOS INSUMOS'!I$27*'1. DADOS OPERACIONAIS'!H39)/'2. COEFICIENTES'!H37,0)","v":{"v":0,"d":"0.00"}},{"$f":"IFERROR(('2. COEFICIENTES'!I44*'3. PREÇOS INSUMOS'!J$27*'1. DADOS OPERACIONAIS'!I39)/'2. COEFICIENTES'!I37,0)","v":{"v":0,"d":"0.00"}},{"$f":"IFERROR(('2. COEFICIENTES'!J44*'3. PREÇOS INSUMOS'!K$27*'1. DADOS OPERACIONAIS'!J39)/'2. COEFICIENTES'!J37,0)","v":{"v":0,"d":"0.00"}},{"$f":"IFERROR(('2. COEFICIENTES'!K44*'3. PREÇOS INSUMOS'!L$27*'1. DADOS OPERACIONAIS'!K39)/'2. COEFICIENTES'!K37,0)","v":{"v":0,"d":"0.00"}},{"$f":"IFERROR(('2. COEFICIENTES'!L44*'3. PREÇOS INSUMOS'!M$27*'1. DADOS OPERACIONAIS'!L39)/'2. COEFICIENTES'!L37,0)","v":{"v":0,"d":"0.00"}},{"$f":"IFERROR(('2. COEFICIENTES'!M44*'3. PREÇOS INSUMOS'!N$27*'1. DADOS OPERACIONAIS'!M39)/'2. COEFICIENTES'!M37,0)","v":{"v":0,"d":"0.00"}},{"$f":"IFERROR(('2. COEFICIENTES'!N44*'3. PREÇOS INSUMOS'!O$27*'1. DADOS OPERACIONAIS'!N39)/'2. COEFICIENTES'!N37,0)","v":{"v":0,"d":"0.00"}},{"$f":"IFERROR(('2. COEFICIENTES'!O44*'3. PREÇOS INSUMOS'!P$27*'1. DADOS OPERACIONAIS'!O39)/'2. COEFICIENTES'!O37,0)","v":{"v":0,"d":"0.00"}},{"$f":"IFERROR(('2. COEFICIENTES'!P44*'3. PREÇOS INSUMOS'!Q$27*'1. DADOS OPERACIONAIS'!P39)/'2. COEFICIENTES'!P37,0)","v":{"v":0,"d":"0.00"}},{"$f":"IFERROR(('2. COEFICIENTES'!Q44*'3. PREÇOS INSUMOS'!R$27*'1. DADOS OPERACIONAIS'!Q39)/'2. COEFICIENTES'!Q37,0)","v":{"v":0,"d":"0.00"}},{"$f":"IFERROR(('2. COEFICIENTES'!R44*'3. PREÇOS INSUMOS'!S$27*'1. DADOS OPERACIONAIS'!R39)/'2. COEFICIENTES'!R37,0)","v":{"v":0,"d":"0.00"}},{"$f":"IFERROR(('2. COEFICIENTES'!S44*'3. PREÇOS INSUMOS'!T$27*'1. DADOS OPERACIONAIS'!S39)/'2. COEFICIENTES'!S37,0)","v":{"v":0,"d":"0.00"}},{"$f":"IFERROR(('2. COEFICIENTES'!T44*'3. PREÇOS INSUMOS'!U$27*'1. DADOS OPERACIONAIS'!T39)/'2. COEFICIENTES'!T37,0)","v":{"v":0,"d":"0.00"}}]
[{"$nulls":3},"total de custeios com Pneu Novo",{"$f":"+E47","v":"(R$/mês)"},{"$f":"SUM(F45:F47)","v":{"v":1947.2338272864108,"d":"1,947.23"}},{"v":1947.2338272864108,"d":"1,947.23"},{"v":1947.2338272864108,"d":"1,947.23"},{"v":1947.2338272864108,"d":"1,947.23"},{"v":1947.2338272864108,"d":"1,947.23"},{"v":1947.2338272864108,"d":"1,947.23"},{"v":1947.2338272864108,"d":"1,947.23"},{"v":1947.2338272864108,"d":"1,947.23"},{"v":1947.2338272864108,"d":"1,947.23"},{"v":1947.2338272864108,"d":"1,947.23"},{"v":1947.2338272864108,"d":"1,947.23"},{"v":1947.2338272864108,"d":"1,947.23"},{"v":1947.2338272864108,"d":"1,947.23"},{"v":1947.2338272864108,"d":"1,947.23"},{"v":1947.2338272864108,"d":"1,947.23"}]
[{"$nulls":3},"total de custeios com Pneu Novo","(R$/ANUAL)",{"$f":"+F48*12","v":{"v":23366.80592743693,"d":"23,366.81"}},{"v":23366.80592743693,"d":"23,366.81"},{"v":23366.80592743693,"d":"23,366.81"},{"v":23366.80592743693,"d":"23,366.81"},{"v":23366.80592743693,"d":"23,366.81"},{"v":23366.80592743693,"d":"23,366.81"},{"v":23366.80592743693,"d":"23,366.81"},{"v":23366.80592743693,"d":"23,366.81"},{"v":23366.80592743693,"d":"23,366.81"},{"v":23366.80592743693,"d":"23,366.81"},{"v":23366.80592743693,"d":"23,366.81"},{"v":23366.80592743693,"d":"23,366.81"},{"v":23366.80592743693,"d":"23,366.81"},{"v":23366.80592743693,"d":"23,366.81"},{"v":23366.80592743693,"d":"23,366.81"}]
[]
[null,null,{"$f":"+MENU!$C$70","v":"4.3.2. - CUSTEIOS COM RECAPAGEM"}]
[]
[null,null,"RECAPAGEM",null,"Un.",1,{"$f":"+F53+1","v":2},3,4,5,6,7,8,9,10,11,12,13,14,15]
[1,null,null,{"$f":"VLOOKUP(A54,TIPOLOGIA!$D$10:$E$12,2,0)","v":"MICROÔNIBUS"},"(R$/mês)",{"$f":"IFERROR(('2. COEFICIENTES'!F42*'2. COEFICIENTES'!F49*'3. PREÇOS INSUMOS'!G$34*'1. DADOS OPERACIONAIS'!F37)/'2. COEFICIENTES'!F35,0)","v":{"v":283.02817257069927,"d":"283.03"}},{"$f":"IFERROR(('2. COEFICIENTES'!G42*'2. COEFICIENTES'!G49*'3. PREÇOS INSUMOS'!H$34*'1. DADOS OPERACIONAIS'!G37)/'2. COEFICIENTES'!G35,0)","v":{"v":283.02817257069927,"d":"283.03"}},{"$f":"IFERROR(('2. COEFICIENTES'!H42*'2. COEFICIENTES'!H49*'3. PREÇOS INSUMOS'!I$34*'1. DADOS OPERACIONAIS'!H37)/'2. COEFICIENTES'!H35,0)","v":{"v":283.02817257069927,"d":"283.03"}},{"$f":"IFERROR(('2. COEFICIENTES'!I42*'2. COEFICIENTES'!I49*'3. PREÇOS INSUMOS'!J$34*'1. DADOS OPERACIONAIS'!I37)/'2. COEFICIENTES'!I35,0)","v":{"v":283.02817257069927,"d":"283.03"}},{"$f":"IFERROR(('2. COEFICIENTES'!J42*'2. COEFICIENTES'!J49*'3. PREÇOS INSUMOS'!K$34*'1. DADOS OPERACIONAIS'!J37)/'2. COEFICIENTES'!J35,0)","v":{"v":283.02817257069927,"d":"283.03"}},{"$f":"IFERROR(('2. COEFICIENTES'!K42*'2. COEFICIENTES'!K49*'3. PREÇOS INSUMOS'!L$34*'1. DADOS OPERACIONAIS'!K37)/'2. COEFICIENTES'!K35,0)","v":{"v":283.02817257069927,"d":"283.03"}},{"$f":"IFERROR(('2. COEFICIENTES'!L42*'2. COEFICIENTES'!L49*'3. PREÇOS INSUMOS'!M$34*'1. DADOS OPERACIONAIS'!L37)/'2. COEFICIENTES'!L35,0)","v":{"v":283.02817257069927,"d":"283.03"}},{"$f":"IFERROR(('2. COEFICIENTES'!M42*'2. COEFICIENTES'!M49*'3. PREÇOS INSUMOS'!N$34*'1. DADOS OPERACIONAIS'!M37)/'2. COEFICIENTES'!M35,0)","v":{"v":283.02817257069927,"d":"283.03"}},{"$f":"IFERROR(('2. COEFICIENTES'!N42*'2. COEFICIENTES'!N49*'3. PREÇOS INSUMOS'!O$34*'1. DADOS OPERACIONAIS'!N37)/'2. COEFICIENTES'!N35,0)","v":{"v":283.02817257069927,"d":"283.03"}},{"$f":"IFERROR(('2. COEFICIENTES'!O42*'2. COEFICIENTES'!O49*'3. PREÇOS INSUMOS'!P$34*'1. DADOS OPERACIONAIS'!O37)/'2. COEFICIENTES'!O35,0)","v":{"v":283.02817257069927,"d":"283.03"}},{"$f":"IFERROR(('2. COEFICIENTES'!P42*'2. COEFICIENTES'!P49*'3. PREÇOS INSUMOS'!Q$34*'1. DADOS OPERACIONAIS'!P37)/'2. COEFICIENTES'!P35,0)","v":{"v":283.02817257069927,"d":"283.03"}},{"$f":"IFERROR(('2. COEFICIENTES'!Q42*'2. COEFICIENTES'!Q49*'3. PREÇOS INSUMOS'!R$34*'1. DADOS OPERACIONAIS'!Q37)/'2. COEFICIENTES'!Q35,0)","v":{"v":283.02817257069927,"d":"283.03"}},{"$f":"IFERROR(('2. COEFICIENTES'!R42*'2. COEFICIENTES'!R49*'3. PREÇOS INSUMOS'!S$34*'1. DADOS OPERACIONAIS'!R37)/'2. COEFICIENTES'!R35,0)","v":{"v":283.02817257069927,"d":"283.03"}},{"$f":"IFERROR(('2. COEFICIENTES'!S42*'2. COEFICIENTES'!S49*'3. PREÇOS INSUMOS'!T$34*'1. DADOS OPERACIONAIS'!S37)/'2. COEFICIENTES'!S35,0)","v":{"v":283.02817257069927,"d":"283.03"}},{"$f":"IFERROR(('2. COEFICIENTES'!T42*'2. COEFICIENTES'!T49*'3. PREÇOS INSUMOS'!U$34*'1. DADOS OPERACIONAIS'!T37)/'2. COEFICIENTES'!T35,0)","v":{"v":283.02817257069927,"d":"283.03"}}]
[2,null,null,{"$f":"VLOOKUP(A55,TIPOLOGIA!$D$10:$E$12,2,0)","v":"CONVENCIONAL"},{"$f":"+E54","v":"(R$/mês)"},{"$f":"IFERROR(('2. COEFICIENTES'!F43*'2. COEFICIENTES'!F50*'3. PREÇOS INSUMOS'!G$34*'1. DADOS OPERACIONAIS'!F38)/'2. COEFICIENTES'!F36,0)","v":{"v":1698.1690354241955,"d":"1,698.17"}},{"$f":"IFERROR(('2. COEFICIENTES'!G43*'2. COEFICIENTES'!G50*'3. PREÇOS INSUMOS'!H$34*'1. DADOS OPERACIONAIS'!G38)/'2. COEFICIENTES'!G36,0)","v":{"v":1698.1690354241955,"d":"1,698.17"}},{"$f":"IFERROR(('2. COEFICIENTES'!H43*'2. COEFICIENTES'!H50*'3. PREÇOS INSUMOS'!I$34*'1. DADOS OPERACIONAIS'!H38)/'2. COEFICIENTES'!H36,0)","v":{"v":1698.1690354241955,"d":"1,698.17"}},{"$f":"IFERROR(('2. COEFICIENTES'!I43*'2. COEFICIENTES'!I50*'3. PREÇOS INSUMOS'!J$34*'1. DADOS OPERACIONAIS'!I38)/'2. COEFICIENTES'!I36,0)","v":{"v":1698.1690354241955,"d":"1,698.17"}},{"$f":"IFERROR(('2. COEFICIENTES'!J43*'2. COEFICIENTES'!J50*'3. PREÇOS INSUMOS'!K$34*'1. DADOS OPERACIONAIS'!J38)/'2. COEFICIENTES'!J36,0)","v":{"v":1698.1690354241955,"d":"1,698.17"}},{"$f":"IFERROR(('2. COEFICIENTES'!K43*'2. COEFICIENTES'!K50*'3. PREÇOS INSUMOS'!L$34*'1. DADOS OPERACIONAIS'!K38)/'2. COEFICIENTES'!K36,0)","v":{"v":1698.1690354241955,"d":"1,698.17"}},{"$f":"IFERROR(('2. COEFICIENTES'!L43*'2. COEFICIENTES'!L50*'3. PREÇOS INSUMOS'!M$34*'1. DADOS OPERACIONAIS'!L38)/'2. COEFICIENTES'!L36,0)","v":{"v":1698.1690354241955,"d":"1,698.17"}},{"$f":"IFERROR(('2. COEFICIENTES'!M43*'2. COEFICIENTES'!M50*'3. PREÇOS INSUMOS'!N$34*'1. DADOS OPERACIONAIS'!M38)/'2. COEFICIENTES'!M36,0)","v":{"v":1698.1690354241955,"d":"1,698.17"}},{"$f":"IFERROR(('2. COEFICIENTES'!N43*'2. COEFICIENTES'!N50*'3. PREÇOS INSUMOS'!O$34*'1. DADOS OPERACIONAIS'!N38)/'2. COEFICIENTES'!N36,0)","v":{"v":1698.1690354241955,"d":"1,698.17"}},{"$f":"IFERROR(('2. COEFICIENTES'!O43*'2. COEFICIENTES'!O50*'3. PREÇOS INSUMOS'!P$34*'1. DADOS OPERACIONAIS'!O38)/'2. COEFICIENTES'!O36,0)","v":{"v":1698.1690354241955,"d":"1,698.17"}},{"$f":"IFERROR(('2. COEFICIENTES'!P43*'2. COEFICIENTES'!P50*'3. PREÇOS INSUMOS'!Q$34*'1. DADOS OPERACIONAIS'!P38)/'2. COEFICIENTES'!P36,0)","v":{"v":1698.1690354241955,"d":"1,698.17"}},{"$f":"IFERROR(('2. COEFICIENTES'!Q43*'2. COEFICIENTES'!Q50*'3. PREÇOS INSUMOS'!R$34*'1. DADOS OPERACIONAIS'!Q38)/'2. COEFICIENTES'!Q36,0)","v":{"v":1698.1690354241955,"d":"1,698.17"}},{"$f":"IFERROR(('2. COEFICIENTES'!R43*'2. COEFICIENTES'!R50*'3. PREÇOS INSUMOS'!S$34*'1. DADOS OPERACIONAIS'!R38)/'2. COEFICIENTES'!R36,0)","v":{"v":1698.1690354241955,"d":"1,698.17"}},{"$f":"IFERROR(('2. COEFICIENTES'!S43*'2. COEFICIENTES'!S50*'3. PREÇOS INSUMOS'!T$34*'1. DADOS OPERACIONAIS'!S38)/'2. COEFICIENTES'!S36,0)","v":{"v":1698.1690354241955,"d":"1,698.17"}},{"$f":"IFERROR(('2. COEFICIENTES'!T43*'2. COEFICIENTES'!T50*'3. PREÇOS INSUMOS'!U$34*'1. DADOS OPERACIONAIS'!T38)/'2. COEFICIENTES'!T36,0)","v":{"v":1698.1690354241955,"d":"1,698.17"}}]
[3,null,null,{"$f":"VLOOKUP(A56,TIPOLOGIA!$D$10:$E$12,2,0)","v":"-"},{"$f":"+E55","v":"(R$/mês)"},{"$f":"IFERROR(('2. COEFICIENTES'!F44*'2. COEFICIENTES'!F51*'3. PREÇOS INSUMOS'!G$34*'1. DADOS OPERACIONAIS'!F39)/'2. COEFICIENTES'!F37,0)","v":{"v":0,"d":"0.00"}},{"$f":"IFERROR(('2. COEFICIENTES'!G44*'2. COEFICIENTES'!G51*'3. PREÇOS INSUMOS'!H$34*'1. DADOS OPERACIONAIS'!G39)/'2. COEFICIENTES'!G37,0)","v":{"v":0,"d":"0.00"}},{"$f":"IFERROR(('2. COEFICIENTES'!H44*'2. COEFICIENTES'!H51*'3. PREÇOS INSUMOS'!I$34*'1. DADOS OPERACIONAIS'!H39)/'2. COEFICIENTES'!H37,0)","v":{"v":0,"d":"0.00"}},{"$f":"IFERROR(('2. COEFICIENTES'!I44*'2. COEFICIENTES'!I51*'3. PREÇOS INSUMOS'!J$34*'1. DADOS OPERACIONAIS'!I39)/'2. COEFICIENTES'!I37,0)","v":{"v":0,"d":"0.00"}},{"$f":"IFERROR(('2. COEFICIENTES'!J44*'2. COEFICIENTES'!J51*'3. PREÇOS INSUMOS'!K$34*'1. DADOS OPERACIONAIS'!J39)/'2. COEFICIENTES'!J37,0)","v":{"v":0,"d":"0.00"}},{"$f":"IFERROR(('2. COEFICIENTES'!K44*'2. COEFICIENTES'!K51*'3. PREÇOS INSUMOS'!L$34*'1. DADOS OPERACIONAIS'!K39)/'2. COEFICIENTES'!K37,0)","v":{"v":0,"d":"0.00"}},{"$f":"IFERROR(('2. COEFICIENTES'!L44*'2. COEFICIENTES'!L51*'3. PREÇOS INSUMOS'!M$34*'1. DADOS OPERACIONAIS'!L39)/'2. COEFICIENTES'!L37,0)","v":{"v":0,"d":"0.00"}},{"$f":"IFERROR(('2. COEFICIENTES'!M44*'2. COEFICIENTES'!M51*'3. PREÇOS INSUMOS'!N$34*'1. DADOS OPERACIONAIS'!M39)/'2. COEFICIENTES'!M37,0)","v":{"v":0,"d":"0.00"}},{"$f":"IFERROR(('2. COEFICIENTES'!N44*'2. COEFICIENTES'!N51*'3. PREÇOS INSUMOS'!O$34*'1. DADOS OPERACIONAIS'!N39)/'2. COEFICIENTES'!N37,0)","v":{"v":0,"d":"0.00"}},{"$f":"IFERROR(('2. COEFICIENTES'!O44*'2. COEFICIENTES'!O51*'3. PREÇOS INSUMOS'!P$34*'1. DADOS OPERACIONAIS'!O39)/'2. COEFICIENTES'!O37,0)","v":{"v":0,"d":"0.00"}},{"$f":"IFERROR(('2. COEFICIENTES'!P44*'2. COEFICIENTES'!P51*'3. PREÇOS INSUMOS'!Q$34*'1. DADOS OPERACIONAIS'!P39)/'2. COEFICIENTES'!P37,0)","v":{"v":0,"d":"0.00"}},{"$f":"IFERROR(('2. COEFICIENTES'!Q44*'2. COEFICIENTES'!Q51*'3. PREÇOS INSUMOS'!R$34*'1. DADOS OPERACIONAIS'!Q39)/'2. COEFICIENTES'!Q37,0)","v":{"v":0,"d":"0.00"}},{"$f":"IFERROR(('2. COEFICIENTES'!R44*'2. COEFICIENTES'!R51*'3. PREÇOS INSUMOS'!S$34*'1. DADOS OPERACIONAIS'!R39)/'2. COEFICIENTES'!R37,0)","v":{"v":0,"d":"0.00"}},{"$f":"IFERROR(('2. COEFICIENTES'!S44*'2. COEFICIENTES'!S51*'3. PREÇOS INSUMOS'!T$34*'1. DADOS OPERACIONAIS'!S39)/'2. COEFICIENTES'!S37,0)","v":{"v":0,"d":"0.00"}},{"$f":"IFERROR(('2. COEFICIENTES'!T44*'2. COEFICIENTES'!T51*'3. PREÇOS INSUMOS'!U$34*'1. DADOS OPERACIONAIS'!T39)/'2. COEFICIENTES'!T37,0)","v":{"v":0,"d":"0.00"}}]
[{"$nulls":3},"total de custeios com Recapagem",{"$f":"+E56","v":"(R$/mês)"},{"$f":"SUM(F54:F56)","v":{"v":1981.1972079948948,"d":"1,981.20"}},{"v":1981.1972079948948,"d":"1,981.20"},{"v":1981.1972079948948,"d":"1,981.20"},{"v":1981.1972079948948,"d":"1,981.20"},{"v":1981.1972079948948,"d":"1,981.20"},{"v":1981.1972079948948,"d":"1,981.20"},{"v":1981.1972079948948,"d":"1,981.20"},{"v":1981.1972079948948,"d":"1,981.20"},{"v":1981.1972079948948,"d":"1,981.20"},{"v":1981.1972079948948,"d":"1,981.20"},{"v":1981.1972079948948,"d":"1,981.20"},{"v":1981.1972079948948,"d":"1,981.20"},{"v":1981.1972079948948,"d":"1,981.20"},{"v":1981.1972079948948,"d":"1,981.20"},{"v":1981.1972079948948,"d":"1,981.20"}]
[{"$nulls":3},"total de custeios com Recapagem","(R$/ANUAL)",{"$f":"+F57*12","v":{"v":23774.36649593874,"d":"23,774.37"}},{"v":23774.36649593874,"d":"23,774.37"},{"v":23774.36649593874,"d":"23,774.37"},{"v":23774.36649593874,"d":"23,774.37"},{"v":23774.36649593874,"d":"23,774.37"},{"v":23774.36649593874,"d":"23,774.37"},{"v":23774.36649593874,"d":"23,774.37"},{"v":23774.36649593874,"d":"23,774.37"},{"v":23774.36649593874,"d":"23,774.37"},{"v":23774.36649593874,"d":"23,774.37"},{"v":23774.36649593874,"d":"23,774.37"},{"v":23774.36649593874,"d":"23,774.37"},{"v":23774.36649593874,"d":"23,774.37"},{"v":23774.36649593874,"d":"23,774.37"},{"v":23774.36649593874,"d":"23,774.37"}]
[]
[]
[null,null,{"$f":"+MENU!$C$71","v":"4.4. - CÁLCULO DOS CUSTEIOS COM PEÇAS E ACESSÓRIOS"}]
[]
[null,null,"PEÇAS E ACESSÓRIOS",null,"Un.",1,{"$f":"+F63+1","v":2},3,4,5,6,7,8,9,10,11,12,13,14,15]
[1,null,null,{"$f":"VLOOKUP(A64,TIPOLOGIA!$D$10:$E$12,2,0)","v":"MICROÔNIBUS"},"(R$/mês)",{"$f":"+'3. PREÇOS INSUMOS'!G150*'1. DADOS OPERACIONAIS'!F37","v":{"v":4697.032978014742,"d":"4,697.03"}},{"$f":"+'3. PREÇOS INSUMOS'!H150*'1. DADOS OPERACIONAIS'!G37","v":{"v":4697.032978014742,"d":"4,697.03"}},{"$f":"+'3. PREÇOS INSUMOS'!I150*'1. DADOS OPERACIONAIS'!H37","v":{"v":4697.032978014742,"d":"4,697.03"}},{"$f":"+'3. PREÇOS INSUMOS'!J150*'1. DADOS OPERACIONAIS'!I37","v":{"v":4697.032978014742,"d":"4,697.03"}},{"$f":"+'3. PREÇOS INSUMOS'!K150*'1. DADOS OPERACIONAIS'!J37","v":{"v":4697.032978014742,"d":"4,697.03"}},{"$f":"+'3. PREÇOS INSUMOS'!L150*'1. DADOS OPERACIONAIS'!K37","v":{"v":4697.032978014742,"d":"4,697.03"}},{"$f":"+'3. PREÇOS INSUMOS'!M150*'1. DADOS OPERACIONAIS'!L37","v":{"v":4697.032978014742,"d":"4,697.03"}},{"$f":"+'3. PREÇOS INSUMOS'!N150*'1. DADOS OPERACIONAIS'!M37","v":{"v":4697.032978014742,"d":"4,697.03"}},{"$f":"+'3. PREÇOS INSUMOS'!O150*'1. DADOS OPERACIONAIS'!N37","v":{"v":4697.032978014742,"d":"4,697.03"}},{"$f":"+'3. PREÇOS INSUMOS'!P150*'1. DADOS OPERACIONAIS'!O37","v":{"v":4697.032978014742,"d":"4,697.03"}},{"$f":"+'3. PREÇOS INSUMOS'!Q150*'1. DADOS OPERACIONAIS'!P37","v":{"v":4697.032978014742,"d":"4,697.03"}},{"$f":"+'3. PREÇOS INSUMOS'!R150*'1. DADOS OPERACIONAIS'!Q37","v":{"v":4697.032978014742,"d":"4,697.03"}},{"$f":"+'3. PREÇOS INSUMOS'!S150*'1. DADOS OPERACIONAIS'!R37","v":{"v":4697.032978014742,"d":"4,697.03"}},{"$f":"+'3. PREÇOS INSUMOS'!T150*'1. DADOS OPERACIONAIS'!S37","v":{"v":4697.032978014742,"d":"4,697.03"}},{"$f":"+'3. PREÇOS INSUMOS'!U150*'1. DADOS OPERACIONAIS'!T37","v":{"v":4697.032978014742,"d":"4,697.03"}}]
[2,null,null,{"$f":"VLOOKUP(A65,TIPOLOGIA!$D$10:$E$12,2,0)","v":"CONVENCIONAL"},{"$f":"+E64","v":"(R$/mês)"},{"$f":"+'3. PREÇOS INSUMOS'!G151*'1. DADOS OPERACIONAIS'!F38","v":{"v":11797.431025459533,"d":"11,797.43"}},{"$f":"+'3. PREÇOS INSUMOS'!H151*'1. DADOS OPERACIONAIS'!G38","v":{"v":11797.431025459533,"d":"11,797.43"}},{"$f":"+'3. PREÇOS INSUMOS'!I151*'1. DADOS OPERACIONAIS'!H38","v":{"v":11797.431025459533,"d":"11,797.43"}},{"$f":"+'3. PREÇOS INSUMOS'!J151*'1. DADOS OPERACIONAIS'!I38","v":{"v":11797.431025459533,"d":"11,797.43"}},{"$f":"+'3. PREÇOS INSUMOS'!K151*'1. DADOS OPERACIONAIS'!J38","v":{"v":11797.431025459533,"d":"11,797.43"}},{"$f":"+'3. PREÇOS INSUMOS'!L151*'1. DADOS OPERACIONAIS'!K38","v":{"v":11797.431025459533,"d":"11,797.43"}},{"$f":"+'3. PREÇOS INSUMOS'!M151*'1. DADOS OPERACIONAIS'!L38","v":{"v":11797.431025459533,"d":"11,797.43"}},{"$f":"+'3. PREÇOS INSUMOS'!N151*'1. DADOS OPERACIONAIS'!M38","v":{"v":11797.431025459533,"d":"11,797.43"}},{"$f":"+'3. PREÇOS INSUMOS'!O151*'1. DADOS OPERACIONAIS'!N38","v":{"v":11797.431025459533,"d":"11,797.43"}},{"$f":"+'3. PREÇOS INSUMOS'!P151*'1. DADOS OPERACIONAIS'!O38","v":{"v":11797.431025459533,"d":"11,797.43"}},{"$f":"+'3. PREÇOS INSUMOS'!Q151*'1. DADOS OPERACIONAIS'!P38","v":{"v":11797.431025459533,"d":"11,797.43"}},{"$f":"+'3. PREÇOS INSUMOS'!R151*'1. DADOS OPERACIONAIS'!Q38","v":{"v":11797.431025459533,"d":"11,797.43"}},{"$f":"+'3. PREÇOS INSUMOS'!S151*'1. DADOS OPERACIONAIS'!R38","v":{"v":11797.431025459533,"d":"11,797.43"}},{"$f":"+'3. PREÇOS INSUMOS'!T151*'1. DADOS OPERACIONAIS'!S38","v":{"v":11797.431025459533,"d":"11,797.43"}},{"$f":"+'3. PREÇOS INSUMOS'!U151*'1. DADOS OPERACIONAIS'!T38","v":{"v":11797.431025459533,"d":"11,797.43"}}]
[3,null,null,{"$f":"VLOOKUP(A66,TIPOLOGIA!$D$10:$E$12,2,0)","v":"-"},{"$f":"+E65","v":"(R$/mês)"},{"$f":"+'3. PREÇOS INSUMOS'!G152*'1. DADOS OPERACIONAIS'!F39","v":{"v":0,"d":"0.00"}},{"$f":"+'3. PREÇOS INSUMOS'!H152*'1. DADOS OPERACIONAIS'!G39","v":{"v":0,"d":"0.00"}},{"$f":"+'3. PREÇOS INSUMOS'!I152*'1. DADOS OPERACIONAIS'!H39","v":{"v":0,"d":"0.00"}},{"$f":"+'3. PREÇOS INSUMOS'!J152*'1. DADOS OPERACIONAIS'!I39","v":{"v":0,"d":"0.00"}},{"$f":"+'3. PREÇOS INSUMOS'!K152*'1. DADOS OPERACIONAIS'!J39","v":{"v":0,"d":"0.00"}},{"$f":"+'3. PREÇOS INSUMOS'!L152*'1. DADOS OPERACIONAIS'!K39","v":{"v":0,"d":"0.00"}},{"$f":"+'3. PREÇOS INSUMOS'!M152*'1. DADOS OPERACIONAIS'!L39","v":{"v":0,"d":"0.00"}},{"$f":"+'3. PREÇOS INSUMOS'!N152*'1. DADOS OPERACIONAIS'!M39","v":{"v":0,"d":"0.00"}},{"$f":"+'3. PREÇOS INSUMOS'!O152*'1. DADOS OPERACIONAIS'!N39","v":{"v":0,"d":"0.00"}},{"$f":"+'3. PREÇOS INSUMOS'!P152*'1. DADOS OPERACIONAIS'!O39","v":{"v":0,"d":"0.00"}},{"$f":"+'3. PREÇOS INSUMOS'!Q152*'1. DADOS OPERACIONAIS'!P39","v":{"v":0,"d":"0.00"}},{"$f":"+'3. PREÇOS INSUMOS'!R152*'1. DADOS OPERACIONAIS'!Q39","v":{"v":0,"d":"0.00"}},{"$f":"+'3. PREÇOS INSUMOS'!S152*'1. DADOS OPERACIONAIS'!R39","v":{"v":0,"d":"0.00"}},{"$f":"+'3. PREÇOS INSUMOS'!T152*'1. DADOS OPERACIONAIS'!S39","v":{"v":0,"d":"0.00"}},{"$f":"+'3. PREÇOS INSUMOS'!U152*'1. DADOS OPERACIONAIS'!T39","v":{"v":0,"d":"0.00"}}]
[{"$nulls":3},"total de custeios com Pç. Acessórios",{"$f":"+E66","v":"(R$/mês)"},{"$f":"SUM(F64:F66)","v":{"v":16494.464003474277,"d":"16,494.46"}},{"v":16494.464003474277,"d":"16,494.46"},{"v":16494.464003474277,"d":"16,494.46"},{"v":16494.464003474277,"d":"16,494.46"},{"v":16494.464003474277,"d":"16,494.46"},{"v":16494.464003474277,"d":"16,494.46"},{"v":16494.464003474277,"d":"16,494.46"},{"v":16494.464003474277,"d":"16,494.46"},{"v":16494.464003474277,"d":"16,494.46"},{"v":16494.464003474277,"d":"16,494.46"},{"v":16494.464003474277,"d":"16,494.46"},{"v":16494.464003474277,"d":"16,494.46"},{"v":16494.464003474277,"d":"16,494.46"},{"v":16494.464003474277,"d":"16,494.46"},{"v":16494.464003474277,"d":"16,494.46"}]
[{"$nulls":3},"total de custeios com Pç. Acessórios","(R$/ANUAL)",{"$f":"+F67*12","v":{"v":197933.56804169132,"d":"197,933.57"}},{"v":197933.56804169132,"d":"197,933.57"},{"v":197933.56804169132,"d":"197,933.57"},{"v":197933.56804169132,"d":"197,933.57"},{"v":197933.56804169132,"d":"197,933.57"},{"v":197933.56804169132,"d":"197,933.57"},{"v":197933.56804169132,"d":"197,933.57"},{"v":197933.56804169132,"d":"197,933.57"},{"v":197933.56804169132,"d":"197,933.57"},{"v":197933.56804169132,"d":"197,933.57"},{"v":197933.56804169132,"d":"197,933.57"},{"v":197933.56804169132,"d":"197,933.57"},{"v":197933.56804169132,"d":"197,933.57"},{"v":197933.56804169132,"d":"197,933.57"},{"v":197933.56804169132,"d":"197,933.57"}]
[]
[]
[null,null,{"$f":"+MENU!$C$72","v":"4.5. - TOTALIZAÇÃO DOS CUSTOS VARIÁVEIS"}]
[]
[null,null,"CUSTOS VARIÁVEIS VALORES",null,"Un.",1,{"$f":"+F73+1","v":2},3,4,5,6,7,8,9,10,11,12,13,14,15]
[{"$nulls":3},"Custeios com Óleo Diesel","(R$/mês)",{"$f":"+F17","v":{"v":70992.09079808265,"d":"70,992.09"}},{"v":70992.09079808265,"d":"70,992.09"},{"v":70992.09079808265,"d":"70,992.09"},{"v":70992.09079808265,"d":"70,992.09"},{"v":70992.09079808265,"d":"70,992.09"},{"v":70992.09079808265,"d":"70,992.09"},{"v":70992.09079808265,"d":"70,992.09"},{"v":70992.09079808265,"d":"70,992.09"},{"v":70992.09079808265,"d":"70,992.09"},{"v":70992.09079808265,"d":"70,992.09"},{"v":70992.09079808265,"d":"70,992.09"},{"v":70992.09079808265,"d":"70,992.09"},{"v":70992.09079808265,"d":"70,992.09"},{"v":70992.09079808265,"d":"70,992.09"},{"v":70992.09079808265,"d":"70,992.09"}]
[{"$nulls":3},"Custeios com Arla32",{"$f":"+E74","v":"(R$/mês)"},{"$f":"F26","v":{"v":1025.2336542483542,"d":"1,025.23"}},{"v":1025.2336542483542,"d":"1,025.23"},{"v":1025.2336542483542,"d":"1,025.23"},{"v":1025.2336542483542,"d":"1,025.23"},{"v":1025.2336542483542,"d":"1,025.23"},{"v":1025.2336542483542,"d":"1,025.23"},{"v":1025.2336542483542,"d":"1,025.23"},{"v":1025.2336542483542,"d":"1,025.23"},{"v":1025.2336542483542,"d":"1,025.23"},{"v":1025.2336542483542,"d":"1,025.23"},{"v":1025.2336542483542,"d":"1,025.23"},{"v":1025.2336542483542,"d":"1,025.23"},{"v":1025.2336542483542,"d":"1,025.23"},{"v":1025.2336542483542,"d":"1,025.23"},{"v":1025.2336542483542,"d":"1,025.23"}]
[{"$nulls":3},"Custeios com Lubrificantes",{"$f":"+E75","v":"(R$/mês)"},{"$f":"+F36","v":{"v":8952.784195356126,"d":"8,952.78"}},{"v":8952.784195356126,"d":"8,952.78"},{"v":8952.784195356126,"d":"8,952.78"},{"v":8952.784195356126,"d":"8,952.78"},{"v":8952.784195356126,"d":"8,952.78"},{"v":8952.784195356126,"d":"8,952.78"},{"v":8952.784195356126,"d":"8,952.78"},{"v":8952.784195356126,"d":"8,952.78"},{"v":8952.784195356126,"d":"8,952.78"},{"v":8952.784195356126,"d":"8,952.78"},{"v":8952.784195356126,"d":"8,952.78"},{"v":8952.784195356126,"d":"8,952.78"},{"v":8952.784195356126,"d":"8,952.78"},{"v":8952.784195356126,"d":"8,952.78"},{"v":8952.784195356126,"d":"8,952.78"}]
[{"$nulls":3},"Custeios com Material de Rodagem",{"$f":"+E76","v":"(R$/mês)"},{"$f":"+F48+F57","v":{"v":3928.4310352813054,"d":"3,928.43"}},{"v":3928.4310352813054,"d":"3,928.43"},{"v":3928.4310352813054,"d":"3,928.43"},{"v":3928.4310352813054,"d":"3,928.43"},{"v":3928.4310352813054,"d":"3,928.43"},{"v":3928.4310352813054,"d":"3,928.43"},{"v":3928.4310352813054,"d":"3,928.43"},{"v":3928.4310352813054,"d":"3,928.43"},{"v":3928.4310352813054,"d":"3,928.43"},{"v":3928.4310352813054,"d":"3,928.43"},{"v":3928.4310352813054,"d":"3,928.43"},{"v":3928.4310352813054,"d":"3,928.43"},{"v":3928.4310352813054,"d":"3,928.43"},{"v":3928.4310352813054,"d":"3,928.43"},{"v":3928.4310352813054,"d":"3,928.43"}]
[{"$nulls":3},"Custeios com Peças Acessórios",{"$f":"+E77","v":"(R$/mês)"},{"$f":"+F67","v":{"v":16494.464003474277,"d":"16,494.46"}},{"v":16494.464003474277,"d":"16,494.46"},{"v":16494.464003474277,"d":"16,494.46"},{"v":16494.464003474277,"d":"16,494.46"},{"v":16494.464003474277,"d":"16,494.46"},{"v":16494.464003474277,"d":"16,494.46"},{"v":16494.464003474277,"d":"16,494.46"},{"v":16494.464003474277,"d":"16,494.46"},{"v":16494.464003474277,"d":"16,494.46"},{"v":16494.464003474277,"d":"16,494.46"},{"v":16494.464003474277,"d":"16,494.46"},{"v":16494.464003474277,"d":"16,494.46"},{"v":16494.464003474277,"d":"16,494.46"},{"v":16494.464003474277,"d":"16,494.46"},{"v":16494.464003474277,"d":"16,494.46"}]
[{"$nulls":3},"total de Custos Variáveis","(R$/mês)",{"$f":"SUM(F74:F78)","v":{"v":101393.00368644271,"d":"101,393.00"}},{"$f":"SUM(G74:G78)","v":{"v":101393.00368644271,"d":"101,393.00"}},{"v":101393.00368644271,"d":"101,393.00"},{"v":101393.00368644271,"d":"101,393.00"},{"v":101393.00368644271,"d":"101,393.00"},{"v":101393.00368644271,"d":"101,393.00"},{"v":101393.00368644271,"d":"101,393.00"},{"v":101393.00368644271,"d":"101,393.00"},{"v":101393.00368644271,"d":"101,393.00"},{"v":101393.00368644271,"d":"101,393.00"},{"v":101393.00368644271,"d":"101,393.00"},{"v":101393.00368644271,"d":"101,393.00"},{"v":101393.00368644271,"d":"101,393.00"},{"v":101393.00368644271,"d":"101,393.00"},{"v":101393.00368644271,"d":"101,393.00"}]
[{"$nulls":3},"total de Custos Variáveis","(R$/ANUAL)",{"$f":"+F79*12","v":{"v":1216716.0442373124,"d":"1,216,716.04"}},{"$f":"+G79*12","v":{"v":1216716.0442373124,"d":"1,216,716.04"}},{"v":1216716.0442373124,"d":"1,216,716.04"},{"v":1216716.0442373124,"d":"1,216,716.04"},{"v":1216716.0442373124,"d":"1,216,716.04"},{"v":1216716.0442373124,"d":"1,216,716.04"},{"v":1216716.0442373124,"d":"1,216,716.04"},{"v":1216716.0442373124,"d":"1,216,716.04"},{"v":1216716.0442373124,"d":"1,216,716.04"},{"v":1216716.0442373124,"d":"1,216,716.04"},{"v":1216716.0442373124,"d":"1,216,716.04"},{"v":1216716.0442373124,"d":"1,216,716.04"},{"v":1216716.0442373124,"d":"1,216,716.04"},{"v":1216716.0442373124,"d":"1,216,716.04"},{"v":1216716.0442373124,"d":"1,216,716.04"}]

{"sheet":"5. CUSTOS FIXOS (PESSOAL)","index":6,"n_rows":92,"n_cols":20,"rows_kept":92,"merged":[[12,2,12,3],[22,2,22,3],[32,2,32,3],[46,2,46,3],[55,2,55,3],[64,2,64,3],[83,2,83,3]]}
[]
[{"$nulls":4},"SECRETARIA MUNICIPAL DE DESENVOLVIMENTO URBANO"]
[{"$nulls":4},{"$f":"MENU!$B$3&\"  -  \"&+MENU!$B$4","v":"CONCORRÊNCIA Nº 003/18  -  "}]
[{"$nulls":4},{"$f":"+MENU!$C$2","v":"ESTUDO TÉCNICO DE VIABILIDADE ECONÔMICA DA OPERAÇÃO DO SERVIÇO DE TRANSPORTE COLETIVO DA CIDADE DE AMPARO"}]
[{"$nulls":4},{"$f":"+MENU!$C$3","v":"ANEXO IV.1 - ESTUDO TÉCNICO DE VIABILIDADE ECONÔMICA - ORÇAMENTO ESTIMADO"},{"$nulls":14},{"$f":"+MENU!$C$5","v":"DATA BASE DE CÁLCULO: MARÇO 2020"}]
[]
[null,{"$f":"+MENU!$C$73","v":"5. - CÁLCULO DOS CUSTOS FIXOS (COM PESSOAL)"}]
[]
[null,null,{"$f":"+MENU!$C$74","v":"5.1. - CÁLCULO DOS CUSTEIOS COM PESSOAL DE OPERAÇÃO"}]
[]
[null,null,{"$f":"+MENU!$C$75","v":"5.1.1. - CUSTEIOS COM MOTORISTAS"}]
[]
[null,null,"MOTORISTAS",null,"Un.",1,{"$f":"+F13+1","v":2},3,4,5,6,7,8,9,10,11,12,13,14,15]
[{"$nulls":3},{"$f":"\"FROTA OPERACIONAL\"","v":"FROTA OPERACIONAL"},"(Veíc. Op./mês)",{"$f":"+'1. DADOS OPERACIONAIS'!F15","v":12},{"$f":"+'1. DADOS OPERACIONAIS'!G15","v":12},{"$f":"+'1. DADOS OPERACIONAIS'!H15","v":12},{"$f":"+'1. DADOS OPERACIONAIS'!I15","v":12},{"$f":"+'1. DADOS OPERACIONAIS'!J15","v":12},{"$f":"+'1. DADOS OPERACIONAIS'!K15","v":12},{"$f":"+'1. DADOS OPERACIONAIS'!L15","v":12},{"$f":"+'1. DADOS OPERACIONAIS'!M15","v":12},{"$f":"+'1. DADOS OPERACIONAIS'!N15","v":12},{"$f":"+'1. DADOS OPERACIONAIS'!O15","v":12},{"$f":"+'1. DADOS OPERACIONAIS'!P15","v":12},{"$f":"+'1. DADOS OPERACIONAIS'!Q15","v":12},{"$f":"+'1. DADOS OPERACIONAIS'!R15","v":12},{"$f":"+'1. DADOS OPERACIONAIS'!S15","v":12},{"$f":"+'1. DADOS OPERACIONAIS'!T15","v":12}]
[{"$nulls":3},"FATOR DE UTILIZAÇÃO","(Func./Veíc. Op.)",{"$f":"+'2. COEFICIENTES'!F82","v":2.21},{"$f":"+'2. COEFICIENTES'!G82","v":2.21},{"$f":"+'2. COEFICIENTES'!H82","v":2.21},{"$f":"+'2. COEFICIENTES'!I82","v":2.21},{"$f":"+'2. COEFICIENTES'!J82","v":2.21},{"$f":"+'2. COEFICIENTES'!K82","v":2.21},{"$f":"+'2. COEFICIENTES'!L82","v":2.21},{"$f":"+'2. COEFICIENTES'!M82","v":2.21},{"$f":"+'2. COEFICIENTES'!N82","v":2.21},{"$f":"+'2. COEFICIENTES'!O82","v":2.21},{"$f":"+'2. COEFICIENTES'!P82","v":2.21},{"$f":"+'2. COEFICIENTES'!Q82","v":2.21},{"$f":"+'2. COEFICIENTES'!R82","v":2.21},{"$f":"+'2. COEFICIENTES'!S82","v":2.21},{"$f":"+'2. COEFICIENTES'!T82","v":2.21}]
[{"$nulls":3},"SALÁRIO BASE MENSAL","(R$/Func.)",{"$f":"+'3. PREÇOS INSUMOS'!G178","v":{"v":1919.66,"d":"1,919.66"}},{"$f":"+'3. PREÇOS INSUMOS'!H178","v":{"v":1919.66,"d":"1,919.66"}},{"$f":"+'3. PREÇOS INSUMOS'!I178","v":{"v":1919.66,"d":"1,919.66"}},{"$f":"+'3. PREÇOS INSUMOS'!J178","v":{"v":1919.66,"d":"1,919.66"}},{"$f":"+'3. PREÇOS INSUMOS'!K178","v":{"v":1919.66,"d":"1,919.66"}},{"$f":"+'3. PREÇOS INSUMOS'!L178","v":{"v":1919.66,"d":"1,919.66"}},{"$f":"+'3. PREÇOS INSUMOS'!M178","v":{"v":1919.66,"d":"1,919.66"}},{"$f":"+'3. PREÇOS INSUMOS'!N178","v":{"v":1919.66,"d":"1,919.66"}},{"$f":"+'3. PREÇOS INSUMOS'!O178","v":{"v":1919.66,"d":"1,919.66"}},{"$f":"+'3. PREÇOS INSUMOS'!P178","v":{"v":1919.66,"d":"1,919.66"}},{"$f":"+'3. PREÇOS INSUMOS'!Q178","v":{"v":1919.66,"d":"1,919.66"}},{"$f":"+'3. PREÇOS INSUMOS'!R178","v":{"v":1919.66,"d":"1,919.66"}},{"$f":"+'3. PREÇOS INSUMOS'!S178","v":{"v":1919.66,"d":"1,919.66"}},{"$f":"+'3. PREÇOS INSUMOS'!T178","v":{"v":1919.66,"d":"1,919.66"}},{"$f":"+'3. PREÇOS INSUMOS'!U178","v":{"v":1919.66,"d":"1,919.66"}}]
[{"$nulls":3},"ENCARGOS SOCIAIS","(%/mês)",{"$f":"'2. COEFICIENTES'!$F$119","v":{"v":0.42713,"d":"42.71%"}},{"$f":"'2. COEFICIENTES'!G119","v":{"v":0.65419,"d":"65.42%"}},{"$f":"'2. COEFICIENTES'!H119","v":{"v":0.65419,"d":"65.42%"}},{"$f":"'2. COEFICIENTES'!I119","v":{"v":0.65419,"d":"65.42%"}},{"$f":"'2. COEFICIENTES'!J119","v":{"v":0.65419,"d":"65.42%"}},{"$f":"'2. COEFICIENTES'!K119","v":{"v":0.65419,"d":"65.42%"}},{"$f":"'2. COEFICIENTES'!L119","v":{"v":0.65419,"d":"65.42%"}},{"$f":"'2. COEFICIENTES'!M119","v":{"v":0.65419,"d":"65.42%"}},{"$f":"'2. COEFICIENTES'!N119","v":{"v":0.65419,"d":"65.42%"}},{"$f":"'2. COEFICIENTES'!O119","v":{"v":0.65419,"d":"65.42%"}},{"$f":"'2. COEFICIENTES'!P119","v":{"v":0.65419,"d":"65.42%"}},{"$f":"'2. COEFICIENTES'!Q119","v":{"v":0.65419,"d":"65.42%"}},{"$f":"'2. COEFICIENTES'!R119","v":{"v":0.65419,"d":"65.42%"}},{"$f":"'2. COEFICIENTES'!S119","v":{"v":0.65419,"d":"65.42%"}},{"$f":"'2. COEFICIENTES'!T119","v":{"v":0.65419,"d":"65.42%"}}]
[{"$nulls":3},"TOTAL DE CUSTEIOS - MOTORISTAS","(R$/mês)",{"$f":"(F14*F15*F16)*(1+F17)","v":{"v":72654.308046216,"d":"72,654.31"}},{"$f":"(G14*G15*G16)*(1+G17)","v":{"v":84213.79259560801,"d":"84,213.79"}},{"v":84213.79259560801,"d":"84,213.79"},{"v":84213.79259560801,"d":"84,213.79"},{"v":84213.79259560801,"d":"84,213.79"},{"v":84213.79259560801,"d":"84,213.79"},{"v":84213.79259560801,"d":"84,213.79"},{"v":84213.79259560801,"d":"84,213.79"},{"v":84213.79259560801,"d":"84,213.79"},{"v":84213.79259560801,"d":"84,213.79"},{"v":84213.79259560801,"d":"84,213.79"},{"v":84213.79259560801,"d":"84,213.79"},{"v":84213.79259560801,"d":"84,213.79"},{"v":84213.79259560801,"d":"84,213.79"},{"v":84213.79259560801,"d":"84,213.79"}]
[{"$nulls":3},"TOTAL DE CUSTEIOS - MOTORISTAS","(R$/Anual)",{"$f":"+F18*12","v":{"v":871851.696554592,"d":"871,851.70"}},{"v":1010565.5111472962,"d":"1,010,565.51"},{"v":1010565.5111472962,"d":"1,010,565.51"},{"v":1010565.5111472962,"d":"1,010,565.51"},{"v":1010565.5111472962,"d":"1,010,565.51"},{"v":1010565.5111472962,"d":"1,010,565.51"},{"v":1010565.5111472962,"d":"1,010,565.51"},{"v":1010565.5111472962,"d":"1,010,565.51"},{"v":1010565.5111472962,"d":"1,010,565.51"},{"v":1010565.5111472962,"d":"1,010,565.51"},{"v":1010565.5111472962,"d":"1,010,565.51"},{"v":1010565.5111472962,"d":"1,010,565.51"},{"v":1010565.5111472962,"d":"1,010,565.51"},{"v":1010565.5111472962,"d":"1,010,565.51"},{"v":1010565.5111472962,"d":"1,010,565.51"}]
[]
[null,null,{"$f":"+MENU!$C$76","v":"5.1.2. - CUSTEIOS COM PESSOAL DE FISCALIZAÇÃO"}]
[]
[null,null,"FISCALIZAÇÃO",null,"Un.",1,{"$f":"+F23+1","v":2},3,4,5,6,7,8,9,10,11,12,13,14,15]
[{"$nulls":3},{"$f":"\"FROTA OPERACIONAL\"","v":"FROTA OPERACIONAL"},"(Veíc. Op/mês)",{"$f":"+'1. DADOS OPERACIONAIS'!F15","v":12},{"$f":"+'1. DADOS OPERACIONAIS'!G15","v":12},{"$f":"+'1. DADOS OPERACIONAIS'!H15","v":12},{"$f":"+'1. DADOS OPERACIONAIS'!I15","v":12},{"$f":"+'1. DADOS OPERACIONAIS'!J15","v":12},{"$f":"+'1. DADOS OPERACIONAIS'!K15","v":12},{"$f":"+'1. DADOS OPERACIONAIS'!L15","v":12},{"$f":"+'1. DADOS OPERACIONAIS'!M15","v":12},{"$f":"+'1. DADOS OPERACIONAIS'!N15","v":12},{"$f":"+'1. DADOS OPERACIONAIS'!O15","v":12},{"$f":"+'1. DADOS OPERACIONAIS'!P15","v":12},{"$f":"+'1. DADOS OPERACIONAIS'!Q15","v":12},{"$f":"+'1. DADOS OPERACIONAIS'!R15","v":12},{"$f":"+'1. DADOS OPERACIONAIS'!S15","v":12},{"$f":"+'1. DADOS OPERACIONAIS'!T15","v":12}]
[{"$nulls":3},"FATOR DE UTILIZAÇÃO","(Func./Veíc. Op)",{"$f":"+'2. COEFICIENTES'!F83","v":{"v":0.2,"d":"0.20"}},{"$f":"+'2. COEFICIENTES'!G83","v":{"v":0.2,"d":"0.20"}},{"$f":"+'2. COEFICIENTES'!H83","v":{"v":0.2,"d":"0.20"}},{"$f":"+'2. COEFICIENTES'!I83","v":{"v":0.2,"d":"0.20"}},{"$f":"+'2. COEFICIENTES'!J83","v":{"v":0.2,"d":"0.20"}},{"$f":"+'2. COEFICIENTES'!K83","v":{"v":0.2,"d":"0.20"}},{"$f":"+'2. COEFICIENTES'!L83","v":{"v":0.2,"d":"0.20"}},{"$f":"+'2. COEFICIENTES'!M83","v":{"v":0.2,"d":"0.20"}},{"$f":"+'2. COEFICIENTES'!N83","v":{"v":0.2,"d":"0.20"}},{"$f":"+'2. COEFICIENTES'!O83","v":{"v":0.2,"d":"0.20"}},{"$f":"+'2. COEFICIENTES'!P83","v":{"v":0.2,"d":"0.20"}},{"$f":"+'2. COEFICIENTES'!Q83","v":{"v":0.2,"d":"0.20"}},{"$f":"+'2. COEFICIENTES'!R83","v":{"v":0.2,"d":"0.20"}},{"$f":"+'2. COEFICIENTES'!S83","v":{"v":0.2,"d":"0.20"}},{"$f":"+'2. COEFICIENTES'!T83","v":{"v":0.2,"d":"0.20"}}]
[{"$nulls":3},"SALÁRIO BASE MENSAL","(R$/Func.)",{"$f":"+'3. PREÇOS INSUMOS'!G179","v":{"v":2204.99,"d":"2,204.99"}},{"$f":"+'3. PREÇOS INSUMOS'!H179","v":{"v":2204.99,"d":"2,204.99"}},{"$f":"+'3. PREÇOS INSUMOS'!I179","v":{"v":2204.99,"d":"2,204.99"}},{"$f":"+'3. PREÇOS INSUMOS'!J179","v":{"v":2204.99,"d":"2,204.99"}},{"$f":"+'3. PREÇOS INSUMOS'!K179","v":{"v":2204.99,"d":"2,204.99"}},{"$f":"+'3. PREÇOS INSUMOS'!L179","v":{"v":2204.99,"d":"2,204.99"}},{"$f":"+'3. PREÇOS INSUMOS'!M179","v":{"v":2204.99,"d":"2,204.99"}},{"$f":"+'3. PREÇOS INSUMOS'!N179","v":{"v":2204.99,"d":"2,204.99"}},{"$f":"+'3. PREÇOS INSUMOS'!O179","v":{"v":2204.99,"d":"2,204.99"}},{"$f":"+'3. PREÇOS INSUMOS'!P179","v":{"v":2204.99,"d":"2,204.99"}},{"$f":"+'3. PREÇOS INSUMOS'!Q179","v":{"v":2204.99,"d":"2,204.99"}},{"$f":"+'3. PREÇOS INSUMOS'!R179","v":{"v":2204.99,"d":"2,204.99"}},{"$f":"+'3. PREÇOS INSUMOS'!S179","v":{"v":2204.99,"d":"2,204.99"}},{"$f":"+'3. PREÇOS INSUMOS'!T179","v":{"v":2204.99,"d":"2,204.99"}},{"$f":"+'3. PREÇOS INSUMOS'!U179","v":{"v":2204.99,"d":"2,204.99"}}]
[{"$nulls":3},"ENCARGOS SOCIAIS","(%/mês)",{"$f":"'2. COEFICIENTES'!F119","v":{"v":0.42713,"d":"42.71%"}},{"$f":"'2. COEFICIENTES'!G119","v":{"v":0.65419,"d":"65.42%"}},{"$f":"'2. COEFICIENTES'!H119","v":{"v":0.65419,"d":"65.42%"}},{"$f":"'2. COEFICIENTES'!I119","v":{"v":0.65419,"d":"65.42%"}},{"$f":"'2. COEFICIENTES'!J119","v":{"v":0.65419,"d":"65.42%"}},{"$f":"'2. COEFICIENTES'!K119","v":{"v":0.65419,"d":"65.42%"}},{"$f":"'2. COEFICIENTES'!L119","v":{"v":0.65419,"d":"65.42%"}},{"$f":"'2. COEFICIENTES'!M119","v":{"v":0.65419,"d":"65.42%"}},{"$f":"'2. COEFICIENTES'!N119","v":{"v":0.65419,"d":"65.42%"}},{"$f":"'2. COEFICIENTES'!O119","v":{"v":0.65419,"d":"65.42%"}},{"$f":"'2. COEFICIENTES'!P119","v":{"v":0.65419,"d":"65.42%"}},{"$f":"'2. COEFICIENTES'!Q119","v":{"v":0.65419,"d":"65.42%"}},{"$f":"'2. COEFICIENTES'!R119","v":{"v":0.65419,"d":"65.42%"}},{"$f":"'2. COEFICIENTES'!S119","v":{"v":0.65419,"d":"65.42%"}},{"$f":"'2. COEFICIENTES'!T119","v":{"v":0.65419,"d":"65.42%"}}]
[{"$nulls":3},"TOTAL DE CUSTEIOS - FISCALIZAÇÃO","(R$/mês)",{"$f":"(F24*F25*F26)*(1+F27)","v":{"v":7552.337708880001,"d":"7,552.34"}},{"v":8753.933779440002,"d":"8,753.93"},{"v":8753.933779440002,"d":"8,753.93"},{"v":8753.933779440002,"d":"8,753.93"},{"v":8753.933779440002,"d":"8,753.93"},{"v":8753.933779440002,"d":"8,753.93"},{"v":8753.933779440002,"d":"8,753.93"},{"v":8753.933779440002,"d":"8,753.93"},{"v":8753.933779440002,"d":"8,753.93"},{"v":8753.933779440002,"d":"8,753.93"},{"v":8753.933779440002,"d":"8,753.93"},{"v":8753.933779440002,"d":"8,753.93"},{"v":8753.933779440002,"d":"8,753.93"},{"v":8753.933779440002,"d":"8,753.93"},{"v":8753.933779440002,"d":"8,753.93"}]
[{"$nulls":3},"TOTAL DE CUSTEIOS - FISCALIZAÇÃO","(R$/Anual)",{"$f":"+F28*12","v":{"v":90628.05250656001,"d":"90,628.05"}},{"v":105047.20535328002,"d":"105,047.21"},{"v":105047.20535328002,"d":"105,047.21"},{"v":105047.20535328002,"d":"105,047.21"},{"v":105047.20535328002,"d":"105,047.21"},{"v":105047.20535328002,"d":"105,047.21"},{"v":105047.20535328002,"d":"105,047.21"},{"v":105047.20535328002,"d":"105,047.21"},{"v":105047.20535328002,"d":"105,047.21"},{"v":105047.20535328002,"d":"105,047.21"},{"v":105047.20535328002,"d":"105,047.21"},{"v":105047.20535328002,"d":"105,047.21"},{"v":105047.20535328002,"d":"105,047.21"},{"v":105047.20535328002,"d":"105,047.21"},{"v":105047.20535328002,"d":"105,047.21"}]
[]
[null,null,{"$f":"+MENU!$C$77","v":"5.1.3. - CUSTEIOS COM COBRADOR"}]
[]
[null,null,"COBRADOR",null,"Un.",1,{"$f":"+F33+1","v":2},3,4,5,6,7,8,9,10,11,12,13,14,15]
[{"$nulls":3},{"$f":"\"FROTA OPERACIONAL\"","v":"FROTA OPERACIONAL"},"(Veíc. Op/mês)",{"$f":"+'1. DADOS OPERACIONAIS'!F15","v":12},{"$f":"+'1. DADOS OPERACIONAIS'!G15","v":12},{"$f":"+'1. DADOS OPERACIONAIS'!H15","v":12},{"$f":"+'1. DADOS OPERACIONAIS'!I15","v":12},{"$f":"+'1. DADOS OPERACIONAIS'!J15","v":12},{"$f":"+'1. DADOS OPERACIONAIS'!K15","v":12},{"$f":"+'1. DADOS OPERACIONAIS'!L15","v":12},{"$f":"+'1. DADOS OPERACIONAIS'!M15","v":12},{"$f":"+'1. DADOS OPERACIONAIS'!N15","v":12},{"$f":"+'1. DADOS OPERACIONAIS'!O15","v":12},{"$f":"+'1. DADOS OPERACIONAIS'!P15","v":12},{"$f":"+'1. DADOS OPERACIONAIS'!Q15","v":12},{"$f":"+'1. DADOS OPERACIONAIS'!R15","v":12},{"$f":"+'1. DADOS OPERACIONAIS'!S15","v":12},{"$f":"+'1. DADOS OPERACIONAIS'!T15","v":12}]
[{"$nulls":3},"FATOR DE UTILIZAÇÃO","(Func./Veíc. Op)",{"$f":"+'2. COEFICIENTES'!F84","v":{"v":0.2,"d":"0.20"}},{"$f":"+'2. COEFICIENTES'!G84","v":{"v":0.2,"d":"0.20"}},{"$f":"+'2. COEFICIENTES'!H84","v":{"v":0.2,"d":"0.20"}},{"$f":"+'2. COEFICIENTES'!I84","v":{"v":0.2,"d":"0.20"}},{"$f":"+'2. COEFICIENTES'!J84","v":{"v":0.2,"d":"0.20"}},{"$f":"+'2. COEFICIENTES'!K84","v":{"v":0.2,"d":"0.20"}},{"$f":"+'2. COEFICIENTES'!L84","v":{"v":0.2,"d":"0.20"}},{"$f":"+'2. COEFICIENTES'!M84","v":{"v":0.2,"d":"0.20"}},{"$f":"+'2. COEFICIENTES'!N84","v":{"v":0.2,"d":"0.20"}},{"$f":"+'2. COEFICIENTES'!O84","v":{"v":0.2,"d":"0.20"}},{"$f":"+'2. COEFICIENTES'!P84","v":{"v":0.2,"d":"0.20"}},{"$f":"+'2. COEFICIENTES'!Q84","v":{"v":0.2,"d":"0.20"}},{"$f":"+'2. COEFICIENTES'!R84","v":{"v":0.2,"d":"0.20"}},{"$f":"+'2. COEFICIENTES'!S84","v":{"v":0.2,"d":"0.20"}},{"$f":"+'2. COEFICIENTES'!T84","v":{"v":0.2,"d":"0.20"}}]
[{"$nulls":3},"SALÁRIO BASE MENSAL","(R$/Func.)",{"$f":"+'3. PREÇOS INSUMOS'!G180","v":{"v":1200.56,"d":"1,200.56"}},{"$f":"+'3. PREÇOS INSUMOS'!H180","v":{"v":1200.56,"d":"1,200.56"}},{"$f":"+'3. PREÇOS INSUMOS'!I180","v":{"v":1200.56,"d":"1,200.56"}},{"$f":"+'3. PREÇOS INSUMOS'!J180","v":{"v":1200.56,"d":"1,200.56"}},{"$f":"+'3. PREÇOS INSUMOS'!K180","v":{"v":1200.56,"d":"1,200.56"}},{"$f":"+'3. PREÇOS INSUMOS'!L180","v":{"v":1200.56,"d":"1,200.56"}},{"$f":"+'3. PREÇOS INSUMOS'!M180","v":{"v":1200.56,"d":"1,200.56"}},{"$f":"+'3. PREÇOS INSUMOS'!N180","v":{"v":1200.56,"d":"1,200.56"}},{"$f":"+'3. PREÇOS INSUMOS'!O180","v":{"v":1200.56,"d":"1,200.56"}},{"$f":"+'3. PREÇOS INSUMOS'!P180","v":{"v":1200.56,"d":"1,200.56"}},{"$f":"+'3. PREÇOS INSUMOS'!Q180","v":{"v":1200.56,"d":"1,200.56"}},{"$f":"+'3. PREÇOS INSUMOS'!R180","v":{"v":1200.56,"d":"1,200.56"}},{"$f":"+'3. PREÇOS INSUMOS'!S180","v":{"v":1200.56,"d":"1,200.56"}},{"$f":"+'3. PREÇOS INSUMOS'!T180","v":{"v":1200.56,"d":"1,200.56"}},{"$f":"+'3. PREÇOS INSUMOS'!U180","v":{"v":1200.56,"d":"1,200.56"}}]
[{"$nulls":3},"ENCARGOS SOCIAIS","(%/mês)",{"$f":"'2. COEFICIENTES'!F119","v":{"v":0.42713,"d":"42.71%"}},{"$f":"'2. COEFICIENTES'!G119","v":{"v":0.65419,"d":"65.42%"}},{"$f":"'2. COEFICIENTES'!H119","v":{"v":0.65419,"d":"65.42%"}},{"$f":"'2. COEFICIENTES'!I119","v":{"v":0.65419,"d":"65.42%"}},{"$f":"'2. COEFICIENTES'!J119","v":{"v":0.65419,"d":"65.42%"}},{"$f":"'2. COEFICIENTES'!K119","v":{"v":0.65419,"d":"65.42%"}},{"$f":"'2. COEFICIENTES'!L119","v":{"v":0.65419,"d":"65.42%"}},{"$f":"'2. COEFICIENTES'!M119","v":{"v":0.65419,"d":"65.42%"}},{"$f":"'2. COEFICIENTES'!N119","v":{"v":0.65419,"d":"65.42%"}},{"$f":"'2. COEFICIENTES'!O119","v":{"v":0.65419,"d":"65.42%"}},{"$f":"'2. COEFICIENTES'!P119","v":{"v":0.65419,"d":"65.42%"}},{"$f":"'2. COEFICIENTES'!Q119","v":{"v":0.65419,"d":"65.42%"}},{"$f":"'2. COEFICIENTES'!R119","v":{"v":0.65419,"d":"65.42%"}},{"$f":"'2. COEFICIENTES'!S119","v":{"v":0.65419,"d":"65.42%"}},{"$f":"'2. COEFICIENTES'!T119","v":{"v":0.65419,"d":"65.42%"}}]
[{"$nulls":3},"TOTAL DE CUSTEIOS - COBRADOR","(R$/mês)",{"$f":"(F34*F35*F36)*(1+F37)","v":{"v":4112.052462720001,"d":"4,112.05"}},{"v":4766.290431360001,"d":"4,766.29"},{"v":4766.290431360001,"d":"4,766.29"},{"v":4766.290431360001,"d":"4,766.29"},{"v":4766.290431360001,"d":"4,766.29"},{"v":4766.290431360001,"d":"4,766.29"},{"v":4766.290431360001,"d":"4,766.29"},{"v":4766.290431360001,"d":"4,766.29"},{"v":4766.290431360001,"d":"4,766.29"},{"v":4766.290431360001,"d":"4,766.29"},{"v":4766.290431360001,"d":"4,766.29"},{"v":4766.290431360001,"d":"4,766.29"},{"v":4766.290431360001,"d":"4,766.29"},{"v":4766.290431360001,"d":"4,766.29"},{"v":4766.290431360001,"d":"4,766.29"}]
[{"$nulls":3},"TOTAL DE CUSTEIOS - COBRADOR","(R$/Anual)",{"$f":"+F38*12","v":{"v":49344.62955264001,"d":"49,344.63"}},{"$f":"+G38*12","v":{"v":57195.48517632001,"d":"57,195.49"}},{"v":57195.48517632001,"d":"57,195.49"},{"v":57195.48517632001,"d":"57,195.49"},{"v":57195.48517632001,"d":"57,195.49"},{"v":57195.48517632001,"d":"57,195.49"},{"v":57195.48517632001,"d":"57,195.49"},{"v":57195.48517632001,"d":"57,195.49"},{"v":57195.48517632001,"d":"57,195.49"},{"v":57195.48517632001,"d":"57,195.49"},{"v":57195.48517632001,"d":"57,195.49"},{"v":57195.48517632001,"d":"57,195.49"},{"v":57195.48517632001,"d":"57,195.49"},{"v":57195.48517632001,"d":"57,195.49"},{"v":57195.48517632001,"d":"57,195.49"}]
[]
[{"$nulls":3},"TOTAL CUSTEIROS PESSOAL DE OPERAÇÃO - R$/mês",null,{"$f":"+F28+F18+F38","v":{"v":84318.69821781601,"d":"84,318.70"}},{"v":97734.01680640802,"d":"97,734.02"},{"v":97734.01680640802,"d":"97,734.02"},{"v":97734.01680640802,"d":"97,734.02"},{"v":97734.01680640802,"d":"97,734.02"},{"v":97734.01680640802,"d":"97,734.02"},{"v":97734.01680640802,"d":"97,734.02"},{"v":97734.01680640802,"d":"97,734.02"},{"v":97734.01680640802,"d":"97,734.02"},{"v":97734.01680640802,"d":"97,734.02"},{"v":97734.01680640802,"d":"97,734.02"},{"v":97734.01680640802,"d":"97,734.02"},{"v":97734.01680640802,"d":"97,734.02"},{"v":97734.01680640802,"d":"97,734.02"},{"v":97734.01680640802,"d":"97,734.02"}]
[{"$nulls":3},"TOTAL CUSTEIROS PESSOAL DE OPERAÇÃO - R$/Anual",null,{"$f":"+F29+F19+F39","v":{"v":1011824.378613792,"d":"1,011,824.38"}},{"v":1172808.201676896,"d":"1,172,808.20"},{"v":1172808.201676896,"d":"1,172,808.20"},{"v":1172808.201676896,"d":"1,172,808.20"},{"v":1172808.201676896,"d":"1,172,808.20"},{"v":1172808.201676896,"d":"1,172,808.20"},{"v":1172808.201676896,"d":"1,172,808.20"},{"v":1172808.201676896,"d":"1,172,808.20"},{"v":1172808.201676896,"d":"1,172,808.20"},{"v":1172808.201676896,"d":"1,172,808.20"},{"v":1172808.201676896,"d":"1,172,808.20"},{"v":1172808.201676896,"d":"1,172,808.20"},{"v":1172808.201676896,"d":"1,172,808.20"},{"v":1172808.201676896,"d":"1,172,808.20"},{"v":1172808.201676896,"d":"1,172,808.20"}]
[]
[]
[null,null,{"$f":"+MENU!$C$78","v":"5.2. - CÁLCULO DOS CUSTEIOS COM PESSOAL DE MANUTENÇÃO"}]
[]
[null,null,"PESSOAL DE MANUTENÇÃO",null,"Un.",1,{"$f":"+F47+1","v":2},3,4,5,6,7,8,9,10,11,12,13,14,15]
[{"$nulls":3},"CUSTEIOS C/ PESSOAL DE OPERACÃO","(R$/mês)",{"$f":"+F41","v":{"v":84318.69821781601,"d":"84,318.70"}},{"$f":"+G41","v":{"v":97734.01680640802,"d":"97,734.02"}},{"v":97734.01680640802,"d":"97,734.02"},{"v":97734.01680640802,"d":"97,734.02"},{"v":97734.01680640802,"d":"97,734.02"},{"v":97734.01680640802,"d":"97,734.02"},{"v":97734.01680640802,"d":"97,734.02"},{"v":97734.01680640802,"d":"97,734.02"},{"v":97734.01680640802,"d":"97,734.02"},{"v":97734.01680640802,"d":"97,734.02"},{"v":97734.01680640802,"d":"97,734.02"},{"v":97734.01680640802,"d":"97,734.02"},{"v":97734.01680640802,"d":"97,734.02"},{"v":97734.01680640802,"d":"97,734.02"},{"v":97734.01680640802,"d":"97,734.02"}]
[{"$nulls":3},"% sobre pessoal de operação","(%/mês)",{"$f":"+'2. COEFICIENTES'!$F$97","v":{"v":0.125,"d":"12.50%"}},{"$f":"+'2. COEFICIENTES'!G97","v":{"v":0.125,"d":"12.50%"}},{"$f":"+'2. COEFICIENTES'!H97","v":{"v":0.125,"d":"12.50%"}},{"$f":"+'2. COEFICIENTES'!I97","v":{"v":0.125,"d":"12.50%"}},{"$f":"+'2. COEFICIENTES'!J97","v":{"v":0.125,"d":"12.50%"}},{"$f":"+'2. COEFICIENTES'!K97","v":{"v":0.125,"d":"12.50%"}},{"$f":"+'2. COEFICIENTES'!L97","v":{"v":0.125,"d":"12.50%"}},{"$f":"+'2. COEFICIENTES'!M97","v":{"v":0.125,"d":"12.50%"}},{"$f":"+'2. COEFICIENTES'!N97","v":{"v":0.125,"d":"12.50%"}},{"$f":"+'2. COEFICIENTES'!O97","v":{"v":0.125,"d":"12.50%"}},{"$f":"+'2. COEFICIENTES'!P97","v":{"v":0.125,"d":"12.50%"}},{"$f":"+'2. COEFICIENTES'!Q97","v":{"v":0.125,"d":"12.50%"}},{"$f":"+'2. COEFICIENTES'!R97","v":{"v":0.125,"d":"12.50%"}},{"$f":"+'2. COEFICIENTES'!S97","v":{"v":0.125,"d":"12.50%"}},{"$f":"+'2. COEFICIENTES'!T97","v":{"v":0.125,"d":"12.50%"}}]
[{"$nulls":3},"TOTAL DE CUSTEIOS - MANUTENÇÃO","(R$/mês)",{"$f":"+F49*F48","v":{"v":10539.837277227001,"d":"10,539.84"}},{"$f":"+G49*G48","v":{"v":12216.752100801003,"d":"12,216.75"}},{"v":12216.752100801003,"d":"12,216.75"},{"v":12216.752100801003,"d":"12,216.75"},{"v":12216.752100801003,"d":"12,216.75"},{"v":12216.752100801003,"d":"12,216.75"},{"v":12216.752100801003,"d":"12,216.75"},{"v":12216.752100801003,"d":"12,216.75"},{"v":12216.752100801003,"d":"12,216.75"},{"v":12216.752100801003,"d":"12,216.75"},{"v":12216.752100801003,"d":"12,216.75"},{"v":12216.752100801003,"d":"12,216.75"},{"v":12216.752100801003,"d":"12,216.75"},{"v":12216.752100801003,"d":"12,216.75"},{"v":12216.752100801003,"d":"12,216.75"}]
[{"$nulls":3},"TOTAL DE CUSTEIOS - MANUTENÇÃO","(R$/mês)",{"$f":"+F50*12","v":{"v":126478.04732672402,"d":"126,478.05"}},{"$f":"+G50*12","v":{"v":146601.02520961204,"d":"146,601.03"}},{"v":146601.02520961204,"d":"146,601.03"},{"v":146601.02520961204,"d":"146,601.03"},{"v":146601.02520961204,"d":"146,601.03"},{"v":146601.02520961204,"d":"146,601.03"},{"v":146601.02520961204,"d":"146,601.03"},{"v":146601.02520961204,"d":"146,601.03"},{"v":146601.02520961204,"d":"146,601.03"},{"v":146601.02520961204,"d":"146,601.03"},{"v":146601.02520961204,"d":"146,601.03"},{"v":146601.02520961204,"d":"146,601.03"},{"v":146601.02520961204,"d":"146,601.03"},{"v":146601.02520961204,"d":"146,601.03"},{"v":146601.02520961204,"d":"146,601.03"}]
[]
[]
[null,null,{"$f":"+MENU!$C$79","v":"5.3. - CÁLCULO DOS CUSTEIOS COM PESSOAL ADMINISTRATIVO"}]
[]
[null,null,"PESSOAL ADMINISTRATIVO",null,"Un.",1,{"$f":"+F56+1","v":2},3,4,5,6,7,8,9,10,11,12,13,14,15]
[{"$nulls":3},"CUSTEIOS C/ PESSOAL DE OPERACÃO","(R$/mês)",{"$f":"+F41","v":{"v":84318.69821781601,"d":"84,318.70"}},{"$f":"+G41","v":{"v":97734.01680640802,"d":"97,734.02"}},{"v":97734.01680640802,"d":"97,734.02"},{"v":97734.01680640802,"d":"97,734.02"},{"v":97734.01680640802,"d":"97,734.02"},{"v":97734.01680640802,"d":"97,734.02"},{"v":97734.01680640802,"d":"97,734.02"},{"v":97734.01680640802,"d":"97,734.02"},{"v":97734.01680640802,"d":"97,734.02"},{"v":97734.01680640802,"d":"97,734.02"},{"v":97734.01680640802,"d":"97,734.02"},{"v":97734.01680640802,"d":"97,734.02"},{"v":97734.01680640802,"d":"97,734.02"},{"v":97734.01680640802,"d":"97,734.02"},{"v":97734.01680640802,"d":"97,734.02"}]
[{"$nulls":3},"% sobre pessoal de operação","(%/mês)",{"$f":"+'2. COEFICIENTES'!$F$103","v":{"v":0.085,"d":"8.50%"}},{"$f":"+'2. COEFICIENTES'!G103","v":{"v":0.085,"d":"8.50%"}},{"$f":"+'2. COEFICIENTES'!H103","v":{"v":0.085,"d":"8.50%"}},{"$f":"+'2. COEFICIENTES'!I103","v":{"v":0.085,"d":"8.50%"}},{"$f":"+'2. COEFICIENTES'!J103","v":{"v":0.085,"d":"8.50%"}},{"$f":"+'2. COEFICIENTES'!K103","v":{"v":0.085,"d":"8.50%"}},{"$f":"+'2. COEFICIENTES'!L103","v":{"v":0.085,"d":"8.50%"}},{"$f":"+'2. COEFICIENTES'!M103","v":{"v":0.085,"d":"8.50%"}},{"$f":"+'2. COEFICIENTES'!N103","v":{"v":0.085,"d":"8.50%"}},{"$f":"+'2. COEFICIENTES'!O103","v":{"v":0.085,"d":"8.50%"}},{"$f":"+'2. COEFICIENTES'!P103","v":{"v":0.085,"d":"8.50%"}},{"$f":"+'2. COEFICIENTES'!Q103","v":{"v":0.085,"d":"8.50%"}},{"$f":"+'2. COEFICIENTES'!R103","v":{"v":0.085,"d":"8.50%"}},{"$f":"+'2. COEFICIENTES'!S103","v":{"v":0.085,"d":"8.50%"}},{"$f":"+'2. COEFICIENTES'!T103","v":{"v":0.085,"d":"8.50%"}}]
[{"$nulls":3},"TOTAL DE CUSTEIOS - ADMINISTAÇÃO","(R$/mês)",{"$f":"+F58*F57","v":{"v":7167.0893485143615,"d":"7,167.09"}},{"v":8307.391428544683,"d":"8,307.39"},{"v":8307.391428544683,"d":"8,307.39"},{"v":8307.391428544683,"d":"8,307.39"},{"v":8307.391428544683,"d":"8,307.39"},{"v":8307.391428544683,"d":"8,307.39"},{"v":8307.391428544683,"d":"8,307.39"},{"v":8307.391428544683,"d":"8,307.39"},{"v":8307.391428544683,"d":"8,307.39"},{"v":8307.391428544683,"d":"8,307.39"},{"v":8307.391428544683,"d":"8,307.39"},{"v":8307.391428544683,"d":"8,307.39"},{"v":8307.391428544683,"d":"8,307.39"},{"v":8307.391428544683,"d":"8,307.39"},{"v":8307.391428544683,"d":"8,307.39"}]
[{"$nulls":3},"TOTAL DE CUSTEIOS - ADMINISTAÇÃO","(R$/mês)",{"$f":"+F59*12","v":{"v":86005.07218217234,"d":"86,005.07"}},{"v":99688.6971425362,"d":"99,688.70"},{"v":99688.6971425362,"d":"99,688.70"},{"v":99688.6971425362,"d":"99,688.70"},{"v":99688.6971425362,"d":"99,688.70"},{"v":99688.6971425362,"d":"99,688.70"},{"v":99688.6971425362,"d":"99,688.70"},{"v":99688.6971425362,"d":"99,688.70"},{"v":99688.6971425362,"d":"99,688.70"},{"v":99688.6971425362,"d":"99,688.70"},{"v":99688.6971425362,"d":"99,688.70"},{"v":99688.6971425362,"d":"99,688.70"},{"v":99688.6971425362,"d":"99,688.70"},{"v":99688.6971425362,"d":"99,688.70"},{"v":99688.6971425362,"d":"99,688.70"}]
[]
[]
[null,null,{"$f":"+MENU!$C$80","v":"5.4. - CÁLCULO DOS CUSTEIOS COM BENEFÍCIOS"}]
[]
[null,null,"CUSTEIOS DE BENEFÍCIOS",null,"Un.",1,{"$f":"+F65+1","v":2},3,4,5,6,7,8,9,10,11,12,13,14,15]
[{"$nulls":3},{"$f":"\"FROTA OPERACIONAL\"","v":"FROTA OPERACIONAL"},"(Veíc. Op/mês)",{"$f":"+'1. DADOS OPERACIONAIS'!F15","v":12},{"$f":"+'1. DADOS OPERACIONAIS'!G15","v":12},{"$f":"+'1. DADOS OPERACIONAIS'!H15","v":12},{"$f":"+'1. DADOS OPERACIONAIS'!I15","v":12},{"$f":"+'1. DADOS OPERACIONAIS'!J15","v":12},{"$f":"+'1. DADOS OPERACIONAIS'!K15","v":12},{"$f":"+'1. DADOS OPERACIONAIS'!L15","v":12},{"$f":"+'1. DADOS OPERACIONAIS'!M15","v":12},{"$f":"+'1. DADOS OPERACIONAIS'!N15","v":12},{"$f":"+'1. DADOS OPERACIONAIS'!O15","v":12},{"$f":"+'1. DADOS OPERACIONAIS'!P15","v":12},{"$f":"+'1. DADOS OPERACIONAIS'!Q15","v":12},{"$f":"+'1. DADOS OPERACIONAIS'!R15","v":12},{"$f":"+'1. DADOS OPERACIONAIS'!S15","v":12},{"$f":"+'1. DADOS OPERACIONAIS'!T15","v":12}]
[{"$nulls":3},"FATOR DE UTILIZAÇÃO MOTORISTA","(Func./Veíc. Op.)",{"$f":"+'2. COEFICIENTES'!F89","v":2.21},{"$f":"+'2. COEFICIENTES'!G89","v":2.21},{"$f":"+'2. COEFICIENTES'!H89","v":2.21},{"$f":"+'2. COEFICIENTES'!I89","v":2.21},{"$f":"+'2. COEFICIENTES'!J89","v":2.21},{"$f":"+'2. COEFICIENTES'!K89","v":2.21},{"$f":"+'2. COEFICIENTES'!L89","v":2.21},{"$f":"+'2. COEFICIENTES'!M89","v":2.21},{"$f":"+'2. COEFICIENTES'!N89","v":2.21},{"$f":"+'2. COEFICIENTES'!O89","v":2.21},{"$f":"+'2. COEFICIENTES'!P89","v":2.21},{"$f":"+'2. COEFICIENTES'!Q89","v":2.21},{"$f":"+'2. COEFICIENTES'!R89","v":2.21},{"$f":"+'2. COEFICIENTES'!S89","v":2.21},{"$f":"+'2. COEFICIENTES'!T89","v":2.21}]
[{"$nulls":3},"FATOR DE UTILIZAÇÃO FISCALIZAÇÃO",{"$f":"E67","v":"(Func./Veíc. Op.)"},{"$f":"+'2. COEFICIENTES'!F90","v":{"v":0.2,"d":"0.20"}},{"$f":"+'2. COEFICIENTES'!G90","v":{"v":0.2,"d":"0.20"}},{"$f":"+'2. COEFICIENTES'!H90","v":{"v":0.2,"d":"0.20"}},{"$f":"+'2. COEFICIENTES'!I90","v":{"v":0.2,"d":"0.20"}},{"$f":"+'2. COEFICIENTES'!J90","v":{"v":0.2,"d":"0.20"}},{"$f":"+'2. COEFICIENTES'!K90","v":{"v":0.2,"d":"0.20"}},{"$f":"+'2. COEFICIENTES'!L90","v":{"v":0.2,"d":"0.20"}},{"$f":"+'2. COEFICIENTES'!M90","v":{"v":0.2,"d":"0.20"}},{"$f":"+'2. COEFICIENTES'!N90","v":{"v":0.2,"d":"0.20"}},{"$f":"+'2. COEFICIENTES'!O90","v":{"v":0.2,"d":"0.20"}},{"$f":"+'2. COEFICIENTES'!P90","v":{"v":0.2,"d":"0.20"}},{"$f":"+'2. COEFICIENTES'!Q90","v":{"v":0.2,"d":"0.20"}},{"$f":"+'2. COEFICIENTES'!R90","v":{"v":0.2,"d":"0.20"}},{"$f":"+'2. COEFICIENTES'!S90","v":{"v":0.2,"d":"0.20"}},{"$f":"+'2. COEFICIENTES'!T90","v":{"v":0.2,"d":"0.20"}}]
[{"$nulls":3},"FATOR DE UTILIZAÇÃO COBRADOR",{"$f":"E68","v":"(Func./Veíc. Op.)"},{"$f":"+'2. COEFICIENTES'!F91","v":{"v":0.2,"d":"0.20"}},{"$f":"+'2. COEFICIENTES'!G91","v":{"v":0.2,"d":"0.20"}},{"$f":"+'2. COEFICIENTES'!H91","v":{"v":0.2,"d":"0.20"}},{"$f":"+'2. COEFICIENTES'!I91","v":{"v":0.2,"d":"0.20"}},{"$f":"+'2. COEFICIENTES'!J91","v":{"v":0.2,"d":"0.20"}},{"$f":"+'2. COEFICIENTES'!K91","v":{"v":0.2,"d":"0.20"}},{"$f":"+'2. COEFICIENTES'!L91","v":{"v":0.2,"d":"0.20"}},{"$f":"+'2. COEFICIENTES'!M91","v":{"v":0.2,"d":"0.20"}},{"$f":"+'2. COEFICIENTES'!N91","v":{"v":0.2,"d":"0.20"}},{"$f":"+'2. COEFICIENTES'!O91","v":{"v":0.2,"d":"0.20"}},{"$f":"+'2. COEFICIENTES'!P91","v":{"v":0.2,"d":"0.20"}},{"$f":"+'2. COEFICIENTES'!Q91","v":{"v":0.2,"d":"0.20"}},{"$f":"+'2. COEFICIENTES'!R91","v":{"v":0.2,"d":"0.20"}},{"$f":"+'2. COEFICIENTES'!S91","v":{"v":0.2,"d":"0.20"}},{"$f":"+'2. COEFICIENTES'!T91","v":{"v":0.2,"d":"0.20"}}]
[{"$nulls":3},"% PESSOAL DE MANUTENÇÃO","(%/P. Op.)",{"$f":"+'2. COEFICIENTES'!F97","v":{"v":0.125,"d":"12.50%"}},{"$f":"+'2. COEFICIENTES'!G97","v":{"v":0.125,"d":"12.50%"}},{"$f":"+'2. COEFICIENTES'!H97","v":{"v":0.125,"d":"12.50%"}},{"$f":"+'2. COEFICIENTES'!I97","v":{"v":0.125,"d":"12.50%"}},{"$f":"+'2. COEFICIENTES'!J97","v":{"v":0.125,"d":"12.50%"}},{"$f":"+'2. COEFICIENTES'!K97","v":{"v":0.125,"d":"12.50%"}},{"$f":"+'2. COEFICIENTES'!L97","v":{"v":0.125,"d":"12.50%"}},{"$f":"+'2. COEFICIENTES'!M97","v":{"v":0.125,"d":"12.50%"}},{"$f":"+'2. COEFICIENTES'!N97","v":{"v":0.125,"d":"12.50%"}},{"$f":"+'2. COEFICIENTES'!O97","v":{"v":0.125,"d":"12.50%"}},{"$f":"+'2. COEFICIENTES'!P97","v":{"v":0.125,"d":"12.50%"}},{"$f":"+'2. COEFICIENTES'!Q97","v":{"v":0.125,"d":"12.50%"}},{"$f":"+'2. COEFICIENTES'!R97","v":{"v":0.125,"d":"12.50%"}},{"$f":"+'2. COEFICIENTES'!S97","v":{"v":0.125,"d":"12.50%"}},{"$f":"+'2. COEFICIENTES'!T97","v":{"v":0.125,"d":"12.50%"}}]
[{"$nulls":3},"% PESSOAL DE ADMINISTRATIVO",{"$f":"E70","v":"(%/P. Op.)"},{"$f":"+'2. COEFICIENTES'!F103","v":{"v":0.085,"d":"8.50%"}},{"$f":"+'2. COEFICIENTES'!G103","v":{"v":0.085,"d":"8.50%"}},{"$f":"+'2. COEFICIENTES'!H103","v":{"v":0.085,"d":"8.50%"}},{"$f":"+'2. COEFICIENTES'!I103","v":{"v":0.085,"d":"8.50%"}},{"$f":"+'2. COEFICIENTES'!J103","v":{"v":0.085,"d":"8.50%"}},{"$f":"+'2. COEFICIENTES'!K103","v":{"v":0.085,"d":"8.50%"}},{"$f":"+'2. COEFICIENTES'!L103","v":{"v":0.085,"d":"8.50%"}},{"$f":"+'2. COEFICIENTES'!M103","v":{"v":0.085,"d":"8.50%"}},{"$f":"+'2. COEFICIENTES'!N103","v":{"v":0.085,"d":"8.50%"}},{"$f":"+'2. COEFICIENTES'!O103","v":{"v":0.085,"d":"8.50%"}},{"$f":"+'2. COEFICIENTES'!P103","v":{"v":0.085,"d":"8.50%"}},{"$f":"+'2. COEFICIENTES'!Q103","v":{"v":0.085,"d":"8.50%"}},{"$f":"+'2. COEFICIENTES'!R103","v":{"v":0.085,"d":"8.50%"}},{"$f":"+'2. COEFICIENTES'!S103","v":{"v":0.085,"d":"8.50%"}},{"$f":"+'2. COEFICIENTES'!T103","v":{"v":0.085,"d":"8.50%"}}]
[{"$nulls":3},"TOTAL FUNCIONÁRIOS","(Func./Mês)",{"$f":"ROUND(((F67+F68+F69)+(SUM(F67:F69)*SUM(F70:F71)))*F66,0)","v":38},{"$f":"ROUND(((G67+G68+G69)+(SUM(G67:G69)*SUM(G70:G71)))*G66,0)","v":38},38,38,38,38,38,38,38,38,38,38,38,38,38]
[{"$nulls":3},"Cesta Básica","(R$/Func./Mês)",{"$f":"F$72*'2. COEFICIENTES'!F109*'3. PREÇOS INSUMOS'!G185","v":{"v":5703.42,"d":"5,703.42"}},{"$f":"G$72*'2. COEFICIENTES'!G109*'3. PREÇOS INSUMOS'!H185","v":{"v":5703.42,"d":"5,703.42"}},{"$f":"H$72*'2. COEFICIENTES'!H109*'3. PREÇOS INSUMOS'!I185","v":{"v":5703.42,"d":"5,703.42"}},{"$f":"I$72*'2. COEFICIENTES'!I109*'3. PREÇOS INSUMOS'!J185","v":{"v":5703.42,"d":"5,703.42"}},{"$f":"J$72*'2. COEFICIENTES'!J109*'3. PREÇOS INSUMOS'!K185","v":{"v":5703.42,"d":"5,703.42"}},{"$f":"K$72*'2. COEFICIENTES'!K109*'3. PREÇOS INSUMOS'!L185","v":{"v":5703.42,"d":"5,703.42"}},{"$f":"L$72*'2. COEFICIENTES'!L109*'3. PREÇOS INSUMOS'!M185","v":{"v":5703.42,"d":"5,703.42"}},{"$f":"M$72*'2. COEFICIENTES'!M109*'3. PREÇOS INSUMOS'!N185","v":{"v":5703.42,"d":"5,703.42"}},{"$f":"N$72*'2. COEFICIENTES'!N109*'3. PREÇOS INSUMOS'!O185","v":{"v":5703.42,"d":"5,703.42"}},{"$f":"O$72*'2. COEFICIENTES'!O109*'3. PREÇOS INSUMOS'!P185","v":{"v":5703.42,"d":"5,703.42"}},{"$f":"P$72*'2. COEFICIENTES'!P109*'3. PREÇOS INSUMOS'!Q185","v":{"v":5703.42,"d":"5,703.42"}},{"$f":"Q$72*'2. COEFICIENTES'!Q109*'3. PREÇOS INSUMOS'!R185","v":{"v":5703.42,"d":"5,703.42"}},{"$f":"R$72*'2. COEFICIENTES'!R109*'3. PREÇOS INSUMOS'!S185","v":{"v":5703.42,"d":"5,703.42"}},{"$f":"S$72*'2. COEFICIENTES'!S109*'3. PREÇOS INSUMOS'!T185","v":{"v":5703.42,"d":"5,703.42"}},{"$f":"T$72*'2. COEFICIENTES'!T109*'3. PREÇOS INSUMOS'!U185","v":{"v":5703.42,"d":"5,703.42"}}]
[{"$nulls":3},"Vale Refeição",{"$f":"+E73","v":"(R$/Func./Mês)"},{"$f":"F$72*'2. COEFICIENTES'!F110*'3. PREÇOS INSUMOS'!G186","v":{"v":9279.144,"d":"9,279.14"}},{"$f":"G$72*'2. COEFICIENTES'!G110*'3. PREÇOS INSUMOS'!H186","v":{"v":9279.144,"d":"9,279.14"}},{"$f":"H$72*'2. COEFICIENTES'!H110*'3. PREÇOS INSUMOS'!I186","v":{"v":9279.144,"d":"9,279.14"}},{"$f":"I$72*'2. COEFICIENTES'!I110*'3. PREÇOS INSUMOS'!J186","v":{"v":9279.144,"d":"9,279.14"}},{"$f":"J$72*'2. COEFICIENTES'!J110*'3. PREÇOS INSUMOS'!K186","v":{"v":9279.144,"d":"9,279.14"}},{"$f":"K$72*'2. COEFICIENTES'!K110*'3. PREÇOS INSUMOS'!L186","v":{"v":9279.144,"d":"9,279.14"}},{"$f":"L$72*'2. COEFICIENTES'!L110*'3. PREÇOS INSUMOS'!M186","v":{"v":9279.144,"d":"9,279.14"}},{"$f":"M$72*'2. COEFICIENTES'!M110*'3. PREÇOS INSUMOS'!N186","v":{"v":9279.144,"d":"9,279.14"}},{"$f":"N$72*'2. COEFICIENTES'!N110*'3. PREÇOS INSUMOS'!O186","v":{"v":9279.144,"d":"9,279.14"}},{"$f":"O$72*'2. COEFICIENTES'!O110*'3. PREÇOS INSUMOS'!P186","v":{"v":9279.144,"d":"9,279.14"}},{"$f":"P$72*'2. COEFICIENTES'!P110*'3. PREÇOS INSUMOS'!Q186","v":{"v":9279.144,"d":"9,279.14"}},{"$f":"Q$72*'2. COEFICIENTES'!Q110*'3. PREÇOS INSUMOS'!R186","v":{"v":9279.144,"d":"9,279.14"}},{"$f":"R$72*'2. COEFICIENTES'!R110*'3. PREÇOS INSUMOS'!S186","v":{"v":9279.144,"d":"9,279.14"}},{"$f":"S$72*'2. COEFICIENTES'!S110*'3. PREÇOS INSUMOS'!T186","v":{"v":9279.144,"d":"9,279.14"}},{"$f":"T$72*'2. COEFICIENTES'!T110*'3. PREÇOS INSUMOS'!U186","v":{"v":9279.144,"d":"9,279.14"}}]
[{"$nulls":3},"Convenio Médico",{"$f":"+E74","v":"(R$/Func./Mês)"},{"$f":"F$72*'2. COEFICIENTES'!F111*'3. PREÇOS INSUMOS'!G187","v":{"v":0,"d":"0.00"}},{"$f":"G$72*'2. COEFICIENTES'!G111*'3. PREÇOS INSUMOS'!H187","v":{"v":0,"d":"0.00"}},{"$f":"H$72*'2. COEFICIENTES'!H111*'3. PREÇOS INSUMOS'!I187","v":{"v":0,"d":"0.00"}},{"$f":"I$72*'2. COEFICIENTES'!I111*'3. PREÇOS INSUMOS'!J187","v":{"v":0,"d":"0.00"}},{"$f":"J$72*'2. COEFICIENTES'!J111*'3. PREÇOS INSUMOS'!K187","v":{"v":0,"d":"0.00"}},{"$f":"K$72*'2. COEFICIENTES'!K111*'3. PREÇOS INSUMOS'!L187","v":{"v":0,"d":"0.00"}},{"$f":"L$72*'2. COEFICIENTES'!L111*'3. PREÇOS INSUMOS'!M187","v":{"v":0,"d":"0.00"}},{"$f":"M$72*'2. COEFICIENTES'!M111*'3. PREÇOS INSUMOS'!N187","v":{"v":0,"d":"0.00"}},{"$f":"N$72*'2. COEFICIENTES'!N111*'3. PREÇOS INSUMOS'!O187","v":{"v":0,"d":"0.00"}},{"$f":"O$72*'2. COEFICIENTES'!O111*'3. PREÇOS INSUMOS'!P187","v":{"v":0,"d":"0.00"}},{"$f":"P$72*'2. COEFICIENTES'!P111*'3. PREÇOS INSUMOS'!Q187","v":{"v":0,"d":"0.00"}},{"$f":"Q$72*'2. COEFICIENTES'!Q111*'3. PREÇOS INSUMOS'!R187","v":{"v":0,"d":"0.00"}},{"$f":"R$72*'2. COEFICIENTES'!R111*'3. PREÇOS INSUMOS'!S187","v":{"v":0,"d":"0.00"}},{"$f":"S$72*'2. COEFICIENTES'!S111*'3. PREÇOS INSUMOS'!T187","v":{"v":0,"d":"0.00"}},{"$f":"T$72*'2. COEFICIENTES'!T111*'3. PREÇOS INSUMOS'!U187","v":{"v":0,"d":"0.00"}}]
[{"$nulls":3},"Participação nos Lucros e Resultados",{"$f":"+E75","v":"(R$/Func./Mês)"},{"$f":"F$72*'2. COEFICIENTES'!F112*'3. PREÇOS INSUMOS'!G188","v":{"v":0,"d":"0.00"}},{"$f":"G$72*'2. COEFICIENTES'!G112*'3. PREÇOS INSUMOS'!H188","v":{"v":0,"d":"0.00"}},{"$f":"H$72*'2. COEFICIENTES'!H112*'3. PREÇOS INSUMOS'!I188","v":{"v":0,"d":"0.00"}},{"$f":"I$72*'2. COEFICIENTES'!I112*'3. PREÇOS INSUMOS'!J188","v":{"v":0,"d":"0.00"}},{"$f":"J$72*'2. COEFICIENTES'!J112*'3. PREÇOS INSUMOS'!K188","v":{"v":0,"d":"0.00"}},{"$f":"K$72*'2. COEFICIENTES'!K112*'3. PREÇOS INSUMOS'!L188","v":{"v":0,"d":"0.00"}},{"$f":"L$72*'2. COEFICIENTES'!L112*'3. PREÇOS INSUMOS'!M188","v":{"v":0,"d":"0.00"}},{"$f":"M$72*'2. COEFICIENTES'!M112*'3. PREÇOS INSUMOS'!N188","v":{"v":0,"d":"0.00"}},{"$f":"N$72*'2. COEFICIENTES'!N112*'3. PREÇOS INSUMOS'!O188","v":{"v":0,"d":"0.00"}},{"$f":"O$72*'2. COEFICIENTES'!O112*'3. PREÇOS INSUMOS'!P188","v":{"v":0,"d":"0.00"}},{"$f":"P$72*'2. COEFICIENTES'!P112*'3. PREÇOS INSUMOS'!Q188","v":{"v":0,"d":"0.00"}},{"$f":"Q$72*'2. COEFICIENTES'!Q112*'3. PREÇOS INSUMOS'!R188","v":{"v":0,"d":"0.00"}},{"$f":"R$72*'2. COEFICIENTES'!R112*'3. PREÇOS INSUMOS'!S188","v":{"v":0,"d":"0.00"}},{"$f":"S$72*'2. COEFICIENTES'!S112*'3. PREÇOS INSUMOS'!T188","v":{"v":0,"d":"0.00"}},{"$f":"T$72*'2. COEFICIENTES'!T112*'3. PREÇOS INSUMOS'!U188","v":{"v":0,"d":"0.00"}}]
[{"$nulls":3},"Cafe da Manhã (1/3)",{"$f":"+E76","v":"(R$/Func./Mês)"},{"$f":"(F$72*'2. COEFICIENTES'!F113*'3. PREÇOS INSUMOS'!G189)/3","v":{"v":0,"d":"0.00"}},{"$f":"(G$72*'2. COEFICIENTES'!G113*'3. PREÇOS INSUMOS'!H189)/3","v":{"v":0,"d":"0.00"}},{"$f":"(H$72*'2. COEFICIENTES'!H113*'3. PREÇOS INSUMOS'!I189)/3","v":{"v":0,"d":"0.00"}},{"$f":"(I$72*'2. COEFICIENTES'!I113*'3. PREÇOS INSUMOS'!J189)/3","v":{"v":0,"d":"0.00"}},{"$f":"(J$72*'2. COEFICIENTES'!J113*'3. PREÇOS INSUMOS'!K189)/3","v":{"v":0,"d":"0.00"}},{"$f":"(K$72*'2. COEFICIENTES'!K113*'3. PREÇOS INSUMOS'!L189)/3","v":{"v":0,"d":"0.00"}},{"$f":"(L$72*'2. COEFICIENTES'!L113*'3. PREÇOS INSUMOS'!M189)/3","v":{"v":0,"d":"0.00"}},{"$f":"(M$72*'2. COEFICIENTES'!M113*'3. PREÇOS INSUMOS'!N189)/3","v":{"v":0,"d":"0.00"}},{"$f":"(N$72*'2. COEFICIENTES'!N113*'3. PREÇOS INSUMOS'!O189)/3","v":{"v":0,"d":"0.00"}},{"$f":"(O$72*'2. COEFICIENTES'!O113*'3. PREÇOS INSUMOS'!P189)/3","v":{"v":0,"d":"0.00"}},{"$f":"(P$72*'2. COEFICIENTES'!P113*'3. PREÇOS INSUMOS'!Q189)/3","v":{"v":0,"d":"0.00"}},{"$f":"(Q$72*'2. COEFICIENTES'!Q113*'3. PREÇOS INSUMOS'!R189)/3","v":{"v":0,"d":"0.00"}},{"$f":"(R$72*'2. COEFICIENTES'!R113*'3. PREÇOS INSUMOS'!S189)/3","v":{"v":0,"d":"0.00"}},{"$f":"(S$72*'2. COEFICIENTES'!S113*'3. PREÇOS INSUMOS'!T189)/3","v":{"v":0,"d":"0.00"}},{"$f":"(T$72*'2. COEFICIENTES'!T113*'3. PREÇOS INSUMOS'!U189)/3","v":{"v":0,"d":"0.00"}}]
[{"$nulls":3},"TOTAL DE CUSTEIOS - BENEFÍCIOS","(R$/mês)",{"$f":"SUM(F73:F77)","v":{"v":14982.564,"d":"14,982.56"}},{"$f":"SUM(G73:G77)","v":{"v":14982.564,"d":"14,982.56"}},{"v":14982.564,"d":"14,982.56"},{"v":14982.564,"d":"14,982.56"},{"v":14982.564,"d":"14,982.56"},{"v":14982.564,"d":"14,982.56"},{"v":14982.564,"d":"14,982.56"},{"v":14982.564,"d":"14,982.56"},{"v":14982.564,"d":"14,982.56"},{"v":14982.564,"d":"14,982.56"},{"v":14982.564,"d":"14,982.56"},{"v":14982.564,"d":"14,982.56"},{"v":14982.564,"d":"14,982.56"},{"v":14982.564,"d":"14,982.56"},{"v":14982.564,"d":"14,982.56"}]
[{"$nulls":3},"TOTAL DE CUSTEIOS - BENEFÍCIOS","(R$/ANUAL)",{"$f":"+F78*12","v":{"v":179790.768,"d":"179,790.77"}},{"v":179790.768,"d":"179,790.77"},{"v":179790.768,"d":"179,790.77"},{"v":179790.768,"d":"179,790.77"},{"v":179790.768,"d":"179,790.77"},{"v":179790.768,"d":"179,790.77"},{"v":179790.768,"d":"179,790.77"},{"v":179790.768,"d":"179,790.77"},{"v":179790.768,"d":"179,790.77"},{"v":179790.768,"d":"179,790.77"},{"v":179790.768,"d":"179,790.77"},{"v":179790.768,"d":"179,790.77"},{"v":179790.768,"d":"179,790.77"},{"v":179790.768,"d":"179,790.77"},{"v":179790.768,"d":"179,790.77"}]
[]
[]
[null,null,{"$f":"+MENU!$C$81","v":"5.5. - RESUMO DA TOTALIZAÇÃO DOS CUSTOS FIXOS (PESSOAL)"}]
[]
[null,null,"CUSTOS FIXOS (PESSOAL)",null,"Un.",1,{"$f":"+F84+1","v":2},3,4,5,6,7,8,9,10,11,12,13,14,15]
[{"$nulls":3},"Custeios com Motoristas","(R$/mês)",{"$f":"+F18","v":{"v":72654.308046216,"d":"72,654.31"}},{"$f":"+G18","v":{"v":84213.79259560801,"d":"84,213.79"}},{"v":84213.79259560801,"d":"84,213.79"},{"v":84213.79259560801,"d":"84,213.79"},{"v":84213.79259560801,"d":"84,213.79"},{"v":84213.79259560801,"d":"84,213.79"},{"v":84213.79259560801,"d":"84,213.79"},{"v":84213.79259560801,"d":"84,213.79"},{"v":84213.79259560801,"d":"84,213.79"},{"v":84213.79259560801,"d":"84,213.79"},{"v":84213.79259560801,"d":"84,213.79"},{"v":84213.79259560801,"d":"84,213.79"},{"v":84213.79259560801,"d":"84,213.79"},{"v":84213.79259560801,"d":"84,213.79"},{"v":84213.79259560801,"d":"84,213.79"}]
[{"$nulls":3},"Custeios com Fiscalização",{"$f":"+E85","v":"(R$/mês)"},{"$f":"+F28","v":{"v":7552.337708880001,"d":"7,552.34"}},{"$f":"+G28","v":{"v":8753.933779440002,"d":"8,753.93"}},{"v":8753.933779440002,"d":"8,753.93"},{"v":8753.933779440002,"d":"8,753.93"},{"v":8753.933779440002,"d":"8,753.93"},{"v":8753.933779440002,"d":"8,753.93"},{"v":8753.933779440002,"d":"8,753.93"},{"v":8753.933779440002,"d":"8,753.93"},{"v":8753.933779440002,"d":"8,753.93"},{"v":8753.933779440002,"d":"8,753.93"},{"v":8753.933779440002,"d":"8,753.93"},{"v":8753.933779440002,"d":"8,753.93"},{"v":8753.933779440002,"d":"8,753.93"},{"v":8753.933779440002,"d":"8,753.93"},{"v":8753.933779440002,"d":"8,753.93"}]
[{"$nulls":3},"Custeios com Cobrador",{"$f":"+E86","v":"(R$/mês)"},{"$f":"+F38","v":{"v":4112.052462720001,"d":"4,112.05"}},{"$f":"+G38","v":{"v":4766.290431360001,"d":"4,766.29"}},{"v":4766.290431360001,"d":"4,766.29"},{"v":4766.290431360001,"d":"4,766.29"},{"v":4766.290431360001,"d":"4,766.29"},{"v":4766.290431360001,"d":"4,766.29"},{"v":4766.290431360001,"d":"4,766.29"},{"v":4766.290431360001,"d":"4,766.29"},{"v":4766.290431360001,"d":"4,766.29"},{"v":4766.290431360001,"d":"4,766.29"},{"v":4766.290431360001,"d":"4,766.29"},{"v":4766.290431360001,"d":"4,766.29"},{"v":4766.290431360001,"d":"4,766.29"},{"v":4766.290431360001,"d":"4,766.29"},{"v":4766.290431360001,"d":"4,766.29"}]
[{"$nulls":3},"Custeios com P. Manutenção",{"$f":"+E87","v":"(R$/mês)"},{"$f":"+F50","v":{"v":10539.837277227001,"d":"10,539.84"}},{"$f":"+G50","v":{"v":12216.752100801003,"d":"12,216.75"}},{"v":12216.752100801003,"d":"12,216.75"},{"v":12216.752100801003,"d":"12,216.75"},{"v":12216.752100801003,"d":"12,216.75"},{"v":12216.752100801003,"d":"12,216.75"},{"v":12216.752100801003,"d":"12,216.75"},{"v":12216.752100801003,"d":"12,216.75"},{"v":12216.752100801003,"d":"12,216.75"},{"v":12216.752100801003,"d":"12,216.75"},{"v":12216.752100801003,"d":"12,216.75"},{"v":12216.752100801003,"d":"12,216.75"},{"v":12216.752100801003,"d":"12,216.75"},{"v":12216.752100801003,"d":"12,216.75"},{"v":12216.752100801003,"d":"12,216.75"}]
[{"$nulls":3},"Custeios com P. Administrativo",{"$f":"+E88","v":"(R$/mês)"},{"$f":"+F59","v":{"v":7167.0893485143615,"d":"7,167.09"}},{"$f":"+G59","v":{"v":8307.391428544683,"d":"8,307.39"}},{"v":8307.391428544683,"d":"8,307.39"},{"v":8307.391428544683,"d":"8,307.39"},{"v":8307.391428544683,"d":"8,307.39"},{"v":8307.391428544683,"d":"8,307.39"},{"v":8307.391428544683,"d":"8,307.39"},{"v":8307.391428544683,"d":"8,307.39"},{"v":8307.391428544683,"d":"8,307.39"},{"v":8307.391428544683,"d":"8,307.39"},{"v":8307.391428544683,"d":"8,307.39"},{"v":8307.391428544683,"d":"8,307.39"},{"v":8307.391428544683,"d":"8,307.39"},{"v":8307.391428544683,"d":"8,307.39"},{"v":8307.391428544683,"d":"8,307.39"}]
[{"$nulls":3},"Custeios com Benefícios","(R$/mês)",{"$f":"+F78","v":{"v":14982.564,"d":"14,982.56"}},{"$f":"+G78","v":{"v":14982.564,"d":"14,982.56"}},{"v":14982.564,"d":"14,982.56"},{"v":14982.564,"d":"14,982.56"},{"v":14982.564,"d":"14,982.56"},{"v":14982.564,"d":"14,982.56"},{"v":14982.564,"d":"14,982.56"},{"v":14982.564,"d":"14,982.56"},{"v":14982.564,"d":"14,982.56"},{"v":14982.564,"d":"14,982.56"},{"v":14982.564,"d":"14,982.56"},{"v":14982.564,"d":"14,982.56"},{"v":14982.564,"d":"14,982.56"},{"v":14982.564,"d":"14,982.56"},{"v":14982.564,"d":"14,982.56"}]
[{"$nulls":3},"total de Custos Fixos (Pessoal)","(R$/mês)",{"$f":"SUM(F85:F90)","v":{"v":117008.18884355736,"d":"117,008.19"}},{"$f":"SUM(G85:G90)","v":{"v":133240.7243357537,"d":"133,240.72"}},{"v":133240.7243357537,"d":"133,240.72"},{"v":133240.7243357537,"d":"133,240.72"},{"v":133240.7243357537,"d":"133,240.72"},{"v":133240.7243357537,"d":"133,240.72"},{"v":133240.7243357537,"d":"133,240.72"},{"v":133240.7243357537,"d":"133,240.72"},{"v":133240.7243357537,"d":"133,240.72"},{"v":133240.7243357537,"d":"133,240.72"},{"v":133240.7243357537,"d":"133,240.72"},{"v":133240.7243357537,"d":"133,240.72"},{"v":133240.7243357537,"d":"133,240.72"},{"v":133240.7243357537,"d":"133,240.72"},{"$f":"SUM(T85:T90)","v":{"v":133240.7243357537,"d":"133,240.72"}}]
[{"$nulls":3},"total de Custos Fixos (Pessoal)","(R$/ANUAL)",{"$f":"+F91*12","v":{"v":1404098.2661226883,"d":"1,404,098.27"}},{"$f":"+G91*12","v":{"v":1598888.6920290445,"d":"1,598,888.69"}},{"$f":"+H91*12","v":{"v":1598888.6920290445,"d":"1,598,888.69"}},{"v":1598888.6920290445,"d":"1,598,888.69"},{"v":1598888.6920290445,"d":"1,598,888.69"},{"v":1598888.6920290445,"d":"1,598,888.69"},{"v":1598888.6920290445,"d":"1,598,888.69"},{"v":1598888.6920290445,"d":"1,598,888.69"},{"v":1598888.6920290445,"d":"1,598,888.69"},{"v":1598888.6920290445,"d":"1,598,888.69"},{"v":1598888.6920290445,"d":"1,598,888.69"},{"v":1598888.6920290445,"d":"1,598,888.69"},{"v":1598888.6920290445,"d":"1,598,888.69"},{"v":1598888.6920290445,"d":"1,598,888.69"},{"$f":"+T91*12","v":{"v":1598888.6920290445,"d":"1,598,888.69"}}]

{"sheet":"6. CUSTOS ADMINISTRATIVOS","index":7,"n_rows":97,"n_cols":21,"rows_kept":97,"merged":[[12,2,12,3],[12,4,12,5],[13,4,13,5],[14,4,14,5],[15,4,15,5],[16,4,16,5],[17,4,17,5],[18,4,18,5],[19,4,19,5],[20,4,20,5],[24,2,24,3],[24,4,24,5],[25,4,25,5],[26,4,26,5],[27,4,27,5],[28,4,28,5],[29,4,29,5],[30,4,30,5],[31,4,31,5],[32,4,32,5],[37,2,37,3],[37,4,37,5],[38,4,38,5],[39,4,39,5],[40,4,40,5],[41,4,41,5],[42,4,42,5],[47,2,47,3],[47,4,47,5],[48,4,48,5],[49,4,49,5],[50,4,50,5],[51,4,51,5],[56,2,56,3],[56,4,56,5],[57,4,57,5],[58,4,58,5],[59,4,59,5],[60,4,60,5],[61,4,61,5],[62,4,62,5],[63,4,63,5],[64,4,64,5],[65,4,65,5],[70,2,70,3],[70,4,70,5],[71,4,71,5],[72,4,72,5],[73,4,73,5],[74,4,74,5],[79,2,79,3],[79,4,79,5],[80,4,80,5],[81,4,81,5],[82,4,82,5],[87,2,87,3]]}
[]
[{"$nulls":4},"SECRETARIA MUNICIPAL DE DESENVOLVIMENTO URBANO"]
[{"$nulls":4},{"$f":"MENU!$B$3&\"  -  \"&+MENU!$B$4","v":"CONCORRÊNCIA Nº 003/18  -  "}]
[{"$nulls":4},{"$f":"+MENU!$C$2","v":"ESTUDO TÉCNICO DE VIABILIDADE ECONÔMICA DA OPERAÇÃO DO SERVIÇO DE TRANSPORTE COLETIVO DA CIDADE DE AMPARO"}]
[{"$nulls":4},{"$f":"+MENU!$C$3","v":"ANEXO IV.1 - ESTUDO TÉCNICO DE VIABILIDADE ECONÔMICA - ORÇAMENTO ESTIMADO"},{"$nulls":15},{"$f":"+MENU!$C$5","v":"DATA BASE DE CÁLCULO: MARÇO 2020"}]
[]
[null,{"$f":"+MENU!$C$82","v":"6. - CÁLCULO DOS CUSTOS ADMINISTRATIVOS"}]
[]
[null,null,{"$f":"+MENU!$C$83","v":"6.1. - CÁLCULO DOS CUSTEIOS COM SEGUROS"}]
[]
[null,null,{"$f":"+MENU!$C$84","v":"6.1.1. - CÁLCULO DOS CUSTEIOS COM SEGURO OBRIGATÓRIO"}]
[]
[null,null,"SEGURO OBRIGATÓRIO",null,"Un.",null,1,{"$f":"+G13+1","v":2},3,4,5,6,7,8,9,10,11,12,13,14,15]
[1,null,null,{"$f":"\"FROTA TOTAL - \"&VLOOKUP(A14,TIPOLOGIA!$D$10:$E$12,2,0)","v":"FROTA TOTAL - MICROÔNIBUS"},"(Veíc./Mês)",null,{"$f":"+'1. DADOS OPERACIONAIS'!$F$20","v":4},{"$f":"+'1. DADOS OPERACIONAIS'!G20","v":4},{"$f":"+'1. DADOS OPERACIONAIS'!H20","v":4},{"$f":"+'1. DADOS OPERACIONAIS'!I20","v":4},{"$f":"+'1. DADOS OPERACIONAIS'!J20","v":4},{"$f":"+'1. DADOS OPERACIONAIS'!K20","v":4},{"$f":"+'1. DADOS OPERACIONAIS'!L20","v":4},{"$f":"+'1. DADOS OPERACIONAIS'!M20","v":4},{"$f":"+'1. DADOS OPERACIONAIS'!N20","v":4},{"$f":"+'1. DADOS OPERACIONAIS'!O20","v":4},{"$f":"+'1. DADOS OPERACIONAIS'!P20","v":4},{"$f":"+'1. DADOS OPERACIONAIS'!Q20","v":4},{"$f":"+'1. DADOS OPERACIONAIS'!R20","v":4},{"$f":"+'1. DADOS OPERACIONAIS'!S20","v":4},{"$f":"+'1. DADOS OPERACIONAIS'!T20","v":4}]
[2,null,null,{"$f":"\"FROTA TOTAL - \"&VLOOKUP(A15,TIPOLOGIA!$D$10:$E$12,2,0)","v":"FROTA TOTAL - CONVENCIONAL"},{"$f":"+E14","v":"(Veíc./Mês)"},null,{"$f":"+'1. DADOS OPERACIONAIS'!F21","v":10},{"$f":"+'1. DADOS OPERACIONAIS'!G21","v":10},{"$f":"+'1. DADOS OPERACIONAIS'!H21","v":10},{"$f":"+'1. DADOS OPERACIONAIS'!I21","v":10},{"$f":"+'1. DADOS OPERACIONAIS'!J21","v":10},{"$f":"+'1. DADOS OPERACIONAIS'!K21","v":10},{"$f":"+'1. DADOS OPERACIONAIS'!L21","v":10},{"$f":"+'1. DADOS OPERACIONAIS'!M21","v":10},{"$f":"+'1. DADOS OPERACIONAIS'!N21","v":10},{"$f":"+'1. DADOS OPERACIONAIS'!O21","v":10},{"$f":"+'1. DADOS OPERACIONAIS'!P21","v":10},{"$f":"+'1. DADOS OPERACIONAIS'!Q21","v":10},{"$f":"+'1. DADOS OPERACIONAIS'!R21","v":10},{"$f":"+'1. DADOS OPERACIONAIS'!S21","v":10},{"$f":"+'1. DADOS OPERACIONAIS'!T21","v":10}]
[3,null,null,{"$f":"\"FROTA TOTAL - \"&VLOOKUP(A16,TIPOLOGIA!$D$10:$E$12,2,0)","v":"FROTA TOTAL - -"},{"$f":"+E15","v":"(Veíc./Mês)"},null,{"$f":"+'1. DADOS OPERACIONAIS'!F22","v":0},{"$f":"+'1. DADOS OPERACIONAIS'!G22","v":0},{"$f":"+'1. DADOS OPERACIONAIS'!H22","v":0},{"$f":"+'1. DADOS OPERACIONAIS'!I22","v":0},{"$f":"+'1. DADOS OPERACIONAIS'!J22","v":0},{"$f":"+'1. DADOS OPERACIONAIS'!K22","v":0},{"$f":"+'1. DADOS OPERACIONAIS'!L22","v":0},{"$f":"+'1. DADOS OPERACIONAIS'!M22","v":0},{"$f":"+'1. DADOS OPERACIONAIS'!N22","v":0},{"$f":"+'1. DADOS OPERACIONAIS'!O22","v":0},{"$f":"+'1. DADOS OPERACIONAIS'!P22","v":0},{"$f":"+'1. DADOS OPERACIONAIS'!Q22","v":0},{"$f":"+'1. DADOS OPERACIONAIS'!R22","v":0},{"$f":"+'1. DADOS OPERACIONAIS'!S22","v":0},{"$f":"+'1. DADOS OPERACIONAIS'!T22","v":0}]
[{"$nulls":3},{"$f":"\"VALOR SEG. OBRIG. - \"&VLOOKUP(A14,TIPOLOGIA!$D$10:$E$12,2,0)","v":"VALOR SEG. OBRIG. - MICROÔNIBUS"},"(R$/Mês)",null,{"$f":"+'3. PREÇOS INSUMOS'!G160/12","v":{"v":8.714166666666666,"d":"8.71"}},{"$f":"+'3. PREÇOS INSUMOS'!H160/12","v":{"v":8.714166666666666,"d":"8.71"}},{"$f":"+'3. PREÇOS INSUMOS'!I160/12","v":{"v":8.714166666666666,"d":"8.71"}},{"$f":"+'3. PREÇOS INSUMOS'!J160/12","v":{"v":8.714166666666666,"d":"8.71"}},{"$f":"+'3. PREÇOS INSUMOS'!K160/12","v":{"v":8.714166666666666,"d":"8.71"}},{"$f":"+'3. PREÇOS INSUMOS'!L160/12","v":{"v":8.714166666666666,"d":"8.71"}},{"$f":"+'3. PREÇOS INSUMOS'!M160/12","v":{"v":8.714166666666666,"d":"8.71"}},{"$f":"+'3. PREÇOS INSUMOS'!N160/12","v":{"v":8.714166666666666,"d":"8.71"}},{"$f":"+'3. PREÇOS INSUMOS'!O160/12","v":{"v":8.714166666666666,"d":"8.71"}},{"$f":"+'3. PREÇOS INSUMOS'!P160/12","v":{"v":8.714166666666666,"d":"8.71"}},{"$f":"+'3. PREÇOS INSUMOS'!Q160/12","v":{"v":8.714166666666666,"d":"8.71"}},{"$f":"+'3. PREÇOS INSUMOS'!R160/12","v":{"v":8.714166666666666,"d":"8.71"}},{"$f":"+'3. PREÇOS INSUMOS'!S160/12","v":{"v":8.714166666666666,"d":"8.71"}},{"$f":"+'3. PREÇOS INSUMOS'!T160/12","v":{"v":8.714166666666666,"d":"8.71"}},{"$f":"+'3. PREÇOS INSUMOS'!U160/12","v":{"v":8.714166666666666,"d":"8.71"}}]
[{"$nulls":3},{"$f":"\"VALOR SEG. OBRIG. - \"&VLOOKUP(A15,TIPOLOGIA!$D$10:$E$12,2,0)","v":"VALOR SEG. OBRIG. - CONVENCIONAL"},"(R$/Mês)",null,{"$f":"+'3. PREÇOS INSUMOS'!G161/12","v":{"v":8.714166666666666,"d":"8.71"}},{"$f":"+'3. PREÇOS INSUMOS'!H161/12","v":{"v":8.714166666666666,"d":"8.71"}},{"$f":"+'3. PREÇOS INSUMOS'!I161/12","v":{"v":8.714166666666666,"d":"8.71"}},{"$f":"+'3. PREÇOS INSUMOS'!J161/12","v":{"v":8.714166666666666,"d":"8.71"}},{"$f":"+'3. PREÇOS INSUMOS'!K161/12","v":{"v":8.714166666666666,"d":"8.71"}},{"$f":"+'3. PREÇOS INSUMOS'!L161/12","v":{"v":8.714166666666666,"d":"8.71"}},{"$f":"+'3. PREÇOS INSUMOS'!M161/12","v":{"v":8.714166666666666,"d":"8.71"}},{"$f":"+'3. PREÇOS INSUMOS'!N161/12","v":{"v":8.714166666666666,"d":"8.71"}},{"$f":"+'3. PREÇOS INSUMOS'!O161/12","v":{"v":8.714166666666666,"d":"8.71"}},{"$f":"+'3. PREÇOS INSUMOS'!P161/12","v":{"v":8.714166666666666,"d":"8.71"}},{"$f":"+'3. PREÇOS INSUMOS'!Q161/12","v":{"v":8.714166666666666,"d":"8.71"}},{"$f":"+'3. PREÇOS INSUMOS'!R161/12","v":{"v":8.714166666666666,"d":"8.71"}},{"$f":"+'3. PREÇOS INSUMOS'!S161/12","v":{"v":8.714166666666666,"d":"8.71"}},{"$f":"+'3. PREÇOS INSUMOS'!T161/12","v":{"v":8.714166666666666,"d":"8.71"}},{"$f":"+'3. PREÇOS INSUMOS'!U161/12","v":{"v":8.714166666666666,"d":"8.71"}}]
[{"$nulls":3},{"$f":"\"VALOR SEG. OBRIG. - \"&VLOOKUP(A16,TIPOLOGIA!$D$10:$E$12,2,0)","v":"VALOR SEG. OBRIG. - -"},"(R$/Mês)",null,{"$f":"+'3. PREÇOS INSUMOS'!G162/12","v":{"v":0,"d":"0.00"}},{"$f":"+'3. PREÇOS INSUMOS'!H162/12","v":{"v":0,"d":"0.00"}},{"$f":"+'3. PREÇOS INSUMOS'!I162/12","v":{"v":0,"d":"0.00"}},{"$f":"+'3. PREÇOS INSUMOS'!J162/12","v":{"v":0,"d":"0.00"}},{"$f":"+'3. PREÇOS INSUMOS'!K162/12","v":{"v":0,"d":"0.00"}},{"$f":"+'3. PREÇOS INSUMOS'!L162/12","v":{"v":0,"d":"0.00"}},{"$f":"+'3. PREÇOS INSUMOS'!M162/12","v":{"v":0,"d":"0.00"}},{"$f":"+'3. PREÇOS INSUMOS'!N162/12","v":{"v":0,"d":"0.00"}},{"$f":"+'3. PREÇOS INSUMOS'!O162/12","v":{"v":0,"d":"0.00"}},{"$f":"+'3. PREÇOS INSUMOS'!P162/12","v":{"v":0,"d":"0.00"}},{"$f":"+'3. PREÇOS INSUMOS'!Q162/12","v":{"v":0,"d":"0.00"}},{"$f":"+'3. PREÇOS INSUMOS'!R162/12","v":{"v":0,"d":"0.00"}},{"$f":"+'3. PREÇOS INSUMOS'!S162/12","v":{"v":0,"d":"0.00"}},{"$f":"+'3. PREÇOS INSUMOS'!T162/12","v":{"v":0,"d":"0.00"}},{"$f":"+'3. PREÇOS INSUMOS'!U162/12","v":{"v":0,"d":"0.00"}}]
[{"$nulls":3},"TOTAL DE CUSTEIOS - SEG. OBRIG.","(R$/Mês)",null,{"$f":"G14*G17+G15*G18+G16*G19","v":{"v":121.9983333333333,"d":"122.00"}},{"$f":"H14*H17+H15*H18+H16*H19","v":{"v":121.9983333333333,"d":"122.00"}},{"v":121.9983333333333,"d":"122.00"},{"v":121.9983333333333,"d":"122.00"},{"v":121.9983333333333,"d":"122.00"},{"v":121.9983333333333,"d":"122.00"},{"v":121.9983333333333,"d":"122.00"},{"v":121.9983333333333,"d":"122.00"},{"v":121.9983333333333,"d":"122.00"},{"v":121.9983333333333,"d":"122.00"},{"v":121.9983333333333,"d":"122.00"},{"v":121.9983333333333,"d":"122.00"},{"v":121.9983333333333,"d":"122.00"},{"v":121.9983333333333,"d":"122.00"},{"v":121.9983333333333,"d":"122.00"}]
[{"$nulls":3},"TOTAL DE CUSTEIOS - SEG. OBRIG.","(R$/ANUAL)",null,{"$f":"+G20*12","v":{"v":1463.9799999999996,"d":"1,463.98"}},{"$f":"+H20*12","v":{"v":1463.9799999999996,"d":"1,463.98"}},{"v":1463.9799999999996,"d":"1,463.98"},{"v":1463.9799999999996,"d":"1,463.98"},{"v":1463.9799999999996,"d":"1,463.98"},{"v":1463.9799999999996,"d":"1,463.98"},{"v":1463.9799999999996,"d":"1,463.98"},{"v":1463.9799999999996,"d":"1,463.98"},{"v":1463.9799999999996,"d":"1,463.98"},{"v":1463.9799999999996,"d":"1,463.98"},{"v":1463.9799999999996,"d":"1,463.98"},{"v":1463.9799999999996,"d":"1,463.98"},{"v":1463.9799999999996,"d":"1,463.98"},{"v":1463.9799999999996,"d":"1,463.98"},{"v":1463.9799999999996,"d":"1,463.98"}]
[]
[null,null,{"$f":"+MENU!$C$85","v":"6.1.2. - CÁLCULO DOS CUSTEIOS COM SEGURO RESPONSABILIDADE CIVIL"}]
[]
[null,null,"SEGURO DE RESPONSABILIDADE CIVIL",null,"Un.",null,1,{"$f":"+G25+1","v":2},3,4,5,6,7,8,9,10,11,12,13,14,15]
[1,null,null,{"$f":"\"FROTA TOTAL - \"&VLOOKUP(A26,TIPOLOGIA!$D$10:$E$12,2,0)","v":"FROTA TOTAL - MICROÔNIBUS"},"(Veíc./Mês)",null,{"$f":"+'1. DADOS OPERACIONAIS'!F20","v":4},{"$f":"+'1. DADOS OPERACIONAIS'!G20","v":4},{"$f":"+'1. DADOS OPERACIONAIS'!H20","v":4},{"$f":"+'1. DADOS OPERACIONAIS'!I20","v":4},{"$f":"+'1. DADOS OPERACIONAIS'!J20","v":4},{"$f":"+'1. DADOS OPERACIONAIS'!K20","v":4},{"$f":"+'1. DADOS OPERACIONAIS'!L20","v":4},{"$f":"+'1. DADOS OPERACIONAIS'!M20","v":4},{"$f":"+'1. DADOS OPERACIONAIS'!N20","v":4},{"$f":"+'1. DADOS OPERACIONAIS'!O20","v":4},{"$f":"+'1. DADOS OPERACIONAIS'!P20","v":4},{"$f":"+'1. DADOS OPERACIONAIS'!Q20","v":4},{"$f":"+'1. DADOS OPERACIONAIS'!R20","v":4},{"$f":"+'1. DADOS OPERACIONAIS'!S20","v":4},{"$f":"+'1. DADOS OPERACIONAIS'!T20","v":4}]
[2,null,null,{"$f":"\"FROTA TOTAL - \"&VLOOKUP(A27,TIPOLOGIA!$D$10:$E$12,2,0)","v":"FROTA TOTAL - CONVENCIONAL"},{"$f":"+E26","v":"(Veíc./Mês)"},null,{"$f":"+'1. DADOS OPERACIONAIS'!F21","v":10},{"$f":"+'1. DADOS OPERACIONAIS'!G21","v":10},{"$f":"+'1. DADOS OPERACIONAIS'!H21","v":10},{"$f":"+'1. DADOS OPERACIONAIS'!I21","v":10},{"$f":"+'1. DADOS OPERACIONAIS'!J21","v":10},{"$f":"+'1. DADOS OPERACIONAIS'!K21","v":10},{"$f":"+'1. DADOS OPERACIONAIS'!L21","v":10},{"$f":"+'1. DADOS OPERACIONAIS'!M21","v":10},{"$f":"+'1. DADOS OPERACIONAIS'!N21","v":10},{"$f":"+'1. DADOS OPERACIONAIS'!O21","v":10},{"$f":"+'1. DADOS OPERACIONAIS'!P21","v":10},{"$f":"+'1. DADOS OPERACIONAIS'!Q21","v":10},{"$f":"+'1. DADOS OPERACIONAIS'!R21","v":10},{"$f":"+'1. DADOS OPERACIONAIS'!S21","v":10},{"$f":"+'1. DADOS OPERACIONAIS'!T21","v":10}]
[3,null,null,{"$f":"\"FROTA TOTAL - \"&VLOOKUP(A28,TIPOLOGIA!$D$10:$E$12,2,0)","v":"FROTA TOTAL - -"},{"$f":"+E27","v":"(Veíc./Mês)"},null,{"$f":"+'1. DADOS OPERACIONAIS'!F22","v":0},{"$f":"+'1. DADOS OPERACIONAIS'!G22","v":0},{"$f":"+'1. DADOS OPERACIONAIS'!H22","v":0},{"$f":"+'1. DADOS OPERACIONAIS'!I22","v":0},{"$f":"+'1. DADOS OPERACIONAIS'!J22","v":0},{"$f":"+'1. DADOS OPERACIONAIS'!K22","v":0},{"$f":"+'1. DADOS OPERACIONAIS'!L22","v":0},{"$f":"+'1. DADOS OPERACIONAIS'!M22","v":0},{"$f":"+'1. DADOS OPERACIONAIS'!N22","v":0},{"$f":"+'1. DADOS OPERACIONAIS'!O22","v":0},{"$f":"+'1. DADOS OPERACIONAIS'!P22","v":0},{"$f":"+'1. DADOS OPERACIONAIS'!Q22","v":0},{"$f":"+'1. DADOS OPERACIONAIS'!R22","v":0},{"$f":"+'1. DADOS OPERACIONAIS'!S22","v":0},{"$f":"+'1. DADOS OPERACIONAIS'!T22","v":0}]
[{"$nulls":3},{"$f":"\"VALOR SEG. OBRIG. - \"&VLOOKUP(A26,TIPOLOGIA!$D$10:$E$12,2,0)","v":"VALOR SEG. OBRIG. - MICROÔNIBUS"},"(R$/Mês)",null,{"$f":"+'3. PREÇOS INSUMOS'!G168/12","v":70.84},{"$f":"+'3. PREÇOS INSUMOS'!H168/12","v":70.84},{"$f":"+'3. PREÇOS INSUMOS'!I168/12","v":70.84},{"$f":"+'3. PREÇOS INSUMOS'!J168/12","v":70.84},{"$f":"+'3. PREÇOS INSUMOS'!K168/12","v":70.84},{"$f":"+'3. PREÇOS INSUMOS'!L168/12","v":70.84},{"$f":"+'3. PREÇOS INSUMOS'!M168/12","v":70.84},{"$f":"+'3. PREÇOS INSUMOS'!N168/12","v":70.84},{"$f":"+'3. PREÇOS INSUMOS'!O168/12","v":70.84},{"$f":"+'3. PREÇOS INSUMOS'!P168/12","v":70.84},{"$f":"+'3. PREÇOS INSUMOS'!Q168/12","v":70.84},{"$f":"+'3. PREÇOS INSUMOS'!R168/12","v":70.84},{"$f":"+'3. PREÇOS INSUMOS'!S168/12","v":70.84},{"$f":"+'3. PREÇOS INSUMOS'!T168/12","v":70.84},{"$f":"+'3. PREÇOS INSUMOS'!U168/12","v":70.84}]
[{"$nulls":3},{"$f":"\"VALOR SEG. OBRIG. - \"&VLOOKUP(A27,TIPOLOGIA!$D$10:$E$12,2,0)","v":"VALOR SEG. OBRIG. - CONVENCIONAL"},"(R$/Mês)",null,{"$f":"+'3. PREÇOS INSUMOS'!G169/12","v":70.84},{"$f":"+'3. PREÇOS INSUMOS'!H169/12","v":70.84},{"$f":"+'3. PREÇOS INSUMOS'!I169/12","v":70.84},{"$f":"+'3. PREÇOS INSUMOS'!J169/12","v":70.84},{"$f":"+'3. PREÇOS INSUMOS'!K169/12","v":70.84},{"$f":"+'3. PREÇOS INSUMOS'!L169/12","v":70.84},{"$f":"+'3. PREÇOS INSUMOS'!M169/12","v":70.84},{"$f":"+'3. PREÇOS INSUMOS'!N169/12","v":70.84},{"$f":"+'3. PREÇOS INSUMOS'!O169/12","v":70.84},{"$f":"+'3. PREÇOS INSUMOS'!P169/12","v":70.84},{"$f":"+'3. PREÇOS INSUMOS'!Q169/12","v":70.84},{"$f":"+'3. PREÇOS INSUMOS'!R169/12","v":70.84},{"$f":"+'3. PREÇOS INSUMOS'!S169/12","v":70.84},{"$f":"+'3. PREÇOS INSUMOS'!T169/12","v":70.84},{"$f":"+'3. PREÇOS INSUMOS'!U169/12","v":70.84}]
[{"$nulls":3},{"$f":"\"VALOR SEG. OBRIG. - \"&VLOOKUP(A28,TIPOLOGIA!$D$10:$E$12,2,0)","v":"VALOR SEG. OBRIG. - -"},"(R$/Mês)",null,{"$f":"+'3. PREÇOS INSUMOS'!G170/12","v":{"v":0,"d":"0.00"}},{"$f":"+'3. PREÇOS INSUMOS'!H170/12","v":{"v":0,"d":"0.00"}},{"$f":"+'3. PREÇOS INSUMOS'!I170/12","v":{"v":0,"d":"0.00"}},{"$f":"+'3. PREÇOS INSUMOS'!J170/12","v":{"v":0,"d":"0.00"}},{"$f":"+'3. PREÇOS INSUMOS'!K170/12","v":{"v":0,"d":"0.00"}},{"$f":"+'3. PREÇOS INSUMOS'!L170/12","v":{"v":0,"d":"0.00"}},{"$f":"+'3. PREÇOS INSUMOS'!M170/12","v":{"v":0,"d":"0.00"}},{"$f":"+'3. PREÇOS INSUMOS'!N170/12","v":{"v":0,"d":"0.00"}},{"$f":"+'3. PREÇOS INSUMOS'!O170/12","v":{"v":0,"d":"0.00"}},{"$f":"+'3. PREÇOS INSUMOS'!P170/12","v":{"v":0,"d":"0.00"}},{"$f":"+'3. PREÇOS INSUMOS'!Q170/12","v":{"v":0,"d":"0.00"}},{"$f":"+'3. PREÇOS INSUMOS'!R170/12","v":{"v":0,"d":"0.00"}},{"$f":"+'3. PREÇOS INSUMOS'!S170/12","v":{"v":0,"d":"0.00"}},{"$f":"+'3. PREÇOS INSUMOS'!T170/12","v":{"v":0,"d":"0.00"}},{"$f":"+'3. PREÇOS INSUMOS'!U170/12","v":{"v":0,"d":"0.00"}}]
[{"$nulls":3},"TOTAL DE CUSTEIOS - SEG. RESP. CIVIL","(R$/Mês)",null,{"$f":"G26*G29+G27*G30+G28*G31","v":{"v":991.7600000000001,"d":"991.76"}},{"v":991.7600000000001,"d":"991.76"},{"v":991.7600000000001,"d":"991.76"},{"v":991.7600000000001,"d":"991.76"},{"v":991.7600000000001,"d":"991.76"},{"v":991.7600000000001,"d":"991.76"},{"v":991.7600000000001,"d":"991.76"},{"v":991.7600000000001,"d":"991.76"},{"v":991.7600000000001,"d":"991.76"},{"v":991.7600000000001,"d":"991.76"},{"v":991.7600000000001,"d":"991.76"},{"v":991.7600000000001,"d":"991.76"},{"v":991.7600000000001,"d":"991.76"},{"v":991.7600000000001,"d":"991.76"},{"v":991.7600000000001,"d":"991.76"}]
[{"$nulls":3},"TOTAL DE CUSTEIOS - SEG. RESP. CIVIL","(R$/ANUAL)",null,{"$f":"+G32*12","v":{"v":11901.12,"d":"11,901.12"}},{"v":11901.12,"d":"11,901.12"},{"v":11901.12,"d":"11,901.12"},{"v":11901.12,"d":"11,901.12"},{"v":11901.12,"d":"11,901.12"},{"v":11901.12,"d":"11,901.12"},{"v":11901.12,"d":"11,901.12"},{"v":11901.12,"d":"11,901.12"},{"v":11901.12,"d":"11,901.12"},{"v":11901.12,"d":"11,901.12"},{"v":11901.12,"d":"11,901.12"},{"v":11901.12,"d":"11,901.12"},{"v":11901.12,"d":"11,901.12"},{"v":11901.12,"d":"11,901.12"},{"v":11901.12,"d":"11,901.12"}]
[]
[]
[null,null,{"$f":"+MENU!$C$86","v":"6.2. - CÁLCULO DAS DESPESAS GERAIS"}]
[]
[null,null,"DESPESAS GERAIS",null,"Un.",null,1,{"$f":"+G38+1","v":2},3,4,5,6,7,8,9,10,11,12,13,14,15]
[2,null,null,"FROTA TOTAL","(Veíc./Mês)",null,{"$f":"+'1. DADOS OPERACIONAIS'!F23","v":14},{"$f":"+'1. DADOS OPERACIONAIS'!G23","v":14},{"$f":"+'1. DADOS OPERACIONAIS'!H23","v":14},{"$f":"+'1. DADOS OPERACIONAIS'!I23","v":14},{"$f":"+'1. DADOS OPERACIONAIS'!J23","v":14},{"$f":"+'1. DADOS OPERACIONAIS'!K23","v":14},{"$f":"+'1. DADOS OPERACIONAIS'!L23","v":14},{"$f":"+'1. DADOS OPERACIONAIS'!M23","v":14},{"$f":"+'1. DADOS OPERACIONAIS'!N23","v":14},{"$f":"+'1. DADOS OPERACIONAIS'!O23","v":14},{"$f":"+'1. DADOS OPERACIONAIS'!P23","v":14},{"$f":"+'1. DADOS OPERACIONAIS'!Q23","v":14},{"$f":"+'1. DADOS OPERACIONAIS'!R23","v":14},{"$f":"+'1. DADOS OPERACIONAIS'!S23","v":14},{"$f":"+'1. DADOS OPERACIONAIS'!T23","v":14}]
[2,null,null,{"$f":"\"Preço de Veículo Leve Novo Completo - \"&VLOOKUP(A39,TIPOLOGIA!$D$10:$E$12,2,0)","v":"Preço de Veículo Leve Novo Completo - CONVENCIONAL"},"(R$/Mês)",null,{"$f":"+'3. PREÇOS INSUMOS'!G45","v":{"v":388000,"d":"388,000.00"}},{"$f":"+'3. PREÇOS INSUMOS'!H45","v":{"v":388000,"d":"388,000.00"}},{"$f":"+'3. PREÇOS INSUMOS'!I45","v":{"v":388000,"d":"388,000.00"}},{"$f":"+'3. PREÇOS INSUMOS'!J45","v":{"v":388000,"d":"388,000.00"}},{"$f":"+'3. PREÇOS INSUMOS'!K45","v":{"v":388000,"d":"388,000.00"}},{"$f":"+'3. PREÇOS INSUMOS'!L45","v":{"v":388000,"d":"388,000.00"}},{"$f":"+'3. PREÇOS INSUMOS'!M45","v":{"v":388000,"d":"388,000.00"}},{"$f":"+'3. PREÇOS INSUMOS'!N45","v":{"v":388000,"d":"388,000.00"}},{"$f":"+'3. PREÇOS INSUMOS'!O45","v":{"v":388000,"d":"388,000.00"}},{"$f":"+'3. PREÇOS INSUMOS'!P45","v":{"v":388000,"d":"388,000.00"}},{"$f":"+'3. PREÇOS INSUMOS'!Q45","v":{"v":388000,"d":"388,000.00"}},{"$f":"+'3. PREÇOS INSUMOS'!R45","v":{"v":388000,"d":"388,000.00"}},{"$f":"+'3. PREÇOS INSUMOS'!S45","v":{"v":388000,"d":"388,000.00"}},{"$f":"+'3. PREÇOS INSUMOS'!T45","v":{"v":388000,"d":"388,000.00"}},{"$f":"+'3. PREÇOS INSUMOS'!U45","v":{"v":388000,"d":"388,000.00"}}]
[{"$nulls":3},"% sobre preço Veículo Leve Novo Completo","(%/Mês)",null,{"$f":"+'2. COEFICIENTES'!F127","v":{"v":1.8333333333333335E-3,"d":"0.0018"}},{"$f":"+'2. COEFICIENTES'!G127","v":{"v":1.8333333333333335E-3,"d":"0.0018"}},{"$f":"+'2. COEFICIENTES'!H127","v":{"v":1.8333333333333335E-3,"d":"0.0018"}},{"$f":"+'2. COEFICIENTES'!I127","v":{"v":1.8333333333333335E-3,"d":"0.0018"}},{"$f":"+'2. COEFICIENTES'!J127","v":{"v":1.8333333333333335E-3,"d":"0.0018"}},{"$f":"+'2. COEFICIENTES'!K127","v":{"v":1.8333333333333335E-3,"d":"0.0018"}},{"$f":"+'2. COEFICIENTES'!L127","v":{"v":1.8333333333333335E-3,"d":"0.0018"}},{"$f":"+'2. COEFICIENTES'!M127","v":{"v":1.8333333333333335E-3,"d":"0.0018"}},{"$f":"+'2. COEFICIENTES'!N127","v":{"v":1.8333333333333335E-3,"d":"0.0018"}},{"$f":"+'2. COEFICIENTES'!O127","v":{"v":1.8333333333333335E-3,"d":"0.0018"}},{"$f":"+'2. COEFICIENTES'!P127","v":{"v":1.8333333333333335E-3,"d":"0.0018"}},{"$f":"+'2. COEFICIENTES'!Q127","v":{"v":1.8333333333333335E-3,"d":"0.0018"}},{"$f":"+'2. COEFICIENTES'!R127","v":{"v":1.8333333333333335E-3,"d":"0.0018"}},{"$f":"+'2. COEFICIENTES'!S127","v":{"v":1.8333333333333335E-3,"d":"0.0018"}},{"$f":"+'2. COEFICIENTES'!T127","v":{"v":1.8333333333333335E-3,"d":"0.0018"}}]
[{"$nulls":3},"TOTAL DE CUSTEIOS - DESP. GERAIS","(R$/Mês)",null,{"$f":"(G39*G40)*G41","v":{"v":9958.666666666668,"d":"9,958.67"}},{"$f":"(H39*H40)*H41","v":{"v":9958.666666666668,"d":"9,958.67"}},{"v":9958.666666666668,"d":"9,958.67"},{"v":9958.666666666668,"d":"9,958.67"},{"v":9958.666666666668,"d":"9,958.67"},{"v":9958.666666666668,"d":"9,958.67"},{"v":9958.666666666668,"d":"9,958.67"},{"v":9958.666666666668,"d":"9,958.67"},{"v":9958.666666666668,"d":"9,958.67"},{"v":9958.666666666668,"d":"9,958.67"},{"v":9958.666666666668,"d":"9,958.67"},{"v":9958.666666666668,"d":"9,958.67"},{"v":9958.666666666668,"d":"9,958.67"},{"v":9958.666666666668,"d":"9,958.67"},{"v":9958.666666666668,"d":"9,958.67"}]
[{"$nulls":3},"TOTAL DE CUSTEIOS - DESP. GERAIS","(R$/ANUAL)",null,{"$f":"+G42*12","v":{"v":119504.00000000001,"d":"119,504.00"}},{"v":119504.00000000001,"d":"119,504.00"},{"v":119504.00000000001,"d":"119,504.00"},{"v":119504.00000000001,"d":"119,504.00"},{"v":119504.00000000001,"d":"119,504.00"},{"v":119504.00000000001,"d":"119,504.00"},{"v":119504.00000000001,"d":"119,504.00"},{"v":119504.00000000001,"d":"119,504.00"},{"v":119504.00000000001,"d":"119,504.00"},{"v":119504.00000000001,"d":"119,504.00"},{"v":119504.00000000001,"d":"119,504.00"},{"v":119504.00000000001,"d":"119,504.00"},{"v":119504.00000000001,"d":"119,504.00"},{"v":119504.00000000001,"d":"119,504.00"},{"v":119504.00000000001,"d":"119,504.00"}]
[]
[]
[null,null,{"$f":"+MENU!$C$87","v":"6.3. - CÁLCULO DOS CUSTEIOS COM PRÓ-LABORE"}]
[]
[null,null,"PRÓ-LABORE",null,"Un.",null,1,{"$f":"+G48+1","v":2},3,4,5,6,7,8,9,10,11,12,13,14,15]
[{"$nulls":3},"Custeios Pessoal de Operação","(R$/Mês)",null,{"$f":"+'5. CUSTOS FIXOS (PESSOAL)'!F41","v":{"v":84318.69821781601,"d":"84,318.70"}},{"$f":"+'5. CUSTOS FIXOS (PESSOAL)'!G41","v":{"v":97734.01680640802,"d":"97,734.02"}},{"$f":"+'5. CUSTOS FIXOS (PESSOAL)'!H41","v":{"v":97734.01680640802,"d":"97,734.02"}},{"$f":"+'5. CUSTOS FIXOS (PESSOAL)'!I41","v":{"v":97734.01680640802,"d":"97,734.02"}},{"$f":"+'5. CUSTOS FIXOS (PESSOAL)'!J41","v":{"v":97734.01680640802,"d":"97,734.02"}},{"$f":"+'5. CUSTOS FIXOS (PESSOAL)'!K41","v":{"v":97734.01680640802,"d":"97,734.02"}},{"$f":"+'5. CUSTOS FIXOS (PESSOAL)'!L41","v":{"v":97734.01680640802,"d":"97,734.02"}},{"$f":"+'5. CUSTOS FIXOS (PESSOAL)'!M41","v":{"v":97734.01680640802,"d":"97,734.02"}},{"$f":"+'5. CUSTOS FIXOS (PESSOAL)'!N41","v":{"v":97734.01680640802,"d":"97,734.02"}},{"$f":"+'5. CUSTOS FIXOS (PESSOAL)'!O41","v":{"v":97734.01680640802,"d":"97,734.02"}},{"$f":"+'5. CUSTOS FIXOS (PESSOAL)'!P41","v":{"v":97734.01680640802,"d":"97,734.02"}},{"$f":"+'5. CUSTOS FIXOS (PESSOAL)'!Q41","v":{"v":97734.01680640802,"d":"97,734.02"}},{"$f":"+'5. CUSTOS FIXOS (PESSOAL)'!R41","v":{"v":97734.01680640802,"d":"97,734.02"}},{"$f":"+'5. CUSTOS FIXOS (PESSOAL)'!S41","v":{"v":97734.01680640802,"d":"97,734.02"}},{"$f":"+'5. CUSTOS FIXOS (PESSOAL)'!T41","v":{"v":97734.01680640802,"d":"97,734.02"}}]
[{"$nulls":3},"% Sobre Pessoal de Operação","(%/Mês)",null,{"$f":"+'2. COEFICIENTES'!F132","v":{"v":0.1,"d":"10.00%"}},{"$f":"+'2. COEFICIENTES'!G132","v":{"v":0.1,"d":"10.00%"}},{"$f":"+'2. COEFICIENTES'!H132","v":{"v":0.1,"d":"10.00%"}},{"$f":"+'2. COEFICIENTES'!I132","v":{"v":0.1,"d":"10.00%"}},{"$f":"+'2. COEFICIENTES'!J132","v":{"v":0.1,"d":"10.00%"}},{"$f":"+'2. COEFICIENTES'!K132","v":{"v":0.1,"d":"10.00%"}},{"$f":"+'2. COEFICIENTES'!L132","v":{"v":0.1,"d":"10.00%"}},{"$f":"+'2. COEFICIENTES'!M132","v":{"v":0.1,"d":"10.00%"}},{"$f":"+'2. COEFICIENTES'!N132","v":{"v":0.1,"d":"10.00%"}},{"$f":"+'2. COEFICIENTES'!O132","v":{"v":0.1,"d":"10.00%"}},{"$f":"+'2. COEFICIENTES'!P132","v":{"v":0.1,"d":"10.00%"}},{"$f":"+'2. COEFICIENTES'!Q132","v":{"v":0.1,"d":"10.00%"}},{"$f":"+'2. COEFICIENTES'!R132","v":{"v":0.1,"d":"10.00%"}},{"$f":"+'2. COEFICIENTES'!S132","v":{"v":0.1,"d":"10.00%"}},{"$f":"+'2. COEFICIENTES'!T132","v":{"v":0.1,"d":"10.00%"}}]
[{"$nulls":3},"TOTAL DE CUSTEIOS - PRÓ-LABORE","(R$/Mês)",null,{"$f":"+G50*G49","v":{"v":8431.869821781602,"d":"8,431.87"}},{"$f":"+H50*H49","v":{"v":9773.401680640802,"d":"9,773.40"}},{"v":9773.401680640802,"d":"9,773.40"},{"v":9773.401680640802,"d":"9,773.40"},{"v":9773.401680640802,"d":"9,773.40"},{"v":9773.401680640802,"d":"9,773.40"},{"v":9773.401680640802,"d":"9,773.40"},{"v":9773.401680640802,"d":"9,773.40"},{"v":9773.401680640802,"d":"9,773.40"},{"v":9773.401680640802,"d":"9,773.40"},{"v":9773.401680640802,"d":"9,773.40"},{"v":9773.401680640802,"d":"9,773.40"},{"v":9773.401680640802,"d":"9,773.40"},{"v":9773.401680640802,"d":"9,773.40"},{"v":9773.401680640802,"d":"9,773.40"}]
[{"$nulls":3},"TOTAL DE CUSTEIOS - PRÓ-LABORE","(R$/ANUAL)",null,{"$f":"+G51*12","v":{"v":101182.43786137922,"d":"101,182.44"}},{"v":117280.82016768961,"d":"117,280.82"},{"v":117280.82016768961,"d":"117,280.82"},{"v":117280.82016768961,"d":"117,280.82"},{"v":117280.82016768961,"d":"117,280.82"},{"v":117280.82016768961,"d":"117,280.82"},{"v":117280.82016768961,"d":"117,280.82"},{"v":117280.82016768961,"d":"117,280.82"},{"v":117280.82016768961,"d":"117,280.82"},{"v":117280.82016768961,"d":"117,280.82"},{"v":117280.82016768961,"d":"117,280.82"},{"v":117280.82016768961,"d":"117,280.82"},{"v":117280.82016768961,"d":"117,280.82"},{"v":117280.82016768961,"d":"117,280.82"},{"v":117280.82016768961,"d":"117,280.82"}]
[]
[]
[null,null,{"$f":"+MENU!$C$88","v":"6.4. - CÁLCULO DA REMUNERAÇÃO DO ALMOXARIFADO"}]
[]
[null,null,"ALMOXARIFADO",null,"Un.",null,1,{"$f":"+G57+1","v":2},3,4,5,6,7,8,9,10,11,12,13,14,15]
[1,null,null,{"$f":"\"FROTA TOTAL - \"&VLOOKUP(A58,TIPOLOGIA!$D$10:$E$12,2,0)","v":"FROTA TOTAL - MICROÔNIBUS"},"(Veíc.)",null,{"$f":"+'1. DADOS OPERACIONAIS'!F20","v":4},{"$f":"+'1. DADOS OPERACIONAIS'!G20","v":4},{"$f":"+'1. DADOS OPERACIONAIS'!H20","v":4},{"$f":"+'1. DADOS OPERACIONAIS'!I20","v":4},{"$f":"+'1. DADOS OPERACIONAIS'!J20","v":4},{"$f":"+'1. DADOS OPERACIONAIS'!K20","v":4},{"$f":"+'1. DADOS OPERACIONAIS'!L20","v":4},{"$f":"+'1. DADOS OPERACIONAIS'!M20","v":4},{"$f":"+'1. DADOS OPERACIONAIS'!N20","v":4},{"$f":"+'1. DADOS OPERACIONAIS'!O20","v":4},{"$f":"+'1. DADOS OPERACIONAIS'!P20","v":4},{"$f":"+'1. DADOS OPERACIONAIS'!Q20","v":4},{"$f":"+'1. DADOS OPERACIONAIS'!R20","v":4},{"$f":"+'1. DADOS OPERACIONAIS'!S20","v":4},{"$f":"+'1. DADOS OPERACIONAIS'!T20","v":4}]
[2,null,null,{"$f":"\"FROTA TOTAL - \"&VLOOKUP(A59,TIPOLOGIA!$D$10:$E$12,2,0)","v":"FROTA TOTAL - CONVENCIONAL"},"(Veíc.)",null,{"$f":"+'1. DADOS OPERACIONAIS'!F21","v":10},{"$f":"+'1. DADOS OPERACIONAIS'!G21","v":10},{"$f":"+'1. DADOS OPERACIONAIS'!H21","v":10},{"$f":"+'1. DADOS OPERACIONAIS'!I21","v":10},{"$f":"+'1. DADOS OPERACIONAIS'!J21","v":10},{"$f":"+'1. DADOS OPERACIONAIS'!K21","v":10},{"$f":"+'1. DADOS OPERACIONAIS'!L21","v":10},{"$f":"+'1. DADOS OPERACIONAIS'!M21","v":10},{"$f":"+'1. DADOS OPERACIONAIS'!N21","v":10},{"$f":"+'1. DADOS OPERACIONAIS'!O21","v":10},{"$f":"+'1. DADOS OPERACIONAIS'!P21","v":10},{"$f":"+'1. DADOS OPERACIONAIS'!Q21","v":10},{"$f":"+'1. DADOS OPERACIONAIS'!R21","v":10},{"$f":"+'1. DADOS OPERACIONAIS'!S21","v":10},{"$f":"+'1. DADOS OPERACIONAIS'!T21","v":10}]
[3,null,null,{"$f":"\"FROTA TOTAL - \"&VLOOKUP(A60,TIPOLOGIA!$D$10:$E$12,2,0)","v":"FROTA TOTAL - -"},"(Veíc.)",null,{"$f":"+'1. DADOS OPERACIONAIS'!F22","v":0},{"$f":"+'1. DADOS OPERACIONAIS'!G22","v":0},{"$f":"+'1. DADOS OPERACIONAIS'!H22","v":0},{"$f":"+'1. DADOS OPERACIONAIS'!I22","v":0},{"$f":"+'1. DADOS OPERACIONAIS'!J22","v":0},{"$f":"+'1. DADOS OPERACIONAIS'!K22","v":0},{"$f":"+'1. DADOS OPERACIONAIS'!L22","v":0},{"$f":"+'1. DADOS OPERACIONAIS'!M22","v":0},{"$f":"+'1. DADOS OPERACIONAIS'!N22","v":0},{"$f":"+'1. DADOS OPERACIONAIS'!O22","v":0},{"$f":"+'1. DADOS OPERACIONAIS'!P22","v":0},{"$f":"+'1. DADOS OPERACIONAIS'!Q22","v":0},{"$f":"+'1. DADOS OPERACIONAIS'!R22","v":0},{"$f":"+'1. DADOS OPERACIONAIS'!S22","v":0},{"$f":"+'1. DADOS OPERACIONAIS'!T22","v":0}]
[1,null,null,{"$f":"\"Preço de Veíc. Novo Compl. - \"&VLOOKUP(A61,TIPOLOGIA!$D$10:$E$12,2,0)","v":"Preço de Veíc. Novo Compl. - MICROÔNIBUS"},"(R$/Mês)",null,{"$f":"+'3. PREÇOS INSUMOS'!G44","v":{"v":309000,"d":"309,000.00"}},{"$f":"+'3. PREÇOS INSUMOS'!H44","v":{"v":309000,"d":"309,000.00"}},{"$f":"+'3. PREÇOS INSUMOS'!I44","v":{"v":309000,"d":"309,000.00"}},{"$f":"+'3. PREÇOS INSUMOS'!J44","v":{"v":309000,"d":"309,000.00"}},{"$f":"+'3. PREÇOS INSUMOS'!K44","v":{"v":309000,"d":"309,000.00"}},{"$f":"+'3. PREÇOS INSUMOS'!L44","v":{"v":309000,"d":"309,000.00"}},{"$f":"+'3. PREÇOS INSUMOS'!M44","v":{"v":309000,"d":"309,000.00"}},{"$f":"+'3. PREÇOS INSUMOS'!N44","v":{"v":309000,"d":"309,000.00"}},{"$f":"+'3. PREÇOS INSUMOS'!O44","v":{"v":309000,"d":"309,000.00"}},{"$f":"+'3. PREÇOS INSUMOS'!P44","v":{"v":309000,"d":"309,000.00"}},{"$f":"+'3. PREÇOS INSUMOS'!Q44","v":{"v":309000,"d":"309,000.00"}},{"$f":"+'3. PREÇOS INSUMOS'!R44","v":{"v":309000,"d":"309,000.00"}},{"$f":"+'3. PREÇOS INSUMOS'!S44","v":{"v":309000,"d":"309,000.00"}},{"$f":"+'3. PREÇOS INSUMOS'!T44","v":{"v":309000,"d":"309,000.00"}},{"$f":"+'3. PREÇOS INSUMOS'!U44","v":{"v":309000,"d":"309,000.00"}}]
[2,null,null,{"$f":"\"Preço de Veíc. Novo Compl. - \"&VLOOKUP(A59,TIPOLOGIA!$D$10:$E$12,2,0)","v":"Preço de Veíc. Novo Compl. - CONVENCIONAL"},"(R$/Mês)",null,{"$f":"+'3. PREÇOS INSUMOS'!G45","v":{"v":388000,"d":"388,000.00"}},{"$f":"+'3. PREÇOS INSUMOS'!H45","v":{"v":388000,"d":"388,000.00"}},{"$f":"+'3. PREÇOS INSUMOS'!I45","v":{"v":388000,"d":"388,000.00"}},{"$f":"+'3. PREÇOS INSUMOS'!J45","v":{"v":388000,"d":"388,000.00"}},{"$f":"+'3. PREÇOS INSUMOS'!K45","v":{"v":388000,"d":"388,000.00"}},{"$f":"+'3. PREÇOS INSUMOS'!L45","v":{"v":388000,"d":"388,000.00"}},{"$f":"+'3. PREÇOS INSUMOS'!M45","v":{"v":388000,"d":"388,000.00"}},{"$f":"+'3. PREÇOS INSUMOS'!N45","v":{"v":388000,"d":"388,000.00"}},{"$f":"+'3. PREÇOS INSUMOS'!O45","v":{"v":388000,"d":"388,000.00"}},{"$f":"+'3. PREÇOS INSUMOS'!P45","v":{"v":388000,"d":"388,000.00"}},{"$f":"+'3. PREÇOS INSUMOS'!Q45","v":{"v":388000,"d":"388,000.00"}},{"$f":"+'3. PREÇOS INSUMOS'!R45","v":{"v":388000,"d":"388,000.00"}},{"$f":"+'3. PREÇOS INSUMOS'!S45","v":{"v":388000,"d":"388,000.00"}},{"$f":"+'3. PREÇOS INSUMOS'!T45","v":{"v":388000,"d":"388,000.00"}},{"$f":"+'3. PREÇOS INSUMOS'!U45","v":{"v":388000,"d":"388,000.00"}}]
[3,null,null,{"$f":"\"Preço de Veíc. Novo Compl. - \"&VLOOKUP(A60,TIPOLOGIA!$D$10:$E$12,2,0)","v":"Preço de Veíc. Novo Compl. - -"},"(R$/Mês)",null,{"$f":"+'3. PREÇOS INSUMOS'!G46","v":{"v":0,"d":"0.00"}},{"$f":"+'3. PREÇOS INSUMOS'!H46","v":{"v":0,"d":"0.00"}},{"$f":"+'3. PREÇOS INSUMOS'!I46","v":{"v":0,"d":"0.00"}},{"$f":"+'3. PREÇOS INSUMOS'!J46","v":{"v":0,"d":"0.00"}},{"$f":"+'3. PREÇOS INSUMOS'!K46","v":{"v":0,"d":"0.00"}},{"$f":"+'3. PREÇOS INSUMOS'!L46","v":{"v":0,"d":"0.00"}},{"$f":"+'3. PREÇOS INSUMOS'!M46","v":{"v":0,"d":"0.00"}},{"$f":"+'3. PREÇOS INSUMOS'!N46","v":{"v":0,"d":"0.00"}},{"$f":"+'3. PREÇOS INSUMOS'!O46","v":{"v":0,"d":"0.00"}},{"$f":"+'3. PREÇOS INSUMOS'!P46","v":{"v":0,"d":"0.00"}},{"$f":"+'3. PREÇOS INSUMOS'!Q46","v":{"v":0,"d":"0.00"}},{"$f":"+'3. PREÇOS INSUMOS'!R46","v":{"v":0,"d":"0.00"}},{"$f":"+'3. PREÇOS INSUMOS'!S46","v":{"v":0,"d":"0.00"}},{"$f":"+'3. PREÇOS INSUMOS'!T46","v":{"v":0,"d":"0.00"}},{"$f":"+'3. PREÇOS INSUMOS'!U46","v":{"v":0,"d":"0.00"}}]
[{"$nulls":3},"% sobre preço Veículo Novo Completo","(%/Mês)",null,{"$f":"+'2. COEFICIENTES'!F137","v":0.0003},{"$f":"+'2. COEFICIENTES'!G137","v":0.0003},{"$f":"+'2. COEFICIENTES'!H137","v":0.0003},{"$f":"+'2. COEFICIENTES'!I137","v":0.0003},{"$f":"+'2. COEFICIENTES'!J137","v":0.0003},{"$f":"+'2. COEFICIENTES'!K137","v":0.0003},{"$f":"+'2. COEFICIENTES'!L137","v":0.0003},{"$f":"+'2. COEFICIENTES'!M137","v":0.0003},{"$f":"+'2. COEFICIENTES'!N137","v":0.0003},{"$f":"+'2. COEFICIENTES'!O137","v":0.0003},{"$f":"+'2. COEFICIENTES'!P137","v":0.0003},{"$f":"+'2. COEFICIENTES'!Q137","v":0.0003},{"$f":"+'2. COEFICIENTES'!R137","v":0.0003},{"$f":"+'2. COEFICIENTES'!S137","v":0.0003},{"$f":"+'2. COEFICIENTES'!T137","v":0.0003}]
[{"$nulls":3},"TOTAL DE CUSTEIOS - ALMOXARIFADO","(R$/Mês)",null,{"$f":"SUMPRODUCT(G58:G60,G61:G63)*G64","v":{"v":1534.8,"d":"1,534.80"}},{"v":1534.8,"d":"1,534.80"},{"v":1534.8,"d":"1,534.80"},{"v":1534.8,"d":"1,534.80"},{"v":1534.8,"d":"1,534.80"},{"v":1534.8,"d":"1,534.80"},{"v":1534.8,"d":"1,534.80"},{"v":1534.8,"d":"1,534.80"},{"v":1534.8,"d":"1,534.80"},{"v":1534.8,"d":"1,534.80"},{"v":1534.8,"d":"1,534.80"},{"v":1534.8,"d":"1,534.80"},{"v":1534.8,"d":"1,534.80"},{"v":1534.8,"d":"1,534.80"},{"v":1534.8,"d":"1,534.80"}]
[{"$nulls":3},"TOTAL DE CUSTEIOS - ALMOXARIFADO","(R$/ANUAL)",null,{"$f":"+G65*12","v":{"v":18417.6,"d":"18,417.60"}},{"v":18417.6,"d":"18,417.60"},{"v":18417.6,"d":"18,417.60"},{"v":18417.6,"d":"18,417.60"},{"v":18417.6,"d":"18,417.60"},{"v":18417.6,"d":"18,417.60"},{"v":18417.6,"d":"18,417.60"},{"v":18417.6,"d":"18,417.60"},{"v":18417.6,"d":"18,417.60"},{"v":18417.6,"d":"18,417.60"},{"v":18417.6,"d":"18,417.60"},{"v":18417.6,"d":"18,417.60"},{"v":18417.6,"d":"18,417.60"},{"v":18417.6,"d":"18,417.60"},{"v":18417.6,"d":"18,417.60"}]
[]
[]
[null,null,{"$f":"+MENU!$C$89","v":"6.5. - CÁLCULO PARA MANUTENÇÃO DOS CUSTEIOS DO SISTEMA DE BILHETAGEM ELETRÔNICA, ITS, CÂMERAS E MONITORAMENTO"}]
[]
[null,null,"SBE, ITS, CÂMERAS E MONITORAMENTO",null,"Un.",null,1,{"$f":"+G71+1","v":2},3,4,5,6,7,8,9,10,11,12,13,14,15]
[{"$nulls":3},"FROTA TOTAL","(Veíc.)",null,{"$f":"+'1. DADOS OPERACIONAIS'!$F$23","v":14},{"$f":"+'1. DADOS OPERACIONAIS'!G23","v":14},{"$f":"+'1. DADOS OPERACIONAIS'!H23","v":14},{"$f":"+'1. DADOS OPERACIONAIS'!I23","v":14},{"$f":"+'1. DADOS OPERACIONAIS'!J23","v":14},{"$f":"+'1. DADOS OPERACIONAIS'!K23","v":14},{"$f":"+'1. DADOS OPERACIONAIS'!L23","v":14},{"$f":"+'1. DADOS OPERACIONAIS'!M23","v":14},{"$f":"+'1. DADOS OPERACIONAIS'!N23","v":14},{"$f":"+'1. DADOS OPERACIONAIS'!O23","v":14},{"$f":"+'1. DADOS OPERACIONAIS'!P23","v":14},{"$f":"+'1. DADOS OPERACIONAIS'!Q23","v":14},{"$f":"+'1. DADOS OPERACIONAIS'!R23","v":14},{"$f":"+'1. DADOS OPERACIONAIS'!S23","v":14},{"$f":"+'1. DADOS OPERACIONAIS'!T23","v":14}]
[{"$nulls":3},"PREÇO SISTEMA SBE - ITS, CÂMERAS E MONIT.","(R$/Veíc.)",null,{"$f":"+'3. PREÇOS INSUMOS'!G195","v":{"v":705,"d":"705.00"}},{"$f":"+'3. PREÇOS INSUMOS'!H195","v":{"v":705,"d":"705.00"}},{"$f":"+'3. PREÇOS INSUMOS'!I195","v":{"v":705,"d":"705.00"}},{"$f":"+'3. PREÇOS INSUMOS'!J195","v":{"v":705,"d":"705.00"}},{"$f":"+'3. PREÇOS INSUMOS'!K195","v":{"v":705,"d":"705.00"}},{"$f":"+'3. PREÇOS INSUMOS'!L195","v":{"v":705,"d":"705.00"}},{"$f":"+'3. PREÇOS INSUMOS'!M195","v":{"v":705,"d":"705.00"}},{"$f":"+'3. PREÇOS INSUMOS'!N195","v":{"v":705,"d":"705.00"}},{"$f":"+'3. PREÇOS INSUMOS'!O195","v":{"v":705,"d":"705.00"}},{"$f":"+'3. PREÇOS INSUMOS'!P195","v":{"v":705,"d":"705.00"}},{"$f":"+'3. PREÇOS INSUMOS'!Q195","v":{"v":705,"d":"705.00"}},{"$f":"+'3. PREÇOS INSUMOS'!R195","v":{"v":705,"d":"705.00"}},{"$f":"+'3. PREÇOS INSUMOS'!S195","v":{"v":705,"d":"705.00"}},{"$f":"+'3. PREÇOS INSUMOS'!T195","v":{"v":705,"d":"705.00"}},{"$f":"+'3. PREÇOS INSUMOS'!U195","v":{"v":705,"d":"705.00"}}]
[{"$nulls":3},"TOTAL DE CUSTEIOS - SBE, ITS, CÂMERAS","(R$/Mês)",null,{"$f":"G72*G73","v":{"v":9870,"d":"9,870.00"}},{"$f":"H72*H73","v":{"v":9870,"d":"9,870.00"}},{"v":9870,"d":"9,870.00"},{"v":9870,"d":"9,870.00"},{"v":9870,"d":"9,870.00"},{"v":9870,"d":"9,870.00"},{"v":9870,"d":"9,870.00"},{"v":9870,"d":"9,870.00"},{"v":9870,"d":"9,870.00"},{"v":9870,"d":"9,870.00"},{"v":9870,"d":"9,870.00"},{"v":9870,"d":"9,870.00"},{"v":9870,"d":"9,870.00"},{"v":9870,"d":"9,870.00"},{"v":9870,"d":"9,870.00"}]
[{"$nulls":3},"TOTAL DE CUSTEIOS - SBE, ITS, CÂMERAS","(R$/ANUAL)",null,{"$f":"+G74*12","v":{"v":118440,"d":"118,440.00"}},{"v":118440,"d":"118,440.00"},{"v":118440,"d":"118,440.00"},{"v":118440,"d":"118,440.00"},{"v":118440,"d":"118,440.00"},{"v":118440,"d":"118,440.00"},{"v":118440,"d":"118,440.00"},{"v":118440,"d":"118,440.00"},{"v":118440,"d":"118,440.00"},{"v":118440,"d":"118,440.00"},{"v":118440,"d":"118,440.00"},{"v":118440,"d":"118,440.00"},{"v":118440,"d":"118,440.00"},{"v":118440,"d":"118,440.00"},{"v":118440,"d":"118,440.00"}]
[]
[]
[null,null,{"$f":"+MENU!$C$90","v":"6.6. - CÁLCULO DE LOCAÇÃO DE GARAGEM"}]
[]
[null,null,"LOCAÇÃO DE GARAGEM",null,"Un.",null,1,{"$f":"+G80+1","v":2},3,4,5,6,7,8,9,10,11,12,13,14,15]
[{"$nulls":3},"LOCAÇÃO DE GARAGEM","(R$/Mês)",null,{"$f":"+'3. PREÇOS INSUMOS'!G201","v":{"v":10000,"d":"10,000.00"}},{"$f":"+'3. PREÇOS INSUMOS'!H201","v":{"v":10000,"d":"10,000.00"}},{"$f":"+'3. PREÇOS INSUMOS'!I201","v":{"v":10000,"d":"10,000.00"}},{"$f":"+'3. PREÇOS INSUMOS'!J201","v":{"v":10000,"d":"10,000.00"}},{"$f":"+'3. PREÇOS INSUMOS'!K201","v":{"v":10000,"d":"10,000.00"}},{"$f":"+'3. PREÇOS INSUMOS'!L201","v":{"v":10000,"d":"10,000.00"}},{"$f":"+'3. PREÇOS INSUMOS'!M201","v":{"v":10000,"d":"10,000.00"}},{"$f":"+'3. PREÇOS INSUMOS'!N201","v":{"v":10000,"d":"10,000.00"}},{"$f":"+'3. PREÇOS INSUMOS'!O201","v":{"v":10000,"d":"10,000.00"}},{"$f":"+'3. PREÇOS INSUMOS'!P201","v":{"v":10000,"d":"10,000.00"}},{"$f":"+'3. PREÇOS INSUMOS'!Q201","v":{"v":10000,"d":"10,000.00"}},{"$f":"+'3. PREÇOS INSUMOS'!R201","v":{"v":10000,"d":"10,000.00"}},{"$f":"+'3. PREÇOS INSUMOS'!S201","v":{"v":10000,"d":"10,000.00"}},{"$f":"+'3. PREÇOS INSUMOS'!T201","v":{"v":10000,"d":"10,000.00"}},{"$f":"+'3. PREÇOS INSUMOS'!U201","v":{"v":10000,"d":"10,000.00"}}]
[{"$nulls":3},"TOTAL DE CUSTEIOS - LOGAÇÃO DE GARAGEM","(R$/Mês)",null,{"$f":"+G81","v":{"v":10000,"d":"10,000.00"}},{"$f":"+H81","v":{"v":10000,"d":"10,000.00"}},{"v":10000,"d":"10,000.00"},{"v":10000,"d":"10,000.00"},{"v":10000,"d":"10,000.00"},{"v":10000,"d":"10,000.00"},{"v":10000,"d":"10,000.00"},{"v":10000,"d":"10,000.00"},{"v":10000,"d":"10,000.00"},{"v":10000,"d":"10,000.00"},{"v":10000,"d":"10,000.00"},{"v":10000,"d":"10,000.00"},{"v":10000,"d":"10,000.00"},{"v":10000,"d":"10,000.00"},{"v":10000,"d":"10,000.00"}]
[{"$nulls":3},"TOTAL DE CUSTEIOS - LOGAÇÃO DE GARAGEM","(R$/ANUAL)",null,{"$f":"+G82*12","v":{"v":120000,"d":"120,000.00"}},{"$f":"+H82*12","v":{"v":120000,"d":"120,000.00"}},{"v":120000,"d":"120,000.00"},{"v":120000,"d":"120,000.00"},{"v":120000,"d":"120,000.00"},{"v":120000,"d":"120,000.00"},{"v":120000,"d":"120,000.00"},{"v":120000,"d":"120,000.00"},{"v":120000,"d":"120,000.00"},{"v":120000,"d":"120,000.00"},{"v":120000,"d":"120,000.00"},{"v":120000,"d":"120,000.00"},{"v":120000,"d":"120,000.00"},{"v":120000,"d":"120,000.00"},{"v":120000,"d":"120,000.00"}]
[]
[]
[null,{"$f":"+MENU!C91","v":"6.7. - RESUMO DA TOTALIZAÇÃO DOS CUSTEIOS ADMINISTRATIVOS"}]
[]
[null,null,"CUSTEIOS ADMINISTRATIVOS",null,"Un.","Pré-Oper.",1,{"$f":"+G88+1","v":2},3,4,5,6,7,8,9,10,11,12,13,14,15]
[{"$nulls":3},"Custeios com Seguro Obrigatório","(R$/mês)",null,{"$f":"+G20","v":{"v":121.9983333333333,"d":"122.00"}},{"v":121.9983333333333,"d":"122.00"},{"v":121.9983333333333,"d":"122.00"},{"v":121.9983333333333,"d":"122.00"},{"v":121.9983333333333,"d":"122.00"},{"v":121.9983333333333,"d":"122.00"},{"v":121.9983333333333,"d":"122.00"},{"v":121.9983333333333,"d":"122.00"},{"v":121.9983333333333,"d":"122.00"},{"v":121.9983333333333,"d":"122.00"},{"v":121.9983333333333,"d":"122.00"},{"v":121.9983333333333,"d":"122.00"},{"v":121.9983333333333,"d":"122.00"},{"v":121.9983333333333,"d":"122.00"},{"v":121.9983333333333,"d":"122.00"}]
[{"$nulls":3},"Custeios com Seguro Resp. Civil",{"$f":"+E89","v":"(R$/mês)"},null,{"$f":"+G32","v":{"v":991.7600000000001,"d":"991.76"}},{"v":991.7600000000001,"d":"991.76"},{"v":991.7600000000001,"d":"991.76"},{"v":991.7600000000001,"d":"991.76"},{"v":991.7600000000001,"d":"991.76"},{"v":991.7600000000001,"d":"991.76"},{"v":991.7600000000001,"d":"991.76"},{"v":991.7600000000001,"d":"991.76"},{"v":991.7600000000001,"d":"991.76"},{"v":991.7600000000001,"d":"991.76"},{"v":991.7600000000001,"d":"991.76"},{"v":991.7600000000001,"d":"991.76"},{"v":991.7600000000001,"d":"991.76"},{"v":991.7600000000001,"d":"991.76"},{"v":991.7600000000001,"d":"991.76"}]
[{"$nulls":3},"Custeios com Despesas Gerais",{"$f":"+E90","v":"(R$/mês)"},null,{"$f":"+G42","v":{"v":9958.666666666668,"d":"9,958.67"}},{"v":9958.666666666668,"d":"9,958.67"},{"v":9958.666666666668,"d":"9,958.67"},{"v":9958.666666666668,"d":"9,958.67"},{"v":9958.666666666668,"d":"9,958.67"},{"v":9958.666666666668,"d":"9,958.67"},{"v":9958.666666666668,"d":"9,958.67"},{"v":9958.666666666668,"d":"9,958.67"},{"v":9958.666666666668,"d":"9,958.67"},{"v":9958.666666666668,"d":"9,958.67"},{"v":9958.666666666668,"d":"9,958.67"},{"v":9958.666666666668,"d":"9,958.67"},{"v":9958.666666666668,"d":"9,958.67"},{"v":9958.666666666668,"d":"9,958.67"},{"v":9958.666666666668,"d":"9,958.67"}]
[{"$nulls":3},"Custeios com Pró-Labore",{"$f":"+E91","v":"(R$/mês)"},null,{"$f":"+G51","v":{"v":8431.869821781602,"d":"8,431.87"}},{"v":9773.401680640802,"d":"9,773.40"},{"v":9773.401680640802,"d":"9,773.40"},{"v":9773.401680640802,"d":"9,773.40"},{"v":9773.401680640802,"d":"9,773.40"},{"v":9773.401680640802,"d":"9,773.40"},{"v":9773.401680640802,"d":"9,773.40"},{"v":9773.401680640802,"d":"9,773.40"},{"v":9773.401680640802,"d":"9,773.40"},{"v":9773.401680640802,"d":"9,773.40"},{"v":9773.401680640802,"d":"9,773.40"},{"v":9773.401680640802,"d":"9,773.40"},{"v":9773.401680640802,"d":"9,773.40"},{"v":9773.401680640802,"d":"9,773.40"},{"v":9773.401680640802,"d":"9,773.40"}]
[{"$nulls":3},"Custeios com Remun. Almoxarifado",{"$f":"+E92","v":"(R$/mês)"},null,{"$f":"+G65","v":{"v":1534.8,"d":"1,534.80"}},{"v":1534.8,"d":"1,534.80"},{"v":1534.8,"d":"1,534.80"},{"v":1534.8,"d":"1,534.80"},{"v":1534.8,"d":"1,534.80"},{"v":1534.8,"d":"1,534.80"},{"v":1534.8,"d":"1,534.80"},{"v":1534.8,"d":"1,534.80"},{"v":1534.8,"d":"1,534.80"},{"v":1534.8,"d":"1,534.80"},{"v":1534.8,"d":"1,534.80"},{"v":1534.8,"d":"1,534.80"},{"v":1534.8,"d":"1,534.80"},{"v":1534.8,"d":"1,534.80"},{"v":1534.8,"d":"1,534.80"}]
[{"$nulls":3},"Custeios com Sist. Bilhetagem Eletrônica, Câmera Monitoramento e ITS",{"$f":"E93","v":"(R$/mês)"},null,{"$f":"G74","v":{"v":9870,"d":"9,870.00"}},{"v":9870,"d":"9,870.00"},{"v":9870,"d":"9,870.00"},{"v":9870,"d":"9,870.00"},{"v":9870,"d":"9,870.00"},{"v":9870,"d":"9,870.00"},{"v":9870,"d":"9,870.00"},{"v":9870,"d":"9,870.00"},{"v":9870,"d":"9,870.00"},{"v":9870,"d":"9,870.00"},{"v":9870,"d":"9,870.00"},{"v":9870,"d":"9,870.00"},{"v":9870,"d":"9,870.00"},{"v":9870,"d":"9,870.00"},{"v":9870,"d":"9,870.00"}]
[{"$nulls":3},"Locação de Garagem",{"$f":"+E94","v":"(R$/mês)"},null,{"$f":"+G82","v":{"v":10000,"d":"10,000.00"}},{"$f":"+H82","v":{"v":10000,"d":"10,000.00"}},{"v":10000,"d":"10,000.00"},{"v":10000,"d":"10,000.00"},{"v":10000,"d":"10,000.00"},{"v":10000,"d":"10,000.00"},{"v":10000,"d":"10,000.00"},{"v":10000,"d":"10,000.00"},{"v":10000,"d":"10,000.00"},{"v":10000,"d":"10,000.00"},{"v":10000,"d":"10,000.00"},{"v":10000,"d":"10,000.00"},{"v":10000,"d":"10,000.00"},{"v":10000,"d":"10,000.00"},{"v":10000,"d":"10,000.00"}]
[{"$nulls":3},"Total de Custos Administrativos","(R$/mês)",{"$f":"SUM(F89:F94)","v":{"v":0,"d":"0.00"}},{"$f":"SUM(G89:G95)","v":{"v":40909.094821781604,"d":"40,909.09"}},{"$f":"SUM(H89:H95)","v":{"v":42250.6266806408,"d":"42,250.63"}},{"v":42250.6266806408,"d":"42,250.63"},{"v":42250.6266806408,"d":"42,250.63"},{"v":42250.6266806408,"d":"42,250.63"},{"v":42250.6266806408,"d":"42,250.63"},{"v":42250.6266806408,"d":"42,250.63"},{"v":42250.6266806408,"d":"42,250.63"},{"v":42250.6266806408,"d":"42,250.63"},{"v":42250.6266806408,"d":"42,250.63"},{"v":42250.6266806408,"d":"42,250.63"},{"v":42250.6266806408,"d":"42,250.63"},{"v":42250.6266806408,"d":"42,250.63"},{"v":42250.6266806408,"d":"42,250.63"},{"v":42250.6266806408,"d":"42,250.63"}]
[{"$nulls":3},"Total de Custos Administrativos","(R$/ANUAL)",{"$f":"+F96","v":{"v":0,"d":"0.00"}},{"$f":"+G96*12","v":{"v":490909.13786137925,"d":"490,909.14"}},{"$f":"+H96*12","v":{"v":507007.52016768965,"d":"507,007.52"}},{"$f":"+I96*12","v":{"v":507007.52016768965,"d":"507,007.52"}},{"v":507007.52016768965,"d":"507,007.52"},{"v":507007.52016768965,"d":"507,007.52"},{"v":507007.52016768965,"d":"507,007.52"},{"v":507007.52016768965,"d":"507,007.52"},{"v":507007.52016768965,"d":"507,007.52"},{"v":507007.52016768965,"d":"507,007.52"},{"v":507007.52016768965,"d":"507,007.52"},{"v":507007.52016768965,"d":"507,007.52"},{"v":507007.52016768965,"d":"507,007.52"},{"v":507007.52016768965,"d":"507,007.52"},{"v":507007.52016768965,"d":"507,007.52"},{"$f":"+U96*12","v":{"v":507007.52016768965,"d":"507,007.52"}}]

{"sheet":"7. INVESTIMENTO FROTA","index":8,"n_rows":387,"n_cols":40,"rows_kept":387,"merged":[[12,2,12,5],[13,2,13,3],[28,2,28,5],[29,2,29,3],[44,2,44,5],[45,2,45,3],[63,2,63,5],[64,2,64,3],[79,2,79,5],[80,2,80,3],[95,2,95,5],[96,2,96,3],[114,2,114,5],[115,2,115,3],[130,2,130,5],[131,2,131,3],[146,2,146,5],[147,2,147,3],[163,2,163,5],[164,2,164,3],[185,2,185,3],[200,2,200,3],[215,2,215,3],[230,2,230,3],[245,2,245,3],[260,2,260,3],[277,2,277,5],[278,2,278,3],[292,2,292,5],[293,2,293,3],[307,2,307,5],[308,2,308,3],[325,2,325,5],[326,2,326,3],[340,2,340,5],[341,2,341,3],[355,2,355,5],[356,2,356,3],[371,2,371,5],[372,2,372,3]]}
[]
[{"$nulls":4},"SECRETARIA MUNICIPAL DE DESENVOLVIMENTO URBANO"]
[{"$nulls":4},{"$f":"MENU!$B$3&\"  -  \"&+MENU!$B$4","v":"CONCORRÊNCIA Nº 003/18  -  "}]
[{"$nulls":4},{"$f":"+MENU!$C$2","v":"ESTUDO TÉCNICO DE VIABILIDADE ECONÔMICA DA OPERAÇÃO DO SERVIÇO DE TRANSPORTE COLETIVO DA CIDADE DE AMPARO"}]
[{"$nulls":4},{"$f":"+MENU!$C$3","v":"ANEXO IV.1 - ESTUDO TÉCNICO DE VIABILIDADE ECONÔMICA - ORÇAMENTO ESTIMADO"},{"$nulls":15},{"$f":"+MENU!$C$5","v":"DATA BASE DE CÁLCULO: MARÇO 2020"}]
[]
[null,"7. - INVESTIMENTOS EM FROTA"]
[]
[null,"7.1. - AQUISIÇÃO, REVENDA E MOVIMENTAÇÃO DA FROTA (QUANTITATIVO)"]
[]
[null,null,"7.1.1. - AQUISIÇÃO DE VEÍCULOS DA FROTA"]
[]
[1,null,{"$f":"\"7.1.1.1 - \"&VLOOKUP(A13,TIPOLOGIA!$D$10:$E$12,2,0)","v":"7.1.1.1 - MICROÔNIBUS"}]
[null,null,"FAIXA ETÁRIA",null,"Pré-Operacional",1,{"$f":"+F14+1","v":2},3,4,5,6,7,8,9,10,11,12,13,14,15]
[null,null,0,"00 a 01 ano",{"$nulls":5},4,{"$nulls":7},4]
[null,null,1,"01 a 02 ano"]
[null,null,2,"02 a 03 ano"]
[null,null,3,"03 a 04 ano"]
[null,null,4,"04 a 05 ano"]
[null,null,5,"05 a 06 ano",4]
[null,null,6,"06 a 07 ano"]
[null,null,7,"07 a 08 ano"]
[null,null,8,"08 a 09 ano"]
[null,null,9,"09 a 10 ano"]
[null,null,10,"+10 anos"]
[null,null,"Total Veículos",null,{"$f":"SUM(E15:E25)","v":4},{"$f":"SUM(F15:F25)","v":0},0,0,0,4,0,0,0,0,0,0,0,4,0,0]
[null,null,{"$f":"\"Idade Média - \"&VLOOKUP(A13,TIPOLOGIA!$D$10:$E$12,2,0)","v":"Idade Média - MICROÔNIBUS"},null,{"$f":"IFERROR(SUMPRODUCT($C15:$C25,E15:E25)/E26,\"-\")","v":{"v":5,"d":"5.00"}},{"$f":"IFERROR(SUMPRODUCT($C15:$C25,F15:F25)/F26,\"-\")","v":"-"},"-","-","-",{"v":0,"d":"0.00"},"-","-","-","-","-","-","-",{"v":0,"d":"0.00"},"-","-"]
[]
[2,null,{"$f":"\"7.1.1.2 - \"&VLOOKUP(A29,TIPOLOGIA!$D$10:$E$12,2,0)","v":"7.1.1.2 - CONVENCIONAL"}]
[null,null,"FAIXA ETÁRIA",null,"Pré-Operacional",1,{"$f":"+F30+1","v":2},3,4,5,6,7,8,9,10,11,12,13,14,15]
[null,null,0,"00 a 01 ano",null,null,3,2,2,3,{"$nulls":3},1,1,3,2,3]
[null,null,1,"01 a 02 ano"]
[null,null,2,"02 a 03 ano"]
[null,null,3,"03 a 04 ano"]
[null,null,4,"04 a 05 ano"]
[null,null,5,"05 a 06 ano",10]
[null,null,6,"06 a 07 ano"]
[null,null,7,"07 a 08 ano"]
[null,null,8,"08 a 09 ano"]
[null,null,9,"09 a 10 ano"]
[null,null,10,"+10 anos"]
[null,null,"Total Veículos",null,{"$f":"SUM(E31:E41)","v":10},0,3,2,2,3,0,0,0,1,1,3,2,3,0,0]
[null,null,{"$f":"\"Idade Média - \"&VLOOKUP(A29,TIPOLOGIA!$D$10:$E$12,2,0)","v":"Idade Média - CONVENCIONAL"},null,{"$f":"IFERROR(SUMPRODUCT($C31:$C41,E31:E41)/E42,\"-\")","v":{"v":5,"d":"5.00"}},"-",{"v":0,"d":"0.00"},{"v":0,"d":"0.00"},{"v":0,"d":"0.00"},{"v":0,"d":"0.00"},"-","-","-",{"v":0,"d":"0.00"},{"v":0,"d":"0.00"},{"v":0,"d":"0.00"},{"v":0,"d":"0.00"},{"v":0,"d":"0.00"},"-","-"]
[]
[3,null,{"$f":"\"7.1.1.3 - \"&VLOOKUP(A45,TIPOLOGIA!$D$10:$E$12,2,0)","v":"7.1.1.3 - -"}]
[null,null,"FAIXA ETÁRIA",null,"Pré-Operacional",1,{"$f":"+F46+1","v":2},3,4,5,6,7,8,9,10,11,12,13,14,15]
[null,null,0,"00 a 01 ano"]
[null,null,1,"01 a 02 ano"]
[null,null,2,"02 a 03 ano"]
[null,null,3,"03 a 04 ano"]
[null,null,4,"04 a 05 ano"]
[null,null,5,"05 a 06 ano"]
[null,null,6,"06 a 07 ano"]
[null,null,7,"07 a 08 ano"]
[null,null,8,"08 a 09 ano"]
[null,null,9,"09 a 10 ano"]
[null,null,10,"+10 anos"]
[null,null,"Total Veículos",null,{"$f":"SUM(E47:E57)","v":0},0,0,0,0,0,0,0,0,0,0,0,0,0,0,0]
[null,null,{"$f":"\"Idade Média - \"&VLOOKUP(A45,TIPOLOGIA!$D$10:$E$12,2,0)","v":"Idade Média - -"},null,{"$f":"IFERROR(SUMPRODUCT($C47:$C57,E47:E57)/E58,\"-\")","v":"-"},"-","-","-","-","-","-","-","-","-","-","-","-","-","-","-"]
[]
[]
[null,null,"7.1.2. - REVENDA DE VEÍCULOS DA FROTA"]
[]
[1,null,{"$f":"\"7.1.2.1 - \"&VLOOKUP(A64,TIPOLOGIA!$D$10:$E$12,2,0)","v":"7.1.2.1 - MICROÔNIBUS"}]
[null,null,"FAIXA ETÁRIA",null,"Pré-Operacional",1,{"$f":"+F65+1","v":2},3,4,5,6,7,8,9,10,11,12,13,14,15,"Encerramento"]
[null,null,0,"00 a 01 ano",{"$nulls":16},{"$f":"U117","v":0}]
[null,null,1,"01 a 02 ano",{"$nulls":16},{"$f":"U118","v":0}]
[null,null,2,"02 a 03 ano",{"$nulls":16},0]
[null,null,3,"03 a 04 ano",{"$nulls":16},4]
[null,null,4,"04 a 05 ano",{"$nulls":16},0]
[null,null,5,"05 a 06 ano",{"$nulls":16},0]
[null,null,6,"06 a 07 ano",{"$nulls":16},0]
[null,null,7,"07 a 08 ano",{"$nulls":16},0]
[null,null,8,"08 a 09 ano",{"$nulls":13},{"$f":"+R15","v":4},null,null,0]
[null,null,9,"09 a 10 ano",{"$nulls":5},4,{"$nulls":10},0]
[null,null,10,"+10 anos",{"$nulls":16},0]
[null,null,"Total Veículos",null,{"$f":"SUM(E66:E76)","v":0},0,0,0,0,4,0,0,0,0,0,0,0,4,0,0,4]
[null,null,{"$f":"\"Idade Média - \"&VLOOKUP(A64,TIPOLOGIA!$D$10:$E$12,2,0)","v":"Idade Média - MICROÔNIBUS"},null,{"$f":"IFERROR(SUMPRODUCT($C66:$C76,E66:E76)/E77,\"-\")","v":"-"},"-","-","-","-",{"v":9,"d":"9.00"},"-","-","-","-","-","-","-",{"v":8,"d":"8.00"},"-","-",{"v":3,"d":"3.00"}]
[]
[2,null,{"$f":"\"7.1.2.2 - \"&VLOOKUP(A80,TIPOLOGIA!$D$10:$E$12,2,0)","v":"7.1.2.2 - CONVENCIONAL"}]
[null,null,"FAIXA ETÁRIA",null,"Pré-Operacional",1,{"$f":"+F81+1","v":2},3,4,5,6,7,8,9,10,11,12,13,14,15,"Encerramento"]
[null,null,0,"00 a 01 ano",{"$nulls":16},{"$f":"U133","v":0}]
[null,null,1,"01 a 02 ano",{"$nulls":16},{"$f":"U134","v":0}]
[null,null,2,"02 a 03 ano",{"$nulls":16},0]
[null,null,3,"03 a 04 ano",{"$nulls":16},3]
[null,null,4,"04 a 05 ano",{"$nulls":16},2]
[null,null,5,"05 a 06 ano",{"$nulls":16},3]
[null,null,6,"06 a 07 ano",null,null,{"$f":"+G31","v":3},{"$nulls":13},1]
[null,null,7,"07 a 08 ano",{"$nulls":3},{"$f":"+H31","v":2},{"$nulls":5},1,{"$nulls":6},1]
[null,null,8,"08 a 09 ano",{"$nulls":4},{"$f":"+I31","v":2},{"$nulls":5},{"$f":"+O31","v":1},2,2,{"$f":"+R31","v":3},null,null,0]
[null,null,9,"09 a 10 ano",{"$nulls":5},{"$f":"+J31","v":3},{"$nulls":5},1,{"$nulls":4},0]
[null,null,10,"+10 anos",{"$nulls":16},0]
[null,null,"Total Veículos",null,{"$f":"SUM(E82:E92)","v":0},0,3,2,2,3,0,0,0,1,1,3,2,3,0,0,10]
[null,null,{"$f":"\"Idade Média - \"&VLOOKUP(A80,TIPOLOGIA!$D$10:$E$12,2,0)","v":"Idade Média - CONVENCIONAL"},null,{"$f":"IFERROR(SUMPRODUCT($C82:$C92,E82:E92)/E93,\"-\")","v":"-"},"-",{"v":6,"d":"6.00"},{"v":7,"d":"7.00"},{"v":8,"d":"8.00"},{"v":9,"d":"9.00"},"-","-","-",{"v":7,"d":"7.00"},{"v":8,"d":"8.00"},{"v":8.333333333333334,"d":"8.33"},{"v":8,"d":"8.00"},{"v":8,"d":"8.00"},"-","-",{"v":4.5,"d":"4.50"}]
[]
[3,null,{"$f":"\"7.1.2.3 - \"&VLOOKUP(A96,TIPOLOGIA!$D$10:$E$12,2,0)","v":"7.1.2.3 - -"}]
[null,null,"FAIXA ETÁRIA",null,"Pré-Operacional",1,{"$f":"+F97+1","v":2},3,4,5,6,7,8,9,10,11,12,13,14,15,"Encerramento"]
[null,null,0,"00 a 01 ano",{"$nulls":16},{"$f":"U149","v":0}]
[null,null,1,"01 a 02 ano",{"$nulls":16},{"$f":"U150","v":0}]
[null,null,2,"02 a 03 ano",{"$nulls":16},0]
[null,null,3,"03 a 04 ano",{"$nulls":16},0]
[null,null,4,"04 a 05 ano",{"$nulls":16},0]
[null,null,5,"05 a 06 ano",{"$nulls":16},0]
[null,null,6,"06 a 07 ano",{"$nulls":16},0]
[null,null,7,"07 a 08 ano",{"$nulls":16},0]
[null,null,8,"08 a 09 ano",{"$nulls":16},0]
[null,null,9,"09 a 10 ano",{"$nulls":16},0]
[null,null,10,"+10 anos",{"$nulls":16},0]
[null,null,"Total Veículos",null,{"$f":"SUM(E98:E108)","v":0},0,0,0,0,0,0,0,0,0,0,0,0,0,0,0,0]
[null,null,{"$f":"\"Idade Média - \"&VLOOKUP(A96,TIPOLOGIA!$D$10:$E$12,2,0)","v":"Idade Média - -"},null,{"$f":"IFERROR(SUMPRODUCT($C98:$C108,E98:E108)/E109,\"-\")","v":"-"},"-","-","-","-","-","-","-","-","-","-","-","-","-","-","-","-"]
[]
[]
[null,null,"7.1.3. - MOVIMENTAÇÃO DE VEÍCULOS DA FROTA"]
[]
[1,null,{"$f":"\"7.1.3.1 - \"&VLOOKUP(A115,TIPOLOGIA!$D$10:$E$12,2,0)","v":"7.1.3.1 - MICROÔNIBUS"}]
[null,null,"FAIXA ETÁRIA",null,"Pré-Operacional",1,{"$f":"+F116+1","v":2},3,4,5,6,7,8,9,10,11,12,13,14,15,"Encerramento"]
[null,null,0,"00 a 01 ano",{"$f":"E15-E66","v":0},{"$f":"E117+F15-F66","v":0},{"$f":"G15-G66","v":0},{"$f":"H15-H66","v":0},0,4,0,0,0,0,0,0,0,4,0,0,{"$f":"T117","v":0}]
[null,null,1,"01 a 02 ano",0,{"$f":"E118+F16-F67","v":0},{"$f":"F117+G16-G67","v":0},{"$f":"G117+H16-H67","v":0},0,0,4,0,0,0,0,0,0,0,4,0,{"$f":"+T117","v":0}]
[null,null,2,"02 a 03 ano",0,0,{"$f":"F118+G17-G68","v":0},{"$f":"G118+H17-H68","v":0},0,0,0,4,0,0,0,0,0,0,0,4,{"$f":"+T118","v":0}]
[null,null,3,"03 a 04 ano",0,0,0,{"$f":"G119+H18-H69","v":0},0,0,0,0,4,0,0,0,0,0,0,0,4]
[null,null,4,"04 a 05 ano",0,0,0,{"$f":"G120+H19-H70","v":0},0,0,0,0,0,4,0,0,0,0,0,0,0]
[null,null,5,"05 a 06 ano",4,4,0,{"$f":"G121+H20-H71","v":0},0,0,0,0,0,0,4,0,0,0,0,0,0]
[null,null,6,"06 a 07 ano",0,0,4,{"$f":"G122+H21-H72","v":0},0,0,0,0,0,0,0,4,0,0,0,0,0]
[null,null,7,"07 a 08 ano",0,0,0,{"$f":"G123+H22-H73","v":4},0,0,0,0,0,0,0,0,4,0,0,0,0]
[null,null,8,"08 a 09 ano",0,0,0,{"$f":"G124+H23-H74","v":0},4,0,0,0,0,0,0,0,0,0,0,0,0]
[null,null,9,"09 a 10 ano",0,0,0,{"$f":"G125+H24-H75","v":0},0,0,0,0,0,0,0,0,0,0,0,0,0]
[null,null,10,"+10 anos",0,0,0,{"$f":"G126+H25-H76","v":0},0,0,0,0,0,0,0,0,0,0,0,0,0]
[null,null,"Total Veículos",null,{"$f":"SUM(E117:E127)","v":4},4,4,4,4,4,4,4,4,4,4,4,4,4,4,4,4]
[null,null,{"$f":"\"Idade Média - \"&VLOOKUP(A115,TIPOLOGIA!$D$10:$E$12,2,0)","v":"Idade Média - MICROÔNIBUS"},null,{"$f":"IFERROR(SUMPRODUCT($C117:$C127,E117:E127)/E128,\"-\")","v":{"v":5,"d":"5.00"}},{"v":5,"d":"5.00"},{"v":6,"d":"6.00"},{"v":7,"d":"7.00"},{"v":8,"d":"8.00"},{"v":0,"d":"0.00"},{"v":1,"d":"1.00"},{"v":2,"d":"2.00"},{"v":3,"d":"3.00"},{"v":4,"d":"4.00"},{"v":5,"d":"5.00"},{"v":6,"d":"6.00"},{"v":7,"d":"7.00"},{"v":0,"d":"0.00"},{"v":1,"d":"1.00"},{"v":2,"d":"2.00"},{"v":3,"d":"3.00"}]
[]
[2,null,{"$f":"\"7.1.3.2 - \"&VLOOKUP(A131,TIPOLOGIA!$D$10:$E$12,2,0)","v":"7.1.3.2 - CONVENCIONAL"}]
[null,null,"FAIXA ETÁRIA",null,"Pré-Operacional",1,{"$f":"+F132+1","v":2},3,4,5,6,7,8,9,10,11,12,13,14,15,"Encerramento"]
[null,null,0,"00 a 01 ano",{"$f":"E31-E82","v":0},{"$f":"E133+F31-F82","v":0},{"$f":"G31-G82","v":3},{"$f":"H31-H82","v":2},2,3,0,0,0,1,1,3,2,3,0,0,{"$f":"+T133","v":0}]
[null,null,1,"01 a 02 ano",0,{"$f":"E134+F32-F83","v":0},{"$f":"F133+G32-G83","v":0},{"$f":"G133+H32-H83","v":3},2,2,3,0,0,0,1,1,3,2,3,0,{"$f":"+T133","v":0}]
[null,null,2,"02 a 03 ano",0,0,{"$f":"F134+G33-G84","v":0},0,3,2,2,3,0,0,0,1,1,3,2,3,{"$f":"+T134","v":0}]
[null,null,3,"03 a 04 ano",0,0,{"$f":"F135+G34-G85","v":0},0,0,3,2,2,3,0,0,0,1,1,3,2,3]
[null,null,4,"04 a 05 ano",0,0,{"$f":"F136+G35-G86","v":0},0,0,0,3,2,2,3,0,0,0,1,1,3,2]
[null,null,5,"05 a 06 ano",10,10,{"$f":"F137+G36-G87","v":0},0,0,0,0,3,2,2,3,0,0,0,1,1,3]
[null,null,6,"06 a 07 ano",0,0,{"$f":"F138+G37-G88","v":7},0,0,0,0,0,3,2,2,3,0,0,0,1,1]
[null,null,7,"07 a 08 ano",0,0,{"$f":"F139+G38-G89","v":0},5,0,0,0,0,0,2,2,2,3,0,0,0,1]
[null,null,8,"08 a 09 ano",0,0,{"$f":"F140+G39-G90","v":0},0,3,0,0,0,0,0,1,0,0,0,0,0,0]
[null,null,9,"09 a 10 ano",0,0,{"$f":"F141+G40-G91","v":0},0,0,0,0,0,0,0,0,0,0,0,0,0,0]
[null,null,10,"+10 anos",0,0,{"$f":"F142+G41-G92","v":0},0,0,0,0,0,0,0,0,0,0,0,0,0,0]
[null,null,"Total Veículos",null,{"$f":"SUM(E133:E143)","v":10},10,10,10,10,10,10,10,10,10,10,10,10,10,10,10,10]
[null,null,{"$f":"\"Idade Média - \"&VLOOKUP(A131,TIPOLOGIA!$D$10:$E$12,2,0)","v":"Idade Média - CONVENCIONAL"},null,{"$f":"IFERROR(SUMPRODUCT($C133:$C143,E133:E143)/E144,\"-\")","v":{"v":5,"d":"5.00"}},{"v":5,"d":"5.00"},{"v":4.2,"d":"4.20"},{"v":3.8,"d":"3.80"},{"v":3.2,"d":"3.20"},{"v":1.5,"d":"1.50"},{"v":2.5,"d":"2.50"},{"v":3.5,"d":"3.50"},{"v":4.5,"d":"4.50"},{"v":4.8,"d":"4.80"},{"v":5,"d":"5.00"},{"v":3.5,"d":"3.50"},{"v":2.9,"d":"2.90"},{"v":1.5,"d":"1.50"},{"v":2.5,"d":"2.50"},{"v":3.5,"d":"3.50"},{"v":4.5,"d":"4.50"}]
[]
[3,null,{"$f":"\"7.1.3.3 - \"&VLOOKUP(A147,TIPOLOGIA!$D$10:$E$12,2,0)","v":"7.1.3.3 - -"}]
[null,null,"FAIXA ETÁRIA",null,"Pré-Operacional",1,{"$f":"+F148+1","v":2},3,4,5,6,7,8,9,10,11,12,13,14,15,"Encerramento"]
[null,null,0,"00 a 01 ano",{"$f":"E47-E98","v":0},{"$f":"E149+F47-F98","v":0},{"$f":"G47-G98","v":0},{"$f":"H47-H98","v":0},0,0,0,0,0,0,0,0,0,0,0,0,{"$f":"T149","v":0}]
[null,null,1,"01 a 02 ano",0,{"$f":"E150+F48-F99","v":0},{"$f":"F149+G48-G99","v":0},{"$f":"G149+H48-H99","v":0},0,0,0,0,0,0,0,0,0,0,0,0,{"$f":"+T149","v":0}]
[null,null,2,"02 a 03 ano",0,0,{"$f":"F150+G49-G100","v":0},0,0,0,0,0,0,0,0,0,0,0,0,0,{"$f":"+T150","v":0}]
[null,null,3,"03 a 04 ano",0,0,{"$f":"F151+G50-G101","v":0},0,0,0,0,0,0,0,0,0,0,0,0,0,0]
[null,null,4,"04 a 05 ano",0,0,{"$f":"F152+G51-G102","v":0},0,0,0,0,0,0,0,0,0,0,0,0,0,0]
[null,null,5,"05 a 06 ano",0,0,{"$f":"F153+G52-G103","v":0},0,0,0,0,0,0,0,0,0,0,0,0,0,0]
[null,null,6,"06 a 07 ano",0,0,{"$f":"F154+G53-G104","v":0},0,0,0,0,0,0,0,0,0,0,0,0,0,0]
[null,null,7,"07 a 08 ano",0,0,{"$f":"F155+G54-G105","v":0},0,0,0,0,0,0,0,0,0,0,0,0,0,0]
[null,null,8,"08 a 09 ano",0,0,{"$f":"F156+G55-G106","v":0},0,0,0,0,0,0,0,0,0,0,0,0,0,0]
[null,null,9,"09 a 10 ano",0,0,{"$f":"F157+G56-G107","v":0},0,0,0,0,0,0,0,0,0,0,0,0,0,0]
[null,null,10,"+10 anos",0,0,{"$f":"F159+F158+G57-G108","v":0},0,0,0,0,0,0,0,0,0,0,0,0,0,0]
[null,null,"Total Veículos",null,{"$f":"SUM(E149:E159)","v":0},0,0,0,0,0,0,0,0,0,0,0,0,0,0,0,0]
[null,null,{"$f":"\"Idade Média - \"&VLOOKUP(A147,TIPOLOGIA!$D$10:$E$12,2,0)","v":"Idade Média - -"},null,{"$f":"IFERROR(SUMPRODUCT($C149:$C159,E149:E159)/E160,\"-\")","v":"-"},"-","-","-","-","-","-","-","-","-","-","-","-","-","-","-","-"]
[]
[]
[3,null,"7.1.3.4 - TOTALIZAÇÃO DE VEÍCULOS DA FROTA"]
[null,null,"FAIXA ETÁRIA",null,"Pré-Operacional",1,{"$f":"+F165+1","v":2},3,4,5,6,7,8,9,10,11,12,13,14,15,"Encerramento"]
[null,null,0,"00 a 01 ano",{"$f":"SUM(E117,E133,E149)","v":0},{"$f":"SUM(F117,F133,F149)","v":0},3,2,2,7,0,0,0,1,1,3,2,7,0,0,{"$f":"SUM(U117,U133,U149)","v":0}]
[null,null,1,"01 a 02 ano",{"$f":"SUM(E118,E134,E150)","v":0},0,0,3,2,2,7,0,0,0,1,1,3,2,7,0,{"$f":"SUM(U118,U134,U150)","v":0}]
[null,null,2,"02 a 03 ano",{"$f":"SUM(E119,E135,E151)","v":0},0,0,0,3,2,2,7,0,0,0,1,1,3,2,7,{"$f":"SUM(U119,U135,U151)","v":0}]
[null,null,3,"03 a 04 ano",{"$f":"SUM(E120,E136,E152)","v":0},0,0,0,0,3,2,2,7,0,0,0,1,1,3,2,{"$f":"SUM(U120,U136,U152)","v":7}]
[null,null,4,"04 a 05 ano",{"$f":"SUM(E121,E137,E153)","v":0},0,0,0,0,0,3,2,2,7,0,0,0,1,1,3,{"$f":"SUM(U121,U137,U153)","v":2}]
[null,null,5,"05 a 06 ano",{"$f":"SUM(E122,E138,E154)","v":14},14,0,0,0,0,0,3,2,2,7,0,0,0,1,1,{"$f":"SUM(U122,U138,U154)","v":3}]
[null,null,6,"06 a 07 ano",{"$f":"SUM(E123,E139,E155)","v":0},0,11,0,0,0,0,0,3,2,2,7,0,0,0,1,{"$f":"SUM(U123,U139,U155)","v":1}]
[null,null,7,"07 a 08 ano",{"$f":"SUM(E124,E140,E156)","v":0},0,0,9,0,0,0,0,0,2,2,2,7,0,0,0,{"$f":"SUM(U124,U140,U156)","v":1}]
[null,null,8,"08 a 09 ano",{"$f":"SUM(E125,E141,E157)","v":0},0,0,0,7,0,0,0,0,0,1,0,0,0,0,0,{"$f":"SUM(U125,U141,U157)","v":0}]
[null,null,9,"09 a 10 ano",{"$f":"SUM(E126,E142,E158)","v":0},0,0,0,0,0,0,0,0,0,0,0,0,0,0,0,{"$f":"SUM(U126,U142,U158)","v":0}]
[null,null,10,"+10 anos",{"$f":"SUM(E127,E143,E159)","v":0},0,0,0,0,0,0,0,0,0,0,0,0,0,0,0,{"$f":"SUM(U127,U143,U159)","v":0}]
[null,null,"Total Veículos",null,{"$f":"SUM(E166:E176)","v":14},14,14,14,14,14,14,14,14,14,14,14,14,14,14,14,{"$f":"SUM(U166:U176)","v":14}]
[null,null,"IDADE MÉDIA DA FROTA",null,{"$f":"IFERROR(SUMPRODUCT($C166:$C176,E166:E176)/E177,\"-\")","v":{"v":5,"d":"5.00"}},{"v":5,"d":"5.00"},{"v":4.714285714285714,"d":"4.71"},{"v":4.714285714285714,"d":"4.71"},{"v":4.571428571428571,"d":"4.57"},{"v":1.0714285714285714,"d":"1.07"},{"v":2.0714285714285716,"d":"2.07"},{"v":3.0714285714285716,"d":"3.07"},{"v":4.071428571428571,"d":"4.07"},{"v":4.571428571428571,"d":"4.57"},{"v":5,"d":"5.00"},{"v":4.214285714285714,"d":"4.21"},{"v":4.071428571428571,"d":"4.07"},{"v":1.0714285714285714,"d":"1.07"},{"v":2.0714285714285716,"d":"2.07"},{"v":3.0714285714285716,"d":"3.07"},{"$f":"IFERROR(SUMPRODUCT($C166:$C176,U166:U176)/U177,\"-\")","v":{"v":4.071428571428571,"d":"4.07"}},{"$nulls":3},"Pré-Operacional",1,{"$f":"+Z178+1","v":2},3,4,5,6,7,8,9,10,11,12,13,14,15]
[{"$nulls":22},1,{"$f":"\"Idade Média - \"&VLOOKUP(W179,TIPOLOGIA!$D$10:$E$12,2,0)","v":"Idade Média - MICROÔNIBUS"},{"$f":"E129","v":{"v":5,"d":"5.00"}},{"$f":"F129","v":{"v":5,"d":"5.00"}},{"v":6,"d":"6.00"},{"v":7,"d":"7.00"},{"v":8,"d":"8.00"},{"v":0,"d":"0.00"},{"v":1,"d":"1.00"},{"v":2,"d":"2.00"},{"v":3,"d":"3.00"},{"v":4,"d":"4.00"},{"v":5,"d":"5.00"},{"v":6,"d":"6.00"},{"v":7,"d":"7.00"},{"v":0,"d":"0.00"},{"v":1,"d":"1.00"},{"v":2,"d":"2.00"}]
[{"$nulls":22},2,{"$f":"\"Idade Média - \"&VLOOKUP(W180,TIPOLOGIA!$D$10:$E$12,2,0)","v":"Idade Média - CONVENCIONAL"},{"$f":"+E145","v":{"v":5,"d":"5.00"}},{"$f":"+F145","v":{"v":5,"d":"5.00"}},{"v":4.2,"d":"4.20"},{"v":3.8,"d":"3.80"},{"v":3.2,"d":"3.20"},{"v":1.5,"d":"1.50"},{"v":2.5,"d":"2.50"},{"v":3.5,"d":"3.50"},{"v":4.5,"d":"4.50"},{"v":4.8,"d":"4.80"},{"v":5,"d":"5.00"},{"v":3.5,"d":"3.50"},{"v":2.9,"d":"2.90"},{"v":1.5,"d":"1.50"},{"v":2.5,"d":"2.50"},{"v":3.5,"d":"3.50"}]
[null,"7.2. - AQUISIÇÃO, REVENDA E MOVIMENTAÇÃO DA FROTA (INVESTIMENTO VALORE EM REAIS - R$)",{"$nulls":20},3,{"$f":"\"Idade Média - \"&VLOOKUP(W181,TIPOLOGIA!$D$10:$E$12,2,0)","v":"Idade Média - -"},{"$f":"+E161","v":"-"},{"$f":"+F161","v":"-"},"-","-","-","-","-","-","-","-","-","-","-","-","-","-"]
[{"$nulls":23},"IDADE MÉDIA DA FROTA",{"$f":"+E178","v":{"v":5,"d":"5.00"}},{"$f":"+F178","v":{"v":5,"d":"5.00"}},{"v":4.714285714285714,"d":"4.71"},{"v":4.714285714285714,"d":"4.71"},{"v":4.571428571428571,"d":"4.57"},{"v":1.0714285714285714,"d":"1.07"},{"v":2.0714285714285716,"d":"2.07"},{"v":3.0714285714285716,"d":"3.07"},{"v":4.071428571428571,"d":"4.07"},{"v":4.571428571428571,"d":"4.57"},{"v":5,"d":"5.00"},{"v":4.214285714285714,"d":"4.21"},{"v":4.071428571428571,"d":"4.07"},{"v":1.0714285714285714,"d":"1.07"},{"v":2.0714285714285716,"d":"2.07"},{"v":3.0714285714285716,"d":"3.07"}]
[null,null,"7.2.1. - INVESTIMENTOS EM VEÍCULOS DA FROTA (VALORES EM REAIS)",{"$nulls":20},"LIMITE IDADE MÉDIA",5,5,5,5,5,5,5,5,5,5,5,5,5,5,5,5]
[]
[1,null,{"$f":"\"7.2.1.1 - \"&VLOOKUP(A185,TIPOLOGIA!$D$10:$E$12,2,0)&\" para cálculo dos investimentos em frota\"","v":"7.2.1.1 - MICROÔNIBUS para cálculo dos investimentos em frota"}]
[null,null,"FAIXA ETÁRIA",null,"Pré-Operacional",1,{"$f":"+F186+1","v":2},3,4,5,6,7,8,9,10,11,12,13,14,15]
[null,null,0,"00 a 01 ano",{"$f":"E15*'3. PREÇOS INSUMOS'!G51","v":0},{"$f":"F15*'3. PREÇOS INSUMOS'!H51","v":0},{"$f":"G15*'3. PREÇOS INSUMOS'!I51","v":0},{"$f":"H15*'3. PREÇOS INSUMOS'!J51","v":0},{"$f":"I15*'3. PREÇOS INSUMOS'!K51","v":0},{"$f":"J15*'3. PREÇOS INSUMOS'!L51","v":{"v":1236000,"d":"1,236,000"}},{"$f":"K15*'3. PREÇOS INSUMOS'!M51","v":0},{"$f":"L15*'3. PREÇOS INSUMOS'!N51","v":0},{"$f":"M15*'3. PREÇOS INSUMOS'!O51","v":0},{"$f":"N15*'3. PREÇOS INSUMOS'!P51","v":0},{"$f":"O15*'3. PREÇOS INSUMOS'!Q51","v":0},{"$f":"P15*'3. PREÇOS INSUMOS'!R51","v":0},{"$f":"Q15*'3. PREÇOS INSUMOS'!S51","v":0},{"$f":"R15*'3. PREÇOS INSUMOS'!T51","v":{"v":1236000,"d":"1,236,000"}},{"$f":"S15*'3. PREÇOS INSUMOS'!U51","v":0},{"$f":"T15*'3. PREÇOS INSUMOS'!V51","v":0}]
[null,null,1,"01 a 02 ano",{"$f":"E16*'3. PREÇOS INSUMOS'!G52","v":0},{"$f":"F16*'3. PREÇOS INSUMOS'!H52","v":0},{"$f":"G16*'3. PREÇOS INSUMOS'!I52","v":0},{"$f":"H16*'3. PREÇOS INSUMOS'!J52","v":0},{"$f":"I16*'3. PREÇOS INSUMOS'!K52","v":0},{"$f":"J16*'3. PREÇOS INSUMOS'!L52","v":0},{"$f":"K16*'3. PREÇOS INSUMOS'!M52","v":0},{"$f":"L16*'3. PREÇOS INSUMOS'!N52","v":0},{"$f":"M16*'3. PREÇOS INSUMOS'!O52","v":0},{"$f":"N16*'3. PREÇOS INSUMOS'!P52","v":0},{"$f":"O16*'3. PREÇOS INSUMOS'!Q52","v":0},{"$f":"P16*'3. PREÇOS INSUMOS'!R52","v":0},{"$f":"Q16*'3. PREÇOS INSUMOS'!S52","v":0},{"$f":"R16*'3. PREÇOS INSUMOS'!T52","v":0},{"$f":"S16*'3. PREÇOS INSUMOS'!U52","v":0},{"$f":"T16*'3. PREÇOS INSUMOS'!V52","v":0}]
[null,null,2,"02 a 03 ano",{"$f":"E17*'3. PREÇOS INSUMOS'!G53","v":0},{"$f":"F17*'3. PREÇOS INSUMOS'!H53","v":0},{"$f":"G17*'3. PREÇOS INSUMOS'!I53","v":0},{"$f":"H17*'3. PREÇOS INSUMOS'!J53","v":0},{"$f":"I17*'3. PREÇOS INSUMOS'!K53","v":0},{"$f":"J17*'3. PREÇOS INSUMOS'!L53","v":0},{"$f":"K17*'3. PREÇOS INSUMOS'!M53","v":0},{"$f":"L17*'3. PREÇOS INSUMOS'!N53","v":0},{"$f":"M17*'3. PREÇOS INSUMOS'!O53","v":0},{"$f":"N17*'3. PREÇOS INSUMOS'!P53","v":0},{"$f":"O17*'3. PREÇOS INSUMOS'!Q53","v":0},{"$f":"P17*'3. PREÇOS INSUMOS'!R53","v":0},{"$f":"Q17*'3. PREÇOS INSUMOS'!S53","v":0},{"$f":"R17*'3. PREÇOS INSUMOS'!T53","v":0},{"$f":"S17*'3. PREÇOS INSUMOS'!U53","v":0},{"$f":"T17*'3. PREÇOS INSUMOS'!V53","v":0}]
[null,null,3,"03 a 04 ano",{"$f":"E18*'3. PREÇOS INSUMOS'!G54","v":0},{"$f":"F18*'3. PREÇOS INSUMOS'!H54","v":0},{"$f":"G18*'3. PREÇOS INSUMOS'!I54","v":0},{"$f":"H18*'3. PREÇOS INSUMOS'!J54","v":0},{"$f":"I18*'3. PREÇOS INSUMOS'!K54","v":0},{"$f":"J18*'3. PREÇOS INSUMOS'!L54","v":0},{"$f":"K18*'3. PREÇOS INSUMOS'!M54","v":0},{"$f":"L18*'3. PREÇOS INSUMOS'!N54","v":0},{"$f":"M18*'3. PREÇOS INSUMOS'!O54","v":0},{"$f":"N18*'3. PREÇOS INSUMOS'!P54","v":0},{"$f":"O18*'3. PREÇOS INSUMOS'!Q54","v":0},{"$f":"P18*'3. PREÇOS INSUMOS'!R54","v":0},{"$f":"Q18*'3. PREÇOS INSUMOS'!S54","v":0},{"$f":"R18*'3. PREÇOS INSUMOS'!T54","v":0},{"$f":"S18*'3. PREÇOS INSUMOS'!U54","v":0},{"$f":"T18*'3. PREÇOS INSUMOS'!V54","v":0}]
[null,null,4,"04 a 05 ano",{"$f":"E19*'3. PREÇOS INSUMOS'!G55","v":0},{"$f":"F19*'3. PREÇOS INSUMOS'!H55","v":0},{"$f":"G19*'3. PREÇOS INSUMOS'!I55","v":0},{"$f":"H19*'3. PREÇOS INSUMOS'!J55","v":0},{"$f":"I19*'3. PREÇOS INSUMOS'!K55","v":0},{"$f":"J19*'3. PREÇOS INSUMOS'!L55","v":0},{"$f":"K19*'3. PREÇOS INSUMOS'!M55","v":0},{"$f":"L19*'3. PREÇOS INSUMOS'!N55","v":0},{"$f":"M19*'3. PREÇOS INSUMOS'!O55","v":0},{"$f":"N19*'3. PREÇOS INSUMOS'!P55","v":0},{"$f":"O19*'3. PREÇOS INSUMOS'!Q55","v":0},{"$f":"P19*'3. PREÇOS INSUMOS'!R55","v":0},{"$f":"Q19*'3. PREÇOS INSUMOS'!S55","v":0},{"$f":"R19*'3. PREÇOS INSUMOS'!T55","v":0},{"$f":"S19*'3. PREÇOS INSUMOS'!U55","v":0},{"$f":"T19*'3. PREÇOS INSUMOS'!V55","v":0}]
[null,null,5,"05 a 06 ano",{"$f":"E20*'3. PREÇOS INSUMOS'!G56","v":{"v":360499.99999999994,"d":"360,500"}},{"$f":"F20*'3. PREÇOS INSUMOS'!H56","v":0},{"$f":"G20*'3. PREÇOS INSUMOS'!I56","v":0},{"$f":"H20*'3. PREÇOS INSUMOS'!J56","v":0},{"$f":"I20*'3. PREÇOS INSUMOS'!K56","v":0},{"$f":"J20*'3. PREÇOS INSUMOS'!L56","v":0},{"$f":"K20*'3. PREÇOS INSUMOS'!M56","v":0},{"$f":"L20*'3. PREÇOS INSUMOS'!N56","v":0},{"$f":"M20*'3. PREÇOS INSUMOS'!O56","v":0},{"$f":"N20*'3. PREÇOS INSUMOS'!P56","v":0},{"$f":"O20*'3. PREÇOS INSUMOS'!Q56","v":0},{"$f":"P20*'3. PREÇOS INSUMOS'!R56","v":0},{"$f":"Q20*'3. PREÇOS INSUMOS'!S56","v":0},{"$f":"R20*'3. PREÇOS INSUMOS'!T56","v":0},{"$f":"S20*'3. PREÇOS INSUMOS'!U56","v":0},{"$f":"T20*'3. PREÇOS INSUMOS'!V56","v":0}]
[null,null,6,"06 a 07 ano",{"$f":"E21*'3. PREÇOS INSUMOS'!G57","v":0},{"$f":"F21*'3. PREÇOS INSUMOS'!H57","v":0},{"$f":"G21*'3. PREÇOS INSUMOS'!I57","v":0},{"$f":"H21*'3. PREÇOS INSUMOS'!J57","v":0},{"$f":"I21*'3. PREÇOS INSUMOS'!K57","v":0},{"$f":"J21*'3. PREÇOS INSUMOS'!L57","v":0},{"$f":"K21*'3. PREÇOS INSUMOS'!M57","v":0},{"$f":"L21*'3. PREÇOS INSUMOS'!N57","v":0},{"$f":"M21*'3. PREÇOS INSUMOS'!O57","v":0},{"$f":"N21*'3. PREÇOS INSUMOS'!P57","v":0},{"$f":"O21*'3. PREÇOS INSUMOS'!Q57","v":0},{"$f":"P21*'3. PREÇOS INSUMOS'!R57","v":0},{"$f":"Q21*'3. PREÇOS INSUMOS'!S57","v":0},{"$f":"R21*'3. PREÇOS INSUMOS'!T57","v":0},{"$f":"S21*'3. PREÇOS INSUMOS'!U57","v":0},{"$f":"T21*'3. PREÇOS INSUMOS'!V57","v":0}]
[null,null,7,"07 a 08 ano",{"$f":"E22*'3. PREÇOS INSUMOS'!G58","v":0},{"$f":"F22*'3. PREÇOS INSUMOS'!H58","v":0},{"$f":"G22*'3. PREÇOS INSUMOS'!I58","v":0},{"$f":"H22*'3. PREÇOS INSUMOS'!J58","v":0},{"$f":"I22*'3. PREÇOS INSUMOS'!K58","v":0},{"$f":"J22*'3. PREÇOS INSUMOS'!L58","v":0},{"$f":"K22*'3. PREÇOS INSUMOS'!M58","v":0},{"$f":"L22*'3. PREÇOS INSUMOS'!N58","v":0},{"$f":"M22*'3. PREÇOS INSUMOS'!O58","v":0},{"$f":"N22*'3. PREÇOS INSUMOS'!P58","v":0},{"$f":"O22*'3. PREÇOS INSUMOS'!Q58","v":0},{"$f":"P22*'3. PREÇOS INSUMOS'!R58","v":0},{"$f":"Q22*'3. PREÇOS INSUMOS'!S58","v":0},{"$f":"R22*'3. PREÇOS INSUMOS'!T58","v":0},{"$f":"S22*'3. PREÇOS INSUMOS'!U58","v":0},{"$f":"T22*'3. PREÇOS INSUMOS'!V58","v":0}]
[null,null,8,"08 a 09 ano",{"$f":"E23*'3. PREÇOS INSUMOS'!G59","v":0},{"$f":"F23*'3. PREÇOS INSUMOS'!H59","v":0},{"$f":"G23*'3. PREÇOS INSUMOS'!I59","v":0},{"$f":"H23*'3. PREÇOS INSUMOS'!J59","v":0},{"$f":"I23*'3. PREÇOS INSUMOS'!K59","v":0},{"$f":"J23*'3. PREÇOS INSUMOS'!L59","v":0},{"$f":"K23*'3. PREÇOS INSUMOS'!M59","v":0},{"$f":"L23*'3. PREÇOS INSUMOS'!N59","v":0},{"$f":"M23*'3. PREÇOS INSUMOS'!O59","v":0},{"$f":"N23*'3. PREÇOS INSUMOS'!P59","v":0},{"$f":"O23*'3. PREÇOS INSUMOS'!Q59","v":0},{"$f":"P23*'3. PREÇOS INSUMOS'!R59","v":0},{"$f":"Q23*'3. PREÇOS INSUMOS'!S59","v":0},{"$f":"R23*'3. PREÇOS INSUMOS'!T59","v":0},{"$f":"S23*'3. PREÇOS INSUMOS'!U59","v":0},{"$f":"T23*'3. PREÇOS INSUMOS'!V59","v":0}]
[null,null,9,"09 a 10 ano",{"$f":"E24*'3. PREÇOS INSUMOS'!G60","v":0},{"$f":"F24*'3. PREÇOS INSUMOS'!H60","v":0},{"$f":"G24*'3. PREÇOS INSUMOS'!I60","v":0},{"$f":"H24*'3. PREÇOS INSUMOS'!J60","v":0},{"$f":"I24*'3. PREÇOS INSUMOS'!K60","v":0},{"$f":"J24*'3. PREÇOS INSUMOS'!L60","v":0},{"$f":"K24*'3. PREÇOS INSUMOS'!M60","v":0},{"$f":"L24*'3. PREÇOS INSUMOS'!N60","v":0},{"$f":"M24*'3. PREÇOS INSUMOS'!O60","v":0},{"$f":"N24*'3. PREÇOS INSUMOS'!P60","v":0},{"$f":"O24*'3. PREÇOS INSUMOS'!Q60","v":0},{"$f":"P24*'3. PREÇOS INSUMOS'!R60","v":0},{"$f":"Q24*'3. PREÇOS INSUMOS'!S60","v":0},{"$f":"R24*'3. PREÇOS INSUMOS'!T60","v":0},{"$f":"S24*'3. PREÇOS INSUMOS'!U60","v":0},{"$f":"T24*'3. PREÇOS INSUMOS'!V60","v":0}]
[null,null,10,"+10 anos",{"$f":"E25*'3. PREÇOS INSUMOS'!G61","v":0},{"$f":"F25*'3. PREÇOS INSUMOS'!H61","v":0},{"$f":"G25*'3. PREÇOS INSUMOS'!I61","v":0},{"$f":"H25*'3. PREÇOS INSUMOS'!J61","v":0},{"$f":"I25*'3. PREÇOS INSUMOS'!K61","v":0},{"$f":"J25*'3. PREÇOS INSUMOS'!L61","v":0},{"$f":"K25*'3. PREÇOS INSUMOS'!M61","v":0},{"$f":"L25*'3. PREÇOS INSUMOS'!N61","v":0},{"$f":"M25*'3. PREÇOS INSUMOS'!O61","v":0},{"$f":"N25*'3. PREÇOS INSUMOS'!P61","v":0},{"$f":"O25*'3. PREÇOS INSUMOS'!Q61","v":0},{"$f":"P25*'3. PREÇOS INSUMOS'!R61","v":0},{"$f":"Q25*'3. PREÇOS INSUMOS'!S61","v":0},{"$f":"R25*'3. PREÇOS INSUMOS'!T61","v":0},{"$f":"S25*'3. PREÇOS INSUMOS'!U61","v":0},{"$f":"T25*'3. PREÇOS INSUMOS'!V61","v":0}]
[null,null,"Total Veículos",null,{"$f":"SUM(E187:E197)","v":{"v":360499.99999999994,"d":"360,500"}},{"$f":"SUM(F187:F197)","v":0},0,0,0,{"v":1236000,"d":"1,236,000"},0,0,0,0,0,0,0,{"v":1236000,"d":"1,236,000"},0,0]
[]
[{"$nulls":3},"7.2.1.1.1. - MICROÔNIBUS (sem preço de rodagem para cálculo da depreciação)"]
[null,null,"FAIXA ETÁRIA",null,"Pré-Operacional",1,{"$f":"+F201+1","v":2},{"$f":"+G201+1","v":3},{"$f":"+H201+1","v":4},{"$f":"+I201+1","v":5},{"$f":"+J201+1","v":6},{"$f":"+K201+1","v":7},{"$f":"+L201+1","v":8},{"$f":"+M201+1","v":9},{"$f":"+N201+1","v":10},{"$f":"+O201+1","v":11},{"$f":"+P201+1","v":12},{"$f":"+Q201+1","v":13},{"$f":"+R201+1","v":14},{"$f":"+S201+1","v":15}]
[null,null,0,"00 a 01 ano",{"$f":"E15*'3. PREÇOS INSUMOS'!G104","v":0},{"$f":"F15*'3. PREÇOS INSUMOS'!G104","v":0},{"$f":"G15*'3. PREÇOS INSUMOS'!H104","v":0},{"$f":"H15*'3. PREÇOS INSUMOS'!I104","v":0},{"$f":"I15*'3. PREÇOS INSUMOS'!J104","v":0},{"$f":"J15*'3. PREÇOS INSUMOS'!K104","v":{"v":1223031.04,"d":"1,223,031"}},{"$f":"K15*'3. PREÇOS INSUMOS'!L104","v":0},{"$f":"L15*'3. PREÇOS INSUMOS'!M104","v":0},{"$f":"M15*'3. PREÇOS INSUMOS'!N104","v":0},{"$f":"N15*'3. PREÇOS INSUMOS'!O104","v":0},{"$f":"O15*'3. PREÇOS INSUMOS'!P104","v":0},{"$f":"P15*'3. PREÇOS INSUMOS'!Q104","v":0},{"$f":"Q15*'3. PREÇOS INSUMOS'!R104","v":0},{"$f":"R15*'3. PREÇOS INSUMOS'!S104","v":{"v":1223031.04,"d":"1,223,031"}},{"$f":"S15*'3. PREÇOS INSUMOS'!T104","v":0},{"$f":"T15*'3. PREÇOS INSUMOS'!U104","v":0}]
[null,null,1,"01 a 02 ano",{"$f":"E16*'3. PREÇOS INSUMOS'!G105","v":0},{"$f":"F16*'3. PREÇOS INSUMOS'!G105","v":0},{"$f":"G16*'3. PREÇOS INSUMOS'!H105","v":0},{"$f":"H16*'3. PREÇOS INSUMOS'!I105","v":0},{"$f":"I16*'3. PREÇOS INSUMOS'!J105","v":0},{"$f":"J16*'3. PREÇOS INSUMOS'!K105","v":0},{"$f":"K16*'3. PREÇOS INSUMOS'!L105","v":0},{"$f":"L16*'3. PREÇOS INSUMOS'!M105","v":0},{"$f":"M16*'3. PREÇOS INSUMOS'!N105","v":0},{"$f":"N16*'3. PREÇOS INSUMOS'!O105","v":0},{"$f":"O16*'3. PREÇOS INSUMOS'!P105","v":0},{"$f":"P16*'3. PREÇOS INSUMOS'!Q105","v":0},{"$f":"Q16*'3. PREÇOS INSUMOS'!R105","v":0},{"$f":"R16*'3. PREÇOS INSUMOS'!S105","v":0},{"$f":"S16*'3. PREÇOS INSUMOS'!T105","v":0},{"$f":"T16*'3. PREÇOS INSUMOS'!U105","v":0}]
[null,null,2,"02 a 03 ano",{"$f":"E17*'3. PREÇOS INSUMOS'!G106","v":0},{"$f":"F17*'3. PREÇOS INSUMOS'!G106","v":0},{"$f":"G17*'3. PREÇOS INSUMOS'!H106","v":0},{"$f":"H17*'3. PREÇOS INSUMOS'!I106","v":0},{"$f":"I17*'3. PREÇOS INSUMOS'!J106","v":0},{"$f":"J17*'3. PREÇOS INSUMOS'!K106","v":0},{"$f":"K17*'3. PREÇOS INSUMOS'!L106","v":0},{"$f":"L17*'3. PREÇOS INSUMOS'!M106","v":0},{"$f":"M17*'3. PREÇOS INSUMOS'!N106","v":0},{"$f":"N17*'3. PREÇOS INSUMOS'!O106","v":0},{"$f":"O17*'3. PREÇOS INSUMOS'!P106","v":0},{"$f":"P17*'3. PREÇOS INSUMOS'!Q106","v":0},{"$f":"Q17*'3. PREÇOS INSUMOS'!R106","v":0},{"$f":"R17*'3. PREÇOS INSUMOS'!S106","v":0},{"$f":"S17*'3. PREÇOS INSUMOS'!T106","v":0},{"$f":"T17*'3. PREÇOS INSUMOS'!U106","v":0}]
[null,null,3,"03 a 04 ano",{"$f":"E18*'3. PREÇOS INSUMOS'!G107","v":0},{"$f":"F18*'3. PREÇOS INSUMOS'!G107","v":0},{"$f":"G18*'3. PREÇOS INSUMOS'!H107","v":0},{"$f":"H18*'3. PREÇOS INSUMOS'!I107","v":0},{"$f":"I18*'3. PREÇOS INSUMOS'!J107","v":0},{"$f":"J18*'3. PREÇOS INSUMOS'!K107","v":0},{"$f":"K18*'3. PREÇOS INSUMOS'!L107","v":0},{"$f":"L18*'3. PREÇOS INSUMOS'!M107","v":0},{"$f":"M18*'3. PREÇOS INSUMOS'!N107","v":0},{"$f":"N18*'3. PREÇOS INSUMOS'!O107","v":0},{"$f":"O18*'3. PREÇOS INSUMOS'!P107","v":0},{"$f":"P18*'3. PREÇOS INSUMOS'!Q107","v":0},{"$f":"Q18*'3. PREÇOS INSUMOS'!R107","v":0},{"$f":"R18*'3. PREÇOS INSUMOS'!S107","v":0},{"$f":"S18*'3. PREÇOS INSUMOS'!T107","v":0},{"$f":"T18*'3. PREÇOS INSUMOS'!U107","v":0}]
[null,null,4,"04 a 05 ano",{"$f":"E19*'3. PREÇOS INSUMOS'!G108","v":0},{"$f":"F19*'3. PREÇOS INSUMOS'!G108","v":0},{"$f":"G19*'3. PREÇOS INSUMOS'!H108","v":0},{"$f":"H19*'3. PREÇOS INSUMOS'!I108","v":0},{"$f":"I19*'3. PREÇOS INSUMOS'!J108","v":0},{"$f":"J19*'3. PREÇOS INSUMOS'!K108","v":0},{"$f":"K19*'3. PREÇOS INSUMOS'!L108","v":0},{"$f":"L19*'3. PREÇOS INSUMOS'!M108","v":0},{"$f":"M19*'3. PREÇOS INSUMOS'!N108","v":0},{"$f":"N19*'3. PREÇOS INSUMOS'!O108","v":0},{"$f":"O19*'3. PREÇOS INSUMOS'!P108","v":0},{"$f":"P19*'3. PREÇOS INSUMOS'!Q108","v":0},{"$f":"Q19*'3. PREÇOS INSUMOS'!R108","v":0},{"$f":"R19*'3. PREÇOS INSUMOS'!S108","v":0},{"$f":"S19*'3. PREÇOS INSUMOS'!T108","v":0},{"$f":"T19*'3. PREÇOS INSUMOS'!U108","v":0}]
[null,null,5,"05 a 06 ano",{"$f":"E20*'3. PREÇOS INSUMOS'!G109","v":{"v":356717.38666666666,"d":"356,717"}},{"$f":"F20*'3. PREÇOS INSUMOS'!G109","v":0},{"$f":"G20*'3. PREÇOS INSUMOS'!H109","v":0},{"$f":"H20*'3. PREÇOS INSUMOS'!I109","v":0},{"$f":"I20*'3. PREÇOS INSUMOS'!J109","v":0},{"$f":"J20*'3. PREÇOS INSUMOS'!K109","v":0},{"$f":"K20*'3. PREÇOS INSUMOS'!L109","v":0},{"$f":"L20*'3. PREÇOS INSUMOS'!M109","v":0},{"$f":"M20*'3. PREÇOS INSUMOS'!N109","v":0},{"$f":"N20*'3. PREÇOS INSUMOS'!O109","v":0},{"$f":"O20*'3. PREÇOS INSUMOS'!P109","v":0},{"$f":"P20*'3. PREÇOS INSUMOS'!Q109","v":0},{"$f":"Q20*'3. PREÇOS INSUMOS'!R109","v":0},{"$f":"R20*'3. PREÇOS INSUMOS'!S109","v":0},{"$f":"S20*'3. PREÇOS INSUMOS'!T109","v":0},{"$f":"T20*'3. PREÇOS INSUMOS'!U109","v":0}]
[null,null,6,"06 a 07 ano",{"$f":"E21*'3. PREÇOS INSUMOS'!G110","v":0},{"$f":"F21*'3. PREÇOS INSUMOS'!G110","v":0},{"$f":"G21*'3. PREÇOS INSUMOS'!H110","v":0},{"$f":"H21*'3. PREÇOS INSUMOS'!I110","v":0},{"$f":"I21*'3. PREÇOS INSUMOS'!J110","v":0},{"$f":"J21*'3. PREÇOS INSUMOS'!K110","v":0},{"$f":"K21*'3. PREÇOS INSUMOS'!L110","v":0},{"$f":"L21*'3. PREÇOS INSUMOS'!M110","v":0},{"$f":"M21*'3. PREÇOS INSUMOS'!N110","v":0},{"$f":"N21*'3. PREÇOS INSUMOS'!O110","v":0},{"$f":"O21*'3. PREÇOS INSUMOS'!P110","v":0},{"$f":"P21*'3. PREÇOS INSUMOS'!Q110","v":0},{"$f":"Q21*'3. PREÇOS INSUMOS'!R110","v":0},{"$f":"R21*'3. PREÇOS INSUMOS'!S110","v":0},{"$f":"S21*'3. PREÇOS INSUMOS'!T110","v":0},{"$f":"T21*'3. PREÇOS INSUMOS'!U110","v":0}]
[null,null,7,"07 a 08 ano",{"$f":"E22*'3. PREÇOS INSUMOS'!G111","v":0},{"$f":"F22*'3. PREÇOS INSUMOS'!G111","v":0},{"$f":"G22*'3. PREÇOS INSUMOS'!H111","v":0},{"$f":"H22*'3. PREÇOS INSUMOS'!I111","v":0},{"$f":"I22*'3. PREÇOS INSUMOS'!J111","v":0},{"$f":"J22*'3. PREÇOS INSUMOS'!K111","v":0},{"$f":"K22*'3. PREÇOS INSUMOS'!L111","v":0},{"$f":"L22*'3. PREÇOS INSUMOS'!M111","v":0},{"$f":"M22*'3. PREÇOS INSUMOS'!N111","v":0},{"$f":"N22*'3. PREÇOS INSUMOS'!O111","v":0},{"$f":"O22*'3. PREÇOS INSUMOS'!P111","v":0},{"$f":"P22*'3. PREÇOS INSUMOS'!Q111","v":0},{"$f":"Q22*'3. PREÇOS INSUMOS'!R111","v":0},{"$f":"R22*'3. PREÇOS INSUMOS'!S111","v":0},{"$f":"S22*'3. PREÇOS INSUMOS'!T111","v":0},{"$f":"T22*'3. PREÇOS INSUMOS'!U111","v":0}]
[null,null,8,"08 a 09 ano",{"$f":"E23*'3. PREÇOS INSUMOS'!G112","v":0},{"$f":"F23*'3. PREÇOS INSUMOS'!G112","v":0},{"$f":"G23*'3. PREÇOS INSUMOS'!H112","v":0},{"$f":"H23*'3. PREÇOS INSUMOS'!I112","v":0},{"$f":"I23*'3. PREÇOS INSUMOS'!J112","v":0},{"$f":"J23*'3. PREÇOS INSUMOS'!K112","v":0},{"$f":"K23*'3. PREÇOS INSUMOS'!L112","v":0},{"$f":"L23*'3. PREÇOS INSUMOS'!M112","v":0},{"$f":"M23*'3. PREÇOS INSUMOS'!N112","v":0},{"$f":"N23*'3. PREÇOS INSUMOS'!O112","v":0},{"$f":"O23*'3. PREÇOS INSUMOS'!P112","v":0},{"$f":"P23*'3. PREÇOS INSUMOS'!Q112","v":0},{"$f":"Q23*'3. PREÇOS INSUMOS'!R112","v":0},{"$f":"R23*'3. PREÇOS INSUMOS'!S112","v":0},{"$f":"S23*'3. PREÇOS INSUMOS'!T112","v":0},{"$f":"T23*'3. PREÇOS INSUMOS'!U112","v":0}]
[null,null,9,"09 a 10 ano",{"$f":"E24*'3. PREÇOS INSUMOS'!G113","v":0},{"$f":"F24*'3. PREÇOS INSUMOS'!G113","v":0},{"$f":"G24*'3. PREÇOS INSUMOS'!H113","v":0},{"$f":"H24*'3. PREÇOS INSUMOS'!I113","v":0},{"$f":"I24*'3. PREÇOS INSUMOS'!J113","v":0},{"$f":"J24*'3. PREÇOS INSUMOS'!K113","v":0},{"$f":"K24*'3. PREÇOS INSUMOS'!L113","v":0},{"$f":"L24*'3. PREÇOS INSUMOS'!M113","v":0},{"$f":"M24*'3. PREÇOS INSUMOS'!N113","v":0},{"$f":"N24*'3. PREÇOS INSUMOS'!O113","v":0},{"$f":"O24*'3. PREÇOS INSUMOS'!P113","v":0},{"$f":"P24*'3. PREÇOS INSUMOS'!Q113","v":0},{"$f":"Q24*'3. PREÇOS INSUMOS'!R113","v":0},{"$f":"R24*'3. PREÇOS INSUMOS'!S113","v":0},{"$f":"S24*'3. PREÇOS INSUMOS'!T113","v":0},{"$f":"T24*'3. PREÇOS INSUMOS'!U113","v":0}]
[null,null,10,"+10 anos",{"$f":"E25*'3. PREÇOS INSUMOS'!G114","v":0},{"$f":"F25*'3. PREÇOS INSUMOS'!G114","v":0},{"$f":"G25*'3. PREÇOS INSUMOS'!H114","v":0},{"$f":"H25*'3. PREÇOS INSUMOS'!I114","v":0},{"$f":"I25*'3. PREÇOS INSUMOS'!J114","v":0},{"$f":"J25*'3. PREÇOS INSUMOS'!K114","v":0},{"$f":"K25*'3. PREÇOS INSUMOS'!L114","v":0},{"$f":"L25*'3. PREÇOS INSUMOS'!M114","v":0},{"$f":"M25*'3. PREÇOS INSUMOS'!N114","v":0},{"$f":"N25*'3. PREÇOS INSUMOS'!O114","v":0},{"$f":"O25*'3. PREÇOS INSUMOS'!P114","v":0},{"$f":"P25*'3. PREÇOS INSUMOS'!Q114","v":0},{"$f":"Q25*'3. PREÇOS INSUMOS'!R114","v":0},{"$f":"R25*'3. PREÇOS INSUMOS'!S114","v":0},{"$f":"S25*'3. PREÇOS INSUMOS'!T114","v":0},{"$f":"T25*'3. PREÇOS INSUMOS'!U114","v":0}]
[null,null,"Total Veículos",null,{"$f":"SUM(E202:E212)","v":{"v":356717.38666666666,"d":"356,717"}},{"$f":"SUM(F202:F212)","v":0},0,0,0,{"v":1223031.04,"d":"1,223,031"},0,0,0,0,0,0,0,{"v":1223031.04,"d":"1,223,031"},0,0]
[]
[2,null,{"$f":"\"7.2.1.2 - \"&VLOOKUP(A215,TIPOLOGIA!$D$10:$E$12,2,0)&\" para cálculo dos investimentos em frota\"","v":"7.2.1.2 - CONVENCIONAL para cálculo dos investimentos em frota"}]
[null,null,"FAIXA ETÁRIA",null,"Pré-Operacional",1,{"$f":"+F216+1","v":2},3,4,5,6,7,8,9,10,11,12,13,14,15]
[null,null,0,"00 a 01 ano",{"$f":"E31*'3. PREÇOS INSUMOS'!G66","v":0},{"$f":"F31*'3. PREÇOS INSUMOS'!H66","v":0},{"$f":"G31*'3. PREÇOS INSUMOS'!I66","v":{"v":1164000,"d":"1,164,000"}},{"$f":"H31*'3. PREÇOS INSUMOS'!J66","v":{"v":776000,"d":"776,000"}},{"$f":"I31*'3. PREÇOS INSUMOS'!K66","v":{"v":776000,"d":"776,000"}},{"$f":"J31*'3. PREÇOS INSUMOS'!L66","v":{"v":1164000,"d":"1,164,000"}},{"$f":"K31*'3. PREÇOS INSUMOS'!M66","v":0},{"$f":"L31*'3. PREÇOS INSUMOS'!N66","v":0},{"$f":"M31*'3. PREÇOS INSUMOS'!O66","v":0},{"$f":"N31*'3. PREÇOS INSUMOS'!P66","v":{"v":388000,"d":"388,000"}},{"$f":"O31*'3. PREÇOS INSUMOS'!Q66","v":{"v":388000,"d":"388,000"}},{"$f":"P31*'3. PREÇOS INSUMOS'!R66","v":{"v":1164000,"d":"1,164,000"}},{"$f":"Q31*'3. PREÇOS INSUMOS'!S66","v":{"v":776000,"d":"776,000"}},{"$f":"R31*'3. PREÇOS INSUMOS'!T66","v":{"v":1164000,"d":"1,164,000"}},{"$f":"S31*'3. PREÇOS INSUMOS'!U66","v":0},{"$f":"T31*'3. PREÇOS INSUMOS'!V66","v":0}]
[null,null,1,"01 a 02 ano",{"$f":"E32*'3. PREÇOS INSUMOS'!G67","v":0},{"$f":"F32*'3. PREÇOS INSUMOS'!H67","v":0},{"$f":"G32*'3. PREÇOS INSUMOS'!I67","v":0},{"$f":"H32*'3. PREÇOS INSUMOS'!J67","v":0},{"$f":"I32*'3. PREÇOS INSUMOS'!K67","v":0},{"$f":"J32*'3. PREÇOS INSUMOS'!L67","v":0},{"$f":"K32*'3. PREÇOS INSUMOS'!M67","v":0},{"$f":"L32*'3. PREÇOS INSUMOS'!N67","v":0},{"$f":"M32*'3. PREÇOS INSUMOS'!O67","v":0},{"$f":"N32*'3. PREÇOS INSUMOS'!P67","v":0},{"$f":"O32*'3. PREÇOS INSUMOS'!Q67","v":0},{"$f":"P32*'3. PREÇOS INSUMOS'!R67","v":0},{"$f":"Q32*'3. PREÇOS INSUMOS'!S67","v":0},{"$f":"R32*'3. PREÇOS INSUMOS'!T67","v":0},{"$f":"S32*'3. PREÇOS INSUMOS'!U67","v":0},{"$f":"T32*'3. PREÇOS INSUMOS'!V67","v":0}]
[null,null,2,"02 a 03 ano",{"$f":"E33*'3. PREÇOS INSUMOS'!G68","v":0},{"$f":"F33*'3. PREÇOS INSUMOS'!H68","v":0},{"$f":"G33*'3. PREÇOS INSUMOS'!I68","v":0},{"$f":"H33*'3. PREÇOS INSUMOS'!J68","v":0},{"$f":"I33*'3. PREÇOS INSUMOS'!K68","v":0},{"$f":"J33*'3. PREÇOS INSUMOS'!L68","v":0},{"$f":"K33*'3. PREÇOS INSUMOS'!M68","v":0},{"$f":"L33*'3. PREÇOS INSUMOS'!N68","v":0},{"$f":"M33*'3. PREÇOS INSUMOS'!O68","v":0},{"$f":"N33*'3. PREÇOS INSUMOS'!P68","v":0},{"$f":"O33*'3. PREÇOS INSUMOS'!Q68","v":0},{"$f":"P33*'3. PREÇOS INSUMOS'!R68","v":0},{"$f":"Q33*'3. PREÇOS INSUMOS'!S68","v":0},{"$f":"R33*'3. PREÇOS INSUMOS'!T68","v":0},{"$f":"S33*'3. PREÇOS INSUMOS'!U68","v":0},{"$f":"T33*'3. PREÇOS INSUMOS'!V68","v":0}]
[null,null,3,"03 a 04 ano",{"$f":"E34*'3. PREÇOS INSUMOS'!G69","v":0},{"$f":"F34*'3. PREÇOS INSUMOS'!H69","v":0},{"$f":"G34*'3. PREÇOS INSUMOS'!I69","v":0},{"$f":"H34*'3. PREÇOS INSUMOS'!J69","v":0},{"$f":"I34*'3. PREÇOS INSUMOS'!K69","v":0},{"$f":"J34*'3. PREÇOS INSUMOS'!L69","v":0},{"$f":"K34*'3. PREÇOS INSUMOS'!M69","v":0},{"$f":"L34*'3. PREÇOS INSUMOS'!N69","v":0},{"$f":"M34*'3. PREÇOS INSUMOS'!O69","v":0},{"$f":"N34*'3. PREÇOS INSUMOS'!P69","v":0},{"$f":"O34*'3. PREÇOS INSUMOS'!Q69","v":0},{"$f":"P34*'3. PREÇOS INSUMOS'!R69","v":0},{"$f":"Q34*'3. PREÇOS INSUMOS'!S69","v":0},{"$f":"R34*'3. PREÇOS INSUMOS'!T69","v":0},{"$f":"S34*'3. PREÇOS INSUMOS'!U69","v":0},{"$f":"T34*'3. PREÇOS INSUMOS'!V69","v":0}]
[null,null,4,"04 a 05 ano",{"$f":"E35*'3. PREÇOS INSUMOS'!G70","v":0},{"$f":"F35*'3. PREÇOS INSUMOS'!H70","v":0},{"$f":"G35*'3. PREÇOS INSUMOS'!I70","v":0},{"$f":"H35*'3. PREÇOS INSUMOS'!J70","v":0},{"$f":"I35*'3. PREÇOS INSUMOS'!K70","v":0},{"$f":"J35*'3. PREÇOS INSUMOS'!L70","v":0},{"$f":"K35*'3. PREÇOS INSUMOS'!M70","v":0},{"$f":"L35*'3. PREÇOS INSUMOS'!N70","v":0},{"$f":"M35*'3. PREÇOS INSUMOS'!O70","v":0},{"$f":"N35*'3. PREÇOS INSUMOS'!P70","v":0},{"$f":"O35*'3. PREÇOS INSUMOS'!Q70","v":0},{"$f":"P35*'3. PREÇOS INSUMOS'!R70","v":0},{"$f":"Q35*'3. PREÇOS INSUMOS'!S70","v":0},{"$f":"R35*'3. PREÇOS INSUMOS'!T70","v":0},{"$f":"S35*'3. PREÇOS INSUMOS'!U70","v":0},{"$f":"T35*'3. PREÇOS INSUMOS'!V70","v":0}]
[null,null,5,"05 a 06 ano",{"$f":"E36*'3. PREÇOS INSUMOS'!G71","v":{"v":970000,"d":"970,000"}},{"$f":"F36*'3. PREÇOS INSUMOS'!H71","v":0},{"$f":"G36*'3. PREÇOS INSUMOS'!I71","v":0},{"$f":"H36*'3. PREÇOS INSUMOS'!J71","v":0},{"$f":"I36*'3. PREÇOS INSUMOS'!K71","v":0},{"$f":"J36*'3. PREÇOS INSUMOS'!L71","v":0},{"$f":"K36*'3. PREÇOS INSUMOS'!M71","v":0},{"$f":"L36*'3. PREÇOS INSUMOS'!N71","v":0},{"$f":"M36*'3. PREÇOS INSUMOS'!O71","v":0},{"$f":"N36*'3. PREÇOS INSUMOS'!P71","v":0},{"$f":"O36*'3. PREÇOS INSUMOS'!Q71","v":0},{"$f":"P36*'3. PREÇOS INSUMOS'!R71","v":0},{"$f":"Q36*'3. PREÇOS INSUMOS'!S71","v":0},{"$f":"R36*'3. PREÇOS INSUMOS'!T71","v":0},{"$f":"S36*'3. PREÇOS INSUMOS'!U71","v":0},{"$f":"T36*'3. PREÇOS INSUMOS'!V71","v":0}]
[null,null,6,"06 a 07 ano",{"$f":"E37*'3. PREÇOS INSUMOS'!G72","v":0},{"$f":"F37*'3. PREÇOS INSUMOS'!H72","v":0},{"$f":"G37*'3. PREÇOS INSUMOS'!I72","v":0},{"$f":"H37*'3. PREÇOS INSUMOS'!J72","v":0},{"$f":"I37*'3. PREÇOS INSUMOS'!K72","v":0},{"$f":"J37*'3. PREÇOS INSUMOS'!L72","v":0},{"$f":"K37*'3. PREÇOS INSUMOS'!M72","v":0},{"$f":"L37*'3. PREÇOS INSUMOS'!N72","v":0},{"$f":"M37*'3. PREÇOS INSUMOS'!O72","v":0},{"$f":"N37*'3. PREÇOS INSUMOS'!P72","v":0},{"$f":"O37*'3. PREÇOS INSUMOS'!Q72","v":0},{"$f":"P37*'3. PREÇOS INSUMOS'!R72","v":0},{"$f":"Q37*'3. PREÇOS INSUMOS'!S72","v":0},{"$f":"R37*'3. PREÇOS INSUMOS'!T72","v":0},{"$f":"S37*'3. PREÇOS INSUMOS'!U72","v":0},{"$f":"T37*'3. PREÇOS INSUMOS'!V72","v":0}]
[null,null,7,"07 a 08 ano",{"$f":"E38*'3. PREÇOS INSUMOS'!G73","v":0},{"$f":"F38*'3. PREÇOS INSUMOS'!H73","v":0},{"$f":"G38*'3. PREÇOS INSUMOS'!I73","v":0},{"$f":"H38*'3. PREÇOS INSUMOS'!J73","v":0},{"$f":"I38*'3. PREÇOS INSUMOS'!K73","v":0},{"$f":"J38*'3. PREÇOS INSUMOS'!L73","v":0},{"$f":"K38*'3. PREÇOS INSUMOS'!M73","v":0},{"$f":"L38*'3. PREÇOS INSUMOS'!N73","v":0},{"$f":"M38*'3. PREÇOS INSUMOS'!O73","v":0},{"$f":"N38*'3. PREÇOS INSUMOS'!P73","v":0},{"$f":"O38*'3. PREÇOS INSUMOS'!Q73","v":0},{"$f":"P38*'3. PREÇOS INSUMOS'!R73","v":0},{"$f":"Q38*'3. PREÇOS INSUMOS'!S73","v":0},{"$f":"R38*'3. PREÇOS INSUMOS'!T73","v":0},{"$f":"S38*'3. PREÇOS INSUMOS'!U73","v":0},{"$f":"T38*'3. PREÇOS INSUMOS'!V73","v":0}]
[null,null,8,"08 a 09 ano",{"$f":"E39*'3. PREÇOS INSUMOS'!G74","v":0},{"$f":"F39*'3. PREÇOS INSUMOS'!H74","v":0},{"$f":"G39*'3. PREÇOS INSUMOS'!I74","v":0},{"$f":"H39*'3. PREÇOS INSUMOS'!J74","v":0},{"$f":"I39*'3. PREÇOS INSUMOS'!K74","v":0},{"$f":"J39*'3. PREÇOS INSUMOS'!L74","v":0},{"$f":"K39*'3. PREÇOS INSUMOS'!M74","v":0},{"$f":"L39*'3. PREÇOS INSUMOS'!N74","v":0},{"$f":"M39*'3. PREÇOS INSUMOS'!O74","v":0},{"$f":"N39*'3. PREÇOS INSUMOS'!P74","v":0},{"$f":"O39*'3. PREÇOS INSUMOS'!Q74","v":0},{"$f":"P39*'3. PREÇOS INSUMOS'!R74","v":0},{"$f":"Q39*'3. PREÇOS INSUMOS'!S74","v":0},{"$f":"R39*'3. PREÇOS INSUMOS'!T74","v":0},{"$f":"S39*'3. PREÇOS INSUMOS'!U74","v":0},{"$f":"T39*'3. PREÇOS INSUMOS'!V74","v":0}]
[null,null,9,"09 a 10 ano",{"$f":"E40*'3. PREÇOS INSUMOS'!G75","v":0},{"$f":"F40*'3. PREÇOS INSUMOS'!H75","v":0},{"$f":"G40*'3. PREÇOS INSUMOS'!I75","v":0},{"$f":"H40*'3. PREÇOS INSUMOS'!J75","v":0},{"$f":"I40*'3. PREÇOS INSUMOS'!K75","v":0},{"$f":"J40*'3. PREÇOS INSUMOS'!L75","v":0},{"$f":"K40*'3. PREÇOS INSUMOS'!M75","v":0},{"$f":"L40*'3. PREÇOS INSUMOS'!N75","v":0},{"$f":"M40*'3. PREÇOS INSUMOS'!O75","v":0},{"$f":"N40*'3. PREÇOS INSUMOS'!P75","v":0},{"$f":"O40*'3. PREÇOS INSUMOS'!Q75","v":0},{"$f":"P40*'3. PREÇOS INSUMOS'!R75","v":0},{"$f":"Q40*'3. PREÇOS INSUMOS'!S75","v":0},{"$f":"R40*'3. PREÇOS INSUMOS'!T75","v":0},{"$f":"S40*'3. PREÇOS INSUMOS'!U75","v":0},{"$f":"T40*'3. PREÇOS INSUMOS'!V75","v":0}]
[null,null,10,"+10 anos",{"$f":"E41*'3. PREÇOS INSUMOS'!G76","v":0},{"$f":"F41*'3. PREÇOS INSUMOS'!H76","v":0},{"$f":"G41*'3. PREÇOS INSUMOS'!I76","v":0},{"$f":"H41*'3. PREÇOS INSUMOS'!J76","v":0},{"$f":"I41*'3. PREÇOS INSUMOS'!K76","v":0},{"$f":"J41*'3. PREÇOS INSUMOS'!L76","v":0},{"$f":"K41*'3. PREÇOS INSUMOS'!M76","v":0},{"$f":"L41*'3. PREÇOS INSUMOS'!N76","v":0},{"$f":"M41*'3. PREÇOS INSUMOS'!O76","v":0},{"$f":"N41*'3. PREÇOS INSUMOS'!P76","v":0},{"$f":"O41*'3. PREÇOS INSUMOS'!Q76","v":0},{"$f":"P41*'3. PREÇOS INSUMOS'!R76","v":0},{"$f":"Q41*'3. PREÇOS INSUMOS'!S76","v":0},{"$f":"R41*'3. PREÇOS INSUMOS'!T76","v":0},{"$f":"S41*'3. PREÇOS INSUMOS'!U76","v":0},{"$f":"T41*'3. PREÇOS INSUMOS'!V76","v":0}]
[null,null,"Total Veículos",null,{"$f":"SUM(E217:E227)","v":{"v":970000,"d":"970,000"}},{"$f":"SUM(F217:F227)","v":0},{"v":1164000,"d":"1,164,000"},{"v":776000,"d":"776,000"},{"v":776000,"d":"776,000"},{"v":1164000,"d":"1,164,000"},0,0,0,{"v":388000,"d":"388,000"},{"v":388000,"d":"388,000"},{"v":1164000,"d":"1,164,000"},{"v":776000,"d":"776,000"},{"v":1164000,"d":"1,164,000"},0,0]
[]
[{"$nulls":3},"7.2.1.2.1. - CONVENCIONAL (sem preço de rodagem para cálculo da depreciação)"]
[null,null,"FAIXA ETÁRIA",null,"Pré-Operacional",1,{"$f":"+F231+1","v":2},{"$f":"+G231+1","v":3},{"$f":"+H231+1","v":4},{"$f":"+I231+1","v":5},{"$f":"+J231+1","v":6},{"$f":"+K231+1","v":7},{"$f":"+L231+1","v":8},{"$f":"+M231+1","v":9},{"$f":"+N231+1","v":10},{"$f":"+O231+1","v":11},{"$f":"+P231+1","v":12},{"$f":"+Q231+1","v":13},{"$f":"+R231+1","v":14},{"$f":"+S231+1","v":15}]
[null,null,0,"00 a 01 ano",{"$f":"E31*'3. PREÇOS INSUMOS'!G119","v":0},{"$f":"F31*'3. PREÇOS INSUMOS'!H119","v":0},{"$f":"G31*'3. PREÇOS INSUMOS'!I119","v":{"v":1125009.2999999998,"d":"1,125,009"}},{"$f":"H31*'3. PREÇOS INSUMOS'!J119","v":{"v":750006.2,"d":"750,006"}},{"$f":"I31*'3. PREÇOS INSUMOS'!K119","v":{"v":750006.2,"d":"750,006"}},{"$f":"J31*'3. PREÇOS INSUMOS'!L119","v":{"v":1125009.2999999998,"d":"1,125,009"}},{"$f":"K31*'3. PREÇOS INSUMOS'!M119","v":0},{"$f":"L31*'3. PREÇOS INSUMOS'!N119","v":0},{"$f":"M31*'3. PREÇOS INSUMOS'!O119","v":0},{"$f":"N31*'3. PREÇOS INSUMOS'!P119","v":{"v":375003.1,"d":"375,003"}},{"$f":"O31*'3. PREÇOS INSUMOS'!Q119","v":{"v":375003.1,"d":"375,003"}},{"$f":"P31*'3. PREÇOS INSUMOS'!R119","v":{"v":1125009.2999999998,"d":"1,125,009"}},{"$f":"Q31*'3. PREÇOS INSUMOS'!S119","v":{"v":750006.2,"d":"750,006"}},{"$f":"R31*'3. PREÇOS INSUMOS'!T119","v":{"v":1125009.2999999998,"d":"1,125,009"}},{"$f":"S31*'3. PREÇOS INSUMOS'!U119","v":0},{"$f":"T31*'3. PREÇOS INSUMOS'!V119","v":0}]
[null,null,1,"01 a 02 ano",{"$f":"E32*'3. PREÇOS INSUMOS'!G120","v":0},{"$f":"F32*'3. PREÇOS INSUMOS'!H120","v":0},{"$f":"G32*'3. PREÇOS INSUMOS'!I120","v":0},{"$f":"H32*'3. PREÇOS INSUMOS'!J120","v":0},{"$f":"I32*'3. PREÇOS INSUMOS'!K120","v":0},{"$f":"J32*'3. PREÇOS INSUMOS'!L120","v":0},{"$f":"K32*'3. PREÇOS INSUMOS'!M120","v":0},{"$f":"L32*'3. PREÇOS INSUMOS'!N120","v":0},{"$f":"M32*'3. PREÇOS INSUMOS'!O120","v":0},{"$f":"N32*'3. PREÇOS INSUMOS'!P120","v":0},{"$f":"O32*'3. PREÇOS INSUMOS'!Q120","v":0},{"$f":"P32*'3. PREÇOS INSUMOS'!R120","v":0},{"$f":"Q32*'3. PREÇOS INSUMOS'!S120","v":0},{"$f":"R32*'3. PREÇOS INSUMOS'!T120","v":0},{"$f":"S32*'3. PREÇOS INSUMOS'!U120","v":0},{"$f":"T32*'3. PREÇOS INSUMOS'!V120","v":0}]
[null,null,2,"02 a 03 ano",{"$f":"E33*'3. PREÇOS INSUMOS'!G121","v":0},{"$f":"F33*'3. PREÇOS INSUMOS'!H121","v":0},{"$f":"G33*'3. PREÇOS INSUMOS'!I121","v":0},{"$f":"H33*'3. PREÇOS INSUMOS'!J121","v":0},{"$f":"I33*'3. PREÇOS INSUMOS'!K121","v":0},{"$f":"J33*'3. PREÇOS INSUMOS'!L121","v":0},{"$f":"K33*'3. PREÇOS INSUMOS'!M121","v":0},{"$f":"L33*'3. PREÇOS INSUMOS'!N121","v":0},{"$f":"M33*'3. PREÇOS INSUMOS'!O121","v":0},{"$f":"N33*'3. PREÇOS INSUMOS'!P121","v":0},{"$f":"O33*'3. PREÇOS INSUMOS'!Q121","v":0},{"$f":"P33*'3. PREÇOS INSUMOS'!R121","v":0},{"$f":"Q33*'3. PREÇOS INSUMOS'!S121","v":0},{"$f":"R33*'3. PREÇOS INSUMOS'!T121","v":0},{"$f":"S33*'3. PREÇOS INSUMOS'!U121","v":0},{"$f":"T33*'3. PREÇOS INSUMOS'!V121","v":0}]
[null,null,3,"03 a 04 ano",{"$f":"E34*'3. PREÇOS INSUMOS'!G122","v":0},{"$f":"F34*'3. PREÇOS INSUMOS'!H122","v":0},{"$f":"G34*'3. PREÇOS INSUMOS'!I122","v":0},{"$f":"H34*'3. PREÇOS INSUMOS'!J122","v":0},{"$f":"I34*'3. PREÇOS INSUMOS'!K122","v":0},{"$f":"J34*'3. PREÇOS INSUMOS'!L122","v":0},{"$f":"K34*'3. PREÇOS INSUMOS'!M122","v":0},{"$f":"L34*'3. PREÇOS INSUMOS'!N122","v":0},{"$f":"M34*'3. PREÇOS INSUMOS'!O122","v":0},{"$f":"N34*'3. PREÇOS INSUMOS'!P122","v":0},{"$f":"O34*'3. PREÇOS INSUMOS'!Q122","v":0},{"$f":"P34*'3. PREÇOS INSUMOS'!R122","v":0},{"$f":"Q34*'3. PREÇOS INSUMOS'!S122","v":0},{"$f":"R34*'3. PREÇOS INSUMOS'!T122","v":0},{"$f":"S34*'3. PREÇOS INSUMOS'!U122","v":0},{"$f":"T34*'3. PREÇOS INSUMOS'!V122","v":0}]
[null,null,4,"04 a 05 ano",{"$f":"E35*'3. PREÇOS INSUMOS'!G123","v":0},{"$f":"F35*'3. PREÇOS INSUMOS'!H123","v":0},{"$f":"G35*'3. PREÇOS INSUMOS'!I123","v":0},{"$f":"H35*'3. PREÇOS INSUMOS'!J123","v":0},{"$f":"I35*'3. PREÇOS INSUMOS'!K123","v":0},{"$f":"J35*'3. PREÇOS INSUMOS'!L123","v":0},{"$f":"K35*'3. PREÇOS INSUMOS'!M123","v":0},{"$f":"L35*'3. PREÇOS INSUMOS'!N123","v":0},{"$f":"M35*'3. PREÇOS INSUMOS'!O123","v":0},{"$f":"N35*'3. PREÇOS INSUMOS'!P123","v":0},{"$f":"O35*'3. PREÇOS INSUMOS'!Q123","v":0},{"$f":"P35*'3. PREÇOS INSUMOS'!R123","v":0},{"$f":"Q35*'3. PREÇOS INSUMOS'!S123","v":0},{"$f":"R35*'3. PREÇOS INSUMOS'!T123","v":0},{"$f":"S35*'3. PREÇOS INSUMOS'!U123","v":0},{"$f":"T35*'3. PREÇOS INSUMOS'!V123","v":0}]
[null,null,5,"05 a 06 ano",{"$f":"E36*'3. PREÇOS INSUMOS'!G124","v":{"v":937507.75,"d":"937,508"}},{"$f":"F36*'3. PREÇOS INSUMOS'!H124","v":0},{"$f":"G36*'3. PREÇOS INSUMOS'!I124","v":0},{"$f":"H36*'3. PREÇOS INSUMOS'!J124","v":0},{"$f":"I36*'3. PREÇOS INSUMOS'!K124","v":0},{"$f":"J36*'3. PREÇOS INSUMOS'!L124","v":0},{"$f":"K36*'3. PREÇOS INSUMOS'!M124","v":0},{"$f":"L36*'3. PREÇOS INSUMOS'!N124","v":0},{"$f":"M36*'3. PREÇOS INSUMOS'!O124","v":0},{"$f":"N36*'3. PREÇOS INSUMOS'!P124","v":0},{"$f":"O36*'3. PREÇOS INSUMOS'!Q124","v":0},{"$f":"P36*'3. PREÇOS INSUMOS'!R124","v":0},{"$f":"Q36*'3. PREÇOS INSUMOS'!S124","v":0},{"$f":"R36*'3. PREÇOS INSUMOS'!T124","v":0},{"$f":"S36*'3. PREÇOS INSUMOS'!U124","v":0},{"$f":"T36*'3. PREÇOS INSUMOS'!V124","v":0}]
[null,null,6,"06 a 07 ano",{"$f":"E37*'3. PREÇOS INSUMOS'!G125","v":0},{"$f":"F37*'3. PREÇOS INSUMOS'!H125","v":0},{"$f":"G37*'3. PREÇOS INSUMOS'!I125","v":0},{"$f":"H37*'3. PREÇOS INSUMOS'!J125","v":0},{"$f":"I37*'3. PREÇOS INSUMOS'!K125","v":0},{"$f":"J37*'3. PREÇOS INSUMOS'!L125","v":0},{"$f":"K37*'3. PREÇOS INSUMOS'!M125","v":0},{"$f":"L37*'3. PREÇOS INSUMOS'!N125","v":0},{"$f":"M37*'3. PREÇOS INSUMOS'!O125","v":0},{"$f":"N37*'3. PREÇOS INSUMOS'!P125","v":0},{"$f":"O37*'3. PREÇOS INSUMOS'!Q125","v":0},{"$f":"P37*'3. PREÇOS INSUMOS'!R125","v":0},{"$f":"Q37*'3. PREÇOS INSUMOS'!S125","v":0},{"$f":"R37*'3. PREÇOS INSUMOS'!T125","v":0},{"$f":"S37*'3. PREÇOS INSUMOS'!U125","v":0},{"$f":"T37*'3. PREÇOS INSUMOS'!V125","v":0}]
[null,null,7,"07 a 08 ano",{"$f":"E38*'3. PREÇOS INSUMOS'!G126","v":0},{"$f":"F38*'3. PREÇOS INSUMOS'!H126","v":0},{"$f":"G38*'3. PREÇOS INSUMOS'!I126","v":0},{"$f":"H38*'3. PREÇOS INSUMOS'!J126","v":0},{"$f":"I38*'3. PREÇOS INSUMOS'!K126","v":0},{"$f":"J38*'3. PREÇOS INSUMOS'!L126","v":0},{"$f":"K38*'3. PREÇOS INSUMOS'!M126","v":0},{"$f":"L38*'3. PREÇOS INSUMOS'!N126","v":0},{"$f":"M38*'3. PREÇOS INSUMOS'!O126","v":0},{"$f":"N38*'3. PREÇOS INSUMOS'!P126","v":0},{"$f":"O38*'3. PREÇOS INSUMOS'!Q126","v":0},{"$f":"P38*'3. PREÇOS INSUMOS'!R126","v":0},{"$f":"Q38*'3. PREÇOS INSUMOS'!S126","v":0},{"$f":"R38*'3. PREÇOS INSUMOS'!T126","v":0},{"$f":"S38*'3. PREÇOS INSUMOS'!U126","v":0},{"$f":"T38*'3. PREÇOS INSUMOS'!V126","v":0}]
[null,null,8,"08 a 09 ano",{"$f":"E39*'3. PREÇOS INSUMOS'!G127","v":0},{"$f":"F39*'3. PREÇOS INSUMOS'!H127","v":0},{"$f":"G39*'3. PREÇOS INSUMOS'!I127","v":0},{"$f":"H39*'3. PREÇOS INSUMOS'!J127","v":0},{"$f":"I39*'3. PREÇOS INSUMOS'!K127","v":0},{"$f":"J39*'3. PREÇOS INSUMOS'!L127","v":0},{"$f":"K39*'3. PREÇOS INSUMOS'!M127","v":0},{"$f":"L39*'3. PREÇOS INSUMOS'!N127","v":0},{"$f":"M39*'3. PREÇOS INSUMOS'!O127","v":0},{"$f":"N39*'3. PREÇOS INSUMOS'!P127","v":0},{"$f":"O39*'3. PREÇOS INSUMOS'!Q127","v":0},{"$f":"P39*'3. PREÇOS INSUMOS'!R127","v":0},{"$f":"Q39*'3. PREÇOS INSUMOS'!S127","v":0},{"$f":"R39*'3. PREÇOS INSUMOS'!T127","v":0},{"$f":"S39*'3. PREÇOS INSUMOS'!U127","v":0},{"$f":"T39*'3. PREÇOS INSUMOS'!V127","v":0}]
[null,null,9,"09 a 10 ano",{"$f":"E40*'3. PREÇOS INSUMOS'!G128","v":0},{"$f":"F40*'3. PREÇOS INSUMOS'!H128","v":0},{"$f":"G40*'3. PREÇOS INSUMOS'!I128","v":0},{"$f":"H40*'3. PREÇOS INSUMOS'!J128","v":0},{"$f":"I40*'3. PREÇOS INSUMOS'!K128","v":0},{"$f":"J40*'3. PREÇOS INSUMOS'!L128","v":0},{"$f":"K40*'3. PREÇOS INSUMOS'!M128","v":0},{"$f":"L40*'3. PREÇOS INSUMOS'!N128","v":0},{"$f":"M40*'3. PREÇOS INSUMOS'!O128","v":0},{"$f":"N40*'3. PREÇOS INSUMOS'!P128","v":0},{"$f":"O40*'3. PREÇOS INSUMOS'!Q128","v":0},{"$f":"P40*'3. PREÇOS INSUMOS'!R128","v":0},{"$f":"Q40*'3. PREÇOS INSUMOS'!S128","v":0},{"$f":"R40*'3. PREÇOS INSUMOS'!T128","v":0},{"$f":"S40*'3. PREÇOS INSUMOS'!U128","v":0},{"$f":"T40*'3. PREÇOS INSUMOS'!V128","v":0}]
[null,null,10,"+10 anos",{"$f":"E41*'3. PREÇOS INSUMOS'!G129","v":0},{"$f":"F41*'3. PREÇOS INSUMOS'!H129","v":0},{"$f":"G41*'3. PREÇOS INSUMOS'!I129","v":0},{"$f":"H41*'3. PREÇOS INSUMOS'!J129","v":0},{"$f":"I41*'3. PREÇOS INSUMOS'!K129","v":0},{"$f":"J41*'3. PREÇOS INSUMOS'!L129","v":0},{"$f":"K41*'3. PREÇOS INSUMOS'!M129","v":0},{"$f":"L41*'3. PREÇOS INSUMOS'!N129","v":0},{"$f":"M41*'3. PREÇOS INSUMOS'!O129","v":0},{"$f":"N41*'3. PREÇOS INSUMOS'!P129","v":0},{"$f":"O41*'3. PREÇOS INSUMOS'!Q129","v":0},{"$f":"P41*'3. PREÇOS INSUMOS'!R129","v":0},{"$f":"Q41*'3. PREÇOS INSUMOS'!S129","v":0},{"$f":"R41*'3. PREÇOS INSUMOS'!T129","v":0},{"$f":"S41*'3. PREÇOS INSUMOS'!U129","v":0},{"$f":"T41*'3. PREÇOS INSUMOS'!V129","v":0}]
[null,null,"Total Veículos",null,{"$f":"SUM(E232:E242)","v":{"v":937507.75,"d":"937,508"}},{"$f":"SUM(F232:F242)","v":0},{"v":1125009.2999999998,"d":"1,125,009"},{"v":750006.2,"d":"750,006"},{"v":750006.2,"d":"750,006"},{"v":1125009.2999999998,"d":"1,125,009"},0,0,0,{"v":375003.1,"d":"375,003"},{"v":375003.1,"d":"375,003"},{"v":1125009.2999999998,"d":"1,125,009"},{"v":750006.2,"d":"750,006"},{"v":1125009.2999999998,"d":"1,125,009"},0,0]
[]
[3,null,{"$f":"\"7.2.1.3 - \"&VLOOKUP(A245,TIPOLOGIA!$D$10:$E$12,2,0)&\" para cálculo dos investimentos em frota\"","v":"7.2.1.3 - - para cálculo dos investimentos em frota"}]
[null,null,"FAIXA ETÁRIA",null,"Pré-Operacional",1,{"$f":"+F246+1","v":2},3,4,5,6,7,8,9,10,11,12,13,14,15]
[null,null,0,"00 a 01 ano",{"$f":"E47*'3. PREÇOS INSUMOS'!G81","v":0},{"$f":"F47*'3. PREÇOS INSUMOS'!H81","v":0},{"$f":"G47*'3. PREÇOS INSUMOS'!I81","v":0},{"$f":"H47*'3. PREÇOS INSUMOS'!J81","v":0},{"$f":"I47*'3. PREÇOS INSUMOS'!K81","v":0},{"$f":"J47*'3. PREÇOS INSUMOS'!L81","v":0},{"$f":"K47*'3. PREÇOS INSUMOS'!M81","v":0},{"$f":"L47*'3. PREÇOS INSUMOS'!N81","v":0},{"$f":"M47*'3. PREÇOS INSUMOS'!O81","v":0},{"$f":"N47*'3. PREÇOS INSUMOS'!P81","v":0},{"$f":"O47*'3. PREÇOS INSUMOS'!Q81","v":0},{"$f":"P47*'3. PREÇOS INSUMOS'!R81","v":0},{"$f":"Q47*'3. PREÇOS INSUMOS'!S81","v":0},{"$f":"R47*'3. PREÇOS INSUMOS'!T81","v":0},{"$f":"S47*'3. PREÇOS INSUMOS'!U81","v":0},{"$f":"T47*'3. PREÇOS INSUMOS'!V81","v":0}]
[null,null,1,"01 a 02 ano",{"$f":"E48*'3. PREÇOS INSUMOS'!G82","v":0},{"$f":"F48*'3. PREÇOS INSUMOS'!H82","v":0},{"$f":"G48*'3. PREÇOS INSUMOS'!I82","v":0},{"$f":"H48*'3. PREÇOS INSUMOS'!J82","v":0},{"$f":"I48*'3. PREÇOS INSUMOS'!K82","v":0},{"$f":"J48*'3. PREÇOS INSUMOS'!L82","v":0},{"$f":"K48*'3. PREÇOS INSUMOS'!M82","v":0},{"$f":"L48*'3. PREÇOS INSUMOS'!N82","v":0},{"$f":"M48*'3. PREÇOS INSUMOS'!O82","v":0},{"$f":"N48*'3. PREÇOS INSUMOS'!P82","v":0},{"$f":"O48*'3. PREÇOS INSUMOS'!Q82","v":0},{"$f":"P48*'3. PREÇOS INSUMOS'!R82","v":0},{"$f":"Q48*'3. PREÇOS INSUMOS'!S82","v":0},{"$f":"R48*'3. PREÇOS INSUMOS'!T82","v":0},{"$f":"S48*'3. PREÇOS INSUMOS'!U82","v":0},{"$f":"T48*'3. PREÇOS INSUMOS'!V82","v":0}]
[null,null,2,"02 a 03 ano",{"$f":"E49*'3. PREÇOS INSUMOS'!G83","v":0},{"$f":"F49*'3. PREÇOS INSUMOS'!H83","v":0},{"$f":"G49*'3. PREÇOS INSUMOS'!I83","v":0},{"$f":"H49*'3. PREÇOS INSUMOS'!J83","v":0},{"$f":"I49*'3. PREÇOS INSUMOS'!K83","v":0},{"$f":"J49*'3. PREÇOS INSUMOS'!L83","v":0},{"$f":"K49*'3. PREÇOS INSUMOS'!M83","v":0},{"$f":"L49*'3. PREÇOS INSUMOS'!N83","v":0},{"$f":"M49*'3. PREÇOS INSUMOS'!O83","v":0},{"$f":"N49*'3. PREÇOS INSUMOS'!P83","v":0},{"$f":"O49*'3. PREÇOS INSUMOS'!Q83","v":0},{"$f":"P49*'3. PREÇOS INSUMOS'!R83","v":0},{"$f":"Q49*'3. PREÇOS INSUMOS'!S83","v":0},{"$f":"R49*'3. PREÇOS INSUMOS'!T83","v":0},{"$f":"S49*'3. PREÇOS INSUMOS'!U83","v":0},{"$f":"T49*'3. PREÇOS INSUMOS'!V83","v":0}]
[null,null,3,"03 a 04 ano",{"$f":"E50*'3. PREÇOS INSUMOS'!G84","v":0},{"$f":"F50*'3. PREÇOS INSUMOS'!H84","v":0},{"$f":"G50*'3. PREÇOS INSUMOS'!I84","v":0},{"$f":"H50*'3. PREÇOS INSUMOS'!J84","v":0},{"$f":"I50*'3. PREÇOS INSUMOS'!K84","v":0},{"$f":"J50*'3. PREÇOS INSUMOS'!L84","v":0},{"$f":"K50*'3. PREÇOS INSUMOS'!M84","v":0},{"$f":"L50*'3. PREÇOS INSUMOS'!N84","v":0},{"$f":"M50*'3. PREÇOS INSUMOS'!O84","v":0},{"$f":"N50*'3. PREÇOS INSUMOS'!P84","v":0},{"$f":"O50*'3. PREÇOS INSUMOS'!Q84","v":0},{"$f":"P50*'3. PREÇOS INSUMOS'!R84","v":0},{"$f":"Q50*'3. PREÇOS INSUMOS'!S84","v":0},{"$f":"R50*'3. PREÇOS INSUMOS'!T84","v":0},{"$f":"S50*'3. PREÇOS INSUMOS'!U84","v":0},{"$f":"T50*'3. PREÇOS INSUMOS'!V84","v":0}]
[null,null,4,"04 a 05 ano",{"$f":"E51*'3. PREÇOS INSUMOS'!G85","v":0},{"$f":"F51*'3. PREÇOS INSUMOS'!H85","v":0},{"$f":"G51*'3. PREÇOS INSUMOS'!I85","v":0},{"$f":"H51*'3. PREÇOS INSUMOS'!J85","v":0},{"$f":"I51*'3. PREÇOS INSUMOS'!K85","v":0},{"$f":"J51*'3. PREÇOS INSUMOS'!L85","v":0},{"$f":"K51*'3. PREÇOS INSUMOS'!M85","v":0},{"$f":"L51*'3. PREÇOS INSUMOS'!N85","v":0},{"$f":"M51*'3. PREÇOS INSUMOS'!O85","v":0},{"$f":"N51*'3. PREÇOS INSUMOS'!P85","v":0},{"$f":"O51*'3. PREÇOS INSUMOS'!Q85","v":0},{"$f":"P51*'3. PREÇOS INSUMOS'!R85","v":0},{"$f":"Q51*'3. PREÇOS INSUMOS'!S85","v":0},{"$f":"R51*'3. PREÇOS INSUMOS'!T85","v":0},{"$f":"S51*'3. PREÇOS INSUMOS'!U85","v":0},{"$f":"T51*'3. PREÇOS INSUMOS'!V85","v":0}]
[null,null,5,"05 a 06 ano",{"$f":"E52*'3. PREÇOS INSUMOS'!G86","v":0},{"$f":"F52*'3. PREÇOS INSUMOS'!H86","v":0},{"$f":"G52*'3. PREÇOS INSUMOS'!I86","v":0},{"$f":"H52*'3. PREÇOS INSUMOS'!J86","v":0},{"$f":"I52*'3. PREÇOS INSUMOS'!K86","v":0},{"$f":"J52*'3. PREÇOS INSUMOS'!L86","v":0},{"$f":"K52*'3. PREÇOS INSUMOS'!M86","v":0},{"$f":"L52*'3. PREÇOS INSUMOS'!N86","v":0},{"$f":"M52*'3. PREÇOS INSUMOS'!O86","v":0},{"$f":"N52*'3. PREÇOS INSUMOS'!P86","v":0},{"$f":"O52*'3. PREÇOS INSUMOS'!Q86","v":0},{"$f":"P52*'3. PREÇOS INSUMOS'!R86","v":0},{"$f":"Q52*'3. PREÇOS INSUMOS'!S86","v":0},{"$f":"R52*'3. PREÇOS INSUMOS'!T86","v":0},{"$f":"S52*'3. PREÇOS INSUMOS'!U86","v":0},{"$f":"T52*'3. PREÇOS INSUMOS'!V86","v":0}]
[null,null,6,"06 a 07 ano",{"$f":"E53*'3. PREÇOS INSUMOS'!G87","v":0},{"$f":"F53*'3. PREÇOS INSUMOS'!H87","v":0},{"$f":"G53*'3. PREÇOS INSUMOS'!I87","v":0},{"$f":"H53*'3. PREÇOS INSUMOS'!J87","v":0},{"$f":"I53*'3. PREÇOS INSUMOS'!K87","v":0},{"$f":"J53*'3. PREÇOS INSUMOS'!L87","v":0},{"$f":"K53*'3. PREÇOS INSUMOS'!M87","v":0},{"$f":"L53*'3. PREÇOS INSUMOS'!N87","v":0},{"$f":"M53*'3. PREÇOS INSUMOS'!O87","v":0},{"$f":"N53*'3. PREÇOS INSUMOS'!P87","v":0},{"$f":"O53*'3. PREÇOS INSUMOS'!Q87","v":0},{"$f":"P53*'3. PREÇOS INSUMOS'!R87","v":0},{"$f":"Q53*'3. PREÇOS INSUMOS'!S87","v":0},{"$f":"R53*'3. PREÇOS INSUMOS'!T87","v":0},{"$f":"S53*'3. PREÇOS INSUMOS'!U87","v":0},{"$f":"T53*'3. PREÇOS INSUMOS'!V87","v":0}]
[null,null,7,"07 a 08 ano",{"$f":"E54*'3. PREÇOS INSUMOS'!G88","v":0},{"$f":"F54*'3. PREÇOS INSUMOS'!H88","v":0},{"$f":"G54*'3. PREÇOS INSUMOS'!I88","v":0},{"$f":"H54*'3. PREÇOS INSUMOS'!J88","v":0},{"$f":"I54*'3. PREÇOS INSUMOS'!K88","v":0},{"$f":"J54*'3. PREÇOS INSUMOS'!L88","v":0},{"$f":"K54*'3. PREÇOS INSUMOS'!M88","v":0},{"$f":"L54*'3. PREÇOS INSUMOS'!N88","v":0},{"$f":"M54*'3. PREÇOS INSUMOS'!O88","v":0},{"$f":"N54*'3. PREÇOS INSUMOS'!P88","v":0},{"$f":"O54*'3. PREÇOS INSUMOS'!Q88","v":0},{"$f":"P54*'3. PREÇOS INSUMOS'!R88","v":0},{"$f":"Q54*'3. PREÇOS INSUMOS'!S88","v":0},{"$f":"R54*'3. PREÇOS INSUMOS'!T88","v":0},{"$f":"S54*'3. PREÇOS INSUMOS'!U88","v":0},{"$f":"T54*'3. PREÇOS INSUMOS'!V88","v":0}]
[null,null,8,"08 a 09 ano",{"$f":"E55*'3. PREÇOS INSUMOS'!G89","v":0},{"$f":"F55*'3. PREÇOS INSUMOS'!H89","v":0},{"$f":"G55*'3. PREÇOS INSUMOS'!I89","v":0},{"$f":"H55*'3. PREÇOS INSUMOS'!J89","v":0},{"$f":"I55*'3. PREÇOS INSUMOS'!K89","v":0},{"$f":"J55*'3. PREÇOS INSUMOS'!L89","v":0},{"$f":"K55*'3. PREÇOS INSUMOS'!M89","v":0},{"$f":"L55*'3. PREÇOS INSUMOS'!N89","v":0},{"$f":"M55*'3. PREÇOS INSUMOS'!O89","v":0},{"$f":"N55*'3. PREÇOS INSUMOS'!P89","v":0},{"$f":"O55*'3. PREÇOS INSUMOS'!Q89","v":0},{"$f":"P55*'3. PREÇOS INSUMOS'!R89","v":0},{"$f":"Q55*'3. PREÇOS INSUMOS'!S89","v":0},{"$f":"R55*'3. PREÇOS INSUMOS'!T89","v":0},{"$f":"S55*'3. PREÇOS INSUMOS'!U89","v":0},{"$f":"T55*'3. PREÇOS INSUMOS'!V89","v":0}]
[null,null,9,"09 a 10 ano",{"$f":"E56*'3. PREÇOS INSUMOS'!G90","v":0},{"$f":"F56*'3. PREÇOS INSUMOS'!H90","v":0},{"$f":"G56*'3. PREÇOS INSUMOS'!I90","v":0},{"$f":"H56*'3. PREÇOS INSUMOS'!J90","v":0},{"$f":"I56*'3. PREÇOS INSUMOS'!K90","v":0},{"$f":"J56*'3. PREÇOS INSUMOS'!L90","v":0},{"$f":"K56*'3. PREÇOS INSUMOS'!M90","v":0},{"$f":"L56*'3. PREÇOS INSUMOS'!N90","v":0},{"$f":"M56*'3. PREÇOS INSUMOS'!O90","v":0},{"$f":"N56*'3. PREÇOS INSUMOS'!P90","v":0},{"$f":"O56*'3. PREÇOS INSUMOS'!Q90","v":0},{"$f":"P56*'3. PREÇOS INSUMOS'!R90","v":0},{"$f":"Q56*'3. PREÇOS INSUMOS'!S90","v":0},{"$f":"R56*'3. PREÇOS INSUMOS'!T90","v":0},{"$f":"S56*'3. PREÇOS INSUMOS'!U90","v":0},{"$f":"T56*'3. PREÇOS INSUMOS'!V90","v":0}]
[null,null,10,"+10 anos",{"$f":"E57*'3. PREÇOS INSUMOS'!G91","v":0},{"$f":"F57*'3. PREÇOS INSUMOS'!H91","v":0},{"$f":"G57*'3. PREÇOS INSUMOS'!I91","v":0},{"$f":"H57*'3. PREÇOS INSUMOS'!J91","v":0},{"$f":"I57*'3. PREÇOS INSUMOS'!K91","v":0},{"$f":"J57*'3. PREÇOS INSUMOS'!L91","v":0},{"$f":"K57*'3. PREÇOS INSUMOS'!M91","v":0},{"$f":"L57*'3. PREÇOS INSUMOS'!N91","v":0},{"$f":"M57*'3. PREÇOS INSUMOS'!O91","v":0},{"$f":"N57*'3. PREÇOS INSUMOS'!P91","v":0},{"$f":"O57*'3. PREÇOS INSUMOS'!Q91","v":0},{"$f":"P57*'3. PREÇOS INSUMOS'!R91","v":0},{"$f":"Q57*'3. PREÇOS INSUMOS'!S91","v":0},{"$f":"R57*'3. PREÇOS INSUMOS'!T91","v":0},{"$f":"S57*'3. PREÇOS INSUMOS'!U91","v":0},{"$f":"T57*'3. PREÇOS INSUMOS'!V91","v":0}]
[null,null,"Total Veículos",null,{"$f":"SUM(E247:E257)","v":0},{"$f":"SUM(F247:F257)","v":0},0,0,0,0,0,0,0,0,0,0,0,0,0,0]
[]
[{"$nulls":3},"7.2.1.3.1. - - (sem preço de rodagem para cálculo da depreciação)"]
[null,null,"FAIXA ETÁRIA",null,"Pré-Operacional",1,{"$f":"+F261+1","v":2},{"$f":"+G261+1","v":3},{"$f":"+H261+1","v":4},{"$f":"+I261+1","v":5},{"$f":"+J261+1","v":6},{"$f":"+K261+1","v":7},{"$f":"+L261+1","v":8},{"$f":"+M261+1","v":9},{"$f":"+N261+1","v":10},{"$f":"+O261+1","v":11},{"$f":"+P261+1","v":12},{"$f":"+Q261+1","v":13},{"$f":"+R261+1","v":14},{"$f":"+S261+1","v":15}]
[null,null,0,"00 a 01 ano",{"$f":"E47*'3. PREÇOS INSUMOS'!G134","v":0},{"$f":"F47*'3. PREÇOS INSUMOS'!H134","v":0},{"$f":"G47*'3. PREÇOS INSUMOS'!I134","v":0},{"$f":"H47*'3. PREÇOS INSUMOS'!J134","v":0},{"$f":"I47*'3. PREÇOS INSUMOS'!K134","v":0},{"$f":"J47*'3. PREÇOS INSUMOS'!L134","v":0},{"$f":"K47*'3. PREÇOS INSUMOS'!M134","v":0},{"$f":"L47*'3. PREÇOS INSUMOS'!N134","v":0},{"$f":"M47*'3. PREÇOS INSUMOS'!O134","v":0},{"$f":"N47*'3. PREÇOS INSUMOS'!P134","v":0},{"$f":"O47*'3. PREÇOS INSUMOS'!Q134","v":0},{"$f":"P47*'3. PREÇOS INSUMOS'!R134","v":0},{"$f":"Q47*'3. PREÇOS INSUMOS'!S134","v":0},{"$f":"R47*'3. PREÇOS INSUMOS'!T134","v":0},{"$f":"S47*'3. PREÇOS INSUMOS'!U134","v":0},{"$f":"T47*'3. PREÇOS INSUMOS'!V134","v":0}]
[null,null,1,"01 a 02 ano",{"$f":"E48*'3. PREÇOS INSUMOS'!G135","v":0},{"$f":"F48*'3. PREÇOS INSUMOS'!H135","v":0},{"$f":"G48*'3. PREÇOS INSUMOS'!I135","v":0},{"$f":"H48*'3. PREÇOS INSUMOS'!J135","v":0},{"$f":"I48*'3. PREÇOS INSUMOS'!K135","v":0},{"$f":"J48*'3. PREÇOS INSUMOS'!L135","v":0},{"$f":"K48*'3. PREÇOS INSUMOS'!M135","v":0},{"$f":"L48*'3. PREÇOS INSUMOS'!N135","v":0},{"$f":"M48*'3. PREÇOS INSUMOS'!O135","v":0},{"$f":"N48*'3. PREÇOS INSUMOS'!P135","v":0},{"$f":"O48*'3. PREÇOS INSUMOS'!Q135","v":0},{"$f":"P48*'3. PREÇOS INSUMOS'!R135","v":0},{"$f":"Q48*'3. PREÇOS INSUMOS'!S135","v":0},{"$f":"R48*'3. PREÇOS INSUMOS'!T135","v":0},{"$f":"S48*'3. PREÇOS INSUMOS'!U135","v":0},{"$f":"T48*'3. PREÇOS INSUMOS'!V135","v":0}]
[null,null,2,"02 a 03 ano",{"$f":"E49*'3. PREÇOS INSUMOS'!G136","v":0},{"$f":"F49*'3. PREÇOS INSUMOS'!H136","v":0},{"$f":"G49*'3. PREÇOS INSUMOS'!I136","v":0},{"$f":"H49*'3. PREÇOS INSUMOS'!J136","v":0},{"$f":"I49*'3. PREÇOS INSUMOS'!K136","v":0},{"$f":"J49*'3. PREÇOS INSUMOS'!L136","v":0},{"$f":"K49*'3. PREÇOS INSUMOS'!M136","v":0},{"$f":"L49*'3. PREÇOS INSUMOS'!N136","v":0},{"$f":"M49*'3. PREÇOS INSUMOS'!O136","v":0},{"$f":"N49*'3. PREÇOS INSUMOS'!P136","v":0},{"$f":"O49*'3. PREÇOS INSUMOS'!Q136","v":0},{"$f":"P49*'3. PREÇOS INSUMOS'!R136","v":0},{"$f":"Q49*'3. PREÇOS INSUMOS'!S136","v":0},{"$f":"R49*'3. PREÇOS INSUMOS'!T136","v":0},{"$f":"S49*'3. PREÇOS INSUMOS'!U136","v":0},{"$f":"T49*'3. PREÇOS INSUMOS'!V136","v":0}]
[null,null,3,"03 a 04 ano",{"$f":"E50*'3. PREÇOS INSUMOS'!G137","v":0},{"$f":"F50*'3. PREÇOS INSUMOS'!H137","v":0},{"$f":"G50*'3. PREÇOS INSUMOS'!I137","v":0},{"$f":"H50*'3. PREÇOS INSUMOS'!J137","v":0},{"$f":"I50*'3. PREÇOS INSUMOS'!K137","v":0},{"$f":"J50*'3. PREÇOS INSUMOS'!L137","v":0},{"$f":"K50*'3. PREÇOS INSUMOS'!M137","v":0},{"$f":"L50*'3. PREÇOS INSUMOS'!N137","v":0},{"$f":"M50*'3. PREÇOS INSUMOS'!O137","v":0},{"$f":"N50*'3. PREÇOS INSUMOS'!P137","v":0},{"$f":"O50*'3. PREÇOS INSUMOS'!Q137","v":0},{"$f":"P50*'3. PREÇOS INSUMOS'!R137","v":0},{"$f":"Q50*'3. PREÇOS INSUMOS'!S137","v":0},{"$f":"R50*'3. PREÇOS INSUMOS'!T137","v":0},{"$f":"S50*'3. PREÇOS INSUMOS'!U137","v":0},{"$f":"T50*'3. PREÇOS INSUMOS'!V137","v":0}]
[null,null,4,"04 a 05 ano",{"$f":"E51*'3. PREÇOS INSUMOS'!G138","v":0},{"$f":"F51*'3. PREÇOS INSUMOS'!H138","v":0},{"$f":"G51*'3. PREÇOS INSUMOS'!I138","v":0},{"$f":"H51*'3. PREÇOS INSUMOS'!J138","v":0},{"$f":"I51*'3. PREÇOS INSUMOS'!K138","v":0},{"$f":"J51*'3. PREÇOS INSUMOS'!L138","v":0},{"$f":"K51*'3. PREÇOS INSUMOS'!M138","v":0},{"$f":"L51*'3. PREÇOS INSUMOS'!N138","v":0},{"$f":"M51*'3. PREÇOS INSUMOS'!O138","v":0},{"$f":"N51*'3. PREÇOS INSUMOS'!P138","v":0},{"$f":"O51*'3. PREÇOS INSUMOS'!Q138","v":0},{"$f":"P51*'3. PREÇOS INSUMOS'!R138","v":0},{"$f":"Q51*'3. PREÇOS INSUMOS'!S138","v":0},{"$f":"R51*'3. PREÇOS INSUMOS'!T138","v":0},{"$f":"S51*'3. PREÇOS INSUMOS'!U138","v":0},{"$f":"T51*'3. PREÇOS INSUMOS'!V138","v":0}]
[null,null,5,"05 a 06 ano",{"$f":"E52*'3. PREÇOS INSUMOS'!G139","v":0},{"$f":"F52*'3. PREÇOS INSUMOS'!H139","v":0},{"$f":"G52*'3. PREÇOS INSUMOS'!I139","v":0},{"$f":"H52*'3. PREÇOS INSUMOS'!J139","v":0},{"$f":"I52*'3. PREÇOS INSUMOS'!K139","v":0},{"$f":"J52*'3. PREÇOS INSUMOS'!L139","v":0},{"$f":"K52*'3. PREÇOS INSUMOS'!M139","v":0},{"$f":"L52*'3. PREÇOS INSUMOS'!N139","v":0},{"$f":"M52*'3. PREÇOS INSUMOS'!O139","v":0},{"$f":"N52*'3. PREÇOS INSUMOS'!P139","v":0},{"$f":"O52*'3. PREÇOS INSUMOS'!Q139","v":0},{"$f":"P52*'3. PREÇOS INSUMOS'!R139","v":0},{"$f":"Q52*'3. PREÇOS INSUMOS'!S139","v":0},{"$f":"R52*'3. PREÇOS INSUMOS'!T139","v":0},{"$f":"S52*'3. PREÇOS INSUMOS'!U139","v":0},{"$f":"T52*'3. PREÇOS INSUMOS'!V139","v":0}]
[null,null,6,"06 a 07 ano",{"$f":"E53*'3. PREÇOS INSUMOS'!G140","v":0},{"$f":"F53*'3. PREÇOS INSUMOS'!H140","v":0},{"$f":"G53*'3. PREÇOS INSUMOS'!I140","v":0},{"$f":"H53*'3. PREÇOS INSUMOS'!J140","v":0},{"$f":"I53*'3. PREÇOS INSUMOS'!K140","v":0},{"$f":"J53*'3. PREÇOS INSUMOS'!L140","v":0},{"$f":"K53*'3. PREÇOS INSUMOS'!M140","v":0},{"$f":"L53*'3. PREÇOS INSUMOS'!N140","v":0},{"$f":"M53*'3. PREÇOS INSUMOS'!O140","v":0},{"$f":"N53*'3. PREÇOS INSUMOS'!P140","v":0},{"$f":"O53*'3. PREÇOS INSUMOS'!Q140","v":0},{"$f":"P53*'3. PREÇOS INSUMOS'!R140","v":0},{"$f":"Q53*'3. PREÇOS INSUMOS'!S140","v":0},{"$f":"R53*'3. PREÇOS INSUMOS'!T140","v":0},{"$f":"S53*'3. PREÇOS INSUMOS'!U140","v":0},{"$f":"T53*'3. PREÇOS INSUMOS'!V140","v":0}]
[null,null,7,"07 a 08 ano",{"$f":"E54*'3. PREÇOS INSUMOS'!G141","v":0},{"$f":"F54*'3. PREÇOS INSUMOS'!H141","v":0},{"$f":"G54*'3. PREÇOS INSUMOS'!I141","v":0},{"$f":"H54*'3. PREÇOS INSUMOS'!J141","v":0},{"$f":"I54*'3. PREÇOS INSUMOS'!K141","v":0},{"$f":"J54*'3. PREÇOS INSUMOS'!L141","v":0},{"$f":"K54*'3. PREÇOS INSUMOS'!M141","v":0},{"$f":"L54*'3. PREÇOS INSUMOS'!N141","v":0},{"$f":"M54*'3. PREÇOS INSUMOS'!O141","v":0},{"$f":"N54*'3. PREÇOS INSUMOS'!P141","v":0},{"$f":"O54*'3. PREÇOS INSUMOS'!Q141","v":0},{"$f":"P54*'3. PREÇOS INSUMOS'!R141","v":0},{"$f":"Q54*'3. PREÇOS INSUMOS'!S141","v":0},{"$f":"R54*'3. PREÇOS INSUMOS'!T141","v":0},{"$f":"S54*'3. PREÇOS INSUMOS'!U141","v":0},{"$f":"T54*'3. PREÇOS INSUMOS'!V141","v":0}]
[null,null,8,"08 a 09 ano",{"$f":"E55*'3. PREÇOS INSUMOS'!G142","v":0},{"$f":"F55*'3. PREÇOS INSUMOS'!H142","v":0},{"$f":"G55*'3. PREÇOS INSUMOS'!I142","v":0},{"$f":"H55*'3. PREÇOS INSUMOS'!J142","v":0},{"$f":"I55*'3. PREÇOS INSUMOS'!K142","v":0},{"$f":"J55*'3. PREÇOS INSUMOS'!L142","v":0},{"$f":"K55*'3. PREÇOS INSUMOS'!M142","v":0},{"$f":"L55*'3. PREÇOS INSUMOS'!N142","v":0},{"$f":"M55*'3. PREÇOS INSUMOS'!O142","v":0},{"$f":"N55*'3. PREÇOS INSUMOS'!P142","v":0},{"$f":"O55*'3. PREÇOS INSUMOS'!Q142","v":0},{"$f":"P55*'3. PREÇOS INSUMOS'!R142","v":0},{"$f":"Q55*'3. PREÇOS INSUMOS'!S142","v":0},{"$f":"R55*'3. PREÇOS INSUMOS'!T142","v":0},{"$f":"S55*'3. PREÇOS INSUMOS'!U142","v":0},{"$f":"T55*'3. PREÇOS INSUMOS'!V142","v":0}]
[null,null,9,"09 a 10 ano",{"$f":"E56*'3. PREÇOS INSUMOS'!G143","v":0},{"$f":"F56*'3. PREÇOS INSUMOS'!H143","v":0},{"$f":"G56*'3. PREÇOS INSUMOS'!I143","v":0},{"$f":"H56*'3. PREÇOS INSUMOS'!J143","v":0},{"$f":"I56*'3. PREÇOS INSUMOS'!K143","v":0},{"$f":"J56*'3. PREÇOS INSUMOS'!L143","v":0},{"$f":"K56*'3. PREÇOS INSUMOS'!M143","v":0},{"$f":"L56*'3. PREÇOS INSUMOS'!N143","v":0},{"$f":"M56*'3. PREÇOS INSUMOS'!O143","v":0},{"$f":"N56*'3. PREÇOS INSUMOS'!P143","v":0},{"$f":"O56*'3. PREÇOS INSUMOS'!Q143","v":0},{"$f":"P56*'3. PREÇOS INSUMOS'!R143","v":0},{"$f":"Q56*'3. PREÇOS INSUMOS'!S143","v":0},{"$f":"R56*'3. PREÇOS INSUMOS'!T143","v":0},{"$f":"S56*'3. PREÇOS INSUMOS'!U143","v":0},{"$f":"T56*'3. PREÇOS INSUMOS'!V143","v":0}]
[null,null,10,"+10 anos",{"$f":"E57*'3. PREÇOS INSUMOS'!G144","v":0},{"$f":"F57*'3. PREÇOS INSUMOS'!H144","v":0},{"$f":"G57*'3. PREÇOS INSUMOS'!I144","v":0},{"$f":"H57*'3. PREÇOS INSUMOS'!J144","v":0},{"$f":"I57*'3. PREÇOS INSUMOS'!K144","v":0},{"$f":"J57*'3. PREÇOS INSUMOS'!L144","v":0},{"$f":"K57*'3. PREÇOS INSUMOS'!M144","v":0},{"$f":"L57*'3. PREÇOS INSUMOS'!N144","v":0},{"$f":"M57*'3. PREÇOS INSUMOS'!O144","v":0},{"$f":"N57*'3. PREÇOS INSUMOS'!P144","v":0},{"$f":"O57*'3. PREÇOS INSUMOS'!Q144","v":0},{"$f":"P57*'3. PREÇOS INSUMOS'!R144","v":0},{"$f":"Q57*'3. PREÇOS INSUMOS'!S144","v":0},{"$f":"R57*'3. PREÇOS INSUMOS'!T144","v":0},{"$f":"S57*'3. PREÇOS INSUMOS'!U144","v":0},{"$f":"T57*'3. PREÇOS INSUMOS'!V144","v":0}]
[null,null,"Total Veículos",null,{"$f":"SUM(E262:E272)","v":0},{"$f":"SUM(F262:F272)","v":0},0,0,0,0,0,0,0,0,0,0,0,0,0,0]
[]
[]
[null,null,"7.2.2. - REVENDA DE VEÍCULOS DA FROTA"]
[]
[1,null,{"$f":"\"7.2.2.1 - \"&VLOOKUP(A278,TIPOLOGIA!$D$10:$E$12,2,0)","v":"7.2.2.1 - MICROÔNIBUS"}]
[null,null,"FAIXA ETÁRIA",null,"Pré-Operacional",1,{"$f":"+F279+1","v":2},3,4,5,6,7,8,9,10,11,12,13,14,15,"Encerramento"]
[null,null,0,"00 a 01 ano",{"$f":"+E66*'3. PREÇOS INSUMOS'!G51","v":0},{"$f":"+F66*'3. PREÇOS INSUMOS'!G51","v":0},{"$f":"+G66*'3. PREÇOS INSUMOS'!H51","v":0},{"$f":"+H66*'3. PREÇOS INSUMOS'!I51","v":0},{"$f":"+I66*'3. PREÇOS INSUMOS'!J51","v":0},{"$f":"+J66*'3. PREÇOS INSUMOS'!K51","v":0},{"$f":"+K66*'3. PREÇOS INSUMOS'!L51","v":0},{"$f":"+L66*'3. PREÇOS INSUMOS'!M51","v":0},{"$f":"+M66*'3. PREÇOS INSUMOS'!N51","v":0},{"$f":"+N66*'3. PREÇOS INSUMOS'!O51","v":0},{"$f":"+O66*'3. PREÇOS INSUMOS'!P51","v":0},{"$f":"+P66*'3. PREÇOS INSUMOS'!Q51","v":0},{"$f":"+Q66*'3. PREÇOS INSUMOS'!R51","v":0},{"$f":"+R66*'3. PREÇOS INSUMOS'!S51","v":0},{"$f":"+S66*'3. PREÇOS INSUMOS'!T51","v":0},{"$f":"+T66*'3. PREÇOS INSUMOS'!U51","v":0},{"$f":"+U66*'3. PREÇOS INSUMOS'!U51","v":0}]
[null,null,1,"01 a 02 ano",{"$f":"+E67*'3. PREÇOS INSUMOS'!G52","v":0},{"$f":"+F67*'3. PREÇOS INSUMOS'!G52","v":0},{"$f":"+G67*'3. PREÇOS INSUMOS'!H52","v":0},{"$f":"+H67*'3. PREÇOS INSUMOS'!I52","v":0},{"$f":"+I67*'3. PREÇOS INSUMOS'!J52","v":0},{"$f":"+J67*'3. PREÇOS INSUMOS'!K52","v":0},{"$f":"+K67*'3. PREÇOS INSUMOS'!L52","v":0},{"$f":"+L67*'3. PREÇOS INSUMOS'!M52","v":0},{"$f":"+M67*'3. PREÇOS INSUMOS'!N52","v":0},{"$f":"+N67*'3. PREÇOS INSUMOS'!O52","v":0},{"$f":"+O67*'3. PREÇOS INSUMOS'!P52","v":0},{"$f":"+P67*'3. PREÇOS INSUMOS'!Q52","v":0},{"$f":"+Q67*'3. PREÇOS INSUMOS'!R52","v":0},{"$f":"+R67*'3. PREÇOS INSUMOS'!S52","v":0},{"$f":"+S67*'3. PREÇOS INSUMOS'!T52","v":0},{"$f":"+T67*'3. PREÇOS INSUMOS'!U52","v":0},{"$f":"+U67*'3. PREÇOS INSUMOS'!U52","v":0}]
[null,null,2,"02 a 03 ano",{"$f":"+E68*'3. PREÇOS INSUMOS'!G53","v":0},{"$f":"+F68*'3. PREÇOS INSUMOS'!G53","v":0},{"$f":"+G68*'3. PREÇOS INSUMOS'!H53","v":0},{"$f":"+H68*'3. PREÇOS INSUMOS'!I53","v":0},{"$f":"+I68*'3. PREÇOS INSUMOS'!J53","v":0},{"$f":"+J68*'3. PREÇOS INSUMOS'!K53","v":0},{"$f":"+K68*'3. PREÇOS INSUMOS'!L53","v":0},{"$f":"+L68*'3. PREÇOS INSUMOS'!M53","v":0},{"$f":"+M68*'3. PREÇOS INSUMOS'!N53","v":0},{"$f":"+N68*'3. PREÇOS INSUMOS'!O53","v":0},{"$f":"+O68*'3. PREÇOS INSUMOS'!P53","v":0},{"$f":"+P68*'3. PREÇOS INSUMOS'!Q53","v":0},{"$f":"+Q68*'3. PREÇOS INSUMOS'!R53","v":0},{"$f":"+R68*'3. PREÇOS INSUMOS'!S53","v":0},{"$f":"+S68*'3. PREÇOS INSUMOS'!T53","v":0},{"$f":"+T68*'3. PREÇOS INSUMOS'!U53","v":0},{"$f":"+U68*'3. PREÇOS INSUMOS'!U53","v":0}]
[null,null,3,"03 a 04 ano",{"$f":"+E69*'3. PREÇOS INSUMOS'!G54","v":0},{"$f":"+F69*'3. PREÇOS INSUMOS'!G54","v":0},{"$f":"+G69*'3. PREÇOS INSUMOS'!H54","v":0},{"$f":"+H69*'3. PREÇOS INSUMOS'!I54","v":0},{"$f":"+I69*'3. PREÇOS INSUMOS'!J54","v":0},{"$f":"+J69*'3. PREÇOS INSUMOS'!K54","v":0},{"$f":"+K69*'3. PREÇOS INSUMOS'!L54","v":0},{"$f":"+L69*'3. PREÇOS INSUMOS'!M54","v":0},{"$f":"+M69*'3. PREÇOS INSUMOS'!N54","v":0},{"$f":"+N69*'3. PREÇOS INSUMOS'!O54","v":0},{"$f":"+O69*'3. PREÇOS INSUMOS'!P54","v":0},{"$f":"+P69*'3. PREÇOS INSUMOS'!Q54","v":0},{"$f":"+Q69*'3. PREÇOS INSUMOS'!R54","v":0},{"$f":"+R69*'3. PREÇOS INSUMOS'!S54","v":0},{"$f":"+S69*'3. PREÇOS INSUMOS'!T54","v":0},{"$f":"+T69*'3. PREÇOS INSUMOS'!U54","v":0},{"$f":"+U69*'3. PREÇOS INSUMOS'!U54","v":{"v":623150,"d":"623,150"}}]
[null,null,4,"04 a 05 ano",{"$f":"+E70*'3. PREÇOS INSUMOS'!G55","v":0},{"$f":"+F70*'3. PREÇOS INSUMOS'!G55","v":0},{"$f":"+G70*'3. PREÇOS INSUMOS'!H55","v":0},{"$f":"+H70*'3. PREÇOS INSUMOS'!I55","v":0},{"$f":"+I70*'3. PREÇOS INSUMOS'!J55","v":0},{"$f":"+J70*'3. PREÇOS INSUMOS'!K55","v":0},{"$f":"+K70*'3. PREÇOS INSUMOS'!L55","v":0},{"$f":"+L70*'3. PREÇOS INSUMOS'!M55","v":0},{"$f":"+M70*'3. PREÇOS INSUMOS'!N55","v":0},{"$f":"+N70*'3. PREÇOS INSUMOS'!O55","v":0},{"$f":"+O70*'3. PREÇOS INSUMOS'!P55","v":0},{"$f":"+P70*'3. PREÇOS INSUMOS'!Q55","v":0},{"$f":"+Q70*'3. PREÇOS INSUMOS'!R55","v":0},{"$f":"+R70*'3. PREÇOS INSUMOS'!S55","v":0},{"$f":"+S70*'3. PREÇOS INSUMOS'!T55","v":0},{"$f":"+T70*'3. PREÇOS INSUMOS'!U55","v":0},{"$f":"+U70*'3. PREÇOS INSUMOS'!U55","v":0}]
[null,null,5,"05 a 06 ano",{"$f":"+E71*'3. PREÇOS INSUMOS'!G56","v":0},{"$f":"+F71*'3. PREÇOS INSUMOS'!G56","v":0},{"$f":"+G71*'3. PREÇOS INSUMOS'!H56","v":0},{"$f":"+H71*'3. PREÇOS INSUMOS'!I56","v":0},{"$f":"+I71*'3. PREÇOS INSUMOS'!J56","v":0},{"$f":"+J71*'3. PREÇOS INSUMOS'!K56","v":0},{"$f":"+K71*'3. PREÇOS INSUMOS'!L56","v":0},{"$f":"+L71*'3. PREÇOS INSUMOS'!M56","v":0},{"$f":"+M71*'3. PREÇOS INSUMOS'!N56","v":0},{"$f":"+N71*'3. PREÇOS INSUMOS'!O56","v":0},{"$f":"+O71*'3. PREÇOS INSUMOS'!P56","v":0},{"$f":"+P71*'3. PREÇOS INSUMOS'!Q56","v":0},{"$f":"+Q71*'3. PREÇOS INSUMOS'!R56","v":0},{"$f":"+R71*'3. PREÇOS INSUMOS'!S56","v":0},{"$f":"+S71*'3. PREÇOS INSUMOS'!T56","v":0},{"$f":"+T71*'3. PREÇOS INSUMOS'!U56","v":0},{"$f":"+U71*'3. PREÇOS INSUMOS'!U56","v":0}]
[null,null,6,"06 a 07 ano",{"$f":"+E72*'3. PREÇOS INSUMOS'!G57","v":0},{"$f":"+F72*'3. PREÇOS INSUMOS'!G57","v":0},{"$f":"+G72*'3. PREÇOS INSUMOS'!H57","v":0},{"$f":"+H72*'3. PREÇOS INSUMOS'!I57","v":0},{"$f":"+I72*'3. PREÇOS INSUMOS'!J57","v":0},{"$f":"+J72*'3. PREÇOS INSUMOS'!K57","v":0},{"$f":"+K72*'3. PREÇOS INSUMOS'!L57","v":0},{"$f":"+L72*'3. PREÇOS INSUMOS'!M57","v":0},{"$f":"+M72*'3. PREÇOS INSUMOS'!N57","v":0},{"$f":"+N72*'3. PREÇOS INSUMOS'!O57","v":0},{"$f":"+O72*'3. PREÇOS INSUMOS'!P57","v":0},{"$f":"+P72*'3. PREÇOS INSUMOS'!Q57","v":0},{"$f":"+Q72*'3. PREÇOS INSUMOS'!R57","v":0},{"$f":"+R72*'3. PREÇOS INSUMOS'!S57","v":0},{"$f":"+S72*'3. PREÇOS INSUMOS'!T57","v":0},{"$f":"+T72*'3. PREÇOS INSUMOS'!U57","v":0},{"$f":"+U72*'3. PREÇOS INSUMOS'!U57","v":0}]
[null,null,7,"07 a 08 ano",{"$f":"+E73*'3. PREÇOS INSUMOS'!G58","v":0},{"$f":"+F73*'3. PREÇOS INSUMOS'!G58","v":0},{"$f":"+G73*'3. PREÇOS INSUMOS'!H58","v":0},{"$f":"+H73*'3. PREÇOS INSUMOS'!I58","v":0},{"$f":"+I73*'3. PREÇOS INSUMOS'!J58","v":0},{"$f":"+J73*'3. PREÇOS INSUMOS'!K58","v":0},{"$f":"+K73*'3. PREÇOS INSUMOS'!L58","v":0},{"$f":"+L73*'3. PREÇOS INSUMOS'!M58","v":0},{"$f":"+M73*'3. PREÇOS INSUMOS'!N58","v":0},{"$f":"+N73*'3. PREÇOS INSUMOS'!O58","v":0},{"$f":"+O73*'3. PREÇOS INSUMOS'!P58","v":0},{"$f":"+P73*'3. PREÇOS INSUMOS'!Q58","v":0},{"$f":"+Q73*'3. PREÇOS INSUMOS'!R58","v":0},{"$f":"+R73*'3. PREÇOS INSUMOS'!S58","v":0},{"$f":"+S73*'3. PREÇOS INSUMOS'!T58","v":0},{"$f":"+T73*'3. PREÇOS INSUMOS'!U58","v":0},{"$f":"+U73*'3. PREÇOS INSUMOS'!U58","v":0}]
[null,null,8,"08 a 09 ano",{"$f":"+E74*'3. PREÇOS INSUMOS'!G59","v":0},{"$f":"+F74*'3. PREÇOS INSUMOS'!G59","v":0},{"$f":"+G74*'3. PREÇOS INSUMOS'!H59","v":0},{"$f":"+H74*'3. PREÇOS INSUMOS'!I59","v":0},{"$f":"+I74*'3. PREÇOS INSUMOS'!J59","v":0},{"$f":"+J74*'3. PREÇOS INSUMOS'!K59","v":0},{"$f":"+K74*'3. PREÇOS INSUMOS'!L59","v":0},{"$f":"+L74*'3. PREÇOS INSUMOS'!M59","v":0},{"$f":"+M74*'3. PREÇOS INSUMOS'!N59","v":0},{"$f":"+N74*'3. PREÇOS INSUMOS'!O59","v":0},{"$f":"+O74*'3. PREÇOS INSUMOS'!P59","v":0},{"$f":"+P74*'3. PREÇOS INSUMOS'!Q59","v":0},{"$f":"+Q74*'3. PREÇOS INSUMOS'!R59","v":0},{"$f":"+R74*'3. PREÇOS INSUMOS'!S59","v":{"v":185399.99999999997,"d":"185,400"}},{"$f":"+S74*'3. PREÇOS INSUMOS'!T59","v":0},{"$f":"+T74*'3. PREÇOS INSUMOS'!U59","v":0},{"$f":"+U74*'3. PREÇOS INSUMOS'!U59","v":0}]
[null,null,9,"09 a 10 ano",{"$f":"+E75*'3. PREÇOS INSUMOS'!G60","v":0},{"$f":"+F75*'3. PREÇOS INSUMOS'!G60","v":0},{"$f":"+G75*'3. PREÇOS INSUMOS'!H60","v":0},{"$f":"+H75*'3. PREÇOS INSUMOS'!I60","v":0},{"$f":"+I75*'3. PREÇOS INSUMOS'!J60","v":0},{"$f":"+J75*'3. PREÇOS INSUMOS'!K60","v":0},{"$f":"+K75*'3. PREÇOS INSUMOS'!L60","v":0},{"$f":"+L75*'3. PREÇOS INSUMOS'!M60","v":0},{"$f":"+M75*'3. PREÇOS INSUMOS'!N60","v":0},{"$f":"+N75*'3. PREÇOS INSUMOS'!O60","v":0},{"$f":"+O75*'3. PREÇOS INSUMOS'!P60","v":0},{"$f":"+P75*'3. PREÇOS INSUMOS'!Q60","v":0},{"$f":"+Q75*'3. PREÇOS INSUMOS'!R60","v":0},{"$f":"+R75*'3. PREÇOS INSUMOS'!S60","v":0},{"$f":"+S75*'3. PREÇOS INSUMOS'!T60","v":0},{"$f":"+T75*'3. PREÇOS INSUMOS'!U60","v":0},{"$f":"+U75*'3. PREÇOS INSUMOS'!U60","v":0}]
[null,null,10,"+10 anos",{"$f":"+E76*'3. PREÇOS INSUMOS'!G61","v":0},{"$f":"+F76*'3. PREÇOS INSUMOS'!G61","v":0},{"$f":"+G76*'3. PREÇOS INSUMOS'!H61","v":0},{"$f":"+H76*'3. PREÇOS INSUMOS'!I61","v":0},{"$f":"+I76*'3. PREÇOS INSUMOS'!J61","v":0},{"$f":"+J76*'3. PREÇOS INSUMOS'!K61","v":0},{"$f":"+K76*'3. PREÇOS INSUMOS'!L61","v":0},{"$f":"+L76*'3. PREÇOS INSUMOS'!M61","v":0},{"$f":"+M76*'3. PREÇOS INSUMOS'!N61","v":0},{"$f":"+N76*'3. PREÇOS INSUMOS'!O61","v":0},{"$f":"+O76*'3. PREÇOS INSUMOS'!P61","v":0},{"$f":"+P76*'3. PREÇOS INSUMOS'!Q61","v":0},{"$f":"+Q76*'3. PREÇOS INSUMOS'!R61","v":0},{"$f":"+R76*'3. PREÇOS INSUMOS'!S61","v":0},{"$f":"+S76*'3. PREÇOS INSUMOS'!T61","v":0},{"$f":"+T76*'3. PREÇOS INSUMOS'!U61","v":0},{"$f":"+U76*'3. PREÇOS INSUMOS'!U61","v":0}]
[null,null,"Total Veículos",null,{"$f":"SUM(E280:E290)","v":0},{"$f":"SUM(F280:F290)","v":0},0,0,0,0,0,0,0,0,0,0,0,{"v":185399.99999999997,"d":"185,400"},0,0,{"v":623150,"d":"623,150"}]
[]
[2,null,{"$f":"\"7.2.2.2 - \"&VLOOKUP(A293,TIPOLOGIA!$D$10:$E$12,2,0)","v":"7.2.2.2 - CONVENCIONAL"}]
[null,null,"FAIXA ETÁRIA",null,"Pré-Operacional",1,{"$f":"+F294+1","v":2},3,4,5,6,7,8,9,10,11,12,13,14,15,"Encerramento"]
[null,null,0,"00 a 01 ano",{"$f":"+E82*'3. PREÇOS INSUMOS'!G66","v":0},{"$f":"+F82*'3. PREÇOS INSUMOS'!G66","v":0},{"$f":"+G82*'3. PREÇOS INSUMOS'!H66","v":0},{"$f":"+H82*'3. PREÇOS INSUMOS'!I66","v":0},{"$f":"+I82*'3. PREÇOS INSUMOS'!J66","v":0},{"$f":"+J82*'3. PREÇOS INSUMOS'!K66","v":0},{"$f":"+K82*'3. PREÇOS INSUMOS'!L66","v":0},{"$f":"+L82*'3. PREÇOS INSUMOS'!M66","v":0},{"$f":"+M82*'3. PREÇOS INSUMOS'!N66","v":0},{"$f":"+N82*'3. PREÇOS INSUMOS'!O66","v":0},{"$f":"+O82*'3. PREÇOS INSUMOS'!P66","v":0},{"$f":"+P82*'3. PREÇOS INSUMOS'!Q66","v":0},{"$f":"+Q82*'3. PREÇOS INSUMOS'!R66","v":0},{"$f":"+R82*'3. PREÇOS INSUMOS'!S66","v":0},{"$f":"+S82*'3. PREÇOS INSUMOS'!T66","v":0},{"$f":"+T82*'3. PREÇOS INSUMOS'!U66","v":0},{"$f":"+U82*'3. PREÇOS INSUMOS'!U66","v":0}]
[null,null,1,"01 a 02 ano",{"$f":"+E83*'3. PREÇOS INSUMOS'!G67","v":0},{"$f":"+F83*'3. PREÇOS INSUMOS'!G67","v":0},{"$f":"+G83*'3. PREÇOS INSUMOS'!H67","v":0},{"$f":"+H83*'3. PREÇOS INSUMOS'!I67","v":0},{"$f":"+I83*'3. PREÇOS INSUMOS'!J67","v":0},{"$f":"+J83*'3. PREÇOS INSUMOS'!K67","v":0},{"$f":"+K83*'3. PREÇOS INSUMOS'!L67","v":0},{"$f":"+L83*'3. PREÇOS INSUMOS'!M67","v":0},{"$f":"+M83*'3. PREÇOS INSUMOS'!N67","v":0},{"$f":"+N83*'3. PREÇOS INSUMOS'!O67","v":0},{"$f":"+O83*'3. PREÇOS INSUMOS'!P67","v":0},{"$f":"+P83*'3. PREÇOS INSUMOS'!Q67","v":0},{"$f":"+Q83*'3. PREÇOS INSUMOS'!R67","v":0},{"$f":"+R83*'3. PREÇOS INSUMOS'!S67","v":0},{"$f":"+S83*'3. PREÇOS INSUMOS'!T67","v":0},{"$f":"+T83*'3. PREÇOS INSUMOS'!U67","v":0},{"$f":"+U83*'3. PREÇOS INSUMOS'!U67","v":0}]
[null,null,2,"02 a 03 ano",{"$f":"+E84*'3. PREÇOS INSUMOS'!G68","v":0},{"$f":"+F84*'3. PREÇOS INSUMOS'!G68","v":0},{"$f":"+G84*'3. PREÇOS INSUMOS'!H68","v":0},{"$f":"+H84*'3. PREÇOS INSUMOS'!I68","v":0},{"$f":"+I84*'3. PREÇOS INSUMOS'!J68","v":0},{"$f":"+J84*'3. PREÇOS INSUMOS'!K68","v":0},{"$f":"+K84*'3. PREÇOS INSUMOS'!L68","v":0},{"$f":"+L84*'3. PREÇOS INSUMOS'!M68","v":0},{"$f":"+M84*'3. PREÇOS INSUMOS'!N68","v":0},{"$f":"+N84*'3. PREÇOS INSUMOS'!O68","v":0},{"$f":"+O84*'3. PREÇOS INSUMOS'!P68","v":0},{"$f":"+P84*'3. PREÇOS INSUMOS'!Q68","v":0},{"$f":"+Q84*'3. PREÇOS INSUMOS'!R68","v":0},{"$f":"+R84*'3. PREÇOS INSUMOS'!S68","v":0},{"$f":"+S84*'3. PREÇOS INSUMOS'!T68","v":0},{"$f":"+T84*'3. PREÇOS INSUMOS'!U68","v":0},{"$f":"+U84*'3. PREÇOS INSUMOS'!U68","v":0}]
[null,null,3,"03 a 04 ano",{"$f":"+E85*'3. PREÇOS INSUMOS'!G69","v":0},{"$f":"+F85*'3. PREÇOS INSUMOS'!G69","v":0},{"$f":"+G85*'3. PREÇOS INSUMOS'!H69","v":0},{"$f":"+H85*'3. PREÇOS INSUMOS'!I69","v":0},{"$f":"+I85*'3. PREÇOS INSUMOS'!J69","v":0},{"$f":"+J85*'3. PREÇOS INSUMOS'!K69","v":0},{"$f":"+K85*'3. PREÇOS INSUMOS'!L69","v":0},{"$f":"+L85*'3. PREÇOS INSUMOS'!M69","v":0},{"$f":"+M85*'3. PREÇOS INSUMOS'!N69","v":0},{"$f":"+N85*'3. PREÇOS INSUMOS'!O69","v":0},{"$f":"+O85*'3. PREÇOS INSUMOS'!P69","v":0},{"$f":"+P85*'3. PREÇOS INSUMOS'!Q69","v":0},{"$f":"+Q85*'3. PREÇOS INSUMOS'!R69","v":0},{"$f":"+R85*'3. PREÇOS INSUMOS'!S69","v":0},{"$f":"+S85*'3. PREÇOS INSUMOS'!T69","v":0},{"$f":"+T85*'3. PREÇOS INSUMOS'!U69","v":0},{"$f":"+U85*'3. PREÇOS INSUMOS'!U69","v":{"v":552900,"d":"552,900"}}]
[null,null,4,"04 a 05 ano",{"$f":"+E86*'3. PREÇOS INSUMOS'!G70","v":0},{"$f":"+F86*'3. PREÇOS INSUMOS'!G70","v":0},{"$f":"+G86*'3. PREÇOS INSUMOS'!H70","v":0},{"$f":"+H86*'3. PREÇOS INSUMOS'!I70","v":0},{"$f":"+I86*'3. PREÇOS INSUMOS'!J70","v":0},{"$f":"+J86*'3. PREÇOS INSUMOS'!K70","v":0},{"$f":"+K86*'3. PREÇOS INSUMOS'!L70","v":0},{"$f":"+L86*'3. PREÇOS INSUMOS'!M70","v":0},{"$f":"+M86*'3. PREÇOS INSUMOS'!N70","v":0},{"$f":"+N86*'3. PREÇOS INSUMOS'!O70","v":0},{"$f":"+O86*'3. PREÇOS INSUMOS'!P70","v":0},{"$f":"+P86*'3. PREÇOS INSUMOS'!Q70","v":0},{"$f":"+Q86*'3. PREÇOS INSUMOS'!R70","v":0},{"$f":"+R86*'3. PREÇOS INSUMOS'!S70","v":0},{"$f":"+S86*'3. PREÇOS INSUMOS'!T70","v":0},{"$f":"+T86*'3. PREÇOS INSUMOS'!U70","v":0},{"$f":"+U86*'3. PREÇOS INSUMOS'!U70","v":{"v":271600,"d":"271,600"}}]
[null,null,5,"05 a 06 ano",{"$f":"+E87*'3. PREÇOS INSUMOS'!G71","v":0},{"$f":"+F87*'3. PREÇOS INSUMOS'!G71","v":0},{"$f":"+G87*'3. PREÇOS INSUMOS'!H71","v":0},{"$f":"+H87*'3. PREÇOS INSUMOS'!I71","v":0},{"$f":"+I87*'3. PREÇOS INSUMOS'!J71","v":0},{"$f":"+J87*'3. PREÇOS INSUMOS'!K71","v":0},{"$f":"+K87*'3. PREÇOS INSUMOS'!L71","v":0},{"$f":"+L87*'3. PREÇOS INSUMOS'!M71","v":0},{"$f":"+M87*'3. PREÇOS INSUMOS'!N71","v":0},{"$f":"+N87*'3. PREÇOS INSUMOS'!O71","v":0},{"$f":"+O87*'3. PREÇOS INSUMOS'!P71","v":0},{"$f":"+P87*'3. PREÇOS INSUMOS'!Q71","v":0},{"$f":"+Q87*'3. PREÇOS INSUMOS'!R71","v":0},{"$f":"+R87*'3. PREÇOS INSUMOS'!S71","v":0},{"$f":"+S87*'3. PREÇOS INSUMOS'!T71","v":0},{"$f":"+T87*'3. PREÇOS INSUMOS'!U71","v":0},{"$f":"+U87*'3. PREÇOS INSUMOS'!U71","v":{"v":291000,"d":"291,000"}}]
[null,null,6,"06 a 07 ano",{"$f":"+E88*'3. PREÇOS INSUMOS'!G72","v":0},{"$f":"+F88*'3. PREÇOS INSUMOS'!G72","v":0},{"$f":"+G88*'3. PREÇOS INSUMOS'!H72","v":{"v":203700,"d":"203,700"}},{"$f":"+H88*'3. PREÇOS INSUMOS'!I72","v":0},{"$f":"+I88*'3. PREÇOS INSUMOS'!J72","v":0},{"$f":"+J88*'3. PREÇOS INSUMOS'!K72","v":0},{"$f":"+K88*'3. PREÇOS INSUMOS'!L72","v":0},{"$f":"+L88*'3. PREÇOS INSUMOS'!M72","v":0},{"$f":"+M88*'3. PREÇOS INSUMOS'!N72","v":0},{"$f":"+N88*'3. PREÇOS INSUMOS'!O72","v":0},{"$f":"+O88*'3. PREÇOS INSUMOS'!P72","v":0},{"$f":"+P88*'3. PREÇOS INSUMOS'!Q72","v":0},{"$f":"+Q88*'3. PREÇOS INSUMOS'!R72","v":0},{"$f":"+R88*'3. PREÇOS INSUMOS'!S72","v":0},{"$f":"+S88*'3. PREÇOS INSUMOS'!T72","v":0},{"$f":"+T88*'3. PREÇOS INSUMOS'!U72","v":0},{"$f":"+U88*'3. PREÇOS INSUMOS'!U72","v":{"v":67900,"d":"67,900"}}]
[null,null,7,"07 a 08 ano",{"$f":"+E89*'3. PREÇOS INSUMOS'!G73","v":0},{"$f":"+F89*'3. PREÇOS INSUMOS'!G73","v":0},{"$f":"+G89*'3. PREÇOS INSUMOS'!H73","v":0},{"$f":"+H89*'3. PREÇOS INSUMOS'!I73","v":{"v":97000,"d":"97,000"}},{"$f":"+I89*'3. PREÇOS INSUMOS'!J73","v":0},{"$f":"+J89*'3. PREÇOS INSUMOS'!K73","v":0},{"$f":"+K89*'3. PREÇOS INSUMOS'!L73","v":0},{"$f":"+L89*'3. PREÇOS INSUMOS'!M73","v":0},{"$f":"+M89*'3. PREÇOS INSUMOS'!N73","v":0},{"$f":"+N89*'3. PREÇOS INSUMOS'!O73","v":{"v":48500,"d":"48,500"}},{"$f":"+O89*'3. PREÇOS INSUMOS'!P73","v":0},{"$f":"+P89*'3. PREÇOS INSUMOS'!Q73","v":0},{"$f":"+Q89*'3. PREÇOS INSUMOS'!R73","v":0},{"$f":"+R89*'3. PREÇOS INSUMOS'!S73","v":0},{"$f":"+S89*'3. PREÇOS INSUMOS'!T73","v":0},{"$f":"+T89*'3. PREÇOS INSUMOS'!U73","v":0},{"$f":"+U89*'3. PREÇOS INSUMOS'!U73","v":{"v":48500,"d":"48,500"}}]
[null,null,8,"08 a 09 ano",{"$f":"+E90*'3. PREÇOS INSUMOS'!G74","v":0},{"$f":"+F90*'3. PREÇOS INSUMOS'!G74","v":0},{"$f":"+G90*'3. PREÇOS INSUMOS'!H74","v":0},{"$f":"+H90*'3. PREÇOS INSUMOS'!I74","v":0},{"$f":"+I90*'3. PREÇOS INSUMOS'!J74","v":{"v":77600,"d":"77,600"}},{"$f":"+J90*'3. PREÇOS INSUMOS'!K74","v":0},{"$f":"+K90*'3. PREÇOS INSUMOS'!L74","v":0},{"$f":"+L90*'3. PREÇOS INSUMOS'!M74","v":0},{"$f":"+M90*'3. PREÇOS INSUMOS'!N74","v":0},{"$f":"+N90*'3. PREÇOS INSUMOS'!O74","v":0},{"$f":"+O90*'3. PREÇOS INSUMOS'!P74","v":{"v":38800,"d":"38,800"}},{"$f":"+P90*'3. PREÇOS INSUMOS'!Q74","v":{"v":77600,"d":"77,600"}},{"$f":"+Q90*'3. PREÇOS INSUMOS'!R74","v":{"v":77600,"d":"77,600"}},{"$f":"+R90*'3. PREÇOS INSUMOS'!S74","v":{"v":116400,"d":"116,400"}},{"$f":"+S90*'3. PREÇOS INSUMOS'!T74","v":0},{"$f":"+T90*'3. PREÇOS INSUMOS'!U74","v":0},{"$f":"+U90*'3. PREÇOS INSUMOS'!U74","v":0}]
[null,null,9,"09 a 10 ano",{"$f":"+E91*'3. PREÇOS INSUMOS'!G75","v":0},{"$f":"+F91*'3. PREÇOS INSUMOS'!G75","v":0},{"$f":"+G91*'3. PREÇOS INSUMOS'!H75","v":0},{"$f":"+H91*'3. PREÇOS INSUMOS'!I75","v":0},{"$f":"+I91*'3. PREÇOS INSUMOS'!J75","v":0},{"$f":"+J91*'3. PREÇOS INSUMOS'!K75","v":0},{"$f":"+K91*'3. PREÇOS INSUMOS'!L75","v":0},{"$f":"+L91*'3. PREÇOS INSUMOS'!M75","v":0},{"$f":"+M91*'3. PREÇOS INSUMOS'!N75","v":0},{"$f":"+N91*'3. PREÇOS INSUMOS'!O75","v":0},{"$f":"+O91*'3. PREÇOS INSUMOS'!P75","v":0},{"$f":"+P91*'3. PREÇOS INSUMOS'!Q75","v":0},{"$f":"+Q91*'3. PREÇOS INSUMOS'!R75","v":0},{"$f":"+R91*'3. PREÇOS INSUMOS'!S75","v":0},{"$f":"+S91*'3. PREÇOS INSUMOS'!T75","v":0},{"$f":"+T91*'3. PREÇOS INSUMOS'!U75","v":0},{"$f":"+U91*'3. PREÇOS INSUMOS'!U75","v":0}]
[null,null,10,"+10 anos",{"$f":"+E92*'3. PREÇOS INSUMOS'!G76","v":0},{"$f":"+F92*'3. PREÇOS INSUMOS'!G76","v":0},{"$f":"+G92*'3. PREÇOS INSUMOS'!H76","v":0},{"$f":"+H92*'3. PREÇOS INSUMOS'!I76","v":0},{"$f":"+I92*'3. PREÇOS INSUMOS'!J76","v":0},{"$f":"+J92*'3. PREÇOS INSUMOS'!K76","v":0},{"$f":"+K92*'3. PREÇOS INSUMOS'!L76","v":0},{"$f":"+L92*'3. PREÇOS INSUMOS'!M76","v":0},{"$f":"+M92*'3. PREÇOS INSUMOS'!N76","v":0},{"$f":"+N92*'3. PREÇOS INSUMOS'!O76","v":0},{"$f":"+O92*'3. PREÇOS INSUMOS'!P76","v":0},{"$f":"+P92*'3. PREÇOS INSUMOS'!Q76","v":0},{"$f":"+Q92*'3. PREÇOS INSUMOS'!R76","v":0},{"$f":"+R92*'3. PREÇOS INSUMOS'!S76","v":0},{"$f":"+S92*'3. PREÇOS INSUMOS'!T76","v":0},{"$f":"+T92*'3. PREÇOS INSUMOS'!U76","v":0},{"$f":"+U92*'3. PREÇOS INSUMOS'!U76","v":0}]
[null,null,"Total Veículos",null,{"$f":"SUM(E295:E305)","v":0},{"$f":"SUM(F295:F305)","v":0},{"v":203700,"d":"203,700"},{"v":97000,"d":"97,000"},{"v":77600,"d":"77,600"},0,0,0,0,{"v":48500,"d":"48,500"},{"v":38800,"d":"38,800"},{"v":77600,"d":"77,600"},{"v":77600,"d":"77,600"},{"v":116400,"d":"116,400"},0,0,{"v":1231900,"d":"1,231,900"}]
[]
[3,null,{"$f":"\"7.2.2.3 - \"&VLOOKUP(A308,TIPOLOGIA!$D$10:$E$12,2,0)","v":"7.2.2.3 - -"}]
[null,null,"FAIXA ETÁRIA",null,"Pré-Operacional",1,{"$f":"+F309+1","v":2},3,4,5,6,7,8,9,10,11,12,13,14,15,"Encerramento"]
[null,null,0,"00 a 01 ano",{"$f":"+'7. INVESTIMENTO FROTA'!E98*'3. PREÇOS INSUMOS'!G81","v":0},{"$f":"+'7. INVESTIMENTO FROTA'!F98*'3. PREÇOS INSUMOS'!G81","v":0},{"$f":"+'7. INVESTIMENTO FROTA'!G98*'3. PREÇOS INSUMOS'!H81","v":0},{"$f":"+'7. INVESTIMENTO FROTA'!H98*'3. PREÇOS INSUMOS'!I81","v":0},{"$f":"+'7. INVESTIMENTO FROTA'!I98*'3. PREÇOS INSUMOS'!J81","v":0},{"$f":"+'7. INVESTIMENTO FROTA'!J98*'3. PREÇOS INSUMOS'!K81","v":0},{"$f":"+'7. INVESTIMENTO FROTA'!K98*'3. PREÇOS INSUMOS'!L81","v":0},{"$f":"+'7. INVESTIMENTO FROTA'!L98*'3. PREÇOS INSUMOS'!M81","v":0},{"$f":"+'7. INVESTIMENTO FROTA'!M98*'3. PREÇOS INSUMOS'!N81","v":0},{"$f":"+'7. INVESTIMENTO FROTA'!N98*'3. PREÇOS INSUMOS'!O81","v":0},{"$f":"+'7. INVESTIMENTO FROTA'!O98*'3. PREÇOS INSUMOS'!P81","v":0},{"$f":"+'7. INVESTIMENTO FROTA'!P98*'3. PREÇOS INSUMOS'!Q81","v":0},{"$f":"+'7. INVESTIMENTO FROTA'!Q98*'3. PREÇOS INSUMOS'!R81","v":0},{"$f":"+'7. INVESTIMENTO FROTA'!R98*'3. PREÇOS INSUMOS'!S81","v":0},{"$f":"+'7. INVESTIMENTO FROTA'!S98*'3. PREÇOS INSUMOS'!T81","v":0},{"$f":"+'7. INVESTIMENTO FROTA'!T98*'3. PREÇOS INSUMOS'!U81","v":0},{"$f":"+U98*'3. PREÇOS INSUMOS'!U81","v":0}]
[null,null,1,"01 a 02 ano",{"$f":"+'7. INVESTIMENTO FROTA'!E99*'3. PREÇOS INSUMOS'!G82","v":0},{"$f":"+'7. INVESTIMENTO FROTA'!F99*'3. PREÇOS INSUMOS'!G82","v":0},{"$f":"+'7. INVESTIMENTO FROTA'!G99*'3. PREÇOS INSUMOS'!H82","v":0},{"$f":"+'7. INVESTIMENTO FROTA'!H99*'3. PREÇOS INSUMOS'!I82","v":0},{"$f":"+'7. INVESTIMENTO FROTA'!I99*'3. PREÇOS INSUMOS'!J82","v":0},{"$f":"+'7. INVESTIMENTO FROTA'!J99*'3. PREÇOS INSUMOS'!K82","v":0},{"$f":"+'7. INVESTIMENTO FROTA'!K99*'3. PREÇOS INSUMOS'!L82","v":0},{"$f":"+'7. INVESTIMENTO FROTA'!L99*'3. PREÇOS INSUMOS'!M82","v":0},{"$f":"+'7. INVESTIMENTO FROTA'!M99*'3. PREÇOS INSUMOS'!N82","v":0},{"$f":"+'7. INVESTIMENTO FROTA'!N99*'3. PREÇOS INSUMOS'!O82","v":0},{"$f":"+'7. INVESTIMENTO FROTA'!O99*'3. PREÇOS INSUMOS'!P82","v":0},{"$f":"+'7. INVESTIMENTO FROTA'!P99*'3. PREÇOS INSUMOS'!Q82","v":0},{"$f":"+'7. INVESTIMENTO FROTA'!Q99*'3. PREÇOS INSUMOS'!R82","v":0},{"$f":"+'7. INVESTIMENTO FROTA'!R99*'3. PREÇOS INSUMOS'!S82","v":0},{"$f":"+'7. INVESTIMENTO FROTA'!S99*'3. PREÇOS INSUMOS'!T82","v":0},{"$f":"+'7. INVESTIMENTO FROTA'!T99*'3. PREÇOS INSUMOS'!U82","v":0},{"$f":"+U99*'3. PREÇOS INSUMOS'!U82","v":0}]
[null,null,2,"02 a 03 ano",{"$f":"+'7. INVESTIMENTO FROTA'!E100*'3. PREÇOS INSUMOS'!G83","v":0},{"$f":"+'7. INVESTIMENTO FROTA'!F100*'3. PREÇOS INSUMOS'!G83","v":0},{"$f":"+'7. INVESTIMENTO FROTA'!G100*'3. PREÇOS INSUMOS'!H83","v":0},{"$f":"+'7. INVESTIMENTO FROTA'!H100*'3. PREÇOS INSUMOS'!I83","v":0},{"$f":"+'7. INVESTIMENTO FROTA'!I100*'3. PREÇOS INSUMOS'!J83","v":0},{"$f":"+'7. INVESTIMENTO FROTA'!J100*'3. PREÇOS INSUMOS'!K83","v":0},{"$f":"+'7. INVESTIMENTO FROTA'!K100*'3. PREÇOS INSUMOS'!L83","v":0},{"$f":"+'7. INVESTIMENTO FROTA'!L100*'3. PREÇOS INSUMOS'!M83","v":0},{"$f":"+'7. INVESTIMENTO FROTA'!M100*'3. PREÇOS INSUMOS'!N83","v":0},{"$f":"+'7. INVESTIMENTO FROTA'!N100*'3. PREÇOS INSUMOS'!O83","v":0},{"$f":"+'7. INVESTIMENTO FROTA'!O100*'3. PREÇOS INSUMOS'!P83","v":0},{"$f":"+'7. INVESTIMENTO FROTA'!P100*'3. PREÇOS INSUMOS'!Q83","v":0},{"$f":"+'7. INVESTIMENTO FROTA'!Q100*'3. PREÇOS INSUMOS'!R83","v":0},{"$f":"+'7. INVESTIMENTO FROTA'!R100*'3. PREÇOS INSUMOS'!S83","v":0},{"$f":"+'7. INVESTIMENTO FROTA'!S100*'3. PREÇOS INSUMOS'!T83","v":0},{"$f":"+'7. INVESTIMENTO FROTA'!T100*'3. PREÇOS INSUMOS'!U83","v":0},{"$f":"+U100*'3. PREÇOS INSUMOS'!U83","v":0}]
[null,null,3,"03 a 04 ano",{"$f":"+'7. INVESTIMENTO FROTA'!E101*'3. PREÇOS INSUMOS'!G84","v":0},{"$f":"+'7. INVESTIMENTO FROTA'!F101*'3. PREÇOS INSUMOS'!G84","v":0},{"$f":"+'7. INVESTIMENTO FROTA'!G101*'3. PREÇOS INSUMOS'!H84","v":0},{"$f":"+'7. INVESTIMENTO FROTA'!H101*'3. PREÇOS INSUMOS'!I84","v":0},{"$f":"+'7. INVESTIMENTO FROTA'!I101*'3. PREÇOS INSUMOS'!J84","v":0},{"$f":"+'7. INVESTIMENTO FROTA'!J101*'3. PREÇOS INSUMOS'!K84","v":0},{"$f":"+'7. INVESTIMENTO FROTA'!K101*'3. PREÇOS INSUMOS'!L84","v":0},{"$f":"+'7. INVESTIMENTO FROTA'!L101*'3. PREÇOS INSUMOS'!M84","v":0},{"$f":"+'7. INVESTIMENTO FROTA'!M101*'3. PREÇOS INSUMOS'!N84","v":0},{"$f":"+'7. INVESTIMENTO FROTA'!N101*'3. PREÇOS INSUMOS'!O84","v":0},{"$f":"+'7. INVESTIMENTO FROTA'!O101*'3. PREÇOS INSUMOS'!P84","v":0},{"$f":"+'7. INVESTIMENTO FROTA'!P101*'3. PREÇOS INSUMOS'!Q84","v":0},{"$f":"+'7. INVESTIMENTO FROTA'!Q101*'3. PREÇOS INSUMOS'!R84","v":0},{"$f":"+'7. INVESTIMENTO FROTA'!R101*'3. PREÇOS INSUMOS'!S84","v":0},{"$f":"+'7. INVESTIMENTO FROTA'!S101*'3. PREÇOS INSUMOS'!T84","v":0},{"$f":"+'7. INVESTIMENTO FROTA'!T101*'3. PREÇOS INSUMOS'!U84","v":0},{"$f":"+U101*'3. PREÇOS INSUMOS'!U84","v":0}]
[null,null,4,"04 a 05 ano",{"$f":"+'7. INVESTIMENTO FROTA'!E102*'3. PREÇOS INSUMOS'!G85","v":0},{"$f":"+'7. INVESTIMENTO FROTA'!F102*'3. PREÇOS INSUMOS'!G85","v":0},{"$f":"+'7. INVESTIMENTO FROTA'!G102*'3. PREÇOS INSUMOS'!H85","v":0},{"$f":"+'7. INVESTIMENTO FROTA'!H102*'3. PREÇOS INSUMOS'!I85","v":0},{"$f":"+'7. INVESTIMENTO FROTA'!I102*'3. PREÇOS INSUMOS'!J85","v":0},{"$f":"+'7. INVESTIMENTO FROTA'!J102*'3. PREÇOS INSUMOS'!K85","v":0},{"$f":"+'7. INVESTIMENTO FROTA'!K102*'3. PREÇOS INSUMOS'!L85","v":0},{"$f":"+'7. INVESTIMENTO FROTA'!L102*'3. PREÇOS INSUMOS'!M85","v":0},{"$f":"+'7. INVESTIMENTO FROTA'!M102*'3. PREÇOS INSUMOS'!N85","v":0},{"$f":"+'7. INVESTIMENTO FROTA'!N102*'3. PREÇOS INSUMOS'!O85","v":0},{"$f":"+'7. INVESTIMENTO FROTA'!O102*'3. PREÇOS INSUMOS'!P85","v":0},{"$f":"+'7. INVESTIMENTO FROTA'!P102*'3. PREÇOS INSUMOS'!Q85","v":0},{"$f":"+'7. INVESTIMENTO FROTA'!Q102*'3. PREÇOS INSUMOS'!R85","v":0},{"$f":"+'7. INVESTIMENTO FROTA'!R102*'3. PREÇOS INSUMOS'!S85","v":0},{"$f":"+'7. INVESTIMENTO FROTA'!S102*'3. PREÇOS INSUMOS'!T85","v":0},{"$f":"+'7. INVESTIMENTO FROTA'!T102*'3. PREÇOS INSUMOS'!U85","v":0},{"$f":"+U102*'3. PREÇOS INSUMOS'!U85","v":0}]
[null,null,5,"05 a 06 ano",{"$f":"+'7. INVESTIMENTO FROTA'!E103*'3. PREÇOS INSUMOS'!G86","v":0},{"$f":"+'7. INVESTIMENTO FROTA'!F103*'3. PREÇOS INSUMOS'!G86","v":0},{"$f":"+'7. INVESTIMENTO FROTA'!G103*'3. PREÇOS INSUMOS'!H86","v":0},{"$f":"+'7. INVESTIMENTO FROTA'!H103*'3. PREÇOS INSUMOS'!I86","v":0},{"$f":"+'7. INVESTIMENTO FROTA'!I103*'3. PREÇOS INSUMOS'!J86","v":0},{"$f":"+'7. INVESTIMENTO FROTA'!J103*'3. PREÇOS INSUMOS'!K86","v":0},{"$f":"+'7. INVESTIMENTO FROTA'!K103*'3. PREÇOS INSUMOS'!L86","v":0},{"$f":"+'7. INVESTIMENTO FROTA'!L103*'3. PREÇOS INSUMOS'!M86","v":0},{"$f":"+'7. INVESTIMENTO FROTA'!M103*'3. PREÇOS INSUMOS'!N86","v":0},{"$f":"+'7. INVESTIMENTO FROTA'!N103*'3. PREÇOS INSUMOS'!O86","v":0},{"$f":"+'7. INVESTIMENTO FROTA'!O103*'3. PREÇOS INSUMOS'!P86","v":0},{"$f":"+'7. INVESTIMENTO FROTA'!P103*'3. PREÇOS INSUMOS'!Q86","v":0},{"$f":"+'7. INVESTIMENTO FROTA'!Q103*'3. PREÇOS INSUMOS'!R86","v":0},{"$f":"+'7. INVESTIMENTO FROTA'!R103*'3. PREÇOS INSUMOS'!S86","v":0},{"$f":"+'7. INVESTIMENTO FROTA'!S103*'3. PREÇOS INSUMOS'!T86","v":0},{"$f":"+'7. INVESTIMENTO FROTA'!T103*'3. PREÇOS INSUMOS'!U86","v":0},{"$f":"+U103*'3. PREÇOS INSUMOS'!U86","v":0}]
[null,null,6,"06 a 07 ano",{"$f":"+'7. INVESTIMENTO FROTA'!E104*'3. PREÇOS INSUMOS'!G87","v":0},{"$f":"+'7. INVESTIMENTO FROTA'!F104*'3. PREÇOS INSUMOS'!G87","v":0},{"$f":"+'7. INVESTIMENTO FROTA'!G104*'3. PREÇOS INSUMOS'!H87","v":0},{"$f":"+'7. INVESTIMENTO FROTA'!H104*'3. PREÇOS INSUMOS'!I87","v":0},{"$f":"+'7. INVESTIMENTO FROTA'!I104*'3. PREÇOS INSUMOS'!J87","v":0},{"$f":"+'7. INVESTIMENTO FROTA'!J104*'3. PREÇOS INSUMOS'!K87","v":0},{"$f":"+'7. INVESTIMENTO FROTA'!K104*'3. PREÇOS INSUMOS'!L87","v":0},{"$f":"+'7. INVESTIMENTO FROTA'!L104*'3. PREÇOS INSUMOS'!M87","v":0},{"$f":"+'7. INVESTIMENTO FROTA'!M104*'3. PREÇOS INSUMOS'!N87","v":0},{"$f":"+'7. INVESTIMENTO FROTA'!N104*'3. PREÇOS INSUMOS'!O87","v":0},{"$f":"+'7. INVESTIMENTO FROTA'!O104*'3. PREÇOS INSUMOS'!P87","v":0},{"$f":"+'7. INVESTIMENTO FROTA'!P104*'3. PREÇOS INSUMOS'!Q87","v":0},{"$f":"+'7. INVESTIMENTO FROTA'!Q104*'3. PREÇOS INSUMOS'!R87","v":0},{"$f":"+'7. INVESTIMENTO FROTA'!R104*'3. PREÇOS INSUMOS'!S87","v":0},{"$f":"+'7. INVESTIMENTO FROTA'!S104*'3. PREÇOS INSUMOS'!T87","v":0},{"$f":"+'7. INVESTIMENTO FROTA'!T104*'3. PREÇOS INSUMOS'!U87","v":0},{"$f":"+U104*'3. PREÇOS INSUMOS'!U87","v":0}]
[null,null,7,"07 a 08 ano",{"$f":"+'7. INVESTIMENTO FROTA'!E105*'3. PREÇOS INSUMOS'!G88","v":0},{"$f":"+'7. INVESTIMENTO FROTA'!F105*'3. PREÇOS INSUMOS'!G88","v":0},{"$f":"+'7. INVESTIMENTO FROTA'!G105*'3. PREÇOS INSUMOS'!H88","v":0},{"$f":"+'7. INVESTIMENTO FROTA'!H105*'3. PREÇOS INSUMOS'!I88","v":0},{"$f":"+'7. INVESTIMENTO FROTA'!I105*'3. PREÇOS INSUMOS'!J88","v":0},{"$f":"+'7. INVESTIMENTO FROTA'!J105*'3. PREÇOS INSUMOS'!K88","v":0},{"$f":"+'7. INVESTIMENTO FROTA'!K105*'3. PREÇOS INSUMOS'!L88","v":0},{"$f":"+'7. INVESTIMENTO FROTA'!L105*'3. PREÇOS INSUMOS'!M88","v":0},{"$f":"+'7. INVESTIMENTO FROTA'!M105*'3. PREÇOS INSUMOS'!N88","v":0},{"$f":"+'7. INVESTIMENTO FROTA'!N105*'3. PREÇOS INSUMOS'!O88","v":0},{"$f":"+'7. INVESTIMENTO FROTA'!O105*'3. PREÇOS INSUMOS'!P88","v":0},{"$f":"+'7. INVESTIMENTO FROTA'!P105*'3. PREÇOS INSUMOS'!Q88","v":0},{"$f":"+'7. INVESTIMENTO FROTA'!Q105*'3. PREÇOS INSUMOS'!R88","v":0},{"$f":"+'7. INVESTIMENTO FROTA'!R105*'3. PREÇOS INSUMOS'!S88","v":0},{"$f":"+'7. INVESTIMENTO FROTA'!S105*'3. PREÇOS INSUMOS'!T88","v":0},{"$f":"+'7. INVESTIMENTO FROTA'!T105*'3. PREÇOS INSUMOS'!U88","v":0},{"$f":"+U105*'3. PREÇOS INSUMOS'!U88","v":0}]
[null,null,8,"08 a 09 ano",{"$f":"+'7. INVESTIMENTO FROTA'!E106*'3. PREÇOS INSUMOS'!G89","v":0},{"$f":"+'7. INVESTIMENTO FROTA'!F106*'3. PREÇOS INSUMOS'!G89","v":0},{"$f":"+'7. INVESTIMENTO FROTA'!G106*'3. PREÇOS INSUMOS'!H89","v":0},{"$f":"+'7. INVESTIMENTO FROTA'!H106*'3. PREÇOS INSUMOS'!I89","v":0},{"$f":"+'7. INVESTIMENTO FROTA'!I106*'3. PREÇOS INSUMOS'!J89","v":0},{"$f":"+'7. INVESTIMENTO FROTA'!J106*'3. PREÇOS INSUMOS'!K89","v":0},{"$f":"+'7. INVESTIMENTO FROTA'!K106*'3. PREÇOS INSUMOS'!L89","v":0},{"$f":"+'7. INVESTIMENTO FROTA'!L106*'3. PREÇOS INSUMOS'!M89","v":0},{"$f":"+'7. INVESTIMENTO FROTA'!M106*'3. PREÇOS INSUMOS'!N89","v":0},{"$f":"+'7. INVESTIMENTO FROTA'!N106*'3. PREÇOS INSUMOS'!O89","v":0},{"$f":"+'7. INVESTIMENTO FROTA'!O106*'3. PREÇOS INSUMOS'!P89","v":0},{"$f":"+'7. INVESTIMENTO FROTA'!P106*'3. PREÇOS INSUMOS'!Q89","v":0},{"$f":"+'7. INVESTIMENTO FROTA'!Q106*'3. PREÇOS INSUMOS'!R89","v":0},{"$f":"+'7. INVESTIMENTO FROTA'!R106*'3. PREÇOS INSUMOS'!S89","v":0},{"$f":"+'7. INVESTIMENTO FROTA'!S106*'3. PREÇOS INSUMOS'!T89","v":0},{"$f":"+'7. INVESTIMENTO FROTA'!T106*'3. PREÇOS INSUMOS'!U89","v":0},{"$f":"+U106*'3. PREÇOS INSUMOS'!U89","v":0}]
[null,null,9,"09 a 10 ano",{"$f":"+'7. INVESTIMENTO FROTA'!E107*'3. PREÇOS INSUMOS'!G90","v":0},{"$f":"+'7. INVESTIMENTO FROTA'!F107*'3. PREÇOS INSUMOS'!G90","v":0},{"$f":"+'7. INVESTIMENTO FROTA'!G107*'3. PREÇOS INSUMOS'!H90","v":0},{"$f":"+'7. INVESTIMENTO FROTA'!H107*'3. PREÇOS INSUMOS'!I90","v":0},{"$f":"+'7. INVESTIMENTO FROTA'!I107*'3. PREÇOS INSUMOS'!J90","v":0},{"$f":"+'7. INVESTIMENTO FROTA'!J107*'3. PREÇOS INSUMOS'!K90","v":0},{"$f":"+'7. INVESTIMENTO FROTA'!K107*'3. PREÇOS INSUMOS'!L90","v":0},{"$f":"+'7. INVESTIMENTO FROTA'!L107*'3. PREÇOS INSUMOS'!M90","v":0},{"$f":"+'7. INVESTIMENTO FROTA'!M107*'3. PREÇOS INSUMOS'!N90","v":0},{"$f":"+'7. INVESTIMENTO FROTA'!N107*'3. PREÇOS INSUMOS'!O90","v":0},{"$f":"+'7. INVESTIMENTO FROTA'!O107*'3. PREÇOS INSUMOS'!P90","v":0},{"$f":"+'7. INVESTIMENTO FROTA'!P107*'3. PREÇOS INSUMOS'!Q90","v":0},{"$f":"+'7. INVESTIMENTO FROTA'!Q107*'3. PREÇOS INSUMOS'!R90","v":0},{"$f":"+'7. INVESTIMENTO FROTA'!R107*'3. PREÇOS INSUMOS'!S90","v":0},{"$f":"+'7. INVESTIMENTO FROTA'!S107*'3. PREÇOS INSUMOS'!T90","v":0},{"$f":"+'7. INVESTIMENTO FROTA'!T107*'3. PREÇOS INSUMOS'!U90","v":0},{"$f":"+U107*'3. PREÇOS INSUMOS'!U90","v":0}]
[null,null,10,"+10 anos",{"$f":"+'7. INVESTIMENTO FROTA'!E108*'3. PREÇOS INSUMOS'!G91","v":0},{"$f":"+'7. INVESTIMENTO FROTA'!F108*'3. PREÇOS INSUMOS'!G91","v":0},{"$f":"+'7. INVESTIMENTO FROTA'!G108*'3. PREÇOS INSUMOS'!H91","v":0},{"$f":"+'7. INVESTIMENTO FROTA'!H108*'3. PREÇOS INSUMOS'!I91","v":0},{"$f":"+'7. INVESTIMENTO FROTA'!I108*'3. PREÇOS INSUMOS'!J91","v":0},{"$f":"+'7. INVESTIMENTO FROTA'!J108*'3. PREÇOS INSUMOS'!K91","v":0},{"$f":"+'7. INVESTIMENTO FROTA'!K108*'3. PREÇOS INSUMOS'!L91","v":0},{"$f":"+'7. INVESTIMENTO FROTA'!L108*'3. PREÇOS INSUMOS'!M91","v":0},{"$f":"+'7. INVESTIMENTO FROTA'!M108*'3. PREÇOS INSUMOS'!N91","v":0},{"$f":"+'7. INVESTIMENTO FROTA'!N108*'3. PREÇOS INSUMOS'!O91","v":0},{"$f":"+'7. INVESTIMENTO FROTA'!O108*'3. PREÇOS INSUMOS'!P91","v":0},{"$f":"+'7. INVESTIMENTO FROTA'!P108*'3. PREÇOS INSUMOS'!Q91","v":0},{"$f":"+'7. INVESTIMENTO FROTA'!Q108*'3. PREÇOS INSUMOS'!R91","v":0},{"$f":"+'7. INVESTIMENTO FROTA'!R108*'3. PREÇOS INSUMOS'!S91","v":0},{"$f":"+'7. INVESTIMENTO FROTA'!S108*'3. PREÇOS INSUMOS'!T91","v":0},{"$f":"+'7. INVESTIMENTO FROTA'!T108*'3. PREÇOS INSUMOS'!U91","v":0},{"$f":"+U108*'3. PREÇOS INSUMOS'!U91","v":0}]
[null,null,"Total Veículos",null,{"$f":"SUM(E310:E320)","v":0},{"$f":"SUM(F310:F320)","v":0},0,0,0,0,0,0,0,0,0,0,0,0,0,0,{"$f":"SUM(U310:U320)","v":0}]
[]
[]
[null,null,"7.2.3. - MOVIMENTAÇÃO DE VEÍCULOS DA FROTA (valores em Reais - R$)"]
[]
[1,null,{"$f":"\"7.2.3.1 - \"&VLOOKUP(A326,TIPOLOGIA!$D$10:$E$12,2,0)","v":"7.2.3.1 - MICROÔNIBUS"}]
[null,null,"FAIXA ETÁRIA",null,"Pré-Operacional",1,{"$f":"+F327+1","v":2},3,4,5,6,7,8,9,10,11,12,13,14,15]
[null,null,0,"00 a 01 ano",{"$f":"F328","v":0},{"$f":"F117*'3. PREÇOS INSUMOS'!G51","v":0},{"$f":"G117*'3. PREÇOS INSUMOS'!H51","v":0},{"$f":"H117*'3. PREÇOS INSUMOS'!I51","v":0},{"$f":"I117*'3. PREÇOS INSUMOS'!J51","v":0},{"$f":"J117*'3. PREÇOS INSUMOS'!K51","v":{"v":1236000,"d":"1,236,000"}},{"$f":"K117*'3. PREÇOS INSUMOS'!L51","v":0},{"$f":"L117*'3. PREÇOS INSUMOS'!M51","v":0},{"$f":"M117*'3. PREÇOS INSUMOS'!N51","v":0},{"$f":"N117*'3. PREÇOS INSUMOS'!O51","v":0},{"$f":"O117*'3. PREÇOS INSUMOS'!P51","v":0},{"$f":"P117*'3. PREÇOS INSUMOS'!Q51","v":0},{"$f":"Q117*'3. PREÇOS INSUMOS'!R51","v":0},{"$f":"R117*'3. PREÇOS INSUMOS'!S51","v":{"v":1236000,"d":"1,236,000"}},{"$f":"S117*'3. PREÇOS INSUMOS'!T51","v":0},{"$f":"T117*'3. PREÇOS INSUMOS'!U51","v":0}]
[null,null,1,"01 a 02 ano",{"$f":"F329","v":0},{"$f":"F118*'3. PREÇOS INSUMOS'!G52","v":0},{"$f":"G118*'3. PREÇOS INSUMOS'!H52","v":0},{"$f":"H118*'3. PREÇOS INSUMOS'!I52","v":0},{"$f":"I118*'3. PREÇOS INSUMOS'!J52","v":0},{"$f":"J118*'3. PREÇOS INSUMOS'!K52","v":0},{"$f":"K118*'3. PREÇOS INSUMOS'!L52","v":{"v":1002533.3333333334,"d":"1,002,533"}},{"$f":"L118*'3. PREÇOS INSUMOS'!M52","v":0},{"$f":"M118*'3. PREÇOS INSUMOS'!N52","v":0},{"$f":"N118*'3. PREÇOS INSUMOS'!O52","v":0},{"$f":"O118*'3. PREÇOS INSUMOS'!P52","v":0},{"$f":"P118*'3. PREÇOS INSUMOS'!Q52","v":0},{"$f":"Q118*'3. PREÇOS INSUMOS'!R52","v":0},{"$f":"R118*'3. PREÇOS INSUMOS'!S52","v":0},{"$f":"S118*'3. PREÇOS INSUMOS'!T52","v":{"v":1002533.3333333334,"d":"1,002,533"}},{"$f":"T118*'3. PREÇOS INSUMOS'!U52","v":0}]
[null,null,2,"02 a 03 ano",0,{"$f":"F119*'3. PREÇOS INSUMOS'!G53","v":0},{"$f":"G119*'3. PREÇOS INSUMOS'!H53","v":0},{"$f":"H119*'3. PREÇOS INSUMOS'!I53","v":0},{"$f":"I119*'3. PREÇOS INSUMOS'!J53","v":0},{"$f":"J119*'3. PREÇOS INSUMOS'!K53","v":0},{"$f":"K119*'3. PREÇOS INSUMOS'!L53","v":0},{"$f":"L119*'3. PREÇOS INSUMOS'!M53","v":{"v":798250,"d":"798,250"}},{"$f":"M119*'3. PREÇOS INSUMOS'!N53","v":0},{"$f":"N119*'3. PREÇOS INSUMOS'!O53","v":0},{"$f":"O119*'3. PREÇOS INSUMOS'!P53","v":0},{"$f":"P119*'3. PREÇOS INSUMOS'!Q53","v":0},{"$f":"Q119*'3. PREÇOS INSUMOS'!R53","v":0},{"$f":"R119*'3. PREÇOS INSUMOS'!S53","v":0},{"$f":"S119*'3. PREÇOS INSUMOS'!T53","v":0},{"$f":"T119*'3. PREÇOS INSUMOS'!U53","v":{"v":798250,"d":"798,250"}}]
[null,null,3,"03 a 04 ano",0,{"$f":"F120*'3. PREÇOS INSUMOS'!G54","v":0},{"$f":"G120*'3. PREÇOS INSUMOS'!H54","v":0},{"$f":"H120*'3. PREÇOS INSUMOS'!I54","v":0},{"$f":"I120*'3. PREÇOS INSUMOS'!J54","v":0},{"$f":"J120*'3. PREÇOS INSUMOS'!K54","v":0},{"$f":"K120*'3. PREÇOS INSUMOS'!L54","v":0},{"$f":"L120*'3. PREÇOS INSUMOS'!M54","v":0},{"$f":"M120*'3. PREÇOS INSUMOS'!N54","v":{"v":623150,"d":"623,150"}},{"$f":"N120*'3. PREÇOS INSUMOS'!O54","v":0},{"$f":"O120*'3. PREÇOS INSUMOS'!P54","v":0},{"$f":"P120*'3. PREÇOS INSUMOS'!Q54","v":0},{"$f":"Q120*'3. PREÇOS INSUMOS'!R54","v":0},{"$f":"R120*'3. PREÇOS INSUMOS'!S54","v":0},{"$f":"S120*'3. PREÇOS INSUMOS'!T54","v":0},{"$f":"T120*'3. PREÇOS INSUMOS'!U54","v":0}]
[null,null,4,"04 a 05 ano",0,{"$f":"F121*'3. PREÇOS INSUMOS'!G55","v":0},{"$f":"G121*'3. PREÇOS INSUMOS'!H55","v":0},{"$f":"H121*'3. PREÇOS INSUMOS'!I55","v":0},{"$f":"I121*'3. PREÇOS INSUMOS'!J55","v":0},{"$f":"J121*'3. PREÇOS INSUMOS'!K55","v":0},{"$f":"K121*'3. PREÇOS INSUMOS'!L55","v":0},{"$f":"L121*'3. PREÇOS INSUMOS'!M55","v":0},{"$f":"M121*'3. PREÇOS INSUMOS'!N55","v":0},{"$f":"N121*'3. PREÇOS INSUMOS'!O55","v":{"v":477233.33333333326,"d":"477,233"}},{"$f":"O121*'3. PREÇOS INSUMOS'!P55","v":0},{"$f":"P121*'3. PREÇOS INSUMOS'!Q55","v":0},{"$f":"Q121*'3. PREÇOS INSUMOS'!R55","v":0},{"$f":"R121*'3. PREÇOS INSUMOS'!S55","v":0},{"$f":"S121*'3. PREÇOS INSUMOS'!T55","v":0},{"$f":"T121*'3. PREÇOS INSUMOS'!U55","v":0}]
[null,null,5,"05 a 06 ano",{"v":360499.99999999994,"d":"360,500"},{"$f":"F122*'3. PREÇOS INSUMOS'!G56","v":{"v":360499.99999999994,"d":"360,500"}},{"$f":"G122*'3. PREÇOS INSUMOS'!H56","v":0},{"$f":"H122*'3. PREÇOS INSUMOS'!I56","v":0},{"$f":"I122*'3. PREÇOS INSUMOS'!J56","v":0},{"$f":"J122*'3. PREÇOS INSUMOS'!K56","v":0},{"$f":"K122*'3. PREÇOS INSUMOS'!L56","v":0},{"$f":"L122*'3. PREÇOS INSUMOS'!M56","v":0},{"$f":"M122*'3. PREÇOS INSUMOS'!N56","v":0},{"$f":"N122*'3. PREÇOS INSUMOS'!O56","v":0},{"$f":"O122*'3. PREÇOS INSUMOS'!P56","v":{"v":360499.99999999994,"d":"360,500"}},{"$f":"P122*'3. PREÇOS INSUMOS'!Q56","v":0},{"$f":"Q122*'3. PREÇOS INSUMOS'!R56","v":0},{"$f":"R122*'3. PREÇOS INSUMOS'!S56","v":0},{"$f":"S122*'3. PREÇOS INSUMOS'!T56","v":0},{"$f":"T122*'3. PREÇOS INSUMOS'!U56","v":0}]
[null,null,6,"06 a 07 ano",0,{"$f":"F123*'3. PREÇOS INSUMOS'!G57","v":0},{"$f":"G123*'3. PREÇOS INSUMOS'!H57","v":{"v":272949.99999999994,"d":"272,950"}},{"$f":"H123*'3. PREÇOS INSUMOS'!I57","v":0},{"$f":"I123*'3. PREÇOS INSUMOS'!J57","v":0},{"$f":"J123*'3. PREÇOS INSUMOS'!K57","v":0},{"$f":"K123*'3. PREÇOS INSUMOS'!L57","v":0},{"$f":"L123*'3. PREÇOS INSUMOS'!M57","v":0},{"$f":"M123*'3. PREÇOS INSUMOS'!N57","v":0},{"$f":"N123*'3. PREÇOS INSUMOS'!O57","v":0},{"$f":"O123*'3. PREÇOS INSUMOS'!P57","v":0},{"$f":"P123*'3. PREÇOS INSUMOS'!Q57","v":{"v":272949.99999999994,"d":"272,950"}},{"$f":"Q123*'3. PREÇOS INSUMOS'!R57","v":0},{"$f":"R123*'3. PREÇOS INSUMOS'!S57","v":0},{"$f":"S123*'3. PREÇOS INSUMOS'!T57","v":0},{"$f":"T123*'3. PREÇOS INSUMOS'!U57","v":0}]
[null,null,7,"07 a 08 ano",0,{"$f":"F124*'3. PREÇOS INSUMOS'!G58","v":0},{"$f":"G124*'3. PREÇOS INSUMOS'!H58","v":0},{"$f":"H124*'3. PREÇOS INSUMOS'!I58","v":{"v":214583.33333333328,"d":"214,583"}},{"$f":"I124*'3. PREÇOS INSUMOS'!J58","v":0},{"$f":"J124*'3. PREÇOS INSUMOS'!K58","v":0},{"$f":"K124*'3. PREÇOS INSUMOS'!L58","v":0},{"$f":"L124*'3. PREÇOS INSUMOS'!M58","v":0},{"$f":"M124*'3. PREÇOS INSUMOS'!N58","v":0},{"$f":"N124*'3. PREÇOS INSUMOS'!O58","v":0},{"$f":"O124*'3. PREÇOS INSUMOS'!P58","v":0},{"$f":"P124*'3. PREÇOS INSUMOS'!Q58","v":0},{"$f":"Q124*'3. PREÇOS INSUMOS'!R58","v":{"v":214583.33333333328,"d":"214,583"}},{"$f":"R124*'3. PREÇOS INSUMOS'!S58","v":0},{"$f":"S124*'3. PREÇOS INSUMOS'!T58","v":0},{"$f":"T124*'3. PREÇOS INSUMOS'!U58","v":0}]
[null,null,8,"08 a 09 ano",0,{"$f":"F125*'3. PREÇOS INSUMOS'!G59","v":0},{"$f":"G125*'3. PREÇOS INSUMOS'!H59","v":0},{"$f":"H125*'3. PREÇOS INSUMOS'!I59","v":0},{"$f":"I125*'3. PREÇOS INSUMOS'!J59","v":{"v":185399.99999999997,"d":"185,400"}},{"$f":"J125*'3. PREÇOS INSUMOS'!K59","v":0},{"$f":"K125*'3. PREÇOS INSUMOS'!L59","v":0},{"$f":"L125*'3. PREÇOS INSUMOS'!M59","v":0},{"$f":"M125*'3. PREÇOS INSUMOS'!N59","v":0},{"$f":"N125*'3. PREÇOS INSUMOS'!O59","v":0},{"$f":"O125*'3. PREÇOS INSUMOS'!P59","v":0},{"$f":"P125*'3. PREÇOS INSUMOS'!Q59","v":0},{"$f":"Q125*'3. PREÇOS INSUMOS'!R59","v":0},{"$f":"R125*'3. PREÇOS INSUMOS'!S59","v":0},{"$f":"S125*'3. PREÇOS INSUMOS'!T59","v":0},{"$f":"T125*'3. PREÇOS INSUMOS'!U59","v":0}]
[null,null,9,"09 a 10 ano",0,{"$f":"F126*'3. PREÇOS INSUMOS'!G60","v":0},{"$f":"G126*'3. PREÇOS INSUMOS'!H60","v":0},{"$f":"H126*'3. PREÇOS INSUMOS'!I60","v":0},{"$f":"I126*'3. PREÇOS INSUMOS'!J60","v":0},{"$f":"J126*'3. PREÇOS INSUMOS'!K60","v":0},{"$f":"K126*'3. PREÇOS INSUMOS'!L60","v":0},{"$f":"L126*'3. PREÇOS INSUMOS'!M60","v":0},{"$f":"M126*'3. PREÇOS INSUMOS'!N60","v":0},{"$f":"N126*'3. PREÇOS INSUMOS'!O60","v":0},{"$f":"O126*'3. PREÇOS INSUMOS'!P60","v":0},{"$f":"P126*'3. PREÇOS INSUMOS'!Q60","v":0},{"$f":"Q126*'3. PREÇOS INSUMOS'!R60","v":0},{"$f":"R126*'3. PREÇOS INSUMOS'!S60","v":0},{"$f":"S126*'3. PREÇOS INSUMOS'!T60","v":0},{"$f":"T126*'3. PREÇOS INSUMOS'!U60","v":0}]
[null,null,10,"+10 anos",0,{"$f":"F127*'3. PREÇOS INSUMOS'!G61","v":0},{"$f":"G127*'3. PREÇOS INSUMOS'!H61","v":0},{"$f":"H127*'3. PREÇOS INSUMOS'!I61","v":0},{"$f":"I127*'3. PREÇOS INSUMOS'!J61","v":0},{"$f":"J127*'3. PREÇOS INSUMOS'!K61","v":0},{"$f":"K127*'3. PREÇOS INSUMOS'!L61","v":0},{"$f":"L127*'3. PREÇOS INSUMOS'!M61","v":0},{"$f":"M127*'3. PREÇOS INSUMOS'!N61","v":0},{"$f":"N127*'3. PREÇOS INSUMOS'!O61","v":0},{"$f":"O127*'3. PREÇOS INSUMOS'!P61","v":0},{"$f":"P127*'3. PREÇOS INSUMOS'!Q61","v":0},{"$f":"Q127*'3. PREÇOS INSUMOS'!R61","v":0},{"$f":"R127*'3. PREÇOS INSUMOS'!S61","v":0},{"$f":"S127*'3. PREÇOS INSUMOS'!T61","v":0},{"$f":"T127*'3. PREÇOS INSUMOS'!U61","v":0}]
[null,null,"Total Veículos",null,{"$f":"SUM(E328:E338)","v":{"v":360499.99999999994,"d":"360,500"}},{"$f":"SUM(F328:F338)","v":{"v":360499.99999999994,"d":"360,500"}},{"$f":"SUM(G328:G338)","v":{"v":272949.99999999994,"d":"272,950"}},{"v":214583.33333333328,"d":"214,583"},{"v":185399.99999999997,"d":"185,400"},{"v":1236000,"d":"1,236,000"},{"v":1002533.3333333334,"d":"1,002,533"},{"v":798250,"d":"798,250"},{"v":623150,"d":"623,150"},{"v":477233.33333333326,"d":"477,233"},{"v":360499.99999999994,"d":"360,500"},{"v":272949.99999999994,"d":"272,950"},{"v":214583.33333333328,"d":"214,583"},{"v":1236000,"d":"1,236,000"},{"v":1002533.3333333334,"d":"1,002,533"},{"v":798250,"d":"798,250"}]
[]
[2,null,{"$f":"\"7.2.3.2 - \"&VLOOKUP(A341,TIPOLOGIA!$D$10:$E$12,2,0)","v":"7.2.3.2 - CONVENCIONAL"}]
[null,null,"FAIXA ETÁRIA",null,"Pré-Operacional",1,{"$f":"+F342+1","v":2},3,4,5,6,7,8,9,10,11,12,13,14,15]
[null,null,0,"00 a 01 ano",{"$f":"F343","v":0},{"$f":"F133*'3. PREÇOS INSUMOS'!G66","v":0},{"$f":"G133*'3. PREÇOS INSUMOS'!H66","v":{"v":1164000,"d":"1,164,000"}},{"$f":"H133*'3. PREÇOS INSUMOS'!I66","v":{"v":776000,"d":"776,000"}},{"$f":"I133*'3. PREÇOS INSUMOS'!J66","v":{"v":776000,"d":"776,000"}},{"$f":"J133*'3. PREÇOS INSUMOS'!K66","v":{"v":1164000,"d":"1,164,000"}},{"$f":"K133*'3. PREÇOS INSUMOS'!L66","v":0},{"$f":"L133*'3. PREÇOS INSUMOS'!M66","v":0},{"$f":"M133*'3. PREÇOS INSUMOS'!N66","v":0},{"$f":"N133*'3. PREÇOS INSUMOS'!O66","v":{"v":388000,"d":"388,000"}},{"$f":"O133*'3. PREÇOS INSUMOS'!P66","v":{"v":388000,"d":"388,000"}},{"$f":"P133*'3. PREÇOS INSUMOS'!Q66","v":{"v":1164000,"d":"1,164,000"}},{"$f":"Q133*'3. PREÇOS INSUMOS'!R66","v":{"v":776000,"d":"776,000"}},{"$f":"R133*'3. PREÇOS INSUMOS'!S66","v":{"v":1164000,"d":"1,164,000"}},{"$f":"S133*'3. PREÇOS INSUMOS'!T66","v":0},{"$f":"T133*'3. PREÇOS INSUMOS'!U66","v":0}]
[null,null,1,"01 a 02 ano",{"$f":"F344","v":0},{"$f":"F134*'3. PREÇOS INSUMOS'!G67","v":0},{"$f":"G134*'3. PREÇOS INSUMOS'!H67","v":0},{"$f":"H134*'3. PREÇOS INSUMOS'!I67","v":{"v":931200,"d":"931,200"}},{"$f":"I134*'3. PREÇOS INSUMOS'!J67","v":{"v":620800,"d":"620,800"}},{"$f":"J134*'3. PREÇOS INSUMOS'!K67","v":{"v":620800,"d":"620,800"}},{"$f":"K134*'3. PREÇOS INSUMOS'!L67","v":{"v":931200,"d":"931,200"}},{"$f":"L134*'3. PREÇOS INSUMOS'!M67","v":0},{"$f":"M134*'3. PREÇOS INSUMOS'!N67","v":0},{"$f":"N134*'3. PREÇOS INSUMOS'!O67","v":0},{"$f":"O134*'3. PREÇOS INSUMOS'!P67","v":{"v":310400,"d":"310,400"}},{"$f":"P134*'3. PREÇOS INSUMOS'!Q67","v":{"v":310400,"d":"310,400"}},{"$f":"Q134*'3. PREÇOS INSUMOS'!R67","v":{"v":931200,"d":"931,200"}},{"$f":"R134*'3. PREÇOS INSUMOS'!S67","v":{"v":620800,"d":"620,800"}},{"$f":"S134*'3. PREÇOS INSUMOS'!T67","v":{"v":931200,"d":"931,200"}},{"$f":"T134*'3. PREÇOS INSUMOS'!U67","v":0}]
[null,null,2,"02 a 03 ano",0,{"$f":"F135*'3. PREÇOS INSUMOS'!G68","v":0},{"$f":"G135*'3. PREÇOS INSUMOS'!H68","v":0},{"$f":"H135*'3. PREÇOS INSUMOS'!I68","v":0},{"$f":"I135*'3. PREÇOS INSUMOS'!J68","v":{"v":727500,"d":"727,500"}},{"$f":"J135*'3. PREÇOS INSUMOS'!K68","v":{"v":485000,"d":"485,000"}},{"$f":"K135*'3. PREÇOS INSUMOS'!L68","v":{"v":485000,"d":"485,000"}},{"$f":"L135*'3. PREÇOS INSUMOS'!M68","v":{"v":727500,"d":"727,500"}},{"$f":"M135*'3. PREÇOS INSUMOS'!N68","v":0},{"$f":"N135*'3. PREÇOS INSUMOS'!O68","v":0},{"$f":"O135*'3. PREÇOS INSUMOS'!P68","v":0},{"$f":"P135*'3. PREÇOS INSUMOS'!Q68","v":{"v":242500,"d":"242,500"}},{"$f":"Q135*'3. PREÇOS INSUMOS'!R68","v":{"v":242500,"d":"242,500"}},{"$f":"R135*'3. PREÇOS INSUMOS'!S68","v":{"v":727500,"d":"727,500"}},{"$f":"S135*'3. PREÇOS INSUMOS'!T68","v":{"v":485000,"d":"485,000"}},{"$f":"T135*'3. PREÇOS INSUMOS'!U68","v":{"v":727500,"d":"727,500"}}]
[null,null,3,"03 a 04 ano",0,{"$f":"F136*'3. PREÇOS INSUMOS'!G69","v":0},{"$f":"G136*'3. PREÇOS INSUMOS'!H69","v":0},{"$f":"H136*'3. PREÇOS INSUMOS'!I69","v":0},{"$f":"I136*'3. PREÇOS INSUMOS'!J69","v":0},{"$f":"J136*'3. PREÇOS INSUMOS'!K69","v":{"v":552900,"d":"552,900"}},{"$f":"K136*'3. PREÇOS INSUMOS'!L69","v":{"v":368600,"d":"368,600"}},{"$f":"L136*'3. PREÇOS INSUMOS'!M69","v":{"v":368600,"d":"368,600"}},{"$f":"M136*'3. PREÇOS INSUMOS'!N69","v":{"v":552900,"d":"552,900"}},{"$f":"N136*'3. PREÇOS INSUMOS'!O69","v":0},{"$f":"O136*'3. PREÇOS INSUMOS'!P69","v":0},{"$f":"P136*'3. PREÇOS INSUMOS'!Q69","v":0},{"$f":"Q136*'3. PREÇOS INSUMOS'!R69","v":{"v":184300,"d":"184,300"}},{"$f":"R136*'3. PREÇOS INSUMOS'!S69","v":{"v":184300,"d":"184,300"}},{"$f":"S136*'3. PREÇOS INSUMOS'!T69","v":{"v":552900,"d":"552,900"}},{"$f":"T136*'3. PREÇOS INSUMOS'!U69","v":{"v":368600,"d":"368,600"}}]
[null,null,4,"04 a 05 ano",0,{"$f":"F137*'3. PREÇOS INSUMOS'!G70","v":0},{"$f":"G137*'3. PREÇOS INSUMOS'!H70","v":0},{"$f":"H137*'3. PREÇOS INSUMOS'!I70","v":0},{"$f":"I137*'3. PREÇOS INSUMOS'!J70","v":0},{"$f":"J137*'3. PREÇOS INSUMOS'!K70","v":0},{"$f":"K137*'3. PREÇOS INSUMOS'!L70","v":{"v":407400,"d":"407,400"}},{"$f":"L137*'3. PREÇOS INSUMOS'!M70","v":{"v":271600,"d":"271,600"}},{"$f":"M137*'3. PREÇOS INSUMOS'!N70","v":{"v":271600,"d":"271,600"}},{"$f":"N137*'3. PREÇOS INSUMOS'!O70","v":{"v":407400,"d":"407,400"}},{"$f":"O137*'3. PREÇOS INSUMOS'!P70","v":0},{"$f":"P137*'3. PREÇOS INSUMOS'!Q70","v":0},{"$f":"Q137*'3. PREÇOS INSUMOS'!R70","v":0},{"$f":"R137*'3. PREÇOS INSUMOS'!S70","v":{"v":135800,"d":"135,800"}},{"$f":"S137*'3. PREÇOS INSUMOS'!T70","v":{"v":135800,"d":"135,800"}},{"$f":"T137*'3. PREÇOS INSUMOS'!U70","v":{"v":407400,"d":"407,400"}}]
[null,null,5,"05 a 06 ano",{"v":970000,"d":"970,000"},{"$f":"F138*'3. PREÇOS INSUMOS'!G71","v":{"v":970000,"d":"970,000"}},{"$f":"G138*'3. PREÇOS INSUMOS'!H71","v":0},{"$f":"H138*'3. PREÇOS INSUMOS'!I71","v":0},{"$f":"I138*'3. PREÇOS INSUMOS'!J71","v":0},{"$f":"J138*'3. PREÇOS INSUMOS'!K71","v":0},{"$f":"K138*'3. PREÇOS INSUMOS'!L71","v":0},{"$f":"L138*'3. PREÇOS INSUMOS'!M71","v":{"v":291000,"d":"291,000"}},{"$f":"M138*'3. PREÇOS INSUMOS'!N71","v":{"v":194000,"d":"194,000"}},{"$f":"N138*'3. PREÇOS INSUMOS'!O71","v":{"v":194000,"d":"194,000"}},{"$f":"O138*'3. PREÇOS INSUMOS'!P71","v":{"v":291000,"d":"291,000"}},{"$f":"P138*'3. PREÇOS INSUMOS'!Q71","v":0},{"$f":"Q138*'3. PREÇOS INSUMOS'!R71","v":0},{"$f":"R138*'3. PREÇOS INSUMOS'!S71","v":0},{"$f":"S138*'3. PREÇOS INSUMOS'!T71","v":{"v":97000,"d":"97,000"}},{"$f":"T138*'3. PREÇOS INSUMOS'!U71","v":{"v":97000,"d":"97,000"}}]
[null,null,6,"06 a 07 ano",0,{"$f":"F139*'3. PREÇOS INSUMOS'!G72","v":0},{"$f":"G139*'3. PREÇOS INSUMOS'!H72","v":{"v":475300,"d":"475,300"}},{"$f":"H139*'3. PREÇOS INSUMOS'!I72","v":0},{"$f":"I139*'3. PREÇOS INSUMOS'!J72","v":0},{"$f":"J139*'3. PREÇOS INSUMOS'!K72","v":0},{"$f":"K139*'3. PREÇOS INSUMOS'!L72","v":0},{"$f":"L139*'3. PREÇOS INSUMOS'!M72","v":0},{"$f":"M139*'3. PREÇOS INSUMOS'!N72","v":{"v":203700,"d":"203,700"}},{"$f":"N139*'3. PREÇOS INSUMOS'!O72","v":{"v":135800,"d":"135,800"}},{"$f":"O139*'3. PREÇOS INSUMOS'!P72","v":{"v":135800,"d":"135,800"}},{"$f":"P139*'3. PREÇOS INSUMOS'!Q72","v":{"v":203700,"d":"203,700"}},{"$f":"Q139*'3. PREÇOS INSUMOS'!R72","v":0},{"$f":"R139*'3. PREÇOS INSUMOS'!S72","v":0},{"$f":"S139*'3. PREÇOS INSUMOS'!T72","v":0},{"$f":"T139*'3. PREÇOS INSUMOS'!U72","v":{"v":67900,"d":"67,900"}}]
[null,null,7,"07 a 08 ano",0,{"$f":"F140*'3. PREÇOS INSUMOS'!G73","v":0},{"$f":"G140*'3. PREÇOS INSUMOS'!H73","v":0},{"$f":"H140*'3. PREÇOS INSUMOS'!I73","v":{"v":242500,"d":"242,500"}},{"$f":"I140*'3. PREÇOS INSUMOS'!J73","v":0},{"$f":"J140*'3. PREÇOS INSUMOS'!K73","v":0},{"$f":"K140*'3. PREÇOS INSUMOS'!L73","v":0},{"$f":"L140*'3. PREÇOS INSUMOS'!M73","v":0},{"$f":"M140*'3. PREÇOS INSUMOS'!N73","v":0},{"$f":"N140*'3. PREÇOS INSUMOS'!O73","v":{"v":97000,"d":"97,000"}},{"$f":"O140*'3. PREÇOS INSUMOS'!P73","v":{"v":97000,"d":"97,000"}},{"$f":"P140*'3. PREÇOS INSUMOS'!Q73","v":{"v":97000,"d":"97,000"}},{"$f":"Q140*'3. PREÇOS INSUMOS'!R73","v":{"v":145500,"d":"145,500"}},{"$f":"R140*'3. PREÇOS INSUMOS'!S73","v":0},{"$f":"S140*'3. PREÇOS INSUMOS'!T73","v":0},{"$f":"T140*'3. PREÇOS INSUMOS'!U73","v":0}]
[null,null,8,"08 a 09 ano",0,{"$f":"F141*'3. PREÇOS INSUMOS'!G74","v":0},{"$f":"G141*'3. PREÇOS INSUMOS'!H74","v":0},{"$f":"H141*'3. PREÇOS INSUMOS'!I74","v":0},{"$f":"I141*'3. PREÇOS INSUMOS'!J74","v":{"v":116400,"d":"116,400"}},{"$f":"J141*'3. PREÇOS INSUMOS'!K74","v":0},{"$f":"K141*'3. PREÇOS INSUMOS'!L74","v":0},{"$f":"L141*'3. PREÇOS INSUMOS'!M74","v":0},{"$f":"M141*'3. PREÇOS INSUMOS'!N74","v":0},{"$f":"N141*'3. PREÇOS INSUMOS'!O74","v":0},{"$f":"O141*'3. PREÇOS INSUMOS'!P74","v":{"v":38800,"d":"38,800"}},{"$f":"P141*'3. PREÇOS INSUMOS'!Q74","v":0},{"$f":"Q141*'3. PREÇOS INSUMOS'!R74","v":0},{"$f":"R141*'3. PREÇOS INSUMOS'!S74","v":0},{"$f":"S141*'3. PREÇOS INSUMOS'!T74","v":0},{"$f":"T141*'3. PREÇOS INSUMOS'!U74","v":0}]
[null,null,9,"09 a 10 ano",0,{"$f":"F142*'3. PREÇOS INSUMOS'!G75","v":0},{"$f":"G142*'3. PREÇOS INSUMOS'!H75","v":0},{"$f":"H142*'3. PREÇOS INSUMOS'!I75","v":0},{"$f":"I142*'3. PREÇOS INSUMOS'!J75","v":0},{"$f":"J142*'3. PREÇOS INSUMOS'!K75","v":0},{"$f":"K142*'3. PREÇOS INSUMOS'!L75","v":0},{"$f":"L142*'3. PREÇOS INSUMOS'!M75","v":0},{"$f":"M142*'3. PREÇOS INSUMOS'!N75","v":0},{"$f":"N142*'3. PREÇOS INSUMOS'!O75","v":0},{"$f":"O142*'3. PREÇOS INSUMOS'!P75","v":0},{"$f":"P142*'3. PREÇOS INSUMOS'!Q75","v":0},{"$f":"Q142*'3. PREÇOS INSUMOS'!R75","v":0},{"$f":"R142*'3. PREÇOS INSUMOS'!S75","v":0},{"$f":"S142*'3. PREÇOS INSUMOS'!T75","v":0},{"$f":"T142*'3. PREÇOS INSUMOS'!U75","v":0}]
[null,null,10,"+10 anos",0,{"$f":"F143*'3. PREÇOS INSUMOS'!G76","v":0},{"$f":"G143*'3. PREÇOS INSUMOS'!H76","v":0},{"$f":"H143*'3. PREÇOS INSUMOS'!I76","v":0},{"$f":"I143*'3. PREÇOS INSUMOS'!J76","v":0},{"$f":"J143*'3. PREÇOS INSUMOS'!K76","v":0},{"$f":"K143*'3. PREÇOS INSUMOS'!L76","v":0},{"$f":"L143*'3. PREÇOS INSUMOS'!M76","v":0},{"$f":"M143*'3. PREÇOS INSUMOS'!N76","v":0},{"$f":"N143*'3. PREÇOS INSUMOS'!O76","v":0},{"$f":"O143*'3. PREÇOS INSUMOS'!P76","v":0},{"$f":"P143*'3. PREÇOS INSUMOS'!Q76","v":0},{"$f":"Q143*'3. PREÇOS INSUMOS'!R76","v":0},{"$f":"R143*'3. PREÇOS INSUMOS'!S76","v":0},{"$f":"S143*'3. PREÇOS INSUMOS'!T76","v":0},{"$f":"T143*'3. PREÇOS INSUMOS'!U76","v":0}]
[null,null,"Total Veículos",null,{"$f":"SUM(E343:E353)","v":{"v":970000,"d":"970,000"}},{"$f":"SUM(F343:F353)","v":{"v":970000,"d":"970,000"}},{"v":1639300,"d":"1,639,300"},{"v":1949700,"d":"1,949,700"},{"v":2240700,"d":"2,240,700"},{"v":2822700,"d":"2,822,700"},{"v":2192200,"d":"2,192,200"},{"v":1658700,"d":"1,658,700"},{"v":1222200,"d":"1,222,200"},{"v":1222200,"d":"1,222,200"},{"v":1261000,"d":"1,261,000"},{"v":2017600,"d":"2,017,600"},{"v":2279500,"d":"2,279,500"},{"v":2832400,"d":"2,832,400"},{"v":2201900,"d":"2,201,900"},{"v":1668400,"d":"1,668,400"}]
[]
[3,null,{"$f":"\"7.2.3.3 - \"&VLOOKUP(A356,TIPOLOGIA!$D$10:$E$12,2,0)","v":"7.2.3.3 - -"}]
[null,null,"FAIXA ETÁRIA",null,"Pré-Operacional",1,{"$f":"+F357+1","v":2},3,4,5,6,7,8,9,10,11,12,13,14,15]
[null,null,0,"00 a 01 ano",{"$f":"F358","v":0},{"$f":"+F149*'3. PREÇOS INSUMOS'!G81","v":0},{"$f":"+G149*'3. PREÇOS INSUMOS'!H81","v":0},{"$f":"+H149*'3. PREÇOS INSUMOS'!I81","v":0},{"$f":"+I149*'3. PREÇOS INSUMOS'!J81","v":0},{"$f":"+J149*'3. PREÇOS INSUMOS'!K81","v":0},{"$f":"+K149*'3. PREÇOS INSUMOS'!L81","v":0},{"$f":"+L149*'3. PREÇOS INSUMOS'!M81","v":0},{"$f":"+M149*'3. PREÇOS INSUMOS'!N81","v":0},{"$f":"+N149*'3. PREÇOS INSUMOS'!O81","v":0},{"$f":"+O149*'3. PREÇOS INSUMOS'!P81","v":0},{"$f":"+P149*'3. PREÇOS INSUMOS'!Q81","v":0},{"$f":"+Q149*'3. PREÇOS INSUMOS'!R81","v":0},{"$f":"+R149*'3. PREÇOS INSUMOS'!S81","v":0},{"$f":"+S149*'3. PREÇOS INSUMOS'!T81","v":0},{"$f":"+T149*'3. PREÇOS INSUMOS'!U81","v":0}]
[null,null,1,"01 a 02 ano",{"$f":"F359","v":0},{"$f":"+F150*'3. PREÇOS INSUMOS'!G82","v":0},{"$f":"+G150*'3. PREÇOS INSUMOS'!H82","v":0},{"$f":"+H150*'3. PREÇOS INSUMOS'!I82","v":0},{"$f":"+I150*'3. PREÇOS INSUMOS'!J82","v":0},{"$f":"+J150*'3. PREÇOS INSUMOS'!K82","v":0},{"$f":"+K150*'3. PREÇOS INSUMOS'!L82","v":0},{"$f":"+L150*'3. PREÇOS INSUMOS'!M82","v":0},{"$f":"+M150*'3. PREÇOS INSUMOS'!N82","v":0},{"$f":"+N150*'3. PREÇOS INSUMOS'!O82","v":0},{"$f":"+O150*'3. PREÇOS INSUMOS'!P82","v":0},{"$f":"+P150*'3. PREÇOS INSUMOS'!Q82","v":0},{"$f":"+Q150*'3. PREÇOS INSUMOS'!R82","v":0},{"$f":"+R150*'3. PREÇOS INSUMOS'!S82","v":0},{"$f":"+S150*'3. PREÇOS INSUMOS'!T82","v":0},{"$f":"+T150*'3. PREÇOS INSUMOS'!U82","v":0}]
[null,null,2,"02 a 03 ano",0,{"$f":"+F151*'3. PREÇOS INSUMOS'!G83","v":0},{"$f":"+G151*'3. PREÇOS INSUMOS'!H83","v":0},{"$f":"+H151*'3. PREÇOS INSUMOS'!I83","v":0},{"$f":"+I151*'3. PREÇOS INSUMOS'!J83","v":0},{"$f":"+J151*'3. PREÇOS INSUMOS'!K83","v":0},{"$f":"+K151*'3. PREÇOS INSUMOS'!L83","v":0},{"$f":"+L151*'3. PREÇOS INSUMOS'!M83","v":0},{"$f":"+M151*'3. PREÇOS INSUMOS'!N83","v":0},{"$f":"+N151*'3. PREÇOS INSUMOS'!O83","v":0},{"$f":"+O151*'3. PREÇOS INSUMOS'!P83","v":0},{"$f":"+P151*'3. PREÇOS INSUMOS'!Q83","v":0},{"$f":"+Q151*'3. PREÇOS INSUMOS'!R83","v":0},{"$f":"+R151*'3. PREÇOS INSUMOS'!S83","v":0},{"$f":"+S151*'3. PREÇOS INSUMOS'!T83","v":0},{"$f":"+T151*'3. PREÇOS INSUMOS'!U83","v":0}]
[null,null,3,"03 a 04 ano",0,{"$f":"+F152*'3. PREÇOS INSUMOS'!G84","v":0},{"$f":"+G152*'3. PREÇOS INSUMOS'!H84","v":0},{"$f":"+H152*'3. PREÇOS INSUMOS'!I84","v":0},{"$f":"+I152*'3. PREÇOS INSUMOS'!J84","v":0},{"$f":"+J152*'3. PREÇOS INSUMOS'!K84","v":0},{"$f":"+K152*'3. PREÇOS INSUMOS'!L84","v":0},{"$f":"+L152*'3. PREÇOS INSUMOS'!M84","v":0},{"$f":"+M152*'3. PREÇOS INSUMOS'!N84","v":0},{"$f":"+N152*'3. PREÇOS INSUMOS'!O84","v":0},{"$f":"+O152*'3. PREÇOS INSUMOS'!P84","v":0},{"$f":"+P152*'3. PREÇOS INSUMOS'!Q84","v":0},{"$f":"+Q152*'3. PREÇOS INSUMOS'!R84","v":0},{"$f":"+R152*'3. PREÇOS INSUMOS'!S84","v":0},{"$f":"+S152*'3. PREÇOS INSUMOS'!T84","v":0},{"$f":"+T152*'3. PREÇOS INSUMOS'!U84","v":0}]
[null,null,4,"04 a 05 ano",0,{"$f":"+F153*'3. PREÇOS INSUMOS'!G85","v":0},{"$f":"+G153*'3. PREÇOS INSUMOS'!H85","v":0},{"$f":"+H153*'3. PREÇOS INSUMOS'!I85","v":0},{"$f":"+I153*'3. PREÇOS INSUMOS'!J85","v":0},{"$f":"+J153*'3. PREÇOS INSUMOS'!K85","v":0},{"$f":"+K153*'3. PREÇOS INSUMOS'!L85","v":0},{"$f":"+L153*'3. PREÇOS INSUMOS'!M85","v":0},{"$f":"+M153*'3. PREÇOS INSUMOS'!N85","v":0},{"$f":"+N153*'3. PREÇOS INSUMOS'!O85","v":0},{"$f":"+O153*'3. PREÇOS INSUMOS'!P85","v":0},{"$f":"+P153*'3. PREÇOS INSUMOS'!Q85","v":0},{"$f":"+Q153*'3. PREÇOS INSUMOS'!R85","v":0},{"$f":"+R153*'3. PREÇOS INSUMOS'!S85","v":0},{"$f":"+S153*'3. PREÇOS INSUMOS'!T85","v":0},{"$f":"+T153*'3. PREÇOS INSUMOS'!U85","v":0}]
[null,null,5,"05 a 06 ano",0,{"$f":"+F154*'3. PREÇOS INSUMOS'!G86","v":0},{"$f":"+G154*'3. PREÇOS INSUMOS'!H86","v":0},{"$f":"+H154*'3. PREÇOS INSUMOS'!I86","v":0},{"$f":"+I154*'3. PREÇOS INSUMOS'!J86","v":0},{"$f":"+J154*'3. PREÇOS INSUMOS'!K86","v":0},{"$f":"+K154*'3. PREÇOS INSUMOS'!L86","v":0},{"$f":"+L154*'3. PREÇOS INSUMOS'!M86","v":0},{"$f":"+M154*'3. PREÇOS INSUMOS'!N86","v":0},{"$f":"+N154*'3. PREÇOS INSUMOS'!O86","v":0},{"$f":"+O154*'3. PREÇOS INSUMOS'!P86","v":0},{"$f":"+P154*'3. PREÇOS INSUMOS'!Q86","v":0},{"$f":"+Q154*'3. PREÇOS INSUMOS'!R86","v":0},{"$f":"+R154*'3. PREÇOS INSUMOS'!S86","v":0},{"$f":"+S154*'3. PREÇOS INSUMOS'!T86","v":0},{"$f":"+T154*'3. PREÇOS INSUMOS'!U86","v":0}]
[null,null,6,"06 a 07 ano",0,{"$f":"+F155*'3. PREÇOS INSUMOS'!G87","v":0},{"$f":"+G155*'3. PREÇOS INSUMOS'!H87","v":0},{"$f":"+H155*'3. PREÇOS INSUMOS'!I87","v":0},{"$f":"+I155*'3. PREÇOS INSUMOS'!J87","v":0},{"$f":"+J155*'3. PREÇOS INSUMOS'!K87","v":0},{"$f":"+K155*'3. PREÇOS INSUMOS'!L87","v":0},{"$f":"+L155*'3. PREÇOS INSUMOS'!M87","v":0},{"$f":"+M155*'3. PREÇOS INSUMOS'!N87","v":0},{"$f":"+N155*'3. PREÇOS INSUMOS'!O87","v":0},{"$f":"+O155*'3. PREÇOS INSUMOS'!P87","v":0},{"$f":"+P155*'3. PREÇOS INSUMOS'!Q87","v":0},{"$f":"+Q155*'3. PREÇOS INSUMOS'!R87","v":0},{"$f":"+R155*'3. PREÇOS INSUMOS'!S87","v":0},{"$f":"+S155*'3. PREÇOS INSUMOS'!T87","v":0},{"$f":"+T155*'3. PREÇOS INSUMOS'!U87","v":0}]
[null,null,7,"07 a 08 ano",0,{"$f":"+F156*'3. PREÇOS INSUMOS'!G88","v":0},{"$f":"+G156*'3. PREÇOS INSUMOS'!H88","v":0},{"$f":"+H156*'3. PREÇOS INSUMOS'!I88","v":0},{"$f":"+I156*'3. PREÇOS INSUMOS'!J88","v":0},{"$f":"+J156*'3. PREÇOS INSUMOS'!K88","v":0},{"$f":"+K156*'3. PREÇOS INSUMOS'!L88","v":0},{"$f":"+L156*'3. PREÇOS INSUMOS'!M88","v":0},{"$f":"+M156*'3. PREÇOS INSUMOS'!N88","v":0},{"$f":"+N156*'3. PREÇOS INSUMOS'!O88","v":0},{"$f":"+O156*'3. PREÇOS INSUMOS'!P88","v":0},{"$f":"+P156*'3. PREÇOS INSUMOS'!Q88","v":0},{"$f":"+Q156*'3. PREÇOS INSUMOS'!R88","v":0},{"$f":"+R156*'3. PREÇOS INSUMOS'!S88","v":0},{"$f":"+S156*'3. PREÇOS INSUMOS'!T88","v":0},{"$f":"+T156*'3. PREÇOS INSUMOS'!U88","v":0}]
[null,null,8,"08 a 09 ano",0,{"$f":"+F157*'3. PREÇOS INSUMOS'!G89","v":0},{"$f":"+G157*'3. PREÇOS INSUMOS'!H89","v":0},{"$f":"+H157*'3. PREÇOS INSUMOS'!I89","v":0},{"$f":"+I157*'3. PREÇOS INSUMOS'!J89","v":0},{"$f":"+J157*'3. PREÇOS INSUMOS'!K89","v":0},{"$f":"+K157*'3. PREÇOS INSUMOS'!L89","v":0},{"$f":"+L157*'3. PREÇOS INSUMOS'!M89","v":0},{"$f":"+M157*'3. PREÇOS INSUMOS'!N89","v":0},{"$f":"+N157*'3. PREÇOS INSUMOS'!O89","v":0},{"$f":"+O157*'3. PREÇOS INSUMOS'!P89","v":0},{"$f":"+P157*'3. PREÇOS INSUMOS'!Q89","v":0},{"$f":"+Q157*'3. PREÇOS INSUMOS'!R89","v":0},{"$f":"+R157*'3. PREÇOS INSUMOS'!S89","v":0},{"$f":"+S157*'3. PREÇOS INSUMOS'!T89","v":0},{"$f":"+T157*'3. PREÇOS INSUMOS'!U89","v":0}]
[null,null,9,"09 a 10 ano",0,{"$f":"+F158*'3. PREÇOS INSUMOS'!G90","v":0},{"$f":"+G158*'3. PREÇOS INSUMOS'!H90","v":0},{"$f":"+H158*'3. PREÇOS INSUMOS'!I90","v":0},{"$f":"+I158*'3. PREÇOS INSUMOS'!J90","v":0},{"$f":"+J158*'3. PREÇOS INSUMOS'!K90","v":0},{"$f":"+K158*'3. PREÇOS INSUMOS'!L90","v":0},{"$f":"+L158*'3. PREÇOS INSUMOS'!M90","v":0},{"$f":"+M158*'3. PREÇOS INSUMOS'!N90","v":0},{"$f":"+N158*'3. PREÇOS INSUMOS'!O90","v":0},{"$f":"+O158*'3. PREÇOS INSUMOS'!P90","v":0},{"$f":"+P158*'3. PREÇOS INSUMOS'!Q90","v":0},{"$f":"+Q158*'3. PREÇOS INSUMOS'!R90","v":0},{"$f":"+R158*'3. PREÇOS INSUMOS'!S90","v":0},{"$f":"+S158*'3. PREÇOS INSUMOS'!T90","v":0},{"$f":"+T158*'3. PREÇOS INSUMOS'!U90","v":0}]
[null,null,10,"+10 anos",0,{"$f":"+F159*'3. PREÇOS INSUMOS'!G91","v":0},{"$f":"+G159*'3. PREÇOS INSUMOS'!H91","v":0},{"$f":"+H159*'3. PREÇOS INSUMOS'!I91","v":0},{"$f":"+I159*'3. PREÇOS INSUMOS'!J91","v":0},{"$f":"+J159*'3. PREÇOS INSUMOS'!K91","v":0},{"$f":"+K159*'3. PREÇOS INSUMOS'!L91","v":0},{"$f":"+L159*'3. PREÇOS INSUMOS'!M91","v":0},{"$f":"+M159*'3. PREÇOS INSUMOS'!N91","v":0},{"$f":"+N159*'3. PREÇOS INSUMOS'!O91","v":0},{"$f":"+O159*'3. PREÇOS INSUMOS'!P91","v":0},{"$f":"+P159*'3. PREÇOS INSUMOS'!Q91","v":0},{"$f":"+Q159*'3. PREÇOS INSUMOS'!R91","v":0},{"$f":"+R159*'3. PREÇOS INSUMOS'!S91","v":0},{"$f":"+S159*'3. PREÇOS INSUMOS'!T91","v":0},{"$f":"+T159*'3. PREÇOS INSUMOS'!U91","v":0}]
[null,null,"Total Veículos",null,{"$f":"SUM(E358:E368)","v":0},0,0,0,0,0,0,0,0,0,0,0,0,0,0,0]
[]
[]
[3,null,"7.2.3.4 - TOTALIZAÇÃO DE VEÍCULOS DA FROTA"]
[null,null,"FAIXA ETÁRIA",null,"Pré-Operacional",1,{"$f":"+F373+1","v":2},3,4,5,6,7,8,9,10,11,12,13,14,15]
[null,null,0,"00 a 01 ano",{"$f":"SUM(E328,E343,E358)","v":0},0,{"v":1164000,"d":"1,164,000"},{"v":776000,"d":"776,000"},{"v":776000,"d":"776,000"},{"v":2400000,"d":"2,400,000"},0,0,0,{"v":388000,"d":"388,000"},{"v":388000,"d":"388,000"},{"v":1164000,"d":"1,164,000"},{"v":776000,"d":"776,000"},{"v":2400000,"d":"2,400,000"},0,0]
[null,null,1,"01 a 02 ano",{"$f":"SUM(E329,E344,E359)","v":0},0,0,{"v":931200,"d":"931,200"},{"v":620800,"d":"620,800"},{"v":620800,"d":"620,800"},{"v":1933733.3333333335,"d":"1,933,733"},0,0,0,{"v":310400,"d":"310,400"},{"v":310400,"d":"310,400"},{"v":931200,"d":"931,200"},{"v":620800,"d":"620,800"},{"v":1933733.3333333335,"d":"1,933,733"},0]
[null,null,2,"02 a 03 ano",{"$f":"SUM(E330,E345,E360)","v":0},0,0,0,{"v":727500,"d":"727,500"},{"v":485000,"d":"485,000"},{"v":485000,"d":"485,000"},{"v":1525750,"d":"1,525,750"},0,0,0,{"v":242500,"d":"242,500"},{"v":242500,"d":"242,500"},{"v":727500,"d":"727,500"},{"v":485000,"d":"485,000"},{"v":1525750,"d":"1,525,750"}]
[null,null,3,"03 a 04 ano",{"$f":"SUM(E331,E346,E361)","v":0},0,0,0,0,{"v":552900,"d":"552,900"},{"v":368600,"d":"368,600"},{"v":368600,"d":"368,600"},{"v":1176050,"d":"1,176,050"},0,0,0,{"v":184300,"d":"184,300"},{"v":184300,"d":"184,300"},{"v":552900,"d":"552,900"},{"v":368600,"d":"368,600"}]
[null,null,4,"04 a 05 ano",{"$f":"SUM(E332,E347,E362)","v":0},0,0,0,0,0,{"v":407400,"d":"407,400"},{"v":271600,"d":"271,600"},{"v":271600,"d":"271,600"},{"v":884633.3333333333,"d":"884,633"},0,0,0,{"v":135800,"d":"135,800"},{"v":135800,"d":"135,800"},{"v":407400,"d":"407,400"}]
[null,null,5,"05 a 06 ano",{"$f":"SUM(E333,E348,E363)","v":{"v":1330500,"d":"1,330,500"}},{"v":1330500,"d":"1,330,500"},0,0,0,0,0,{"v":291000,"d":"291,000"},{"v":194000,"d":"194,000"},{"v":194000,"d":"194,000"},{"v":651500,"d":"651,500"},0,0,0,{"v":97000,"d":"97,000"},{"v":97000,"d":"97,000"}]
[null,null,6,"06 a 07 ano",{"$f":"SUM(E334,E349,E364)","v":0},0,{"v":748250,"d":"748,250"},0,0,0,0,0,{"v":203700,"d":"203,700"},{"v":135800,"d":"135,800"},{"v":135800,"d":"135,800"},{"v":476649.99999999994,"d":"476,650"},0,0,0,{"v":67900,"d":"67,900"}]
[null,null,7,"07 a 08 ano",{"$f":"SUM(E335,E350,E365)","v":0},0,0,{"v":457083.33333333326,"d":"457,083"},0,0,0,0,0,{"v":97000,"d":"97,000"},{"v":97000,"d":"97,000"},{"v":97000,"d":"97,000"},{"v":360083.33333333326,"d":"360,083"},0,0,0]
[null,null,8,"08 a 09 ano",{"$f":"SUM(E336,E351,E366)","v":0},0,0,0,{"v":301800,"d":"301,800"},0,0,0,0,0,{"v":38800,"d":"38,800"},0,0,0,0,0]
[null,null,9,"09 a 10 ano",{"$f":"SUM(E337,E352,E367)","v":0},0,0,0,0,0,0,0,0,0,0,0,0,0,0,0]
[null,null,10,"+10 anos",{"$f":"SUM(E338,E353,E368)","v":0},0,0,0,0,0,0,0,0,0,0,0,0,0,0,0]
[null,null,"Total Veículos",null,{"$f":"SUM(E374:E384)","v":{"v":1330500,"d":"1,330,500"}},{"$f":"SUM(F374:F384)","v":{"v":1330500,"d":"1,330,500"}},{"v":1912250,"d":"1,912,250"},{"v":2164283.333333333,"d":"2,164,283"},{"v":2426100,"d":"2,426,100"},{"v":4058700,"d":"4,058,700"},{"v":3194733.3333333335,"d":"3,194,733"},{"v":2456950,"d":"2,456,950"},{"v":1845350,"d":"1,845,350"},{"v":1699433.3333333333,"d":"1,699,433"},{"v":1621500,"d":"1,621,500"},{"v":2290550,"d":"2,290,550"},{"v":2494083.333333333,"d":"2,494,083"},{"v":4068400,"d":"4,068,400"},{"v":3204433.3333333335,"d":"3,204,433"},{"v":2466650,"d":"2,466,650"}]
[]
[{"$nulls":24},"Pré-Operacional",1,{"$f":"+Z387+1","v":2},3,4,5,6,7,8,9,10,11,12,13,14,15]

{"sheet":"8. DEPRECIAÇÃO DE FROTA","index":9,"n_rows":64,"n_cols":20,"rows_kept":64,"merged":[[8,2,8,5],[10,2,10,3],[24,2,24,5],[26,2,26,3],[40,2,40,5],[42,2,42,3],[59,2,59,4],[60,2,60,4],[61,2,61,4],[62,2,62,4],[63,2,63,4]]}
[]
[{"$nulls":4},"SECRETARIA MUNICIPAL DE DESENVOLVIMENTO URBANO"]
[{"$nulls":4},{"$f":"MENU!$B$3&\"  -  \"&+MENU!$B$4","v":"CONCORRÊNCIA Nº 003/18  -  "}]
[{"$nulls":4},{"$f":"+MENU!$C$2","v":"ESTUDO TÉCNICO DE VIABILIDADE ECONÔMICA DA OPERAÇÃO DO SERVIÇO DE TRANSPORTE COLETIVO DA CIDADE DE AMPARO"}]
[{"$nulls":4},{"$f":"+MENU!$C$3","v":"ANEXO IV.1 - ESTUDO TÉCNICO DE VIABILIDADE ECONÔMICA - ORÇAMENTO ESTIMADO"},{"$nulls":14},{"$f":"+MENU!$C$5","v":"DATA BASE DE CÁLCULO: MARÇO 2020"}]
[]
[null,"8. - CÁLCULO DA DEPRECIAÇÃO DE VEÍCULOS DA FROTA"]
[]
[1,null,{"$f":"\"8.1 - \"&VLOOKUP(A9,TIPOLOGIA!$D$10:$E$12,2,0)","v":"8.1 - MICROÔNIBUS"}]
[]
[null,null,"DEPRECIAÇÃO",null,"Pré-Operacional",1,{"$f":"+F11+1","v":2},3,4,5,6,7,8,9,10,11,12,13,14,15]
[null,null,0,"00 a 01 ano",null,{"$f":"SUMPRODUCT(('7. INVESTIMENTO FROTA'!$E$186:F$186>F$11-5)*(('7. INVESTIMENTO FROTA'!$E202:F202*0.2)))","v":0},{"$f":"SUMPRODUCT(('7. INVESTIMENTO FROTA'!$E$186:G$186>G$11-5)*(('7. INVESTIMENTO FROTA'!$E202:G202*0.2)))","v":0},{"$f":"SUMPRODUCT(('7. INVESTIMENTO FROTA'!$E$186:H$186>H$11-5)*(('7. INVESTIMENTO FROTA'!$E202:H202*0.2)))","v":0},{"$f":"SUMPRODUCT(('7. INVESTIMENTO FROTA'!$E$186:I$186>I$11-5)*(('7. INVESTIMENTO FROTA'!$E202:I202*0.2)))","v":0},{"$f":"SUMPRODUCT(('7. INVESTIMENTO FROTA'!$E$186:J$186>J$11-5)*(('7. INVESTIMENTO FROTA'!$E202:J202*0.2)))","v":{"v":244606.208,"d":"244,606"}},{"$f":"IFERROR(SUMPRODUCT(('7. INVESTIMENTO FROTA'!F$186:K$186>K$11-5)*(('7. INVESTIMENTO FROTA'!F202:K202*0.2))),0)","v":{"v":244606.208,"d":"244,606"}},{"$f":"IFERROR(SUMPRODUCT(('7. INVESTIMENTO FROTA'!G$186:L$186>L$11-5)*(('7. INVESTIMENTO FROTA'!G202:L202*0.2))),0)","v":{"v":244606.208,"d":"244,606"}},{"$f":"IFERROR(SUMPRODUCT(('7. INVESTIMENTO FROTA'!H$186:M$186>M$11-5)*(('7. INVESTIMENTO FROTA'!H202:M202*0.2))),0)","v":{"v":244606.208,"d":"244,606"}},{"$f":"IFERROR(SUMPRODUCT(('7. INVESTIMENTO FROTA'!I$186:N$186>N$11-5)*(('7. INVESTIMENTO FROTA'!I202:N202*0.2))),0)","v":{"v":244606.208,"d":"244,606"}},{"$f":"IFERROR(SUMPRODUCT(('7. INVESTIMENTO FROTA'!J$186:O$186>O$11-5)*(('7. INVESTIMENTO FROTA'!J202:O202*0.2))),0)","v":0},{"$f":"IFERROR(SUMPRODUCT(('7. INVESTIMENTO FROTA'!K$186:P$186>P$11-5)*(('7. INVESTIMENTO FROTA'!K202:P202*0.2))),0)","v":0},{"$f":"IFERROR(SUMPRODUCT(('7. INVESTIMENTO FROTA'!L$186:Q$186>Q$11-5)*(('7. INVESTIMENTO FROTA'!L202:Q202*0.2))),0)","v":0},{"$f":"IFERROR(SUMPRODUCT(('7. INVESTIMENTO FROTA'!M$186:R$186>R$11-5)*(('7. INVESTIMENTO FROTA'!M202:R202*0.2))),0)","v":{"v":244606.208,"d":"244,606"}},{"$f":"IFERROR(SUMPRODUCT(('7. INVESTIMENTO FROTA'!N$186:S$186>S$11-5)*(('7. INVESTIMENTO FROTA'!N202:S202*0.2))),0)","v":{"v":244606.208,"d":"244,606"}},{"$f":"IFERROR(SUMPRODUCT(('7. INVESTIMENTO FROTA'!O$186:T$186>T$11-5)*(('7. INVESTIMENTO FROTA'!O202:T202*0.2))),0)","v":{"v":244606.208,"d":"244,606"}}]
[null,null,1,"01 a 02 ano",null,{"$f":"SUMPRODUCT(('7. INVESTIMENTO FROTA'!$E$186:F$186>F$11-5)*(('7. INVESTIMENTO FROTA'!$E203:F203*0.2)))","v":0},{"$f":"SUMPRODUCT(('7. INVESTIMENTO FROTA'!$E$186:G$186>G$11-5)*(('7. INVESTIMENTO FROTA'!$E203:G203*0.2)))","v":0},{"$f":"SUMPRODUCT(('7. INVESTIMENTO FROTA'!$E$186:H$186>H$11-5)*(('7. INVESTIMENTO FROTA'!$E203:H203*0.2)))","v":0},{"$f":"SUMPRODUCT(('7. INVESTIMENTO FROTA'!$E$186:I$186>I$11-5)*(('7. INVESTIMENTO FROTA'!$E203:I203*0.2)))","v":0},{"$f":"SUMPRODUCT(('7. INVESTIMENTO FROTA'!$E$186:J$186>J$11-5)*(('7. INVESTIMENTO FROTA'!$E203:J203*0.2)))","v":0},{"$f":"IFERROR(SUMPRODUCT(('7. INVESTIMENTO FROTA'!F$186:K$186>K$11-5)*(('7. INVESTIMENTO FROTA'!F203:K203*0.2))),0)","v":0},{"$f":"IFERROR(SUMPRODUCT(('7. INVESTIMENTO FROTA'!G$186:L$186>L$11-5)*(('7. INVESTIMENTO FROTA'!G203:L203*0.2))),0)","v":0},{"$f":"IFERROR(SUMPRODUCT(('7. INVESTIMENTO FROTA'!H$186:M$186>M$11-5)*(('7. INVESTIMENTO FROTA'!H203:M203*0.2))),0)","v":0},{"$f":"IFERROR(SUMPRODUCT(('7. INVESTIMENTO FROTA'!I$186:N$186>N$11-5)*(('7. INVESTIMENTO FROTA'!I203:N203*0.2))),0)","v":0},{"$f":"IFERROR(SUMPRODUCT(('7. INVESTIMENTO FROTA'!J$186:O$186>O$11-5)*(('7. INVESTIMENTO FROTA'!J203:O203*0.2))),0)","v":0},{"$f":"IFERROR(SUMPRODUCT(('7. INVESTIMENTO FROTA'!K$186:P$186>P$11-5)*(('7. INVESTIMENTO FROTA'!K203:P203*0.2))),0)","v":0},{"$f":"IFERROR(SUMPRODUCT(('7. INVESTIMENTO FROTA'!L$186:Q$186>Q$11-5)*(('7. INVESTIMENTO FROTA'!L203:Q203*0.2))),0)","v":0},{"$f":"IFERROR(SUMPRODUCT(('7. INVESTIMENTO FROTA'!M$186:R$186>R$11-5)*(('7. INVESTIMENTO FROTA'!M203:R203*0.2))),0)","v":0},{"$f":"IFERROR(SUMPRODUCT(('7. INVESTIMENTO FROTA'!N$186:S$186>S$11-5)*(('7. INVESTIMENTO FROTA'!N203:S203*0.2))),0)","v":0},{"$f":"IFERROR(SUMPRODUCT(('7. INVESTIMENTO FROTA'!O$186:T$186>T$11-5)*(('7. INVESTIMENTO FROTA'!O203:T203*0.2))),0)","v":0}]
[null,null,2,"02 a 03 ano",null,{"$f":"SUMPRODUCT(('7. INVESTIMENTO FROTA'!$E$186:F$186>F$11-5)*(('7. INVESTIMENTO FROTA'!$E204:F204*0.2)))","v":0},{"$f":"SUMPRODUCT(('7. INVESTIMENTO FROTA'!$E$186:G$186>G$11-5)*(('7. INVESTIMENTO FROTA'!$E204:G204*0.2)))","v":0},{"$f":"SUMPRODUCT(('7. INVESTIMENTO FROTA'!$E$186:H$186>H$11-5)*(('7. INVESTIMENTO FROTA'!$E204:H204*0.2)))","v":0},{"$f":"SUMPRODUCT(('7. INVESTIMENTO FROTA'!$E$186:I$186>I$11-5)*(('7. INVESTIMENTO FROTA'!$E204:I204*0.2)))","v":0},{"$f":"SUMPRODUCT(('7. INVESTIMENTO FROTA'!$E$186:J$186>J$11-5)*(('7. INVESTIMENTO FROTA'!$E204:J204*0.2)))","v":0},{"$f":"IFERROR(SUMPRODUCT(('7. INVESTIMENTO FROTA'!F$186:K$186>K$11-5)*(('7. INVESTIMENTO FROTA'!F204:K204*0.2))),0)","v":0},{"$f":"IFERROR(SUMPRODUCT(('7. INVESTIMENTO FROTA'!G$186:L$186>L$11-5)*(('7. INVESTIMENTO FROTA'!G204:L204*0.2))),0)","v":0},{"$f":"IFERROR(SUMPRODUCT(('7. INVESTIMENTO FROTA'!H$186:M$186>M$11-5)*(('7. INVESTIMENTO FROTA'!H204:M204*0.2))),0)","v":0},{"$f":"IFERROR(SUMPRODUCT(('7. INVESTIMENTO FROTA'!I$186:N$186>N$11-5)*(('7. INVESTIMENTO FROTA'!I204:N204*0.2))),0)","v":0},{"$f":"IFERROR(SUMPRODUCT(('7. INVESTIMENTO FROTA'!J$186:O$186>O$11-5)*(('7. INVESTIMENTO FROTA'!J204:O204*0.2))),0)","v":0},{"$f":"IFERROR(SUMPRODUCT(('7. INVESTIMENTO FROTA'!K$186:P$186>P$11-5)*(('7. INVESTIMENTO FROTA'!K204:P204*0.2))),0)","v":0},{"$f":"IFERROR(SUMPRODUCT(('7. INVESTIMENTO FROTA'!L$186:Q$186>Q$11-5)*(('7. INVESTIMENTO FROTA'!L204:Q204*0.2))),0)","v":0},{"$f":"IFERROR(SUMPRODUCT(('7. INVESTIMENTO FROTA'!M$186:R$186>R$11-5)*(('7. INVESTIMENTO FROTA'!M204:R204*0.2))),0)","v":0},{"$f":"IFERROR(SUMPRODUCT(('7. INVESTIMENTO FROTA'!N$186:S$186>S$11-5)*(('7. INVESTIMENTO FROTA'!N204:S204*0.2))),0)","v":0},{"$f":"IFERROR(SUMPRODUCT(('7. INVESTIMENTO FROTA'!O$186:T$186>T$11-5)*(('7. INVESTIMENTO FROTA'!O204:T204*0.2))),0)","v":0}]
[null,null,3,"03 a 04 ano",null,{"$f":"SUMPRODUCT(('7. INVESTIMENTO FROTA'!$E$186:F$186>F$11-5)*(('7. INVESTIMENTO FROTA'!$E205:F205*0.2)))","v":0},{"$f":"SUMPRODUCT(('7. INVESTIMENTO FROTA'!$E$186:G$186>G$11-5)*(('7. INVESTIMENTO FROTA'!$E205:G205*0.2)))","v":0},{"$f":"SUMPRODUCT(('7. INVESTIMENTO FROTA'!$E$186:H$186>H$11-5)*(('7. INVESTIMENTO FROTA'!$E205:H205*0.2)))","v":0},{"$f":"SUMPRODUCT(('7. INVESTIMENTO FROTA'!$E$186:I$186>I$11-5)*(('7. INVESTIMENTO FROTA'!$E205:I205*0.2)))","v":0},{"$f":"SUMPRODUCT(('7. INVESTIMENTO FROTA'!$E$186:J$186>J$11-5)*(('7. INVESTIMENTO FROTA'!$E205:J205*0.2)))","v":0},{"$f":"IFERROR(SUMPRODUCT(('7. INVESTIMENTO FROTA'!F$186:K$186>K$11-5)*(('7. INVESTIMENTO FROTA'!F205:K205*0.2))),0)","v":0},{"$f":"IFERROR(SUMPRODUCT(('7. INVESTIMENTO FROTA'!G$186:L$186>L$11-5)*(('7. INVESTIMENTO FROTA'!G205:L205*0.2))),0)","v":0},{"$f":"IFERROR(SUMPRODUCT(('7. INVESTIMENTO FROTA'!H$186:M$186>M$11-5)*(('7. INVESTIMENTO FROTA'!H205:M205*0.2))),0)","v":0},{"$f":"IFERROR(SUMPRODUCT(('7. INVESTIMENTO FROTA'!I$186:N$186>N$11-5)*(('7. INVESTIMENTO FROTA'!I205:N205*0.2))),0)","v":0},{"$f":"IFERROR(SUMPRODUCT(('7. INVESTIMENTO FROTA'!J$186:O$186>O$11-5)*(('7. INVESTIMENTO FROTA'!J205:O205*0.2))),0)","v":0},{"$f":"IFERROR(SUMPRODUCT(('7. INVESTIMENTO FROTA'!K$186:P$186>P$11-5)*(('7. INVESTIMENTO FROTA'!K205:P205*0.2))),0)","v":0},{"$f":"IFERROR(SUMPRODUCT(('7. INVESTIMENTO FROTA'!L$186:Q$186>Q$11-5)*(('7. INVESTIMENTO FROTA'!L205:Q205*0.2))),0)","v":0},{"$f":"IFERROR(SUMPRODUCT(('7. INVESTIMENTO FROTA'!M$186:R$186>R$11-5)*(('7. INVESTIMENTO FROTA'!M205:R205*0.2))),0)","v":0},{"$f":"IFERROR(SUMPRODUCT(('7. INVESTIMENTO FROTA'!N$186:S$186>S$11-5)*(('7. INVESTIMENTO FROTA'!N205:S205*0.2))),0)","v":0},{"$f":"IFERROR(SUMPRODUCT(('7. INVESTIMENTO FROTA'!O$186:T$186>T$11-5)*(('7. INVESTIMENTO FROTA'!O205:T205*0.2))),0)","v":0}]
[null,null,4,"04 a 05 ano",null,{"$f":"SUMPRODUCT(('7. INVESTIMENTO FROTA'!$E$186:F$186>F$11-5)*(('7. INVESTIMENTO FROTA'!$E206:F206*0.2)))","v":0},{"$f":"SUMPRODUCT(('7. INVESTIMENTO FROTA'!$E$186:G$186>G$11-5)*(('7. INVESTIMENTO FROTA'!$E206:G206*0.2)))","v":0},{"$f":"SUMPRODUCT(('7. INVESTIMENTO FROTA'!$E$186:H$186>H$11-5)*(('7. INVESTIMENTO FROTA'!$E206:H206*0.2)))","v":0},{"$f":"SUMPRODUCT(('7. INVESTIMENTO FROTA'!$E$186:I$186>I$11-5)*(('7. INVESTIMENTO FROTA'!$E206:I206*0.2)))","v":0},{"$f":"SUMPRODUCT(('7. INVESTIMENTO FROTA'!$E$186:J$186>J$11-5)*(('7. INVESTIMENTO FROTA'!$E206:J206*0.2)))","v":0},{"$f":"IFERROR(SUMPRODUCT(('7. INVESTIMENTO FROTA'!F$186:K$186>K$11-5)*(('7. INVESTIMENTO FROTA'!F206:K206*0.2))),0)","v":0},{"$f":"IFERROR(SUMPRODUCT(('7. INVESTIMENTO FROTA'!G$186:L$186>L$11-5)*(('7. INVESTIMENTO FROTA'!G206:L206*0.2))),0)","v":0},{"$f":"IFERROR(SUMPRODUCT(('7. INVESTIMENTO FROTA'!H$186:M$186>M$11-5)*(('7. INVESTIMENTO FROTA'!H206:M206*0.2))),0)","v":0},{"$f":"IFERROR(SUMPRODUCT(('7. INVESTIMENTO FROTA'!I$186:N$186>N$11-5)*(('7. INVESTIMENTO FROTA'!I206:N206*0.2))),0)","v":0},{"$f":"IFERROR(SUMPRODUCT(('7. INVESTIMENTO FROTA'!J$186:O$186>O$11-5)*(('7. INVESTIMENTO FROTA'!J206:O206*0.2))),0)","v":0},{"$f":"IFERROR(SUMPRODUCT(('7. INVESTIMENTO FROTA'!K$186:P$186>P$11-5)*(('7. INVESTIMENTO FROTA'!K206:P206*0.2))),0)","v":0},{"$f":"IFERROR(SUMPRODUCT(('7. INVESTIMENTO FROTA'!L$186:Q$186>Q$11-5)*(('7. INVESTIMENTO FROTA'!L206:Q206*0.2))),0)","v":0},{"$f":"IFERROR(SUMPRODUCT(('7. INVESTIMENTO FROTA'!M$186:R$186>R$11-5)*(('7. INVESTIMENTO FROTA'!M206:R206*0.2))),0)","v":0},{"$f":"IFERROR(SUMPRODUCT(('7. INVESTIMENTO FROTA'!N$186:S$186>S$11-5)*(('7. INVESTIMENTO FROTA'!N206:S206*0.2))),0)","v":0},{"$f":"IFERROR(SUMPRODUCT(('7. INVESTIMENTO FROTA'!O$186:T$186>T$11-5)*(('7. INVESTIMENTO FROTA'!O206:T206*0.2))),0)","v":0}]
[null,null,5,"05 a 06 ano",null,{"$f":"SUMPRODUCT(('7. INVESTIMENTO FROTA'!$E$186:F$186>F$11-5)*(('7. INVESTIMENTO FROTA'!$E207:F207*0.2)))","v":{"v":71343.47733333333,"d":"71,343"}},{"$f":"SUMPRODUCT(('7. INVESTIMENTO FROTA'!$E$186:G$186>G$11-5)*(('7. INVESTIMENTO FROTA'!$E207:G207*0.2)))","v":{"v":71343.47733333333,"d":"71,343"}},{"$f":"SUMPRODUCT(('7. INVESTIMENTO FROTA'!$E$186:H$186>H$11-5)*(('7. INVESTIMENTO FROTA'!$E207:H207*0.2)))","v":{"v":71343.47733333333,"d":"71,343"}},{"$f":"SUMPRODUCT(('7. INVESTIMENTO FROTA'!$E$186:I$186>I$11-5)*(('7. INVESTIMENTO FROTA'!$E207:I207*0.2)))","v":{"v":71343.47733333333,"d":"71,343"}},{"$f":"SUMPRODUCT(('7. INVESTIMENTO FROTA'!$E$186:J$186>J$11-5)*(('7. INVESTIMENTO FROTA'!$E207:J207*0.2)))","v":{"v":71343.47733333333,"d":"71,343"}},{"$f":"IFERROR(SUMPRODUCT(('7. INVESTIMENTO FROTA'!F$186:K$186>K$11-5)*(('7. INVESTIMENTO FROTA'!F207:K207*0.2))),0)","v":0},{"$f":"IFERROR(SUMPRODUCT(('7. INVESTIMENTO FROTA'!G$186:L$186>L$11-5)*(('7. INVESTIMENTO FROTA'!G207:L207*0.2))),0)","v":0},{"$f":"IFERROR(SUMPRODUCT(('7. INVESTIMENTO FROTA'!H$186:M$186>M$11-5)*(('7. INVESTIMENTO FROTA'!H207:M207*0.2))),0)","v":0},{"$f":"IFERROR(SUMPRODUCT(('7. INVESTIMENTO FROTA'!I$186:N$186>N$11-5)*(('7. INVESTIMENTO FROTA'!I207:N207*0.2))),0)","v":0},{"$f":"IFERROR(SUMPRODUCT(('7. INVESTIMENTO FROTA'!J$186:O$186>O$11-5)*(('7. INVESTIMENTO FROTA'!J207:O207*0.2))),0)","v":0},{"$f":"IFERROR(SUMPRODUCT(('7. INVESTIMENTO FROTA'!K$186:P$186>P$11-5)*(('7. INVESTIMENTO FROTA'!K207:P207*0.2))),0)","v":0},{"$f":"IFERROR(SUMPRODUCT(('7. INVESTIMENTO FROTA'!L$186:Q$186>Q$11-5)*(('7. INVESTIMENTO FROTA'!L207:Q207*0.2))),0)","v":0},{"$f":"IFERROR(SUMPRODUCT(('7. INVESTIMENTO FROTA'!M$186:R$186>R$11-5)*(('7. INVESTIMENTO FROTA'!M207:R207*0.2))),0)","v":0},{"$f":"IFERROR(SUMPRODUCT(('7. INVESTIMENTO FROTA'!N$186:S$186>S$11-5)*(('7. INVESTIMENTO FROTA'!N207:S207*0.2))),0)","v":0},{"$f":"IFERROR(SUMPRODUCT(('7. INVESTIMENTO FROTA'!O$186:T$186>T$11-5)*(('7. INVESTIMENTO FROTA'!O207:T207*0.2))),0)","v":0}]
[null,null,6,"06 a 07 ano",null,{"$f":"SUMPRODUCT(('7. INVESTIMENTO FROTA'!$E$186:F$186>F$11-5)*(('7. INVESTIMENTO FROTA'!$E208:F208*0.2)))","v":0},{"$f":"SUMPRODUCT(('7. INVESTIMENTO FROTA'!$E$186:G$186>G$11-5)*(('7. INVESTIMENTO FROTA'!$E208:G208*0.2)))","v":0},{"$f":"SUMPRODUCT(('7. INVESTIMENTO FROTA'!$E$186:H$186>H$11-5)*(('7. INVESTIMENTO FROTA'!$E208:H208*0.2)))","v":0},{"$f":"SUMPRODUCT(('7. INVESTIMENTO FROTA'!$E$186:I$186>I$11-5)*(('7. INVESTIMENTO FROTA'!$E208:I208*0.2)))","v":0},{"$f":"SUMPRODUCT(('7. INVESTIMENTO FROTA'!$E$186:J$186>J$11-5)*(('7. INVESTIMENTO FROTA'!$E208:J208*0.2)))","v":0},{"$f":"IFERROR(SUMPRODUCT(('7. INVESTIMENTO FROTA'!F$186:K$186>K$11-5)*(('7. INVESTIMENTO FROTA'!F208:K208*0.2))),0)","v":0},{"$f":"IFERROR(SUMPRODUCT(('7. INVESTIMENTO FROTA'!G$186:L$186>L$11-5)*(('7. INVESTIMENTO FROTA'!G208:L208*0.2))),0)","v":0},{"$f":"IFERROR(SUMPRODUCT(('7. INVESTIMENTO FROTA'!H$186:M$186>M$11-5)*(('7. INVESTIMENTO FROTA'!H208:M208*0.2))),0)","v":0},{"$f":"IFERROR(SUMPRODUCT(('7. INVESTIMENTO FROTA'!I$186:N$186>N$11-5)*(('7. INVESTIMENTO FROTA'!I208:N208*0.2))),0)","v":0},{"$f":"IFERROR(SUMPRODUCT(('7. INVESTIMENTO FROTA'!J$186:O$186>O$11-5)*(('7. INVESTIMENTO FROTA'!J208:O208*0.2))),0)","v":0},{"$f":"IFERROR(SUMPRODUCT(('7. INVESTIMENTO FROTA'!K$186:P$186>P$11-5)*(('7. INVESTIMENTO FROTA'!K208:P208*0.2))),0)","v":0},{"$f":"IFERROR(SUMPRODUCT(('7. INVESTIMENTO FROTA'!L$186:Q$186>Q$11-5)*(('7. INVESTIMENTO FROTA'!L208:Q208*0.2))),0)","v":0},{"$f":"IFERROR(SUMPRODUCT(('7. INVESTIMENTO FROTA'!M$186:R$186>R$11-5)*(('7. INVESTIMENTO FROTA'!M208:R208*0.2))),0)","v":0},{"$f":"IFERROR(SUMPRODUCT(('7. INVESTIMENTO FROTA'!N$186:S$186>S$11-5)*(('7. INVESTIMENTO FROTA'!N208:S208*0.2))),0)","v":0},{"$f":"IFERROR(SUMPRODUCT(('7. INVESTIMENTO FROTA'!O$186:T$186>T$11-5)*(('7. INVESTIMENTO FROTA'!O208:T208*0.2))),0)","v":0}]
[null,null,7,"07 a 08 ano",null,{"$f":"SUMPRODUCT(('7. INVESTIMENTO FROTA'!$E$186:F$186>F$11-5)*(('7. INVESTIMENTO FROTA'!$E209:F209*0.2)))","v":0},{"$f":"SUMPRODUCT(('7. INVESTIMENTO FROTA'!$E$186:G$186>G$11-5)*(('7. INVESTIMENTO FROTA'!$E209:G209*0.2)))","v":0},{"$f":"SUMPRODUCT(('7. INVESTIMENTO FROTA'!$E$186:H$186>H$11-5)*(('7. INVESTIMENTO FROTA'!$E209:H209*0.2)))","v":0},{"$f":"SUMPRODUCT(('7. INVESTIMENTO FROTA'!$E$186:I$186>I$11-5)*(('7. INVESTIMENTO FROTA'!$E209:I209*0.2)))","v":0},{"$f":"SUMPRODUCT(('7. INVESTIMENTO FROTA'!$E$186:J$186>J$11-5)*(('7. INVESTIMENTO FROTA'!$E209:J209*0.2)))","v":0},{"$f":"IFERROR(SUMPRODUCT(('7. INVESTIMENTO FROTA'!F$186:K$186>K$11-5)*(('7. INVESTIMENTO FROTA'!F209:K209*0.2))),0)","v":0},{"$f":"IFERROR(SUMPRODUCT(('7. INVESTIMENTO FROTA'!G$186:L$186>L$11-5)*(('7. INVESTIMENTO FROTA'!G209:L209*0.2))),0)","v":0},{"$f":"IFERROR(SUMPRODUCT(('7. INVESTIMENTO FROTA'!H$186:M$186>M$11-5)*(('7. INVESTIMENTO FROTA'!H209:M209*0.2))),0)","v":0},{"$f":"IFERROR(SUMPRODUCT(('7. INVESTIMENTO FROTA'!I$186:N$186>N$11-5)*(('7. INVESTIMENTO FROTA'!I209:N209*0.2))),0)","v":0},{"$f":"IFERROR(SUMPRODUCT(('7. INVESTIMENTO FROTA'!J$186:O$186>O$11-5)*(('7. INVESTIMENTO FROTA'!J209:O209*0.2))),0)","v":0},{"$f":"IFERROR(SUMPRODUCT(('7. INVESTIMENTO FROTA'!K$186:P$186>P$11-5)*(('7. INVESTIMENTO FROTA'!K209:P209*0.2))),0)","v":0},{"$f":"IFERROR(SUMPRODUCT(('7. INVESTIMENTO FROTA'!L$186:Q$186>Q$11-5)*(('7. INVESTIMENTO FROTA'!L209:Q209*0.2))),0)","v":0},{"$f":"IFERROR(SUMPRODUCT(('7. INVESTIMENTO FROTA'!M$186:R$186>R$11-5)*(('7. INVESTIMENTO FROTA'!M209:R209*0.2))),0)","v":0},{"$f":"IFERROR(SUMPRODUCT(('7. INVESTIMENTO FROTA'!N$186:S$186>S$11-5)*(('7. INVESTIMENTO FROTA'!N209:S209*0.2))),0)","v":0},{"$f":"IFERROR(SUMPRODUCT(('7. INVESTIMENTO FROTA'!O$186:T$186>T$11-5)*(('7. INVESTIMENTO FROTA'!O209:T209*0.2))),0)","v":0}]
[null,null,8,"08 a 09 ano",null,{"$f":"SUMPRODUCT(('7. INVESTIMENTO FROTA'!$E$186:F$186>F$11-5)*(('7. INVESTIMENTO FROTA'!$E210:F210*0.2)))","v":0},{"$f":"SUMPRODUCT(('7. INVESTIMENTO FROTA'!$E$186:G$186>G$11-5)*(('7. INVESTIMENTO FROTA'!$E210:G210*0.2)))","v":0},{"$f":"SUMPRODUCT(('7. INVESTIMENTO FROTA'!$E$186:H$186>H$11-5)*(('7. INVESTIMENTO FROTA'!$E210:H210*0.2)))","v":0},{"$f":"SUMPRODUCT(('7. INVESTIMENTO FROTA'!$E$186:I$186>I$11-5)*(('7. INVESTIMENTO FROTA'!$E210:I210*0.2)))","v":0},{"$f":"SUMPRODUCT(('7. INVESTIMENTO FROTA'!$E$186:J$186>J$11-5)*(('7. INVESTIMENTO FROTA'!$E210:J210*0.2)))","v":0},{"$f":"IFERROR(SUMPRODUCT(('7. INVESTIMENTO FROTA'!F$186:K$186>K$11-5)*(('7. INVESTIMENTO FROTA'!F210:K210*0.2))),0)","v":0},{"$f":"IFERROR(SUMPRODUCT(('7. INVESTIMENTO FROTA'!G$186:L$186>L$11-5)*(('7. INVESTIMENTO FROTA'!G210:L210*0.2))),0)","v":0},{"$f":"IFERROR(SUMPRODUCT(('7. INVESTIMENTO FROTA'!H$186:M$186>M$11-5)*(('7. INVESTIMENTO FROTA'!H210:M210*0.2))),0)","v":0},{"$f":"IFERROR(SUMPRODUCT(('7. INVESTIMENTO FROTA'!I$186:N$186>N$11-5)*(('7. INVESTIMENTO FROTA'!I210:N210*0.2))),0)","v":0},{"$f":"IFERROR(SUMPRODUCT(('7. INVESTIMENTO FROTA'!J$186:O$186>O$11-5)*(('7. INVESTIMENTO FROTA'!J210:O210*0.2))),0)","v":0},{"$f":"IFERROR(SUMPRODUCT(('7. INVESTIMENTO FROTA'!K$186:P$186>P$11-5)*(('7. INVESTIMENTO FROTA'!K210:P210*0.2))),0)","v":0},{"$f":"IFERROR(SUMPRODUCT(('7. INVESTIMENTO FROTA'!L$186:Q$186>Q$11-5)*(('7. INVESTIMENTO FROTA'!L210:Q210*0.2))),0)","v":0},{"$f":"IFERROR(SUMPRODUCT(('7. INVESTIMENTO FROTA'!M$186:R$186>R$11-5)*(('7. INVESTIMENTO FROTA'!M210:R210*0.2))),0)","v":0},{"$f":"IFERROR(SUMPRODUCT(('7. INVESTIMENTO FROTA'!N$186:S$186>S$11-5)*(('7. INVESTIMENTO FROTA'!N210:S210*0.2))),0)","v":0},{"$f":"IFERROR(SUMPRODUCT(('7. INVESTIMENTO FROTA'!O$186:T$186>T$11-5)*(('7. INVESTIMENTO FROTA'!O210:T210*0.2))),0)","v":0}]
[null,null,9,"09 a 10 ano",null,{"$f":"SUMPRODUCT(('7. INVESTIMENTO FROTA'!$E$186:F$186>F$11-5)*(('7. INVESTIMENTO FROTA'!$E211:F211*0.2)))","v":0},{"$f":"SUMPRODUCT(('7. INVESTIMENTO FROTA'!$E$186:G$186>G$11-5)*(('7. INVESTIMENTO FROTA'!$E211:G211*0.2)))","v":0},{"$f":"SUMPRODUCT(('7. INVESTIMENTO FROTA'!$E$186:H$186>H$11-5)*(('7. INVESTIMENTO FROTA'!$E211:H211*0.2)))","v":0},{"$f":"SUMPRODUCT(('7. INVESTIMENTO FROTA'!$E$186:I$186>I$11-5)*(('7. INVESTIMENTO FROTA'!$E211:I211*0.2)))","v":0},{"$f":"SUMPRODUCT(('7. INVESTIMENTO FROTA'!$E$186:J$186>J$11-5)*(('7. INVESTIMENTO FROTA'!$E211:J211*0.2)))","v":0},{"$f":"IFERROR(SUMPRODUCT(('7. INVESTIMENTO FROTA'!F$186:K$186>K$11-5)*(('7. INVESTIMENTO FROTA'!F211:K211*0.2))),0)","v":0},{"$f":"IFERROR(SUMPRODUCT(('7. INVESTIMENTO FROTA'!G$186:L$186>L$11-5)*(('7. INVESTIMENTO FROTA'!G211:L211*0.2))),0)","v":0},{"$f":"IFERROR(SUMPRODUCT(('7. INVESTIMENTO FROTA'!H$186:M$186>M$11-5)*(('7. INVESTIMENTO FROTA'!H211:M211*0.2))),0)","v":0},{"$f":"IFERROR(SUMPRODUCT(('7. INVESTIMENTO FROTA'!I$186:N$186>N$11-5)*(('7. INVESTIMENTO FROTA'!I211:N211*0.2))),0)","v":0},{"$f":"IFERROR(SUMPRODUCT(('7. INVESTIMENTO FROTA'!J$186:O$186>O$11-5)*(('7. INVESTIMENTO FROTA'!J211:O211*0.2))),0)","v":0},{"$f":"IFERROR(SUMPRODUCT(('7. INVESTIMENTO FROTA'!K$186:P$186>P$11-5)*(('7. INVESTIMENTO FROTA'!K211:P211*0.2))),0)","v":0},{"$f":"IFERROR(SUMPRODUCT(('7. INVESTIMENTO FROTA'!L$186:Q$186>Q$11-5)*(('7. INVESTIMENTO FROTA'!L211:Q211*0.2))),0)","v":0},{"$f":"IFERROR(SUMPRODUCT(('7. INVESTIMENTO FROTA'!M$186:R$186>R$11-5)*(('7. INVESTIMENTO FROTA'!M211:R211*0.2))),0)","v":0},{"$f":"IFERROR(SUMPRODUCT(('7. INVESTIMENTO FROTA'!N$186:S$186>S$11-5)*(('7. INVESTIMENTO FROTA'!N211:S211*0.2))),0)","v":0},{"$f":"IFERROR(SUMPRODUCT(('7. INVESTIMENTO FROTA'!O$186:T$186>T$11-5)*(('7. INVESTIMENTO FROTA'!O211:T211*0.2))),0)","v":0}]
[null,null,10,"+10 anos",null,{"$f":"SUMPRODUCT(('7. INVESTIMENTO FROTA'!$E$186:F$186>F$11-5)*(('7. INVESTIMENTO FROTA'!$E212:F212*0.2)))","v":0},{"$f":"SUMPRODUCT(('7. INVESTIMENTO FROTA'!$E$186:G$186>G$11-5)*(('7. INVESTIMENTO FROTA'!$E212:G212*0.2)))","v":0},{"$f":"SUMPRODUCT(('7. INVESTIMENTO FROTA'!$E$186:H$186>H$11-5)*(('7. INVESTIMENTO FROTA'!$E212:H212*0.2)))","v":0},{"$f":"SUMPRODUCT(('7. INVESTIMENTO FROTA'!$E$186:I$186>I$11-5)*(('7. INVESTIMENTO FROTA'!$E212:I212*0.2)))","v":0},{"$f":"SUMPRODUCT(('7. INVESTIMENTO FROTA'!$E$186:J$186>J$11-5)*(('7. INVESTIMENTO FROTA'!$E212:J212*0.2)))","v":0},{"$f":"IFERROR(SUMPRODUCT(('7. INVESTIMENTO FROTA'!F$186:K$186>K$11-5)*(('7. INVESTIMENTO FROTA'!F212:K212*0.2))),0)","v":0},{"$f":"IFERROR(SUMPRODUCT(('7. INVESTIMENTO FROTA'!G$186:L$186>L$11-5)*(('7. INVESTIMENTO FROTA'!G212:L212*0.2))),0)","v":0},{"$f":"IFERROR(SUMPRODUCT(('7. INVESTIMENTO FROTA'!H$186:M$186>M$11-5)*(('7. INVESTIMENTO FROTA'!H212:M212*0.2))),0)","v":0},{"$f":"IFERROR(SUMPRODUCT(('7. INVESTIMENTO FROTA'!I$186:N$186>N$11-5)*(('7. INVESTIMENTO FROTA'!I212:N212*0.2))),0)","v":0},{"$f":"IFERROR(SUMPRODUCT(('7. INVESTIMENTO FROTA'!J$186:O$186>O$11-5)*(('7. INVESTIMENTO FROTA'!J212:O212*0.2))),0)","v":0},{"$f":"IFERROR(SUMPRODUCT(('7. INVESTIMENTO FROTA'!K$186:P$186>P$11-5)*(('7. INVESTIMENTO FROTA'!K212:P212*0.2))),0)","v":0},{"$f":"IFERROR(SUMPRODUCT(('7. INVESTIMENTO FROTA'!L$186:Q$186>Q$11-5)*(('7. INVESTIMENTO FROTA'!L212:Q212*0.2))),0)","v":0},{"$f":"IFERROR(SUMPRODUCT(('7. INVESTIMENTO FROTA'!M$186:R$186>R$11-5)*(('7. INVESTIMENTO FROTA'!M212:R212*0.2))),0)","v":0},{"$f":"IFERROR(SUMPRODUCT(('7. INVESTIMENTO FROTA'!N$186:S$186>S$11-5)*(('7. INVESTIMENTO FROTA'!N212:S212*0.2))),0)","v":0},{"$f":"IFERROR(SUMPRODUCT(('7. INVESTIMENTO FROTA'!O$186:T$186>T$11-5)*(('7. INVESTIMENTO FROTA'!O212:T212*0.2))),0)","v":0}]
[null,null,"Total Veículos",null,{"$f":"SUM(E12:E22)","v":0},{"v":71343.47733333333,"d":"71,343"},{"v":71343.47733333333,"d":"71,343"},{"v":71343.47733333333,"d":"71,343"},{"v":71343.47733333333,"d":"71,343"},{"v":315949.6853333333,"d":"315,950"},{"v":244606.208,"d":"244,606"},{"v":244606.208,"d":"244,606"},{"v":244606.208,"d":"244,606"},{"v":244606.208,"d":"244,606"},0,0,0,{"v":244606.208,"d":"244,606"},{"v":244606.208,"d":"244,606"},{"v":244606.208,"d":"244,606"}]
[]
[2,null,{"$f":"\"8.2 - \"&VLOOKUP(A25,TIPOLOGIA!$D$10:$E$12,2,0)","v":"8.2 - CONVENCIONAL"}]
[]
[null,null,"DEPRECIAÇÃO",null,"Pré-Operacional",1,{"$f":"+F27+1","v":2},3,4,5,6,7,8,9,10,11,12,13,14,15]
[null,null,0,"00 a 01 ano",null,{"$f":"SUMPRODUCT(('7. INVESTIMENTO FROTA'!$E$186:F$186>'8. DEPRECIAÇÃO DE FROTA'!F$11-5)*(('7. INVESTIMENTO FROTA'!$E232:F232*0.2)))","v":0},{"$f":"SUMPRODUCT(('7. INVESTIMENTO FROTA'!$E$186:G$186>'8. DEPRECIAÇÃO DE FROTA'!G$11-5)*(('7. INVESTIMENTO FROTA'!$E232:G232*0.2)))","v":{"v":225001.86,"d":"225,002"}},{"$f":"SUMPRODUCT(('7. INVESTIMENTO FROTA'!$E$186:H$186>'8. DEPRECIAÇÃO DE FROTA'!H$11-5)*(('7. INVESTIMENTO FROTA'!$E232:H232*0.2)))","v":{"v":375003.1,"d":"375,003"}},{"$f":"SUMPRODUCT(('7. INVESTIMENTO FROTA'!$E$186:I$186>'8. DEPRECIAÇÃO DE FROTA'!I$11-5)*(('7. INVESTIMENTO FROTA'!$E232:I232*0.2)))","v":{"v":525004.34,"d":"525,004"}},{"$f":"SUMPRODUCT(('7. INVESTIMENTO FROTA'!$E$186:J$186>'8. DEPRECIAÇÃO DE FROTA'!J$11-5)*(('7. INVESTIMENTO FROTA'!$E232:J232*0.2)))","v":{"v":750006.2,"d":"750,006"}},{"$f":"IFERROR(SUMPRODUCT(('7. INVESTIMENTO FROTA'!F$186:K$186>'8. DEPRECIAÇÃO DE FROTA'!K$11-5)*(('7. INVESTIMENTO FROTA'!F232:K232*0.2))),0)","v":{"v":750006.2,"d":"750,006"}},{"$f":"IFERROR(SUMPRODUCT(('7. INVESTIMENTO FROTA'!G$186:L$186>'8. DEPRECIAÇÃO DE FROTA'!L$11-5)*(('7. INVESTIMENTO FROTA'!G232:L232*0.2))),0)","v":{"v":525004.34,"d":"525,004"}},{"$f":"IFERROR(SUMPRODUCT(('7. INVESTIMENTO FROTA'!H$186:M$186>'8. DEPRECIAÇÃO DE FROTA'!M$11-5)*(('7. INVESTIMENTO FROTA'!H232:M232*0.2))),0)","v":{"v":375003.1,"d":"375,003"}},{"$f":"IFERROR(SUMPRODUCT(('7. INVESTIMENTO FROTA'!I$186:N$186>'8. DEPRECIAÇÃO DE FROTA'!N$11-5)*(('7. INVESTIMENTO FROTA'!I232:N232*0.2))),0)","v":{"v":300002.48,"d":"300,002"}},{"$f":"IFERROR(SUMPRODUCT(('7. INVESTIMENTO FROTA'!J$186:O$186>'8. DEPRECIAÇÃO DE FROTA'!O$11-5)*(('7. INVESTIMENTO FROTA'!J232:O232*0.2))),0)","v":{"v":150001.24,"d":"150,001"}},{"$f":"IFERROR(SUMPRODUCT(('7. INVESTIMENTO FROTA'!K$186:P$186>'8. DEPRECIAÇÃO DE FROTA'!P$11-5)*(('7. INVESTIMENTO FROTA'!K232:P232*0.2))),0)","v":{"v":375003.1,"d":"375,003"}},{"$f":"IFERROR(SUMPRODUCT(('7. INVESTIMENTO FROTA'!L$186:Q$186>'8. DEPRECIAÇÃO DE FROTA'!Q$11-5)*(('7. INVESTIMENTO FROTA'!L232:Q232*0.2))),0)","v":{"v":525004.34,"d":"525,004"}},{"$f":"IFERROR(SUMPRODUCT(('7. INVESTIMENTO FROTA'!M$186:R$186>'8. DEPRECIAÇÃO DE FROTA'!R$11-5)*(('7. INVESTIMENTO FROTA'!M232:R232*0.2))),0)","v":{"v":750006.2,"d":"750,006"}},{"$f":"IFERROR(SUMPRODUCT(('7. INVESTIMENTO FROTA'!N$186:S$186>'8. DEPRECIAÇÃO DE FROTA'!S$11-5)*(('7. INVESTIMENTO FROTA'!N232:S232*0.2))),0)","v":{"v":675005.58,"d":"675,006"}},{"$f":"IFERROR(SUMPRODUCT(('7. INVESTIMENTO FROTA'!O$186:T$186>'8. DEPRECIAÇÃO DE FROTA'!T$11-5)*(('7. INVESTIMENTO FROTA'!O232:T232*0.2))),0)","v":{"v":600004.96,"d":"600,005"}}]
[null,null,1,"01 a 02 ano",null,{"$f":"SUMPRODUCT(('7. INVESTIMENTO FROTA'!$E$186:F$186>'8. DEPRECIAÇÃO DE FROTA'!F$11-5)*(('7. INVESTIMENTO FROTA'!$E233:F233*0.2)))","v":0},{"$f":"SUMPRODUCT(('7. INVESTIMENTO FROTA'!$E$186:G$186>'8. DEPRECIAÇÃO DE FROTA'!G$11-5)*(('7. INVESTIMENTO FROTA'!$E233:G233*0.2)))","v":0},{"$f":"SUMPRODUCT(('7. INVESTIMENTO FROTA'!$E$186:H$186>'8. DEPRECIAÇÃO DE FROTA'!H$11-5)*(('7. INVESTIMENTO FROTA'!$E233:H233*0.2)))","v":0},{"$f":"SUMPRODUCT(('7. INVESTIMENTO FROTA'!$E$186:I$186>'8. DEPRECIAÇÃO DE FROTA'!I$11-5)*(('7. INVESTIMENTO FROTA'!$E233:I233*0.2)))","v":0},{"$f":"SUMPRODUCT(('7. INVESTIMENTO FROTA'!$E$186:J$186>'8. DEPRECIAÇÃO DE FROTA'!J$11-5)*(('7. INVESTIMENTO FROTA'!$E233:J233*0.2)))","v":0},{"$f":"IFERROR(SUMPRODUCT(('7. INVESTIMENTO FROTA'!F$186:K$186>'8. DEPRECIAÇÃO DE FROTA'!K$11-5)*(('7. INVESTIMENTO FROTA'!F233:K233*0.2))),0)","v":0},{"$f":"IFERROR(SUMPRODUCT(('7. INVESTIMENTO FROTA'!G$186:L$186>'8. DEPRECIAÇÃO DE FROTA'!L$11-5)*(('7. INVESTIMENTO FROTA'!G233:L233*0.2))),0)","v":0},{"$f":"IFERROR(SUMPRODUCT(('7. INVESTIMENTO FROTA'!H$186:M$186>'8. DEPRECIAÇÃO DE FROTA'!M$11-5)*(('7. INVESTIMENTO FROTA'!H233:M233*0.2))),0)","v":0},{"$f":"IFERROR(SUMPRODUCT(('7. INVESTIMENTO FROTA'!I$186:N$186>'8. DEPRECIAÇÃO DE FROTA'!N$11-5)*(('7. INVESTIMENTO FROTA'!I233:N233*0.2))),0)","v":0},{"$f":"IFERROR(SUMPRODUCT(('7. INVESTIMENTO FROTA'!J$186:O$186>'8. DEPRECIAÇÃO DE FROTA'!O$11-5)*(('7. INVESTIMENTO FROTA'!J233:O233*0.2))),0)","v":0},{"$f":"IFERROR(SUMPRODUCT(('7. INVESTIMENTO FROTA'!K$186:P$186>'8. DEPRECIAÇÃO DE FROTA'!P$11-5)*(('7. INVESTIMENTO FROTA'!K233:P233*0.2))),0)","v":0},{"$f":"IFERROR(SUMPRODUCT(('7. INVESTIMENTO FROTA'!L$186:Q$186>'8. DEPRECIAÇÃO DE FROTA'!Q$11-5)*(('7. INVESTIMENTO FROTA'!L233:Q233*0.2))),0)","v":0},{"$f":"IFERROR(SUMPRODUCT(('7. INVESTIMENTO FROTA'!M$186:R$186>'8. DEPRECIAÇÃO DE FROTA'!R$11-5)*(('7. INVESTIMENTO FROTA'!M233:R233*0.2))),0)","v":0},{"$f":"IFERROR(SUMPRODUCT(('7. INVESTIMENTO FROTA'!N$186:S$186>'8. DEPRECIAÇÃO DE FROTA'!S$11-5)*(('7. INVESTIMENTO FROTA'!N233:S233*0.2))),0)","v":0},{"$f":"IFERROR(SUMPRODUCT(('7. INVESTIMENTO FROTA'!O$186:T$186>'8. DEPRECIAÇÃO DE FROTA'!T$11-5)*(('7. INVESTIMENTO FROTA'!O233:T233*0.2))),0)","v":0}]
[null,null,2,"02 a 03 ano",null,{"$f":"SUMPRODUCT(('7. INVESTIMENTO FROTA'!$E$186:F$186>'8. DEPRECIAÇÃO DE FROTA'!F$11-5)*(('7. INVESTIMENTO FROTA'!$E234:F234*0.2)))","v":0},{"$f":"SUMPRODUCT(('7. INVESTIMENTO FROTA'!$E$186:G$186>'8. DEPRECIAÇÃO DE FROTA'!G$11-5)*(('7. INVESTIMENTO FROTA'!$E234:G234*0.2)))","v":0},{"$f":"SUMPRODUCT(('7. INVESTIMENTO FROTA'!$E$186:H$186>'8. DEPRECIAÇÃO DE FROTA'!H$11-5)*(('7. INVESTIMENTO FROTA'!$E234:H234*0.2)))","v":0},{"$f":"SUMPRODUCT(('7. INVESTIMENTO FROTA'!$E$186:I$186>'8. DEPRECIAÇÃO DE FROTA'!I$11-5)*(('7. INVESTIMENTO FROTA'!$E234:I234*0.2)))","v":0},{"$f":"SUMPRODUCT(('7. INVESTIMENTO FROTA'!$E$186:J$186>'8. DEPRECIAÇÃO DE FROTA'!J$11-5)*(('7. INVESTIMENTO FROTA'!$E234:J234*0.2)))","v":0},{"$f":"IFERROR(SUMPRODUCT(('7. INVESTIMENTO FROTA'!F$186:K$186>'8. DEPRECIAÇÃO DE FROTA'!K$11-5)*(('7. INVESTIMENTO FROTA'!F234:K234*0.2))),0)","v":0},{"$f":"IFERROR(SUMPRODUCT(('7. INVESTIMENTO FROTA'!G$186:L$186>'8. DEPRECIAÇÃO DE FROTA'!L$11-5)*(('7. INVESTIMENTO FROTA'!G234:L234*0.2))),0)","v":0},{"$f":"IFERROR(SUMPRODUCT(('7. INVESTIMENTO FROTA'!H$186:M$186>'8. DEPRECIAÇÃO DE FROTA'!M$11-5)*(('7. INVESTIMENTO FROTA'!H234:M234*0.2))),0)","v":0},{"$f":"IFERROR(SUMPRODUCT(('7. INVESTIMENTO FROTA'!I$186:N$186>'8. DEPRECIAÇÃO DE FROTA'!N$11-5)*(('7. INVESTIMENTO FROTA'!I234:N234*0.2))),0)","v":0},{"$f":"IFERROR(SUMPRODUCT(('7. INVESTIMENTO FROTA'!J$186:O$186>'8. DEPRECIAÇÃO DE FROTA'!O$11-5)*(('7. INVESTIMENTO FROTA'!J234:O234*0.2))),0)","v":0},{"$f":"IFERROR(SUMPRODUCT(('7. INVESTIMENTO FROTA'!K$186:P$186>'8. DEPRECIAÇÃO DE FROTA'!P$11-5)*(('7. INVESTIMENTO FROTA'!K234:P234*0.2))),0)","v":0},{"$f":"IFERROR(SUMPRODUCT(('7. INVESTIMENTO FROTA'!L$186:Q$186>'8. DEPRECIAÇÃO DE FROTA'!Q$11-5)*(('7. INVESTIMENTO FROTA'!L234:Q234*0.2))),0)","v":0},{"$f":"IFERROR(SUMPRODUCT(('7. INVESTIMENTO FROTA'!M$186:R$186>'8. DEPRECIAÇÃO DE FROTA'!R$11-5)*(('7. INVESTIMENTO FROTA'!M234:R234*0.2))),0)","v":0},{"$f":"IFERROR(SUMPRODUCT(('7. INVESTIMENTO FROTA'!N$186:S$186>'8. DEPRECIAÇÃO DE FROTA'!S$11-5)*(('7. INVESTIMENTO FROTA'!N234:S234*0.2))),0)","v":0},{"$f":"IFERROR(SUMPRODUCT(('7. INVESTIMENTO FROTA'!O$186:T$186>'8. DEPRECIAÇÃO DE FROTA'!T$11-5)*(('7. INVESTIMENTO FROTA'!O234:T234*0.2))),0)","v":0}]
[null,null,3,"03 a 04 ano",null,{"$f":"SUMPRODUCT(('7. INVESTIMENTO FROTA'!$E$186:F$186>'8. DEPRECIAÇÃO DE FROTA'!F$11-5)*(('7. INVESTIMENTO FROTA'!$E235:F235*0.2)))","v":0},{"$f":"SUMPRODUCT(('7. INVESTIMENTO FROTA'!$E$186:G$186>'8. DEPRECIAÇÃO DE FROTA'!G$11-5)*(('7. INVESTIMENTO FROTA'!$E235:G235*0.2)))","v":0},{"$f":"SUMPRODUCT(('7. INVESTIMENTO FROTA'!$E$186:H$186>'8. DEPRECIAÇÃO DE FROTA'!H$11-5)*(('7. INVESTIMENTO FROTA'!$E235:H235*0.2)))","v":0},{"$f":"SUMPRODUCT(('7. INVESTIMENTO FROTA'!$E$186:I$186>'8. DEPRECIAÇÃO DE FROTA'!I$11-5)*(('7. INVESTIMENTO FROTA'!$E235:I235*0.2)))","v":0},{"$f":"SUMPRODUCT(('7. INVESTIMENTO FROTA'!$E$186:J$186>'8. DEPRECIAÇÃO DE FROTA'!J$11-5)*(('7. INVESTIMENTO FROTA'!$E235:J235*0.2)))","v":0},{"$f":"IFERROR(SUMPRODUCT(('7. INVESTIMENTO FROTA'!F$186:K$186>'8. DEPRECIAÇÃO DE FROTA'!K$11-5)*(('7. INVESTIMENTO FROTA'!F235:K235*0.2))),0)","v":0},{"$f":"IFERROR(SUMPRODUCT(('7. INVESTIMENTO FROTA'!G$186:L$186>'8. DEPRECIAÇÃO DE FROTA'!L$11-5)*(('7. INVESTIMENTO FROTA'!G235:L235*0.2))),0)","v":0},{"$f":"IFERROR(SUMPRODUCT(('7. INVESTIMENTO FROTA'!H$186:M$186>'8. DEPRECIAÇÃO DE FROTA'!M$11-5)*(('7. INVESTIMENTO FROTA'!H235:M235*0.2))),0)","v":0},{"$f":"IFERROR(SUMPRODUCT(('7. INVESTIMENTO FROTA'!I$186:N$186>'8. DEPRECIAÇÃO DE FROTA'!N$11-5)*(('7. INVESTIMENTO FROTA'!I235:N235*0.2))),0)","v":0},{"$f":"IFERROR(SUMPRODUCT(('7. INVESTIMENTO FROTA'!J$186:O$186>'8. DEPRECIAÇÃO DE FROTA'!O$11-5)*(('7. INVESTIMENTO FROTA'!J235:O235*0.2))),0)","v":0},{"$f":"IFERROR(SUMPRODUCT(('7. INVESTIMENTO FROTA'!K$186:P$186>'8. DEPRECIAÇÃO DE FROTA'!P$11-5)*(('7. INVESTIMENTO FROTA'!K235:P235*0.2))),0)","v":0},{"$f":"IFERROR(SUMPRODUCT(('7. INVESTIMENTO FROTA'!L$186:Q$186>'8. DEPRECIAÇÃO DE FROTA'!Q$11-5)*(('7. INVESTIMENTO FROTA'!L235:Q235*0.2))),0)","v":0},{"$f":"IFERROR(SUMPRODUCT(('7. INVESTIMENTO FROTA'!M$186:R$186>'8. DEPRECIAÇÃO DE FROTA'!R$11-5)*(('7. INVESTIMENTO FROTA'!M235:R235*0.2))),0)","v":0},{"$f":"IFERROR(SUMPRODUCT(('7. INVESTIMENTO FROTA'!N$186:S$186>'8. DEPRECIAÇÃO DE FROTA'!S$11-5)*(('7. INVESTIMENTO FROTA'!N235:S235*0.2))),0)","v":0},{"$f":"IFERROR(SUMPRODUCT(('7. INVESTIMENTO FROTA'!O$186:T$186>'8. DEPRECIAÇÃO DE FROTA'!T$11-5)*(('7. INVESTIMENTO FROTA'!O235:T235*0.2))),0)","v":0}]
[null,null,4,"04 a 05 ano",null,{"$f":"SUMPRODUCT(('7. INVESTIMENTO FROTA'!$E$186:F$186>'8. DEPRECIAÇÃO DE FROTA'!F$11-5)*(('7. INVESTIMENTO FROTA'!$E236:F236*0.2)))","v":0},{"$f":"SUMPRODUCT(('7. INVESTIMENTO FROTA'!$E$186:G$186>'8. DEPRECIAÇÃO DE FROTA'!G$11-5)*(('7. INVESTIMENTO FROTA'!$E236:G236*0.2)))","v":0},{"$f":"SUMPRODUCT(('7. INVESTIMENTO FROTA'!$E$186:H$186>'8. DEPRECIAÇÃO DE FROTA'!H$11-5)*(('7. INVESTIMENTO FROTA'!$E236:H236*0.2)))","v":0},{"$f":"SUMPRODUCT(('7. INVESTIMENTO FROTA'!$E$186:I$186>'8. DEPRECIAÇÃO DE FROTA'!I$11-5)*(('7. INVESTIMENTO FROTA'!$E236:I236*0.2)))","v":0},{"$f":"SUMPRODUCT(('7. INVESTIMENTO FROTA'!$E$186:J$186>'8. DEPRECIAÇÃO DE FROTA'!J$11-5)*(('7. INVESTIMENTO FROTA'!$E236:J236*0.2)))","v":0},{"$f":"IFERROR(SUMPRODUCT(('7. INVESTIMENTO FROTA'!F$186:K$186>'8. DEPRECIAÇÃO DE FROTA'!K$11-5)*(('7. INVESTIMENTO FROTA'!F236:K236*0.2))),0)","v":0},{"$f":"IFERROR(SUMPRODUCT(('7. INVESTIMENTO FROTA'!G$186:L$186>'8. DEPRECIAÇÃO DE FROTA'!L$11-5)*(('7. INVESTIMENTO FROTA'!G236:L236*0.2))),0)","v":0},{"$f":"IFERROR(SUMPRODUCT(('7. INVESTIMENTO FROTA'!H$186:M$186>'8. DEPRECIAÇÃO DE FROTA'!M$11-5)*(('7. INVESTIMENTO FROTA'!H236:M236*0.2))),0)","v":0},{"$f":"IFERROR(SUMPRODUCT(('7. INVESTIMENTO FROTA'!I$186:N$186>'8. DEPRECIAÇÃO DE FROTA'!N$11-5)*(('7. INVESTIMENTO FROTA'!I236:N236*0.2))),0)","v":0},{"$f":"IFERROR(SUMPRODUCT(('7. INVESTIMENTO FROTA'!J$186:O$186>'8. DEPRECIAÇÃO DE FROTA'!O$11-5)*(('7. INVESTIMENTO FROTA'!J236:O236*0.2))),0)","v":0},{"$f":"IFERROR(SUMPRODUCT(('7. INVESTIMENTO FROTA'!K$186:P$186>'8. DEPRECIAÇÃO DE FROTA'!P$11-5)*(('7. INVESTIMENTO FROTA'!K236:P236*0.2))),0)","v":0},{"$f":"IFERROR(SUMPRODUCT(('7. INVESTIMENTO FROTA'!L$186:Q$186>'8. DEPRECIAÇÃO DE FROTA'!Q$11-5)*(('7. INVESTIMENTO FROTA'!L236:Q236*0.2))),0)","v":0},{"$f":"IFERROR(SUMPRODUCT(('7. INVESTIMENTO FROTA'!M$186:R$186>'8. DEPRECIAÇÃO DE FROTA'!R$11-5)*(('7. INVESTIMENTO FROTA'!M236:R236*0.2))),0)","v":0},{"$f":"IFERROR(SUMPRODUCT(('7. INVESTIMENTO FROTA'!N$186:S$186>'8. DEPRECIAÇÃO DE FROTA'!S$11-5)*(('7. INVESTIMENTO FROTA'!N236:S236*0.2))),0)","v":0},{"$f":"IFERROR(SUMPRODUCT(('7. INVESTIMENTO FROTA'!O$186:T$186>'8. DEPRECIAÇÃO DE FROTA'!T$11-5)*(('7. INVESTIMENTO FROTA'!O236:T236*0.2))),0)","v":0}]
[null,null,5,"05 a 06 ano",null,{"$f":"SUMPRODUCT(('7. INVESTIMENTO FROTA'!$E$186:F$186>'8. DEPRECIAÇÃO DE FROTA'!F$11-5)*(('7. INVESTIMENTO FROTA'!$E237:F237*0.2)))","v":{"v":187501.55000000002,"d":"187,502"}},{"$f":"SUMPRODUCT(('7. INVESTIMENTO FROTA'!$E$186:G$186>'8. DEPRECIAÇÃO DE FROTA'!G$11-5)*(('7. INVESTIMENTO FROTA'!$E237:G237*0.2)))","v":{"v":187501.55000000002,"d":"187,502"}},{"$f":"SUMPRODUCT(('7. INVESTIMENTO FROTA'!$E$186:H$186>'8. DEPRECIAÇÃO DE FROTA'!H$11-5)*(('7. INVESTIMENTO FROTA'!$E237:H237*0.2)))","v":{"v":187501.55000000002,"d":"187,502"}},{"$f":"SUMPRODUCT(('7. INVESTIMENTO FROTA'!$E$186:I$186>'8. DEPRECIAÇÃO DE FROTA'!I$11-5)*(('7. INVESTIMENTO FROTA'!$E237:I237*0.2)))","v":{"v":187501.55000000002,"d":"187,502"}},{"$f":"SUMPRODUCT(('7. INVESTIMENTO FROTA'!$E$186:J$186>'8. DEPRECIAÇÃO DE FROTA'!J$11-5)*(('7. INVESTIMENTO FROTA'!$E237:J237*0.2)))","v":{"v":187501.55000000002,"d":"187,502"}},{"$f":"IFERROR(SUMPRODUCT(('7. INVESTIMENTO FROTA'!F$186:K$186>'8. DEPRECIAÇÃO DE FROTA'!K$11-5)*(('7. INVESTIMENTO FROTA'!F237:K237*0.2))),0)","v":0},{"$f":"IFERROR(SUMPRODUCT(('7. INVESTIMENTO FROTA'!G$186:L$186>'8. DEPRECIAÇÃO DE FROTA'!L$11-5)*(('7. INVESTIMENTO FROTA'!G237:L237*0.2))),0)","v":0},{"$f":"IFERROR(SUMPRODUCT(('7. INVESTIMENTO FROTA'!H$186:M$186>'8. DEPRECIAÇÃO DE FROTA'!M$11-5)*(('7. INVESTIMENTO FROTA'!H237:M237*0.2))),0)","v":0},{"$f":"IFERROR(SUMPRODUCT(('7. INVESTIMENTO FROTA'!I$186:N$186>'8. DEPRECIAÇÃO DE FROTA'!N$11-5)*(('7. INVESTIMENTO FROTA'!I237:N237*0.2))),0)","v":0},{"$f":"IFERROR(SUMPRODUCT(('7. INVESTIMENTO FROTA'!J$186:O$186>'8. DEPRECIAÇÃO DE FROTA'!O$11-5)*(('7. INVESTIMENTO FROTA'!J237:O237*0.2))),0)","v":0},{"$f":"IFERROR(SUMPRODUCT(('7. INVESTIMENTO FROTA'!K$186:P$186>'8. DEPRECIAÇÃO DE FROTA'!P$11-5)*(('7. INVESTIMENTO FROTA'!K237:P237*0.2))),0)","v":0},{"$f":"IFERROR(SUMPRODUCT(('7. INVESTIMENTO FROTA'!L$186:Q$186>'8. DEPRECIAÇÃO DE FROTA'!Q$11-5)*(('7. INVESTIMENTO FROTA'!L237:Q237*0.2))),0)","v":0},{"$f":"IFERROR(SUMPRODUCT(('7. INVESTIMENTO FROTA'!M$186:R$186>'8. DEPRECIAÇÃO DE FROTA'!R$11-5)*(('7. INVESTIMENTO FROTA'!M237:R237*0.2))),0)","v":0},{"$f":"IFERROR(SUMPRODUCT(('7. INVESTIMENTO FROTA'!N$186:S$186>'8. DEPRECIAÇÃO DE FROTA'!S$11-5)*(('7. INVESTIMENTO FROTA'!N237:S237*0.2))),0)","v":0},{"$f":"IFERROR(SUMPRODUCT(('7. INVESTIMENTO FROTA'!O$186:T$186>'8. DEPRECIAÇÃO DE FROTA'!T$11-5)*(('7. INVESTIMENTO FROTA'!O237:T237*0.2))),0)","v":0}]
[null,null,6,"06 a 07 ano",null,{"$f":"SUMPRODUCT(('7. INVESTIMENTO FROTA'!$E$186:F$186>'8. DEPRECIAÇÃO DE FROTA'!F$11-5)*(('7. INVESTIMENTO FROTA'!$E238:F238*0.2)))","v":0},{"$f":"SUMPRODUCT(('7. INVESTIMENTO FROTA'!$E$186:G$186>'8. DEPRECIAÇÃO DE FROTA'!G$11-5)*(('7. INVESTIMENTO FROTA'!$E238:G238*0.2)))","v":0},{"$f":"SUMPRODUCT(('7. INVESTIMENTO FROTA'!$E$186:H$186>'8. DEPRECIAÇÃO DE FROTA'!H$11-5)*(('7. INVESTIMENTO FROTA'!$E238:H238*0.2)))","v":0},{"$f":"SUMPRODUCT(('7. INVESTIMENTO FROTA'!$E$186:I$186>'8. DEPRECIAÇÃO DE FROTA'!I$11-5)*(('7. INVESTIMENTO FROTA'!$E238:I238*0.2)))","v":0},{"$f":"SUMPRODUCT(('7. INVESTIMENTO FROTA'!$E$186:J$186>'8. DEPRECIAÇÃO DE FROTA'!J$11-5)*(('7. INVESTIMENTO FROTA'!$E238:J238*0.2)))","v":0},{"$f":"IFERROR(SUMPRODUCT(('7. INVESTIMENTO FROTA'!F$186:K$186>'8. DEPRECIAÇÃO DE FROTA'!K$11-5)*(('7. INVESTIMENTO FROTA'!F238:K238*0.2))),0)","v":0},{"$f":"IFERROR(SUMPRODUCT(('7. INVESTIMENTO FROTA'!G$186:L$186>'8. DEPRECIAÇÃO DE FROTA'!L$11-5)*(('7. INVESTIMENTO FROTA'!G238:L238*0.2))),0)","v":0},{"$f":"IFERROR(SUMPRODUCT(('7. INVESTIMENTO FROTA'!H$186:M$186>'8. DEPRECIAÇÃO DE FROTA'!M$11-5)*(('7. INVESTIMENTO FROTA'!H238:M238*0.2))),0)","v":0},{"$f":"IFERROR(SUMPRODUCT(('7. INVESTIMENTO FROTA'!I$186:N$186>'8. DEPRECIAÇÃO DE FROTA'!N$11-5)*(('7. INVESTIMENTO FROTA'!I238:N238*0.2))),0)","v":0},{"$f":"IFERROR(SUMPRODUCT(('7. INVESTIMENTO FROTA'!J$186:O$186>'8. DEPRECIAÇÃO DE FROTA'!O$11-5)*(('7. INVESTIMENTO FROTA'!J238:O238*0.2))),0)","v":0},{"$f":"IFERROR(SUMPRODUCT(('7. INVESTIMENTO FROTA'!K$186:P$186>'8. DEPRECIAÇÃO DE FROTA'!P$11-5)*(('7. INVESTIMENTO FROTA'!K238:P238*0.2))),0)","v":0},{"$f":"IFERROR(SUMPRODUCT(('7. INVESTIMENTO FROTA'!L$186:Q$186>'8. DEPRECIAÇÃO DE FROTA'!Q$11-5)*(('7. INVESTIMENTO FROTA'!L238:Q238*0.2))),0)","v":0},{"$f":"IFERROR(SUMPRODUCT(('7. INVESTIMENTO FROTA'!M$186:R$186>'8. DEPRECIAÇÃO DE FROTA'!R$11-5)*(('7. INVESTIMENTO FROTA'!M238:R238*0.2))),0)","v":0},{"$f":"IFERROR(SUMPRODUCT(('7. INVESTIMENTO FROTA'!N$186:S$186>'8. DEPRECIAÇÃO DE FROTA'!S$11-5)*(('7. INVESTIMENTO FROTA'!N238:S238*0.2))),0)","v":0},{"$f":"IFERROR(SUMPRODUCT(('7. INVESTIMENTO FROTA'!O$186:T$186>'8. DEPRECIAÇÃO DE FROTA'!T$11-5)*(('7. INVESTIMENTO FROTA'!O238:T238*0.2))),0)","v":0}]
[null,null,7,"07 a 08 ano",null,{"$f":"SUMPRODUCT(('7. INVESTIMENTO FROTA'!$E$186:F$186>'8. DEPRECIAÇÃO DE FROTA'!F$11-5)*(('7. INVESTIMENTO FROTA'!$E239:F239*0.2)))","v":0},{"$f":"SUMPRODUCT(('7. INVESTIMENTO FROTA'!$E$186:G$186>'8. DEPRECIAÇÃO DE FROTA'!G$11-5)*(('7. INVESTIMENTO FROTA'!$E239:G239*0.2)))","v":0},{"$f":"SUMPRODUCT(('7. INVESTIMENTO FROTA'!$E$186:H$186>'8. DEPRECIAÇÃO DE FROTA'!H$11-5)*(('7. INVESTIMENTO FROTA'!$E239:H239*0.2)))","v":0},{"$f":"SUMPRODUCT(('7. INVESTIMENTO FROTA'!$E$186:I$186>'8. DEPRECIAÇÃO DE FROTA'!I$11-5)*(('7. INVESTIMENTO FROTA'!$E239:I239*0.2)))","v":0},{"$f":"SUMPRODUCT(('7. INVESTIMENTO FROTA'!$E$186:J$186>'8. DEPRECIAÇÃO DE FROTA'!J$11-5)*(('7. INVESTIMENTO FROTA'!$E239:J239*0.2)))","v":0},{"$f":"IFERROR(SUMPRODUCT(('7. INVESTIMENTO FROTA'!F$186:K$186>'8. DEPRECIAÇÃO DE FROTA'!K$11-5)*(('7. INVESTIMENTO FROTA'!F239:K239*0.2))),0)","v":0},{"$f":"IFERROR(SUMPRODUCT(('7. INVESTIMENTO FROTA'!G$186:L$186>'8. DEPRECIAÇÃO DE FROTA'!L$11-5)*(('7. INVESTIMENTO FROTA'!G239:L239*0.2))),0)","v":0},{"$f":"IFERROR(SUMPRODUCT(('7. INVESTIMENTO FROTA'!H$186:M$186>'8. DEPRECIAÇÃO DE FROTA'!M$11-5)*(('7. INVESTIMENTO FROTA'!H239:M239*0.2))),0)","v":0},{"$f":"IFERROR(SUMPRODUCT(('7. INVESTIMENTO FROTA'!I$186:N$186>'8. DEPRECIAÇÃO DE FROTA'!N$11-5)*(('7. INVESTIMENTO FROTA'!I239:N239*0.2))),0)","v":0},{"$f":"IFERROR(SUMPRODUCT(('7. INVESTIMENTO FROTA'!J$186:O$186>'8. DEPRECIAÇÃO DE FROTA'!O$11-5)*(('7. INVESTIMENTO FROTA'!J239:O239*0.2))),0)","v":0},{"$f":"IFERROR(SUMPRODUCT(('7. INVESTIMENTO FROTA'!K$186:P$186>'8. DEPRECIAÇÃO DE FROTA'!P$11-5)*(('7. INVESTIMENTO FROTA'!K239:P239*0.2))),0)","v":0},{"$f":"IFERROR(SUMPRODUCT(('7. INVESTIMENTO FROTA'!L$186:Q$186>'8. DEPRECIAÇÃO DE FROTA'!Q$11-5)*(('7. INVESTIMENTO FROTA'!L239:Q239*0.2))),0)","v":0},{"$f":"IFERROR(SUMPRODUCT(('7. INVESTIMENTO FROTA'!M$186:R$186>'8. DEPRECIAÇÃO DE FROTA'!R$11-5)*(('7. INVESTIMENTO FROTA'!M239:R239*0.2))),0)","v":0},{"$f":"IFERROR(SUMPRODUCT(('7. INVESTIMENTO FROTA'!N$186:S$186>'8. DEPRECIAÇÃO DE FROTA'!S$11-5)*(('7. INVESTIMENTO FROTA'!N239:S239*0.2))),0)","v":0},{"$f":"IFERROR(SUMPRODUCT(('7. INVESTIMENTO FROTA'!O$186:T$186>'8. DEPRECIAÇÃO DE FROTA'!T$11-5)*(('7. INVESTIMENTO FROTA'!O239:T239*0.2))),0)","v":0}]
[null,null,8,"08 a 09 ano",null,{"$f":"SUMPRODUCT(('7. INVESTIMENTO FROTA'!$E$186:F$186>'8. DEPRECIAÇÃO DE FROTA'!F$11-5)*(('7. INVESTIMENTO FROTA'!$E240:F240*0.2)))","v":0},{"$f":"SUMPRODUCT(('7. INVESTIMENTO FROTA'!$E$186:G$186>'8. DEPRECIAÇÃO DE FROTA'!G$11-5)*(('7. INVESTIMENTO FROTA'!$E240:G240*0.2)))","v":0},{"$f":"SUMPRODUCT(('7. INVESTIMENTO FROTA'!$E$186:H$186>'8. DEPRECIAÇÃO DE FROTA'!H$11-5)*(('7. INVESTIMENTO FROTA'!$E240:H240*0.2)))","v":0},{"$f":"SUMPRODUCT(('7. INVESTIMENTO FROTA'!$E$186:I$186>'8. DEPRECIAÇÃO DE FROTA'!I$11-5)*(('7. INVESTIMENTO FROTA'!$E240:I240*0.2)))","v":0},{"$f":"SUMPRODUCT(('7. INVESTIMENTO FROTA'!$E$186:J$186>'8. DEPRECIAÇÃO DE FROTA'!J$11-5)*(('7. INVESTIMENTO FROTA'!$E240:J240*0.2)))","v":0},{"$f":"IFERROR(SUMPRODUCT(('7. INVESTIMENTO FROTA'!F$186:K$186>'8. DEPRECIAÇÃO DE FROTA'!K$11-5)*(('7. INVESTIMENTO FROTA'!F240:K240*0.2))),0)","v":0},{"$f":"IFERROR(SUMPRODUCT(('7. INVESTIMENTO FROTA'!G$186:L$186>'8. DEPRECIAÇÃO DE FROTA'!L$11-5)*(('7. INVESTIMENTO FROTA'!G240:L240*0.2))),0)","v":0},{"$f":"IFERROR(SUMPRODUCT(('7. INVESTIMENTO FROTA'!H$186:M$186>'8. DEPRECIAÇÃO DE FROTA'!M$11-5)*(('7. INVESTIMENTO FROTA'!H240:M240*0.2))),0)","v":0},{"$f":"IFERROR(SUMPRODUCT(('7. INVESTIMENTO FROTA'!I$186:N$186>'8. DEPRECIAÇÃO DE FROTA'!N$11-5)*(('7. INVESTIMENTO FROTA'!I240:N240*0.2))),0)","v":0},{"$f":"IFERROR(SUMPRODUCT(('7. INVESTIMENTO FROTA'!J$186:O$186>'8. DEPRECIAÇÃO DE FROTA'!O$11-5)*(('7. INVESTIMENTO FROTA'!J240:O240*0.2))),0)","v":0},{"$f":"IFERROR(SUMPRODUCT(('7. INVESTIMENTO FROTA'!K$186:P$186>'8. DEPRECIAÇÃO DE FROTA'!P$11-5)*(('7. INVESTIMENTO FROTA'!K240:P240*0.2))),0)","v":0},{"$f":"IFERROR(SUMPRODUCT(('7. INVESTIMENTO FROTA'!L$186:Q$186>'8. DEPRECIAÇÃO DE FROTA'!Q$11-5)*(('7. INVESTIMENTO FROTA'!L240:Q240*0.2))),0)","v":0},{"$f":"IFERROR(SUMPRODUCT(('7. INVESTIMENTO FROTA'!M$186:R$186>'8. DEPRECIAÇÃO DE FROTA'!R$11-5)*(('7. INVESTIMENTO FROTA'!M240:R240*0.2))),0)","v":0},{"$f":"IFERROR(SUMPRODUCT(('7. INVESTIMENTO FROTA'!N$186:S$186>'8. DEPRECIAÇÃO DE FROTA'!S$11-5)*(('7. INVESTIMENTO FROTA'!N240:S240*0.2))),0)","v":0},{"$f":"IFERROR(SUMPRODUCT(('7. INVESTIMENTO FROTA'!O$186:T$186>'8. DEPRECIAÇÃO DE FROTA'!T$11-5)*(('7. INVESTIMENTO FROTA'!O240:T240*0.2))),0)","v":0}]
[null,null,9,"09 a 10 ano",null,{"$f":"SUMPRODUCT(('7. INVESTIMENTO FROTA'!$E$186:F$186>'8. DEPRECIAÇÃO DE FROTA'!F$11-5)*(('7. INVESTIMENTO FROTA'!$E241:F241*0.2)))","v":0},{"$f":"SUMPRODUCT(('7. INVESTIMENTO FROTA'!$E$186:G$186>'8. DEPRECIAÇÃO DE FROTA'!G$11-5)*(('7. INVESTIMENTO FROTA'!$E241:G241*0.2)))","v":0},{"$f":"SUMPRODUCT(('7. INVESTIMENTO FROTA'!$E$186:H$186>'8. DEPRECIAÇÃO DE FROTA'!H$11-5)*(('7. INVESTIMENTO FROTA'!$E241:H241*0.2)))","v":0},{"$f":"SUMPRODUCT(('7. INVESTIMENTO FROTA'!$E$186:I$186>'8. DEPRECIAÇÃO DE FROTA'!I$11-5)*(('7. INVESTIMENTO FROTA'!$E241:I241*0.2)))","v":0},{"$f":"SUMPRODUCT(('7. INVESTIMENTO FROTA'!$E$186:J$186>'8. DEPRECIAÇÃO DE FROTA'!J$11-5)*(('7. INVESTIMENTO FROTA'!$E241:J241*0.2)))","v":0},{"$f":"IFERROR(SUMPRODUCT(('7. INVESTIMENTO FROTA'!F$186:K$186>'8. DEPRECIAÇÃO DE FROTA'!K$11-5)*(('7. INVESTIMENTO FROTA'!F241:K241*0.2))),0)","v":0},{"$f":"IFERROR(SUMPRODUCT(('7. INVESTIMENTO FROTA'!G$186:L$186>'8. DEPRECIAÇÃO DE FROTA'!L$11-5)*(('7. INVESTIMENTO FROTA'!G241:L241*0.2))),0)","v":0},{"$f":"IFERROR(SUMPRODUCT(('7. INVESTIMENTO FROTA'!H$186:M$186>'8. DEPRECIAÇÃO DE FROTA'!M$11-5)*(('7. INVESTIMENTO FROTA'!H241:M241*0.2))),0)","v":0},{"$f":"IFERROR(SUMPRODUCT(('7. INVESTIMENTO FROTA'!I$186:N$186>'8. DEPRECIAÇÃO DE FROTA'!N$11-5)*(('7. INVESTIMENTO FROTA'!I241:N241*0.2))),0)","v":0},{"$f":"IFERROR(SUMPRODUCT(('7. INVESTIMENTO FROTA'!J$186:O$186>'8. DEPRECIAÇÃO DE FROTA'!O$11-5)*(('7. INVESTIMENTO FROTA'!J241:O241*0.2))),0)","v":0},{"$f":"IFERROR(SUMPRODUCT(('7. INVESTIMENTO FROTA'!K$186:P$186>'8. DEPRECIAÇÃO DE FROTA'!P$11-5)*(('7. INVESTIMENTO FROTA'!K241:P241*0.2))),0)","v":0},{"$f":"IFERROR(SUMPRODUCT(('7. INVESTIMENTO FROTA'!L$186:Q$186>'8. DEPRECIAÇÃO DE FROTA'!Q$11-5)*(('7. INVESTIMENTO FROTA'!L241:Q241*0.2))),0)","v":0},{"$f":"IFERROR(SUMPRODUCT(('7. INVESTIMENTO FROTA'!M$186:R$186>'8. DEPRECIAÇÃO DE FROTA'!R$11-5)*(('7. INVESTIMENTO FROTA'!M241:R241*0.2))),0)","v":0},{"$f":"IFERROR(SUMPRODUCT(('7. INVESTIMENTO FROTA'!N$186:S$186>'8. DEPRECIAÇÃO DE FROTA'!S$11-5)*(('7. INVESTIMENTO FROTA'!N241:S241*0.2))),0)","v":0},{"$f":"IFERROR(SUMPRODUCT(('7. INVESTIMENTO FROTA'!O$186:T$186>'8. DEPRECIAÇÃO DE FROTA'!T$11-5)*(('7. INVESTIMENTO FROTA'!O241:T241*0.2))),0)","v":0}]
[null,null,10,"+10 anos",null,{"$f":"SUMPRODUCT(('7. INVESTIMENTO FROTA'!$E$186:F$186>'8. DEPRECIAÇÃO DE FROTA'!F$11-5)*(('7. INVESTIMENTO FROTA'!$E242:F242*0.2)))","v":0},{"$f":"SUMPRODUCT(('7. INVESTIMENTO FROTA'!$E$186:G$186>'8. DEPRECIAÇÃO DE FROTA'!G$11-5)*(('7. INVESTIMENTO FROTA'!$E242:G242*0.2)))","v":0},{"$f":"SUMPRODUCT(('7. INVESTIMENTO FROTA'!$E$186:H$186>'8. DEPRECIAÇÃO DE FROTA'!H$11-5)*(('7. INVESTIMENTO FROTA'!$E242:H242*0.2)))","v":0},{"$f":"SUMPRODUCT(('7. INVESTIMENTO FROTA'!$E$186:I$186>'8. DEPRECIAÇÃO DE FROTA'!I$11-5)*(('7. INVESTIMENTO FROTA'!$E242:I242*0.2)))","v":0},{"$f":"SUMPRODUCT(('7. INVESTIMENTO FROTA'!$E$186:J$186>'8. DEPRECIAÇÃO DE FROTA'!J$11-5)*(('7. INVESTIMENTO FROTA'!$E242:J242*0.2)))","v":0},{"$f":"IFERROR(SUMPRODUCT(('7. INVESTIMENTO FROTA'!F$186:K$186>'8. DEPRECIAÇÃO DE FROTA'!K$11-5)*(('7. INVESTIMENTO FROTA'!F242:K242*0.2))),0)","v":0},{"$f":"IFERROR(SUMPRODUCT(('7. INVESTIMENTO FROTA'!G$186:L$186>'8. DEPRECIAÇÃO DE FROTA'!L$11-5)*(('7. INVESTIMENTO FROTA'!G242:L242*0.2))),0)","v":0},{"$f":"IFERROR(SUMPRODUCT(('7. INVESTIMENTO FROTA'!H$186:M$186>'8. DEPRECIAÇÃO DE FROTA'!M$11-5)*(('7. INVESTIMENTO FROTA'!H242:M242*0.2))),0)","v":0},{"$f":"IFERROR(SUMPRODUCT(('7. INVESTIMENTO FROTA'!I$186:N$186>'8. DEPRECIAÇÃO DE FROTA'!N$11-5)*(('7. INVESTIMENTO FROTA'!I242:N242*0.2))),0)","v":0},{"$f":"IFERROR(SUMPRODUCT(('7. INVESTIMENTO FROTA'!J$186:O$186>'8. DEPRECIAÇÃO DE FROTA'!O$11-5)*(('7. INVESTIMENTO FROTA'!J242:O242*0.2))),0)","v":0},{"$f":"IFERROR(SUMPRODUCT(('7. INVESTIMENTO FROTA'!K$186:P$186>'8. DEPRECIAÇÃO DE FROTA'!P$11-5)*(('7. INVESTIMENTO FROTA'!K242:P242*0.2))),0)","v":0},{"$f":"IFERROR(SUMPRODUCT(('7. INVESTIMENTO FROTA'!L$186:Q$186>'8. DEPRECIAÇÃO DE FROTA'!Q$11-5)*(('7. INVESTIMENTO FROTA'!L242:Q242*0.2))),0)","v":0},{"$f":"IFERROR(SUMPRODUCT(('7. INVESTIMENTO FROTA'!M$186:R$186>'8. DEPRECIAÇÃO DE FROTA'!R$11-5)*(('7. INVESTIMENTO FROTA'!M242:R242*0.2))),0)","v":0},{"$f":"IFERROR(SUMPRODUCT(('7. INVESTIMENTO FROTA'!N$186:S$186>'8. DEPRECIAÇÃO DE FROTA'!S$11-5)*(('7. INVESTIMENTO FROTA'!N242:S242*0.2))),0)","v":0},{"$f":"IFERROR(SUMPRODUCT(('7. INVESTIMENTO FROTA'!O$186:T$186>'8. DEPRECIAÇÃO DE FROTA'!T$11-5)*(('7. INVESTIMENTO FROTA'!O242:T242*0.2))),0)","v":0}]
[null,null,"Total Veículos",null,{"$f":"SUM(E28:E38)","v":0},{"v":187501.55000000002,"d":"187,502"},{"v":412503.41000000003,"d":"412,503"},{"v":562504.65,"d":"562,505"},{"v":712505.89,"d":"712,506"},{"v":937507.75,"d":"937,508"},{"v":750006.2,"d":"750,006"},{"v":525004.34,"d":"525,004"},{"v":375003.1,"d":"375,003"},{"v":300002.48,"d":"300,002"},{"v":150001.24,"d":"150,001"},{"v":375003.1,"d":"375,003"},{"v":525004.34,"d":"525,004"},{"v":750006.2,"d":"750,006"},{"v":675005.58,"d":"675,006"},{"v":600004.96,"d":"600,005"}]
[]
[3,null,{"$f":"\"8.3 - \"&VLOOKUP(A41,TIPOLOGIA!$D$10:$E$12,2,0)","v":"8.3 - -"}]
[]
[null,null,"DEPRECIAÇÃO",null,"Pré-Operacional",1,{"$f":"+F43+1","v":2},3,4,5,6,7,8,9,10,11,12,13,14,15]
[null,null,0,"00 a 01 ano",null,{"$f":"SUMPRODUCT(('7. INVESTIMENTO FROTA'!$E$246:F$246>F$43-5)*(('7. INVESTIMENTO FROTA'!$E262:F262*0.2)))","v":0},{"$f":"SUMPRODUCT(('7. INVESTIMENTO FROTA'!$E$246:G$246>G$43-5)*(('7. INVESTIMENTO FROTA'!$E262:G262*0.2)))","v":0},{"$f":"SUMPRODUCT(('7. INVESTIMENTO FROTA'!$E$246:H$246>H$43-5)*(('7. INVESTIMENTO FROTA'!$E262:H262*0.2)))","v":0},{"$f":"SUMPRODUCT(('7. INVESTIMENTO FROTA'!$E$246:I$246>I$43-5)*(('7. INVESTIMENTO FROTA'!$E262:I262*0.2)))","v":0},{"$f":"SUMPRODUCT(('7. INVESTIMENTO FROTA'!$E$246:J$246>J$43-5)*(('7. INVESTIMENTO FROTA'!$E262:J262*0.2)))","v":0},{"$f":"IFERROR(SUMPRODUCT(('7. INVESTIMENTO FROTA'!F$186:K$186>'8. DEPRECIAÇÃO DE FROTA'!K$11-5)*(('7. INVESTIMENTO FROTA'!F262:K262*0.2))),0)","v":0},{"$f":"IFERROR(SUMPRODUCT(('7. INVESTIMENTO FROTA'!G$186:L$186>'8. DEPRECIAÇÃO DE FROTA'!L$11-5)*(('7. INVESTIMENTO FROTA'!G262:L262*0.2))),0)","v":0},{"$f":"IFERROR(SUMPRODUCT(('7. INVESTIMENTO FROTA'!H$186:M$186>'8. DEPRECIAÇÃO DE FROTA'!M$11-5)*(('7. INVESTIMENTO FROTA'!H262:M262*0.2))),0)","v":0},{"$f":"IFERROR(SUMPRODUCT(('7. INVESTIMENTO FROTA'!I$186:N$186>'8. DEPRECIAÇÃO DE FROTA'!N$11-5)*(('7. INVESTIMENTO FROTA'!I262:N262*0.2))),0)","v":0},{"$f":"IFERROR(SUMPRODUCT(('7. INVESTIMENTO FROTA'!J$186:O$186>'8. DEPRECIAÇÃO DE FROTA'!O$11-5)*(('7. INVESTIMENTO FROTA'!J262:O262*0.2))),0)","v":0},{"$f":"IFERROR(SUMPRODUCT(('7. INVESTIMENTO FROTA'!K$186:P$186>'8. DEPRECIAÇÃO DE FROTA'!P$11-5)*(('7. INVESTIMENTO FROTA'!K262:P262*0.2))),0)","v":0},{"$f":"IFERROR(SUMPRODUCT(('7. INVESTIMENTO FROTA'!L$186:Q$186>'8. DEPRECIAÇÃO DE FROTA'!Q$11-5)*(('7. INVESTIMENTO FROTA'!L262:Q262*0.2))),0)","v":0},{"$f":"IFERROR(SUMPRODUCT(('7. INVESTIMENTO FROTA'!M$186:R$186>'8. DEPRECIAÇÃO DE FROTA'!R$11-5)*(('7. INVESTIMENTO FROTA'!M262:R262*0.2))),0)","v":0},{"$f":"IFERROR(SUMPRODUCT(('7. INVESTIMENTO FROTA'!N$186:S$186>'8. DEPRECIAÇÃO DE FROTA'!S$11-5)*(('7. INVESTIMENTO FROTA'!N262:S262*0.2))),0)","v":0},{"$f":"IFERROR(SUMPRODUCT(('7. INVESTIMENTO FROTA'!O$186:T$186>'8. DEPRECIAÇÃO DE FROTA'!T$11-5)*(('7. INVESTIMENTO FROTA'!O262:T262*0.2))),0)","v":0}]
[null,null,1,"01 a 02 ano",null,{"$f":"SUMPRODUCT(('7. INVESTIMENTO FROTA'!$E$246:F$246>F$43-5)*(('7. INVESTIMENTO FROTA'!$E263:F263*0.2)))","v":0},{"$f":"SUMPRODUCT(('7. INVESTIMENTO FROTA'!$E$246:G$246>G$43-5)*(('7. INVESTIMENTO FROTA'!$E263:G263*0.2)))","v":0},{"$f":"SUMPRODUCT(('7. INVESTIMENTO FROTA'!$E$246:H$246>H$43-5)*(('7. INVESTIMENTO FROTA'!$E263:H263*0.2)))","v":0},{"$f":"SUMPRODUCT(('7. INVESTIMENTO FROTA'!$E$246:I$246>I$43-5)*(('7. INVESTIMENTO FROTA'!$E263:I263*0.2)))","v":0},{"$f":"SUMPRODUCT(('7. INVESTIMENTO FROTA'!$E$246:J$246>J$43-5)*(('7. INVESTIMENTO FROTA'!$E263:J263*0.2)))","v":0},{"$f":"IFERROR(SUMPRODUCT(('7. INVESTIMENTO FROTA'!F$186:K$186>'8. DEPRECIAÇÃO DE FROTA'!K$11-5)*(('7. INVESTIMENTO FROTA'!F263:K263*0.2))),0)","v":0},{"$f":"IFERROR(SUMPRODUCT(('7. INVESTIMENTO FROTA'!G$186:L$186>'8. DEPRECIAÇÃO DE FROTA'!L$11-5)*(('7. INVESTIMENTO FROTA'!G263:L263*0.2))),0)","v":0},{"$f":"IFERROR(SUMPRODUCT(('7. INVESTIMENTO FROTA'!H$186:M$186>'8. DEPRECIAÇÃO DE FROTA'!M$11-5)*(('7. INVESTIMENTO FROTA'!H263:M263*0.2))),0)","v":0},{"$f":"IFERROR(SUMPRODUCT(('7. INVESTIMENTO FROTA'!I$186:N$186>'8. DEPRECIAÇÃO DE FROTA'!N$11-5)*(('7. INVESTIMENTO FROTA'!I263:N263*0.2))),0)","v":0},{"$f":"IFERROR(SUMPRODUCT(('7. INVESTIMENTO FROTA'!J$186:O$186>'8. DEPRECIAÇÃO DE FROTA'!O$11-5)*(('7. INVESTIMENTO FROTA'!J263:O263*0.2))),0)","v":0},{"$f":"IFERROR(SUMPRODUCT(('7. INVESTIMENTO FROTA'!K$186:P$186>'8. DEPRECIAÇÃO DE FROTA'!P$11-5)*(('7. INVESTIMENTO FROTA'!K263:P263*0.2))),0)","v":0},{"$f":"IFERROR(SUMPRODUCT(('7. INVESTIMENTO FROTA'!L$186:Q$186>'8. DEPRECIAÇÃO DE FROTA'!Q$11-5)*(('7. INVESTIMENTO FROTA'!L263:Q263*0.2))),0)","v":0},{"$f":"IFERROR(SUMPRODUCT(('7. INVESTIMENTO FROTA'!M$186:R$186>'8. DEPRECIAÇÃO DE FROTA'!R$11-5)*(('7. INVESTIMENTO FROTA'!M263:R263*0.2))),0)","v":0},{"$f":"IFERROR(SUMPRODUCT(('7. INVESTIMENTO FROTA'!N$186:S$186>'8. DEPRECIAÇÃO DE FROTA'!S$11-5)*(('7. INVESTIMENTO FROTA'!N263:S263*0.2))),0)","v":0},{"$f":"IFERROR(SUMPRODUCT(('7. INVESTIMENTO FROTA'!O$186:T$186>'8. DEPRECIAÇÃO DE FROTA'!T$11-5)*(('7. INVESTIMENTO FROTA'!O263:T263*0.2))),0)","v":0}]
[null,null,2,"02 a 03 ano",null,{"$f":"SUMPRODUCT(('7. INVESTIMENTO FROTA'!$E$246:F$246>F$43-5)*(('7. INVESTIMENTO FROTA'!$E264:F264*0.2)))","v":0},{"$f":"SUMPRODUCT(('7. INVESTIMENTO FROTA'!$E$246:G$246>G$43-5)*(('7. INVESTIMENTO FROTA'!$E264:G264*0.2)))","v":0},{"$f":"SUMPRODUCT(('7. INVESTIMENTO FROTA'!$E$246:H$246>H$43-5)*(('7. INVESTIMENTO FROTA'!$E264:H264*0.2)))","v":0},{"$f":"SUMPRODUCT(('7. INVESTIMENTO FROTA'!$E$246:I$246>I$43-5)*(('7. INVESTIMENTO FROTA'!$E264:I264*0.2)))","v":0},{"$f":"SUMPRODUCT(('7. INVESTIMENTO FROTA'!$E$246:J$246>J$43-5)*(('7. INVESTIMENTO FROTA'!$E264:J264*0.2)))","v":0},{"$f":"IFERROR(SUMPRODUCT(('7. INVESTIMENTO FROTA'!F$186:K$186>'8. DEPRECIAÇÃO DE FROTA'!K$11-5)*(('7. INVESTIMENTO FROTA'!F264:K264*0.2))),0)","v":0},{"$f":"IFERROR(SUMPRODUCT(('7. INVESTIMENTO FROTA'!G$186:L$186>'8. DEPRECIAÇÃO DE FROTA'!L$11-5)*(('7. INVESTIMENTO FROTA'!G264:L264*0.2))),0)","v":0},{"$f":"IFERROR(SUMPRODUCT(('7. INVESTIMENTO FROTA'!H$186:M$186>'8. DEPRECIAÇÃO DE FROTA'!M$11-5)*(('7. INVESTIMENTO FROTA'!H264:M264*0.2))),0)","v":0},{"$f":"IFERROR(SUMPRODUCT(('7. INVESTIMENTO FROTA'!I$186:N$186>'8. DEPRECIAÇÃO DE FROTA'!N$11-5)*(('7. INVESTIMENTO FROTA'!I264:N264*0.2))),0)","v":0},{"$f":"IFERROR(SUMPRODUCT(('7. INVESTIMENTO FROTA'!J$186:O$186>'8. DEPRECIAÇÃO DE FROTA'!O$11-5)*(('7. INVESTIMENTO FROTA'!J264:O264*0.2))),0)","v":0},{"$f":"IFERROR(SUMPRODUCT(('7. INVESTIMENTO FROTA'!K$186:P$186>'8. DEPRECIAÇÃO DE FROTA'!P$11-5)*(('7. INVESTIMENTO FROTA'!K264:P264*0.2))),0)","v":0},{"$f":"IFERROR(SUMPRODUCT(('7. INVESTIMENTO FROTA'!L$186:Q$186>'8. DEPRECIAÇÃO DE FROTA'!Q$11-5)*(('7. INVESTIMENTO FROTA'!L264:Q264*0.2))),0)","v":0},{"$f":"IFERROR(SUMPRODUCT(('7. INVESTIMENTO FROTA'!M$186:R$186>'8. DEPRECIAÇÃO DE FROTA'!R$11-5)*(('7. INVESTIMENTO FROTA'!M264:R264*0.2))),0)","v":0},{"$f":"IFERROR(SUMPRODUCT(('7. INVESTIMENTO FROTA'!N$186:S$186>'8. DEPRECIAÇÃO DE FROTA'!S$11-5)*(('7. INVESTIMENTO FROTA'!N264:S264*0.2))),0)","v":0},{"$f":"IFERROR(SUMPRODUCT(('7. INVESTIMENTO FROTA'!O$186:T$186>'8. DEPRECIAÇÃO DE FROTA'!T$11-5)*(('7. INVESTIMENTO FROTA'!O264:T264*0.2))),0)","v":0}]
[null,null,3,"03 a 04 ano",null,{"$f":"SUMPRODUCT(('7. INVESTIMENTO FROTA'!$E$246:F$246>F$43-5)*(('7. INVESTIMENTO FROTA'!$E265:F265*0.2)))","v":0},{"$f":"SUMPRODUCT(('7. INVESTIMENTO FROTA'!$E$246:G$246>G$43-5)*(('7. INVESTIMENTO FROTA'!$E265:G265*0.2)))","v":0},{"$f":"SUMPRODUCT(('7. INVESTIMENTO FROTA'!$E$246:H$246>H$43-5)*(('7. INVESTIMENTO FROTA'!$E265:H265*0.2)))","v":0},{"$f":"SUMPRODUCT(('7. INVESTIMENTO FROTA'!$E$246:I$246>I$43-5)*(('7. INVESTIMENTO FROTA'!$E265:I265*0.2)))","v":0},{"$f":"SUMPRODUCT(('7. INVESTIMENTO FROTA'!$E$246:J$246>J$43-5)*(('7. INVESTIMENTO FROTA'!$E265:J265*0.2)))","v":0},{"$f":"IFERROR(SUMPRODUCT(('7. INVESTIMENTO FROTA'!F$186:K$186>'8. DEPRECIAÇÃO DE FROTA'!K$11-5)*(('7. INVESTIMENTO FROTA'!F265:K265*0.2))),0)","v":0},{"$f":"IFERROR(SUMPRODUCT(('7. INVESTIMENTO FROTA'!G$186:L$186>'8. DEPRECIAÇÃO DE FROTA'!L$11-5)*(('7. INVESTIMENTO FROTA'!G265:L265*0.2))),0)","v":0},{"$f":"IFERROR(SUMPRODUCT(('7. INVESTIMENTO FROTA'!H$186:M$186>'8. DEPRECIAÇÃO DE FROTA'!M$11-5)*(('7. INVESTIMENTO FROTA'!H265:M265*0.2))),0)","v":0},{"$f":"IFERROR(SUMPRODUCT(('7. INVESTIMENTO FROTA'!I$186:N$186>'8. DEPRECIAÇÃO DE FROTA'!N$11-5)*(('7. INVESTIMENTO FROTA'!I265:N265*0.2))),0)","v":0},{"$f":"IFERROR(SUMPRODUCT(('7. INVESTIMENTO FROTA'!J$186:O$186>'8. DEPRECIAÇÃO DE FROTA'!O$11-5)*(('7. INVESTIMENTO FROTA'!J265:O265*0.2))),0)","v":0},{"$f":"IFERROR(SUMPRODUCT(('7. INVESTIMENTO FROTA'!K$186:P$186>'8. DEPRECIAÇÃO DE FROTA'!P$11-5)*(('7. INVESTIMENTO FROTA'!K265:P265*0.2))),0)","v":0},{"$f":"IFERROR(SUMPRODUCT(('7. INVESTIMENTO FROTA'!L$186:Q$186>'8. DEPRECIAÇÃO DE FROTA'!Q$11-5)*(('7. INVESTIMENTO FROTA'!L265:Q265*0.2))),0)","v":0},{"$f":"IFERROR(SUMPRODUCT(('7. INVESTIMENTO FROTA'!M$186:R$186>'8. DEPRECIAÇÃO DE FROTA'!R$11-5)*(('7. INVESTIMENTO FROTA'!M265:R265*0.2))),0)","v":0},{"$f":"IFERROR(SUMPRODUCT(('7. INVESTIMENTO FROTA'!N$186:S$186>'8. DEPRECIAÇÃO DE FROTA'!S$11-5)*(('7. INVESTIMENTO FROTA'!N265:S265*0.2))),0)","v":0},{"$f":"IFERROR(SUMPRODUCT(('7. INVESTIMENTO FROTA'!O$186:T$186>'8. DEPRECIAÇÃO DE FROTA'!T$11-5)*(('7. INVESTIMENTO FROTA'!O265:T265*0.2))),0)","v":0}]
[null,null,4,"04 a 05 ano",null,{"$f":"SUMPRODUCT(('7. INVESTIMENTO FROTA'!$E$246:F$246>F$43-5)*(('7. INVESTIMENTO FROTA'!$E266:F266*0.2)))","v":0},{"$f":"SUMPRODUCT(('7. INVESTIMENTO FROTA'!$E$246:G$246>G$43-5)*(('7. INVESTIMENTO FROTA'!$E266:G266*0.2)))","v":0},{"$f":"SUMPRODUCT(('7. INVESTIMENTO FROTA'!$E$246:H$246>H$43-5)*(('7. INVESTIMENTO FROTA'!$E266:H266*0.2)))","v":0},{"$f":"SUMPRODUCT(('7. INVESTIMENTO FROTA'!$E$246:I$246>I$43-5)*(('7. INVESTIMENTO FROTA'!$E266:I266*0.2)))","v":0},{"$f":"SUMPRODUCT(('7. INVESTIMENTO FROTA'!$E$246:J$246>J$43-5)*(('7. INVESTIMENTO FROTA'!$E266:J266*0.2)))","v":0},{"$f":"IFERROR(SUMPRODUCT(('7. INVESTIMENTO FROTA'!F$186:K$186>'8. DEPRECIAÇÃO DE FROTA'!K$11-5)*(('7. INVESTIMENTO FROTA'!F266:K266*0.2))),0)","v":0},{"$f":"IFERROR(SUMPRODUCT(('7. INVESTIMENTO FROTA'!G$186:L$186>'8. DEPRECIAÇÃO DE FROTA'!L$11-5)*(('7. INVESTIMENTO FROTA'!G266:L266*0.2))),0)","v":0},{"$f":"IFERROR(SUMPRODUCT(('7. INVESTIMENTO FROTA'!H$186:M$186>'8. DEPRECIAÇÃO DE FROTA'!M$11-5)*(('7. INVESTIMENTO FROTA'!H266:M266*0.2))),0)","v":0},{"$f":"IFERROR(SUMPRODUCT(('7. INVESTIMENTO FROTA'!I$186:N$186>'8. DEPRECIAÇÃO DE FROTA'!N$11-5)*(('7. INVESTIMENTO FROTA'!I266:N266*0.2))),0)","v":0},{"$f":"IFERROR(SUMPRODUCT(('7. INVESTIMENTO FROTA'!J$186:O$186>'8. DEPRECIAÇÃO DE FROTA'!O$11-5)*(('7. INVESTIMENTO FROTA'!J266:O266*0.2))),0)","v":0},{"$f":"IFERROR(SUMPRODUCT(('7. INVESTIMENTO FROTA'!K$186:P$186>'8. DEPRECIAÇÃO DE FROTA'!P$11-5)*(('7. INVESTIMENTO FROTA'!K266:P266*0.2))),0)","v":0},{"$f":"IFERROR(SUMPRODUCT(('7. INVESTIMENTO FROTA'!L$186:Q$186>'8. DEPRECIAÇÃO DE FROTA'!Q$11-5)*(('7. INVESTIMENTO FROTA'!L266:Q266*0.2))),0)","v":0},{"$f":"IFERROR(SUMPRODUCT(('7. INVESTIMENTO FROTA'!M$186:R$186>'8. DEPRECIAÇÃO DE FROTA'!R$11-5)*(('7. INVESTIMENTO FROTA'!M266:R266*0.2))),0)","v":0},{"$f":"IFERROR(SUMPRODUCT(('7. INVESTIMENTO FROTA'!N$186:S$186>'8. DEPRECIAÇÃO DE FROTA'!S$11-5)*(('7. INVESTIMENTO FROTA'!N266:S266*0.2))),0)","v":0},{"$f":"IFERROR(SUMPRODUCT(('7. INVESTIMENTO FROTA'!O$186:T$186>'8. DEPRECIAÇÃO DE FROTA'!T$11-5)*(('7. INVESTIMENTO FROTA'!O266:T266*0.2))),0)","v":0}]
[null,null,5,"05 a 06 ano",null,{"$f":"SUMPRODUCT(('7. INVESTIMENTO FROTA'!$E$246:F$246>F$43-5)*(('7. INVESTIMENTO FROTA'!$E267:F267*0.2)))","v":0},{"$f":"SUMPRODUCT(('7. INVESTIMENTO FROTA'!$E$246:G$246>G$43-5)*(('7. INVESTIMENTO FROTA'!$E267:G267*0.2)))","v":0},{"$f":"SUMPRODUCT(('7. INVESTIMENTO FROTA'!$E$246:H$246>H$43-5)*(('7. INVESTIMENTO FROTA'!$E267:H267*0.2)))","v":0},{"$f":"SUMPRODUCT(('7. INVESTIMENTO FROTA'!$E$246:I$246>I$43-5)*(('7. INVESTIMENTO FROTA'!$E267:I267*0.2)))","v":0},{"$f":"SUMPRODUCT(('7. INVESTIMENTO FROTA'!$E$246:J$246>J$43-5)*(('7. INVESTIMENTO FROTA'!$E267:J267*0.2)))","v":0},{"$f":"IFERROR(SUMPRODUCT(('7. INVESTIMENTO FROTA'!F$186:K$186>'8. DEPRECIAÇÃO DE FROTA'!K$11-5)*(('7. INVESTIMENTO FROTA'!F267:K267*0.2))),0)","v":0},{"$f":"IFERROR(SUMPRODUCT(('7. INVESTIMENTO FROTA'!G$186:L$186>'8. DEPRECIAÇÃO DE FROTA'!L$11-5)*(('7. INVESTIMENTO FROTA'!G267:L267*0.2))),0)","v":0},{"$f":"IFERROR(SUMPRODUCT(('7. INVESTIMENTO FROTA'!H$186:M$186>'8. DEPRECIAÇÃO DE FROTA'!M$11-5)*(('7. INVESTIMENTO FROTA'!H267:M267*0.2))),0)","v":0},{"$f":"IFERROR(SUMPRODUCT(('7. INVESTIMENTO FROTA'!I$186:N$186>'8. DEPRECIAÇÃO DE FROTA'!N$11-5)*(('7. INVESTIMENTO FROTA'!I267:N267*0.2))),0)","v":0},{"$f":"IFERROR(SUMPRODUCT(('7. INVESTIMENTO FROTA'!J$186:O$186>'8. DEPRECIAÇÃO DE FROTA'!O$11-5)*(('7. INVESTIMENTO FROTA'!J267:O267*0.2))),0)","v":0},{"$f":"IFERROR(SUMPRODUCT(('7. INVESTIMENTO FROTA'!K$186:P$186>'8. DEPRECIAÇÃO DE FROTA'!P$11-5)*(('7. INVESTIMENTO FROTA'!K267:P267*0.2))),0)","v":0},{"$f":"IFERROR(SUMPRODUCT(('7. INVESTIMENTO FROTA'!L$186:Q$186>'8. DEPRECIAÇÃO DE FROTA'!Q$11-5)*(('7. INVESTIMENTO FROTA'!L267:Q267*0.2))),0)","v":0},{"$f":"IFERROR(SUMPRODUCT(('7. INVESTIMENTO FROTA'!M$186:R$186>'8. DEPRECIAÇÃO DE FROTA'!R$11-5)*(('7. INVESTIMENTO FROTA'!M267:R267*0.2))),0)","v":0},{"$f":"IFERROR(SUMPRODUCT(('7. INVESTIMENTO FROTA'!N$186:S$186>'8. DEPRECIAÇÃO DE FROTA'!S$11-5)*(('7. INVESTIMENTO FROTA'!N267:S267*0.2))),0)","v":0},{"$f":"IFERROR(SUMPRODUCT(('7. INVESTIMENTO FROTA'!O$186:T$186>'8. DEPRECIAÇÃO DE FROTA'!T$11-5)*(('7. INVESTIMENTO FROTA'!O267:T267*0.2))),0)","v":0}]
[null,null,6,"06 a 07 ano",null,{"$f":"SUMPRODUCT(('7. INVESTIMENTO FROTA'!$E$246:F$246>F$43-5)*(('7. INVESTIMENTO FROTA'!$E268:F268*0.2)))","v":0},{"$f":"SUMPRODUCT(('7. INVESTIMENTO FROTA'!$E$246:G$246>G$43-5)*(('7. INVESTIMENTO FROTA'!$E268:G268*0.2)))","v":0},{"$f":"SUMPRODUCT(('7. INVESTIMENTO FROTA'!$E$246:H$246>H$43-5)*(('7. INVESTIMENTO FROTA'!$E268:H268*0.2)))","v":0},{"$f":"SUMPRODUCT(('7. INVESTIMENTO FROTA'!$E$246:I$246>I$43-5)*(('7. INVESTIMENTO FROTA'!$E268:I268*0.2)))","v":0},{"$f":"SUMPRODUCT(('7. INVESTIMENTO FROTA'!$E$246:J$246>J$43-5)*(('7. INVESTIMENTO FROTA'!$E268:J268*0.2)))","v":0},{"$f":"IFERROR(SUMPRODUCT(('7. INVESTIMENTO FROTA'!F$186:K$186>'8. DEPRECIAÇÃO DE FROTA'!K$11-5)*(('7. INVESTIMENTO FROTA'!F268:K268*0.2))),0)","v":0},{"$f":"IFERROR(SUMPRODUCT(('7. INVESTIMENTO FROTA'!G$186:L$186>'8. DEPRECIAÇÃO DE FROTA'!L$11-5)*(('7. INVESTIMENTO FROTA'!G268:L268*0.2))),0)","v":0},{"$f":"IFERROR(SUMPRODUCT(('7. INVESTIMENTO FROTA'!H$186:M$186>'8. DEPRECIAÇÃO DE FROTA'!M$11-5)*(('7. INVESTIMENTO FROTA'!H268:M268*0.2))),0)","v":0},{"$f":"IFERROR(SUMPRODUCT(('7. INVESTIMENTO FROTA'!I$186:N$186>'8. DEPRECIAÇÃO DE FROTA'!N$11-5)*(('7. INVESTIMENTO FROTA'!I268:N268*0.2))),0)","v":0},{"$f":"IFERROR(SUMPRODUCT(('7. INVESTIMENTO FROTA'!J$186:O$186>'8. DEPRECIAÇÃO DE FROTA'!O$11-5)*(('7. INVESTIMENTO FROTA'!J268:O268*0.2))),0)","v":0},{"$f":"IFERROR(SUMPRODUCT(('7. INVESTIMENTO FROTA'!K$186:P$186>'8. DEPRECIAÇÃO DE FROTA'!P$11-5)*(('7. INVESTIMENTO FROTA'!K268:P268*0.2))),0)","v":0},{"$f":"IFERROR(SUMPRODUCT(('7. INVESTIMENTO FROTA'!L$186:Q$186>'8. DEPRECIAÇÃO DE FROTA'!Q$11-5)*(('7. INVESTIMENTO FROTA'!L268:Q268*0.2))),0)","v":0},{"$f":"IFERROR(SUMPRODUCT(('7. INVESTIMENTO FROTA'!M$186:R$186>'8. DEPRECIAÇÃO DE FROTA'!R$11-5)*(('7. INVESTIMENTO FROTA'!M268:R268*0.2))),0)","v":0},{"$f":"IFERROR(SUMPRODUCT(('7. INVESTIMENTO FROTA'!N$186:S$186>'8. DEPRECIAÇÃO DE FROTA'!S$11-5)*(('7. INVESTIMENTO FROTA'!N268:S268*0.2))),0)","v":0},{"$f":"IFERROR(SUMPRODUCT(('7. INVESTIMENTO FROTA'!O$186:T$186>'8. DEPRECIAÇÃO DE FROTA'!T$11-5)*(('7. INVESTIMENTO FROTA'!O268:T268*0.2))),0)","v":0}]
[null,null,7,"07 a 08 ano",null,{"$f":"SUMPRODUCT(('7. INVESTIMENTO FROTA'!$E$246:F$246>F$43-5)*(('7. INVESTIMENTO FROTA'!$E269:F269*0.2)))","v":0},{"$f":"SUMPRODUCT(('7. INVESTIMENTO FROTA'!$E$246:G$246>G$43-5)*(('7. INVESTIMENTO FROTA'!$E269:G269*0.2)))","v":0},{"$f":"SUMPRODUCT(('7. INVESTIMENTO FROTA'!$E$246:H$246>H$43-5)*(('7. INVESTIMENTO FROTA'!$E269:H269*0.2)))","v":0},{"$f":"SUMPRODUCT(('7. INVESTIMENTO FROTA'!$E$246:I$246>I$43-5)*(('7. INVESTIMENTO FROTA'!$E269:I269*0.2)))","v":0},{"$f":"SUMPRODUCT(('7. INVESTIMENTO FROTA'!$E$246:J$246>J$43-5)*(('7. INVESTIMENTO FROTA'!$E269:J269*0.2)))","v":0},{"$f":"IFERROR(SUMPRODUCT(('7. INVESTIMENTO FROTA'!F$186:K$186>'8. DEPRECIAÇÃO DE FROTA'!K$11-5)*(('7. INVESTIMENTO FROTA'!F269:K269*0.2))),0)","v":0},{"$f":"IFERROR(SUMPRODUCT(('7. INVESTIMENTO FROTA'!G$186:L$186>'8. DEPRECIAÇÃO DE FROTA'!L$11-5)*(('7. INVESTIMENTO FROTA'!G269:L269*0.2))),0)","v":0},{"$f":"IFERROR(SUMPRODUCT(('7. INVESTIMENTO FROTA'!H$186:M$186>'8. DEPRECIAÇÃO DE FROTA'!M$11-5)*(('7. INVESTIMENTO FROTA'!H269:M269*0.2))),0)","v":0},{"$f":"IFERROR(SUMPRODUCT(('7. INVESTIMENTO FROTA'!I$186:N$186>'8. DEPRECIAÇÃO DE FROTA'!N$11-5)*(('7. INVESTIMENTO FROTA'!I269:N269*0.2))),0)","v":0},{"$f":"IFERROR(SUMPRODUCT(('7. INVESTIMENTO FROTA'!J$186:O$186>'8. DEPRECIAÇÃO DE FROTA'!O$11-5)*(('7. INVESTIMENTO FROTA'!J269:O269*0.2))),0)","v":0},{"$f":"IFERROR(SUMPRODUCT(('7. INVESTIMENTO FROTA'!K$186:P$186>'8. DEPRECIAÇÃO DE FROTA'!P$11-5)*(('7. INVESTIMENTO FROTA'!K269:P269*0.2))),0)","v":0},{"$f":"IFERROR(SUMPRODUCT(('7. INVESTIMENTO FROTA'!L$186:Q$186>'8. DEPRECIAÇÃO DE FROTA'!Q$11-5)*(('7. INVESTIMENTO FROTA'!L269:Q269*0.2))),0)","v":0},{"$f":"IFERROR(SUMPRODUCT(('7. INVESTIMENTO FROTA'!M$186:R$186>'8. DEPRECIAÇÃO DE FROTA'!R$11-5)*(('7. INVESTIMENTO FROTA'!M269:R269*0.2))),0)","v":0},{"$f":"IFERROR(SUMPRODUCT(('7. INVESTIMENTO FROTA'!N$186:S$186>'8. DEPRECIAÇÃO DE FROTA'!S$11-5)*(('7. INVESTIMENTO FROTA'!N269:S269*0.2))),0)","v":0},{"$f":"IFERROR(SUMPRODUCT(('7. INVESTIMENTO FROTA'!O$186:T$186>'8. DEPRECIAÇÃO DE FROTA'!T$11-5)*(('7. INVESTIMENTO FROTA'!O269:T269*0.2))),0)","v":0}]
[null,null,8,"08 a 09 ano",null,{"$f":"SUMPRODUCT(('7. INVESTIMENTO FROTA'!$E$246:F$246>F$43-5)*(('7. INVESTIMENTO FROTA'!$E270:F270*0.2)))","v":0},{"$f":"SUMPRODUCT(('7. INVESTIMENTO FROTA'!$E$246:G$246>G$43-5)*(('7. INVESTIMENTO FROTA'!$E270:G270*0.2)))","v":0},{"$f":"SUMPRODUCT(('7. INVESTIMENTO FROTA'!$E$246:H$246>H$43-5)*(('7. INVESTIMENTO FROTA'!$E270:H270*0.2)))","v":0},{"$f":"SUMPRODUCT(('7. INVESTIMENTO FROTA'!$E$246:I$246>I$43-5)*(('7. INVESTIMENTO FROTA'!$E270:I270*0.2)))","v":0},{"$f":"SUMPRODUCT(('7. INVESTIMENTO FROTA'!$E$246:J$246>J$43-5)*(('7. INVESTIMENTO FROTA'!$E270:J270*0.2)))","v":0},{"$f":"IFERROR(SUMPRODUCT(('7. INVESTIMENTO FROTA'!F$186:K$186>'8. DEPRECIAÇÃO DE FROTA'!K$11-5)*(('7. INVESTIMENTO FROTA'!F270:K270*0.2))),0)","v":0},{"$f":"IFERROR(SUMPRODUCT(('7. INVESTIMENTO FROTA'!G$186:L$186>'8. DEPRECIAÇÃO DE FROTA'!L$11-5)*(('7. INVESTIMENTO FROTA'!G270:L270*0.2))),0)","v":0},{"$f":"IFERROR(SUMPRODUCT(('7. INVESTIMENTO FROTA'!H$186:M$186>'8. DEPRECIAÇÃO DE FROTA'!M$11-5)*(('7. INVESTIMENTO FROTA'!H270:M270*0.2))),0)","v":0},{"$f":"IFERROR(SUMPRODUCT(('7. INVESTIMENTO FROTA'!I$186:N$186>'8. DEPRECIAÇÃO DE FROTA'!N$11-5)*(('7. INVESTIMENTO FROTA'!I270:N270*0.2))),0)","v":0},{"$f":"IFERROR(SUMPRODUCT(('7. INVESTIMENTO FROTA'!J$186:O$186>'8. DEPRECIAÇÃO DE FROTA'!O$11-5)*(('7. INVESTIMENTO FROTA'!J270:O270*0.2))),0)","v":0},{"$f":"IFERROR(SUMPRODUCT(('7. INVESTIMENTO FROTA'!K$186:P$186>'8. DEPRECIAÇÃO DE FROTA'!P$11-5)*(('7. INVESTIMENTO FROTA'!K270:P270*0.2))),0)","v":0},{"$f":"IFERROR(SUMPRODUCT(('7. INVESTIMENTO FROTA'!L$186:Q$186>'8. DEPRECIAÇÃO DE FROTA'!Q$11-5)*(('7. INVESTIMENTO FROTA'!L270:Q270*0.2))),0)","v":0},{"$f":"IFERROR(SUMPRODUCT(('7. INVESTIMENTO FROTA'!M$186:R$186>'8. DEPRECIAÇÃO DE FROTA'!R$11-5)*(('7. INVESTIMENTO FROTA'!M270:R270*0.2))),0)","v":0},{"$f":"IFERROR(SUMPRODUCT(('7. INVESTIMENTO FROTA'!N$186:S$186>'8. DEPRECIAÇÃO DE FROTA'!S$11-5)*(('7. INVESTIMENTO FROTA'!N270:S270*0.2))),0)","v":0},{"$f":"IFERROR(SUMPRODUCT(('7. INVESTIMENTO FROTA'!O$186:T$186>'8. DEPRECIAÇÃO DE FROTA'!T$11-5)*(('7. INVESTIMENTO FROTA'!O270:T270*0.2))),0)","v":0}]
[null,null,9,"09 a 10 ano",null,{"$f":"SUMPRODUCT(('7. INVESTIMENTO FROTA'!$E$246:F$246>F$43-5)*(('7. INVESTIMENTO FROTA'!$E271:F271*0.2)))","v":0},{"$f":"SUMPRODUCT(('7. INVESTIMENTO FROTA'!$E$246:G$246>G$43-5)*(('7. INVESTIMENTO FROTA'!$E271:G271*0.2)))","v":0},{"$f":"SUMPRODUCT(('7. INVESTIMENTO FROTA'!$E$246:H$246>H$43-5)*(('7. INVESTIMENTO FROTA'!$E271:H271*0.2)))","v":0},{"$f":"SUMPRODUCT(('7. INVESTIMENTO FROTA'!$E$246:I$246>I$43-5)*(('7. INVESTIMENTO FROTA'!$E271:I271*0.2)))","v":0},{"$f":"SUMPRODUCT(('7. INVESTIMENTO FROTA'!$E$246:J$246>J$43-5)*(('7. INVESTIMENTO FROTA'!$E271:J271*0.2)))","v":0},{"$f":"IFERROR(SUMPRODUCT(('7. INVESTIMENTO FROTA'!F$186:K$186>'8. DEPRECIAÇÃO DE FROTA'!K$11-5)*(('7. INVESTIMENTO FROTA'!F271:K271*0.2))),0)","v":0},{"$f":"IFERROR(SUMPRODUCT(('7. INVESTIMENTO FROTA'!G$186:L$186>'8. DEPRECIAÇÃO DE FROTA'!L$11-5)*(('7. INVESTIMENTO FROTA'!G271:L271*0.2))),0)","v":0},{"$f":"IFERROR(SUMPRODUCT(('7. INVESTIMENTO FROTA'!H$186:M$186>'8. DEPRECIAÇÃO DE FROTA'!M$11-5)*(('7. INVESTIMENTO FROTA'!H271:M271*0.2))),0)","v":0},{"$f":"IFERROR(SUMPRODUCT(('7. INVESTIMENTO FROTA'!I$186:N$186>'8. DEPRECIAÇÃO DE FROTA'!N$11-5)*(('7. INVESTIMENTO FROTA'!I271:N271*0.2))),0)","v":0},{"$f":"IFERROR(SUMPRODUCT(('7. INVESTIMENTO FROTA'!J$186:O$186>'8. DEPRECIAÇÃO DE FROTA'!O$11-5)*(('7. INVESTIMENTO FROTA'!J271:O271*0.2))),0)","v":0},{"$f":"IFERROR(SUMPRODUCT(('7. INVESTIMENTO FROTA'!K$186:P$186>'8. DEPRECIAÇÃO DE FROTA'!P$11-5)*(('7. INVESTIMENTO FROTA'!K271:P271*0.2))),0)","v":0},{"$f":"IFERROR(SUMPRODUCT(('7. INVESTIMENTO FROTA'!L$186:Q$186>'8. DEPRECIAÇÃO DE FROTA'!Q$11-5)*(('7. INVESTIMENTO FROTA'!L271:Q271*0.2))),0)","v":0},{"$f":"IFERROR(SUMPRODUCT(('7. INVESTIMENTO FROTA'!M$186:R$186>'8. DEPRECIAÇÃO DE FROTA'!R$11-5)*(('7. INVESTIMENTO FROTA'!M271:R271*0.2))),0)","v":0},{"$f":"IFERROR(SUMPRODUCT(('7. INVESTIMENTO FROTA'!N$186:S$186>'8. DEPRECIAÇÃO DE FROTA'!S$11-5)*(('7. INVESTIMENTO FROTA'!N271:S271*0.2))),0)","v":0},{"$f":"IFERROR(SUMPRODUCT(('7. INVESTIMENTO FROTA'!O$186:T$186>'8. DEPRECIAÇÃO DE FROTA'!T$11-5)*(('7. INVESTIMENTO FROTA'!O271:T271*0.2))),0)","v":0}]
[null,null,10,"+10 anos",null,{"$f":"SUMPRODUCT(('7. INVESTIMENTO FROTA'!$E$246:F$246>F$43-5)*(('7. INVESTIMENTO FROTA'!$E272:F272*0.2)))","v":0},{"$f":"SUMPRODUCT(('7. INVESTIMENTO FROTA'!$E$246:G$246>G$43-5)*(('7. INVESTIMENTO FROTA'!$E272:G272*0.2)))","v":0},{"$f":"SUMPRODUCT(('7. INVESTIMENTO FROTA'!$E$246:H$246>H$43-5)*(('7. INVESTIMENTO FROTA'!$E272:H272*0.2)))","v":0},{"$f":"SUMPRODUCT(('7. INVESTIMENTO FROTA'!$E$246:I$246>I$43-5)*(('7. INVESTIMENTO FROTA'!$E272:I272*0.2)))","v":0},{"$f":"SUMPRODUCT(('7. INVESTIMENTO FROTA'!$E$246:J$246>J$43-5)*(('7. INVESTIMENTO FROTA'!$E272:J272*0.2)))","v":0},{"$f":"IFERROR(SUMPRODUCT(('7. INVESTIMENTO FROTA'!F$186:K$186>'8. DEPRECIAÇÃO DE FROTA'!K$11-5)*(('7. INVESTIMENTO FROTA'!F272:K272*0.2))),0)","v":0},{"$f":"IFERROR(SUMPRODUCT(('7. INVESTIMENTO FROTA'!G$186:L$186>'8. DEPRECIAÇÃO DE FROTA'!L$11-5)*(('7. INVESTIMENTO FROTA'!G272:L272*0.2))),0)","v":0},{"$f":"IFERROR(SUMPRODUCT(('7. INVESTIMENTO FROTA'!H$186:M$186>'8. DEPRECIAÇÃO DE FROTA'!M$11-5)*(('7. INVESTIMENTO FROTA'!H272:M272*0.2))),0)","v":0},{"$f":"IFERROR(SUMPRODUCT(('7. INVESTIMENTO FROTA'!I$186:N$186>'8. DEPRECIAÇÃO DE FROTA'!N$11-5)*(('7. INVESTIMENTO FROTA'!I272:N272*0.2))),0)","v":0},{"$f":"IFERROR(SUMPRODUCT(('7. INVESTIMENTO FROTA'!J$186:O$186>'8. DEPRECIAÇÃO DE FROTA'!O$11-5)*(('7. INVESTIMENTO FROTA'!J272:O272*0.2))),0)","v":0},{"$f":"IFERROR(SUMPRODUCT(('7. INVESTIMENTO FROTA'!K$186:P$186>'8. DEPRECIAÇÃO DE FROTA'!P$11-5)*(('7. INVESTIMENTO FROTA'!K272:P272*0.2))),0)","v":0},{"$f":"IFERROR(SUMPRODUCT(('7. INVESTIMENTO FROTA'!L$186:Q$186>'8. DEPRECIAÇÃO DE FROTA'!Q$11-5)*(('7. INVESTIMENTO FROTA'!L272:Q272*0.2))),0)","v":0},{"$f":"IFERROR(SUMPRODUCT(('7. INVESTIMENTO FROTA'!M$186:R$186>'8. DEPRECIAÇÃO DE FROTA'!R$11-5)*(('7. INVESTIMENTO FROTA'!M272:R272*0.2))),0)","v":0},{"$f":"IFERROR(SUMPRODUCT(('7. INVESTIMENTO FROTA'!N$186:S$186>'8. DEPRECIAÇÃO DE FROTA'!S$11-5)*(('7. INVESTIMENTO FROTA'!N272:S272*0.2))),0)","v":0},{"$f":"IFERROR(SUMPRODUCT(('7. INVESTIMENTO FROTA'!O$186:T$186>'8. DEPRECIAÇÃO DE FROTA'!T$11-5)*(('7. INVESTIMENTO FROTA'!O272:T272*0.2))),0)","v":0}]
[null,null,"Total Veículos",null,{"$f":"SUM(E44:E54)","v":0},0,0,0,0,0,0,0,0,0,0,0,0,0,0,0]
[]
[]
[null,null,{"$f":"+MENU!C125","v":"8.4. - RESUMO DAS DEPRECIAÇÕES DE VEÍCULOS (CONTÁBIL)"}]
[]
[null,null,"RESUMO DAS DEPRECIAÇÕES",null,null,{"v":1,"d":"Ano 1"},{"$f":"+F60+1","v":{"v":2,"d":"Ano 2"}},{"v":3,"d":"Ano 3"},{"v":4,"d":"Ano 4"},{"v":5,"d":"Ano 5"},{"v":6,"d":"Ano 6"},{"v":7,"d":"Ano 7"},{"v":8,"d":"Ano 8"},{"v":9,"d":"Ano 9"},{"v":10,"d":"Ano 10"},{"v":11,"d":"Ano 11"},{"v":12,"d":"Ano 12"},{"v":13,"d":"Ano 13"},{"v":14,"d":"Ano 14"},{"v":15,"d":"Ano 15"}]
[1,null,{"$f":"\"Depreciação Veículo - \"&VLOOKUP(A61,TIPOLOGIA!$D$10:$E$12,2,0)&\"  (R$)\"","v":"Depreciação Veículo - MICROÔNIBUS  (R$)"},null,null,{"$f":"+'8. DEPRECIAÇÃO DE FROTA'!F23","v":{"v":71343.47733333333,"d":"71,343"}},{"$f":"+'8. DEPRECIAÇÃO DE FROTA'!G23","v":{"v":71343.47733333333,"d":"71,343"}},{"$f":"+'8. DEPRECIAÇÃO DE FROTA'!H23","v":{"v":71343.47733333333,"d":"71,343"}},{"$f":"+'8. DEPRECIAÇÃO DE FROTA'!I23","v":{"v":71343.47733333333,"d":"71,343"}},{"$f":"+'8. DEPRECIAÇÃO DE FROTA'!J23","v":{"v":315949.6853333333,"d":"315,950"}},{"$f":"+'8. DEPRECIAÇÃO DE FROTA'!K23","v":{"v":244606.208,"d":"244,606"}},{"$f":"+'8. DEPRECIAÇÃO DE FROTA'!L23","v":{"v":244606.208,"d":"244,606"}},{"$f":"+'8. DEPRECIAÇÃO DE FROTA'!M23","v":{"v":244606.208,"d":"244,606"}},{"$f":"+'8. DEPRECIAÇÃO DE FROTA'!N23","v":{"v":244606.208,"d":"244,606"}},{"$f":"+'8. DEPRECIAÇÃO DE FROTA'!O23","v":0},{"$f":"+'8. DEPRECIAÇÃO DE FROTA'!P23","v":0},{"$f":"+'8. DEPRECIAÇÃO DE FROTA'!Q23","v":0},{"$f":"+'8. DEPRECIAÇÃO DE FROTA'!R23","v":{"v":244606.208,"d":"244,606"}},{"$f":"+'8. DEPRECIAÇÃO DE FROTA'!S23","v":{"v":244606.208,"d":"244,606"}},{"$f":"+'8. DEPRECIAÇÃO DE FROTA'!T23","v":{"v":244606.208,"d":"244,606"}}]
[2,null,{"$f":"\"Depreciação Veículo - \"&VLOOKUP(A62,TIPOLOGIA!$D$10:$E$12,2,0)&\"  (R$)\"","v":"Depreciação Veículo - CONVENCIONAL  (R$)"},null,null,{"$f":"+'8. DEPRECIAÇÃO DE FROTA'!F39","v":{"v":187501.55000000002,"d":"187,502"}},{"$f":"+'8. DEPRECIAÇÃO DE FROTA'!G39","v":{"v":412503.41000000003,"d":"412,503"}},{"$f":"+'8. DEPRECIAÇÃO DE FROTA'!H39","v":{"v":562504.65,"d":"562,505"}},{"$f":"+'8. DEPRECIAÇÃO DE FROTA'!I39","v":{"v":712505.89,"d":"712,506"}},{"$f":"+'8. DEPRECIAÇÃO DE FROTA'!J39","v":{"v":937507.75,"d":"937,508"}},{"$f":"+'8. DEPRECIAÇÃO DE FROTA'!K39","v":{"v":750006.2,"d":"750,006"}},{"$f":"+'8. DEPRECIAÇÃO DE FROTA'!L39","v":{"v":525004.34,"d":"525,004"}},{"$f":"+'8. DEPRECIAÇÃO DE FROTA'!M39","v":{"v":375003.1,"d":"375,003"}},{"$f":"+'8. DEPRECIAÇÃO DE FROTA'!N39","v":{"v":300002.48,"d":"300,002"}},{"$f":"+'8. DEPRECIAÇÃO DE FROTA'!O39","v":{"v":150001.24,"d":"150,001"}},{"$f":"+'8. DEPRECIAÇÃO DE FROTA'!P39","v":{"v":375003.1,"d":"375,003"}},{"$f":"+'8. DEPRECIAÇÃO DE FROTA'!Q39","v":{"v":525004.34,"d":"525,004"}},{"$f":"+'8. DEPRECIAÇÃO DE FROTA'!R39","v":{"v":750006.2,"d":"750,006"}},{"$f":"+'8. DEPRECIAÇÃO DE FROTA'!S39","v":{"v":675005.58,"d":"675,006"}},{"$f":"+'8. DEPRECIAÇÃO DE FROTA'!T39","v":{"v":600004.96,"d":"600,005"}}]
[3,null,{"$f":"\"Depreciação Veículo - \"&VLOOKUP(A63,TIPOLOGIA!$D$10:$E$12,2,0)&\"  (R$)\"","v":"Depreciação Veículo - -  (R$)"},null,null,{"$f":"+'8. DEPRECIAÇÃO DE FROTA'!F55","v":0},{"$f":"+'8. DEPRECIAÇÃO DE FROTA'!G55","v":0},{"$f":"+'8. DEPRECIAÇÃO DE FROTA'!H55","v":0},{"$f":"+'8. DEPRECIAÇÃO DE FROTA'!I55","v":0},{"$f":"+'8. DEPRECIAÇÃO DE FROTA'!J55","v":0},{"$f":"+'8. DEPRECIAÇÃO DE FROTA'!K55","v":0},{"$f":"+'8. DEPRECIAÇÃO DE FROTA'!L55","v":0},{"$f":"+'8. DEPRECIAÇÃO DE FROTA'!M55","v":0},{"$f":"+'8. DEPRECIAÇÃO DE FROTA'!N55","v":0},{"$f":"+'8. DEPRECIAÇÃO DE FROTA'!O55","v":0},{"$f":"+'8. DEPRECIAÇÃO DE FROTA'!P55","v":0},{"$f":"+'8. DEPRECIAÇÃO DE FROTA'!Q55","v":0},{"$f":"+'8. DEPRECIAÇÃO DE FROTA'!R55","v":0},{"$f":"+'8. DEPRECIAÇÃO DE FROTA'!S55","v":0},{"$f":"+'8. DEPRECIAÇÃO DE FROTA'!T55","v":0}]
[null,null,"Total",null,null,{"$f":"SUM(F61:F63)","v":{"v":258845.02733333333,"d":"258,845"}},{"v":483846.8873333334,"d":"483,847"},{"v":633848.1273333334,"d":"633,848"},{"v":783849.3673333334,"d":"783,849"},{"v":1253457.4353333334,"d":"1,253,457"},{"v":994612.4079999999,"d":"994,612"},{"v":769610.548,"d":"769,611"},{"v":619609.308,"d":"619,609"},{"v":544608.688,"d":"544,609"},{"v":150001.24,"d":"150,001"},{"v":375003.1,"d":"375,003"},{"v":525004.34,"d":"525,004"},{"v":994612.4079999999,"d":"994,612"},{"v":919611.788,"d":"919,612"},{"v":844611.168,"d":"844,611"}]

{"sheet":"9. ENCARGOS SOCIAIS","index":10,"n_rows":42,"n_cols":17,"rows_kept":42}
[]
[null,null,"SECRETARIA MUNICIPAL DE DESENVOLVIMENTO URBANO"]
[null,null,{"$f":"MENU!$B$3&\"  -  \"&+MENU!$B$4","v":"CONCORRÊNCIA Nº 003/18  -  "}]
[null,null,{"$f":"+MENU!$C$2","v":"ESTUDO TÉCNICO DE VIABILIDADE ECONÔMICA DA OPERAÇÃO DO SERVIÇO DE TRANSPORTE COLETIVO DA CIDADE DE AMPARO"}]
[null,null,{"$f":"+MENU!$C$3","v":"ANEXO IV.1 - ESTUDO TÉCNICO DE VIABILIDADE ECONÔMICA - ORÇAMENTO ESTIMADO"},{"$nulls":13},{"$f":"+MENU!$C$5","v":"DATA BASE DE CÁLCULO: MARÇO 2020"}]
[]
[null,{"$f":"+MENU!C126","v":"9. - DETALHAMENTO DOS ENCARGOS SOCIAIS"}]
[]
[null,"GRUPO A",{"v":1,"d":"Ano 1"},{"$f":"+C9+1","v":{"v":2,"d":"Ano 2"}},{"v":3,"d":"Ano 3"},{"v":4,"d":"Ano 4"},{"v":5,"d":"Ano 5"},{"v":6,"d":"Ano 6"},{"v":7,"d":"Ano 7"},{"v":8,"d":"Ano 8"},{"v":9,"d":"Ano 9"},{"v":10,"d":"Ano 10"},{"v":11,"d":"Ano 11"},{"v":12,"d":"Ano 12"},{"v":13,"d":"Ano 13"},{"v":14,"d":"Ano 14"},{"v":15,"d":"Ano 15"}]
[null,"INSS",{"v":0,"d":"0.00%"},{"v":0.2,"d":"20.00%"},{"$f":"D10","v":{"v":0.2,"d":"20.00%"}},{"v":0.2,"d":"20.00%"},{"v":0.2,"d":"20.00%"},{"v":0.2,"d":"20.00%"},{"v":0.2,"d":"20.00%"},{"v":0.2,"d":"20.00%"},{"v":0.2,"d":"20.00%"},{"v":0.2,"d":"20.00%"},{"v":0.2,"d":"20.00%"},{"v":0.2,"d":"20.00%"},{"v":0.2,"d":"20.00%"},{"v":0.2,"d":"20.00%"},{"v":0.2,"d":"20.00%"}]
[null,"Acidentes de Trabalho",{"v":0.03,"d":"3.00%"},{"$f":"C11","v":{"v":0.03,"d":"3.00%"}},{"v":0.03,"d":"3.00%"},{"v":0.03,"d":"3.00%"},{"v":0.03,"d":"3.00%"},{"v":0.03,"d":"3.00%"},{"v":0.03,"d":"3.00%"},{"v":0.03,"d":"3.00%"},{"v":0.03,"d":"3.00%"},{"v":0.03,"d":"3.00%"},{"v":0.03,"d":"3.00%"},{"v":0.03,"d":"3.00%"},{"v":0.03,"d":"3.00%"},{"v":0.03,"d":"3.00%"},{"v":0.03,"d":"3.00%"}]
[null,"Salário Educação",{"v":0.025,"d":"2.50%"},{"$f":"C12","v":{"v":0.025,"d":"2.50%"}},{"v":0.025,"d":"2.50%"},{"v":0.025,"d":"2.50%"},{"v":0.025,"d":"2.50%"},{"v":0.025,"d":"2.50%"},{"v":0.025,"d":"2.50%"},{"v":0.025,"d":"2.50%"},{"v":0.025,"d":"2.50%"},{"v":0.025,"d":"2.50%"},{"v":0.025,"d":"2.50%"},{"v":0.025,"d":"2.50%"},{"v":0.025,"d":"2.50%"},{"v":0.025,"d":"2.50%"},{"v":0.025,"d":"2.50%"}]
[null,"INCRA",{"v":2E-3,"d":"0.20%"},{"$f":"C13","v":{"v":2E-3,"d":"0.20%"}},{"v":2E-3,"d":"0.20%"},{"v":2E-3,"d":"0.20%"},{"v":2E-3,"d":"0.20%"},{"v":2E-3,"d":"0.20%"},{"v":2E-3,"d":"0.20%"},{"v":2E-3,"d":"0.20%"},{"v":2E-3,"d":"0.20%"},{"v":2E-3,"d":"0.20%"},{"v":2E-3,"d":"0.20%"},{"v":2E-3,"d":"0.20%"},{"v":2E-3,"d":"0.20%"},{"v":2E-3,"d":"0.20%"},{"v":2E-3,"d":"0.20%"}]
[null,"SENAT",{"v":0.01,"d":"1.00%"},{"$f":"C14","v":{"v":0.01,"d":"1.00%"}},{"v":0.01,"d":"1.00%"},{"v":0.01,"d":"1.00%"},{"v":0.01,"d":"1.00%"},{"v":0.01,"d":"1.00%"},{"v":0.01,"d":"1.00%"},{"v":0.01,"d":"1.00%"},{"v":0.01,"d":"1.00%"},{"v":0.01,"d":"1.00%"},{"v":0.01,"d":"1.00%"},{"v":0.01,"d":"1.00%"},{"v":0.01,"d":"1.00%"},{"v":0.01,"d":"1.00%"},{"v":0.01,"d":"1.00%"}]
[null,"SEST",{"v":0.015,"d":"1.50%"},{"$f":"C15","v":{"v":0.015,"d":"1.50%"}},{"v":0.015,"d":"1.50%"},{"v":0.015,"d":"1.50%"},{"v":0.015,"d":"1.50%"},{"v":0.015,"d":"1.50%"},{"v":0.015,"d":"1.50%"},{"v":0.015,"d":"1.50%"},{"v":0.015,"d":"1.50%"},{"v":0.015,"d":"1.50%"},{"v":0.015,"d":"1.50%"},{"v":0.015,"d":"1.50%"},{"v":0.015,"d":"1.50%"},{"v":0.015,"d":"1.50%"},{"v":0.015,"d":"1.50%"}]
[null,"SEBRAE",{"v":0.006,"d":"0.60%"},{"$f":"C16","v":{"v":0.006,"d":"0.60%"}},{"v":0.006,"d":"0.60%"},{"v":0.006,"d":"0.60%"},{"v":0.006,"d":"0.60%"},{"v":0.006,"d":"0.60%"},{"v":0.006,"d":"0.60%"},{"v":0.006,"d":"0.60%"},{"v":0.006,"d":"0.60%"},{"v":0.006,"d":"0.60%"},{"v":0.006,"d":"0.60%"},{"v":0.006,"d":"0.60%"},{"v":0.006,"d":"0.60%"},{"v":0.006,"d":"0.60%"},{"v":0.006,"d":"0.60%"}]
[null,"FGTS",{"v":0.08,"d":"8.00%"},{"$f":"C17","v":{"v":0.08,"d":"8.00%"}},{"v":0.08,"d":"8.00%"},{"v":0.08,"d":"8.00%"},{"v":0.08,"d":"8.00%"},{"v":0.08,"d":"8.00%"},{"v":0.08,"d":"8.00%"},{"v":0.08,"d":"8.00%"},{"v":0.08,"d":"8.00%"},{"v":0.08,"d":"8.00%"},{"v":0.08,"d":"8.00%"},{"v":0.08,"d":"8.00%"},{"v":0.08,"d":"8.00%"},{"v":0.08,"d":"8.00%"},{"v":0.08,"d":"8.00%"}]
[null,"Outros - Especificar",{"v":0,"d":"0.00%"},{"$f":"C18","v":{"v":0,"d":"0.00%"}},{"v":0,"d":"0.00%"},{"v":0,"d":"0.00%"},{"v":0,"d":"0.00%"},{"v":0,"d":"0.00%"},{"v":0,"d":"0.00%"},{"v":0,"d":"0.00%"},{"v":0,"d":"0.00%"},{"v":0,"d":"0.00%"},{"v":0,"d":"0.00%"},{"v":0,"d":"0.00%"},{"v":0,"d":"0.00%"},{"v":0,"d":"0.00%"},{"v":0,"d":"0.00%"}]
[null,"Total",{"$f":"SUM(C10:C18)","v":{"v":0.168,"d":"16.80%"}},{"$f":"SUM(D10:D18)","v":{"v":0.36800000000000005,"d":"36.80%"}},{"v":0.36800000000000005,"d":"36.80%"},{"v":0.36800000000000005,"d":"36.80%"},{"v":0.36800000000000005,"d":"36.80%"},{"v":0.36800000000000005,"d":"36.80%"},{"v":0.36800000000000005,"d":"36.80%"},{"v":0.36800000000000005,"d":"36.80%"},{"v":0.36800000000000005,"d":"36.80%"},{"v":0.36800000000000005,"d":"36.80%"},{"v":0.36800000000000005,"d":"36.80%"},{"v":0.36800000000000005,"d":"36.80%"},{"v":0.36800000000000005,"d":"36.80%"},{"v":0.36800000000000005,"d":"36.80%"},{"v":0.36800000000000005,"d":"36.80%"}]
[]
[null,"GRUPO B"]
[null,"Abono de férias",{"v":0.0278,"d":"2.78%"},{"$f":"C22","v":{"v":0.0278,"d":"2.78%"}},{"v":0.0278,"d":"2.78%"},{"v":0.0278,"d":"2.78%"},{"v":0.0278,"d":"2.78%"},{"v":0.0278,"d":"2.78%"},{"v":0.0278,"d":"2.78%"},{"v":0.0278,"d":"2.78%"},{"v":0.0278,"d":"2.78%"},{"v":0.0278,"d":"2.78%"},{"v":0.0278,"d":"2.78%"},{"v":0.0278,"d":"2.78%"},{"v":0.0278,"d":"2.78%"},{"v":0.0278,"d":"2.78%"},{"v":0.0278,"d":"2.78%"}]
[null,"Aviso Prévio Trabalhado",{"v":0.0011,"d":"0.11%"},{"$f":"C23","v":{"v":0.0011,"d":"0.11%"}},{"v":0.0011,"d":"0.11%"},{"v":0.0011,"d":"0.11%"},{"v":0.0011,"d":"0.11%"},{"v":0.0011,"d":"0.11%"},{"v":0.0011,"d":"0.11%"},{"v":0.0011,"d":"0.11%"},{"v":0.0011,"d":"0.11%"},{"v":0.0011,"d":"0.11%"},{"v":0.0011,"d":"0.11%"},{"v":0.0011,"d":"0.11%"},{"v":0.0011,"d":"0.11%"},{"v":0.0011,"d":"0.11%"},{"v":0.0011,"d":"0.11%"}]
[null,"Licença-Paternidade",{"v":0.0004,"d":"0.04%"},{"$f":"C24","v":{"v":0.0004,"d":"0.04%"}},{"v":0.0004,"d":"0.04%"},{"v":0.0004,"d":"0.04%"},{"v":0.0004,"d":"0.04%"},{"v":0.0004,"d":"0.04%"},{"v":0.0004,"d":"0.04%"},{"v":0.0004,"d":"0.04%"},{"v":0.0004,"d":"0.04%"},{"v":0.0004,"d":"0.04%"},{"v":0.0004,"d":"0.04%"},{"v":0.0004,"d":"0.04%"},{"v":0.0004,"d":"0.04%"},{"v":0.0004,"d":"0.04%"},{"v":0.0004,"d":"0.04%"}]
[null,"Licença-Funeral",{"v":1E-4,"d":"0.01%"},{"$f":"C25","v":{"v":1E-4,"d":"0.01%"}},{"v":1E-4,"d":"0.01%"},{"v":1E-4,"d":"0.01%"},{"v":1E-4,"d":"0.01%"},{"v":1E-4,"d":"0.01%"},{"v":1E-4,"d":"0.01%"},{"v":1E-4,"d":"0.01%"},{"v":1E-4,"d":"0.01%"},{"v":1E-4,"d":"0.01%"},{"v":1E-4,"d":"0.01%"},{"v":1E-4,"d":"0.01%"},{"v":1E-4,"d":"0.01%"},{"v":1E-4,"d":"0.01%"},{"v":1E-4,"d":"0.01%"}]
[null,"Licença- Casamento",{"v":0.0002,"d":"0.02%"},{"$f":"C26","v":{"v":0.0002,"d":"0.02%"}},{"v":0.0002,"d":"0.02%"},{"v":0.0002,"d":"0.02%"},{"v":0.0002,"d":"0.02%"},{"v":0.0002,"d":"0.02%"},{"v":0.0002,"d":"0.02%"},{"v":0.0002,"d":"0.02%"},{"v":0.0002,"d":"0.02%"},{"v":0.0002,"d":"0.02%"},{"v":0.0002,"d":"0.02%"},{"v":0.0002,"d":"0.02%"},{"v":0.0002,"d":"0.02%"},{"v":0.0002,"d":"0.02%"},{"v":0.0002,"d":"0.02%"}]
[null,"Décimo Terceiro Salário",{"v":0.0833,"d":"8.33%"},{"$f":"C27","v":{"v":0.0833,"d":"8.33%"}},{"v":0.0833,"d":"8.33%"},{"v":0.0833,"d":"8.33%"},{"v":0.0833,"d":"8.33%"},{"v":0.0833,"d":"8.33%"},{"v":0.0833,"d":"8.33%"},{"v":0.0833,"d":"8.33%"},{"v":0.0833,"d":"8.33%"},{"v":0.0833,"d":"8.33%"},{"v":0.0833,"d":"8.33%"},{"v":0.0833,"d":"8.33%"},{"v":0.0833,"d":"8.33%"},{"v":0.0833,"d":"8.33%"},{"v":0.0833,"d":"8.33%"}]
[null,"Adicional Noturno",{"v":0.0224,"d":"2.24%"},{"$f":"C28","v":{"v":0.0224,"d":"2.24%"}},{"v":0.0224,"d":"2.24%"},{"v":0.0224,"d":"2.24%"},{"v":0.0224,"d":"2.24%"},{"v":0.0224,"d":"2.24%"},{"v":0.0224,"d":"2.24%"},{"v":0.0224,"d":"2.24%"},{"v":0.0224,"d":"2.24%"},{"v":0.0224,"d":"2.24%"},{"v":0.0224,"d":"2.24%"},{"v":0.0224,"d":"2.24%"},{"v":0.0224,"d":"2.24%"},{"v":0.0224,"d":"2.24%"},{"v":0.0224,"d":"2.24%"}]
[null,"Outros - Especificar",{"v":0,"d":"0.00%"},{"$f":"C29","v":{"v":0,"d":"0.00%"}},{"v":0,"d":"0.00%"},{"v":0,"d":"0.00%"},{"v":0,"d":"0.00%"},{"v":0,"d":"0.00%"},{"v":0,"d":"0.00%"},{"v":0,"d":"0.00%"},{"v":0,"d":"0.00%"},{"v":0,"d":"0.00%"},{"v":0,"d":"0.00%"},{"v":0,"d":"0.00%"},{"v":0,"d":"0.00%"},{"v":0,"d":"0.00%"},{"v":0,"d":"0.00%"}]
[null,"Total",{"$f":"SUM(C22:C29)","v":{"v":0.1353,"d":"13.53%"}},{"$f":"SUM(D22:D29)","v":{"v":0.1353,"d":"13.53%"}},{"v":0.1353,"d":"13.53%"},{"v":0.1353,"d":"13.53%"},{"v":0.1353,"d":"13.53%"},{"v":0.1353,"d":"13.53%"},{"v":0.1353,"d":"13.53%"},{"v":0.1353,"d":"13.53%"},{"v":0.1353,"d":"13.53%"},{"v":0.1353,"d":"13.53%"},{"v":0.1353,"d":"13.53%"},{"v":0.1353,"d":"13.53%"},{"v":0.1353,"d":"13.53%"},{"v":0.1353,"d":"13.53%"},{"v":0.1353,"d":"13.53%"}]
[]
[null,"GRUPO C"]
[null,"Depósito por rescisão",{"v":0.0463,"d":"4.63%"},{"$f":"C33","v":{"v":0.0463,"d":"4.63%"}},{"v":0.0463,"d":"4.63%"},{"v":0.0463,"d":"4.63%"},{"v":0.0463,"d":"4.63%"},{"v":0.0463,"d":"4.63%"},{"v":0.0463,"d":"4.63%"},{"v":0.0463,"d":"4.63%"},{"v":0.0463,"d":"4.63%"},{"v":0.0463,"d":"4.63%"},{"v":0.0463,"d":"4.63%"},{"v":0.0463,"d":"4.63%"},{"v":0.0463,"d":"4.63%"},{"v":0.0463,"d":"4.63%"},{"v":0.0463,"d":"4.63%"}]
[null,"Aviso Prévio Indenizado",{"v":0.046,"d":"4.60%"},{"$f":"C34","v":{"v":0.046,"d":"4.60%"}},{"v":0.046,"d":"4.60%"},{"v":0.046,"d":"4.60%"},{"v":0.046,"d":"4.60%"},{"v":0.046,"d":"4.60%"},{"v":0.046,"d":"4.60%"},{"v":0.046,"d":"4.60%"},{"v":0.046,"d":"4.60%"},{"v":0.046,"d":"4.60%"},{"v":0.046,"d":"4.60%"},{"v":0.046,"d":"4.60%"},{"v":0.046,"d":"4.60%"},{"v":0.046,"d":"4.60%"},{"v":0.046,"d":"4.60%"}]
[null,"Indenização Adicional",{"v":0.0088,"d":"0.88%"},{"$f":"C35","v":{"v":0.0088,"d":"0.88%"}},{"v":0.0088,"d":"0.88%"},{"v":0.0088,"d":"0.88%"},{"v":0.0088,"d":"0.88%"},{"v":0.0088,"d":"0.88%"},{"v":0.0088,"d":"0.88%"},{"v":0.0088,"d":"0.88%"},{"v":0.0088,"d":"0.88%"},{"v":0.0088,"d":"0.88%"},{"v":0.0088,"d":"0.88%"},{"v":0.0088,"d":"0.88%"},{"v":0.0088,"d":"0.88%"},{"v":0.0088,"d":"0.88%"},{"v":0.0088,"d":"0.88%"}]
[null,"Outros - Especificar",{"v":0,"d":"0.00%"},{"$f":"C36","v":{"v":0,"d":"0.00%"}},{"v":0,"d":"0.00%"},{"v":0,"d":"0.00%"},{"v":0,"d":"0.00%"},{"v":0,"d":"0.00%"},{"v":0,"d":"0.00%"},{"v":0,"d":"0.00%"},{"v":0,"d":"0.00%"},{"v":0,"d":"0.00%"},{"v":0,"d":"0.00%"},{"v":0,"d":"0.00%"},{"v":0,"d":"0.00%"},{"v":0,"d":"0.00%"},{"v":0,"d":"0.00%"}]
[null,"Total",{"$f":"SUM(C33:C36)","v":{"v":0.1011,"d":"10.11%"}},{"$f":"SUM(D33:D36)","v":{"v":0.1011,"d":"10.11%"}},{"v":0.1011,"d":"10.11%"},{"v":0.1011,"d":"10.11%"},{"v":0.1011,"d":"10.11%"},{"v":0.1011,"d":"10.11%"},{"v":0.1011,"d":"10.11%"},{"v":0.1011,"d":"10.11%"},{"v":0.1011,"d":"10.11%"},{"v":0.1011,"d":"10.11%"},{"v":0.1011,"d":"10.11%"},{"v":0.1011,"d":"10.11%"},{"v":0.1011,"d":"10.11%"},{"v":0.1011,"d":"10.11%"},{"v":0.1011,"d":"10.11%"}]
[]
[null,"GRUPO D"]
[null,"Incidência cumulativa Grupo A sobre B",{"$f":"+C30*C19","v":{"v":0.0227304,"d":"2.27%"}},{"$f":"+D30*D19","v":{"v":0.049790400000000005,"d":"4.98%"}},{"v":0.049790400000000005,"d":"4.98%"},{"v":0.049790400000000005,"d":"4.98%"},{"v":0.049790400000000005,"d":"4.98%"},{"v":0.049790400000000005,"d":"4.98%"},{"v":0.049790400000000005,"d":"4.98%"},{"v":0.049790400000000005,"d":"4.98%"},{"v":0.049790400000000005,"d":"4.98%"},{"v":0.049790400000000005,"d":"4.98%"},{"v":0.049790400000000005,"d":"4.98%"},{"v":0.049790400000000005,"d":"4.98%"},{"v":0.049790400000000005,"d":"4.98%"},{"v":0.049790400000000005,"d":"4.98%"},{"v":0.049790400000000005,"d":"4.98%"}]
[]
[null,"TOTAL DE ENCARGOS SOCIAIS",{"$f":"ROUND(SUM(C19,C30,C37,C40),5)","v":{"v":0.42713,"d":"42.71%"}},{"$f":"ROUND(SUM(D19,D30,D37,D40),5)","v":{"v":0.65419,"d":"65.42%"}},{"v":0.65419,"d":"65.42%"},{"v":0.65419,"d":"65.42%"},{"v":0.65419,"d":"65.42%"},{"v":0.65419,"d":"65.42%"},{"v":0.65419,"d":"65.42%"},{"v":0.65419,"d":"65.42%"},{"v":0.65419,"d":"65.42%"},{"v":0.65419,"d":"65.42%"},{"v":0.65419,"d":"65.42%"},{"v":0.65419,"d":"65.42%"},{"v":0.65419,"d":"65.42%"},{"v":0.65419,"d":"65.42%"},{"v":0.65419,"d":"65.42%"}]

{"sheet":"10. TRIBUTAÇÃO E IMPOSTOS","index":11,"n_rows":24,"n_cols":17,"rows_kept":24,"merged":[[10,2,10,5],[20,2,20,5]]}
[]
[{"$nulls":4},"SECRETARIA MUNICIPAL DE DESENVOLVIMENTO URBANO"]
[{"$nulls":4},{"$f":"MENU!$B$3&\"  -  \"&+MENU!$B$4","v":"CONCORRÊNCIA Nº 003/18  -  "}]
[{"$nulls":4},{"$f":"+MENU!$C$2","v":"ESTUDO TÉCNICO DE VIABILIDADE ECONÔMICA DA OPERAÇÃO DO SERVIÇO DE TRANSPORTE COLETIVO DA CIDADE DE AMPARO"}]
[{"$nulls":4},{"$f":"+MENU!$C$3","v":"ANEXO IV.1 - ESTUDO TÉCNICO DE VIABILIDADE ECONÔMICA - ORÇAMENTO ESTIMADO"},{"$nulls":11},{"$f":"+MENU!$C$5","v":"DATA BASE DE CÁLCULO: MARÇO 2020"}]
[]
[null,{"$f":"+MENU!C127","v":"10. - TRIBUTAÇÃO e IMPOSTOS"}]
[]
[null,{"$f":"+MENU!$C$128","v":"10.1 - TRIBUTAÇÃO INCIDENTE SOBRE FATURAMENTO"}]
[]
[null,null,"Percentual de Tributação"]
[null,null,"    - PIS",null,null,{"v":0,"d":"0.00%"}]
[null,null,"    - COFINS",null,null,{"v":0,"d":"0.00%"}]
[null,null,"    - ISS",null,null,{"v":0.05,"d":"5.00%"}]
[null,null,"    - INSS",null,null,{"v":0,"d":"0.00%"}]
[null,null,"    - Total Tributação sobre o faturamento",null,null,{"$f":"SUM(F12:F15)","v":{"v":0.05,"d":"5.00%"}}]
[]
[]
[null,{"$f":"+MENU!$C$129","v":"10.2 - IMPOSTOS"}]
[]
[null,null,"Percentual de Impostos"]
[null,null,"Contribuição Social",null,null,{"v":0.09,"d":"9.00%"}]
[null,null,"Imposto de Renda (15% s/Lucro Real)",null,null,{"v":0.15,"d":"15.00%"}]
[null,null,"Imposto de Renda (10% s/Lucro Real)",null,null,{"v":0.1,"d":"10.00%"}]

{"sheet":"11. RECEITA ACESSORIA","index":12,"n_rows":10,"n_cols":18,"rows_kept":10}
[]
[{"$nulls":5},"SECRETARIA MUNICIPAL DE DESENVOLVIMENTO URBANO"]
[{"$nulls":5},{"$f":"MENU!$B$3&\"  -  \"&+MENU!$B$4","v":"CONCORRÊNCIA Nº 003/18  -  "}]
[{"$nulls":5},{"$f":"+MENU!$C$2","v":"ESTUDO TÉCNICO DE VIABILIDADE ECONÔMICA DA OPERAÇÃO DO SERVIÇO DE TRANSPORTE COLETIVO DA CIDADE DE AMPARO"}]
[{"$nulls":5},{"$f":"+MENU!$C$3","v":"ANEXO IV.1 - ESTUDO TÉCNICO DE VIABILIDADE ECONÔMICA - ORÇAMENTO ESTIMADO"},{"$nulls":11},{"$f":"+MENU!$C$5","v":"DATA BASE DE CÁLCULO: MARÇO 2020"}]
[]
[null,{"$f":"+MENU!$C$130","v":"11. - RECEITAS ACESSÓRIAS"}]
[]
[{"$nulls":3},"Valor Mensal por Veículo","Frota Total","Valor Total Mensal"]
[{"$nulls":3},{"v":150,"d":"R$ 150.00"},{"$f":"'1. DADOS OPERACIONAIS'!F23","v":14},{"$f":"D10*E10","v":{"v":2100,"d":"R$ 2,100.00"}}]

{"sheet":"12. FLUXO DE CAIXA","index":13,"n_rows":95,"n_cols":26,"rows_kept":95,"merged":[[8,2,8,4],[46,2,46,4]]}
[]
[{"$nulls":4},"SECRETARIA MUNICIPAL DE DESENVOLVIMENTO URBANO"]
[{"$nulls":4},{"$f":"MENU!$B$3&\"  -  \"&+MENU!$B$4","v":"CONCORRÊNCIA Nº 003/18  -  "}]
[{"$nulls":4},{"$f":"+MENU!$C$2","v":"ESTUDO TÉCNICO DE VIABILIDADE ECONÔMICA DA OPERAÇÃO DO SERVIÇO DE TRANSPORTE COLETIVO DA CIDADE DE AMPARO"}]
[{"$nulls":4},{"$f":"+MENU!$C$3","v":"ANEXO IV.1 - ESTUDO TÉCNICO DE VIABILIDADE ECONÔMICA - ORÇAMENTO ESTIMADO"},{"$nulls":16},{"$f":"+MENU!$C$5","v":"DATA BASE DE CÁLCULO: MARÇO 2020"}]
[]
[null,null,{"$f":"+MENU!C131","v":"12. - FLUXO DE CAIXA DE INVESTIMENTO"}]
[]
[null,null,"DEMONSTRATIVO DO RESULTADO ECONÔMICO - DRE",null,null,"Pré-Operacional",{"v":1,"d":"Ano 1"},{"$f":"+G9+1","v":{"v":2,"d":"Ano 2"}},{"v":3,"d":"Ano 3"},{"v":4,"d":"Ano 4"},{"v":5,"d":"Ano 5"},{"v":6,"d":"Ano 6"},{"v":7,"d":"Ano 7"},{"v":8,"d":"Ano 8"},{"v":9,"d":"Ano 9"},{"v":10,"d":"Ano 10"},{"v":11,"d":"Ano 11"},{"v":12,"d":"Ano 12"},{"v":13,"d":"Ano 13"},{"v":14,"d":"Ano 14"},{"v":15,"d":"Ano 15"},"Encerramento"]
["A",null,"(+) RECEITA"]
["B",null,null,"Previsão de Passageiros Equivalentes Totais",null,"(Passag./Ano)",{"$f":"'1. DADOS OPERACIONAIS'!F59","v":{"v":1112688,"d":"1,112,688"}},{"$f":"'1. DADOS OPERACIONAIS'!G59","v":{"v":1112688,"d":"1,112,688"}},{"$f":"'1. DADOS OPERACIONAIS'!H59","v":{"v":1112688,"d":"1,112,688"}},{"$f":"'1. DADOS OPERACIONAIS'!I59","v":{"v":1112688,"d":"1,112,688"}},{"$f":"'1. DADOS OPERACIONAIS'!J59","v":{"v":1112688,"d":"1,112,688"}},{"$f":"'1. DADOS OPERACIONAIS'!K59","v":{"v":1112688,"d":"1,112,688"}},{"$f":"'1. DADOS OPERACIONAIS'!L59","v":{"v":1112688,"d":"1,112,688"}},{"$f":"'1. DADOS OPERACIONAIS'!M59","v":{"v":1112688,"d":"1,112,688"}},{"$f":"'1. DADOS OPERACIONAIS'!N59","v":{"v":1112688,"d":"1,112,688"}},{"$f":"'1. DADOS OPERACIONAIS'!O59","v":{"v":1112688,"d":"1,112,688"}},{"$f":"'1. DADOS OPERACIONAIS'!P59","v":{"v":1112688,"d":"1,112,688"}},{"$f":"'1. DADOS OPERACIONAIS'!Q59","v":{"v":1112688,"d":"1,112,688"}},{"$f":"'1. DADOS OPERACIONAIS'!R59","v":{"v":1112688,"d":"1,112,688"}},{"$f":"'1. DADOS OPERACIONAIS'!S59","v":{"v":1112688,"d":"1,112,688"}},{"$f":"'1. DADOS OPERACIONAIS'!T59","v":{"v":1112688,"d":"1,112,688"}}]
["C",null,null,"Tarifa (R$)",null,{"v":3.95,"d":"R$ 3.950"},{"$f":"+F12","v":{"v":3.95,"d":"3.950"}},{"$f":"+G12","v":{"v":3.95,"d":"3.950"}},{"$f":"+H12","v":{"v":3.95,"d":"3.950"}},{"v":3.95,"d":"3.950"},{"v":3.95,"d":"3.950"},{"v":3.95,"d":"3.950"},{"v":3.95,"d":"3.950"},{"v":3.95,"d":"3.950"},{"v":3.95,"d":"3.950"},{"v":3.95,"d":"3.950"},{"v":3.95,"d":"3.950"},{"v":3.95,"d":"3.950"},{"v":3.95,"d":"3.950"},{"v":3.95,"d":"3.950"},{"v":3.95,"d":"3.950"}]
["D = B x C",null,null,"Receita de Arrecadação dos Passageiros",null,null,{"$f":"ROUND(G12*G11,2)","v":{"v":4395117.6,"d":"4,395,118"}},{"v":4395117.6,"d":"4,395,118"},{"v":4395117.6,"d":"4,395,118"},{"v":4395117.6,"d":"4,395,118"},{"v":4395117.6,"d":"4,395,118"},{"v":4395117.6,"d":"4,395,118"},{"v":4395117.6,"d":"4,395,118"},{"v":4395117.6,"d":"4,395,118"},{"v":4395117.6,"d":"4,395,118"},{"v":4395117.6,"d":"4,395,118"},{"v":4395117.6,"d":"4,395,118"},{"v":4395117.6,"d":"4,395,118"},{"v":4395117.6,"d":"4,395,118"},{"v":4395117.6,"d":"4,395,118"},{"v":4395117.6,"d":"4,395,118"}]
["E",null,null,"(+) Receitas Acessórias",null,null,{"$f":"'11. RECEITA ACESSORIA'!F10*12","v":{"v":25200,"d":"25,200"}},{"$f":"+G14","v":{"v":25200,"d":"25,200"}},{"$f":"+H14","v":{"v":25200,"d":"25,200"}},{"v":25200,"d":"25,200"},{"v":25200,"d":"25,200"},{"v":25200,"d":"25,200"},{"v":25200,"d":"25,200"},{"v":25200,"d":"25,200"},{"v":25200,"d":"25,200"},{"v":25200,"d":"25,200"},{"v":25200,"d":"25,200"},{"v":25200,"d":"25,200"},{"v":25200,"d":"25,200"},{"v":25200,"d":"25,200"},{"v":25200,"d":"25,200"}]
["F=E+D",null,null,"(+) Receita Bruta Total",null,null,{"$f":"SUM(G13,G14)","v":{"v":4420317.6,"d":"4,420,318"}},{"$f":"SUM(H13,H14)","v":{"v":4420317.6,"d":"4,420,318"}},{"v":4420317.6,"d":"4,420,318"},{"v":4420317.6,"d":"4,420,318"},{"v":4420317.6,"d":"4,420,318"},{"v":4420317.6,"d":"4,420,318"},{"v":4420317.6,"d":"4,420,318"},{"v":4420317.6,"d":"4,420,318"},{"v":4420317.6,"d":"4,420,318"},{"v":4420317.6,"d":"4,420,318"},{"v":4420317.6,"d":"4,420,318"},{"v":4420317.6,"d":"4,420,318"},{"v":4420317.6,"d":"4,420,318"},{"v":4420317.6,"d":"4,420,318"},{"v":4420317.6,"d":"4,420,318"}]
[]
["G = % x F",null,null,"INSS sobre a Receita Bruta",null,{"v":0.02,"d":"2.00%"},{"$f":"$F17*G15","v":{"v":88406.352,"d":"88,406"}}]
["H = % x F",null,null,"ISS sobre a Receita Bruta",null,{"$f":"+'10. TRIBUTAÇÃO E IMPOSTOS'!F14","v":{"v":0.05,"d":"5.00%"}},{"$f":"$F18*G15","v":{"v":221015.88,"d":"221,016"}},{"$f":"$F18*H15","v":{"v":221015.88,"d":"221,016"}},{"v":221015.88,"d":"221,016"},{"v":221015.88,"d":"221,016"},{"v":221015.88,"d":"221,016"},{"v":221015.88,"d":"221,016"},{"v":221015.88,"d":"221,016"},{"v":221015.88,"d":"221,016"},{"v":221015.88,"d":"221,016"},{"v":221015.88,"d":"221,016"},{"v":221015.88,"d":"221,016"},{"v":221015.88,"d":"221,016"},{"v":221015.88,"d":"221,016"},{"v":221015.88,"d":"221,016"},{"v":221015.88,"d":"221,016"}]
["I = % x F",null,null,"PIS e COFINS",null,{"$f":"SUM('10. TRIBUTAÇÃO E IMPOSTOS'!F12:F13)","v":{"v":0,"d":"0.00%"}},{"$f":"$F19*G15","v":0},{"$f":"$F19*H15","v":0},0,0,0,0,0,0,0,0,0,0,0,0,0]
["J = G + H + I",null,null,"(-) Soma das Deduções da Receita Bruta",null,null,{"$f":"SUM(G17:G19)","v":{"v":309422.232,"d":"309,422"}},{"$f":"SUM(H17:H19)","v":{"v":221015.88,"d":"221,016"}},{"v":221015.88,"d":"221,016"},{"v":221015.88,"d":"221,016"},{"v":221015.88,"d":"221,016"},{"v":221015.88,"d":"221,016"},{"v":221015.88,"d":"221,016"},{"v":221015.88,"d":"221,016"},{"v":221015.88,"d":"221,016"},{"v":221015.88,"d":"221,016"},{"v":221015.88,"d":"221,016"},{"v":221015.88,"d":"221,016"},{"v":221015.88,"d":"221,016"},{"v":221015.88,"d":"221,016"},{"v":221015.88,"d":"221,016"}]
[]
["K = F - J",null,null,"(=) Receita Líquida",null,null,{"$f":"G15-G20","v":{"v":4110895.368,"d":"4,110,895"}},{"$f":"H15-H20","v":{"v":4199301.72,"d":"4,199,302"}},{"v":4199301.72,"d":"4,199,302"},{"v":4199301.72,"d":"4,199,302"},{"v":4199301.72,"d":"4,199,302"},{"v":4199301.72,"d":"4,199,302"},{"v":4199301.72,"d":"4,199,302"},{"v":4199301.72,"d":"4,199,302"},{"v":4199301.72,"d":"4,199,302"},{"v":4199301.72,"d":"4,199,302"},{"v":4199301.72,"d":"4,199,302"},{"v":4199301.72,"d":"4,199,302"},{"v":4199301.72,"d":"4,199,302"},{"v":4199301.72,"d":"4,199,302"},{"v":4199301.72,"d":"4,199,302"}]
[{"$nulls":23},"Valores Reais"]
["L = M + N",null,"(=) CUSTOS",null,null,"(R$)",{"$f":"G25+G31","v":{"v":3111723.44822138,"d":"3,111,723"}},{"$f":"H25+H31","v":{"v":3322612.256434046,"d":"3,322,612"}},{"v":3322612.256434046,"d":"3,322,612"},{"v":3322612.256434046,"d":"3,322,612"},{"v":3322612.256434046,"d":"3,322,612"},{"v":3322612.256434046,"d":"3,322,612"},{"v":3322612.256434046,"d":"3,322,612"},{"v":3322612.256434046,"d":"3,322,612"},{"v":3322612.256434046,"d":"3,322,612"},{"v":3322612.256434046,"d":"3,322,612"},{"v":3322612.256434046,"d":"3,322,612"},{"v":3322612.256434046,"d":"3,322,612"},{"v":3322612.256434046,"d":"3,322,612"},{"v":3322612.256434046,"d":"3,322,612"},{"$f":"U25+U31","v":{"v":3322612.256434046,"d":"3,322,612"}},null,null,{"$f":"AVERAGE(G24,H24,I24,J24,K24,L24,M24,N24,O24,P24,Q24,R24,S24,T24,U24)+X50","v":{"v":3985295.125264313,"d":"3,985,295.13"}}]
["M",null,null,"(-) Custos Variáveis",null,{"$f":"F24","v":"(R$)"},{"$f":"SUM(G26:G30)","v":{"v":1216716.0442373124,"d":"1,216,716"}},{"$f":"SUM(H26:H30)","v":{"v":1216716.0442373124,"d":"1,216,716"}},{"v":1216716.0442373124,"d":"1,216,716"},{"v":1216716.0442373124,"d":"1,216,716"},{"v":1216716.0442373124,"d":"1,216,716"},{"v":1216716.0442373124,"d":"1,216,716"},{"v":1216716.0442373124,"d":"1,216,716"},{"v":1216716.0442373124,"d":"1,216,716"},{"v":1216716.0442373124,"d":"1,216,716"},{"v":1216716.0442373124,"d":"1,216,716"},{"v":1216716.0442373124,"d":"1,216,716"},{"v":1216716.0442373124,"d":"1,216,716"},{"v":1216716.0442373124,"d":"1,216,716"},{"v":1216716.0442373124,"d":"1,216,716"},{"v":1216716.0442373124,"d":"1,216,716"},null,null,{"$f":"AVERAGE(G25,H25,I25,J25,K25,L25,M25,N25,O25,P25,Q25,R25,S25,T25,U25)","v":{"v":1216716.0442373122,"d":"1,216,716.04"}},{"$f":"+X25/$X$24","v":{"v":0.3053013656439351,"d":"30.53%"}},"Custos Variáveis"]
[{"$nulls":3},"Custeios com Óleo Diesel",null,null,{"$f":"+'4. CUSTOS VARIÁVEIS'!F74*12","v":{"v":851905.0895769917,"d":"851,905"}},{"$f":"+'4. CUSTOS VARIÁVEIS'!G74*12","v":{"v":851905.0895769917,"d":"851,905"}},{"$f":"+'4. CUSTOS VARIÁVEIS'!H74*12","v":{"v":851905.0895769917,"d":"851,905"}},{"$f":"+'4. CUSTOS VARIÁVEIS'!I74*12","v":{"v":851905.0895769917,"d":"851,905"}},{"$f":"+'4. CUSTOS VARIÁVEIS'!J74*12","v":{"v":851905.0895769917,"d":"851,905"}},{"$f":"+'4. CUSTOS VARIÁVEIS'!K74*12","v":{"v":851905.0895769917,"d":"851,905"}},{"$f":"+'4. CUSTOS VARIÁVEIS'!L74*12","v":{"v":851905.0895769917,"d":"851,905"}},{"$f":"+'4. CUSTOS VARIÁVEIS'!M74*12","v":{"v":851905.0895769917,"d":"851,905"}},{"$f":"+'4. CUSTOS VARIÁVEIS'!N74*12","v":{"v":851905.0895769917,"d":"851,905"}},{"$f":"+'4. CUSTOS VARIÁVEIS'!O74*12","v":{"v":851905.0895769917,"d":"851,905"}},{"$f":"+'4. CUSTOS VARIÁVEIS'!P74*12","v":{"v":851905.0895769917,"d":"851,905"}},{"$f":"+'4. CUSTOS VARIÁVEIS'!Q74*12","v":{"v":851905.0895769917,"d":"851,905"}},{"$f":"+'4. CUSTOS VARIÁVEIS'!R74*12","v":{"v":851905.0895769917,"d":"851,905"}},{"$f":"+'4. CUSTOS VARIÁVEIS'!S74*12","v":{"v":851905.0895769917,"d":"851,905"}},{"$f":"+'4. CUSTOS VARIÁVEIS'!T74*12","v":{"v":851905.0895769917,"d":"851,905"}},null,null,{"v":851905.0895769914,"d":"851,905.09"}]
[{"$nulls":3},"Custeios com Arla32",null,null,{"$f":"+'4. CUSTOS VARIÁVEIS'!F75*12","v":{"v":12302.80385098025,"d":"12,303"}},{"$f":"+'4. CUSTOS VARIÁVEIS'!G75*12","v":{"v":12302.80385098025,"d":"12,303"}},{"$f":"+'4. CUSTOS VARIÁVEIS'!H75*12","v":{"v":12302.80385098025,"d":"12,303"}},{"$f":"+'4. CUSTOS VARIÁVEIS'!I75*12","v":{"v":12302.80385098025,"d":"12,303"}},{"$f":"+'4. CUSTOS VARIÁVEIS'!J75*12","v":{"v":12302.80385098025,"d":"12,303"}},{"$f":"+'4. CUSTOS VARIÁVEIS'!K75*12","v":{"v":12302.80385098025,"d":"12,303"}},{"$f":"+'4. CUSTOS VARIÁVEIS'!L75*12","v":{"v":12302.80385098025,"d":"12,303"}},{"$f":"+'4. CUSTOS VARIÁVEIS'!M75*12","v":{"v":12302.80385098025,"d":"12,303"}},{"$f":"+'4. CUSTOS VARIÁVEIS'!N75*12","v":{"v":12302.80385098025,"d":"12,303"}},{"$f":"+'4. CUSTOS VARIÁVEIS'!O75*12","v":{"v":12302.80385098025,"d":"12,303"}},{"$f":"+'4. CUSTOS VARIÁVEIS'!P75*12","v":{"v":12302.80385098025,"d":"12,303"}},{"$f":"+'4. CUSTOS VARIÁVEIS'!Q75*12","v":{"v":12302.80385098025,"d":"12,303"}},{"$f":"+'4. CUSTOS VARIÁVEIS'!R75*12","v":{"v":12302.80385098025,"d":"12,303"}},{"$f":"+'4. CUSTOS VARIÁVEIS'!S75*12","v":{"v":12302.80385098025,"d":"12,303"}},{"$f":"+'4. CUSTOS VARIÁVEIS'!T75*12","v":{"v":12302.80385098025,"d":"12,303"}},null,null,{"v":12302.803850980246,"d":"12,302.80"}]
[{"$nulls":3},"Custeios com Lubrificantes",null,null,{"$f":"+'4. CUSTOS VARIÁVEIS'!F76*12","v":{"v":107433.4103442735,"d":"107,433"}},{"$f":"+'4. CUSTOS VARIÁVEIS'!G76*12","v":{"v":107433.4103442735,"d":"107,433"}},{"$f":"+'4. CUSTOS VARIÁVEIS'!H76*12","v":{"v":107433.4103442735,"d":"107,433"}},{"$f":"+'4. CUSTOS VARIÁVEIS'!I76*12","v":{"v":107433.4103442735,"d":"107,433"}},{"$f":"+'4. CUSTOS VARIÁVEIS'!J76*12","v":{"v":107433.4103442735,"d":"107,433"}},{"$f":"+'4. CUSTOS VARIÁVEIS'!K76*12","v":{"v":107433.4103442735,"d":"107,433"}},{"$f":"+'4. CUSTOS VARIÁVEIS'!L76*12","v":{"v":107433.4103442735,"d":"107,433"}},{"$f":"+'4. CUSTOS VARIÁVEIS'!M76*12","v":{"v":107433.4103442735,"d":"107,433"}},{"$f":"+'4. CUSTOS VARIÁVEIS'!N76*12","v":{"v":107433.4103442735,"d":"107,433"}},{"$f":"+'4. CUSTOS VARIÁVEIS'!O76*12","v":{"v":107433.4103442735,"d":"107,433"}},{"$f":"+'4. CUSTOS VARIÁVEIS'!P76*12","v":{"v":107433.4103442735,"d":"107,433"}},{"$f":"+'4. CUSTOS VARIÁVEIS'!Q76*12","v":{"v":107433.4103442735,"d":"107,433"}},{"$f":"+'4. CUSTOS VARIÁVEIS'!R76*12","v":{"v":107433.4103442735,"d":"107,433"}},{"$f":"+'4. CUSTOS VARIÁVEIS'!S76*12","v":{"v":107433.4103442735,"d":"107,433"}},{"$f":"+'4. CUSTOS VARIÁVEIS'!T76*12","v":{"v":107433.4103442735,"d":"107,433"}},null,null,{"v":107433.41034427354,"d":"107,433.41"}]
[{"$nulls":3},"Custeios com Material de Rodagem",null,null,{"$f":"+'4. CUSTOS VARIÁVEIS'!F77*12","v":{"v":47141.17242337567,"d":"47,141"}},{"$f":"+'4. CUSTOS VARIÁVEIS'!G77*12","v":{"v":47141.17242337567,"d":"47,141"}},{"$f":"+'4. CUSTOS VARIÁVEIS'!H77*12","v":{"v":47141.17242337567,"d":"47,141"}},{"$f":"+'4. CUSTOS VARIÁVEIS'!I77*12","v":{"v":47141.17242337567,"d":"47,141"}},{"$f":"+'4. CUSTOS VARIÁVEIS'!J77*12","v":{"v":47141.17242337567,"d":"47,141"}},{"$f":"+'4. CUSTOS VARIÁVEIS'!K77*12","v":{"v":47141.17242337567,"d":"47,141"}},{"$f":"+'4. CUSTOS VARIÁVEIS'!L77*12","v":{"v":47141.17242337567,"d":"47,141"}},{"$f":"+'4. CUSTOS VARIÁVEIS'!M77*12","v":{"v":47141.17242337567,"d":"47,141"}},{"$f":"+'4. CUSTOS VARIÁVEIS'!N77*12","v":{"v":47141.17242337567,"d":"47,141"}},{"$f":"+'4. CUSTOS VARIÁVEIS'!O77*12","v":{"v":47141.17242337567,"d":"47,141"}},{"$f":"+'4. CUSTOS VARIÁVEIS'!P77*12","v":{"v":47141.17242337567,"d":"47,141"}},{"$f":"+'4. CUSTOS VARIÁVEIS'!Q77*12","v":{"v":47141.17242337567,"d":"47,141"}},{"$f":"+'4. CUSTOS VARIÁVEIS'!R77*12","v":{"v":47141.17242337567,"d":"47,141"}},{"$f":"+'4. CUSTOS VARIÁVEIS'!S77*12","v":{"v":47141.17242337567,"d":"47,141"}},{"$f":"+'4. CUSTOS VARIÁVEIS'!T77*12","v":{"v":47141.17242337567,"d":"47,141"}},null,null,{"v":47141.17242337566,"d":"47,141.17"}]
[{"$nulls":3},"Custeios com Peças Acessórios",null,null,{"$f":"+'4. CUSTOS VARIÁVEIS'!F78*12","v":{"v":197933.56804169132,"d":"197,934"}},{"$f":"+'4. CUSTOS VARIÁVEIS'!G78*12","v":{"v":197933.56804169132,"d":"197,934"}},{"$f":"+'4. CUSTOS VARIÁVEIS'!H78*12","v":{"v":197933.56804169132,"d":"197,934"}},{"$f":"+'4. CUSTOS VARIÁVEIS'!I78*12","v":{"v":197933.56804169132,"d":"197,934"}},{"$f":"+'4. CUSTOS VARIÁVEIS'!J78*12","v":{"v":197933.56804169132,"d":"197,934"}},{"$f":"+'4. CUSTOS VARIÁVEIS'!K78*12","v":{"v":197933.56804169132,"d":"197,934"}},{"$f":"+'4. CUSTOS VARIÁVEIS'!L78*12","v":{"v":197933.56804169132,"d":"197,934"}},{"$f":"+'4. CUSTOS VARIÁVEIS'!M78*12","v":{"v":197933.56804169132,"d":"197,934"}},{"$f":"+'4. CUSTOS VARIÁVEIS'!N78*12","v":{"v":197933.56804169132,"d":"197,934"}},{"$f":"+'4. CUSTOS VARIÁVEIS'!O78*12","v":{"v":197933.56804169132,"d":"197,934"}},{"$f":"+'4. CUSTOS VARIÁVEIS'!P78*12","v":{"v":197933.56804169132,"d":"197,934"}},{"$f":"+'4. CUSTOS VARIÁVEIS'!Q78*12","v":{"v":197933.56804169132,"d":"197,934"}},{"$f":"+'4. CUSTOS VARIÁVEIS'!R78*12","v":{"v":197933.56804169132,"d":"197,934"}},{"$f":"+'4. CUSTOS VARIÁVEIS'!S78*12","v":{"v":197933.56804169132,"d":"197,934"}},{"$f":"+'4. CUSTOS VARIÁVEIS'!T78*12","v":{"v":197933.56804169132,"d":"197,934"}},null,null,{"v":197933.56804169138,"d":"197,933.57"}]
["N",null,null,"(-) Custos Fixos",null,{"$f":"F25","v":"(R$)"},{"$f":"+G32+G39","v":{"v":1895007.4039840675,"d":"1,895,007"}},{"$f":"+H32+H39","v":{"v":2105896.212196734,"d":"2,105,896"}},{"v":2105896.212196734,"d":"2,105,896"},{"v":2105896.212196734,"d":"2,105,896"},{"v":2105896.212196734,"d":"2,105,896"},{"v":2105896.212196734,"d":"2,105,896"},{"v":2105896.212196734,"d":"2,105,896"},{"v":2105896.212196734,"d":"2,105,896"},{"v":2105896.212196734,"d":"2,105,896"},{"v":2105896.212196734,"d":"2,105,896"},{"v":2105896.212196734,"d":"2,105,896"},{"v":2105896.212196734,"d":"2,105,896"},{"v":2105896.212196734,"d":"2,105,896"},{"v":2105896.212196734,"d":"2,105,896"},{"v":2105896.212196734,"d":"2,105,896"},null,null,{"v":2091836.9583158896,"d":"2,091,836.96"},{"$f":"+X31/$X$24","v":{"v":0.5248888457607401,"d":"52.49%"}},"Custos Fixos"]
[{"$nulls":3},"Custo com Pessoal",null,{"$f":"F31","v":"(R$)"},{"$f":"SUM(G33:G38)","v":{"v":1404098.2661226883,"d":"1,404,098"}},{"$f":"SUM(H33:H38)","v":{"v":1598888.6920290443,"d":"1,598,889"}},{"v":1598888.6920290443,"d":"1,598,889"},{"v":1598888.6920290443,"d":"1,598,889"},{"v":1598888.6920290443,"d":"1,598,889"},{"v":1598888.6920290443,"d":"1,598,889"},{"v":1598888.6920290443,"d":"1,598,889"},{"v":1598888.6920290443,"d":"1,598,889"},{"v":1598888.6920290443,"d":"1,598,889"},{"v":1598888.6920290443,"d":"1,598,889"},{"v":1598888.6920290443,"d":"1,598,889"},{"v":1598888.6920290443,"d":"1,598,889"},{"v":1598888.6920290443,"d":"1,598,889"},{"v":1598888.6920290443,"d":"1,598,889"},{"v":1598888.6920290443,"d":"1,598,889"},null,null,{"v":1585902.6636352872,"d":"1,585,902.66"},{"$f":"+X32/$X$24","v":{"v":0.3979385751337818,"d":"39.79%"}},"Custos Fixos Pessoal (mâo de obra e beneficios)"]
[{"$nulls":3},"Custeios com Motoristas",null,null,{"$f":"+'5. CUSTOS FIXOS (PESSOAL)'!F85*12","v":{"v":871851.696554592,"d":"871,852"}},{"$f":"+'5. CUSTOS FIXOS (PESSOAL)'!G85*12","v":{"v":1010565.5111472962,"d":"1,010,566"}},{"$f":"+'5. CUSTOS FIXOS (PESSOAL)'!H85*12","v":{"v":1010565.5111472962,"d":"1,010,566"}},{"$f":"+'5. CUSTOS FIXOS (PESSOAL)'!I85*12","v":{"v":1010565.5111472962,"d":"1,010,566"}},{"$f":"+'5. CUSTOS FIXOS (PESSOAL)'!J85*12","v":{"v":1010565.5111472962,"d":"1,010,566"}},{"$f":"+'5. CUSTOS FIXOS (PESSOAL)'!K85*12","v":{"v":1010565.5111472962,"d":"1,010,566"}},{"$f":"+'5. CUSTOS FIXOS (PESSOAL)'!L85*12","v":{"v":1010565.5111472962,"d":"1,010,566"}},{"$f":"+'5. CUSTOS FIXOS (PESSOAL)'!M85*12","v":{"v":1010565.5111472962,"d":"1,010,566"}},{"$f":"+'5. CUSTOS FIXOS (PESSOAL)'!N85*12","v":{"v":1010565.5111472962,"d":"1,010,566"}},{"$f":"+'5. CUSTOS FIXOS (PESSOAL)'!O85*12","v":{"v":1010565.5111472962,"d":"1,010,566"}},{"$f":"+'5. CUSTOS FIXOS (PESSOAL)'!P85*12","v":{"v":1010565.5111472962,"d":"1,010,566"}},{"$f":"+'5. CUSTOS FIXOS (PESSOAL)'!Q85*12","v":{"v":1010565.5111472962,"d":"1,010,566"}},{"$f":"+'5. CUSTOS FIXOS (PESSOAL)'!R85*12","v":{"v":1010565.5111472962,"d":"1,010,566"}},{"$f":"+'5. CUSTOS FIXOS (PESSOAL)'!S85*12","v":{"v":1010565.5111472962,"d":"1,010,566"}},{"$f":"+'5. CUSTOS FIXOS (PESSOAL)'!T85*12","v":{"v":1010565.5111472962,"d":"1,010,566"}}]
[{"$nulls":3},"Custeios com Fiscalização",null,null,{"$f":"+'5. CUSTOS FIXOS (PESSOAL)'!F86*12","v":{"v":90628.05250656001,"d":"90,628"}},{"$f":"+'5. CUSTOS FIXOS (PESSOAL)'!G86*12","v":{"v":105047.20535328002,"d":"105,047"}},{"$f":"+'5. CUSTOS FIXOS (PESSOAL)'!H86*12","v":{"v":105047.20535328002,"d":"105,047"}},{"$f":"+'5. CUSTOS FIXOS (PESSOAL)'!I86*12","v":{"v":105047.20535328002,"d":"105,047"}},{"$f":"+'5. CUSTOS FIXOS (PESSOAL)'!J86*12","v":{"v":105047.20535328002,"d":"105,047"}},{"$f":"+'5. CUSTOS FIXOS (PESSOAL)'!K86*12","v":{"v":105047.20535328002,"d":"105,047"}},{"$f":"+'5. CUSTOS FIXOS (PESSOAL)'!L86*12","v":{"v":105047.20535328002,"d":"105,047"}},{"$f":"+'5. CUSTOS FIXOS (PESSOAL)'!M86*12","v":{"v":105047.20535328002,"d":"105,047"}},{"$f":"+'5. CUSTOS FIXOS (PESSOAL)'!N86*12","v":{"v":105047.20535328002,"d":"105,047"}},{"$f":"+'5. CUSTOS FIXOS (PESSOAL)'!O86*12","v":{"v":105047.20535328002,"d":"105,047"}},{"$f":"+'5. CUSTOS FIXOS (PESSOAL)'!P86*12","v":{"v":105047.20535328002,"d":"105,047"}},{"$f":"+'5. CUSTOS FIXOS (PESSOAL)'!Q86*12","v":{"v":105047.20535328002,"d":"105,047"}},{"$f":"+'5. CUSTOS FIXOS (PESSOAL)'!R86*12","v":{"v":105047.20535328002,"d":"105,047"}},{"$f":"+'5. CUSTOS FIXOS (PESSOAL)'!S86*12","v":{"v":105047.20535328002,"d":"105,047"}},{"$f":"+'5. CUSTOS FIXOS (PESSOAL)'!T86*12","v":{"v":105047.20535328002,"d":"105,047"}}]
[{"$nulls":3},"Custeios com Cobrador",null,null,{"$f":"+'5. CUSTOS FIXOS (PESSOAL)'!F87*12","v":{"v":49344.62955264001,"d":"49,345"}},{"$f":"+'5. CUSTOS FIXOS (PESSOAL)'!G87*12","v":{"v":57195.48517632001,"d":"57,195"}},{"$f":"+'5. CUSTOS FIXOS (PESSOAL)'!H87*12","v":{"v":57195.48517632001,"d":"57,195"}},{"$f":"+'5. CUSTOS FIXOS (PESSOAL)'!I87*12","v":{"v":57195.48517632001,"d":"57,195"}},{"$f":"+'5. CUSTOS FIXOS (PESSOAL)'!J87*12","v":{"v":57195.48517632001,"d":"57,195"}},{"$f":"+'5. CUSTOS FIXOS (PESSOAL)'!K87*12","v":{"v":57195.48517632001,"d":"57,195"}},{"$f":"+'5. CUSTOS FIXOS (PESSOAL)'!L87*12","v":{"v":57195.48517632001,"d":"57,195"}},{"$f":"+'5. CUSTOS FIXOS (PESSOAL)'!M87*12","v":{"v":57195.48517632001,"d":"57,195"}},{"$f":"+'5. CUSTOS FIXOS (PESSOAL)'!N87*12","v":{"v":57195.48517632001,"d":"57,195"}},{"$f":"+'5. CUSTOS FIXOS (PESSOAL)'!O87*12","v":{"v":57195.48517632001,"d":"57,195"}},{"$f":"+'5. CUSTOS FIXOS (PESSOAL)'!P87*12","v":{"v":57195.48517632001,"d":"57,195"}},{"$f":"+'5. CUSTOS FIXOS (PESSOAL)'!Q87*12","v":{"v":57195.48517632001,"d":"57,195"}},{"$f":"+'5. CUSTOS FIXOS (PESSOAL)'!R87*12","v":{"v":57195.48517632001,"d":"57,195"}},{"$f":"+'5. CUSTOS FIXOS (PESSOAL)'!S87*12","v":{"v":57195.48517632001,"d":"57,195"}},{"$f":"+'5. CUSTOS FIXOS (PESSOAL)'!T87*12","v":{"v":57195.48517632001,"d":"57,195"}}]
[{"$nulls":3},"Custeios com P. Manutenção",null,null,{"$f":"+'5. CUSTOS FIXOS (PESSOAL)'!F88*12","v":{"v":126478.04732672402,"d":"126,478"}},{"$f":"+'5. CUSTOS FIXOS (PESSOAL)'!G88*12","v":{"v":146601.02520961204,"d":"146,601"}},{"$f":"+'5. CUSTOS FIXOS (PESSOAL)'!H88*12","v":{"v":146601.02520961204,"d":"146,601"}},{"$f":"+'5. CUSTOS FIXOS (PESSOAL)'!I88*12","v":{"v":146601.02520961204,"d":"146,601"}},{"$f":"+'5. CUSTOS FIXOS (PESSOAL)'!J88*12","v":{"v":146601.02520961204,"d":"146,601"}},{"$f":"+'5. CUSTOS FIXOS (PESSOAL)'!K88*12","v":{"v":146601.02520961204,"d":"146,601"}},{"$f":"+'5. CUSTOS FIXOS (PESSOAL)'!L88*12","v":{"v":146601.02520961204,"d":"146,601"}},{"$f":"+'5. CUSTOS FIXOS (PESSOAL)'!M88*12","v":{"v":146601.02520961204,"d":"146,601"}},{"$f":"+'5. CUSTOS FIXOS (PESSOAL)'!N88*12","v":{"v":146601.02520961204,"d":"146,601"}},{"$f":"+'5. CUSTOS FIXOS (PESSOAL)'!O88*12","v":{"v":146601.02520961204,"d":"146,601"}},{"$f":"+'5. CUSTOS FIXOS (PESSOAL)'!P88*12","v":{"v":146601.02520961204,"d":"146,601"}},{"$f":"+'5. CUSTOS FIXOS (PESSOAL)'!Q88*12","v":{"v":146601.02520961204,"d":"146,601"}},{"$f":"+'5. CUSTOS FIXOS (PESSOAL)'!R88*12","v":{"v":146601.02520961204,"d":"146,601"}},{"$f":"+'5. CUSTOS FIXOS (PESSOAL)'!S88*12","v":{"v":146601.02520961204,"d":"146,601"}},{"$f":"+'5. CUSTOS FIXOS (PESSOAL)'!T88*12","v":{"v":146601.02520961204,"d":"146,601"}}]
[{"$nulls":3},"Custeios com P. Administrativo",null,null,{"$f":"+'5. CUSTOS FIXOS (PESSOAL)'!F89*12","v":{"v":86005.07218217234,"d":"86,005"}},{"$f":"+'5. CUSTOS FIXOS (PESSOAL)'!G89*12","v":{"v":99688.6971425362,"d":"99,689"}},{"$f":"+'5. CUSTOS FIXOS (PESSOAL)'!H89*12","v":{"v":99688.6971425362,"d":"99,689"}},{"$f":"+'5. CUSTOS FIXOS (PESSOAL)'!I89*12","v":{"v":99688.6971425362,"d":"99,689"}},{"$f":"+'5. CUSTOS FIXOS (PESSOAL)'!J89*12","v":{"v":99688.6971425362,"d":"99,689"}},{"$f":"+'5. CUSTOS FIXOS (PESSOAL)'!K89*12","v":{"v":99688.6971425362,"d":"99,689"}},{"$f":"+'5. CUSTOS FIXOS (PESSOAL)'!L89*12","v":{"v":99688.6971425362,"d":"99,689"}},{"$f":"+'5. CUSTOS FIXOS (PESSOAL)'!M89*12","v":{"v":99688.6971425362,"d":"99,689"}},{"$f":"+'5. CUSTOS FIXOS (PESSOAL)'!N89*12","v":{"v":99688.6971425362,"d":"99,689"}},{"$f":"+'5. CUSTOS FIXOS (PESSOAL)'!O89*12","v":{"v":99688.6971425362,"d":"99,689"}},{"$f":"+'5. CUSTOS FIXOS (PESSOAL)'!P89*12","v":{"v":99688.6971425362,"d":"99,689"}},{"$f":"+'5. CUSTOS FIXOS (PESSOAL)'!Q89*12","v":{"v":99688.6971425362,"d":"99,689"}},{"$f":"+'5. CUSTOS FIXOS (PESSOAL)'!R89*12","v":{"v":99688.6971425362,"d":"99,689"}},{"$f":"+'5. CUSTOS FIXOS (PESSOAL)'!S89*12","v":{"v":99688.6971425362,"d":"99,689"}},{"$f":"+'5. CUSTOS FIXOS (PESSOAL)'!T89*12","v":{"v":99688.6971425362,"d":"99,689"}}]
[{"$nulls":3},"Custeios com Benefícios",null,null,{"$f":"+'5. CUSTOS FIXOS (PESSOAL)'!F90*12","v":{"v":179790.768,"d":"179,791"}},{"$f":"+'5. CUSTOS FIXOS (PESSOAL)'!G90*12","v":{"v":179790.768,"d":"179,791"}},{"$f":"+'5. CUSTOS FIXOS (PESSOAL)'!H90*12","v":{"v":179790.768,"d":"179,791"}},{"$f":"+'5. CUSTOS FIXOS (PESSOAL)'!I90*12","v":{"v":179790.768,"d":"179,791"}},{"$f":"+'5. CUSTOS FIXOS (PESSOAL)'!J90*12","v":{"v":179790.768,"d":"179,791"}},{"$f":"+'5. CUSTOS FIXOS (PESSOAL)'!K90*12","v":{"v":179790.768,"d":"179,791"}},{"$f":"+'5. CUSTOS FIXOS (PESSOAL)'!L90*12","v":{"v":179790.768,"d":"179,791"}},{"$f":"+'5. CUSTOS FIXOS (PESSOAL)'!M90*12","v":{"v":179790.768,"d":"179,791"}},{"$f":"+'5. CUSTOS FIXOS (PESSOAL)'!N90*12","v":{"v":179790.768,"d":"179,791"}},{"$f":"+'5. CUSTOS FIXOS (PESSOAL)'!O90*12","v":{"v":179790.768,"d":"179,791"}},{"$f":"+'5. CUSTOS FIXOS (PESSOAL)'!P90*12","v":{"v":179790.768,"d":"179,791"}},{"$f":"+'5. CUSTOS FIXOS (PESSOAL)'!Q90*12","v":{"v":179790.768,"d":"179,791"}},{"$f":"+'5. CUSTOS FIXOS (PESSOAL)'!R90*12","v":{"v":179790.768,"d":"179,791"}},{"$f":"+'5. CUSTOS FIXOS (PESSOAL)'!S90*12","v":{"v":179790.768,"d":"179,791"}},{"$f":"+'5. CUSTOS FIXOS (PESSOAL)'!T90*12","v":{"v":179790.768,"d":"179,791"}}]
[{"$nulls":3},"Custos administrativos",null,{"$f":"F32","v":"(R$)"},{"$f":"SUM(G40:G46)","v":{"v":490909.1378613792,"d":"490,909"}},{"$f":"SUM(H40:H46)","v":{"v":507007.5201676896,"d":"507,008"}},{"v":507007.5201676896,"d":"507,008"},{"v":507007.5201676896,"d":"507,008"},{"v":507007.5201676896,"d":"507,008"},{"v":507007.5201676896,"d":"507,008"},{"v":507007.5201676896,"d":"507,008"},{"v":507007.5201676896,"d":"507,008"},{"v":507007.5201676896,"d":"507,008"},{"v":507007.5201676896,"d":"507,008"},{"v":507007.5201676896,"d":"507,008"},{"v":507007.5201676896,"d":"507,008"},{"v":507007.5201676896,"d":"507,008"},{"v":507007.5201676896,"d":"507,008"},{"v":507007.5201676896,"d":"507,008"},null,null,{"$f":"AVERAGE(G39,H39,I39,J39,K39,L39,M39,N39,O39,P39,Q39,R39,S39,T39,U39)","v":{"v":505934.2946806023,"d":"505,934.29"}},{"$f":"+X39/$X$24","v":{"v":0.12695027062695832,"d":"12.70%"}},"Custos Fixos Administrativos"]
[{"$nulls":3},"Custeios com Seguro Obrigatório",null,null,{"$f":"+'6. CUSTOS ADMINISTRATIVOS'!G89*12","v":{"v":1463.9799999999996,"d":"1,464"}},{"$f":"+'6. CUSTOS ADMINISTRATIVOS'!H89*12","v":{"v":1463.9799999999996,"d":"1,464"}},{"$f":"+'6. CUSTOS ADMINISTRATIVOS'!I89*12","v":{"v":1463.9799999999996,"d":"1,464"}},{"$f":"+'6. CUSTOS ADMINISTRATIVOS'!J89*12","v":{"v":1463.9799999999996,"d":"1,464"}},{"$f":"+'6. CUSTOS ADMINISTRATIVOS'!K89*12","v":{"v":1463.9799999999996,"d":"1,464"}},{"$f":"+'6. CUSTOS ADMINISTRATIVOS'!L89*12","v":{"v":1463.9799999999996,"d":"1,464"}},{"$f":"+'6. CUSTOS ADMINISTRATIVOS'!M89*12","v":{"v":1463.9799999999996,"d":"1,464"}},{"$f":"+'6. CUSTOS ADMINISTRATIVOS'!N89*12","v":{"v":1463.9799999999996,"d":"1,464"}},{"$f":"+'6. CUSTOS ADMINISTRATIVOS'!O89*12","v":{"v":1463.9799999999996,"d":"1,464"}},{"$f":"+'6. CUSTOS ADMINISTRATIVOS'!P89*12","v":{"v":1463.9799999999996,"d":"1,464"}},{"$f":"+'6. CUSTOS ADMINISTRATIVOS'!Q89*12","v":{"v":1463.9799999999996,"d":"1,464"}},{"$f":"+'6. CUSTOS ADMINISTRATIVOS'!R89*12","v":{"v":1463.9799999999996,"d":"1,464"}},{"$f":"+'6. CUSTOS ADMINISTRATIVOS'!S89*12","v":{"v":1463.9799999999996,"d":"1,464"}},{"$f":"+'6. CUSTOS ADMINISTRATIVOS'!T89*12","v":{"v":1463.9799999999996,"d":"1,464"}},{"$f":"+'6. CUSTOS ADMINISTRATIVOS'!U89*12","v":{"v":1463.9799999999996,"d":"1,464"}}]
[{"$nulls":3},"Custeios com Seguro Resp. Civil",null,null,{"$f":"+'6. CUSTOS ADMINISTRATIVOS'!G90*12","v":{"v":11901.12,"d":"11,901"}},{"$f":"+'6. CUSTOS ADMINISTRATIVOS'!H90*12","v":{"v":11901.12,"d":"11,901"}},{"$f":"+'6. CUSTOS ADMINISTRATIVOS'!I90*12","v":{"v":11901.12,"d":"11,901"}},{"$f":"+'6. CUSTOS ADMINISTRATIVOS'!J90*12","v":{"v":11901.12,"d":"11,901"}},{"$f":"+'6. CUSTOS ADMINISTRATIVOS'!K90*12","v":{"v":11901.12,"d":"11,901"}},{"$f":"+'6. CUSTOS ADMINISTRATIVOS'!L90*12","v":{"v":11901.12,"d":"11,901"}},{"$f":"+'6. CUSTOS ADMINISTRATIVOS'!M90*12","v":{"v":11901.12,"d":"11,901"}},{"$f":"+'6. CUSTOS ADMINISTRATIVOS'!N90*12","v":{"v":11901.12,"d":"11,901"}},{"$f":"+'6. CUSTOS ADMINISTRATIVOS'!O90*12","v":{"v":11901.12,"d":"11,901"}},{"$f":"+'6. CUSTOS ADMINISTRATIVOS'!P90*12","v":{"v":11901.12,"d":"11,901"}},{"$f":"+'6. CUSTOS ADMINISTRATIVOS'!Q90*12","v":{"v":11901.12,"d":"11,901"}},{"$f":"+'6. CUSTOS ADMINISTRATIVOS'!R90*12","v":{"v":11901.12,"d":"11,901"}},{"$f":"+'6. CUSTOS ADMINISTRATIVOS'!S90*12","v":{"v":11901.12,"d":"11,901"}},{"$f":"+'6. CUSTOS ADMINISTRATIVOS'!T90*12","v":{"v":11901.12,"d":"11,901"}},{"$f":"+'6. CUSTOS ADMINISTRATIVOS'!U90*12","v":{"v":11901.12,"d":"11,901"}}]
[{"$nulls":3},"Custeios com Despesas Gerais",null,null,{"$f":"+'6. CUSTOS ADMINISTRATIVOS'!G91*12","v":{"v":119504.00000000001,"d":"119,504"}},{"$f":"+'6. CUSTOS ADMINISTRATIVOS'!H91*12","v":{"v":119504.00000000001,"d":"119,504"}},{"$f":"+'6. CUSTOS ADMINISTRATIVOS'!I91*12","v":{"v":119504.00000000001,"d":"119,504"}},{"$f":"+'6. CUSTOS ADMINISTRATIVOS'!J91*12","v":{"v":119504.00000000001,"d":"119,504"}},{"$f":"+'6. CUSTOS ADMINISTRATIVOS'!K91*12","v":{"v":119504.00000000001,"d":"119,504"}},{"$f":"+'6. CUSTOS ADMINISTRATIVOS'!L91*12","v":{"v":119504.00000000001,"d":"119,504"}},{"$f":"+'6. CUSTOS ADMINISTRATIVOS'!M91*12","v":{"v":119504.00000000001,"d":"119,504"}},{"$f":"+'6. CUSTOS ADMINISTRATIVOS'!N91*12","v":{"v":119504.00000000001,"d":"119,504"}},{"$f":"+'6. CUSTOS ADMINISTRATIVOS'!O91*12","v":{"v":119504.00000000001,"d":"119,504"}},{"$f":"+'6. CUSTOS ADMINISTRATIVOS'!P91*12","v":{"v":119504.00000000001,"d":"119,504"}},{"$f":"+'6. CUSTOS ADMINISTRATIVOS'!Q91*12","v":{"v":119504.00000000001,"d":"119,504"}},{"$f":"+'6. CUSTOS ADMINISTRATIVOS'!R91*12","v":{"v":119504.00000000001,"d":"119,504"}},{"$f":"+'6. CUSTOS ADMINISTRATIVOS'!S91*12","v":{"v":119504.00000000001,"d":"119,504"}},{"$f":"+'6. CUSTOS ADMINISTRATIVOS'!T91*12","v":{"v":119504.00000000001,"d":"119,504"}},{"$f":"+'6. CUSTOS ADMINISTRATIVOS'!U91*12","v":{"v":119504.00000000001,"d":"119,504"}}]
[{"$nulls":3},"Custeios com Pró-Labore",null,null,{"$f":"+'6. CUSTOS ADMINISTRATIVOS'!G92*12","v":{"v":101182.43786137922,"d":"101,182"}},{"$f":"+'6. CUSTOS ADMINISTRATIVOS'!H92*12","v":{"v":117280.82016768961,"d":"117,281"}},{"$f":"+'6. CUSTOS ADMINISTRATIVOS'!I92*12","v":{"v":117280.82016768961,"d":"117,281"}},{"$f":"+'6. CUSTOS ADMINISTRATIVOS'!J92*12","v":{"v":117280.82016768961,"d":"117,281"}},{"$f":"+'6. CUSTOS ADMINISTRATIVOS'!K92*12","v":{"v":117280.82016768961,"d":"117,281"}},{"$f":"+'6. CUSTOS ADMINISTRATIVOS'!L92*12","v":{"v":117280.82016768961,"d":"117,281"}},{"$f":"+'6. CUSTOS ADMINISTRATIVOS'!M92*12","v":{"v":117280.82016768961,"d":"117,281"}},{"$f":"+'6. CUSTOS ADMINISTRATIVOS'!N92*12","v":{"v":117280.82016768961,"d":"117,281"}},{"$f":"+'6. CUSTOS ADMINISTRATIVOS'!O92*12","v":{"v":117280.82016768961,"d":"117,281"}},{"$f":"+'6. CUSTOS ADMINISTRATIVOS'!P92*12","v":{"v":117280.82016768961,"d":"117,281"}},{"$f":"+'6. CUSTOS ADMINISTRATIVOS'!Q92*12","v":{"v":117280.82016768961,"d":"117,281"}},{"$f":"+'6. CUSTOS ADMINISTRATIVOS'!R92*12","v":{"v":117280.82016768961,"d":"117,281"}},{"$f":"+'6. CUSTOS ADMINISTRATIVOS'!S92*12","v":{"v":117280.82016768961,"d":"117,281"}},{"$f":"+'6. CUSTOS ADMINISTRATIVOS'!T92*12","v":{"v":117280.82016768961,"d":"117,281"}},{"$f":"+'6. CUSTOS ADMINISTRATIVOS'!U92*12","v":{"v":117280.82016768961,"d":"117,281"}}]
[{"$nulls":3},"Custeios com Remun. Almoxarifado",null,null,{"$f":"+'6. CUSTOS ADMINISTRATIVOS'!G93*12","v":{"v":18417.6,"d":"18,418"}},{"$f":"+'6. CUSTOS ADMINISTRATIVOS'!H93*12","v":{"v":18417.6,"d":"18,418"}},{"$f":"+'6. CUSTOS ADMINISTRATIVOS'!I93*12","v":{"v":18417.6,"d":"18,418"}},{"$f":"+'6. CUSTOS ADMINISTRATIVOS'!J93*12","v":{"v":18417.6,"d":"18,418"}},{"$f":"+'6. CUSTOS ADMINISTRATIVOS'!K93*12","v":{"v":18417.6,"d":"18,418"}},{"$f":"+'6. CUSTOS ADMINISTRATIVOS'!L93*12","v":{"v":18417.6,"d":"18,418"}},{"$f":"+'6. CUSTOS ADMINISTRATIVOS'!M93*12","v":{"v":18417.6,"d":"18,418"}},{"$f":"+'6. CUSTOS ADMINISTRATIVOS'!N93*12","v":{"v":18417.6,"d":"18,418"}},{"$f":"+'6. CUSTOS ADMINISTRATIVOS'!O93*12","v":{"v":18417.6,"d":"18,418"}},{"$f":"+'6. CUSTOS ADMINISTRATIVOS'!P93*12","v":{"v":18417.6,"d":"18,418"}},{"$f":"+'6. CUSTOS ADMINISTRATIVOS'!Q93*12","v":{"v":18417.6,"d":"18,418"}},{"$f":"+'6. CUSTOS ADMINISTRATIVOS'!R93*12","v":{"v":18417.6,"d":"18,418"}},{"$f":"+'6. CUSTOS ADMINISTRATIVOS'!S93*12","v":{"v":18417.6,"d":"18,418"}},{"$f":"+'6. CUSTOS ADMINISTRATIVOS'!T93*12","v":{"v":18417.6,"d":"18,418"}},{"$f":"+'6. CUSTOS ADMINISTRATIVOS'!U93*12","v":{"v":18417.6,"d":"18,418"}}]
[{"$nulls":3},"Custeios com Sist. Bilhetagem Eletrônica, ITS, Câmera e Monitoramento",null,null,{"$f":"+'6. CUSTOS ADMINISTRATIVOS'!G75","v":{"v":118440,"d":"118,440"}},{"$f":"+'6. CUSTOS ADMINISTRATIVOS'!H94*12","v":{"v":118440,"d":"118,440"}},{"$f":"+'6. CUSTOS ADMINISTRATIVOS'!I94*12","v":{"v":118440,"d":"118,440"}},{"$f":"+'6. CUSTOS ADMINISTRATIVOS'!J94*12","v":{"v":118440,"d":"118,440"}},{"$f":"+'6. CUSTOS ADMINISTRATIVOS'!K94*12","v":{"v":118440,"d":"118,440"}},{"$f":"+'6. CUSTOS ADMINISTRATIVOS'!L94*12","v":{"v":118440,"d":"118,440"}},{"$f":"+'6. CUSTOS ADMINISTRATIVOS'!M94*12","v":{"v":118440,"d":"118,440"}},{"$f":"+'6. CUSTOS ADMINISTRATIVOS'!N94*12","v":{"v":118440,"d":"118,440"}},{"$f":"+'6. CUSTOS ADMINISTRATIVOS'!O94*12","v":{"v":118440,"d":"118,440"}},{"$f":"+'6. CUSTOS ADMINISTRATIVOS'!P94*12","v":{"v":118440,"d":"118,440"}},{"$f":"+'6. CUSTOS ADMINISTRATIVOS'!Q94*12","v":{"v":118440,"d":"118,440"}},{"$f":"+'6. CUSTOS ADMINISTRATIVOS'!R94*12","v":{"v":118440,"d":"118,440"}},{"$f":"+'6. CUSTOS ADMINISTRATIVOS'!S94*12","v":{"v":118440,"d":"118,440"}},{"$f":"+'6. CUSTOS ADMINISTRATIVOS'!T94*12","v":{"v":118440,"d":"118,440"}},{"$f":"+'6. CUSTOS ADMINISTRATIVOS'!U94*12","v":{"v":118440,"d":"118,440"}}]
[{"$nulls":3},"Locação de Garagem - Aluguel",null,null,{"$f":"+'6. CUSTOS ADMINISTRATIVOS'!G83","v":{"v":120000,"d":"120,000"}},{"$f":"+'6. CUSTOS ADMINISTRATIVOS'!H83","v":{"v":120000,"d":"120,000"}},{"$f":"+'6. CUSTOS ADMINISTRATIVOS'!I83","v":{"v":120000,"d":"120,000"}},{"$f":"+'6. CUSTOS ADMINISTRATIVOS'!J83","v":{"v":120000,"d":"120,000"}},{"$f":"+'6. CUSTOS ADMINISTRATIVOS'!K83","v":{"v":120000,"d":"120,000"}},{"$f":"+'6. CUSTOS ADMINISTRATIVOS'!L83","v":{"v":120000,"d":"120,000"}},{"$f":"+'6. CUSTOS ADMINISTRATIVOS'!M83","v":{"v":120000,"d":"120,000"}},{"$f":"+'6. CUSTOS ADMINISTRATIVOS'!N83","v":{"v":120000,"d":"120,000"}},{"$f":"+'6. CUSTOS ADMINISTRATIVOS'!O83","v":{"v":120000,"d":"120,000"}},{"$f":"+'6. CUSTOS ADMINISTRATIVOS'!P83","v":{"v":120000,"d":"120,000"}},{"$f":"+'6. CUSTOS ADMINISTRATIVOS'!Q83","v":{"v":120000,"d":"120,000"}},{"$f":"+'6. CUSTOS ADMINISTRATIVOS'!R83","v":{"v":120000,"d":"120,000"}},{"$f":"+'6. CUSTOS ADMINISTRATIVOS'!S83","v":{"v":120000,"d":"120,000"}},{"$f":"+'6. CUSTOS ADMINISTRATIVOS'!T83","v":{"v":120000,"d":"120,000"}},{"$f":"+'6. CUSTOS ADMINISTRATIVOS'!U83","v":{"v":120000,"d":"120,000"}}]
["O = K - L",null,"EBITDA - Lucros antes de Juros, Impostos Depreciação e Amortização",null,null,{"$f":"F39","v":"(R$)"},{"$f":"G22-G24","v":{"v":999171.9197786199,"d":"999,172"}},{"v":876689.4635659535,"d":"876,689"},{"v":876689.4635659535,"d":"876,689"},{"v":876689.4635659535,"d":"876,689"},{"v":876689.4635659535,"d":"876,689"},{"v":876689.4635659535,"d":"876,689"},{"v":876689.4635659535,"d":"876,689"},{"v":876689.4635659535,"d":"876,689"},{"v":876689.4635659535,"d":"876,689"},{"v":876689.4635659535,"d":"876,689"},{"v":876689.4635659535,"d":"876,689"},{"v":876689.4635659535,"d":"876,689"},{"v":876689.4635659535,"d":"876,689"},{"v":876689.4635659535,"d":"876,689"},{"v":876689.4635659535,"d":"876,689"}]
["P = O / K",null,null,"EBITDA (% sobre a Receita Líquida)",null,null,{"$f":"IFERROR(G47/G22,0)","v":{"v":0.24305457335556782,"d":"24.3%"}},{"v":0.20877029611626802,"d":"20.9%"},{"v":0.20877029611626802,"d":"20.9%"},{"v":0.20877029611626802,"d":"20.9%"},{"v":0.20877029611626802,"d":"20.9%"},{"v":0.20877029611626802,"d":"20.9%"},{"v":0.20877029611626802,"d":"20.9%"},{"v":0.20877029611626802,"d":"20.9%"},{"v":0.20877029611626802,"d":"20.9%"},{"v":0.20877029611626802,"d":"20.9%"},{"v":0.20877029611626802,"d":"20.9%"},{"v":0.20877029611626802,"d":"20.9%"},{"v":0.20877029611626802,"d":"20.9%"},{"v":0.20877029611626802,"d":"20.9%"},{"v":0.20877029611626802,"d":"20.9%"}]
[]
["Q = R",null,"DEPRECIAÇÃO CONTÁBIL",null,null,{"$f":"+F47","v":"(R$)"},{"$f":"G51","v":{"v":258845.02733333333,"d":"258,845"}},{"$f":"H51","v":{"v":483846.8873333334,"d":"483,847"}},{"v":633848.1273333334,"d":"633,848"},{"v":783849.3673333334,"d":"783,849"},{"v":1253457.4353333334,"d":"1,253,457"},{"v":994612.4079999999,"d":"994,612"},{"v":769610.548,"d":"769,611"},{"v":619609.308,"d":"619,609"},{"v":544608.688,"d":"544,609"},{"v":150001.24,"d":"150,001"},{"v":375003.1,"d":"375,003"},{"v":525004.34,"d":"525,004"},{"v":994612.4079999999,"d":"994,612"},{"v":919611.788,"d":"919,612"},{"v":844611.168,"d":"844,611"},null,null,{"$f":"AVERAGE(G50,H50,I50,J50,K50,L50,M50,N50,O50,P50,Q50,R50,S50,T50,U50)","v":{"v":676742.1227111111,"d":"676,742.12"}},{"$f":"+X50/$X$24","v":{"v":0.1698097885953247,"d":"16.98%"}},"Custos Fixos Capital"]
["R",null,null,"(-) Depreciação da Frota, Equipamentos e\nSistema Tecnológicos",null,{"$f":"+F50","v":"(R$)"},{"$f":"+'8. DEPRECIAÇÃO DE FROTA'!F64","v":{"v":258845.02733333333,"d":"258,845"}},{"$f":"+'8. DEPRECIAÇÃO DE FROTA'!G64","v":{"v":483846.8873333334,"d":"483,847"}},{"$f":"+'8. DEPRECIAÇÃO DE FROTA'!H64","v":{"v":633848.1273333334,"d":"633,848"}},{"$f":"+'8. DEPRECIAÇÃO DE FROTA'!I64","v":{"v":783849.3673333334,"d":"783,849"}},{"$f":"+'8. DEPRECIAÇÃO DE FROTA'!J64","v":{"v":1253457.4353333334,"d":"1,253,457"}},{"$f":"+'8. DEPRECIAÇÃO DE FROTA'!K64","v":{"v":994612.4079999999,"d":"994,612"}},{"$f":"+'8. DEPRECIAÇÃO DE FROTA'!L64","v":{"v":769610.548,"d":"769,611"}},{"$f":"+'8. DEPRECIAÇÃO DE FROTA'!M64","v":{"v":619609.308,"d":"619,609"}},{"$f":"+'8. DEPRECIAÇÃO DE FROTA'!N64","v":{"v":544608.688,"d":"544,609"}},{"$f":"+'8. DEPRECIAÇÃO DE FROTA'!O64","v":{"v":150001.24,"d":"150,001"}},{"$f":"+'8. DEPRECIAÇÃO DE FROTA'!P64","v":{"v":375003.1,"d":"375,003"}},{"$f":"+'8. DEPRECIAÇÃO DE FROTA'!Q64","v":{"v":525004.34,"d":"525,004"}},{"$f":"+'8. DEPRECIAÇÃO DE FROTA'!R64","v":{"v":994612.4079999999,"d":"994,612"}},{"$f":"+'8. DEPRECIAÇÃO DE FROTA'!S64","v":{"v":919611.788,"d":"919,612"}},{"$f":"+'8. DEPRECIAÇÃO DE FROTA'!T64","v":{"v":844611.168,"d":"844,611"}}]
[]
["S = P - R",null,"(=) EBIT - Lucros antes de Juros e Impostos de Renda",null,null,{"$f":"+F47","v":"(R$)"},{"$f":"G47-G50","v":{"v":740326.8924452865,"d":"740,327"}},{"$f":"H47-H50","v":{"v":392842.57623262017,"d":"392,843"}},{"$f":"I47-I50","v":{"v":242841.33623262017,"d":"242,841"}},{"$f":"J47-J50","v":{"v":92840.09623262018,"d":"92,840"}},{"v":-376767.9717673799,"d":"-376,768"},{"v":-117922.9444340464,"d":"-117,923"},{"v":107078.91556595359,"d":"107,079"},{"v":257080.15556595358,"d":"257,080"},{"v":332080.7755659536,"d":"332,081"},{"v":726688.2235659536,"d":"726,688"},{"v":501686.36356595356,"d":"501,686"},{"v":351685.1235659536,"d":"351,685"},{"v":-117922.9444340464,"d":"-117,923"},{"v":-42922.3244340464,"d":"-42,922"},{"v":32078.295565953595,"d":"32,078"}]
["T = Mínimo (30% de S; U anterior)",null,null,"(-) Compensações",null,{"$f":"+F53","v":"(R$)"},{"$f":"IF(G53<0,0,IF(F56<(G53*0.3),-F56,IF(AND(F56>0,G53>0),-G53*0.3,0)))","v":0},{"$f":"IF(H53<0,0,IF(G56<(H53*0.3),-G56,IF(AND(G56>0,H53>0),-H53*0.3,0)))","v":0},{"$f":"IF(I53<0,0,IF(H56<(I53*0.3),-H56,IF(AND(H56>0,I53>0),-I53*0.3,0)))","v":0},{"$f":"IF(J53<0,0,IF(I56<(J53*0.3),-I56,IF(AND(I56>0,J53>0),-J53*0.3,0)))","v":0},{"$f":"IF(K53<0,0,IF(J56<(K53*0.3),-J56,IF(AND(J56>0,K53>0),-K53*0.3,0)))","v":0},0,{"v":-32123.674669786076,"d":"-32,124"},0,0,0,0,0,0,0,{"v":-9623.488669786078,"d":"-9,623"}]
["U = S - T",null,null,"EBIT - Compensações (Base de Cálculo IR e CSLL)",null,{"$f":"+F54","v":"(R$)"},{"$f":"G53+G54","v":{"v":740326.8924452865,"d":"740,327"}},{"$f":"H53+H54","v":{"v":392842.57623262017,"d":"392,843"}},{"v":242841.33623262017,"d":"242,841"},{"v":92840.09623262018,"d":"92,840"},{"v":-376767.9717673799,"d":"-376,768"},{"v":-117922.9444340464,"d":"-117,923"},{"v":74955.24089616751,"d":"74,955"},{"v":257080.15556595358,"d":"257,080"},{"v":332080.7755659536,"d":"332,081"},{"v":726688.2235659536,"d":"726,688"},{"v":501686.36356595356,"d":"501,686"},{"v":351685.1235659536,"d":"351,685"},{"v":-117922.9444340464,"d":"-117,923"},{"v":-42922.3244340464,"d":"-42,922"},{"v":22454.806896167516,"d":"22,455"}]
["V = T + U anterior",null,null,"Prejuizo Fiscal",null,null,{"$f":"IF(G55>0,0,F56+G54-G55)","v":0},{"$f":"IF(H55>0,0,G56+H54-H55)","v":0},{"$f":"IF(I55>0,0,H56+I54-I55)","v":0},{"$f":"IF(J55>0,0,I56+J54-J55)","v":0},{"v":376767.9717673799,"d":"376,768"},{"v":494690.9162014263,"d":"494,691"},0,0,0,0,0,0,{"v":117922.9444340464,"d":"117,923"},{"$f":"IF(T55>0,0,S56+T54-T55)","v":{"v":160845.2688680928,"d":"160,845"}},{"$f":"IF(U55>0,0,T56+U54-U55)","v":0}]
[]
["W = W1 + w2 + w3",null,"(-) IMPOSTOS",null,null,{"$f":"+F55","v":"(R$)"},{"$f":"-SUM(G59:G61)","v":{"v":-251711.1434313974,"d":"-251,711"}},{"$f":"-SUM(H59:H61)","v":{"v":-133566.47591909085,"d":"-133,566"}},{"v":-82566.05431909086,"d":"-82,566"},{"v":-22281.623095828843,"d":"-22,282"},0,0,{"v":-17989.257815080204,"d":"-17,989"},{"v":-87407.25289242422,"d":"-87,407"},{"v":-112907.46369242421,"d":"-112,907"},{"v":-247073.99601242424,"d":"-247,074"},{"v":-170573.3636124242,"d":"-170,573"},{"v":-119572.9420124242,"d":"-119,573"},0,0,{"v":-5389.153655080204,"d":"-5,389"}]
["W1 = 9% x S(Se U>0)",null,null,"Contribuição Social",null,{"$f":"+'10. TRIBUTAÇÃO E IMPOSTOS'!F22","v":{"v":0.09,"d":"9.00%"}},{"$f":"IF(G$55>0,$F59*G$55,0)","v":{"v":66629.42032007578,"d":"66,629"}},{"$f":"IF(H$55>0,$F59*H$55,0)","v":{"v":35355.83186093581,"d":"35,356"}},{"v":21855.720260935814,"d":"21,856"},{"v":8355.608660935817,"d":"8,356"},0,0,{"v":6745.971680655076,"d":"6,746"},{"v":23137.214000935823,"d":"23,137"},{"v":29887.26980093582,"d":"29,887"},{"v":65401.94012093582,"d":"65,402"},{"v":45151.77272093582,"d":"45,152"},{"v":31651.66112093582,"d":"31,652"},0,0,{"v":2020.9326206550763,"d":"2,021"}]
["w2 = 15% x S(Se U>0)",null,null,"Imposto de Renda (15% s/Lucro Real)",null,{"$f":"+'10. TRIBUTAÇÃO E IMPOSTOS'!F23","v":{"v":0.15,"d":"15.00%"}},{"$f":"IF(G$55>0,$F60*G$55,0)","v":{"v":111049.03386679298,"d":"111,049"}},{"v":58926.38643489302,"d":"58,926"},{"v":36426.20043489303,"d":"36,426"},{"v":13926.014434893028,"d":"13,926"},0,0,{"v":11243.286134425127,"d":"11,243"},{"v":38562.023334893034,"d":"38,562"},{"v":49812.116334893035,"d":"49,812"},{"v":109003.23353489304,"d":"109,003"},{"v":75252.95453489303,"d":"75,253"},{"v":52752.76853489303,"d":"52,753"},0,0,{"v":3368.2210344251275,"d":"3,368"}]
["W3 = 10% x (S-240.000), Se U>0",null,null,"Imposto de Renda (10% s/Lucro Real)",null,{"$f":"+'10. TRIBUTAÇÃO E IMPOSTOS'!F24","v":{"v":0.1,"d":"10.00%"}},{"$f":"IF(G$55>240000,$F61*G$55,0)","v":{"v":74032.68924452865,"d":"74,033"}},{"$f":"IF(H$55>240000,$F61*H$55,0)","v":{"v":39284.25762326202,"d":"39,284"}},{"v":24284.13362326202,"d":"24,284"},0,0,0,0,{"v":25708.01555659536,"d":"25,708"},{"v":33208.07755659536,"d":"33,208"},{"v":72668.82235659535,"d":"72,669"},{"v":50168.63635659536,"d":"50,169"},{"v":35168.51235659536,"d":"35,169"},0,0,0]
[]
["X= S - W",null,"(=) RESULTADO LÍQUIDO",{"$nulls":3},{"$f":"G53+G58","v":{"v":488615.7490138891,"d":"488,616"}},{"v":259276.1003135293,"d":"259,276"},{"v":160275.28191352932,"d":"160,275"},{"v":70558.47313679135,"d":"70,558"},{"v":-376767.9717673799,"d":"-376,768"},{"v":-117922.9444340464,"d":"-117,923"},{"v":89089.65775087339,"d":"89,090"},{"v":169672.90267352934,"d":"169,673"},{"v":219173.31187352937,"d":"219,173"},{"v":479614.2275535293,"d":"479,614"},{"v":331112.99995352933,"d":"331,113"},{"v":232112.18155352937,"d":"232,112"},{"v":-117922.9444340464,"d":"-117,923"},{"v":-42922.3244340464,"d":"-42,922"},{"v":26689.14191087339,"d":"26,689"},0]
[]
[null,null,"FLUXO DE CAIXA DO EMPREENDIMENTO",null,null,{"v":0,"d":"Ano 0"},{"v":1,"d":"Ano 1"},{"$f":"+G65+1","v":{"v":2,"d":"Ano 2"}},{"v":3,"d":"Ano 3"},{"v":4,"d":"Ano 4"},{"v":5,"d":"Ano 5"},{"v":6,"d":"Ano 6"},{"v":7,"d":"Ano 7"},{"v":8,"d":"Ano 8"},{"v":9,"d":"Ano 9"},{"v":10,"d":"Ano 10"},{"v":11,"d":"Ano 11"},{"v":12,"d":"Ano 12"},{"v":13,"d":"Ano 13"},{"v":14,"d":"Ano 14"},{"v":15,"d":"Ano 15"},"Encerramento"]
[]
["Y=X",null,"(=) RESULTADO LÍQUIDO (a)",null,null,{"$f":"+F58","v":"(R$)"},{"$f":"G63","v":{"v":488615.7490138891,"d":"488,616"}},{"$f":"H63","v":{"v":259276.1003135293,"d":"259,276"}},{"v":160275.28191352932,"d":"160,275"},{"v":70558.47313679135,"d":"70,558"},{"v":-376767.9717673799,"d":"-376,768"},{"v":-117922.9444340464,"d":"-117,923"},{"v":89089.65775087339,"d":"89,090"},{"v":169672.90267352934,"d":"169,673"},{"v":219173.31187352937,"d":"219,173"},{"v":479614.2275535293,"d":"479,614"},{"v":331112.99995352933,"d":"331,113"},{"v":232112.18155352937,"d":"232,112"},{"v":-117922.9444340464,"d":"-117,923"},{"v":-42922.3244340464,"d":"-42,922"},{"v":26689.14191087339,"d":"26,689"}]
[]
[null,null,"VALORES NÃO DESEMBOLSADOS (b)",null,null,{"$f":"+F67","v":"(R$)"},{"$f":"G70","v":{"v":258845.02733333333,"d":"258,845"}},{"$f":"H70","v":{"v":483846.8873333334,"d":"483,847"}},{"v":633848.1273333334,"d":"633,848"},{"v":783849.3673333334,"d":"783,849"},{"v":1253457.4353333334,"d":"1,253,457"},{"v":994612.4079999999,"d":"994,612"},{"v":769610.548,"d":"769,611"},{"v":619609.308,"d":"619,609"},{"v":544608.688,"d":"544,609"},{"v":150001.24,"d":"150,001"},{"v":375003.1,"d":"375,003"},{"v":525004.34,"d":"525,004"},{"v":994612.4079999999,"d":"994,612"},{"v":919611.788,"d":"919,612"},{"v":844611.168,"d":"844,611"}]
["Z",null,null,"Depreciação (Contábil)",null,{"$f":"+F69","v":"(R$)"},{"$f":"+G51","v":{"v":258845.02733333333,"d":"258,845"}},{"$f":"+H51","v":{"v":483846.8873333334,"d":"483,847"}},{"v":633848.1273333334,"d":"633,848"},{"v":783849.3673333334,"d":"783,849"},{"v":1253457.4353333334,"d":"1,253,457"},{"v":994612.4079999999,"d":"994,612"},{"v":769610.548,"d":"769,611"},{"v":619609.308,"d":"619,609"},{"v":544608.688,"d":"544,609"},{"v":150001.24,"d":"150,001"},{"v":375003.1,"d":"375,003"},{"v":525004.34,"d":"525,004"},{"v":994612.4079999999,"d":"994,612"},{"v":919611.788,"d":"919,612"},{"v":844611.168,"d":"844,611"}]
[]
["AA = Y+Z",null,"FLUXO DE CAIXA OPERACIONAL (a + b)",null,"(R$)",null,{"$f":"G67+G69","v":{"v":747460.7763472225,"d":"747,461"}},{"$f":"H67+H69","v":{"v":743122.9876468626,"d":"743,123"}},{"v":794123.4092468626,"d":"794,123"},{"v":854407.8404701247,"d":"854,408"},{"v":876689.4635659535,"d":"876,689"},{"v":876689.4635659535,"d":"876,689"},{"v":858700.2057508733,"d":"858,700"},{"v":789282.2106735293,"d":"789,282"},{"v":763781.9998735293,"d":"763,782"},{"v":629615.4675535293,"d":"629,615"},{"v":706116.0999535293,"d":"706,116"},{"v":757116.5215535293,"d":"757,117"},{"v":876689.4635659535,"d":"876,689"},{"v":876689.4635659535,"d":"876,689"},{"v":871300.3099108733,"d":"871,300"}]
[]
["AB = AC + AD + AE",null,"(-) INVESTIMENTOS (c)",null,null,{"$f":"SUM(F75:F77)","v":{"v":-1330500,"d":"-1,330,500"}},0,{"v":-1164000,"d":"-1,164,000"},{"v":-776000,"d":"-776,000"},{"v":-776000,"d":"-776,000"},{"v":-2400000,"d":"-2,400,000"},0,0,0,{"v":-388000,"d":"-388,000"},{"v":-388000,"d":"-388,000"},{"v":-1164000,"d":"-1,164,000"},{"v":-776000,"d":"-776,000"},{"v":-2400000,"d":"-2,400,000"},0,0,0]
["AC",null,null,"Aquisição de Veículos Inicial (R$)",null,{"$f":"-SUM('7. INVESTIMENTO FROTA'!E198,'7. INVESTIMENTO FROTA'!E228,'7. INVESTIMENTO FROTA'!E258)","v":{"v":-1330500,"d":"-1,330,500"}}]
["AD",null,null,"Aquisição de Veículos ao Longo da Concessão (R$)",null,null,{"$f":"-SUM('7. INVESTIMENTO FROTA'!F198,'7. INVESTIMENTO FROTA'!F228,'7. INVESTIMENTO FROTA'!F258)","v":0},{"$f":"-SUM('7. INVESTIMENTO FROTA'!G198,'7. INVESTIMENTO FROTA'!G228,'7. INVESTIMENTO FROTA'!G258)","v":{"v":-1164000,"d":"-1,164,000"}},{"$f":"-SUM('7. INVESTIMENTO FROTA'!H198,'7. INVESTIMENTO FROTA'!H228,'7. INVESTIMENTO FROTA'!H258)","v":{"v":-776000,"d":"-776,000"}},{"$f":"-SUM('7. INVESTIMENTO FROTA'!I198,'7. INVESTIMENTO FROTA'!I228,'7. INVESTIMENTO FROTA'!I258)","v":{"v":-776000,"d":"-776,000"}},{"$f":"-SUM('7. INVESTIMENTO FROTA'!J198,'7. INVESTIMENTO FROTA'!J228,'7. INVESTIMENTO FROTA'!J258)","v":{"v":-2400000,"d":"-2,400,000"}},{"$f":"-SUM('7. INVESTIMENTO FROTA'!K198,'7. INVESTIMENTO FROTA'!K228,'7. INVESTIMENTO FROTA'!K258)","v":0},{"$f":"-SUM('7. INVESTIMENTO FROTA'!L198,'7. INVESTIMENTO FROTA'!L228,'7. INVESTIMENTO FROTA'!L258)","v":0},{"$f":"-SUM('7. INVESTIMENTO FROTA'!M198,'7. INVESTIMENTO FROTA'!M228,'7. INVESTIMENTO FROTA'!M258)","v":0},{"$f":"-SUM('7. INVESTIMENTO FROTA'!N198,'7. INVESTIMENTO FROTA'!N228,'7. INVESTIMENTO FROTA'!N258)","v":{"v":-388000,"d":"-388,000"}},{"$f":"-SUM('7. INVESTIMENTO FROTA'!O198,'7. INVESTIMENTO FROTA'!O228,'7. INVESTIMENTO FROTA'!O258)","v":{"v":-388000,"d":"-388,000"}},{"$f":"-SUM('7. INVESTIMENTO FROTA'!P198,'7. INVESTIMENTO FROTA'!P228,'7. INVESTIMENTO FROTA'!P258)","v":{"v":-1164000,"d":"-1,164,000"}},{"$f":"-SUM('7. INVESTIMENTO FROTA'!Q198,'7. INVESTIMENTO FROTA'!Q228,'7. INVESTIMENTO FROTA'!Q258)","v":{"v":-776000,"d":"-776,000"}},{"$f":"-SUM('7. INVESTIMENTO FROTA'!R198,'7. INVESTIMENTO FROTA'!R228,'7. INVESTIMENTO FROTA'!R258)","v":{"v":-2400000,"d":"-2,400,000"}},{"$f":"-SUM('7. INVESTIMENTO FROTA'!S198,'7. INVESTIMENTO FROTA'!S228,'7. INVESTIMENTO FROTA'!S258)","v":0},{"$f":"-SUM('7. INVESTIMENTO FROTA'!T198,'7. INVESTIMENTO FROTA'!T228,'7. INVESTIMENTO FROTA'!T258)","v":0}]
["AG",null,null,"Investimento em veículos de Apoio (R$)"]
[]
["AH = AI",null,"(+) INGRESSO DE RECURSOS (d)",{"$nulls":3},{"$f":"+G80-G81","v":0},{"$f":"+H80-H81","v":{"v":173145,"d":"173,145"}},{"$f":"+I80-I81","v":{"v":82450,"d":"82,450"}},{"v":65960,"d":"65,960"},0,0,0,0,{"v":41225,"d":"41,225"},{"v":32980,"d":"32,980"},{"v":65960,"d":"65,960"},{"v":65960,"d":"65,960"},{"v":226350,"d":"226,350"},0,0,{"v":1391287.5,"d":"1,391,288"}]
["AI",null,null,"(+) Receita da Venda de Veículos",null,null,{"$f":"SUM('7. INVESTIMENTO FROTA'!F291,'7. INVESTIMENTO FROTA'!F306,'7. INVESTIMENTO FROTA'!F321)","v":0},{"$f":"SUM('7. INVESTIMENTO FROTA'!G291,'7. INVESTIMENTO FROTA'!G306,'7. INVESTIMENTO FROTA'!G321)","v":{"v":203700,"d":"203,700"}},{"$f":"SUM('7. INVESTIMENTO FROTA'!H291,'7. INVESTIMENTO FROTA'!H306,'7. INVESTIMENTO FROTA'!H321)","v":{"v":97000,"d":"97,000"}},{"$f":"SUM('7. INVESTIMENTO FROTA'!I291,'7. INVESTIMENTO FROTA'!I306,'7. INVESTIMENTO FROTA'!I321)","v":{"v":77600,"d":"77,600"}},{"$f":"SUM('7. INVESTIMENTO FROTA'!J291,'7. INVESTIMENTO FROTA'!J306,'7. INVESTIMENTO FROTA'!J321)","v":0},{"$f":"SUM('7. INVESTIMENTO FROTA'!K291,'7. INVESTIMENTO FROTA'!K306,'7. INVESTIMENTO FROTA'!K321)","v":0},{"$f":"SUM('7. INVESTIMENTO FROTA'!L291,'7. INVESTIMENTO FROTA'!L306,'7. INVESTIMENTO FROTA'!L321)","v":0},{"$f":"SUM('7. INVESTIMENTO FROTA'!M291,'7. INVESTIMENTO FROTA'!M306,'7. INVESTIMENTO FROTA'!M321)","v":0},{"$f":"SUM('7. INVESTIMENTO FROTA'!N291,'7. INVESTIMENTO FROTA'!N306,'7. INVESTIMENTO FROTA'!N321)","v":{"v":48500,"d":"48,500"}},{"$f":"SUM('7. INVESTIMENTO FROTA'!O291,'7. INVESTIMENTO FROTA'!O306,'7. INVESTIMENTO FROTA'!O321)","v":{"v":38800,"d":"38,800"}},{"$f":"SUM('7. INVESTIMENTO FROTA'!P291,'7. INVESTIMENTO FROTA'!P306,'7. INVESTIMENTO FROTA'!P321)","v":{"v":77600,"d":"77,600"}},{"$f":"SUM('7. INVESTIMENTO FROTA'!Q291,'7. INVESTIMENTO FROTA'!Q306,'7. INVESTIMENTO FROTA'!Q321)","v":{"v":77600,"d":"77,600"}},{"$f":"SUM('7. INVESTIMENTO FROTA'!R291,'7. INVESTIMENTO FROTA'!R306,'7. INVESTIMENTO FROTA'!R321)","v":{"v":301800,"d":"301,800"}},{"$f":"SUM('7. INVESTIMENTO FROTA'!S291,'7. INVESTIMENTO FROTA'!S306,'7. INVESTIMENTO FROTA'!S321)","v":0},{"$f":"SUM('7. INVESTIMENTO FROTA'!T291,'7. INVESTIMENTO FROTA'!T306,'7. INVESTIMENTO FROTA'!T321)","v":0},{"$f":"SUM('7. INVESTIMENTO FROTA'!U291,'7. INVESTIMENTO FROTA'!U306,'7. INVESTIMENTO FROTA'!U321)","v":{"v":1855050,"d":"1,855,050"}}]
[{"$nulls":3},"(-) Imposto sobre Receita da Venda de Veículos",null,null,{"$f":"(G80*$F$60)+IF(G80>240000,G80*$F$61,0)","v":0},{"$f":"(H80*$F$60)+IF(H80>240000,H80*$F$61,0)","v":{"v":30555,"d":"30,555"}},{"v":14550,"d":"14,550"},{"v":11640,"d":"11,640"},0,0,0,0,{"v":7275,"d":"7,275"},{"v":5820,"d":"5,820"},{"v":11640,"d":"11,640"},{"v":11640,"d":"11,640"},{"v":75450,"d":"75,450"},0,0,{"v":463762.5,"d":"463,763"}]
[]
["AJ = AB + AH",null,"FLUXO DE CAIXA DO INVESTIMENTO (c + d)",null,null,{"$f":"F79+F74","v":{"v":-1330500,"d":"-1,330,500"}},0,{"v":-990855,"d":"-990,855"},{"v":-693550,"d":"-693,550"},{"v":-710040,"d":"-710,040"},{"v":-2400000,"d":"-2,400,000"},0,0,0,{"v":-346775,"d":"-346,775"},{"v":-355020,"d":"-355,020"},{"v":-1098040,"d":"-1,098,040"},{"v":-710040,"d":"-710,040"},{"v":-2173650,"d":"-2,173,650"},0,0,{"v":1391287.5,"d":"1,391,288"}]
[]
[null,null,"FLUXO DE CAIXA LIVRE",null,null,{"$f":"+F72+F83","v":{"v":-1330500,"d":"-1,330,500 "}},{"$f":"G72+G83","v":{"v":747460.7763472225,"d":"747,461"}},{"v":-247732.01235313737,"d":"-247,732 "},{"v":100573.40924686263,"d":"100,573"},{"v":144367.84047012473,"d":"144,368"},{"v":-1523310.5364340465,"d":"-1,523,311 "},{"v":876689.4635659535,"d":"876,689"},{"v":858700.2057508733,"d":"858,700"},{"v":789282.2106735293,"d":"789,282"},{"v":417006.9998735293,"d":"417,007"},{"v":274595.4675535293,"d":"274,595"},{"v":-391923.9000464707,"d":"-391,924 "},{"v":47076.52155352931,"d":"47,077"},{"v":-1296960.5364340465,"d":"-1,296,961 "},{"v":876689.4635659535,"d":"876,689"},{"v":871300.3099108733,"d":"871,300"},{"v":1391287.5,"d":"1,391,288"}]
[null,null,"FLUXO DE CAIXA ACUMULADO",null,null,{"$f":"F85","v":{"v":-1330500,"d":"-1,330,500 "}},{"$f":"F86+G85","v":{"v":-583039.2236527775,"d":"-583,039 "}},{"$f":"G86+H85","v":{"v":-830771.2360059149,"d":"-830,771 "}},{"v":-730197.8267590522,"d":"-730,198 "},{"v":-585829.9862889275,"d":"-585,830 "},{"v":-2109140.522722974,"d":"-2,109,141 "},{"v":-1232451.0591570204,"d":"-1,232,451 "},{"v":-373750.8534061471,"d":"-373,751 "},{"v":415531.3572673822,"d":"415,531"},{"v":832538.3571409115,"d":"832,538"},{"v":1107133.8246944407,"d":"1,107,134"},{"v":715209.92464797,"d":"715,210"},{"v":762286.4462014993,"d":"762,286"},{"v":-534674.0902325471,"d":"-534,674 "},{"v":342015.3733334064,"d":"342,015"},{"v":1213315.6832442796,"d":"1,213,316"},{"v":2604603.1832442796,"d":"2,604,603"}]
[null,null,"FLUXO DE CAIXA LIVRE EM VALORES DESCONTADOS",null,null,{"$f":"+F85","v":{"v":-1330500,"d":"-1,330,500 "}},{"$f":"G85/((1+$F$92)^(G65-$F$65))","v":{"v":692093.3114326134,"d":"692,093"}},{"v":-212390.27122182556,"d":"-212,390 "},{"v":79838.41484947561,"d":"79,838"},{"v":106114.67252929763,"d":"106,115"},{"v":-1036739.5549614846,"d":"-1,036,740 "},{"v":552463.072147706,"d":"552,463"},{"v":501043.3224652527,"d":"501,043"},{"v":426424.6195178411,"d":"426,425"},{"v":208607.3209733215,"d":"208,607"},{"v":127190.83242836398,"d":"127,191"},{"v":-168089.44289470176,"d":"-168,089 "},{"v":18694.734418101045,"d":"18,695"},{"v":-476889.6976285605,"d":"-476,890 "},{"v":298478.6077177757,"d":"298,479"},{"v":274670.19523361203,"d":"274,670"},{"$f":"V85/((1+$F$92)^(U65-$F$65))","v":{"v":438591.8435977306,"d":"438,592"}}]
[null,null,"FLUXO DE CAIXA LIVRE EM VALORES DESCONTADOS ACUMULADOS",null,null,{"$f":"F87","v":{"v":-1330500,"d":"-1,330,500 "}},{"$f":"F88+G87","v":{"v":-638406.6885673866,"d":"-638,407 "}},{"$f":"G88+H87","v":{"v":-850796.9597892121,"d":"-850,797 "}},{"$f":"H88+I87","v":{"v":-770958.5449397365,"d":"-770,959 "}},{"v":-664843.8724104388,"d":"-664,844 "},{"v":-1701583.4273719233,"d":"-1,701,583 "},{"v":-1149120.3552242173,"d":"-1,149,120 "},{"v":-648077.0327589646,"d":"-648,077 "},{"v":-221652.4132411235,"d":"-221,652 "},{"v":-13045.092267801985,"d":"-13,045 "},{"v":114145.740160562,"d":"114,146"},{"v":-53943.70273413976,"d":"-53,944 "},{"v":-35248.96831603872,"d":"-35,249 "},{"v":-512138.6659445992,"d":"-512,139 "},{"v":-213660.05822682352,"d":"-213,660 "},{"v":61010.137006788515,"d":"61,010"},{"$f":"U88+V87","v":{"v":499601.98060451914,"d":"499,602"}}]
[null,null,"Linha de cálculo do Payback Simples",{"$nulls":3},{"$f":"IF(SIGN(F86)=SIGN(G86),\"\",ABS(F86)/(G86-F86)+F65)","v":""},{"$f":"IF(SIGN(G86)=SIGN(H86),\"\",ABS(G86)/(H86-G86)+G65)","v":""},"","","","","",null,"","","","",null,null,""]
[]
[{"$nulls":3},"FIGURAS DE MÉRITO:"]
[{"$nulls":3},"TAXA DE DESCONTO (ANUAL)                     %/Ano",null,{"v":0.08,"d":"8.00%"}]
[{"$nulls":3},"TAXA INTERNA DE RETORNO (ANUAL)     %/Ano",null,{"v":0.0395,"d":"3.95%"}]
[{"$nulls":3},"VALOR PRESENTE LÍQUIDO (VPL)               R$",null,{"$f":"NPV($F$92,F85:V85)","v":{"v":432512.68138294073,"d":"R$ 432,512.68"}}]
[{"$nulls":5},{"$f":"ROUND(MAX(F89:V89),2)","v":{"v":0,"d":"0.0"}}]

{"sheet":"REAJUSTE FÓMULA","index":15,"n_rows":35,"n_cols":10,"rows_kept":35,"merged":[[16,2,17,2],[16,3,17,3],[16,4,17,4],[16,5,17,5],[16,6,17,6],[30,3,30,9],[31,3,31,9],[32,3,32,9],[33,3,33,9],[34,3,34,9]]}
[]
[{"$nulls":4},"SECRETARIA MUNICIPAL DE DESENVOLVIMENTO URBANO"]
[{"$nulls":4},{"$f":"[1]MENU!$B$3&\"  -  \"&+[1]MENU!$B$4","v":"CONCORRÊNCIA Nº 003/18  -  0"}]
[{"$nulls":4},{"$f":"+[1]MENU!$C$2","v":"ESTUDO TÉCNICO DE VIABILIDADE ECONÔMICA DA OPERAÇÃO DOS SERVIÇOS DE TRANSPORTE COLETIVO DA CIDADE DE AMPARO"}]
[{"$nulls":4},{"$f":"+[1]MENU!$C$3","v":"ANEXO V.1 - MODELO DE PLANILHA DE FLUXO DE CAIXA A SER PREENCHIDA - PROPOSTA DE PREÇO"}]
[]
[]
[null,null,"TARIFA DO ESTUDO"]
[]
[{"$nulls":3},"Tarifa"]
[null,null,"TARIFA  - LIMITE MÁXIMO",{"$f":"+'12. FLUXO DE CAIXA'!F12","v":{"v":3.95,"d":"R$ 3.950"}}]
[]
[null,null,"FÓRMULA PARAMÉTRICA DE REAJUSTE ANUAL DE PREÇOS DE INSUMOS E SALÁRIOS"]
[]
[null,null,"(Orçamento Básico "]
[]
[null,null,"Valores ao Longo da Concessão","Itens Fórmula de Reajustes","Valores Mensais Médios","Valores Anuais Médios","Peso %"]
[]
[null,null,"Custos com Pessoal:","Ps x Vs",{"$f":"+F19/12","v":{"v":132158.5553029406,"d":"132,158.56"}},{"$f":"+'12. FLUXO DE CAIXA'!X32","v":{"v":1585902.6636352872,"d":"1,585,902.66"}},{"$f":"ROUND(F19/F24,4)","v":{"v":0.3994,"d":"39.94%"}}]
[null,null,"Custos com Combustíveis, Lubrificantes e Arla32 :","Pd x Vd",{"$f":"+F20/12","v":{"v":80970.1086476871,"d":"80,970.11"}},{"$f":"+SUM('12. FLUXO DE CAIXA'!X26:X28)","v":{"v":971641.3037722452,"d":"971,641.30"}},{"$f":"ROUND(F20/F24,4)","v":{"v":0.2447,"d":"24.47%"}}]
[null,null,"Custos com Material de Rodagem:","Pr x Vr",{"$f":"+F21/12","v":{"v":3928.431035281305,"d":"3,928.43"}},{"$f":"+'12. FLUXO DE CAIXA'!X29","v":{"v":47141.17242337566,"d":"47,141.17"}},{"$f":"ROUND(F21/F24,4)","v":{"v":0.0119,"d":"1.19%"}}]
[null,null,"Custos de Depreciação Capital Imobilizados:","Pv x Vv",{"$f":"+F22/12","v":{"v":56395.17689259259,"d":"56,395.18"}},{"$f":"+'12. FLUXO DE CAIXA'!X50","v":{"v":676742.1227111111,"d":"676,742.12"}},{"$f":"ROUND(F22/F24,4)","v":{"v":0.1705,"d":"17.05%"}}]
[null,null,"Custos Adm., Operacionais e Peças e Acessórios:","Pa x Va",{"$f":"+F23/12","v":{"v":57403.559166666666,"d":"57,403.56"}},{"v":688842.71,"d":"688,842.71"},{"$f":"100%-SUM(G19:G22)","v":{"v":0.1735,"d":"17.35%"}}]
[null,null,"Totalização",null,{"$f":"+E19+E20+E21+E22+E23","v":{"v":330855.8310451682,"d":"330,855.83"}},{"$f":"+F19+F20+F21+F22+F23-0.01","v":{"v":3970269.96254202,"d":"3,970,269.96"}},{"$f":"SUM(G19:G23)","v":{"v":1,"d":"100.00%"}}]
[]
[{"$nulls":3},"Mão de Obra","Combustiveis","Rodagem","Capital Frota","Custos ADM e Peças e Ac."]
[null,null,"Pesos Fórmula Paramétrica (%)                       R=",{"$f":"ROUND(G19,4)","v":{"v":0.3994,"d":"0.3994 x  Vs +"}},{"$f":"ROUND(G20,4)","v":{"v":0.2447,"d":"0.2447 x  Vd +"}},{"$f":"ROUND(G21,4)","v":{"v":0.0119,"d":"0.0119 x  Vr +"}},{"$f":"ROUND(+G22,4)","v":{"v":0.1705,"d":"0.1705 x  Vv +"}},{"$f":"100%-SUM(D27:G27)","v":{"v":0.1735,"d":"0.1735 x  Va"}},null,{"$f":"SUM(D27:H27)","v":{"v":1,"d":"100.00%"}}]
[]
[null,null,"Onde:"]
[null,null,"R","Índice de reajuste a aplicar entre os períodos considerados;"]
[null,null,"Vs","Variação do valor do salário base do motorista, com base no Acordo Coletivo do Sindicato da Categoria (base Amparo) "]
[null,null,"Vd","Variação do preço de óleo diesel S10 para grandes consumidores. Fonte: ANP – Agência Nacional do Petróleo, Gás Natural e Biocombustíveis;"]
[null,null,"Vr","Variação dos “Índices de preços ao produtor amplo - Origem (IPA-OG) - Industria de transformação - Artigos de Borracha e de Material de Plásticos (coluna 28)/FGV;"]
[null,null,"Vv","Variação dos “Índices Preços amplo - Origem (IPA-OG) - produtos industriais - Industria de transformação - Veículos automotores, reboques, carrocerias e autopeças (coluna 36)/FGV; "]
[null,null,"Va","Índice acumulado do IPC do IGP-DI/FGV."]